{"text_format":"3","workbook":"xls","n_sheets":16,"sheets":["Inventário","Resumo","Orçamento Sintético (3)","Memória de Cálculo","COMPOSIÇÕES (2)","Cálculo do BDI","CRONOGRAMA","QCI","PRESTAÇÃO DE CONTAS","M. calc. Arq. Aprovado (2)","M. Calc Adição e Supressão Arq.","M. Calc. Aditivo Pilares","Eletrodutos e Cabos","Tomadas e Interruptores","MEDIÇÃO","SINAPI DESO"],"not_rendered":{"images":2,"external_links":6,"defined_names":20},"read":"whole","date_system":"1900","formulas":"cached_only"}

{"sheet":"Inventário","index":0,"n_rows":181,"n_cols":8,"rows_kept":181,"merged":[[0,0,0,7],[1,0,1,7],[2,1,2,7],[3,1,3,7],[4,1,4,7],[5,1,5,7],[6,1,6,7],[7,1,7,7],[8,0,9,7],[10,0,10,7],[11,0,12,7],[13,0,13,7],[178,0,178,7],[179,0,179,7],[180,0,180,7]],"flags":["formulas_cached_only"]}
["ESTADO DE MATO GROSSO"]
["PREFEITURA MUNICIPAL DE SÃO JOSÉ DOS QUATRO MARCOS"]
["OBRA:","CONSTRUÇÃO DA BIBLIOTECA DE SÃO JOSÉ DOS QUATRO MARCOS"]
["LOCAL:","AV. LUIZ BARBOSA ESQ. RUA CERES - JARDIM DAS OLIVEIRAS"]
["PROPR.:","PREFEITURA MUNICIOAL DE SÃO JOSE DOS QUATRO MARCOS"]
["ÁREA:","288,2 m²"]
["BDI:",{"v":0.2496,"d":"24.96%"}]
["DATA:","NOV/2022"]
[]
[]
[]
["PLANILHA INVENTÁRIO"]
[]
[]
["Item","Código","Banco","Descrição","Und","QNTD PROJETADA","QNTD. EXECUTADA","QNTD. À EXECUTAR"]
[" 1 ",null,null,"SERVIÇOS PRELIMINARES"]
[" 1.1 "," COMP 01 ","Próprio","PLACA DE OBRA EM CHAPA DE ACO GALVANIZADO.","m²",3.13,3.13,0]
[" 1.2 ",99059,"SINAPI","LOCACAO CONVENCIONAL DE OBRA, UTILIZANDO GABARITO DE TÁBUAS CORRIDAS PONTALETADAS A CADA 2,00M -  2 UTILIZAÇÕES. AF_10/2018","M",75.4,75.4,0]
[" 2 ",null,null,"ADIMINISTRAÇÃO LOCAL"]
[" 2.1 "," COMP 02","Próprio","ADMINISTRAÇÃO LOCAL DE OBRA","UN",1,0.53,0.47]
[" 3 ",null,null,"ESTRUTURAL"]
[" 3.1 ",null,null,"INFRAESTRUTURA - COTA 0 A 120CM"]
[" 3.1.1 ",96523,"SINAPI","ESCAVAÇÃO MANUAL PARA BLOCO DE COROAMENTO OU SAPATA, COM PREVISÃO DE FÔRMA. AF_06/2017","m³",25.89,25.89,0]
[" 3.1.2 ",96619,"SINAPI","LASTRO DE CONCRETO MAGRO, APLICADO EM BLOCOS DE COROAMENTO OU SAPATAS, ESPESSURA DE 5 CM. AF_08/2017","m²",17.33,17.33,0]
[" 3.1.3 ",96532,"SINAPI","FABRICAÇÃO, MONTAGEM E DESMONTAGEM DE FÔRMA PARA SAPATA, EM MADEIRA SERRADA, E=25 MM, 2 UTILIZAÇÕES. AF_06/2017","m²",21.1,21.1,0]
[" 3.1.4 ",96536,"SINAPI","FABRICAÇÃO, MONTAGEM E DESMONTAGEM DE FÔRMA PARA VIGA BALDRAME, EM MADEIRA SERRADA, E=25 MM, 4 UTILIZAÇÕES. AF_06/2017","m²",89.2,89.2,0]
[" 3.1.5 ",94964,"SINAPI","CONCRETO FCK = 20MPA, TRAÇO 1:2,7:3 (CIMENTO/ AREIA MÉDIA/ BRITA 1)  - PREPARO MECÂNICO COM BETONEIRA 400 L. AF_07/2016","m³",4.3,4.3,0]
[" 3.1.6 ",94965,"SINAPI","CONCRETO FCK = 25MPA, TRAÇO 1:2,3:2,7 (CIMENTO/ AREIA MÉDIA/ BRITA 1)  - PREPARO MECÂNICO COM BETONEIRA 400 L. AF_07/2016","m³",7,7,0]
[" 3.1.7 "," COMP CA 01 ","Próprio","LANCAMENTO/APLICACAO MANUAL DE CONCRETO EM FUNDACOES. REF.: SINAPI 74157/4 - 01/2020","M³",11.3,11.3,0]
[" 3.1.8 ",96545,"SINAPI","ARMAÇÃO DE BLOCO, VIGA BALDRAME OU SAPATA UTILIZANDO AÇO CA-50 DE 8 MM - MONTAGEM. AF_06/2017","KG",145.1,145.1,0]
[" 3.1.9 ",96546,"SINAPI","ARMAÇÃO DE BLOCO, VIGA BALDRAME OU SAPATA UTILIZANDO AÇO CA-50 DE 10 MM - MONTAGEM. AF_06/2017","KG",342,342,0]
[" 3.1.10 ",96547,"SINAPI","ARMAÇÃO DE BLOCO, VIGA BALDRAME OU SAPATA UTILIZANDO AÇO CA-50 DE 12,5 MM - MONTAGEM. AF_06/2017","KG",40.7,40.7,0]
[" 3.1.11 ",96543,"SINAPI","ARMAÇÃO DE BLOCO, VIGA BALDRAME E SAPATA UTILIZANDO AÇO CA-60 DE 5 MM - MONTAGEM. AF_06/2017","KG",94.8,94.8,0]
[" 3.1.12 ",98557,"SINAPI","IMPERMEABILIZAÇÃO DE SUPERFÍCIE COM EMULSÃO ASFÁLTICA, 2 DEMÃOS AF_06/2018","m²",42.74,42.74,0]
[" 3.1.13 ",93382,"SINAPI","REATERRO MANUAL DE VALAS COM COMPACTAÇÃO MECANIZADA. AF_04/2016","m³",14.59,14.59,0]
[" 3.1.14 ",92412,"SINAPI","MONTAGEM E DESMONTAGEM DE FÔRMA DE PILARES RETANGULARES E ESTRUTURAS SIMILARES COM ÁREA MÉDIA DAS SEÇÕES MENOR OU IGUAL A 0,25 M², PÉ-DIREITO SIMPLES, EM MADEIRA SERRADA, 4 UTILIZAÇÕES. AF_12/2015","m²",32.2,32.2,0]
[" 3.1.15 ",92775,"SINAPI","ARMAÇÃO DE PILAR OU VIGA DE UMA ESTRUTURA CONVENCIONAL DE CONCRETO ARMADO EM UMA EDIFICAÇÃO TÉRREA OU SOBRADO UTILIZANDO AÇO CA-60 DE 5,0 MM - MONTAGEM. AF_12/2015","KG",38.6,38.6,0]
[" 3.1.16 ",92778,"SINAPI","ARMAÇÃO DE PILAR OU VIGA DE UMA ESTRUTURA CONVENCIONAL DE CONCRETO ARMADO EM UMA EDIFICAÇÃO TÉRREA OU SOBRADO UTILIZANDO AÇO CA-50 DE 10,0 MM - MONTAGEM. AF_12/2015","KG",125.4,125.4,0]
[" 3.2 ",null,null,"SUPERESTRUTURA - PILARES DO PAVIMENTO TÉRREO"]
[" 3.2.1 ",92412,"SINAPI","MONTAGEM E DESMONTAGEM DE FÔRMA DE PILARES RETANGULARES E ESTRUTURAS SIMILARES COM ÁREA MÉDIA DAS SEÇÕES MENOR OU IGUAL A 0,25 M², PÉ-DIREITO SIMPLES, EM MADEIRA SERRADA, 4 UTILIZAÇÕES. AF_12/2015","m²",80.4,80.4,0]
[" 3.2.2 ",94965,"SINAPI","CONCRETO FCK = 25MPA, TRAÇO 1:2,3:2,7 (CIMENTO/ AREIA MÉDIA/ BRITA 1)  - PREPARO MECÂNICO COM BETONEIRA 400 L. AF_07/2016","m³",4.6,4.6,0]
[" 3.2.3 ",92873,"SINAPI","LANÇAMENTO COM USO DE BALDES, ADENSAMENTO E ACABAMENTO DE CONCRETO EM ESTRUTURAS. AF_12/2015","m³",4.6,4.6,0]
[" 3.2.4 ",92778,"SINAPI","ARMAÇÃO DE PILAR OU VIGA DE UMA ESTRUTURA CONVENCIONAL DE CONCRETO ARMADO EM UMA EDIFICAÇÃO TÉRREA OU SOBRADO UTILIZANDO AÇO CA-50 DE 10,0 MM - MONTAGEM. AF_12/2015","KG",226.3,226.3,0]
[" 3.2.5 ",92775,"SINAPI","ARMAÇÃO DE PILAR OU VIGA DE UMA ESTRUTURA CONVENCIONAL DE CONCRETO ARMADO EM UMA EDIFICAÇÃO TÉRREA OU SOBRADO UTILIZANDO AÇO CA-60 DE 5,0 MM - MONTAGEM. AF_12/2015","KG",95.6,95.6,0]
[" 3.3 ",null,null,"SUPERESTRUTURA - VIGAS DE AMARRAÇÃO E PILARES"]
[" 3.3.1 ",92412,"SINAPI","SUPERESTRUTURA - VIGAS DE AMARRAÇÃO E PILARES","m²",31.4,31.4,0]
[" 3.3.2 ",92448,"SINAPI","MONTAGEM E DESMONTAGEM DE FÔRMA DE VIGA, ESCORAMENTO COM PONTALETE DE MADEIRA, PÉ-DIREITO SIMPLES, EM MADEIRA SERRADA, 4 UTILIZAÇÕES. AF_12/2015","m²",152.4,152.4,0]
[" 3.3.3 ",94965,"SINAPI","CONCRETO FCK = 25MPA, TRAÇO 1:2,3:2,7 (CIMENTO/ AREIA MÉDIA/ BRITA 1)  - PREPARO MECÂNICO COM BETONEIRA 400 L. AF_07/2016","m³",10.8,10.8,0]
[" 3.3.4 ",92873,"SINAPI","LANÇAMENTO COM USO DE BALDES, ADENSAMENTO E ACABAMENTO DE CONCRETO EM ESTRUTURAS. AF_12/2015","m³",10.8,10.8,0]
[" 3.3.5 ",92778,"SINAPI","ARMAÇÃO DE PILAR OU VIGA DE UMA ESTRUTURA CONVENCIONAL DE CONCRETO ARMADO EM UMA EDIFICAÇÃO TÉRREA OU SOBRADO UTILIZANDO AÇO CA-50 DE 10,0 MM - MONTAGEM. AF_12/2015","KG",642.8,642.8,0]
[" 3.3.6 ",92779,"SINAPI","ARMAÇÃO DE PILAR OU VIGA DE UMA ESTRUTURA CONVENCIONAL DE CONCRETO ARMADO EM UMA EDIFICAÇÃO TÉRREA OU SOBRADO UTILIZANDO AÇO CA-50 DE 12,5 MM - MONTAGEM. AF_12/2015","KG",20.7,20.7,0]
[" 3.3.7 ",92775,"SINAPI","ARMAÇÃO DE PILAR OU VIGA DE UMA ESTRUTURA CONVENCIONAL DE CONCRETO ARMADO EM UMA EDIFICAÇÃO TÉRREA OU SOBRADO UTILIZANDO AÇO CA-60 DE 5,0 MM - MONTAGEM. AF_12/2015","KG",201.5,201.5,0]
[" 3.4 ",null,null,"LAJES"]
[" 3.4.1 "," 74202/002 ","SINAPI","LAJE PRE-MOLDADA P/PISO, SOBRECARGA 200KG/M2, VAOS ATE 3,50M/E=8CM, C/LAJOTAS E CAP.C/CONC FCK=20MPA, 4CM, INTER-EIXO 38CM, C/ESCORAMENTO (REAPR.3X) E FERRAGEM NEGATIVA","m²",11,11,0]
[" 3.4.2 "," 74202/001 ","SINAPI","LAJE PRE-MOLDADA P/FORRO, SOBRECARGA 100KG/M2, VAOS ATE 3,50M/E=8CM, C/LAJOTAS E CAP.C/CONC FCK=20MPA, 3CM, INTER-EIXO 38CM, C/ESCORAMENTO (REAPR.3X) E FERRAGEM NEGATIVA","m²",17.86,17.86,0]
[" 3.4.3 ",98546,"SINAPI","IMPERMEABILIZAÇÃO DE SUPERFÍCIE COM MANTA ASFÁLTICA, UMA CAMADA, INCLUSIVE APLICAÇÃO DE PRIMER ASFÁLTICO, E=3MM. AF_06/2018","m²",28.86,28.86,0]
[" 4 ",null,null,"ELÉTRICO"]
[" 4.1 ",null,null,"INSTALAÇÃO E FORNECIMENTO DE ELETRODUTOS"]
[" 4.1.1 ",91854,"SINAPI","ELETRODUTO FLEXÍVEL CORRUGADO, PVC, DN 25 MM (3/4\"), PARA CIRCUITOS TERMINAIS, INSTALADO EM PAREDE - FORNECIMENTO E INSTALAÇÃO. AF_12/2015","M",98.61,0,98.61]
[" 4.1.2 ",91844,"SINAPI","ELETRODUTO FLEXÍVEL CORRUGADO, PVC, DN 25 MM (3/4\"), PARA CIRCUITOS TERMINAIS, INSTALADO EM LAJE - FORNECIMENTO E INSTALAÇÃO. AF_12/2015","M",17.15,0,17.15]
[" 4.1.3 ",91834,"SINAPI","ELETRODUTO FLEXÍVEL CORRUGADO, PVC, DN 25 MM (3/4\"), PARA CIRCUITOS TERMINAIS, INSTALADO EM FORRO - FORNECIMENTO E INSTALAÇÃO. AF_12/2015","M",120.24,0,120.24]
[" 4.1.4 ",91836,"SINAPI","ELETRODUTO FLEXÍVEL CORRUGADO, PVC, DN 32 MM (1\"), PARA CIRCUITOS TERMINAIS, INSTALADO EM FORRO - FORNECIMENTO E INSTALAÇÃO. AF_12/2015","M",18.72,0,18.72]
[" 4.1.5 ",91837,"SINAPI","ELETRODUTO FLEXÍVEL CORRUGADO REFORÇADO, PVC, DN 32 MM (1\"), INSTALADO EM VALA ESCAVADA MANUALMENTE - FORNECIMENTO E INSTALAÇÃO. REF.: SINAPI 91837","M",10.54,10.54,0]
[" 4.1.6 ",90443,"SINAPI","RASGO EM ALVENARIA PARA RAMAIS/ DISTRIBUIÇÃO COM DIAMETROS MENORES OU IGUAIS A 40 MM. AF_05/2015","M",98.61,0,98.61]
[" 4.1.7 ","COMP 15","Próprio","CAIXA DE PASSAGEM 30X30X40 COM TAMPA E DRENO BRITA","UN",2,0,2]
[" 4.2 ",null,null,"CABOS ELÉTRICOS"]
[" 4.2.1 ",91927,"SINAPI","CABO DE COBRE FLEXÍVEL ISOLADO, 2,5 MM², ANTI-CHAMA 0,6/1,0 KV, PARA CIRCUITOS TERMINAIS - FORNECIMENTO E INSTALAÇÃO. AF_12/2015","M",438.1,0,438.1]
[" 4.2.2 ",91929,"SINAPI","CABO DE COBRE FLEXÍVEL ISOLADO, 4 MM², ANTI-CHAMA 0,6/1,0 KV, PARA CIRCUITOS TERMINAIS - FORNECIMENTO E INSTALAÇÃO. AF_12/2015","M",428.9,0,428.9]
[" 4.2.3 ",91935,"SINAPI","CABO DE COBRE FLEXÍVEL ISOLADO, 16 MM², ANTI-CHAMA 0,6/1,0 KV, PARA CIRCUITOS TERMINAIS - FORNECIMENTO E INSTALAÇÃO. AF_12/2015","M",76.6,0,76.6]
[" 4.3 ",null,null,"INSTALAÇÃO E FORNECIMENTO DE TOMADAS E INTERRUPTORES"]
[" 4.3.1 ",91939,"SINAPI","CAIXA RETANGULAR 4\" X 2\" ALTA (2,00 M DO PISO), PVC, INSTALADA EM PAREDE - FORNECIMENTO E INSTALAÇÃO. AF_12/2015","UN",12,0,12]
[" 4.3.2 ",91940,"SINAPI","CAIXA RETANGULAR 4\" X 2\" MÉDIA (1,30 M DO PISO), PVC, INSTALADA EM PAREDE - FORNECIMENTO E INSTALAÇÃO. AF_12/2015","UN",17,0,17]
[" 4.3.3 ",91941,"SINAPI","CAIXA RETANGULAR 4\" X 2\" BAIXA (0,30 M DO PISO), PVC, INSTALADA EM PAREDE - FORNECIMENTO E INSTALAÇÃO. AF_12/2015","UN",18,0,18]
[" 4.3.4 ",91937,"SINAPI","CAIXA OCTOGONAL 3\" X 3\", PVC, INSTALADA EM LAJE - FORNECIMENTO E INSTALAÇÃO. AF_12/2015","UN",5,0,5]
[" 4.3.5 ",92000,"SINAPI","TOMADA BAIXA DE EMBUTIR (1 MÓDULO), 2P+T 10 A, INCLUINDO SUPORTE E PLACA - FORNECIMENTO E INSTALAÇÃO. AF_12/2015","UN",16,0,16]
[" 4.3.6 ",92008,"SINAPI","TOMADA BAIXA DE EMBUTIR (2 MÓDULOS), 2P+T 10 A, INCLUINDO SUPORTE E PLACA - FORNECIMENTO E INSTALAÇÃO. AF_12/2015","UN",2,0,2]
[" 4.3.7 ",91996,"SINAPI","TOMADA MÉDIA DE EMBUTIR (1 MÓDULO), 2P+T 10 A, INCLUINDO SUPORTE E PLACA - FORNECIMENTO E INSTALAÇÃO. AF_12/2015","UN",7,0,7]
[" 4.3.8 ",91992,"SINAPI","TOMADA ALTA DE EMBUTIR (1 MÓDULO), 2P+T 10 A, INCLUINDO SUPORTE E PLACA - FORNECIMENTO E INSTALAÇÃO. AF_12/2015","UN",4,0,4]
[" 4.3.9 ",91993,"SINAPI","TOMADA ALTA DE EMBUTIR (1 MÓDULO), 2P+T 20 A, INCLUINDO SUPORTE E PLACA - FORNECIMENTO E INSTALAÇÃO. AF_12/2015","UN",8,0,8]
[" 4.3.10 ",91953,"SINAPI","INTERRUPTOR SIMPLES (1 MÓDULO), 10A/250V, INCLUINDO SUPORTE E PLACA - FORNECIMENTO E INSTALAÇÃO. AF_12/2015","UN",7,0,7]
[" 4.3.11 ",91959,"SINAPI","INTERRUPTOR SIMPLES (2 MÓDULOS), 10A/250V, INCLUINDO SUPORTE E PLACA - FORNECIMENTO E INSTALAÇÃO. AF_12/2015","UN",2,0,2]
[" 4.3.12 ",91967,"SINAPI","INTERRUPTOR SIMPLES (3 MÓDULOS), 10A/250V, INCLUINDO SUPORTE E PLACA - FORNECIMENTO E INSTALAÇÃO. AF_12/2015","UN",1,0,1]
[" 4.4 ",null,null,"INSTALAÇÃO E FORNECIMENTO DE LUMINÁRIAS"]
[" 4.4.1 ",97586,"SINAPI","LUMINÁRIA TIPO CALHA, DE SOBREPOR, COM 2 LÂMPADAS TUBULARES FLUORESCENTES DE 36 W, COM REATOR DE PARTIDA RÁPIDA - FORNECIMENTO E INSTALAÇÃO. AF_02/2020","UN",30,0,30]
[" 4.4.2 ",97593,"SINAPI","LUMINÁRIA TIPO SPOT, DE SOBREPOR, COM 1 LÂMPADA FLUORESCENTE DE 15 W, SEM REATOR - FORNECIMENTO E INSTALAÇÃO. AF_02/2020","UN",3,0,3]
[" 4.5 ",null,null,"DISPOSITIVOS DE PROTEÇÃO, QUADRO DE DISTRIBUIÇÃO E RAMAL DE ENTRADA"]
[" 4.5.1 ",93653,"SINAPI","DISJUNTOR MONOPOLAR TIPO DIN, CORRENTE NOMINAL DE 10A - FORNECIMENTO E INSTALAÇÃO. AF_04/2016","UN",4,0,4]
[" 4.5.2 ",93654,"SINAPI","DISJUNTOR MONOPOLAR TIPO DIN, CORRENTE NOMINAL DE 16A - FORNECIMENTO E INSTALAÇÃO. AF_04/2016","UN",2,0,2]
[" 4.5.3 ",93667,"SINAPI","DISJUNTOR TRIPOLAR TIPO DIN, CORRENTE NOMINAL DE 10A - FORNECIMENTO E INSTALAÇÃO. AF_04/2016","UN",7,0,7]
[" 4.5.4 ",93668,"SINAPI","DISJUNTOR TRIPOLAR TIPO DIN, CORRENTE NOMINAL DE 16A - FORNECIMENTO E INSTALAÇÃO. AF_04/2016","UN",1,0,1]
[" 4.5.5 ",93672,"SINAPI","DISJUNTOR TRIPOLAR TIPO DIN, CORRENTE NOMINAL DE 40A - FORNECIMENTO E INSTALAÇÃO. AF_04/2016","UN",1,0,1]
[" 4.5.6 ",39471,"SINAPI","DISPOSITIVO DPS CLASSE II, 1 POLO, TENSAO MAXIMA DE 275 V, CORRENTE MAXIMA DE *45* KA (TIPO AC)                ","UN",4,0,4]
[" 4.5.7 ",39445,"SINAPI","DISPOSITIVO DR, 2 POLOS, SENSIBILIDADE DE 30 MA, CORRENTE DE 25 A, TIPO AC       ","UN",3,0,3]
[" 4.5.8 ","COMP 03","SINAPI","QUADRO DE DISTRIBUICAO DE ENERGIA DE EMBUTIR, EM CHAPA METALICA, PARA 24 DISJUNTORES TERMOMAGNETICOS MONOPOLARES, COM BARRAMENTO TRIFASICO E NEUTRO, FORNECIMENTO E INSTALACAO","UN",1,0,1]
[" 4.5.9 ",101530,"SINAPI","ENTRADA DE ENERGIA ELÉTRICA, SUBTERRÂNEA, TRIFÁSICA, COM CAIXA DE SOBREPOR, CABO DE 16 MM2 E DISJUNTOR DIN 50A (NÃO INCLUSA MURETA DE ALVENARIA). AF_07/2020_PS","UN",1,0,1]
[" 5 ",null,null,"INSTALAÇÃO DE ÁGUA FRIA"]
[" 5.1 ",null,null,"COMPOSIÇÕES REPRESENTATIVAS DE REDE DE ÁGUA FRIA"]
[" 5.1.1 ","COMP 04","SINAPI","SERVIÇO DE INSTALAÇÃO DE TUBOS DE PVC, SOLDÁVEL, ÁGUA FRIA, DN 50 MM (INSTALADO EM PRUMADA), INCLUSIVE CONEXÕES, CORTES E FIXAÇÕES, PARA PRÉDIOS. ","M",12.92,0,12.92]
[" 5.1.2 ","COMP 05","SINAPI","DO SERVIÇO DE INSTALAÇÃO DE TUBOS DE PVC, SOLDÁVEL, ÁGUA FRIA, DN 25 MM (INSTALADO EM RAMAL, SUB-RAMAL, RAMAL DE DISTRIBUIÇÃO OU PRUMADA), INCLUSIVE CONEXÕES, CORTES E FIXAÇÕES, PARA PRÉDIOS. ","M",7.38,0,7.38]
[" 5.2 ",null,null,"REGISTROS"]
[" 5.2.1 ",94497,"SINAPI","REGISTRO DE GAVETA BRUTO, LATÃO, ROSCÁVEL, 1 1/2\u0094, INSTALADO EM RESERVAÇÃO DE ÁGUA DE EDIFICAÇÃO QUE POSSUA RESERVATÓRIO DE FIBRA/FIBROCIMENTO \u0096 FORNECIMENTO E INSTALAÇÃO. AF_06/2016","UN",3,0,3]
[" 5.2.2 ",99635,"SINAPI","VÁLVULA DE DESCARGA METÁLICA, BASE 1 1/2 \", ACABAMENTO METALICO CROMADO - FORNECIMENTO E INSTALAÇÃO. AF_01/2019","UN",3,0,3]
[" 5.3 ",null,null,"ALIMENTAÇÃO"]
[" 5.3.1 ","COMP 06","Próprio","(COMPOSIÇÃO REPRESENTATIVA) DO SERVIÇO DE INSTALAÇÃO DE TUBOS DE PVC, SOLDÁVEL, ÁGUA FRIA, DN 20 MM (INSTALADO EM RAMAL, SUB-RAMAL OU RAMAL DE DISTRIBUIÇÃO), INCLUSIVE CONEXÕES, CORTES E FIXAÇÕES, PARA PRÉDIOS. AF_10/2015","M",28.85,0,28.85]
[" 5.3.2 ",95634,"SINAPI","KIT CAVALETE PARA MEDIÇÃO DE ÁGUA - ENTRADA PRINCIPAL, EM PVC SOLDÁVEL DN 20 (½\")   FORNECIMENTO E INSTALAÇÃO (EXCLUSIVE HIDRÔMETRO). AF_11/2016","UN",1,0,1]
[" 5.4 ",null,null,"BARRILETE"]
[" 5.4.1 ",94492,"SINAPI","REGISTRO DE ESFERA, PVC, SOLDÁVEL, DN  50 MM, INSTALADO EM RESERVAÇÃO DE ÁGUA DE EDIFICAÇÃO QUE POSSUA RESERVATÓRIO DE FIBRA/FIBROCIMENTO   FORNECIMENTO E INSTALAÇÃO. AF_06/2016","UN",2,0,2]
[" 5.4.2 ","COMP 07","Próprio","CAIXA D´ÁGUA EM POLIETILENO, 1000 LITROS, COM ACESSÓRIOS","UN",2,0,2]
[" 5.5 ",null,null,"LOUÇAS E METAIS"]
[" 5.5.1 ",95470,"SINAPI","VASO SANITARIO SIFONADO CONVENCIONAL COM LOUÇA BRANCA, INCLUSO CONJUNTO DE LIGAÇÃO PARA BACIA SANITÁRIA AJUSTÁVEL - FORNECIMENTO E INSTALAÇÃO. AF_10/2016","UN",1,0,1]
[" 5.5.2 ",95472,"SINAPI","VASO SANITARIO SIFONADO CONVENCIONAL PARA PCD SEM FURO FRONTAL COM LOUÇA BRANCA SEM ASSENTO, INCLUSO CONJUNTO DE LIGAÇÃO PARA BACIA SANITÁRIA AJUSTÁVEL - FORNECIMENTO E INSTALAÇÃO. AF_01/2020","UN",2,0,2]
[" 5.5.3 ",86903,"SINAPI","LAVATÓRIO LOUÇA BRANCA COM COLUNA, 45 X 55CM OU EQUIVALENTE, PADRÃO MÉDIO - FORNECIMENTO E INSTALAÇÃO. AF_01/2020","UN",3,0,3]
[" 5.5.4 ",86882,"SINAPI","SIFÃO DO TIPO GARRAFA/COPO EM PVC 1.1/4  X 1.1/2\u0094 - FORNECIMENTO E INSTALAÇÃO. AF_01/2020","UN",3,0,3]
[" 5.5.5 ",86915,"SINAPI","TORNEIRA CROMADA DE MESA, 1/2\u0094 OU 3/4\u0094, PARA LAVATÓRIO, PADRÃO MÉDIO - FORNECIMENTO E INSTALAÇÃO. AF_01/2020","UN",3,0,3]
[" 5.5.6 ",36223,"SINAPI","BARRA DE APOIO RETA, EM ALUMINIO, COMPRIMENTO 90 CM, DIAMETRO MINIMO 3 CM   ","UN",4,0,4]
[" 6 ",null,null,"INSTALAÇÃO DE REDE DE ESGOTO"]
[" 6.1 ",null,null,"COMPOSIÇÕES REPRESENTATIVAS DE REDE DE ESGOTO"]
[" 6.1.1 ","COMP 08","Próprio","DO SERVIÇO DE INSTALAÇÃO DE TUBO DE PVC, SÉRIE NORMAL, ESGOTO PREDIAL, DN 40 MM (INSTALADO EM RAMAL DE DESCARGA OU RAMAL DE ESGOTO SANITÁRIO), INCLUSIVE CONEXÕES, CORTES E FIXAÇÕES, PARA PRÉDIOS.","M",3.25,3.25,0]
[" 6.1.2 ","COMP 09","Próprio","SERVIÇO DE INSTALAÇÃO DE TUBO DE PVC, SÉRIE NORMAL, ESGOTO PREDIAL, DN 50 MM (INSTALADO EM RAMAL DE DESCARGA OU RAMAL DE ESGOTO SANITÁRIO), INCLUSIVE CONEXÕES, CORTES E FIXAÇÕES PARA, PRÉDIOS.","M",17.64,2.19,15.450000000000001]
[" 6.1.3 ","COMP 10","Próprio","DO SERVIÇO DE INST. TUBO PVC, SÉRIE N, ESGOTO PREDIAL, 100 MM (INST. RAMAL DESCARGA, RAMAL DE ESG. SANIT., PRUMADA ESG. SANIT., VENTILAÇÃO OU SUB-COLETOR AÉREO), INCL. CONEXÕES E CORTES, FIXAÇÕES, P/ PRÉDIOS. ","M",7.4,7.4,0]
[" 6.1.4 ","COMP 11","Próprio","SERVIÇO DE INSTALAÇÃO DE TUBO DE PVC, SÉRIE NORMAL, ESGOTO PREDIAL, DN 150 MM (INSTALADO EM SUB-COLETOR AÉREO), INCLUSIVE CONEXÕES, CORTES E FIXAÇÕES, PARA PRÉDIOS. ","M",14.82,0,14.82]
[" 6.2 ",null,null,"CAIXAS DE PASSAGEM E SISTEMA DE TRATAMENTO DE ESGOTO"]
[" 6.2.1 ","COMP 12","Próprio","CAIXA DE INSPEÇÃO EM CONCRETO PRÉ-MOLDADO DN 60CM COM TAMPA H= 60CM - FORNECIMENTO E INSTALACAO","UN",3,0,3]
[" 6.2.2 ",98084,"SINAPI","TANQUE SÉPTICO RETANGULAR, EM ALVENARIA COM BLOCOS DE CONCRETO, DIMENSÕES INTERNAS: 1,4 X 3,2 X 1,8 M, VOLUME ÚTIL: 6272 L (PARA 32 CONTRIBUINTES). AF_05/2018","UN",1,0,1]
[" 6.2.3 ",98073,"SINAPI","FILTRO ANAERÓBIO RETANGULAR, EM ALVENARIA COM TIJOLOS CERÂMICOS MACIÇOS, DIMENSÕES INTERNAS: 1,2 X 1,8 X 1,67 M, VOLUME ÚTIL: 2592 L (PARA 13 CONTRIBUINTES). AF_05/2018","UN",1,0,1]
[" 6.2.4 ",98078,"SINAPI","SUMIDOURO RETANGULAR, EM ALVENARIA COM TIJOLOS CERÂMICOS MACIÇOS, DIMENSÕES INTERNAS: 0,8 X 1,4 X H=3,0 M, ÁREA DE INFILTRAÇÃO: 13,2 M² (PARA 5 CONTRIBUINTES). AF_12/2020","UN",1,0,1]
[" 7 ",null,null,"ARQUITETÔNICO"]
[" 7.1 ",null,null,"FECHAMENTOS"]
[" 7.1.1 ",87519,"SINAPI","ALVENARIA DE VEDAÇÃO DE BLOCOS CERÂMICOS FURADOS NA HORIZONTAL DE 9X19X19CM (ESPESSURA 9CM) DE PAREDES COM ÁREA LÍQUIDA MAIOR OU IGUAL A 6M² COM VÃOS E ARGAMASSA DE ASSENTAMENTO COM PREPARO EM BETONEIRA. AF_06/2014","m²",448.19,{"v":448.19399999999996,"d":"448.19"},0]
[" 7.1.2 ",87775,"SINAPI","EMBOÇO OU MASSA ÚNICA EM ARGAMASSA TRAÇO 1:2:8, PREPARO MECÂNICO COM BETONEIRA 400 L, APLICADA MANUALMENTE EM PANOS DE FACHADA COM PRESENÇA DE VÃOS, ESPESSURA DE 25 MM. AF_06/2014","m²",592.5,592.5,0]
[" 7.1.3 ",87536,"SINAPI","EMBOÇO, PARA RECEBIMENTO DE CERÂMICA, EM ARGAMASSA TRAÇO 1:2:8, PREPARO MANUAL, APLICADO MANUALMENTE EM FACES INTERNAS DE PAREDES, PARA AMBIENTE COM ÁREA  MAIOR QUE 10M2, ESPESSURA DE 20MM, COM EXECUÇÃO DE TALISCAS. AF_06/2014","m²",64.4,8.77,55.63000000000001]
[" 7.2 ",null,null,"PINTURAS E REVESTIMENTOS DE PAREDES"]
[" 7.2.1 ",88485,"SINAPI","APLICAÇÃO DE FUNDO SELADOR ACRÍLICO EM PAREDES, UMA DEMÃO. AF_06/2014","m²",699.01,0,699.01]
[" 7.2.2 ",88497,"SINAPI","APLICAÇÃO E LIXAMENTO DE MASSA LÁTEX EM PAREDES, DUAS DEMÃOS. AF_06/2014","m²",446.86,0,446.86]
[" 7.2.3 ",96135,"SINAPI","APLICAÇÃO MANUAL DE MASSA ACRÍLICA EM PAREDES EXTERNAS DE CASAS, DUAS DEMÃOS. AF_05/2017","m²",252.15,0,252.15]
[" 7.2.4 ",88489,"SINAPI","APLICAÇÃO MANUAL DE PINTURA COM TINTA LÁTEX ACRÍLICA EM PAREDES, DUAS DEMÃOS. AF_06/2014","m²",446.86,0,446.86]
[" 7.2.5 ",88431,"SINAPI","APLICAÇÃO MANUAL DE PINTURA COM TINTA TEXTURIZADA ACRÍLICA EM PAREDES EXTERNAS DE CASAS, DUAS CORES. AF_06/2014","m²",252.15,0,252.15]
[" 7.2.6 ",87273,"SINAPI","REVESTIMENTO CERÂMICO PARA PAREDES INTERNAS COM PLACAS TIPO ESMALTADA EXTRA DE DIMENSÕES 33X45 CM APLICADAS EM AMBIENTES DE ÁREA MAIOR QUE 5 M² NA ALTURA INTEIRA DAS PAREDES. AF_06/2014","m²",64.4,0,64.4]
[" 7.3 ",null,null,"LAJES E FORROS"]
[" 7.3.1 ",90406,"SINAPI","MASSA ÚNICA, PARA RECEBIMENTO DE PINTURA, EM ARGAMASSA TRAÇO 1:2:8, PREPARO MECÂNICO COM BETONEIRA 400L, APLICADA MANUALMENTE EM TETO, ESPESSURA DE 20MM, COM EXECUÇÃO DE TALISCAS. AF_03/2015","m²",28.9,0,28.9]
[" 7.3.2 ",88484,"SINAPI","APLICAÇÃO DE FUNDO SELADOR ACRÍLICO EM TETO, UMA DEMÃO. AF_06/2014","m²",28.9,0,28.9]
[" 7.3.3 ",88496,"SINAPI","APLICAÇÃO E LIXAMENTO DE MASSA LÁTEX EM TETO, DUAS DEMÃOS. AF_06/2014","m²",28.9,0,28.9]
[" 7.3.4 ",88488,"SINAPI","APLICAÇÃO MANUAL DE PINTURA COM TINTA LÁTEX ACRÍLICA EM TETO, DUAS DEMÃOS. AF_06/2014","m²",28.9,0,28.9]
[" 7.3.5 ",96116,"SINAPI","FORRO EM RÉGUAS DE PVC, FRISADO, PARA AMBIENTES COMERCIAIS, INCLUSIVE ESTRUTURA DE FIXAÇÃO. AF_05/2017_P","m²",240.8,0,240.8]
[" 7.3.6 ",96121,"SINAPI","ACABAMENTOS PARA FORRO (RODA-FORRO EM PERFIL METÁLICO E PLÁSTICO). AF_05/2017","M",147.02,0,147.02]
[" 7.4 ",null,null,"PISOS E CALÇADAS"]
[" 7.4.1 ",94990,"SINAPI","EXECUÇÃO DE PASSEIO (CALÇADA) OU PISO DE CONCRETO COM CONCRETO MOLDADO IN LOCO, FEITO EM OBRA, ACABAMENTO CONVENCIONAL, NÃO ARMADO. AF_07/2016","m³",18.2,0,18.2]
[" 7.4.2 ",87251,"SINAPI","REVESTIMENTO CERÂMICO PARA PISO COM PLACAS TIPO ESMALTADA EXTRA DE DIMENSÕES 45X45 CM APLICADA EM AMBIENTES DE ÁREA MAIOR QUE 10 M2. AF_06/2014","m²",269.7,0,269.7]
[" 7.4.3 ",88649,"SINAPI","RODAPÉ CERÂMICO DE 7CM DE ALTURA COM PLACAS TIPO ESMALTADA EXTRA DE DIMENSÕES 45X45CM. AF_06/2014","M",210.62,0,210.62]
[" 7.4.4 ","COMP 13","Próprio","PINTURA ACRILICA EM PISO CIMENTADO DUAS DEMAOS","m²",33.68,0,33.68]
[" 7.4.5 ",101094,"SINAPI","PISO PODOTÁTIL DE ALERTA OU DIRECIONAL, DE BORRACHA, ASSENTADO SOBRE ARGAMASSA. AF_05/2020","M²",7.25,0,7.25]
[" 7.5 ",null,null,"COBERTURA"]
[" 7.5.1 ",94231,"SINAPI","RUFO EM CHAPA DE AÇO GALVANIZADO NÚMERO 24, CORTE DE 25 CM, INCLUSO TRANSPORTE VERTICAL. AF_07/2019","M",30.3,0,30.3]
[" 7.5.2 ",94228,"SINAPI","CALHA EM CHAPA DE AÇO GALVANIZADO NÚMERO 24, DESENVOLVIMENTO DE 50 CM, INCLUSO TRANSPORTE VERTICAL. AF_07/2019","M",34.3,0,34.3]
[" 7.5.3 ",94207,"SINAPI","TELHAMENTO COM TELHA ONDULADA DE FIBROCIMENTO E = 6 MM, COM RECOBRIMENTO LATERAL DE 1/4 DE ONDA PARA TELHADO COM INCLINAÇÃO MAIOR QUE 10°, COM ATÉ 2 ÁGUAS, INCLUSO IÇAMENTO. AF_07/2019","m²",259.82,0,259.82]
[" 7.5.4 "," COMP EST 01 ","Próprio","FORNECIMENTO E INSTALAÇÃO DE TESOURA METÁLICA, COM VÃO DE 15M, UTILIZAÇÃO DE PERFIS DE CHAPA LAMINADA E DOBRADA EM AÇO ASTM A36, CONFORME PROJETO. REF.: SIURB - SP - CÓDIGO 15505","UN",7,5.65,1.3499999999999996]
[" 7.5.5 ",92580,"SINAPI","TRAMA DE AÇO COMPOSTA POR TERÇAS PARA TELHADOS DE ATÉ 2 ÁGUAS PARA TELHA ONDULADA DE FIBROCIMENTO, METÁLICA, PLÁSTICA OU TERMOACÚSTICA, INCLUSO TRANSPORTE VERTICAL. AF_07/2019","m²",259.82,210,49.81999999999999]
[" 7.6 ",null,null,"ESQUADRIAS"]
[" 7.6.1 ",94569,"SINAPI","JANELA DE ALUMÍNIO TIPO MAXIM-AR, COM VIDROS, BATENTE E FERRAGENS. EXCLUSIVE ALIZAR, ACABAMENTO E CONTRAMARCO. FORNECIMENTO E INSTALAÇÃO. AF_12/2019","m²",1.38,0,1.38]
[" 7.6.2 ",94573,"SINAPI","JANELA DE ALUMÍNIO DE CORRER COM 4 FOLHAS PARA VIDROS, COM VIDROS, BATENTE, ACABAMENTO COM ACETATO OU BRILHANTE E FERRAGENS. EXCLUSIVE ALIZAR E CONTRAMARCO. FORNECIMENTO E INSTALAÇÃO. AF_12/2019","m²",6.48,0,6.48]
[" 7.6.3 ",100674,"SINAPI","JANELA FIXA DE ALUMÍNIO PARA VIDRO, COM VIDRO, BATENTE E FERRAGENS. EXCLUSIVE ACABAMENTO, ALIZAR E CONTRAMARCO. FORNECIMENTO E INSTALAÇÃO. AF_12/2019","m²",2.7,0,2.7]
[" 7.6.4 ",94570,"SINAPI","JANELA DE ALUMÍNIO DE CORRER COM 2 FOLHAS PARA VIDROS, COM VIDROS, BATENTE, ACABAMENTO COM ACETATO OU BRILHANTE E FERRAGENS. EXCLUSIVE ALIZAR E CONTRAMARCO. FORNECIMENTO E INSTALAÇÃO. AF_12/2019","m²",1.8,0,1.8]
[" 7.6.5 ",90795,"SINAPI","KIT DE PORTA-PRONTA DE MADEIRA EM ACABAMENTO MELAMÍNICO BRANCO, FOLHA LEVE OU MÉDIA, E BATENTE METÁLICO, 70X210CM,  EXCLUSIVE FECHADURA, FIXAÇÃO COM ARGAMASSA - FORNECIMENTO E INSTALAÇÃO. AF_12/2019","UN",1,0,1]
[" 7.6.6 ",90796,"SINAPI","KIT DE PORTA-PRONTA DE MADEIRA EM ACABAMENTO MELAMÍNICO BRANCO, FOLHA LEVE OU MÉDIA, E BATENTE METÁLICO, 80X210CM, EXCLUSIVE FECHADURA, FIXAÇÃO COM ARGAMASSA - FORNECIMENTO E INSTALAÇÃO. AF_12/2019","UN",2,0,2]
[" 7.6.7 ",90797,"SINAPI","KIT DE PORTA-PRONTA DE MADEIRA EM ACABAMENTO MELAMÍNICO BRANCO, FOLHA LEVE OU MÉDIA, E BATENTE METÁLICO, 90X210CM,  EXCLUSIVE FECHADURA, FIXAÇÃO COM ARGAMASSA - FORNECIMENTO E INSTALAÇÃO. AF_12/2019","UN",4,0,4]
[" 7.6.8 ",90831,"SINAPI","FECHADURA DE EMBUTIR PARA PORTA DE BANHEIRO, COMPLETA, ACABAMENTO PADRÃO MÉDIO, INCLUSO EXECUÇÃO DE FURO - FORNECIMENTO E INSTALAÇÃO. AF_12/2019","UN",3,0,3]
[" 7.6.9 ",90830,"SINAPI","FECHADURA DE EMBUTIR COM CILINDRO, EXTERNA, COMPLETA, ACABAMENTO PADRÃO MÉDIO, INCLUSO EXECUÇÃO DE FURO - FORNECIMENTO E INSTALAÇÃO. AF_12/2019","UN",4,0,4]
[" 7.6.10 ",100702,"SINAPI","PORTA DE CORRER DE ALUMÍNIO, COM DUAS FOLHAS PARA VIDRO, INCLUSO VIDRO LISO INCOLOR, FECHADURA E PUXADOR, SEM ALIZAR. AF_12/2019","m²",11.55,0,11.55]
[" 7.6.11 ","COMP 14","SINAPI","PINTURA ESMALTE ACETINADO EM MADEIRA, DUAS DEMAOS","m²",24.78,0,24.78]
[" 7.6.12 ",100749,"SINAPI","PINTURA COM TINTA ALQUÍDICA DE ACABAMENTO (ESMALTE SINTÉTICO FOSCO) PULVERIZADA SOBRE SUPERFÍCIES METÁLICAS (EXCETO PERFIL) EXECUTADO EM OBRA (POR DEMÃO). AF_01/2020","m²",47.82,0,47.82]
[" 7.6.13 ",93186,"SINAPI","VERGA MOLDADA IN LOCO EM CONCRETO PARA JANELAS COM ATÉ 1,5 M DE VÃO. AF_03/2016","M",4.4,4.4,0]
[" 7.6.14 ",93187,"SINAPI","VERGA MOLDADA IN LOCO EM CONCRETO PARA JANELAS COM MAIS DE 1,5 M DE VÃO. AF_03/2016","M",17.2,17.2,0]
[" 7.6.15 ",93196,"SINAPI","CONTRAVERGA MOLDADA IN LOCO EM CONCRETO PARA VÃOS DE ATÉ 1,5 M DE COMPRIMENTO. AF_03/2016","M",4.4,4.4,0]
[" 7.6.16 ",93197,"SINAPI","CONTRAVERGA MOLDADA IN LOCO EM CONCRETO PARA VÃOS DE MAIS DE 1,5 M DE COMPRIMENTO. AF_03/2016","M",17.2,17.2,0]
[" 7.6.17 ",93188,"SINAPI","VERGA MOLDADA IN LOCO EM CONCRETO PARA PORTAS COM ATÉ 1,5 M DE VÃO. AF_03/2016","M",10.8,10.8,0]
[" 7.6.18 ",93189,"SINAPI","VERGA MOLDADA IN LOCO EM CONCRETO PARA PORTAS COM MAIS DE 1,5 M DE VÃO. AF_03/2016","M",6.9,6.9,0]
[]
[]
["LUIZ GUILHERME CADORE SILVA"]
["ENGENHEIRO CIVIL / FISCAL DE OBRAS"]
["CREA MT041303"]

{"sheet":"Resumo","index":1,"n_rows":44,"n_cols":4,"rows_kept":44,"merged":[[0,0,0,3],[1,0,1,3],[6,0,6,3],[7,0,8,0],[7,1,8,2],[9,1,9,2],[10,1,10,2],[11,1,11,2],[12,1,12,2],[13,1,13,2],[14,1,14,2],[15,1,15,2],[16,1,16,2],[17,1,17,2],[18,1,18,2],[19,1,19,2],[20,1,20,2],[21,1,21,2],[22,1,22,2],[23,1,23,2],[24,1,24,2],[25,1,25,2],[26,1,26,2],[27,1,27,2],[28,1,28,2],[29,1,29,2],[30,1,30,2],[32,1,32,2],[33,1,33,2],[34,1,34,2],[35,1,35,2],[36,1,36,2],[37,1,37,2],[38,1,38,2],[45,0,45,3]],"flags":["formulas_cached_only"]}
["ESTADO DE MATO GROSSO"]
["PREFEITURA MUNICIPAL DE SÃO JOSÉ DOS QUATRO MARCOS"]
["PROPRIETÁRIO:","PREFEITURA MUNICIOAL DE SÃO JOSE DOS QUATRO MARCOS"]
["OBRA:","CONSTRUÇÃO DA BIBLIOTECA DE SÃO JOSÉ DOS QUATRO MARCOS","TABELA DE REFERENCIA ","BDI"]
["ENDEREÇO:","AV. LUIZ BARBOSA ESQ. RUA CERES - JARDIM DAS OLIVEIRAS","SINAPI - 01/2024 NÃO DESONERADO",{"v":0.2496,"d":"24.96%"}]
[]
["PLANILHA ORÇAMENTÁRIA - RESUMO"]
["ITEM","DESCRIÇÃO"]
[{"$nulls":3},"Total"]
[" 1 ","SERVIÇOS PRELIMINARES",null,0]
[" 2 ","ADIMINISTRAÇÃO LOCAL",null,{"v":7043.34,"d":"R$ 7,043.34"}]
[" 3 ","ESTRUTURAL",null,{"v":1423.8600000000001,"d":"R$ 1,423.86"}]
[" 3.1 ","INFRAESTRUTURA - COTA 0 A 120CM",null,0]
[" 3.2 ","SUPERESTRUTURA - PILARES DO PAVIMENTO TÉRREO",null,0]
[" 3.3 ","SUPERESTRUTURA - VIGAS DE AMARRAÇÃO E PILARES DA PLATIBANDA",null,{"v":1423.8600000000001,"d":"R$ 1,423.86"}]
[" 3.4 ","LAJES",null,0]
[" 4 ","ELÉTRICO",null,{"v":30781.02,"d":"R$ 30,781.02"}]
[" 4.1 ","INSTALAÇÃO E FORNECIMENTO DE ELETRODUTOS",null,{"v":5898.75,"d":"R$ 5,898.75"}]
[" 4.2 ","CABOS ELÉTRICOS",null,{"v":8267.99,"d":"R$ 8,267.99"}]
[" 4.3 ","INSTALAÇÃO E FORNECIMENTO DE TOMADAS E INTERRUPTORES",null,{"v":3225.88,"d":"R$ 3,225.88"}]
[" 4.4 ","INSTALAÇÃO E FORNECIMENTO DE LUMINÁRIAS",null,{"v":6455.49,"d":"R$ 6,455.49"}]
[" 4.5 ","DISPOSITIVOS DE PROTEÇÃO, QUADRO DE DISTRIBUIÇÃO E RAMAL DE ENTRADA",null,{"v":6932.91,"d":"R$ 6,932.91"}]
[" 5 ","INSTALAÇÃO DE ÁGUA FRIA",null,{"v":11816.750000000002,"d":"R$ 11,816.75"}]
[" 5.1 ","COMPOSIÇÕES REPRESENTATIVAS DE REDE DE ÁGUA FRIA",null,{"v":1187.38,"d":"R$ 1,187.38"}]
[" 5.2 ","REGISTROS",null,{"v":1008.6899999999999,"d":"R$ 1,008.69"}]
[" 5.3 ","ALIMENTAÇÃO",null,{"v":1823.8400000000001,"d":"R$ 1,823.84"}]
[" 5.4 ","BARRILETE",null,{"v":2416.2799999999997,"d":"R$ 2,416.28"}]
[" 5.5 ","LOUÇAS E METAIS",null,{"v":5380.560000000001,"d":"R$ 5,380.56"}]
[" 6 ","INSTALAÇÃO DE REDE DE ESGOTO",null,{"v":28707.989999999998,"d":"R$ 28,707.99"}]
[" 6.1 ","COMPOSIÇÕES REPRESENTATIVAS DE REDE DE ESGOTO",null,{"v":3238.52,"d":"R$ 3,238.52"}]
[" 6.2 ","CAIXAS DE PASSAGEM E SISTEMA DE TRATAMENTO DE ESGOTO",null,{"v":21475.1,"d":"R$ 21,475.10"}]
[" 6.3","PLUVIAL",null,{"v":3994.37,"d":"R$ 3,994.37"}]
[" 7 ","ARQUITETÔNICO",null,{"v":177063.8,"d":"R$ 177,063.80"}]
[" 7.1 ","FECHAMENTOS",null,{"v":8676.45,"d":"R$ 8,676.45"}]
[" 7.2 ","PINTURAS E REVESTIMENTOS DE PAREDES",null,{"v":51359.31,"d":"R$ 51,359.31"}]
[" 7.3 ","LAJES E FORROS",null,{"v":24290.09,"d":"R$ 24,290.09"}]
[" 7.4 ","PISOS E CALÇADAS",null,{"v":43623.73,"d":"R$ 43,623.73"}]
[" 7.5 ","COBERTURA",null,{"v":24766.440000000002,"d":"R$ 24,766.44"}]
[" 7.6 ","ESQUADRIAS",null,{"v":24347.779999999995,"d":"R$ 24,347.78"}]
[{"$nulls":3},{"v":256836.75999999998,"d":"R$ 256,836.76"}]
[]
[null,"LUIZ GUILHERME CADORE SILVA"]
[null,"ENGENHEIRO CIVIL / FISCAL DE OBRAS"]
[null,"CREA MT041303"]

{"sheet":"Orçamento Sintético (3)","index":2,"n_rows":194,"n_cols":12,"rows_kept":194,"merged":[[0,0,0,11],[1,0,1,11],[2,1,2,9],[2,10,5,10],[2,11,5,11],[3,1,3,9],[4,1,4,9],[5,1,5,9],[6,1,6,9],[6,10,9,10],[6,11,9,11],[7,1,7,9],[8,0,9,9],[10,0,10,11],[11,0,12,11],[13,0,13,11],[183,0,183,10],[184,0,184,10]],"flags":["formulas_cached_only"]}
["ESTADO DE MATO GROSSO"]
["PREFEITURA MUNICIPAL DE SÃO JOSÉ DOS QUATRO MARCOS"]
["OBRA:","CONSTRUÇÃO DA BIBLIOTECA DE SÃO JOSÉ DOS QUATRO MARCOS",{"$nulls":8},"TABELA DE REFERENCIA ","BDI"]
["LOCAL:","AV. LUIZ BARBOSA ESQ. RUA CERES - JARDIM DAS OLIVEIRAS"]
["PROPR.:","PREFEITURA MUNICIOAL DE SÃO JOSE DOS QUATRO MARCOS"]
["ÁREA:","288,2 m²"]
["BDI:",{"v":0.2496,"d":"24.96%"},{"$nulls":8},"SINAPI - 01/2024 NÃO DESONERADO",{"v":0.2496,"d":"24.96%"}]
["DATA:","NOV/2022"]
[]
[]
[]
["PLANILHA ORÇAMENTÁRIA"]
[]
[]
["Item","Código","Banco","Descrição","Und","QNTD. REMANCESNTE","ADIÇÃO","SUPRESSÃO","QUANT. TOTAL","Valor Unit","Valor Unitário com BDI","Total"]
[" 1 ",null,null,"SERVIÇOS PRELIMINARES",{"$nulls":7},{"v":0,"d":"0.00"}]
[" 1.1 "," COMP 01 ","Próprio","PLACA DE OBRA EM CHAPA DE ACO GALVANIZADO.","m²",0,null,null,0,{"v":332.852,"d":"332.85"},415.93,{"v":0,"d":"0.00"}]
[" 1.2 ",99059,"SINAPI","LOCACAO CONVENCIONAL DE OBRA, UTILIZANDO GABARITO DE TÁBUAS CORRIDAS PONTALETADAS A CADA 2,00M -  2 UTILIZAÇÕES. AF_10/2018","M",0,null,null,0,null,{"v":0,"d":"0.00"},{"v":0,"d":"0.00"}]
[" 2 ",null,null,"ADIMINISTRAÇÃO LOCAL",{"$nulls":7},{"v":7043.34,"d":"7,043.34"}]
[" 2.1 "," COMP 02","Próprio","ADMINISTRAÇÃO LOCAL DE OBRA","UN",0.47,null,null,0.47,{"v":11992.5,"d":"11,992.50"},{"v":14985.82,"d":"14,985.82"},{"v":7043.34,"d":"7,043.34"}]
[" 3 ",null,null,"ESTRUTURAL",{"$nulls":7},{"v":1423.8600000000001,"d":"1,423.86"}]
[" 3.1 ",null,null,"INFRAESTRUTURA - COTA 0 A 120CM",{"$nulls":7},{"v":0,"d":"0.00"}]
[" 3.1.1 ",96523,"SINAPI","ESCAVAÇÃO MANUAL PARA BLOCO DE COROAMENTO OU SAPATA, COM PREVISÃO DE FÔRMA. AF_06/2017","m³",0,null,null,0,null,{"v":0,"d":"0.00"},{"v":0,"d":"0.00"}]
[" 3.1.2 ",96619,"SINAPI","LASTRO DE CONCRETO MAGRO, APLICADO EM BLOCOS DE COROAMENTO OU SAPATAS, ESPESSURA DE 5 CM. AF_08/2017","m²",0,null,null,0,null,{"v":0,"d":"0.00"},{"v":0,"d":"0.00"}]
[" 3.1.3 ",96532,"SINAPI","FABRICAÇÃO, MONTAGEM E DESMONTAGEM DE FÔRMA PARA SAPATA, EM MADEIRA SERRADA, E=25 MM, 2 UTILIZAÇÕES. AF_06/2017","m²",0,null,null,0,null,{"v":0,"d":"0.00"},{"v":0,"d":"0.00"}]
[" 3.1.4 ",96536,"SINAPI","FABRICAÇÃO, MONTAGEM E DESMONTAGEM DE FÔRMA PARA VIGA BALDRAME, EM MADEIRA SERRADA, E=25 MM, 4 UTILIZAÇÕES. AF_06/2017","m²",0,null,null,0,null,{"v":0,"d":"0.00"},{"v":0,"d":"0.00"}]
[" 3.1.5 ",94964,"SINAPI","CONCRETO FCK = 20MPA, TRAÇO 1:2,7:3 (CIMENTO/ AREIA MÉDIA/ BRITA 1)  - PREPARO MECÂNICO COM BETONEIRA 400 L. AF_07/2016","m³",0,null,null,0,null,{"v":0,"d":"0.00"},{"v":0,"d":"0.00"}]
[" 3.1.6 ",94965,"SINAPI","CONCRETO FCK = 25MPA, TRAÇO 1:2,3:2,7 (CIMENTO/ AREIA MÉDIA/ BRITA 1)  - PREPARO MECÂNICO COM BETONEIRA 400 L. AF_07/2016","m³",0,null,null,0,null,{"v":0,"d":"0.00"},{"v":0,"d":"0.00"}]
[" 3.1.7 "," COMP CA 01 ","Próprio","LANCAMENTO/APLICACAO MANUAL DE CONCRETO EM FUNDACOES. REF.: SINAPI 74157/4 - 01/2020","M³",0,null,null,0,null,{"v":0,"d":"0.00"},{"v":0,"d":"0.00"}]
[" 3.1.8 ",96545,"SINAPI","ARMAÇÃO DE BLOCO, VIGA BALDRAME OU SAPATA UTILIZANDO AÇO CA-50 DE 8 MM - MONTAGEM. AF_06/2017","KG",0,null,null,0,null,{"v":0,"d":"0.00"},{"v":0,"d":"0.00"}]
[" 3.1.9 ",96546,"SINAPI","ARMAÇÃO DE BLOCO, VIGA BALDRAME OU SAPATA UTILIZANDO AÇO CA-50 DE 10 MM - MONTAGEM. AF_06/2017","KG",0,null,null,0,null,{"v":0,"d":"0.00"},{"v":0,"d":"0.00"}]
[" 3.1.10 ",96547,"SINAPI","ARMAÇÃO DE BLOCO, VIGA BALDRAME OU SAPATA UTILIZANDO AÇO CA-50 DE 12,5 MM - MONTAGEM. AF_06/2017","KG",0,null,null,0,null,{"v":0,"d":"0.00"},{"v":0,"d":"0.00"}]
[" 3.1.11 ",96543,"SINAPI","ARMAÇÃO DE BLOCO, VIGA BALDRAME E SAPATA UTILIZANDO AÇO CA-60 DE 5 MM - MONTAGEM. AF_06/2017","KG",0,null,null,0,null,{"v":0,"d":"0.00"},{"v":0,"d":"0.00"}]
[" 3.1.12 ",98557,"SINAPI","IMPERMEABILIZAÇÃO DE SUPERFÍCIE COM EMULSÃO ASFÁLTICA, 2 DEMÃOS AF_06/2018","m²",0,null,null,0,null,{"v":0,"d":"0.00"},{"v":0,"d":"0.00"}]
[" 3.1.13 ",93382,"SINAPI","REATERRO MANUAL DE VALAS COM COMPACTAÇÃO MECANIZADA. AF_04/2016","m³",0,null,null,0,null,{"v":0,"d":"0.00"},{"v":0,"d":"0.00"}]
[" 3.1.14 ",92412,"SINAPI","MONTAGEM E DESMONTAGEM DE FÔRMA DE PILARES RETANGULARES E ESTRUTURAS SIMILARES COM ÁREA MÉDIA DAS SEÇÕES MENOR OU IGUAL A 0,25 M², PÉ-DIREITO SIMPLES, EM MADEIRA SERRADA, 4 UTILIZAÇÕES. AF_12/2015","m²",0,null,null,0,null,{"v":0,"d":"0.00"},{"v":0,"d":"0.00"}]
[" 3.1.15 ",92775,"SINAPI","ARMAÇÃO DE PILAR OU VIGA DE UMA ESTRUTURA CONVENCIONAL DE CONCRETO ARMADO EM UMA EDIFICAÇÃO TÉRREA OU SOBRADO UTILIZANDO AÇO CA-60 DE 5,0 MM - MONTAGEM. AF_12/2015","KG",0,null,null,0,null,{"v":0,"d":"0.00"},{"v":0,"d":"0.00"}]
[" 3.1.16 ",92778,"SINAPI","ARMAÇÃO DE PILAR OU VIGA DE UMA ESTRUTURA CONVENCIONAL DE CONCRETO ARMADO EM UMA EDIFICAÇÃO TÉRREA OU SOBRADO UTILIZANDO AÇO CA-50 DE 10,0 MM - MONTAGEM. AF_12/2015","KG",0,null,null,0,null,{"v":0,"d":"0.00"},{"v":0,"d":"0.00"}]
[" 3.2 ",null,null,"SUPERESTRUTURA - PILARES DO PAVIMENTO TÉRREO",{"$nulls":7},{"v":0,"d":"0.00"}]
[" 3.2.1 ",92412,"SINAPI","MONTAGEM E DESMONTAGEM DE FÔRMA DE PILARES RETANGULARES E ESTRUTURAS SIMILARES COM ÁREA MÉDIA DAS SEÇÕES MENOR OU IGUAL A 0,25 M², PÉ-DIREITO SIMPLES, EM MADEIRA SERRADA, 4 UTILIZAÇÕES. AF_12/2015","m²",0,null,null,0,null,{"v":0,"d":"0.00"},{"v":0,"d":"0.00"}]
[" 3.2.2 ",94965,"SINAPI","CONCRETO FCK = 25MPA, TRAÇO 1:2,3:2,7 (CIMENTO/ AREIA MÉDIA/ BRITA 1)  - PREPARO MECÂNICO COM BETONEIRA 400 L. AF_07/2016","m³",0,null,null,0,null,{"v":0,"d":"0.00"},{"v":0,"d":"0.00"}]
[" 3.2.3 ",92873,"SINAPI","LANÇAMENTO COM USO DE BALDES, ADENSAMENTO E ACABAMENTO DE CONCRETO EM ESTRUTURAS. AF_12/2015","m³",0,null,null,0,null,{"v":0,"d":"0.00"},{"v":0,"d":"0.00"}]
[" 3.2.4 ",92778,"SINAPI","ARMAÇÃO DE PILAR OU VIGA DE UMA ESTRUTURA CONVENCIONAL DE CONCRETO ARMADO EM UMA EDIFICAÇÃO TÉRREA OU SOBRADO UTILIZANDO AÇO CA-50 DE 10,0 MM - MONTAGEM. AF_12/2015","KG",0,null,null,0,null,{"v":0,"d":"0.00"},{"v":0,"d":"0.00"}]
[" 3.2.5 ",92775,"SINAPI","ARMAÇÃO DE PILAR OU VIGA DE UMA ESTRUTURA CONVENCIONAL DE CONCRETO ARMADO EM UMA EDIFICAÇÃO TÉRREA OU SOBRADO UTILIZANDO AÇO CA-60 DE 5,0 MM - MONTAGEM. AF_12/2015","KG",0,null,null,0,null,{"v":0,"d":"0.00"},{"v":0,"d":"0.00"}]
[" 3.3 ",null,null,"SUPERESTRUTURA - VIGAS DE AMARRAÇÃO E PILARES",{"$nulls":7},{"v":1423.8600000000001,"d":"1,423.86"}]
[" 3.3.1 ","COMP EST 01","Próprio","MONTAGEM E DESMONTAGEM DE FÔRMA DE PILARES RETANGULARES E ESTRUTURAS SIMILARES COM ÁREA MÉDIA DAS SEÇÕES MENOR OU IGUAL A 0,25 M², PÉ-DIREITO SIMPLES, EM MADEIRA SERRADA, 4 UTILIZAÇÕES. AF_12/2015","m²",0,{"v":6.272,"d":"6.27"},null,{"v":6.272,"d":"6.27"},{"v":113.746,"d":"113.75"},142.13,891.44]
[" 3.3.2 ",92448,"SINAPI","MONTAGEM E DESMONTAGEM DE FÔRMA DE VIGA, ESCORAMENTO COM PONTALETE DE MADEIRA, PÉ-DIREITO SIMPLES, EM MADEIRA SERRADA, 4 UTILIZAÇÕES. AF_12/2015","m²",0,null,null,0,null,{"v":0,"d":"0.00"},{"v":0,"d":"0.00"}]
[" 3.3.3 ",94965,"SINAPI","CONCRETO FCK = 25MPA, TRAÇO 1:2,3:2,7 (CIMENTO/ AREIA MÉDIA/ BRITA 1)  - PREPARO MECÂNICO COM BETONEIRA 400 L. AF_07/2016","m³",0,{"v":0.32214000000000004,"d":"0.32"},null,{"v":0.32214000000000004,"d":"0.32"},568.95,710.95,229.03]
[" 3.3.4 ","COMP EST 02","SINAPI","LANÇAMENTO COM USO DE BALDES, ADENSAMENTO E ACABAMENTO DE CONCRETO EM ESTRUTURAS. AF_12/2015","m³",0,{"v":0.32214000000000004,"d":"0.32"},null,{"v":0.32214000000000004,"d":"0.32"},{"v":207.943,"d":"207.94"},259.84,{"v":83.7,"d":"83.70"}]
[" 3.3.5 ","COMP EST 03","Próprio","ARMAÇÃO DE PILAR OU VIGA DE UMA ESTRUTURA CONVENCIONAL DE CONCRETO ARMADO EM UMA EDIFICAÇÃO TÉRREA OU SOBRADO UTILIZANDO AÇO CA-50 DE 10,0 MM - MONTAGEM. AF_12/2015","KG",0,8.64,null,8.64,{"v":14.197,"d":"14.20"},17.74,153.27]
[" 3.3.6 ",92779,"SINAPI","ARMAÇÃO DE PILAR OU VIGA DE UMA ESTRUTURA CONVENCIONAL DE CONCRETO ARMADO EM UMA EDIFICAÇÃO TÉRREA OU SOBRADO UTILIZANDO AÇO CA-50 DE 12,5 MM - MONTAGEM. AF_12/2015","KG",0,null,null,0,{"v":0,"d":"0.00"},{"v":0,"d":"0.00"},{"v":0,"d":"0.00"}]
[" 3.3.7 ","COMP EST 04","Próprio","ARMAÇÃO DE PILAR OU VIGA DE UMA ESTRUTURA CONVENCIONAL DE CONCRETO ARMADO EM UMA EDIFICAÇÃO TÉRREA OU SOBRADO UTILIZANDO AÇO CA-50 DE 10,0 MM - MONTAGEM. AF_12/2015","KG",0,2.8,null,2.8,18.99,23.72,66.42]
[" 3.4 ",null,null,"LAJES",{"$nulls":7},{"v":0,"d":"0.00"}]
[" 3.4.1 "," 74202/002 ","SINAPI","LAJE PRE-MOLDADA P/PISO, SOBRECARGA 200KG/M2, VAOS ATE 3,50M/E=8CM, C/LAJOTAS E CAP.C/CONC FCK=20MPA, 4CM, INTER-EIXO 38CM, C/ESCORAMENTO (REAPR.3X) E FERRAGEM NEGATIVA","m²",0,null,null,0,null,{"v":0,"d":"0.00"},{"v":0,"d":"0.00"}]
[" 3.4.2 "," 74202/001 ","SINAPI","LAJE PRE-MOLDADA P/FORRO, SOBRECARGA 100KG/M2, VAOS ATE 3,50M/E=8CM, C/LAJOTAS E CAP.C/CONC FCK=20MPA, 3CM, INTER-EIXO 38CM, C/ESCORAMENTO (REAPR.3X) E FERRAGEM NEGATIVA","m²",0,null,null,0,null,{"v":0,"d":"0.00"},{"v":0,"d":"0.00"}]
[" 3.4.3 ",98546,"SINAPI","IMPERMEABILIZAÇÃO DE SUPERFÍCIE COM MANTA ASFÁLTICA, UMA CAMADA, INCLUSIVE APLICAÇÃO DE PRIMER ASFÁLTICO, E=3MM. AF_06/2018","m²",0,null,null,0,null,{"v":0,"d":"0.00"},{"v":0,"d":"0.00"}]
[" 4 ",null,null,"ELÉTRICO",{"$nulls":7},{"v":30781.02,"d":"30,781.02"}]
[" 4.1 ",null,null,"INSTALAÇÃO E FORNECIMENTO DE ELETRODUTOS",{"$nulls":7},{"v":5898.75,"d":"5,898.75"}]
[" 4.1.1 ",91854,"SINAPI","ELETRODUTO FLEXÍVEL CORRUGADO, PVC, DN 25 MM (3/4\"), PARA CIRCUITOS TERMINAIS, INSTALADO EM PAREDE - FORNECIMENTO E INSTALAÇÃO. AF_12/2015","M",98.61,null,null,98.61,9.38,11.72,{"v":1155.71,"d":"1,155.71"}]
[" 4.1.2 ",91844,"SINAPI","ELETRODUTO FLEXÍVEL CORRUGADO, PVC, DN 25 MM (3/4\"), PARA CIRCUITOS TERMINAIS, INSTALADO EM LAJE - FORNECIMENTO E INSTALAÇÃO. AF_12/2015","M",17.15,null,null,17.15,6.59,8.23,141.14]
[" 4.1.3 ",91834,"SINAPI","ELETRODUTO FLEXÍVEL CORRUGADO, PVC, DN 25 MM (3/4\"), PARA CIRCUITOS TERMINAIS, INSTALADO EM FORRO - FORNECIMENTO E INSTALAÇÃO. AF_12/2015","M",120.24,null,null,120.24,17.45,{"v":21.8,"d":"21.80"},{"v":2621.23,"d":"2,621.23"}]
[" 4.1.4 ",91836,"SINAPI","ELETRODUTO FLEXÍVEL CORRUGADO, PVC, DN 32 MM (1\"), PARA CIRCUITOS TERMINAIS, INSTALADO EM FORRO - FORNECIMENTO E INSTALAÇÃO. AF_12/2015","M",18.72,null,null,18.72,20.35,25.42,475.86]
[" 4.1.5 ","COMP ELT 01","SINAPI","ELETRODUTO FLEXÍVEL CORRUGADO REFORÇADO, PVC, DN 32 MM (1\"), INSTALADO EM VALA ESCAVADA MANUALMENTE - FORNECIMENTO E INSTALAÇÃO. REF.: SINAPI 91837","M",0,null,null,0,{"v":18.318,"d":"18.32"},22.89,{"v":0,"d":"0.00"}]
[" 4.1.6 ",90443,"SINAPI","RASGO EM ALVENARIA PARA RAMAIS/ DISTRIBUIÇÃO COM DIAMETROS MENORES OU IGUAIS A 40 MM. AF_05/2015","M",98.61,null,null,98.61,7.37,{"v":9.2,"d":"9.20"},907.21]
[" 4.1.7 ","COMP 15","Próprio","CAIXA DE PASSAGEM 30X30X40 COM TAMPA E DRENO BRITA","UN",2,null,null,2,{"v":239.119,"d":"239.12"},{"v":298.8,"d":"298.80"},{"v":597.6,"d":"597.60"}]
[" 4.2 ",null,null,"CABOS ELÉTRICOS",{"$nulls":7},{"v":8267.99,"d":"8,267.99"}]
[" 4.2.1 ",91927,"SINAPI","CABO DE COBRE FLEXÍVEL ISOLADO, 2,5 MM², ANTI-CHAMA 0,6/1,0 KV, PARA CIRCUITOS TERMINAIS - FORNECIMENTO E INSTALAÇÃO. AF_12/2015","M",438.1,null,null,438.1,4.51,5.63,{"v":2466.5,"d":"2,466.50"}]
[" 4.2.2 ",91929,"SINAPI","CABO DE COBRE FLEXÍVEL ISOLADO, 4 MM², ANTI-CHAMA 0,6/1,0 KV, PARA CIRCUITOS TERMINAIS - FORNECIMENTO E INSTALAÇÃO. AF_12/2015","M",428.9,null,null,428.9,6.64,8.29,{"v":3555.58,"d":"3,555.58"}]
[" 4.2.3 ",91935,"SINAPI","CABO DE COBRE FLEXÍVEL ISOLADO, 16 MM², ANTI-CHAMA 0,6/1,0 KV, PARA CIRCUITOS TERMINAIS - FORNECIMENTO E INSTALAÇÃO. AF_12/2015","M",76.6,null,null,76.6,23.47,29.32,{"v":2245.91,"d":"2,245.91"}]
[" 4.3 ",null,null,"INSTALAÇÃO E FORNECIMENTO DE TOMADAS E INTERRUPTORES",{"$nulls":7},{"v":3225.88,"d":"3,225.88"}]
[" 4.3.1 ",91939,"SINAPI","CAIXA RETANGULAR 4\" X 2\" ALTA (2,00 M DO PISO), PVC, INSTALADA EM PAREDE - FORNECIMENTO E INSTALAÇÃO. AF_12/2015","UN",12,null,null,12,30.01,{"v":37.5,"d":"37.50"},{"v":450,"d":"450.00"}]
[" 4.3.2 ",91940,"SINAPI","CAIXA RETANGULAR 4\" X 2\" MÉDIA (1,30 M DO PISO), PVC, INSTALADA EM PAREDE - FORNECIMENTO E INSTALAÇÃO. AF_12/2015","UN",17,null,null,17,17.42,21.76,369.92]
[" 4.3.3 ",91941,"SINAPI","CAIXA RETANGULAR 4\" X 2\" BAIXA (0,30 M DO PISO), PVC, INSTALADA EM PAREDE - FORNECIMENTO E INSTALAÇÃO. AF_12/2015","UN",18,null,null,18,11.24,14.04,252.72]
[" 4.3.4 ",91937,"SINAPI","CAIXA OCTOGONAL 3\" X 3\", PVC, INSTALADA EM LAJE - FORNECIMENTO E INSTALAÇÃO. AF_12/2015","UN",5,null,null,5,15.48,19.34,{"v":96.7,"d":"96.70"}]
[" 4.3.5 ",92000,"SINAPI","TOMADA BAIXA DE EMBUTIR (1 MÓDULO), 2P+T 10 A, INCLUINDO SUPORTE E PLACA - FORNECIMENTO E INSTALAÇÃO. AF_12/2015","UN",16,null,null,16,29.17,36.45,{"v":583.2,"d":"583.20"}]
[" 4.3.6 ",92008,"SINAPI","TOMADA BAIXA DE EMBUTIR (2 MÓDULOS), 2P+T 10 A, INCLUINDO SUPORTE E PLACA - FORNECIMENTO E INSTALAÇÃO. AF_12/2015","UN",2,null,null,2,45.03,56.26,112.52]
[" 4.3.7 ",91996,"SINAPI","TOMADA MÉDIA DE EMBUTIR (1 MÓDULO), 2P+T 10 A, INCLUINDO SUPORTE E PLACA - FORNECIMENTO E INSTALAÇÃO. AF_12/2015","UN",7,null,null,7,32.82,41.01,287.07]
[" 4.3.8 ",91992,"SINAPI","TOMADA ALTA DE EMBUTIR (1 MÓDULO), 2P+T 10 A, INCLUINDO SUPORTE E PLACA - FORNECIMENTO E INSTALAÇÃO. AF_12/2015","UN",4,null,null,4,42.26,{"v":52.8,"d":"52.80"},{"v":211.2,"d":"211.20"}]
[" 4.3.9 ",91993,"SINAPI","TOMADA ALTA DE EMBUTIR (1 MÓDULO), 2P+T 20 A, INCLUINDO SUPORTE E PLACA - FORNECIMENTO E INSTALAÇÃO. AF_12/2015","UN",8,null,null,8,44.25,55.29,442.32]
[" 4.3.10 ",91953,"SINAPI","INTERRUPTOR SIMPLES (1 MÓDULO), 10A/250V, INCLUINDO SUPORTE E PLACA - FORNECIMENTO E INSTALAÇÃO. AF_12/2015","UN",7,null,null,7,27.81,34.75,243.25]
[" 4.3.11 ",91959,"SINAPI","INTERRUPTOR SIMPLES (2 MÓDULOS), 10A/250V, INCLUINDO SUPORTE E PLACA - FORNECIMENTO E INSTALAÇÃO. AF_12/2015","UN",2,null,null,2,42.36,52.93,105.86]
[" 4.3.12 ",91967,"SINAPI","INTERRUPTOR SIMPLES (3 MÓDULOS), 10A/250V, INCLUINDO SUPORTE E PLACA - FORNECIMENTO E INSTALAÇÃO. AF_12/2015","UN",1,null,null,1,56.92,71.12,71.12]
[" 4.4 ",null,null,"INSTALAÇÃO E FORNECIMENTO DE LUMINÁRIAS",{"$nulls":7},{"v":6455.49,"d":"6,455.49"}]
[" 4.4.1 ",97586,"SINAPI","LUMINÁRIA TIPO CALHA, DE SOBREPOR, COM 2 LÂMPADAS TUBULARES FLUORESCENTES DE 36 W, COM REATOR DE PARTIDA RÁPIDA - FORNECIMENTO E INSTALAÇÃO. AF_02/2020","UN",30,null,null,30,{"v":158.4,"d":"158.40"},197.93,{"v":5937.9,"d":"5,937.90"}]
[" 4.4.2 ",97593,"SINAPI","LUMINÁRIA TIPO SPOT, DE SOBREPOR, COM 1 LÂMPADA FLUORESCENTE DE 15 W, SEM REATOR - FORNECIMENTO E INSTALAÇÃO. AF_02/2020","UN",3,null,null,3,138.07,172.53,517.59]
[" 4.5 ",null,null,"DISPOSITIVOS DE PROTEÇÃO, QUADRO DE DISTRIBUIÇÃO E RAMAL DE ENTRADA",{"$nulls":7},{"v":6932.91,"d":"6,932.91"}]
[" 4.5.1 ",93653,"SINAPI","DISJUNTOR MONOPOLAR TIPO DIN, CORRENTE NOMINAL DE 10A - FORNECIMENTO E INSTALAÇÃO. AF_04/2016","UN",4,null,null,4,{"v":11,"d":"11.00"},13.74,54.96]
[" 4.5.2 ",93654,"SINAPI","DISJUNTOR MONOPOLAR TIPO DIN, CORRENTE NOMINAL DE 16A - FORNECIMENTO E INSTALAÇÃO. AF_04/2016","UN",2,null,null,2,{"v":11.6,"d":"11.60"},14.49,28.98]
[" 4.5.3 ",93667,"SINAPI","DISJUNTOR TRIPOLAR TIPO DIN, CORRENTE NOMINAL DE 10A - FORNECIMENTO E INSTALAÇÃO. AF_04/2016","UN",7,null,null,7,{"v":65.6,"d":"65.60"},81.97,573.79]
[" 4.5.4 ",93668,"SINAPI","DISJUNTOR TRIPOLAR TIPO DIN, CORRENTE NOMINAL DE 16A - FORNECIMENTO E INSTALAÇÃO. AF_04/2016","UN",1,null,null,1,67.41,84.23,84.23]
[" 4.5.5 ",93672,"SINAPI","DISJUNTOR TRIPOLAR TIPO DIN, CORRENTE NOMINAL DE 40A - FORNECIMENTO E INSTALAÇÃO. AF_04/2016","UN",1,null,null,1,82.63,103.25,103.25]
[" 4.5.6 ","COMP ELT 02","Próprio","FORNECIMENTO E INSTALAÇAO DE DISPOSITIVO DPS CLASSE II, 1 POLO, TENSAO MAXIMA DE 275 V, CORRENTE MAXIMA DE *45* KA (TIPO AC). ","UN",4,null,null,4,{"v":128.037,"d":"128.04"},159.99,639.96]
[" 4.5.7 ","COMP ELT 03","SINAPI","FORNECIMENTO E INSTALAÇAO DE DISPOSITIVO DR, 2 POLOS, SENSIBILIDADE DE 30 MA, CORRENTE DE 25 A, TIPO AC","UN",3,null,null,3,{"v":147.875,"d":"147.88"},184.78,554.34]
[" 4.5.8 ","COMP 03","SINAPI","QUADRO DE DISTRIBUICAO DE ENERGIA DE EMBUTIR, EM CHAPA METALICA, PARA 24 DISJUNTORES TERMOMAGNETICOS MONOPOLARES, COM BARRAMENTO TRIFASICO E NEUTRO, FORNECIMENTO E INSTALACAO","UN",1,null,null,1,766.75,958.13,958.13]
[" 4.5.9 ","COMP ELT 04","Próprio","FORNECIMENTO E INSTALAÇAO DE PADRÃO DE ENTRADA DE ENERGIA CATEGORIA \"T3\" (ENERGISA) - TRIFÁSICO - 7 METROS DE ALTURA, INCLUSO ATERRAMENTO","UN",1,null,null,1,{"v":3149.2299999999996,"d":"3,149.23"},{"v":3935.27,"d":"3,935.27"},{"v":3935.27,"d":"3,935.27"}]
[" 5 ",null,null,"INSTALAÇÃO DE ÁGUA FRIA",{"$nulls":7},{"v":11816.750000000002,"d":"11,816.75"}]
[" 5.1 ",null,null,"COMPOSIÇÕES REPRESENTATIVAS DE REDE DE ÁGUA FRIA",{"$nulls":7},{"v":1187.38,"d":"1,187.38"}]
[" 5.1.1 ","COMP 04","SINAPI","SERVIÇO DE INSTALAÇÃO DE TUBOS DE PVC, SOLDÁVEL, ÁGUA FRIA, DN 50 MM (INSTALADO EM PRUMADA), INCLUSIVE CONEXÕES, CORTES E FIXAÇÕES, PARA PRÉDIOS. ","M",12.92,null,null,12.92,{"v":49.009,"d":"49.01"},61.24,791.22]
[" 5.1.2 ","COMP 05","SINAPI","DO SERVIÇO DE INSTALAÇÃO DE TUBOS DE PVC, SOLDÁVEL, ÁGUA FRIA, DN 25 MM (INSTALADO EM RAMAL, SUB-RAMAL, RAMAL DE DISTRIBUIÇÃO OU PRUMADA), INCLUSIVE CONEXÕES, CORTES E FIXAÇÕES, PARA PRÉDIOS. ","M",7.38,null,null,7.38,{"v":42.962,"d":"42.96"},53.68,396.16]
[" 5.2 ",null,null,"REGISTROS",{"$nulls":7},{"v":1008.6899999999999,"d":"1,008.69"}]
[" 5.2.1 ",94497,"SINAPI","REGISTRO DE GAVETA BRUTO, LATÃO, ROSCÁVEL, 1 1/2\u0094, INSTALADO EM RESERVAÇÃO DE ÁGUA DE EDIFICAÇÃO QUE POSSUA RESERVATÓRIO DE FIBRA/FIBROCIMENTO \u0096 FORNECIMENTO E INSTALAÇÃO. AF_06/2016","UN",3,null,null,3,{"v":80.9,"d":"80.90"},101.09,303.27]
[" 5.2.2 ",99635,"SINAPI","VÁLVULA DE DESCARGA METÁLICA, BASE 1 1/2 \", ACABAMENTO METALICO CROMADO - FORNECIMENTO E INSTALAÇÃO. AF_01/2019","UN",3,null,null,3,188.18,235.14,705.42]
[" 5.3 ",null,null,"ALIMENTAÇÃO",{"$nulls":7},{"v":1823.8400000000001,"d":"1,823.84"}]
[" 5.3.1 ","COMP 06","Próprio","(COMPOSIÇÃO REPRESENTATIVA) DO SERVIÇO DE INSTALAÇÃO DE TUBOS DE PVC, SOLDÁVEL, ÁGUA FRIA, DN 20 MM (INSTALADO EM RAMAL, SUB-RAMAL OU RAMAL DE DISTRIBUIÇÃO), INCLUSIVE CONEXÕES, CORTES E FIXAÇÕES, PARA PRÉDIOS. AF_10/2015","M",28.85,null,null,28.85,{"v":43.231,"d":"43.23"},54.02,{"v":1558.48,"d":"1,558.48"}]
[" 5.3.2 ",95634,"SINAPI","KIT CAVALETE PARA MEDIÇÃO DE ÁGUA - ENTRADA PRINCIPAL, EM PVC SOLDÁVEL DN 20 (½\")   FORNECIMENTO E INSTALAÇÃO (EXCLUSIVE HIDRÔMETRO). AF_11/2016","UN",1,null,null,1,212.36,265.36,265.36]
[" 5.4 ",null,null,"BARRILETE",{"$nulls":7},{"v":2416.2799999999997,"d":"2,416.28"}]
[" 5.4.1 ",94492,"SINAPI","REGISTRO DE ESFERA, PVC, SOLDÁVEL, DN  50 MM, INSTALADO EM RESERVAÇÃO DE ÁGUA DE EDIFICAÇÃO QUE POSSUA RESERVATÓRIO DE FIBRA/FIBROCIMENTO   FORNECIMENTO E INSTALAÇÃO. AF_06/2016","UN",2,null,null,2,50.64,63.27,126.54]
[" 5.4.2 ","COMP 07","Próprio","CAIXA D´ÁGUA EM POLIETILENO, 1000 LITROS, COM ACESSÓRIOS","UN",2,null,null,2,{"v":916.192,"d":"916.19"},{"v":1144.87,"d":"1,144.87"},{"v":2289.74,"d":"2,289.74"}]
[" 5.5 ",null,null,"LOUÇAS E METAIS",{"$nulls":7},{"v":5380.560000000001,"d":"5,380.56"}]
[" 5.5.1 ",95470,"SINAPI","VASO SANITARIO SIFONADO CONVENCIONAL COM LOUÇA BRANCA, INCLUSO CONJUNTO DE LIGAÇÃO PARA BACIA SANITÁRIA AJUSTÁVEL - FORNECIMENTO E INSTALAÇÃO. AF_10/2016","UN",1,null,null,1,294.01,367.39,367.39]
[" 5.5.2 ",95472,"SINAPI","VASO SANITARIO SIFONADO CONVENCIONAL PARA PCD SEM FURO FRONTAL COM LOUÇA BRANCA SEM ASSENTO, INCLUSO CONJUNTO DE LIGAÇÃO PARA BACIA SANITÁRIA AJUSTÁVEL - FORNECIMENTO E INSTALAÇÃO. AF_01/2020","UN",2,null,null,2,738.73,923.11,{"v":1846.22,"d":"1,846.22"}]
[" 5.5.3 ",86903,"SINAPI","LAVATÓRIO LOUÇA BRANCA COM COLUNA, 45 X 55CM OU EQUIVALENTE, PADRÃO MÉDIO - FORNECIMENTO E INSTALAÇÃO. AF_01/2020","UN",3,null,null,3,338.38,422.83,{"v":1268.49,"d":"1,268.49"}]
[" 5.5.4 ",86882,"SINAPI","SIFÃO DO TIPO GARRAFA/COPO EM PVC 1.1/4  X 1.1/2\u0094 - FORNECIMENTO E INSTALAÇÃO. AF_01/2020","UN",3,null,null,3,29.45,{"v":36.8,"d":"36.80"},{"v":110.4,"d":"110.40"}]
[" 5.5.5 ",86915,"SINAPI","TORNEIRA CROMADA DE MESA, 1/2\u0094 OU 3/4\u0094, PARA LAVATÓRIO, PADRÃO MÉDIO - FORNECIMENTO E INSTALAÇÃO. AF_01/2020","UN",3,null,null,3,153.54,191.86,575.58]
[" 5.5.6 ","COMP HID 01","Próprio","BARRA DE APOIO PARA PORTADORES DE NECESSIDADES ESPECIAIS - LARGURA 90CM","UN",4,null,null,4,242.58,303.12,{"v":1212.48,"d":"1,212.48"}]
[" 6 ",null,null,"INSTALAÇÃO DE REDE DE ESGOTO E PLUVIAL",{"$nulls":7},{"v":28707.989999999998,"d":"28,707.99"}]
[" 6.1 ",null,null,"COMPOSIÇÕES REPRESENTATIVAS DE REDE DE ESGOTO",{"$nulls":7},{"v":3238.52,"d":"3,238.52"}]
[" 6.1.1 ","COMP 08","Próprio","DO SERVIÇO DE INSTALAÇÃO DE TUBO DE PVC, SÉRIE NORMAL, ESGOTO PREDIAL, DN 40 MM (INSTALADO EM RAMAL DE DESCARGA OU RAMAL DE ESGOTO SANITÁRIO), INCLUSIVE CONEXÕES, CORTES E FIXAÇÕES, PARA PRÉDIOS.","M",0,null,null,0,{"v":74.796,"d":"74.80"},93.46,{"v":0,"d":"0.00"}]
[" 6.1.2 ","COMP 09","Próprio","SERVIÇO DE INSTALAÇÃO DE TUBO DE PVC, SÉRIE NORMAL, ESGOTO PREDIAL, DN 50 MM (INSTALADO EM RAMAL DE DESCARGA OU RAMAL DE ESGOTO SANITÁRIO), INCLUSIVE CONEXÕES, CORTES E FIXAÇÕES PARA, PRÉDIOS.","M",15.450000000000001,null,null,15.450000000000001,{"v":95.9,"d":"95.90"},119.83,{"v":1851.37,"d":"1,851.37"}]
[" 6.1.3 ","COMP 10","Próprio","DO SERVIÇO DE INST. TUBO PVC, SÉRIE N, ESGOTO PREDIAL, 100 MM (INST. RAMAL DESCARGA, RAMAL DE ESG. SANIT., PRUMADA ESG. SANIT., VENTILAÇÃO OU SUB-COLETOR AÉREO), INCL. CONEXÕES E CORTES, FIXAÇÕES, P/ PRÉDIOS. ","M",0,null,null,0,{"v":72.739,"d":"72.74"},90.89,{"v":0,"d":"0.00"}]
[" 6.1.4 ","COMP 11","Próprio","SERVIÇO DE INSTALAÇÃO DE TUBO DE PVC, SÉRIE NORMAL, ESGOTO PREDIAL, DN 150 MM (INSTALADO EM SUB-COLETOR AÉREO), INCLUSIVE CONEXÕES, CORTES E FIXAÇÕES, PARA PRÉDIOS. ","M",14.82,null,null,14.82,{"v":74.909,"d":"74.91"},{"v":93.6,"d":"93.60"},{"v":1387.15,"d":"1,387.15"}]
[" 6.2 ",null,null,"CAIXAS DE PASSAGEM E SISTEMA DE TRATAMENTO DE ESGOTO",{"$nulls":7},{"v":21475.1,"d":"21,475.10"}]
[" 6.2.1 ","COMP 12","Próprio","CAIXA DE INSPEÇÃO EM CONCRETO PRÉ-MOLDADO DN 60CM COM TAMPA H= 60CM - FORNECIMENTO E INSTALACAO","UN",3,null,null,3,{"v":190.176,"d":"190.18"},237.64,712.92]
[" 6.2.2 ",98084,"SINAPI","TANQUE SÉPTICO RETANGULAR, EM ALVENARIA COM BLOCOS DE CONCRETO, DIMENSÕES INTERNAS: 1,4 X 3,2 X 1,8 M, VOLUME ÚTIL: 6272 L (PARA 32 CONTRIBUINTES). AF_05/2018","UN",1,null,null,1,{"v":6939.39,"d":"6,939.39"},{"v":8671.46,"d":"8,671.46"},{"v":8671.46,"d":"8,671.46"}]
[" 6.2.3 ",98073,"SINAPI","FILTRO ANAERÓBIO RETANGULAR, EM ALVENARIA COM TIJOLOS CERÂMICOS MACIÇOS, DIMENSÕES INTERNAS: 1,2 X 1,8 X 1,67 M, VOLUME ÚTIL: 2592 L (PARA 13 CONTRIBUINTES). AF_05/2018","UN",1,null,null,1,{"v":6473.05,"d":"6,473.05"},{"v":8088.72,"d":"8,088.72"},{"v":8088.72,"d":"8,088.72"}]
[" 6.2.4 ",98062,"SINAPI","SUMIDOURO CIRCULAR, EM CONCRETO PRÉ-MOLDADO, DIÂMETRO INTERNO = 1,88 M, ALTURA INTERNA = 2,00 M, ÁREA DE INFILTRAÇÃO: 13,1 M² (PARA 5 CONTRIBUINTES). AF_12/2020_PA","UN",1,null,null,1,{"v":3202.63,"d":"3,202.63"},{"v":4002,"d":"4,002.00"},{"v":4002,"d":"4,002.00"}]
[" 6.3",null,null,"PLUVIAL",{"$nulls":7},{"v":3994.37,"d":"3,994.37"}]
[" 6.3.1 ",89578,"SINAPI","TUBO PVC, SÉRIE R, ÁGUA PLUVIAL, DN 100 MM, FORNECIDO E INSTALADO EM CONDUTORES VERTICAIS DE ÁGUAS PLUVIAIS. AF_06/2022","M",0,43.2,null,43.2,31.69,39.59,{"v":1710.29,"d":"1,710.29"}]
[" 6.3.2",95695,"SINAPI","CURVA 90 GRAUS, PVC, SERIE R, ÁGUA PLUVIAL, DN 100 MM, JUNTA ELÁSTICA, FORNECIDO E INSTALADO EM CONDUTORES VERTICAIS DE ÁGUAS PLUVIAIS. AF_06/2022","UN",0,24,null,24,57.94,{"v":72.4,"d":"72.40"},{"v":1737.6,"d":"1,737.60"}]
[" 6.3.3",91175,"SINAPI","FIXAÇÃO DE TUBOS VERTICAIS DE PVC ÁGUA, PVC ESGOTO, PVC ÁGUA PLUVIAL, CPVC, PPR, COBRE OU AÇO, DIÂMETROS MAIORES QUE 75 MM E MENORES OU IGUAIS A 100 MM, COM ABRAÇADEIRA METÁLICA RÍGIDA TIPO U PERFIL 4\u0094, FIXADA EM PERFILADO EM PAREDE. AF_09/2023_PS","M",0,43.2,null,43.2,10.13,12.65,546.48]
[" 7 ",null,null,"ARQUITETÔNICO",{"$nulls":7},{"v":177063.8,"d":"177,063.80"}]
[" 7.1 ",null,null,"FECHAMENTOS",{"$nulls":7},{"v":8676.45,"d":"8,676.45"}]
[" 7.1.1 ",87519,"SINAPI","ALVENARIA DE VEDAÇÃO DE BLOCOS CERÂMICOS FURADOS NA HORIZONTAL DE 9X19X19CM (ESPESSURA 9CM) DE PAREDES COM ÁREA LÍQUIDA MAIOR OU IGUAL A 6M² COM VÃOS E ARGAMASSA DE ASSENTAMENTO COM PREPARO EM BETONEIRA. AF_06/2014","m²",0,129.2,null,129.2,{"v":0,"d":"0.00"},{"v":0,"d":"0.00"},{"v":0,"d":"0.00"}]
[" 7.1.2 ",87775,"SINAPI","EMBOÇO OU MASSA ÚNICA EM ARGAMASSA TRAÇO 1:2:8, PREPARO MECÂNICO COM BETONEIRA 400 L, APLICADA MANUALMENTE EM PANOS DE FACHADA COM PRESENÇA DE VÃOS, ESPESSURA DE 25 MM. AF_06/2014","m²",0,92.12,null,92.12,52.69,65.84,{"v":6065.18,"d":"6,065.18"}]
[" 7.1.3 ",87536,"SINAPI","EMBOÇO, PARA RECEBIMENTO DE CERÂMICA, EM ARGAMASSA TRAÇO 1:2:8, PREPARO MANUAL, APLICADO MANUALMENTE EM FACES INTERNAS DE PAREDES, PARA AMBIENTE COM ÁREA  MAIOR QUE 10M2, ESPESSURA DE 20MM, COM EXECUÇÃO DE TALISCAS. AF_06/2014","m²",55.63000000000001,null,null,55.63000000000001,37.57,46.94,{"v":2611.27,"d":"2,611.27"}]
[" 7.2 ",null,null,"PINTURAS E REVESTIMENTOS DE PAREDES",{"$nulls":7},{"v":51359.31,"d":"51,359.31"}]
[" 7.2.1 ",88485,"SINAPI","APLICAÇÃO DE FUNDO SELADOR ACRÍLICO EM PAREDES, UMA DEMÃO. AF_06/2014","m²",699.01,{"v":151.62600000000006,"d":"151.63"},null,850.6360000000001,3.22,4.02,{"v":3419.56,"d":"3,419.56"}]
[" 7.2.2 ",88497,"SINAPI","APLICAÇÃO E LIXAMENTO DE MASSA LÁTEX EM PAREDES, DUAS DEMÃOS. AF_06/2014","m²",446.86,null,{"v":35.19999999999999,"d":"35.20"},411.66,{"v":16.9,"d":"16.90"},21.11,{"v":8690.14,"d":"8,690.14"}]
[" 7.2.3 ",96135,"SINAPI","APLICAÇÃO MANUAL DE MASSA ACRÍLICA EM PAREDES EXTERNAS DE CASAS, DUAS DEMÃOS. AF_05/2017","m²",252.15,{"v":186.82600000000005,"d":"186.83"},null,438.97600000000006,28.05,35.05,{"v":15386.11,"d":"15,386.11"}]
[" 7.2.4 ",88489,"SINAPI","APLICAÇÃO MANUAL DE PINTURA COM TINTA LÁTEX ACRÍLICA EM PAREDES, DUAS DEMÃOS. AF_06/2014","m²",446.86,null,{"v":35.19999999999999,"d":"35.20"},411.66,11.65,14.55,{"v":5989.65,"d":"5,989.65"}]
[" 7.2.5 ",88431,"SINAPI","APLICAÇÃO MANUAL DE PINTURA COM TINTA TEXTURIZADA ACRÍLICA EM PAREDES EXTERNAS DE CASAS, DUAS CORES. AF_06/2014","m²",252.15,{"v":186.82600000000005,"d":"186.83"},null,438.97600000000006,22.17,{"v":27.7,"d":"27.70"},{"v":12159.64,"d":"12,159.64"}]
[" 7.2.6 ",87273,"SINAPI","REVESTIMENTO CERÂMICO PARA PAREDES INTERNAS COM PLACAS TIPO ESMALTADA EXTRA DE DIMENSÕES 33X45 CM APLICADAS EM AMBIENTES DE ÁREA MAIOR QUE 5 M² NA ALTURA INTEIRA DAS PAREDES. AF_06/2014","m²",64.4,null,null,64.4,71.01,88.73,{"v":5714.21,"d":"5,714.21"}]
[" 7.3 ",null,null,"LAJES E FORROS",{"$nulls":7},{"v":24290.09,"d":"24,290.09"}]
[" 7.3.1 ",90406,"SINAPI","MASSA ÚNICA, PARA RECEBIMENTO DE PINTURA, EM ARGAMASSA TRAÇO 1:2:8, PREPARO MECÂNICO COM BETONEIRA 400L, APLICADA MANUALMENTE EM TETO, ESPESSURA DE 20MM, COM EXECUÇÃO DE TALISCAS. AF_03/2015","m²",28.9,null,null,28.9,48.39,60.46,{"v":1747.29,"d":"1,747.29"}]
[" 7.3.2 ",88484,"SINAPI","APLICAÇÃO DE FUNDO SELADOR ACRÍLICO EM TETO, UMA DEMÃO. AF_06/2014","m²",28.9,null,null,28.9,{"v":4.1,"d":"4.10"},5.12,147.97]
[" 7.3.3 ",88496,"SINAPI","APLICAÇÃO E LIXAMENTO DE MASSA LÁTEX EM TETO, DUAS DEMÃOS. AF_06/2014","m²",28.9,null,null,28.9,29.81,37.25,{"v":1076.53,"d":"1,076.53"}]
[" 7.3.4 ",88488,"SINAPI","APLICAÇÃO MANUAL DE PINTURA COM TINTA LÁTEX ACRÍLICA EM TETO, DUAS DEMÃOS. AF_06/2014","m²",28.9,null,null,28.9,13.81,17.25,498.53]
[" 7.3.5 ",96116,"SINAPI","FORRO EM RÉGUAS DE PVC, FRISADO, PARA AMBIENTES COMERCIAIS, INCLUSIVE ESTRUTURA DE FIXAÇÃO. AF_05/2017_P","m²",240.8,null,null,240.8,62.21,77.73,{"v":18717.38,"d":"18,717.38"}]
[" 7.3.6 ",96121,"SINAPI","ACABAMENTOS PARA FORRO (RODA-FORRO EM PERFIL METÁLICO E PLÁSTICO). AF_05/2017","M",147.02,null,null,147.02,11.45,{"v":14.3,"d":"14.30"},{"v":2102.39,"d":"2,102.39"}]
[" 7.4 ",null,null,"PISOS E CALÇADAS",{"$nulls":7},{"v":43623.73,"d":"43,623.73"}]
[" 7.4.1 ",94990,"SINAPI","EXECUÇÃO DE PASSEIO (CALÇADA) OU PISO DE CONCRETO COM CONCRETO MOLDADO IN LOCO, FEITO EM OBRA, ACABAMENTO CONVENCIONAL, NÃO ARMADO. AF_07/2016","m³",18.2,null,{"v":16.182,"d":"16.18"},{"v":2.0180000000000007,"d":"2.02"},845.92,{"v":1057.06,"d":"1,057.06"},{"v":2133.15,"d":"2,133.15"}]
[" 7.4.2",87700,"SINAPI","CONTRAPISO EM ARGAMASSA TRAÇO 1:4 (CIMENTO E AREIA), PREPARO MECÂNICO COM BETONEIRA 400 L, APLICADO EM ÁREAS SECAS SOBRE LAJE, NÃO ADERIDO, ACABAMENTO NÃO REFORÇADO, ESPESSURA 6CM. AF_07/2021","M2",null,269.7,null,269.7,55.33,69.14,{"v":18647.06,"d":"18,647.06"}]
[" 7.4.3",87251,"SINAPI","REVESTIMENTO CERÂMICO PARA PISO COM PLACAS TIPO ESMALTADA EXTRA DE DIMENSÕES 45X45 CM APLICADA EM AMBIENTES DE ÁREA MAIOR QUE 10 M2. AF_06/2014","m²",269.7,null,null,269.7,55.62,{"v":69.5,"d":"69.50"},{"v":18744.15,"d":"18,744.15"}]
[" 7.4.4",88649,"SINAPI","RODAPÉ CERÂMICO DE 7CM DE ALTURA COM PLACAS TIPO ESMALTADA EXTRA DE DIMENSÕES 45X45CM. AF_06/2014","M",210.62,null,{"v":49.349999999999994,"d":"49.35"},161.27,8.79,10.98,{"v":1770.74,"d":"1,770.74"}]
[" 7.4.5","COMP 13","Próprio","PINTURA ACRILICA EM PISO CIMENTADO DUAS DEMAOS","m²",33.68,null,null,33.68,{"v":17.631,"d":"17.63"},22.03,741.97]
[" 7.4.6",101094,"SINAPI","PISO PODOTÁTIL DE ALERTA OU DIRECIONAL, DE BORRACHA, ASSENTADO SOBRE ARGAMASSA. AF_05/2020","M²",7.25,null,null,7.25,175.14,218.85,{"v":1586.66,"d":"1,586.66"}]
[" 7.5 ",null,null,"COBERTURA",{"$nulls":7},{"v":24766.440000000002,"d":"24,766.44"}]
[" 7.5.1 ",94231,"SINAPI","RUFO EM CHAPA DE AÇO GALVANIZADO NÚMERO 24, CORTE DE 25 CM, INCLUSO TRANSPORTE VERTICAL. AF_07/2019","M",30.3,null,null,30.3,55.48,69.32,{"v":2100.4,"d":"2,100.40"}]
[" 7.5.2 ",94228,"SINAPI","CALHA EM CHAPA DE AÇO GALVANIZADO NÚMERO 24, DESENVOLVIMENTO DE 50 CM, INCLUSO TRANSPORTE VERTICAL. AF_07/2019","M",34.3,null,null,34.3,93.18,116.43,{"v":3993.55,"d":"3,993.55"}]
[" 7.5.3 ",94207,"SINAPI","TELHAMENTO COM TELHA ONDULADA DE FIBROCIMENTO E = 6 MM, COM RECOBRIMENTO LATERAL DE 1/4 DE ONDA PARA TELHADO COM INCLINAÇÃO MAIOR QUE 10°, COM ATÉ 2 ÁGUAS, INCLUSO IÇAMENTO. AF_07/2019","m²",259.82,null,null,259.82,48.68,60.83,{"v":15804.85,"d":"15,804.85"}]
[" 7.5.4 "," COMP EST 01 ","Próprio","FORNECIMENTO E INSTALAÇÃO DE TESOURA METÁLICA, COM VÃO DE 15M, UTILIZAÇÃO DE PERFIS DE CHAPA LAMINADA E DOBRADA EM AÇO ASTM A36, CONFORME PROJETO. REF.: SIURB - SP - CÓDIGO 15505","UN",1.3499999999999996,null,1.35,0,{"v":1984.19,"d":"1,984.19"},{"v":2479.44,"d":"2,479.44"},{"v":0,"d":"0.00"}]
[" 7.5.5 ",92580,"SINAPI","TRAMA DE AÇO COMPOSTA POR TERÇAS PARA TELHADOS DE ATÉ 2 ÁGUAS PARA TELHA ONDULADA DE FIBROCIMENTO, METÁLICA, PLÁSTICA OU TERMOACÚSTICA, INCLUSO TRANSPORTE VERTICAL. AF_07/2019","m²",49.81999999999999,null,null,49.81999999999999,46.07,57.56,{"v":2867.64,"d":"2,867.64"}]
[" 7.6 ",null,null,"ESQUADRIAS",{"$nulls":7},{"v":24347.779999999995,"d":"24,347.78"}]
[" 7.6.1 ",94569,"SINAPI","JANELA DE ALUMÍNIO TIPO MAXIM-AR, COM VIDROS, BATENTE E FERRAGENS. EXCLUSIVE ALIZAR, ACABAMENTO E CONTRAMARCO. FORNECIMENTO E INSTALAÇÃO. AF_12/2019","m²",1.38,null,null,1.38,{"v":634.8,"d":"634.80"},{"v":793.2460799999999,"d":"793.25"},{"v":1094.68,"d":"1,094.68"}]
[" 7.6.2 ",94573,"SINAPI","JANELA DE ALUMÍNIO DE CORRER COM 4 FOLHAS PARA VIDROS, COM VIDROS, BATENTE, ACABAMENTO COM ACETATO OU BRILHANTE E FERRAGENS. EXCLUSIVE ALIZAR E CONTRAMARCO. FORNECIMENTO E INSTALAÇÃO. AF_12/2019","m²",6.48,null,null,6.48,380.49,475.46,{"v":3080.98,"d":"3,080.98"}]
[" 7.6.3 ",100674,"SINAPI","JANELA FIXA DE ALUMÍNIO PARA VIDRO, COM VIDRO, BATENTE E FERRAGENS. EXCLUSIVE ACABAMENTO, ALIZAR E CONTRAMARCO. FORNECIMENTO E INSTALAÇÃO. AF_12/2019","m²",2.7,null,null,2.7,681.34,{"v":851.4,"d":"851.40"},{"v":2298.78,"d":"2,298.78"}]
[" 7.6.4 ",94570,"SINAPI","JANELA DE ALUMÍNIO DE CORRER COM 2 FOLHAS PARA VIDROS, COM VIDROS, BATENTE, ACABAMENTO COM ACETATO OU BRILHANTE E FERRAGENS. EXCLUSIVE ALIZAR E CONTRAMARCO. FORNECIMENTO E INSTALAÇÃO. AF_12/2019","m²",1.8,null,null,1.8,328.21,410.13,738.23]
[" 7.6.5 ",90795,"SINAPI","KIT DE PORTA-PRONTA DE MADEIRA EM ACABAMENTO MELAMÍNICO BRANCO, FOLHA LEVE OU MÉDIA, E BATENTE METÁLICO, 70X210CM,  EXCLUSIVE FECHADURA, FIXAÇÃO COM ARGAMASSA - FORNECIMENTO E INSTALAÇÃO. AF_12/2019","UN",1,null,null,1,773.65,966.75,966.75]
[" 7.6.6 ",90796,"SINAPI","KIT DE PORTA-PRONTA DE MADEIRA EM ACABAMENTO MELAMÍNICO BRANCO, FOLHA LEVE OU MÉDIA, E BATENTE METÁLICO, 80X210CM, EXCLUSIVE FECHADURA, FIXAÇÃO COM ARGAMASSA - FORNECIMENTO E INSTALAÇÃO. AF_12/2019","UN",2,null,null,2,780.72,975.58,{"v":1951.16,"d":"1,951.16"}]
[" 7.6.7 ",90797,"SINAPI","KIT DE PORTA-PRONTA DE MADEIRA EM ACABAMENTO MELAMÍNICO BRANCO, FOLHA LEVE OU MÉDIA, E BATENTE METÁLICO, 90X210CM,  EXCLUSIVE FECHADURA, FIXAÇÃO COM ARGAMASSA - FORNECIMENTO E INSTALAÇÃO. AF_12/2019","UN",4,null,null,4,787.77,984.39,{"v":3937.56,"d":"3,937.56"}]
[" 7.6.8 ",90831,"SINAPI","FECHADURA DE EMBUTIR PARA PORTA DE BANHEIRO, COMPLETA, ACABAMENTO PADRÃO MÉDIO, INCLUSO EXECUÇÃO DE FURO - FORNECIMENTO E INSTALAÇÃO. AF_12/2019","UN",3,null,null,3,158.07,197.52,592.56]
[" 7.6.9 ",90830,"SINAPI","FECHADURA DE EMBUTIR COM CILINDRO, EXTERNA, COMPLETA, ACABAMENTO PADRÃO MÉDIO, INCLUSO EXECUÇÃO DE FURO - FORNECIMENTO E INSTALAÇÃO. AF_12/2019","UN",4,null,null,4,179.77,224.64,898.56]
[" 7.6.10 ",100702,"SINAPI","PORTA DE CORRER DE ALUMÍNIO, COM DUAS FOLHAS PARA VIDRO, INCLUSO VIDRO LISO INCOLOR, FECHADURA E PUXADOR, SEM ALIZAR. AF_12/2019","m²",11.55,null,null,11.55,469.53,586.72,{"v":6776.62,"d":"6,776.62"}]
[" 7.6.11 ","COMP 14","SINAPI","PINTURA ESMALTE ACETINADO EM MADEIRA, DUAS DEMAOS","m²",24.78,null,null,24.78,{"v":21.657,"d":"21.66"},27.06,670.55]
[" 7.6.12 ",100749,"SINAPI","PINTURA COM TINTA ALQUÍDICA DE ACABAMENTO (ESMALTE SINTÉTICO FOSCO) PULVERIZADA SOBRE SUPERFÍCIES METÁLICAS (EXCETO PERFIL) EXECUTADO EM OBRA (POR DEMÃO). AF_01/2020","m²",47.82,null,null,47.82,22.45,28.05,{"v":1341.35,"d":"1,341.35"}]
[" 7.6.13 ",93186,"SINAPI","VERGA MOLDADA IN LOCO EM CONCRETO PARA JANELAS COM ATÉ 1,5 M DE VÃO. AF_03/2016","M",0,null,null,0,87.27,109.05,{"v":0,"d":"0.00"}]
[" 7.6.14 ",93187,"SINAPI","VERGA MOLDADA IN LOCO EM CONCRETO PARA JANELAS COM MAIS DE 1,5 M DE VÃO. AF_03/2016","M",0,null,null,0,99.49,124.32,{"v":0,"d":"0.00"}]
[" 7.6.15 ",93196,"SINAPI","CONTRAVERGA MOLDADA IN LOCO EM CONCRETO PARA VÃOS DE ATÉ 1,5 M DE COMPRIMENTO. AF_03/2016","M",0,null,null,0,83.33,104.12,{"v":0,"d":"0.00"}]
[" 7.6.16 ",93197,"SINAPI","CONTRAVERGA MOLDADA IN LOCO EM CONCRETO PARA VÃOS DE MAIS DE 1,5 M DE COMPRIMENTO. AF_03/2016","M",0,null,null,0,93.59,116.95,{"v":0,"d":"0.00"}]
[" 7.6.17 ",93188,"SINAPI","VERGA MOLDADA IN LOCO EM CONCRETO PARA PORTAS COM ATÉ 1,5 M DE VÃO. AF_03/2016","M",0,null,null,0,84.36,105.41,{"v":0,"d":"0.00"}]
[" 7.6.18 ",93189,"SINAPI","VERGA MOLDADA IN LOCO EM CONCRETO PARA PORTAS COM MAIS DE 1,5 M DE VÃO. AF_03/2016","M",0,null,null,0,100.91,126.09,{"v":0,"d":"0.00"}]
[]
[]
["TOTAL ",{"$nulls":10},{"v":256836.75999999998,"d":"256,836.76"}]
["% ",{"$nulls":10},{"v":1,"d":"100%"}]
[]
[]
[]
[]
[{"$nulls":9},"ITENS ADICIOANADOS A PLANILHA"]
[{"$nulls":9},"ITENS COM NECESSIDADE DE ADITIVO"]
[{"$nulls":3},"LUIZ GUILHERME CADORE SILVA",{"$nulls":5},"ITENS GLOSADOS PARCIAL/INTEGRALMENTE"]
[{"$nulls":3},"ENGENHEIRO CIVIL / FISCAL DE OBRAS"]
[{"$nulls":3},"CREA MT041303"]

{"sheet":"Memória de Cálculo","index":3,"n_rows":171,"n_cols":5,"rows_kept":171,"hidden":true,"merged":[[0,2,0,4],[1,2,1,3],[2,2,2,3],[4,0,4,4],[168,2,168,3],[169,2,169,3],[170,2,170,3]],"flags":["formulas_cached_only"]}
["PROPRIETÁRIO:","PREFEITURA MUNICIPAL DE SÃO JOSÉ DOS QUATRO MARCOS","REFERÊNCIA:"]
["OBRA:","CONSTRUÇÃO DA BIBLIOTECA MUNICIPAL","SINAPI - 01/2024 NÃO DESONERADO",null,"NÃO DESONERADA"]
["ENDEREÇO:","RUA CERES, BAIRRO JARDIM SANTA ROSA II","BDI",null,{"v":0.2496,"d":"24.96%"}]
[]
["MEMÓRIA DE CÁLCULO"]
["ITEM","DESCRIÇÃO","UND ","QUANT.","MEMÓRIA DE CÁLCULO"]
[" 1 ","SERVIÇOS PRELIMINARES"]
[" 1.1 ","PLACA DE OBRA EM CHAPA DE ACO GALVANIZADO. REF.: SINAPI 74209/001 - 12/2019","m²",3.13," = Tamanho padrão de placa em obras federais (2,5x1,25m)"]
[" 1.2","LOCACAO CONVENCIONAL DE OBRA, UTILIZANDO GABARITO DE TÁBUAS CORRIDAS PONTALETADAS A CADA 2,00M -  2 UTILIZAÇÕES. AF_10/2018","M",75.4," = (Ver Planilha \"SERVIÇOS PRELIMINARES\")"]
[" 2 ","ADIMINISTRAÇÃO LOCAL"]
[" 2.1 ","ADMINISTRAÇÃO LOCAL DE OBRA","UN"," 1,0"," = Administração de toda a Obra, independente de aumento de prazo"]
[" 3 ","ESTRUTURAL"]
[" 3.1 ","INFRAESTRUTURA - COTA 0 A 120CM"]
[" 3.1.1 ","ESCAVAÇÃO MANUAL PARA BLOCO DE COROAMENTO OU SAPATA, COM PREVISÃO DE FÔRMA. AF_06/2017","m³"," 25,89"," = Volume de escavação das fundações (20,79) + Volume de escavação das vigas Baldrames (5,10) - (Ver Planilhas \"QUANTIFICAÇÃO FUNDAÇÃO\" e \"CONSUMO DE MATERIAIS - ESTRUTURA DE CONCRETO ARMADO\")"]
[" 3.1.2 ","LASTRO DE CONCRETO MAGRO, APLICADO EM BLOCOS DE COROAMENTO OU SAPATAS, ESPESSURA DE 5 CM. AF_08/2017","m²"," 17,33"," = Área de Lastro de Fundo das Sapatas - (Ver Planilha \"QUANTIFICAÇÃO FUNDAÇÃO\" )"]
[" 3.1.3 ","FABRICAÇÃO, MONTAGEM E DESMONTAGEM DE FÔRMA PARA SAPATA, EM MADEIRA SERRADA, E=25 MM, 2 UTILIZAÇÕES. AF_06/2017","m²"," 21,1"," = Área de Fôrmas das Sapatas - (Ver Planilha \"CONSUMO DE MATERIAIS - ESTRUTURA DE CONCRETO ARMADO\")"]
[" 3.1.4 ","FABRICAÇÃO, MONTAGEM E DESMONTAGEM DE FÔRMA PARA VIGA BALDRAME, EM MADEIRA SERRADA, E=25 MM, 4 UTILIZAÇÕES. AF_06/2017","m²"," 89,2"," = Área de Fôrmas das Vigas Baldrames - (Ver Planilha \"CONSUMO DE MATERIAIS - ESTRUTURA DE CONCRETO ARMADO\")"]
[" 3.1.5 ","CONCRETO FCK = 20MPA, TRAÇO 1:2,7:3 (CIMENTO/ AREIA MÉDIA/ BRITA 1)  - PREPARO MECÂNICO COM BETONEIRA 400 L. AF_07/2016","m³"," 4,3"," = Volume de Concreto das Fundações - (Ver Planilha \"CONSUMO DE MATERIAIS - ESTRUTURA DE CONCRETO ARMADO\")"]
[" 3.1.6 ","CONCRETO FCK = 25MPA, TRAÇO 1:2,3:2,7 (CIMENTO/ AREIA MÉDIA/ BRITA 1)  - PREPARO MECÂNICO COM BETONEIRA 400 L. AF_07/2016","m³"," 7,0"," = Volume de Concreto das Vigas Baldrames e arranques/ toco de pilares - (Ver Planilha \"CONSUMO DE MATERIAIS - ESTRUTURA DE CONCRETO ARMADO\")"]
[" 3.1.7 ","LANCAMENTO/APLICACAO MANUAL DE CONCRETO EM FUNDACOES. REF.: SINAPI 74157/4 - 01/2020","m³"," 11,3"," = Somatório dos volumes de Concreto das Sapatas, Vigas Baldrames e Tocos de Pilares - (7,00+4,30) "]
[" 3.1.8 ","ARMAÇÃO DE BLOCO, VIGA BALDRAME OU SAPATA UTILIZANDO AÇO CA-50 DE 8 MM - MONTAGEM. AF_06/2017","KG"," 145,1"," = Armação das sapatas - (Ver Planilha \"CONSUMO DE MATERIAIS - ESTRUTURA DE CONCRETO ARMADO\")"]
[" 3.1.9 ","ARMAÇÃO DE BLOCO, VIGA BALDRAME OU SAPATA UTILIZANDO AÇO CA-50 DE 10 MM - MONTAGEM. AF_06/2017","KG"," 342,0"," = Armação das vigas Baldrames- (Ver Planilha \"CONSUMO DE MATERIAIS - ESTRUTURA DE CONCRETO ARMADO\")"]
[" 3.1.10 ","ARMAÇÃO DE BLOCO, VIGA BALDRAME OU SAPATA UTILIZANDO AÇO CA-50 DE 12,5 MM - MONTAGEM. AF_06/2017","KG"," 40,7"," = Armação das vigas Baldrames- (Ver Planilha \"CONSUMO DE MATERIAIS - ESTRUTURA DE CONCRETO ARMADO\")"]
[" 3.1.11 ","ARMAÇÃO DE BLOCO, VIGA BALDRAME E SAPATA UTILIZANDO AÇO CA-60 DE 5 MM - MONTAGEM. AF_06/2017","KG"," 94,8"," = Armação das vigas Baldrames- (Ver Planilha \"CONSUMO DE MATERIAIS - ESTRUTURA DE CONCRETO ARMADO\")"]
[" 3.1.12 ","IMPERMEABILIZAÇÃO DE SUPERFÍCIE COM EMULSÃO ASFÁLTICA, 2 DEMÃOS AF_06/2018","m²"," 42,74"," = Área de superfície das fundações e arranques de pilares - (Ver Planilha \"QUANTIFICAÇÃO FUNDAÇÃO\" )"]
[" 3.1.13 ","REATERRO MANUAL DE VALAS COM COMPACTAÇÃO MECANIZADA. AF_04/2016","m³"," 14,59"," = O Volume escavado menos o volume concretado  - (25,89-4,30-7,00)  - (Ver Planilhas \"QUANTIFICAÇÃO FUNDAÇÃO\" e \"CONSUMO DE MATERIAIS - ESTRUTURA DE CONCRETO ARMADO\")"]
[" 3.1.14 ","MONTAGEM E DESMONTAGEM DE FÔRMA DE PILARES RETANGULARES E ESTRUTURAS SIMILARES COM ÁREA MÉDIA DAS SEÇÕES MENOR OU IGUAL A 0,25 M², PÉ-DIREITO SIMPLES, EM MADEIRA SERRADA, 4 UTILIZAÇÕES. AF_12/2015","m²"," 32,2"," = Área de fôrmas dos arranques de pilares - (Ver Planilha \"QUANTIFICAÇÃO FUNDAÇÃO\" )"]
[" 3.1.15 ","ARMAÇÃO DE PILAR OU VIGA DE UMA ESTRUTURA CONVENCIONAL DE CONCRETO ARMADO EM UMA EDIFICAÇÃO TÉRREA OU SOBRADO UTILIZANDO AÇO CA-60 DE 5,0 MM - MONTAGEM. AF_12/2015","KG"," 38,6"," = Armação dos Arranques de Pilares - (Ver Planilha \"CONSUMO DE MATERIAIS - ESTRUTURA DE CONCRETO ARMADO\")"]
[" 3.1.16 ","ARMAÇÃO DE PILAR OU VIGA DE UMA ESTRUTURA CONVENCIONAL DE CONCRETO ARMADO EM UMA EDIFICAÇÃO TÉRREA OU SOBRADO UTILIZANDO AÇO CA-50 DE 10,0 MM - MONTAGEM. AF_12/2015","KG"," 125,4"," = Armação dos Arranques de Pilares - (Ver Planilha \"CONSUMO DE MATERIAIS - ESTRUTURA DE CONCRETO ARMADO\")"]
[" 3.2 ","SUPERESTRUTURA - PILARES DO PAVIMENTO TÉRREO"]
[" 3.2.1 ","MONTAGEM E DESMONTAGEM DE FÔRMA DE PILARES RETANGULARES E ESTRUTURAS SIMILARES COM ÁREA MÉDIA DAS SEÇÕES MENOR OU IGUAL A 0,25 M², PÉ-DIREITO SIMPLES, EM MADEIRA SERRADA, 4 UTILIZAÇÕES. AF_12/2015","m²"," 80,4"," = Área de fôrmas dos pilares no térreo/amarração (cota 0 a 300cm) - (Ver Planilha \"QUANTIFICAÇÃO FUNDAÇÃO\" )"]
[" 3.2.2 ","CONCRETO FCK = 25MPA, TRAÇO 1:2,3:2,7 (CIMENTO/ AREIA MÉDIA/ BRITA 1)  - PREPARO MECÂNICO COM BETONEIRA 400 L. AF_07/2016","m³"," 4,6"," = Volume de Concreto dos pilares no térreo/amarração (cota 0 a 300cm) - (Ver Planilha \"QUANTIFICAÇÃO FUNDAÇÃO\" )"]
[" 3.2.3 ","LANÇAMENTO COM USO DE BALDES, ADENSAMENTO E ACABAMENTO DE CONCRETO EM ESTRUTURAS. AF_12/2015","m³"," 4,6"," = Volume de Concreto dos pilares no térreo/amarração (cota 0 a 300cm) - (Ver Planilha \"QUANTIFICAÇÃO FUNDAÇÃO\" )"]
[" 3.2.4 ","ARMAÇÃO DE PILAR OU VIGA DE UMA ESTRUTURA CONVENCIONAL DE CONCRETO ARMADO EM UMA EDIFICAÇÃO TÉRREA OU SOBRADO UTILIZANDO AÇO CA-50 DE 10,0 MM - MONTAGEM. AF_12/2015","KG"," 226,3"," = Armação dos pilares no térreo/amarração (cota 0 a 300cm) - (Ver Planilha \"QUANTIFICAÇÃO FUNDAÇÃO\" )"]
[" 3.2.5 ","ARMAÇÃO DE PILAR OU VIGA DE UMA ESTRUTURA CONVENCIONAL DE CONCRETO ARMADO EM UMA EDIFICAÇÃO TÉRREA OU SOBRADO UTILIZANDO AÇO CA-60 DE 5,0 MM - MONTAGEM. AF_12/2015","KG"," 95,6"," = Armação dos pilares no térreo/amarração (cota 0 a 300cm) - (Ver Planilha \"QUANTIFICAÇÃO FUNDAÇÃO\" )"]
[" 3.3 ","SUPERESTRUTURA - VIGAS DE AMARRAÇÃO E PILARES DA PLATIBANDA"]
[" 3.3.1 ","MONTAGEM E DESMONTAGEM DE FÔRMA DE PILARES RETANGULARES E ESTRUTURAS SIMILARES COM ÁREA MÉDIA DAS SEÇÕES MENOR OU IGUAL A 0,25 M², PÉ-DIREITO SIMPLES, EM MADEIRA SERRADA, 4 UTILIZAÇÕES. AF_12/2015","m²"," 31,4"," = Área de fôrmas dos pilares da platibanda (cota 300 a 500) - (Ver Planilha \"QUANTIFICAÇÃO FUNDAÇÃO\" )"]
[" 3.3.2 ","MONTAGEM E DESMONTAGEM DE FÔRMA DE VIGA, ESCORAMENTO COM PONTALETE DE MADEIRA, PÉ-DIREITO SIMPLES, EM MADEIRA SERRADA, 4 UTILIZAÇÕES. AF_12/2015","m²"," 152,4"," = Área de fôrmas das vigas de amarração (108,00+44,4) - (Ver Planilha \"QUANTIFICAÇÃO FUNDAÇÃO\" )"]
[" 3.3.3 ","CONCRETO FCK = 25MPA, TRAÇO 1:2,3:2,7 (CIMENTO/ AREIA MÉDIA/ BRITA 1)  - PREPARO MECÂNICO COM BETONEIRA 400 L. AF_07/2016","m³"," 10,8"," = Volume de Concreto das vigas de amarração e dos pilares da platibanda (108,00+44,4) - (Ver Planilha \"QUANTIFICAÇÃO FUNDAÇÃO\" )"]
[" 3.3.4 ","LANÇAMENTO COM USO DE BALDES, ADENSAMENTO E ACABAMENTO DE CONCRETO EM ESTRUTURAS. AF_12/2015","m³"," 10,8"," = Volume de Concreto das vigas de amarração e dos pilares da platibanda (108,00+44,4) - (Ver Planilha \"QUANTIFICAÇÃO FUNDAÇÃO\" )"]
[" 3.3.5 ","ARMAÇÃO DE PILAR OU VIGA DE UMA ESTRUTURA CONVENCIONAL DE CONCRETO ARMADO EM UMA EDIFICAÇÃO TÉRREA OU SOBRADO UTILIZANDO AÇO CA-50 DE 10,0 MM - MONTAGEM. AF_12/2015","KG"," 642,8"," = Armação das vigas de amarração e dos pilares da platibanda (391,1+251,7) - (Ver Planilha \"QUANTIFICAÇÃO FUNDAÇÃO\" )"]
[" 3.3.6 ","ARMAÇÃO DE PILAR OU VIGA DE UMA ESTRUTURA CONVENCIONAL DE CONCRETO ARMADO EM UMA EDIFICAÇÃO TÉRREA OU SOBRADO UTILIZANDO AÇO CA-50 DE 12,5 MM - MONTAGEM. AF_12/2015","KG"," 20,7"," = Armação das vigas de amarração - (Ver Planilha \"QUANTIFICAÇÃO FUNDAÇÃO\" )"]
[" 3.3.7 ","ARMAÇÃO DE PILAR OU VIGA DE UMA ESTRUTURA CONVENCIONAL DE CONCRETO ARMADO EM UMA EDIFICAÇÃO TÉRREA OU SOBRADO UTILIZANDO AÇO CA-60 DE 5,0 MM - MONTAGEM. AF_12/2015","KG"," 201,5"," = Armação das vigas de amarração e dos pilares da platibanda (109,5+92,0) - (Ver Planilha \"QUANTIFICAÇÃO FUNDAÇÃO\" )"]
[" 3.4 ","LAJES"]
[" 3.4.1 ","LAJE PRE-MOLDADA P/PISO, SOBRECARGA 200KG/M2, VAOS ATE 3,50M/E=8CM, C/LAJOTAS E CAP.C/CONC FCK=20MPA, 4CM, INTER-EIXO 38CM, C/ESCORAMENTO (REAPR.3X) E FERRAGEM NEGATIVA","m²",{"v":11,"d":"11.00"}," = Área de Laje sobre os Banheiros (Ver Projeto)"]
[" 3.4.2 ","LAJE PRE-MOLDADA P/FORRO, SOBRECARGA 100KG/M2, VAOS ATE 3,50M/E=8CM, C/LAJOTAS E CAP.C/CONC FCK=20MPA, 3CM, INTER-EIXO 38CM, C/ESCORAMENTO (REAPR.3X) E FERRAGEM NEGATIVA","m²",17.86," = Área de Laje sobre o Hall de Entrada (Ver Projeto)"]
[" 3.4.3 ","IMPERMEABILIZAÇÃO DE SUPERFÍCIE COM MANTA ASFÁLTICA, UMA CAMADA, INCLUSIVE APLICAÇÃO DE PRIMER ASFÁLTICO, E=3MM. AF_06/2018","m²",28.86," = Área Total de Lajes (12,76+14,42)"]
[" 4 ","ELÉTRICO"]
[" 4.1 ","INSTALAÇÃO E FORNECIMENTO DE ELETRODUTOS"]
[" 4.1.1 ","ELETRODUTO FLEXÍVEL CORRUGADO, PVC, DN 25 MM (3/4\"), PARA CIRCUITOS TERMINAIS, INSTALADO EM PAREDE - FORNECIMENTO E INSTALAÇÃO. AF_12/2015","M"," 98,61"," = Eletrodutos em Paredes, conforme Memorial de Cálculo - (Ver Planilhas \"QUANTIFICAÇÃO DE ELETRODUTOS\" e \"QUANTIFICAÇÃO DE TOMADAS E INTERRUPTORES\")"]
[" 4.1.2 ","ELETRODUTO FLEXÍVEL CORRUGADO, PVC, DN 25 MM (3/4\"), PARA CIRCUITOS TERMINAIS, INSTALADO EM LAJE - FORNECIMENTO E INSTALAÇÃO. AF_12/2015","M"," 17,15"," = Eletrodutos em lajes, conforme Memorial de Cálculo - (Ver Planilhas \"QUANTIFICAÇÃO DE ELETRODUTOS\" e \"QUANTIFICAÇÃO DE TOMADAS E INTERRUPTORES\")"]
[" 4.1.3 ","ELETRODUTO FLEXÍVEL CORRUGADO, PVC, DN 25 MM (3/4\"), PARA CIRCUITOS TERMINAIS, INSTALADO EM FORRO - FORNECIMENTO E INSTALAÇÃO. AF_12/2015","M"," 120,24"," = Eletrodutos em sobre o forro, conforme Memorial de Cálculo - (Ver Planilhas \"QUANTIFICAÇÃO DE ELETRODUTOS\" e \"QUANTIFICAÇÃO DE TOMADAS E INTERRUPTORES\")"]
[" 4.1.4 ","ELETRODUTO FLEXÍVEL CORRUGADO, PVC, DN 32 MM (1\"), PARA CIRCUITOS TERMINAIS, INSTALADO EM FORRO - FORNECIMENTO E INSTALAÇÃO. AF_12/2015","M"," 18,72"," = Eletrodutos em sobre o forro, conforme Memorial de Cálculo - (Ver Planilhas \"QUANTIFICAÇÃO DE ELETRODUTOS\" e \"QUANTIFICAÇÃO DE TOMADAS E INTERRUPTORES\")"]
[" 4.1.5 ","ELETRODUTO FLEXÍVEL CORRUGADO REFORÇADO, PVC, DN 32 MM (1\"), INSTALADO EM VALA ESCAVADA MANUALMENTE - FORNECIMENTO E INSTALAÇÃO. REF.: SINAPI 91837","M"," 10,54"," = Eletroduto instalado em vala, ligando o Padrão de Entrada à caixa de Passagem do Quadro de Distribuição- (Ver Planilha \"QUANTIFICAÇÃO DE ELETRODUTOS\") "]
[" 4.1.6 ","RASGO EM ALVENARIA PARA RAMAIS/ DISTRIBUIÇÃO COM DIAMETROS MENORES OU IGUAIS A 40 MM. AF_05/2015","M"," 98,61"," = Rasgo conforme o quantitativo de eletrodutos em paredes - (Ver Planilha s \"QUANTIFICAÇÃO DE ELETRODUTOS\" e \"QUANTIFICAÇÃO DE TOMADAS E INTERRUPTORES\")"]
[" 4.1.7 ","CAIXA DE PASSAGEM 30X30X40 COM TAMPA E DRENO BRITA","UN"," 2,0"," = Caixas de passagem juntas ao padrão de entrada e quadro de distribuição, respectivamente"]
[" 4.2 ","CABOS ELÉTRICOS"]
[" 4.2.1 ","CABO DE COBRE FLEXÍVEL ISOLADO, 2,5 MM², ANTI-CHAMA 0,6/1,0 KV, PARA CIRCUITOS TERMINAIS - FORNECIMENTO E INSTALAÇÃO. AF_12/2015","M"," 438,1"," = Conforme Memorial de Cálculo - (Ver Planilha \"Quantitativo de cabo Isol.HEPR - ench.EVA - 0,6/1kV (ref. Pirelli Afumex) gerado pelo Lumine\")"]
[" 4.2.2 ","CABO DE COBRE FLEXÍVEL ISOLADO, 4 MM², ANTI-CHAMA 0,6/1,0 KV, PARA CIRCUITOS TERMINAIS - FORNECIMENTO E INSTALAÇÃO. AF_12/2015","M"," 428,9"," = Conforme Memorial de Cálculo - (Ver Planilha \"Quantitativo de cabo Isol.HEPR - ench.EVA - 0,6/1kV (ref. Pirelli Afumex) gerado pelo Lumine\")"]
[" 4.2.3 ","CABO DE COBRE FLEXÍVEL ISOLADO, 16 MM², ANTI-CHAMA 0,6/1,0 KV, PARA CIRCUITOS TERMINAIS - FORNECIMENTO E INSTALAÇÃO. AF_12/2015","M"," 76,6"," = Conforme Memorial de Cálculo - (Ver Planilha \"Quantitativo de cabo Isol.HEPR - ench.EVA - 0,6/1kV (ref. Pirelli Afumex) gerado pelo Lumine\")"]
[" 4.3 ","INSTALAÇÃO E FORNECIMENTO DE TOMADAS E INTERRUPTORES"]
[" 4.3.1 ","CAIXA RETANGULAR 4\" X 2\" ALTA (2,00 M DO PISO), PVC, INSTALADA EM PAREDE - FORNECIMENTO E INSTALAÇÃO. AF_12/2015","UN"," 12,0"," = Conforme Memorial de Cálculo - (Ver Planilha \"QUANTIFICAÇÃO DE TOMADAS E INTERRUPTORES\")"]
[" 4.3.2 ","CAIXA RETANGULAR 4\" X 2\" MÉDIA (1,30 M DO PISO), PVC, INSTALADA EM PAREDE - FORNECIMENTO E INSTALAÇÃO. AF_12/2015","UN"," 17,0"," = Conforme Memorial de Cálculo - (Ver Planilha \"QUANTIFICAÇÃO DE TOMADAS E INTERRUPTORES\")"]
[" 4.3.3 ","CAIXA RETANGULAR 4\" X 2\" BAIXA (0,30 M DO PISO), PVC, INSTALADA EM PAREDE - FORNECIMENTO E INSTALAÇÃO. AF_12/2015","UN"," 18,0"," = Conforme Memorial de Cálculo - (Ver Planilha \"QUANTIFICAÇÃO DE TOMADAS E INTERRUPTORES\")"]
[" 4.3.4 ","CAIXA OCTOGONAL 3\" X 3\", PVC, INSTALADA EM LAJE - FORNECIMENTO E INSTALAÇÃO. AF_12/2015","UN"," 5,0"," = Conforme Memorial de Cálculo - (Ver Planilha \"QUANTIFICAÇÃO DE TOMADAS E INTERRUPTORES\")"]
[" 4.3.5 ","TOMADA BAIXA DE EMBUTIR (1 MÓDULO), 2P+T 10 A, INCLUINDO SUPORTE E PLACA - FORNECIMENTO E INSTALAÇÃO. AF_12/2015","UN"," 16,0"," = Conforme Memorial de Cálculo - (Ver Planilha \"QUANTIFICAÇÃO DE TOMADAS E INTERRUPTORES\")"]
[" 4.3.6 ","TOMADA BAIXA DE EMBUTIR (2 MÓDULOS), 2P+T 10 A, INCLUINDO SUPORTE E PLACA - FORNECIMENTO E INSTALAÇÃO. AF_12/2015","UN"," 2,0"," = Conforme Memorial de Cálculo - (Ver Planilha \"QUANTIFICAÇÃO DE TOMADAS E INTERRUPTORES\")"]
[" 4.3.7 ","TOMADA MÉDIA DE EMBUTIR (1 MÓDULO), 2P+T 10 A, INCLUINDO SUPORTE E PLACA - FORNECIMENTO E INSTALAÇÃO. AF_12/2015","UN"," 7,0"," = Conforme Memorial de Cálculo - (Ver Planilha \"QUANTIFICAÇÃO DE TOMADAS E INTERRUPTORES\")"]
[" 4.3.8 ","TOMADA ALTA DE EMBUTIR (1 MÓDULO), 2P+T 10 A, INCLUINDO SUPORTE E PLACA - FORNECIMENTO E INSTALAÇÃO. AF_12/2015","UN"," 4,0"," = Conforme Memorial de Cálculo - (Ver Planilha \"QUANTIFICAÇÃO DE TOMADAS E INTERRUPTORES\")"]
[" 4.3.9 ","TOMADA ALTA DE EMBUTIR (1 MÓDULO), 2P+T 20 A, INCLUINDO SUPORTE E PLACA - FORNECIMENTO E INSTALAÇÃO. AF_12/2015","UN"," 8,0"," = Conforme Memorial de Cálculo - (Ver Planilha \"QUANTIFICAÇÃO DE TOMADAS E INTERRUPTORES\")"]
[" 4.3.10 ","INTERRUPTOR SIMPLES (1 MÓDULO), 10A/250V, INCLUINDO SUPORTE E PLACA - FORNECIMENTO E INSTALAÇÃO. AF_12/2015","UN"," 7,0"," = Conforme Memorial de Cálculo - (Ver Planilha \"QUANTIFICAÇÃO DE TOMADAS E INTERRUPTORES\")"]
[" 4.3.11 ","INTERRUPTOR SIMPLES (2 MÓDULOS), 10A/250V, INCLUINDO SUPORTE E PLACA - FORNECIMENTO E INSTALAÇÃO. AF_12/2015","UN"," 2,0"," = Conforme Memorial de Cálculo - (Ver Planilha \"QUANTIFICAÇÃO DE TOMADAS E INTERRUPTORES\")"]
[" 4.3.12 ","INTERRUPTOR SIMPLES (3 MÓDULOS), 10A/250V, INCLUINDO SUPORTE E PLACA - FORNECIMENTO E INSTALAÇÃO. AF_12/2015","UN"," 1,0"," = Conforme Memorial de Cálculo - (Ver Planilha \"QUANTIFICAÇÃO DE TOMADAS E INTERRUPTORES\")"]
[" 4.4 ","INSTALAÇÃO E FORNECIMENTO DE LUMINÁRIAS"]
[" 4.4.1 ","LUMINÁRIA TIPO CALHA, DE SOBREPOR, COM 2 LÂMPADAS TUBULARES FLUORESCENTES DE 36 W, COM REATOR DE PARTIDA RÁPIDA - FORNECIMENTO E INSTALAÇÃO. AF_02/2020","UN"," 30,0"," = Conforme Memorial de Cálculo, em todos ambientes, exceto banheiros - (Ver Planilha \"QUANTIFICAÇÃO DE TOMADAS E INTERRUPTORES\")"]
[" 4.4.2 ","LUMINÁRIA TIPO SPOT, DE SOBREPOR, COM 1 LÂMPADA FLUORESCENTE DE 15 W, SEM REATOR - FORNECIMENTO E INSTALAÇÃO. AF_02/2020","UN"," 3,0"," = Conforme Memorial de Cálculo, nos banheiros - (Ver Planilha \"QUANTIFICAÇÃO DE TOMADAS E INTERRUPTORES\")"]
[" 4.5 ","DISPOSITIVOS DE PROTEÇÃO, QUADRO DE DISTRIBUIÇÃO E RAMAL DE ENTRADA"]
[" 4.5.1 ","DISJUNTOR MONOPOLAR TIPO DIN, CORRENTE NOMINAL DE 10A - FORNECIMENTO E INSTALAÇÃO. AF_04/2016","UN"," 4,0"," = Conforme Memorial de Cálculo - (Ver Planilha \"QUANTIFICAÇÃO DE TOMADAS E INTERRUPTORES\")"]
[" 4.5.2 ","DISJUNTOR MONOPOLAR TIPO DIN, CORRENTE NOMINAL DE 16A - FORNECIMENTO E INSTALAÇÃO. AF_04/2016","UN"," 2,0"," = Conforme Memorial de Cálculo - (Ver Planilha \"QUANTIFICAÇÃO DE TOMADAS E INTERRUPTORES\")"]
[" 4.5.3 ","DISJUNTOR TRIPOLAR TIPO DIN, CORRENTE NOMINAL DE 10A - FORNECIMENTO E INSTALAÇÃO. AF_04/2016","UN"," 7,0"," = Conforme Memorial de Cálculo - (Ver Planilha \"QUANTIFICAÇÃO DE TOMADAS E INTERRUPTORES\")"]
[" 4.5.4 ","DISJUNTOR TRIPOLAR TIPO DIN, CORRENTE NOMINAL DE 16A - FORNECIMENTO E INSTALAÇÃO. AF_04/2016","UN"," 1,0"," = Conforme Memorial de Cálculo - (Ver Planilha \"QUANTIFICAÇÃO DE TOMADAS E INTERRUPTORES\")"]
[" 4.5.5 ","DISJUNTOR TRIPOLAR TIPO DIN, CORRENTE NOMINAL DE 40A - FORNECIMENTO E INSTALAÇÃO. AF_04/2016","UN"," 1,0"," = Conforme Memorial de Cálculo - (Ver Planilha \"QUANTIFICAÇÃO DE TOMADAS E INTERRUPTORES\")"]
[" 4.5.6 ","FORNECIMENTO E INSTALAÇAO DE DISPOSITIVO DPS CLASSE II, 1 POLO, TENSAO MAXIMA DE 275 V, CORRENTE MAXIMA DE *45* KA (TIPO AC)","UN"," 1,0"," = Conforme Memorial de Cálculo - (Ver Planilha \"QUANTIFICAÇÃO DE TOMADAS E INTERRUPTORES\")"]
[" 4.5.7 ","FORNECIMENTO E INSTALAÇAO DE DISPOSITIVO DR, 2 POLOS, SENSIBILIDADE DE 30 MA, CORRENTE DE 25 A, TIPO AC","UN"," 3,0"," = Conforme Memorial de Cálculo - (Ver Planilha \"QUANTIFICAÇÃO DE TOMADAS E INTERRUPTORES\")"]
[" 4.5.8 ","QUADRO DE DISTRIBUICAO DE ENERGIA DE EMBUTIR, EM CHAPA METALICA, PARA 24 DISJUNTORES TERMOMAGNETICOS MONOPOLARES, COM BARRAMENTO TRIFASICO E NEUTRO, FORNECIMENTO E INSTALACAO","UN"," 1,0"," = Conforme Memorial de Cálculo - (Ver Planilha \"QUANTIFICAÇÃO DE TOMADAS E INTERRUPTORES\")"]
[" 4.5.9 ","FORNECIMENTO E INSTALAÇAO DE PADRÃO DE ENTRADA DE ENERGIA CATEGORIA \"T3\" (ENERGISA) - TRIFÁSICO - 7 METROS DE ALTURA, INCLUSO ATERRAMENTO","UN"," 1,0"," = Conforme Memorial de Cálculo - (Ver Planilha \"QUANTIFICAÇÃO DE TOMADAS E INTERRUPTORES\")"]
[" 5 ","INSTALAÇÃO DE ÁGUA FRIA"]
[" 5.1 ","COMPOSIÇÕES REPRESENTATIVAS DE REDE DE ÁGUA FRIA"]
[" 5.1.1 ","(COMPOSIÇÃO REPRESENTATIVA) DO SERVIÇO DE INSTALAÇÃO DE TUBOS DE PVC, SOLDÁVEL, ÁGUA FRIA, DN 50 MM (INSTALADO EM PRUMADA), INCLUSIVE CONEXÕES, CORTES E FIXAÇÕES, PARA PRÉDIOS. AF_10/2015","M"," 12,92"," =  Conforme Memorial de Cálculo - (Ver Planilha \"QUANTITATIVO - ÁGUA FRIA - GERADO PELO HYDROS\")"]
[" 5.1.2 ","(COMPOSIÇÃO REPRESENTATIVA) DO SERVIÇO DE INSTALAÇÃO DE TUBOS DE PVC, SOLDÁVEL, ÁGUA FRIA, DN 25 MM (INSTALADO EM RAMAL, SUB-RAMAL, RAMAL DE DISTRIBUIÇÃO OU PRUMADA), INCLUSIVE CONEXÕES, CORTES E FIXAÇÕES, PARA PRÉDIOS. AF_10/2015","M"," 7,38"," =  Conforme Memorial de Cálculo - (Ver Planilha \"QUANTITATIVO - ÁGUA FRIA - GERADO PELO HYDROS\")"]
[" 5.2 ","REGISTROS"]
[" 5.2.1 ","REGISTRO DE GAVETA BRUTO, LATÃO, ROSCÁVEL, 1 1/2, INSTALADO EM RESERVAÇÃO DE ÁGUA DE EDIFICAÇÃO QUE POSSUA RESERVATÓRIO DE FIBRA/FIBROCIMENTO FORNECIMENTO E INSTALAÇÃO. AF_06/2016","UN"," 3,0"," = Conforme Projeto - (Ver Planilha \"QUANTITATIVO - ÁGUA FRIA - GERADO PELO HYDROS\")"]
[" 5.2.2 ","VÁLVULA DE DESCARGA METÁLICA, BASE 1 1/2 \", ACABAMENTO METALICO CROMADO - FORNECIMENTO E INSTALAÇÃO. AF_01/2019","UN"," 3,0"," = Conforme Projeto - (Ver Planilha \"QUANTITATIVO - ÁGUA FRIA - GERADO PELO HYDROS\")"]
[" 5.3 ","ALIMENTAÇÃO"]
[" 5.3.1 ","(COMPOSIÇÃO REPRESENTATIVA) DO SERVIÇO DE INSTALAÇÃO DE TUBOS DE PVC, SOLDÁVEL, ÁGUA FRIA, DN 20 MM (INSTALADO EM RAMAL, SUB-RAMAL OU RAMAL DE DISTRIBUIÇÃO), INCLUSIVE CONEXÕES, CORTES E FIXAÇÕES, PARA PRÉDIOS. AF_10/2015","M"," 28,85"," = Conforme Projeto - (Ver Planilha \"QUANTITATIVO - ÁGUA FRIA - GERADO PELO HYDROS\")"]
[" 5.3.2 ","KIT CAVALETE PARA MEDIÇÃO DE ÁGUA - ENTRADA PRINCIPAL, EM PVC SOLDÁVEL DN 20 (½\")   FORNECIMENTO E INSTALAÇÃO (EXCLUSIVE HIDRÔMETRO). AF_11/2016","UN"," 1,0"," = Conforme Projeto - (Ver Planilha \"QUANTITATIVO - ÁGUA FRIA - GERADO PELO HYDROS\")"]
[" 5.4 ","BARRILETE"]
[" 5.4.1 ","REGISTRO DE ESFERA, PVC, SOLDÁVEL, DN  50 MM, INSTALADO EM RESERVAÇÃO DE ÁGUA DE EDIFICAÇÃO QUE POSSUA RESERVATÓRIO DE FIBRA/FIBROCIMENTO   FORNECIMENTO E INSTALAÇÃO. AF_06/2016","UN"," 2,0"," = Conforme Projeto - (Ver Planilha \"QUANTITATIVO - ÁGUA FRIA - GERADO PELO HYDROS\")"]
[" 5.4.2 ","CAIXA D´ÁGUA EM POLIETILENO, 1000 LITROS, COM ACESSÓRIOS","UN"," 2,0"," = Conforme Projeto"]
[" 5.5 ","LOUÇAS E METAIS"]
[" 5.5.1 ","VASO SANITARIO SIFONADO CONVENCIONAL COM LOUÇA BRANCA, INCLUSO CONJUNTO DE LIGAÇÃO PARA BACIA SANITÁRIA AJUSTÁVEL - FORNECIMENTO E INSTALAÇÃO. AF_10/2016","UN"," 1,0"," = Conforme Projeto"]
[" 5.5.2 ","VASO SANITARIO SIFONADO CONVENCIONAL PARA PCD SEM FURO FRONTAL COM LOUÇA BRANCA SEM ASSENTO, INCLUSO CONJUNTO DE LIGAÇÃO PARA BACIA SANITÁRIA AJUSTÁVEL - FORNECIMENTO E INSTALAÇÃO. AF_01/2020","UN"," 2,0"," = Conforme Projeto"]
[" 5.5.3 ","LAVATÓRIO LOUÇA BRANCA COM COLUNA, 45 X 55CM OU EQUIVALENTE, PADRÃO MÉDIO - FORNECIMENTO E INSTALAÇÃO. AF_01/2020","UN"," 3,0"," = Conforme Projeto"]
[" 5.5.4 ","SIFÃO DO TIPO GARRAFA/COPO EM PVC 1.1/4  X 1.1/2\u0094 - FORNECIMENTO E INSTALAÇÃO. AF_01/2020","UN"," 3,0"," = Conforme Projeto"]
[" 5.5.5 ","TORNEIRA CROMADA DE MESA, 1/2\u0094 OU 3/4\u0094, PARA LAVATÓRIO, PADRÃO MÉDIO - FORNECIMENTO E INSTALAÇÃO. AF_01/2020","UN"," 3,0"," = Conforme Projeto"]
[" 5.5.6 ","BARRA DE APOIO PARA PORTADORES DE NECESSIDADES ESPECIAIS - LARGURA 90CM","UN"," 4,0"," = Conforme Projeto"]
[" 6 ","INSTALAÇÃO DE REDE DE ESGOTO"]
[" 6.1 ","COMPOSIÇÕES REPRESENTATIVAS DE REDE DE ESGOTO"]
[" 6.1.1 ","(COMPOSIÇÃO REPRESENTATIVA) DO SERVIÇO DE INSTALAÇÃO DE TUBO DE PVC, SÉRIE NORMAL, ESGOTO PREDIAL, DN 40 MM (INSTALADO EM RAMAL DE DESCARGA OU RAMAL DE ESGOTO SANITÁRIO), INCLUSIVE CONEXÕES, CORTES E FIXAÇÕES, PARA PRÉDIOS. AF_10/2015","M"," 3,25"," = Conforme Projeto - (Ver Planilha \"QUANTIFICAÇÃO - REDE DE ESGOTO - GERADO PELO HYDROS\")"]
[" 6.1.2 ","(COMPOSIÇÃO REPRESENTATIVA) DO SERVIÇO DE INSTALAÇÃO DE TUBO DE PVC, SÉRIE NORMAL, ESGOTO PREDIAL, DN 50 MM (INSTALADO EM RAMAL DE DESCARGA OU RAMAL DE ESGOTO SANITÁRIO), INCLUSIVE CONEXÕES, CORTES E FIXAÇÕES PARA, PRÉDIOS. AF_10/2015","M"," 17,64"," = Conforme Projeto - (Esgoto+Ventilação (15,45+2,19)) (Ver Planilha \"QUANTIFICAÇÃO - REDE DE ESGOTO - GERADO PELO HYDROS\")"]
[" 6.1.3 ","(COMPOSIÇÃO REPRESENTATIVA) DO SERVIÇO DE INST. TUBO PVC, SÉRIE N, ESGOTO PREDIAL, 100 MM (INST. RAMAL DESCARGA, RAMAL DE ESG. SANIT., PRUMADA ESG. SANIT., VENTILAÇÃO OU SUB-COLETOR AÉREO), INCL. CONEXÕES E CORTES, FIXAÇÕES, P/ PRÉDIOS. AF_10/2015","M"," 7,4"," = Conforme Projeto - (Ver Planilha \"QUANTIFICAÇÃO - REDE DE ESGOTO - GERADO PELO HYDROS\")"]
[" 6.1.4 ","(COMPOSIÇÃO REPRESENTATIVA) DO SERVIÇO DE INSTALAÇÃO DE TUBO DE PVC, SÉRIE NORMAL, ESGOTO PREDIAL, DN 150 MM (INSTALADO EM SUB-COLETOR AÉREO), INCLUSIVE CONEXÕES, CORTES E FIXAÇÕES, PARA PRÉDIOS. AF_10/2015","M"," 14,82"," = Conforme Projeto - (Ver Planilha \"QUANTIFICAÇÃO - REDE DE ESGOTO - GERADO PELO HYDROS\")"]
[" 6.2 ","CAIXAS DE PASSAGEM E SISTEMA DE TRATAMENTO DE ESGOTO"]
[" 6.2.1 ","CAIXA DE INSPEÇÃO EM CONCRETO PRÉ-MOLDADO DN 60CM COM TAMPA H= 60CM - FORNECIMENTO E INSTALACAO","UN"," 3,0"," = Conforme Projeto - (Ver Planilha \"QUANTIFICAÇÃO - REDE DE ESGOTO - GERADO PELO HYDROS\")"]
[" 6.2.2 ","TANQUE SÉPTICO RETANGULAR, EM ALVENARIA COM BLOCOS DE CONCRETO, DIMENSÕES INTERNAS: 1,4 X 3,2 X 1,8 M, VOLUME ÚTIL: 6272 L (PARA 32 CONTRIBUINTES). AF_05/2018","UN"," 1,0"," = Conforme Projeto - (Ver Planilha \"QUANTIFICAÇÃO - REDE DE ESGOTO - GERADO PELO HYDROS\")"]
[" 6.2.3 ","FILTRO ANAERÓBIO RETANGULAR, EM ALVENARIA COM TIJOLOS CERÂMICOS MACIÇOS, DIMENSÕES INTERNAS: 1,2 X 1,8 X 1,67 M, VOLUME ÚTIL: 2592 L (PARA 13 CONTRIBUINTES). AF_05/2018","UN"," 1,0"," = Conforme Projeto - (Ver Planilha \"QUANTIFICAÇÃO - REDE DE ESGOTO - GERADO PELO HYDROS\")"]
[" 6.2.4 ","EXECUÇÃO DO SUMIDOURO - DIMENSÕES E UNIDADES DE ACORDO COM O PROJETO","UN"," 1,0"," = Conforme Projeto - (Ver Planilha \"QUANTIFICAÇÃO - REDE DE ESGOTO - GERADO PELO HYDROS\")"]
[" 7 ","ARQUITETÔNICO"]
[" 7.1 ","FECHAMENTOS"]
[" 7.1.1 ","ALVENARIA DE VEDAÇÃO DE BLOCOS CERÂMICOS FURADOS NA HORIZONTAL DE 9X19X19CM (ESPESSURA 9CM) DE PAREDES COM ÁREA LÍQUIDA MAIOR OU IGUAL A 6M² COM VÃOS E ARGAMASSA DE ASSENTAMENTO COM PREPARO EM BETONEIRA. AF_06/2014","m²"," 448,19"," = Conforme Projeto - (Ver Planilha \"ALVENARIAS\")"]
[" 7.1.2 ","EMBOÇO OU MASSA ÚNICA EM ARGAMASSA TRAÇO 1:2:8, PREPARO MECÂNICO COM BETONEIRA 400 L, APLICADA MANUALMENTE EM PANOS DE FACHADA COM PRESENÇA DE VÃOS, ESPESSURA DE 25 MM. AF_06/2014","m²"," 592,5"," = Conforme Projeto - (Ver Planilha \"REBOCO\")"]
[" 7.1.3 ","EMBOÇO, PARA RECEBIMENTO DE CERÂMICA, EM ARGAMASSA TRAÇO 1:2:8, PREPARO MANUAL, APLICADO MANUALMENTE EM FACES INTERNAS DE PAREDES, PARA AMBIENTE COM ÁREA  MAIOR QUE 10M2, ESPESSURA DE 20MM, COM EXECUÇÃO DE TALISCAS. AF_06/2014","m²"," 64,4"," = Conforme Projeto - (Ver Planilha \"REBOCO\")"]
[" 7.2 ","PINTURAS E REVESTIMENTOS DE PAREDES"]
[" 7.2.1 ","APLICAÇÃO DE FUNDO SELADOR ACRÍLICO EM PAREDES, UMA DEMÃO. AF_06/2014","m²"," 699,01"," = Área total de pintura, interna e externa, Conforme Projeto - (446,86+252,15) - (Ver Planilha \"QUANTIFICAÇÕES GERAIS - ARQUITETÔNICO\")"]
[" 7.2.2 ","APLICAÇÃO E LIXAMENTO DE MASSA LÁTEX EM PAREDES, DUAS DEMÃOS. AF_06/2014","m²"," 446,86"," = Área total de pintura interna, Conforme Projeto - (Ver Planilha \"QUANTIFICAÇÕES GERAIS - ARQUITETÔNICO\")"]
[" 7.2.3 ","APLICAÇÃO MANUAL DE MASSA ACRÍLICA EM PAREDES EXTERNAS DE CASAS, DUAS DEMÃOS. AF_05/2017","m²"," 252,15"," = Área total de pintura externa, Conforme Projeto - (446,86+252,15) - (Ver Planilha \"QUANTIFICAÇÕES GERAIS - ARQUITETÔNICO\")"]
[" 7.2.4 ","APLICAÇÃO MANUAL DE PINTURA COM TINTA LÁTEX ACRÍLICA EM PAREDES, DUAS DEMÃOS. AF_06/2014","m²"," 446,86"," = Área total de pintura interna, Conforme Projeto - (Ver Planilha \"QUANTIFICAÇÕES GERAIS - ARQUITETÔNICO\")"]
[" 7.2.5 ","APLICAÇÃO MANUAL DE PINTURA COM TINTA TEXTURIZADA ACRÍLICA EM PAREDES EXTERNAS DE CASAS, DUAS CORES. AF_06/2014","m²"," 252,15"," = Área total de pintura externa, Conforme Projeto - (446,86+252,15) - (Ver Planilha \"QUANTIFICAÇÕES GERAIS - ARQUITETÔNICO\")"]
[" 7.2.6 ","REVESTIMENTO CERÂMICO PARA PAREDES INTERNAS COM PLACAS TIPO ESMALTADA EXTRA DE DIMENSÕES 33X45 CM APLICADAS EM AMBIENTES DE ÁREA MAIOR QUE 5 M² NA ALTURA INTEIRA DAS PAREDES. AF_06/2014","m²"," 64,4"," = Área de revestimento cerâmico para parede, nos banheiros, Conforme Projeto - (446,86+252,15) - (Ver Planilha \"QUANTIFICAÇÕES GERAIS - ARQUITETÔNICO\")"]
[" 7.3 ","LAJES E FORROS"]
[" 7.3.1 ","MASSA ÚNICA, PARA RECEBIMENTO DE PINTURA, EM ARGAMASSA TRAÇO 1:2:8, PREPARO MECÂNICO COM BETONEIRA 400L, APLICADA MANUALMENTE EM TETO, ESPESSURA DE 20MM, COM EXECUÇÃO DE TALISCAS. AF_03/2015","m²"," 28,9"," = Área de Laje - Conforme Projeto"]
[" 7.3.2 ","APLICAÇÃO DE FUNDO SELADOR ACRÍLICO EM TETO, UMA DEMÃO. AF_06/2014","m²"," 28,9"," = Área de Laje - Conforme Projeto"]
[" 7.3.3 ","APLICAÇÃO E LIXAMENTO DE MASSA LÁTEX EM TETO, DUAS DEMÃOS. AF_06/2014","m²"," 28,9"," = Área de Laje - Conforme Projeto"]
[" 7.3.4 ","APLICAÇÃO MANUAL DE PINTURA COM TINTA LÁTEX ACRÍLICA EM TETO, DUAS DEMÃOS. AF_06/2014","m²"," 28,9"," = Área de Laje - Conforme Projeto"]
[" 7.3.5 ","FORRO EM RÉGUAS DE PVC, FRISADO, PARA AMBIENTES COMERCIAIS, INCLUSIVE ESTRUTURA DE FIXAÇÃO. AF_05/2017_P","m²"," 240,8"," = Área Total de Forro, Conforme Projeto - (Ver Planilha \"QUANTIFICAÇÕES GERAIS - ARQUITETÔNICO\")"]
[" 7.3.6 ","ACABAMENTOS PARA FORRO (RODA-FORRO EM PERFIL METÁLICO E PLÁSTICO). AF_05/2017","M"," 147,02"," = Perímetro Total de Forro, Conforme Projeto - (Ver Planilha \"QUANTIFICAÇÕES GERAIS - ARQUITETÔNICO\")"]
[" 7.4 ","PISOS E CALÇADAS"]
[" 7.4.1","EXECUÇÃO DE PASSEIO (CALÇADA) OU PISO DE CONCRETO COM CONCRETO MOLDADO IN LOCO, FEITO EM OBRA, ACABAMENTO CONVENCIONAL, NÃO ARMADO. AF_07/2016","m³"," 18,2"," = Volume de Concreto para o Piso de Concreto (Área de Piso de Concreto x  0,06m) , Conforme Projeto - (Ver Planilha \"QUANTIFICAÇÕES GERAIS - ARQUITETÔNICO\")"]
[" 7.4.2","REVESTIMENTO CERÂMICO PARA PISO COM PLACAS TIPO ESMALTADA EXTRA DE DIMENSÕES 45X45 CM APLICADA EM AMBIENTES DE ÁREA MAIOR QUE 10 M2. AF_06/2014","m²"," 269,7"," = Área Total de Piso Cerâmico, Conforme Projeto - (Ver Planilha \"QUANTIFICAÇÕES GERAIS - ARQUITETÔNICO\")"]
[" 7.4.3","RODAPÉ CERÂMICO DE 7CM DE ALTURA COM PLACAS TIPO ESMALTADA EXTRA DE DIMENSÕES 45X45CM. AF_06/2014","M"," 210,62"," = Comprimento total de rodapé Cerâmico, Conforme Projeto - (Ver Planilha \"QUANTIFICAÇÕES GERAIS - ARQUITETÔNICO\")"]
[" 7.4.4","PINTURA ACRILICA EM PISO CIMENTADO DUAS DEMAOS","m²"," 33,68"," = Pintura das Calçadas externas, Conforme Projeto - (Ver Planilha \"QUANTIFICAÇÕES GERAIS - ARQUITETÔNICO\")"]
[" 7.4.5","PISO TÁTIL DE BORRACHA (PVC FLEXÍVEL), COLORIDO, APLICADO COM COLA DE CONTATO, E=5CM, 25X25CM. REF.:  SETOP PIS-TAT-015","m²"," 7,25"," = Conforme Detalhe de Piso tátil"]
[" 7.5 ","COBERTURA"]
[" 7.5.1 ","RUFO EM CHAPA DE AÇO GALVANIZADO NÚMERO 24, CORTE DE 25 CM, INCLUSO TRANSPORTE VERTICAL. AF_07/2019","M"," 30,3"," = Conforme Projeto (2x15,15)"]
[" 7.5.2 ","CALHA EM CHAPA DE AÇO GALVANIZADO NÚMERO 24, DESENVOLVIMENTO DE 50 CM, INCLUSO TRANSPORTE VERTICAL. AF_07/2019","M"," 34,3"," = Conforme Projeto (2x17,15)"]
[" 7.5.3 ","TELHAMENTO COM TELHA ONDULADA DE FIBROCIMENTO E = 6 MM, COM RECOBRIMENTO LATERAL DE 1/4 DE ONDA PARA TELHADO COM INCLINAÇÃO MAIOR QUE 10°, COM ATÉ 2 ÁGUAS, INCLUSO IÇAMENTO. AF_07/2019","m²"," 259,82"," = Área de Cobertura  - Conforme Projeto"]
[" 7.5.4 ","FORNECIMENTO E INSTALAÇÃO DE TESOURA METÁLICA, COM VÃO DE 15M, UTILIZAÇÃO DE PERFIS DE CHAPA LAMINADA E DOBRADA EM AÇO ASTM A36, CONFORME PROJETO. REF.:  SIURB - SP - CÓDIGO  15505","UN"," 7,0"," = Conforme Projeto - (Ver Planilha \"TESOURAS METÁLICAS\")\t\n"]
[" 7.5.5 ","TRAMA DE AÇO COMPOSTA POR TERÇAS PARA TELHADOS DE ATÉ 2 ÁGUAS PARA TELHA ONDULADA DE FIBROCIMENTO, METÁLICA, PLÁSTICA OU TERMOACÚSTICA, INCLUSO TRANSPORTE VERTICAL. AF_07/2019","m²"," 259,82"," = Área de Cobertura com Telha Metálica - Conforme Projeto"]
[" 7.6 ","ESQUADRIAS"]
[" 7.6.1 ","JANELA DE ALUMÍNIO TIPO MAXIM-AR, COM VIDROS, BATENTE E FERRAGENS. EXCLUSIVE ALIZAR, ACABAMENTO E CONTRAMARCO. FORNECIMENTO E INSTALAÇÃO. AF_12/2019","m²",{"v":1.3800000000000001,"d":"1.38"}," = Conforme Projeto - (Ver Tabela de Janelas no Projeto Arquitetônico e Tabela \"ESQUADRIAS\")"]
[" 7.6.2 ","JANELA DE ALUMÍNIO DE CORRER COM 4 FOLHAS PARA VIDROS, COM VIDROS, BATENTE, ACABAMENTO COM ACETATO OU BRILHANTE E FERRAGENS. EXCLUSIVE ALIZAR E CONTRAMARCO. FORNECIMENTO E INSTALAÇÃO. AF_12/2019","m²",6.48," = Conforme Projeto - (Ver Tabela de Janelas no Projeto Arquitetônico e Tabela \"ESQUADRIAS\")"]
[" 7.6.3 ","JANELA FIXA DE ALUMÍNIO PARA VIDRO, COM VIDRO, BATENTE E FERRAGENS. EXCLUSIVE ACABAMENTO, ALIZAR E CONTRAMARCO. FORNECIMENTO E INSTALAÇÃO. AF_12/2019","m²",{"v":2.7,"d":"2.70"}," = Conforme Projeto - (Ver Tabela de Janelas no Projeto Arquitetônico e Tabela \"ESQUADRIAS\")"]
[" 7.6.4 ","JANELA DE ALUMÍNIO DE CORRER COM 2 FOLHAS PARA VIDROS, COM VIDROS, BATENTE, ACABAMENTO COM ACETATO OU BRILHANTE E FERRAGENS. EXCLUSIVE ALIZAR E CONTRAMARCO. FORNECIMENTO E INSTALAÇÃO. AF_12/2019","m²",{"v":1.7999999999999998,"d":"1.80"}," = Conforme Projeto - (Ver Tabela de Janelas no Projeto Arquitetônico e Tabela \"ESQUADRIAS\")"]
[" 7.6.5 ","KIT DE PORTA-PRONTA DE MADEIRA EM ACABAMENTO MELAMÍNICO BRANCO, FOLHA LEVE OU MÉDIA, E BATENTE METÁLICO, 70X210CM,  EXCLUSIVE FECHADURA, FIXAÇÃO COM ARGAMASSA - FORNECIMENTO E INSTALAÇÃO. AF_12/2019","UN",{"v":1,"d":"1.00"}," = Conforme Projeto - (Ver Tabela de Portas no Projeto Arquitetônico e Tabela \"ESQUADRIAS\")"]
[" 7.6.6 ","KIT DE PORTA-PRONTA DE MADEIRA EM ACABAMENTO MELAMÍNICO BRANCO, FOLHA LEVE OU MÉDIA, E BATENTE METÁLICO, 80X210CM, EXCLUSIVE FECHADURA, FIXAÇÃO COM ARGAMASSA - FORNECIMENTO E INSTALAÇÃO. AF_12/2019","UN",{"v":2,"d":"2.00"}," = Conforme Projeto - (Ver Tabela de Portas no Projeto Arquitetônico e Tabela \"ESQUADRIAS\")"]
[" 7.6.7 ","KIT DE PORTA-PRONTA DE MADEIRA EM ACABAMENTO MELAMÍNICO BRANCO, FOLHA LEVE OU MÉDIA, E BATENTE METÁLICO, 90X210CM,  EXCLUSIVE FECHADURA, FIXAÇÃO COM ARGAMASSA - FORNECIMENTO E INSTALAÇÃO. AF_12/2019","UN",{"v":4,"d":"4.00"}," = Conforme Projeto - (Ver Tabela de Portas no Projeto Arquitetônico e Tabela \"ESQUADRIAS\")"]
[" 7.6.8 ","FECHADURA DE EMBUTIR PARA PORTA DE BANHEIRO, COMPLETA, ACABAMENTO PADRÃO MÉDIO, INCLUSO EXECUÇÃO DE FURO - FORNECIMENTO E INSTALAÇÃO. AF_12/2019","UN",{"v":3,"d":"3.00"}," = Conforme Projeto - (Ver Tabela de Portas no Projeto Arquitetônico e Tabela \"ESQUADRIAS\")"]
[" 7.6.9 ","FECHADURA DE EMBUTIR COM CILINDRO, EXTERNA, COMPLETA, ACABAMENTO PADRÃO MÉDIO, INCLUSO EXECUÇÃO DE FURO - FORNECIMENTO E INSTALAÇÃO. AF_12/2019","UN",{"v":4,"d":"4.00"}," = Conforme Projeto - (Ver Tabela de Portas no Projeto Arquitetônico e Tabela \"ESQUADRIAS\")"]
[" 7.6.10 ","PORTA DE CORRER DE ALUMÍNIO, COM DUAS FOLHAS PARA VIDRO, INCLUSO VIDRO LISO INCOLOR, FECHADURA E PUXADOR, SEM ALIZAR. AF_12/2019","m²",11.55," = Conforme Projeto - (Ver Tabela de Portas no Projeto Arquitetônico e Tabela \"ESQUADRIAS\")"]
[" 7.6.11 ","PINTURA ESMALTE ACETINADO EM MADEIRA, DUAS DEMAOS","m²",{"v":24.780000000000005,"d":"24.78"}," = Área das faces das portas de Madeira - ((7,56+3,36+1,47)x2) -  (Ver tabela \"ESQUADRIAS\")"]
[" 7.6.12 ","PINTURA COM TINTA ALQUÍDICA DE ACABAMENTO (ESMALTE SINTÉTICO FOSCO) PULVERIZADA SOBRE SUPERFÍCIES METÁLICAS (EXCETO PERFIL) EXECUTADO EM OBRA (POR DEMÃO). AF_01/2020","m²",{"v":47.82000000000001,"d":"47.82"}," = Área das faces das ´demais esquadrias, exceto de madeira - ((1,8+10,8+2,7+0,3+1,08+6,3+5,25)x2) -  (Ver tabela \"ESQUADRIAS\")"]
[" 7.6.13 ","VERGA MOLDADA IN LOCO EM CONCRETO PARA JANELAS COM ATÉ 1,5 M DE VÃO. AF_03/2016","M",{"v":4.4,"d":"4.40"}," = Comprimento total das vergas (vão + de 0,35m para cada lado) de janelas menores que 1,5m de larguras  - (3,2+1,2) - (Ver tabela \"ESQUADRIAS\")"]
[" 7.6.14 ","VERGA MOLDADA IN LOCO EM CONCRETO PARA JANELAS COM MAIS DE 1,5 M DE VÃO. AF_03/2016","M",{"v":17.2,"d":"17.20"}," = Comprimento total das vergas (vão + de 0,35m para cada lado) de janelas maiores que 1,5m de larguras  - (2,2+7,5+7,5) - (Ver tabela \"ESQUADRIAS\")"]
[" 7.6.15 ","CONTRAVERGA MOLDADA IN LOCO EM CONCRETO PARA VÃOS DE ATÉ 1,5 M DE COMPRIMENTO. AF_03/2016","M",{"v":4.4,"d":"4.40"}," = Comprimento total das contravergas (vão + de 0,35m para cada lado) de janelas menores que 1,5m de larguras  - (3,2+1,4) - (Ver tabela \"ESQUADRIAS\")"]
[" 7.6.16 ","CONTRAVERGA MOLDADA IN LOCO EM CONCRETO PARA VÃOS DE MAIS DE 1,5 M DE COMPRIMENTO. AF_03/2016","M",{"v":17.2,"d":"17.20"}," = Comprimento total das vergas (vão + de 0,35m para cada lado) de janelas maiores que 1,5m de larguras  - (2,2+7,5+7,5) - (Ver tabela \"ESQUADRIAS\")"]
[" 7.6.17 ","VERGA MOLDADA IN LOCO EM CONCRETO PARA PORTAS COM ATÉ 1,5 M DE VÃO. AF_03/2016","M",{"v":10.8,"d":"10.80"}," = Comprimento total das vergas (vão + de 0,35m para cada lado) de portas menores que 1,5m de larguras  - (6,4+3+1,4) - (Ver tabela \"ESQUADRIAS\")"]
[" 7.6.18 ","VERGA MOLDADA IN LOCO EM CONCRETO PARA PORTAS COM MAIS DE 1,5 M DE VÃO. AF_03/2016","M",{"v":6.9,"d":"6.90"}," = Comprimento total das vergas (vão + de 0,35m para cada lado) de portas maiores que 1,5m de larguras  - (3,7+3,2) - (Ver tabela \"ESQUADRIAS\")"]
[]
[null,null,"Total sem BDI",null,{"v":283121.8699999999,"d":"283,121.87"}]
[null,null,"Total do BDI",null,{"v":72476.69000000006,"d":"72,476.69"}]
[null,null,"Total Geral",null,{"v":355598.55999999994,"d":"355,598.56"}]

{"sheet":"COMPOSIÇÕES (2)","index":4,"n_rows":330,"n_cols":6,"rows_kept":330,"merged":[[0,0,0,5],[1,0,1,5],[2,1,2,2],[2,4,3,5],[3,1,3,2],[3,3,5,3],[4,1,4,2],[4,4,5,5],[5,1,5,2],[6,0,6,5],[7,0,7,5],[8,0,8,5],[9,4,9,5],[18,0,18,3],[21,4,21,5],[21,6,21,7],[24,0,24,4],[27,4,27,5],[32,0,32,3],[34,4,34,5],[47,0,47,3],[49,4,49,5],[76,0,76,3],[78,4,78,5],[99,0,99,3],[101,4,101,5],[109,0,109,3],[111,4,111,5],[127,0,127,3],[129,4,129,5],[142,0,142,3],[144,4,144,5],[158,0,158,3],[160,4,160,5],[181,0,181,3],[183,4,183,5],[190,0,190,3],[192,4,192,5],[201,0,201,3],[203,4,203,5],[208,0,208,3],[210,4,210,5],[217,0,217,3],[219,4,219,5],[231,0,231,3],[233,4,233,5],[239,0,239,3],[241,4,241,5],[247,0,247,3],[249,4,249,5],[255,0,255,3],[257,4,257,5],[263,0,263,3],[265,0,265,5],[270,0,270,3],[272,4,272,5],[278,0,278,3],[281,4,281,5],[288,0,288,3],[290,4,290,5],[297,0,297,3],[299,4,299,5],[306,0,306,3],[308,4,308,5],[313,0,313,3],[315,4,315,5],[322,0,322,3],[324,4,324,5],[329,0,329,3]],"flags":["formulas_cached_only"]}
["ESTADO DE MATO GROSSO"]
["PREFEITURA MUNICIPAL DE SÃO JOSÉ DOS QUATRO MARCOS"]
["OBRA:","CONSTRUÇÃO DA BIBLIOTECA DE SÃO JOSÉ DOS QUATRO MARCOS",null,"REFERENCIA:","BDI NÃO DES"]
["LOCAL:","AV. LUIZ BARBOSA ESQ. RUA CERES - JARDIM DAS OLIVEIRAS",null,{"$error":"#REF!"}]
["PROPR.:","PREFEITURA MUNICIPAL DE SÃO JOSÉ DOS QUATRO MARCOS",null,null,{"$error":"#REF!"}]
["ÁREA (M²):","288,2 m²"]
[]
["COMPOSIÇÃO DE CUSTOS UNITÁRIOS"]
[]
["COMP 01","PLACA DE OBRA EM CHAPA DE ACO GALVANIZADO","M2","Qtde ","SISTEMA NÃO DESON"]
["74209/SINAPI-12/2019","Equipamentos                  ","unidades",null,"Custo Unit ","Custo Total "]
[4417,"SARRAFO NAO APARELHADO *2,5 X 7* CM, EM MACARANDUBA/MASSARANDUBA, ANGELIM, PEROBA-ROSA OU EQUIVALENTE DA REGIAO - BRUTA                                                                                                                                                                                                                                                                                                                                                                                   ","M     ",{"v":1,"d":"1.00"},6.12,6.12]
[4491,"PONTALETE *7,5 X 7,5* CM EM PINUS, MISTA OU EQUIVALENTE DA REGIAO - BRUTA                                                                                                                                                                                                                                                                                                                                                                                                                                 ","M     ",{"v":4,"d":"4.00"},11.2,{"v":44.8,"d":"44.80"}]
[4813,"PLACA DE OBRA (PARA CONSTRUCAO CIVIL) EM CHAPA GALVANIZADA *N. 22*, ADESIVADA, DE *2,4 X 1,2* M (SEM POSTES PARA FIXACAO)                                                                                                                                                                                                                                                                                                                                                                                 ","M2    ",{"v":1,"d":"1.00"},250,{"v":250,"d":"250.00"}]
[5075,"PREGO DE ACO POLIDO COM CABECA 18 X 30 (2 3/4 X 10)                                                                                                                                                                                                                                                                                                                                                                                                                                                       ","KG    ",0.11,19.23,{"v":2.115,"d":"2.12"}]
[88262,"CARPINTEIRO DE FORMAS COM ENCARGOS COMPLEMENTARES","H",{"v":1,"d":"1.00"},25.26,25.26]
[88316,"SERVENTE COM ENCARGOS COMPLEMENTARES","H",{"v":2,"d":"2.00"},20.32]
[94962,"CONCRETO MAGRO PARA LASTRO, TRAÇO 1:4,5:4,5 (EM MASSA SECA DE CIMENTO/ AREIA MÉDIA/ BRITA 1) - PREPARO MECÂNICO COM BETONEIRA 400 L. AF_05/2021","M3",0.01,455.77,{"v":4.557,"d":"4.56"}]
["TOTAL DO SERVIÇO >>>",{"$nulls":4},{"v":332.852,"d":"332.852 "}]
[]
[]
["COMPOSIÇÃO 02","ADMINISTRAÇÃO LOCAL DA OBRA","UND","HORAS","SISTEMA N DESON"]
[90778,"ENGENHEIRO CIVIL DE OBRA PLENO COM ENCARGOS COMPLEMENTARES","H",{"v":65,"d":"65.00"},123.26,{"v":8011.9,"d":"8,011.90"}]
[90780,"MESTRE DE OBRAS COM ENCARGOS COMPLEMENTARES","H",{"v":65,"d":"65.00"},61.24,{"v":3980.6,"d":"3,980.60"}]
["TOTAL DO ITEM >>>",{"$nulls":4},{"v":11992.5,"d":"11,992.500 "}]
[]
[]
["COMPOSIÇÃO 03","QUADRO DE DISTRIBUICAO DE ENERGIA DE EMBUTIR, EM CHAPA METALICA, PARA 24 DISJUNTORES TERMOMAGNETICOS MONOPOLARES, COM BARRAMENTO TRIFASICO E NEUTRO, FORNECIMENTO E INSTALACAO","M2","Qtde ","SISTEMA NÃO DESON"]
["74131-5/SINAPI-04/2020","Equipamentos                  ","unidades",null,"Custo Unit ","Custo Total "]
[12039,"QUADRO DE DISTRIBUICAO COM BARRAMENTO TRIFASICO, DE EMBUTIR, EM CHAPA DE ACO GALVANIZADO, PARA 24 DISJUNTORES DIN, 100 A                                                                                                                                                                                                                                                                                                                                                                                  ","UN    ","1,0000000",620.83,620.83]
[88247,"AUXILIAR DE ELETRICISTA COM ENCARGOS COMPLEMENTARES","H","3,0000000",21.96,65.88]
[88264,"ELETRICISTA COM ENCARGOS COMPLEMENTARES","H","3,0000000",26.68,80.04]
["TOTAL DO SERVIÇO >>>",{"$nulls":4},{"v":766.75,"d":"766.75 "}]
[]
["COMPOSIÇÃO 04","SERVIÇO DE INSTALAÇÃO DE TUBOS DE PVC, SOLDÁVEL, ÁGUA FRIA, DN 50 MM (INSTALADO EM PRUMADA), INCLUSIVE CONEXÕES, CORTES E FIXAÇÕES, PARA PRÉDIOS. ","M2","Qtde ","SISTEMA NÃO DESON"]
["91788/SINAPI-04/2020","Equipamentos                  ","unidades",null,"Custo Unit ","Custo Total "]
[89449,"TUBO, PVC, SOLDÁVEL, DN 50MM, INSTALADO EM PRUMADA DE ÁGUA - FORNECIMENTO E INSTALAÇÃO. AF_06/2022","M","1,0000000",17,{"v":17,"d":"17.00"}]
[89501,"JOELHO 90 GRAUS, PVC, SOLDÁVEL, DN 50MM, INSTALADO EM PRUMADA DE ÁGUA - FORNECIMENTO E INSTALAÇÃO. AF_06/2022","UN","0,2851000",13.85,{"v":3.948,"d":"3.95"}]
[89502,"JOELHO 45 GRAUS, PVC, SOLDÁVEL, DN 50MM, INSTALADO EM PRUMADA DE ÁGUA - FORNECIMENTO E INSTALAÇÃO. AF_06/2022","UN","0,1948000",16.22,{"v":3.159,"d":"3.16"}]
[89575,"LUVA, PVC, SOLDÁVEL, DN 50MM, INSTALADO EM PRUMADA DE ÁGUA - FORNECIMENTO E INSTALAÇÃO. AF_06/2022","UN","0,2146000",11.29,{"v":2.422,"d":"2.42"}]
[89594,"UNIÃO, PVC, SOLDÁVEL, DN 50MM, INSTALADO EM PRUMADA DE ÁGUA - FORNECIMENTO E INSTALAÇÃO. AF_06/2022","UN","0,2270000",33.42,{"v":7.586,"d":"7.59"}]
[89596,"ADAPTADOR CURTO COM BOLSA E ROSCA PARA REGISTRO, PVC, SOLDÁVEL, DN 50MM X 1.1/2 , INSTALADO EM PRUMADA DE ÁGUA - FORNECIMENTO E INSTALAÇÃO. AF_06/2022","UN","0,0751000",10.1,{"v":0.758,"d":"0.76"}]
[89625,"TE, PVC, SOLDÁVEL, DN 50MM, INSTALADO EM PRUMADA DE ÁGUA - FORNECIMENTO E INSTALAÇÃO. AF_06/2022","UN","0,0046000",21.86,{"v":0.1,"d":"0.10"}]
[90437,"FURO MANUAL EM ALVENARIA, PARA INSTALAÇÕES HIDRÁULICAS, DIÂMETROS MAIORES QUE 40 MM E MENORES OU IGUAIS A 75 MM. AF_09/2023","UN","0,0418000",36.6,{"v":1.529,"d":"1.53"}]
[90454,"PASSANTE TIPO TUBO COM DIÂMETRO DE 75 MM, FIXADO EM LAJE, PARA PASSAGEM DE TUBULAÇÕES COM NO MÁXIMO 50 MM DE DIÂMETRO. AF_09/2023","UN","0,1023000",6.05,{"v":0.618,"d":"0.62"}]
[91186,"FIXAÇÃO DE TUBOS HORIZONTAIS DE PVC ÁGUA, PVC ESGOTO, PVC ÁGUA PLUVIAL, CPVC, PPR, COBRE OU AÇO, DIÂMETROS MAIORES QUE 40 MM E MENORES OU IGUAIS A 75 MM, COM ABRAÇADEIRA METÁLICA FLEXÍVEL 18 MM, FIXADA DIRETAMENTE NA LAJE. AF_09/2023","M","0,4457000",25.29,{"v":11.271,"d":"11.27"}]
[91191,"CHUMBAMENTO PONTUAL EM PASSAGEM DE TUBO COM DIÂMETROS ENTRE 40 MM E 75 MM. AF_09/2023","UN","0,0418000",14.8,{"v":0.618,"d":"0.62"}]
["TOTAL DO SERVIÇO >>>",{"$nulls":4},{"v":49.009,"d":"49.01 "}]
[]
["COMPOSIÇÃO 05","DO SERVIÇO DE INSTALAÇÃO DE TUBOS DE PVC, SOLDÁVEL, ÁGUA FRIA, DN 25 MM (INSTALADO EM RAMAL, SUB-RAMAL, RAMAL DE DISTRIBUIÇÃO OU PRUMADA), INCLUSIVE CONEXÕES, CORTES E FIXAÇÕES, PARA PRÉDIOS. ","M2","Qtde ","SISTEMA NÃO DESON"]
["91785/SINAPI-04/2020","Equipamentos                  ","unidades",null,"Custo Unit ","Custo Total "]
[89356,"TUBO, PVC, SOLDÁVEL, DN 25MM, INSTALADO EM RAMAL OU SUB-RAMAL DE ÁGUA - FORNECIMENTO E INSTALAÇÃO. AF_06/2022","M","0,7940000",22.01,{"v":17.475,"d":"17.48"}]
[89362,"JOELHO 90 GRAUS, PVC, SOLDÁVEL, DN 25MM, INSTALADO EM RAMAL OU SUB-RAMAL DE ÁGUA - FORNECIMENTO E INSTALAÇÃO. AF_06/2022","UN","0,6543000",9.05,{"v":5.921,"d":"5.92"}]
[89366,"JOELHO 90 GRAUS COM BUCHA DE LATÃO, PVC, SOLDÁVEL, DN 25MM, X 3/4  INSTALADO EM RAMAL OU SUB-RAMAL DE ÁGUA - FORNECIMENTO E INSTALAÇÃO. AF_06/2022","UN","0,1694000",15.37,{"v":2.603,"d":"2.60"}]
[89378,"LUVA, PVC, SOLDÁVEL, DN 25MM, INSTALADO EM RAMAL OU SUB-RAMAL DE ÁGUA - FORNECIMENTO E INSTALAÇÃO. AF_06/2022","UN","0,0773000",6.78,{"v":0.524,"d":"0.52"}]
[89383,"ADAPTADOR CURTO COM BOLSA E ROSCA PARA REGISTRO, PVC, SOLDÁVEL, DN 25MM X 3/4 , INSTALADO EM RAMAL OU SUB-RAMAL DE ÁGUA - FORNECIMENTO E INSTALAÇÃO. AF_06/2022","UN","0,6522000",6.36,{"v":4.147,"d":"4.15"}]
[89395,"TE, PVC, SOLDÁVEL, DN 25MM, INSTALADO EM RAMAL OU SUB-RAMAL DE ÁGUA - FORNECIMENTO E INSTALAÇÃO. AF_06/2022","UN","0,3037000",12.52,{"v":3.802,"d":"3.80"}]
[89396,"TÊ COM BUCHA DE LATÃO NA BOLSA CENTRAL, PVC, SOLDÁVEL, DN 25MM X 1/2 , INSTALADO EM RAMAL OU SUB-RAMAL DE ÁGUA - FORNECIMENTO E INSTALAÇÃO. AF_06/2022","UN","0,0168000",19.33,{"v":0.324,"d":"0.32"}]
[89400,"TÊ DE REDUÇÃO, PVC, SOLDÁVEL, DN 32MM X 25MM, INSTALADO EM RAMAL OU SUB-RAMAL DE ÁGUA - FORNECIMENTO E INSTALAÇÃO. AF_06/2022","UN","0,0115000",19,{"v":0.218,"d":"0.22"}]
[89402,"TUBO, PVC, SOLDÁVEL, DN 25MM, INSTALADO EM RAMAL DE DISTRIBUIÇÃO DE ÁGUA - FORNECIMENTO E INSTALAÇÃO. AF_06/2022","M","0,0780000",11.59,{"v":0.904,"d":"0.90"}]
[89408,"JOELHO 90 GRAUS, PVC, SOLDÁVEL, DN 25MM, INSTALADO EM RAMAL DE DISTRIBUIÇÃO DE ÁGUA - FORNECIMENTO E INSTALAÇÃO. AF_06/2022","UN","0,0076000",8.3,{"v":0.063,"d":"0.06"}]
[89424,"LUVA, PVC, SOLDÁVEL, DN 25MM, INSTALADO EM RAMAL DE DISTRIBUIÇÃO DE ÁGUA - FORNECIMENTO E INSTALAÇÃO. AF_06/2022","UN","0,0135000",6.28,{"v":0.084,"d":"0.08"}]
[89440,"TE, PVC, SOLDÁVEL, DN 25MM, INSTALADO EM RAMAL DE DISTRIBUIÇÃO DE ÁGUA - FORNECIMENTO E INSTALAÇÃO. AF_06/2022","UN","0,0017000",11.51,{"v":0.019,"d":"0.02"}]
[89445,"TÊ DE REDUÇÃO, PVC, SOLDÁVEL, DN 32MM X 25MM, INSTALADO EM RAMAL DE DISTRIBUIÇÃO DE ÁGUA - FORNECIMENTO E INSTALAÇÃO. AF_06/2022","UN","0,0034000",17.9,0.06]
[89446,"TUBO, PVC, SOLDÁVEL, DN 25MM, INSTALADO EM PRUMADA DE ÁGUA - FORNECIMENTO E INSTALAÇÃO. AF_06/2022","M","0,1280000",5.04,{"v":0.645,"d":"0.65"}]
[89481,"JOELHO 90 GRAUS, PVC, SOLDÁVEL, DN 25MM, INSTALADO EM PRUMADA DE ÁGUA - FORNECIMENTO E INSTALAÇÃO. AF_06/2022","UN","0,0670000",5.21,{"v":0.349,"d":"0.35"}]
[89528,"LUVA, PVC, SOLDÁVEL, DN 25MM, INSTALADO EM PRUMADA DE ÁGUA - FORNECIMENTO E INSTALAÇÃO. AF_06/2022","UN","0,0135000",4.21,{"v":0.056,"d":"0.06"}]
[89532,"LUVA DE REDUÇÃO, PVC, SOLDÁVEL, DN 32MM X 25MM, INSTALADO EM PRUMADA DE ÁGUA - FORNECIMENTO E INSTALAÇÃO. AF_06/2022","UN","0,0461000",6.84,{"v":0.315,"d":"0.32"}]
[89622,"TÊ DE REDUÇÃO, PVC, SOLDÁVEL, DN 32MM X 25MM, INSTALADO EM PRUMADA DE ÁGUA - FORNECIMENTO E INSTALAÇÃO. AF_06/2022","UN","0,0385000",13.45,{"v":0.517,"d":"0.52"}]
[89627,"TÊ DE REDUÇÃO, PVC, SOLDÁVEL, DN 50MM X 25MM, INSTALADO EM PRUMADA DE ÁGUA - FORNECIMENTO E INSTALAÇÃO. AF_06/2022","UN","0,0031000",19.15,{"v":0.059,"d":"0.06"}]
[90436,"FURO MANUAL EM ALVENARIA, PARA INSTALAÇÕES HIDRÁULICAS, DIÂMETROS MENORES OU IGUAIS A 40 MM. AF_09/2023","UN","0,0083000",13.73,{"v":0.113,"d":"0.11"}]
[90443,"RASGO LINEAR MANUAL EM ALVENARIA, PARA RAMAIS/ DISTRIBUIÇÃO DE INSTALAÇÕES HIDRÁULICAS, DIÂMETROS MENORES OU IGUAIS A 40 MM. AF_09/2023","M","0,2006000",7.37,{"v":1.478,"d":"1.48"}]
[90453,"PASSANTE TIPO TUBO COM DIÂMETRO DE 40 MM, FIXADO EM LAJE, PARA PASSAGEM DE TUBULAÇÕES COM NO MÁXIMO 32 MM DE DIÂMETRO. AF_09/2023","UN","0,0071000",3.81,{"v":0.027,"d":"0.03"}]
[90466,"CHUMBAMENTO LINEAR EM ALVENARIA PARA RAMAIS/DISTRIBUIÇÃO DE INSTALAÇÕES HIDRÁULICAS COM DIÂMETROS MENORES OU IGUAIS A 40 MM. AF_09/2023","M","0,2006000",14.77,{"v":2.962,"d":"2.96"}]
[91185,"FIXAÇÃO DE TUBOS HORIZONTAIS DE PVC ÁGUA, PVC ESGOTO, PVC ÁGUA PLUVIAL, CPVC, PPR, COBRE OU AÇO, DIÂMETROS MENORES OU IGUAIS A 40 MM, COM ABRAÇADEIRA METÁLICA FLEXÍVEL 18 MM, FIXADA DIRETAMENTE NA LAJE. AF_09/2023","M","0,0092000",22.98,{"v":0.211,"d":"0.21"}]
[91190,"CHUMBAMENTO PONTUAL EM PASSAGEM DE TUBO COM DIÂMETRO MENOR OU IGUAL A 40 MM. AF_09/2023","UN","0,0083000",10.43,{"v":0.086,"d":"0.09"}]
["TOTAL DO SERVIÇO >>>",{"$nulls":4},{"v":42.962,"d":"42.96 "}]
[]
["COMPOSIÇÃO 06","DO SERVIÇO DE INSTALAÇÃO DE TUBOS DE PVC, SOLDÁVEL, ÁGUA FRIA, DN 20 MM (INSTALADO EM RAMAL, SUB-RAMAL OU RAMAL DE DISTRIBUIÇÃO), INCLUSIVE CONEXÕES, CORTES E FIXAÇÕES, PARA PRÉDIOS.","M2","Qtde ","SISTEMA NÃO DESON"]
["91784/SINAPI-04/2020","Equipamentos                  ","unidades",null,"Custo Unit ","Custo Total "]
[89355,"TUBO, PVC, SOLDÁVEL, DN 20MM, INSTALADO EM RAMAL OU SUB-RAMAL DE ÁGUA - FORNECIMENTO E INSTALAÇÃO. AF_06/2022","M",0.8245,19.08,{"v":15.731,"d":"15.73"}]
[89358,"JOELHO 90 GRAUS, PVC, SOLDÁVEL, DN 20MM, INSTALADO EM RAMAL OU SUB-RAMAL DE ÁGUA - FORNECIMENTO E INSTALAÇÃO. AF_06/2022","UN",0.5774,7.59,{"v":4.382,"d":"4.38"}]
[89371,"LUVA, PVC, SOLDÁVEL, DN 20MM, INSTALADO EM RAMAL OU SUB-RAMAL DE ÁGUA - FORNECIMENTO E INSTALAÇÃO. AF_06/2022","UN",0.0697,5.73,{"v":0.399,"d":"0.40"}]
[89373,"LUVA DE REDUÇÃO, PVC, SOLDÁVEL, DN 25MM X 20MM, INSTALADO EM RAMAL OU SUB-RAMAL DE ÁGUA - FORNECIMENTO E INSTALAÇÃO. AF_06/2022","UN",0.1451,6.84,{"v":0.992,"d":"0.99"}]
[89374,"LUVA COM BUCHA DE LATÃO, PVC, SOLDÁVEL, DN 20MM X 1/2\", INSTALADO EM RAMAL OU SUB-RAMAL DE ÁGUA - FORNECIMENTO E INSTALAÇÃO. AF_06/2022","UN",0.2984,9.59,{"v":2.861,"d":"2.86"}]
[89376,"ADAPTADOR CURTO COM BOLSA E ROSCA PARA REGISTRO, PVC, SOLDÁVEL, DN 20MM X 1/2 , INSTALADO EM RAMAL OU SUB-RAMAL DE ÁGUA - FORNECIMENTO E INSTALAÇÃO. AF_06/2022","UN",0.7279,5.45,{"v":3.967,"d":"3.97"}]
[89393,"TE, PVC, SOLDÁVEL, DN 20MM, INSTALADO EM RAMAL OU SUB-RAMAL DE ÁGUA - FORNECIMENTO E INSTALAÇÃO. AF_06/2022","UN",0.0776,10.55,{"v":0.818,"d":"0.82"}]
[89397,"TÊ DE REDUÇÃO, PVC, SOLDÁVEL, DN 25MM X 20MM, INSTALADO EM RAMAL OU SUB-RAMAL DE ÁGUA - FORNECIMENTO E INSTALAÇÃO. AF_06/2022","UN",0.3302,14.11,{"v":4.659,"d":"4.66"}]
[89401,"TUBO, PVC, SOLDÁVEL, DN 20MM, INSTALADO EM RAMAL DE DISTRIBUIÇÃO DE ÁGUA - FORNECIMENTO E INSTALAÇÃO. AF_06/2022","M",0.1755,10.09,1.77]
[89404,"JOELHO 90 GRAUS, PVC, SOLDÁVEL, DN 20MM, INSTALADO EM RAMAL DE DISTRIBUIÇÃO DE ÁGUA - FORNECIMENTO E INSTALAÇÃO. AF_06/2022","UN",0.0169,6.94,{"v":0.117,"d":"0.12"}]
[89405,"JOELHO 45 GRAUS, PVC, SOLDÁVEL, DN 20MM, INSTALADO EM RAMAL DE DISTRIBUIÇÃO DE ÁGUA - FORNECIMENTO E INSTALAÇÃO. AF_06/2022","UN",0.0083,7.46,{"v":0.061,"d":"0.06"}]
[89417,"LUVA, PVC, SOLDÁVEL, DN 20MM, INSTALADO EM RAMAL DE DISTRIBUIÇÃO DE ÁGUA - FORNECIMENTO E INSTALAÇÃO. AF_06/2022","UN",0.0247,5.29,0.13]
["COMP 06.1","ADAPTADOR CURTO COM BOLSA E ROSCA PARA REGISTRO, PVC, SOLDÁVEL, DN 20MM X 1/2\u0094, INSTALADO EM RAMAL DE DISTRIBUIÇÃO DE ÁGUA - FORNECIMENTO E INSTALAÇÃO. AF_12/2014","UN",0.1617,{"v":4.234,"d":"4.23 "},{"v":0.684,"d":"0.68"}]
[89438,"TE, PVC, SOLDÁVEL, DN 20MM, INSTALADO EM RAMAL DE DISTRIBUIÇÃO DE ÁGUA - FORNECIMENTO E INSTALAÇÃO. AF_06/2022","UN",0.0025,9.68,{"v":0.024,"d":"0.02"}]
[89442,"TÊ DE REDUÇÃO, PVC, SOLDÁVEL, DN 25MM X 20MM, INSTALADO EM RAMAL DE DISTRIBUIÇÃO DE ÁGUA - FORNECIMENTO E INSTALAÇÃO. AF_06/2022","UN",0.0023,13.18,0.03]
[90436,"FURO MANUAL EM ALVENARIA, PARA INSTALAÇÕES HIDRÁULICAS, DIÂMETROS MENORES OU IGUAIS A 40 MM. AF_09/2023","UN",0.0056,13.73,{"v":0.076,"d":"0.08"}]
[90443,"RASGO LINEAR MANUAL EM ALVENARIA, PARA RAMAIS/ DISTRIBUIÇÃO DE INSTALAÇÕES HIDRÁULICAS, DIÂMETROS MENORES OU IGUAIS A 40 MM. AF_09/2023","M",0.2924,7.37,{"v":2.154,"d":"2.15"}]
[90466,"CHUMBAMENTO LINEAR EM ALVENARIA PARA RAMAIS/DISTRIBUIÇÃO DE INSTALAÇÕES HIDRÁULICAS COM DIÂMETROS MENORES OU IGUAIS A 40 MM. AF_09/2023","M",0.2924,14.77,{"v":4.318,"d":"4.32"}]
[91190,"CHUMBAMENTO PONTUAL EM PASSAGEM DE TUBO COM DIÂMETRO MENOR OU IGUAL A 40 MM. AF_09/2023","UN",0.0056,10.43,{"v":0.058,"d":"0.06"}]
["TOTAL DO SERVIÇO >>>",{"$nulls":4},{"v":43.231,"d":"43.23 "}]
[]
["COMPOSIÇÃO 06.1","ADAPTADOR CURTO COM BOLSA E ROSCA PARA REGISTRO, PVC, SOLDÁVEL, DN 20MM X 1/2\u0094, INSTALADO EM RAMAL DE DISTRIBUIÇÃO DE ÁGUA - FORNECIMENTO E INSTALAÇÃO. AF_12/2014","M2","Qtde ","SISTEMA NÃO DESON"]
["89422/SINAPI-04/2020","Equipamentos                  ","unidades",null,"Custo Unit ","Custo Total "]
[107,"ADAPTADOR PVC SOLDAVEL CURTO COM BOLSA E ROSCA, 20 MM X 1/2\", PARA AGUA FRIA                                                                                                                                                                                                                                                                                                                                                                                                                              ","UN    ",{"v":1,"d":"1.00"},0.77,0.77]
[122,"ADESIVO PLASTICO PARA PVC, FRASCO COM *850* GR                                                                                                                                                                                                                                                                                                                                                                                                                                                            ","UN    ",0.006,76.79,0.46]
[20083,"SOLUCAO PREPARADORA / LIMPADORA PARA PVC, FRASCO COM 1000 CM3                                                                                                                                                                                                                                                                                                                                                                                                                                             ","UN    ",0.006,87,{"v":0.522,"d":"0.52"}]
[38383,"LIXA D'AGUA EM FOLHA, GRAO 100                                                                                                                                                                                                                                                                                                                                                                                                                                                                            ","UN    ",0.026,2.6,{"v":0.067,"d":"0.07"}]
[88248,"AUXILIAR DE ENCANADOR OU BOMBEIRO HIDRÁULICO COM ENCARGOS COMPLEMENTARES","H",0.052,20.92,{"v":1.087,"d":"1.09"}]
[88267,"ENCANADOR OU BOMBEIRO HIDRÁULICO COM ENCARGOS COMPLEMENTARES","H",0.052,25.55,{"v":1.328,"d":"1.33"}]
["TOTAL DO SERVIÇO >>>",{"$nulls":4},{"v":4.234,"d":"4.23 "}]
[]
["COMPOSIÇÃO 07","CAIXA D´ÁGUA EM POLIETILENO, 1000 LITROS, COM ACESSÓRIOS","M2","Qtde ","SISTEMA NÃO DESON"]
["88503/SINAPI-04/2020","Equipamentos                  ","unidades",null,"Custo Unit ","Custo Total "]
[67,"ADAPTADOR PVC, ROSCAVEL, COM FLANGES E ANEL DE VEDACAO, 1/2\", PARA CAIXA D' AGUA                                                                                                                                                                                                                                                                                                                                                                                                                          ","UN    ",{"v":1,"d":"1.000"},15.46,15.46]
[97,"ADAPTADOR PVC SOLDAVEL, COM FLANGE E ANEL DE VEDACAO, 32 MM X 1\", PARA CAIXA D'AGUA                                                                                                                                                                                                                                                                                                                                                                                                                       ","UN    ",{"v":2,"d":"2.000"},17.63,35.26]
[96,"ADAPTADOR PVC SOLDAVEL, COM FLANGE E ANEL DE VEDACAO, 25 MM X 3/4\", PARA CAIXA D'AGUA                                                                                                                                                                                                                                                                                                                                                                                                                     ","UN    ",{"v":1,"d":"1.000"},11.72,11.72]
[119,"ADESIVO PLASTICO PARA PVC, BISNAGA COM 75 GR                                                                                                                                                                                                                                                                                                                                                                                                                                                              ","UN    ",{"v":0.4,"d":"0.400"},9.98,{"v":3.992,"d":"3.99"}]
[3146,"FITA VEDA ROSCA EM ROLOS DE 18 MM X 10 M (L X C)                                                                                                                                                                                                                                                                                                                                                                                                                                                          ","UN    ",{"v":0.3,"d":"0.300"},3.92,{"v":1.176,"d":"1.18"}]
[3536,"JOELHO PVC, SOLDAVEL, 90 GRAUS, 32 MM, COR MARROM, PARA AGUA FRIA PREDIAL                                                                                                                                                                                                                                                                                                                                                                                                                                 ","UN    ",{"v":1,"d":"1.000"},2.3,{"v":2.3,"d":"2.30"}]
[7140,"TE SOLDAVEL, PVC, 90 GRAUS, 32 MM, PARA AGUA FRIA PREDIAL (NBR 5648)                                                                                                                                                                                                                                                                                                                                                                                                                                      ","UN    ",{"v":1,"d":"1.000"},3.59,3.59]
[9868,"TUBO PVC, SOLDAVEL, DE 25 MM, AGUA FRIA (NBR-5648)                                                                                                                                                                                                                                                                                                                                                                                                                                                        ","M     ",{"v":1.5,"d":"1.500"},3.95,{"v":5.925,"d":"5.93"}]
[9869,"TUBO PVC, SOLDAVEL, DE 32 MM, AGUA FRIA (NBR-5648)                                                                                                                                                                                                                                                                                                                                                                                                                                                        ","M     ",{"v":2,"d":"2.000"},8.52,17.04]
[11675,"REGISTRO DE ESFERA, PVC, COM VOLANTE, VS, SOLDAVEL, DN 32 MM, COM CORPO DIVIDIDO                                                                                                                                                                                                                                                                                                                                                                                                                          ","UN    ",{"v":1,"d":"1.000"},30.42,30.42]
[11829,"TORNEIRA DE BOIA CONVENCIONAL PARA CAIXA D'AGUA, AGUA FRIA, 1/2\", COM HASTE E TORNEIRA METALICOS E BALAO PLASTICO                                                                                                                                                                                                                                                                                                                                                                                         ","UN    ",{"v":1,"d":"1.000"},29.04,29.04]
[34636,"CAIXA D'AGUA / RESERVATORIO EM POLIETILENO, 1000 LITROS, COM TAMPA                                                                                                                                                                                                                                                                                                                                                                                                                                        ","UN    ",{"v":1,"d":"1.000"},402.45,402.45]
[88248,"AUXILIAR DE ENCANADOR OU BOMBEIRO HIDRÁULICO COM ENCARGOS COMPLEMENTARES","H",{"v":7.7,"d":"7.700"},20.92,{"v":161.084,"d":"161.08"}]
[88267,"ENCANADOR OU BOMBEIRO HIDRÁULICO COM ENCARGOS COMPLEMENTARES","H",{"v":7.7,"d":"7.700"},25.55,{"v":196.735,"d":"196.74"}]
["TOTAL DO SERVIÇO >>>",{"$nulls":4},{"v":916.192,"d":"916.19 "}]
[]
["COMPOSIÇÃO 08","DO SERVIÇO DE INSTALAÇÃO DE TUBO DE PVC, SÉRIE NORMAL, ESGOTO PREDIAL, DN 40 MM (INSTALADO EM RAMAL DE DESCARGA OU RAMAL DE ESGOTO SANITÁRIO), INCLUSIVE CONEXÕES, CORTES E FIXAÇÕES, PARA PRÉDIOS.","M2","Qtde ","SISTEMA NÃO DESON"]
["91792/SINAPI-04/2020","Equipamentos                  ","unidades",null,"Custo Unit ","Custo Total "]
[89711,"TUBO PVC, SERIE NORMAL, ESGOTO PREDIAL, DN 40 MM, FORNECIDO E INSTALADO EM RAMAL DE DESCARGA OU RAMAL DE ESGOTO SANITÁRIO. AF_08/2022","M",{"v":1,"d":"1.000"},20.27,20.27]
[89724,"JOELHO 90 GRAUS, PVC, SERIE NORMAL, ESGOTO PREDIAL, DN 40 MM, JUNTA SOLDÁVEL, FORNECIDO E INSTALADO EM RAMAL DE DESCARGA OU RAMAL DE ESGOTO SANITÁRIO. AF_08/2022","UN",{"v":0.8584,"d":"0.858"},10,{"v":8.584,"d":"8.58"}]
[89726,"JOELHO 45 GRAUS, PVC, SERIE NORMAL, ESGOTO PREDIAL, DN 40 MM, JUNTA SOLDÁVEL, FORNECIDO E INSTALADO EM RAMAL DE DESCARGA OU RAMAL DE ESGOTO SANITÁRIO. AF_08/2022","UN",{"v":0.7691,"d":"0.769"},10.22,7.86]
[89752,"LUVA SIMPLES, PVC, SERIE NORMAL, ESGOTO PREDIAL, DN 40 MM, JUNTA SOLDÁVEL, FORNECIDO E INSTALADO EM RAMAL DE DESCARGA OU RAMAL DE ESGOTO SANITÁRIO. AF_08/2022","UN",{"v":0.2924,"d":"0.292"},7.54,{"v":2.204,"d":"2.20"}]
[89783,"JUNÇÃO SIMPLES, PVC, SERIE NORMAL, ESGOTO PREDIAL, DN 40 MM, JUNTA SOLDÁVEL, FORNECIDO E INSTALADO EM RAMAL DE DESCARGA OU RAMAL DE ESGOTO SANITÁRIO. AF_08/2022","UN",{"v":0.3116,"d":"0.312"},14.61,{"v":4.552,"d":"4.55"}]
[90436,"FURO MANUAL EM ALVENARIA, PARA INSTALAÇÕES HIDRÁULICAS, DIÂMETROS MENORES OU IGUAIS A 40 MM. AF_09/2023","UN",{"v":0.2596,"d":"0.260"},13.73,{"v":3.564,"d":"3.56"}]
[90443,"RASGO LINEAR MANUAL EM ALVENARIA, PARA RAMAIS/ DISTRIBUIÇÃO DE INSTALAÇÕES HIDRÁULICAS, DIÂMETROS MENORES OU IGUAIS A 40 MM. AF_09/2023","M",{"v":0.2609,"d":"0.261"},7.37,{"v":1.922,"d":"1.92"}]
[90453,"PASSANTE TIPO TUBO COM DIÂMETRO DE 40 MM, FIXADO EM LAJE, PARA PASSAGEM DE TUBULAÇÕES COM NO MÁXIMO 32 MM DE DIÂMETRO. AF_09/2023","UN",{"v":0.2222,"d":"0.222"},3.81,{"v":0.846,"d":"0.85"}]
[90466,"CHUMBAMENTO LINEAR EM ALVENARIA PARA RAMAIS/DISTRIBUIÇÃO DE INSTALAÇÕES HIDRÁULICAS COM DIÂMETROS MENORES OU IGUAIS A 40 MM. AF_09/2023","M",{"v":0.2609,"d":"0.261"},14.77,{"v":3.853,"d":"3.85"}]
[91185,"FIXAÇÃO DE TUBOS HORIZONTAIS DE PVC ÁGUA, PVC ESGOTO, PVC ÁGUA PLUVIAL, CPVC, PPR, COBRE OU AÇO, DIÂMETROS MENORES OU IGUAIS A 40 MM, COM ABRAÇADEIRA METÁLICA FLEXÍVEL 18 MM, FIXADA DIRETAMENTE NA LAJE. AF_09/2023","M",{"v":0.8022,"d":"0.802"},22.98,{"v":18.434,"d":"18.43"}]
[91190,"CHUMBAMENTO PONTUAL EM PASSAGEM DE TUBO COM DIÂMETRO MENOR OU IGUAL A 40 MM. AF_09/2023","UN",{"v":0.2596,"d":"0.260"},10.43,{"v":2.707,"d":"2.71"}]
["TOTAL DO SERVIÇO >>>",{"$nulls":4},{"v":74.796,"d":"74.80 "}]
[]
["COMPOSIÇÃO 09","SERVIÇO DE INSTALAÇÃO DE TUBO DE PVC, SÉRIE NORMAL, ESGOTO PREDIAL, DN 50 MM (INSTALADO EM RAMAL DE DESCARGA OU RAMAL DE ESGOTO SANITÁRIO), INCLUSIVE CONEXÕES, CORTES E FIXAÇÕES PARA, PRÉDIOS.","M2","Qtde ","SISTEMA NÃO DESON"]
["91793/SINAPI-04/2020","Equipamentos                  ","unidades",null,"Custo Unit ","Custo Total "]
[89712,"TUBO PVC, SERIE NORMAL, ESGOTO PREDIAL, DN 50 MM, FORNECIDO E INSTALADO EM RAMAL DE DESCARGA OU RAMAL DE ESGOTO SANITÁRIO. AF_08/2022","M",1,25.79,25.79]
[89731,"JOELHO 90 GRAUS, PVC, SERIE NORMAL, ESGOTO PREDIAL, DN 50 MM, JUNTA ELÁSTICA, FORNECIDO E INSTALADO EM RAMAL DE DESCARGA OU RAMAL DE ESGOTO SANITÁRIO. AF_08/2022","UN",1.4223,14.48,{"v":20.594,"d":"20.59"}]
[89732,"JOELHO 45 GRAUS, PVC, SERIE NORMAL, ESGOTO PREDIAL, DN 50 MM, JUNTA ELÁSTICA, FORNECIDO E INSTALADO EM RAMAL DE DESCARGA OU RAMAL DE ESGOTO SANITÁRIO. AF_08/2022","UN",1.4991,15.18,{"v":22.756,"d":"22.76"}]
[89753,"LUVA SIMPLES, PVC, SERIE NORMAL, ESGOTO PREDIAL, DN 50 MM, JUNTA ELÁSTICA, FORNECIDO E INSTALADO EM RAMAL DE DESCARGA OU RAMAL DE ESGOTO SANITÁRIO. AF_08/2022","UN",1.2919,9.07,{"v":11.717,"d":"11.72"}]
[89784,"TE, PVC, SERIE NORMAL, ESGOTO PREDIAL, DN 50 X 50 MM, JUNTA ELÁSTICA, FORNECIDO E INSTALADO EM RAMAL DE DESCARGA OU RAMAL DE ESGOTO SANITÁRIO. AF_08/2022","UN",0.07,23.47,{"v":1.642,"d":"1.64"}]
[89813,"LUVA SIMPLES, PVC, SERIE NORMAL, ESGOTO PREDIAL, DN 50 MM, JUNTA ELÁSTICA, FORNECIDO E INSTALADO EM PRUMADA DE ESGOTO SANITÁRIO OU VENTILAÇÃO. AF_08/2022","UN",0.0278,5.78,0.16]
[90437,"FURO MANUAL EM ALVENARIA, PARA INSTALAÇÕES HIDRÁULICAS, DIÂMETROS MAIORES QUE 40 MM E MENORES OU IGUAIS A 75 MM. AF_09/2023","UN",0.1718,36.6,{"v":6.287,"d":"6.29"}]
[90454,"PASSANTE TIPO TUBO COM DIÂMETRO DE 75 MM, FIXADO EM LAJE, PARA PASSAGEM DE TUBULAÇÕES COM NO MÁXIMO 50 MM DE DIÂMETRO. AF_09/2023","UN",0.0421,6.05,{"v":0.254,"d":"0.25"}]
[90467,"CHUMBAMENTO LINEAR EM ALVENARIA PARA RAMAIS/DISTRIBUIÇÃO DE INSTALAÇÕES HIDRÁULICAS COM DIÂMETROS MAIORES QUE 40 MM E MENORES OU IGUAIS A 75 MM. AF_09/2023","M",0.1074,22.23,{"v":2.387,"d":"2.39"}]
[91186,"FIXAÇÃO DE TUBOS HORIZONTAIS DE PVC ÁGUA, PVC ESGOTO, PVC ÁGUA PLUVIAL, CPVC, PPR, COBRE OU AÇO, DIÂMETROS MAIORES QUE 40 MM E MENORES OU IGUAIS A 75 MM, COM ABRAÇADEIRA METÁLICA FLEXÍVEL 18 MM, FIXADA DIRETAMENTE NA LAJE. AF_09/2023","M",0.0353,25.29,{"v":0.892,"d":"0.89"}]
[91191,"CHUMBAMENTO PONTUAL EM PASSAGEM DE TUBO COM DIÂMETROS ENTRE 40 MM E 75 MM. AF_09/2023","UN",0.1718,14.8,{"v":2.542,"d":"2.54"}]
[91222,"RASGO LINEAR MANUAL EM ALVENARIA, PARA RAMAIS/ DISTRIBUIÇÃO DE INSTALAÇÕES HIDRÁULICAS, DIÂMETROS MAIORES QUE 40 MM E MENORES OU IGUAIS A 75 MM. AF_09/2023","M",0.1074,8.19,{"v":0.879,"d":"0.88"}]
["TOTAL DO SERVIÇO >>>",{"$nulls":4},{"v":95.9,"d":"95.90 "}]
[]
["COMPOSIÇÃO 10","DO SERVIÇO DE INST. TUBO PVC, SÉRIE N, ESGOTO PREDIAL, 100 MM (INST. RAMAL DESCARGA, RAMAL DE ESG. SANIT., PRUMADA ESG. SANIT., VENTILAÇÃO OU SUB-COLETOR AÉREO), INCL. CONEXÕES E CORTES, FIXAÇÕES, P/ PRÉDIOS. ","M2","Qtde ","SISTEMA NÃO DESON"]
["91795/SINAPI-04/2020","Equipamentos                  ","unidades",null,"Custo Unit ","Custo Total "]
[89714,"TUBO PVC, SERIE NORMAL, ESGOTO PREDIAL, DN 100 MM, FORNECIDO E INSTALADO EM RAMAL DE DESCARGA OU RAMAL DE ESGOTO SANITÁRIO. AF_08/2022","M",0.1846,35.9,{"v":6.627,"d":"6.63"}]
[89746,"JOELHO 45 GRAUS, PVC, SERIE NORMAL, ESGOTO PREDIAL, DN 100 MM, JUNTA ELÁSTICA, FORNECIDO E INSTALADO EM RAMAL DE DESCARGA OU RAMAL DE ESGOTO SANITÁRIO. AF_08/2022","UN",0.0653,27.68,{"v":1.807,"d":"1.81"}]
[89748,"CURVA CURTA 90 GRAUS, PVC, SERIE NORMAL, ESGOTO PREDIAL, DN 100 MM, JUNTA ELÁSTICA, FORNECIDO E INSTALADO EM RAMAL DE DESCARGA OU RAMAL DE ESGOTO SANITÁRIO. AF_08/2022","UN",0.2122,41.39,{"v":8.782,"d":"8.78"}]
[89778,"LUVA SIMPLES, PVC, SERIE NORMAL, ESGOTO PREDIAL, DN 100 MM, JUNTA ELÁSTICA, FORNECIDO E INSTALADO EM RAMAL DE DESCARGA OU RAMAL DE ESGOTO SANITÁRIO. AF_08/2022","UN",0.0982,17.67,{"v":1.735,"d":"1.74"}]
[89796,"TE, PVC, SERIE NORMAL, ESGOTO PREDIAL, DN 100 X 100 MM, JUNTA ELÁSTICA, FORNECIDO E INSTALADO EM RAMAL DE DESCARGA OU RAMAL DE ESGOTO SANITÁRIO. AF_08/2022","UN",0.0478,42.24,{"v":2.019,"d":"2.02"}]
[89797,"JUNÇÃO SIMPLES, PVC, SERIE NORMAL, ESGOTO PREDIAL, DN 100 X 100 MM, JUNTA ELÁSTICA, FORNECIDO E INSTALADO EM RAMAL DE DESCARGA OU RAMAL DE ESGOTO SANITÁRIO. AF_08/2022","UN",0.1086,50,5.43]
[89800,"TUBO PVC, SERIE NORMAL, ESGOTO PREDIAL, DN 100 MM, FORNECIDO E INSTALADO EM PRUMADA DE ESGOTO SANITÁRIO OU VENTILAÇÃO. AF_08/2022","M",0.561,27.45,{"v":15.399,"d":"15.40"}]
[89810,"JOELHO 45 GRAUS, PVC, SERIE NORMAL, ESGOTO PREDIAL, DN 100 MM, JUNTA ELÁSTICA, FORNECIDO E INSTALADO EM PRUMADA DE ESGOTO SANITÁRIO OU VENTILAÇÃO. AF_08/2022","UN",0.0085,28.82,{"v":0.244,"d":"0.24"}]
[89821,"LUVA SIMPLES, PVC, SERIE NORMAL, ESGOTO PREDIAL, DN 100 MM, JUNTA ELÁSTICA, FORNECIDO E INSTALADO EM PRUMADA DE ESGOTO SANITÁRIO OU VENTILAÇÃO. AF_08/2022","UN",0.2392,18.42,{"v":4.406,"d":"4.41"}]
[89833,"TE, PVC, SERIE NORMAL, ESGOTO PREDIAL, DN 100 X 100 MM, JUNTA ELÁSTICA, FORNECIDO E INSTALADO EM PRUMADA DE ESGOTO SANITÁRIO OU VENTILAÇÃO. AF_08/2022","UN",0.0598,43.75,{"v":2.616,"d":"2.62"}]
[89834,"JUNÇÃO SIMPLES, PVC, SERIE NORMAL, ESGOTO PREDIAL, DN 100 X 100 MM, JUNTA ELÁSTICA, FORNECIDO E INSTALADO EM PRUMADA DE ESGOTO SANITÁRIO OU VENTILAÇÃO. AF_08/2022","UN",0.0311,51.51,{"v":1.601,"d":"1.60"}]
[89848,"TUBO PVC, SERIE NORMAL, ESGOTO PREDIAL, DN 100 MM, FORNECIDO E INSTALADO EM SUBCOLETOR AÉREO DE ESGOTO SANITÁRIO. AF_08/2022","M",0.2544,26.36,{"v":6.705,"d":"6.71"}]
[89851,"JOELHO 45 GRAUS, PVC, SERIE NORMAL, ESGOTO PREDIAL, DN 100 MM, JUNTA ELÁSTICA, FORNECIDO E INSTALADO EM SUBCOLETOR AÉREO DE ESGOTO SANITÁRIO. AF_08/2022","UN",0.0178,31.62,{"v":0.562,"d":"0.56"}]
[89856,"LUVA SIMPLES, PVC, SERIE NORMAL, ESGOTO PREDIAL, DN 100 MM, JUNTA ELÁSTICA, FORNECIDO E INSTALADO EM SUBCOLETOR AÉREO DE ESGOTO SANITÁRIO. AF_08/2022","UN",0.1267,20.3,{"v":2.572,"d":"2.57"}]
[89861,"JUNÇÃO SIMPLES, PVC, SERIE NORMAL, ESGOTO PREDIAL, DN 100 X 100 MM, JUNTA ELÁSTICA, FORNECIDO E INSTALADO EM SUBCOLETOR AÉREO DE ESGOTO SANITÁRIO. AF_08/2022","UN",0.0008,55.24,{"v":0.044,"d":"0.04"}]
[90438,"FURO MANUAL EM ALVENARIA, PARA INSTALAÇÕES HIDRÁULICAS, DIÂMETROS MAIORES QUE 75 MM E MENORES OU IGUAIS A 100 MM. AF_09/2023","UN",0.09995,53.45,{"v":5.342,"d":"5.34"}]
[90455,"PASSANTE TIPO TUBO COM DIÂMETRO DE 100 MM, FIXADO EM LAJE, PARA PASSAGEM DE TUBULAÇÕES COM NO MÁXIMO 75 MM DE DIÂMETRO. AF_09/2023","UN",0.2323,7.69,{"v":1.786,"d":"1.79"}]
[91187,"FIXAÇÃO DE TUBOS HORIZONTAIS DE PVC ÁGUA, PVC ESGOTO, PVC ÁGUA PLUVIAL, CPVC, PPR, COBRE OU AÇO, DIÂMETROS MAIORES QUE 75 MM E MENORES OU IGUAIS A 100 MM, COM ABRAÇADEIRA METÁLICA FLEXÍVEL 18 MM, FIXADA DIRETAMENTE NA LAJE. AF_09/2023","M",0.1239,22.7,{"v":2.812,"d":"2.81"}]
[91192,"CHUMBAMENTO PONTUAL EM PASSAGEM DE TUBO COM DIÂMETRO MAIOR QUE 75 MM E MENORES OU IGUAIS A 150 MM. AF_09/2023","UN",0.0995,22.62,2.25]
["TOTAL DO SERVIÇO >>>",{"$nulls":4},{"v":72.739,"d":"72.74 "}]
[]
["COMPOSIÇÃO 11","SERVIÇO DE INSTALAÇÃO DE TUBO DE PVC, SÉRIE NORMAL, ESGOTO PREDIAL, DN 150 MM (INSTALADO EM SUB-COLETOR AÉREO), INCLUSIVE CONEXÕES, CORTES E FIXAÇÕES, PARA PRÉDIOS. ","M2","Qtde ","SISTEMA NÃO DESON"]
["91796/SINAPI-04/2020","Equipamentos                  ","unidades",null,"Custo Unit ","Custo Total "]
[89849,"TUBO PVC, SERIE NORMAL, ESGOTO PREDIAL, DN 150 MM, FORNECIDO E INSTALADO EM SUBCOLETOR AÉREO DE ESGOTO SANITÁRIO. AF_08/2022","M",1,54.23,54.23]
[89855,"JOELHO 45 GRAUS, PVC, SERIE NORMAL, ESGOTO PREDIAL, DN 150 MM, JUNTA ELÁSTICA, FORNECIDO E INSTALADO EM SUBCOLETOR AÉREO DE ESGOTO SANITÁRIO. AF_08/2022","UN",0.0111,107.46,{"v":1.192,"d":"1.19"}]
[90438,"FURO MANUAL EM ALVENARIA, PARA INSTALAÇÕES HIDRÁULICAS, DIÂMETROS MAIORES QUE 75 MM E MENORES OU IGUAIS A 100 MM. AF_09/2023","UN",0.0896,53.45,{"v":4.789,"d":"4.79"}]
[91189,"CHUMBAMENTO PONTUAL DE ABERTURA EM LAJE COM PASSAGEM DE 5 TUBOS COM  DIÂMETROS DE  50 MM. AF_09/2023","UN",0.1715,73.89,{"v":12.672,"d":"12.67"}]
[91192,"CHUMBAMENTO PONTUAL EM PASSAGEM DE TUBO COM DIÂMETRO MAIOR QUE 75 MM E MENORES OU IGUAIS A 150 MM. AF_09/2023","UN",0.0896,22.62,{"v":2.026,"d":"2.03"}]
["TOTAL DO SERVIÇO >>>",{"$nulls":4},{"v":74.909,"d":"74.91 "}]
[]
["COMPOSIÇÃO 12","CAIXA DE INSPEÇÃO EM CONCRETO PRÉ-MOLDADO DN 60CM COM TAMPA H= 60CM - FORNECIMENTO E INSTALACAO","M2","Qtde ","SISTEMA NÃO DESON"]
[" 74166-001 /SINAPI-04/2020","Equipamentos                  ","unidades",null,"Custo Unit ","Custo Total "]
[370,"AREIA MEDIA - POSTO JAZIDA/FORNECEDOR (RETIRADO NA JAZIDA, SEM TRANSPORTE)                                                                                                                                                                                                                                                                                                                                                                                                                                ","M3    ",1,140,{"v":140,"d":"140.00"}]
[1379,"CIMENTO PORTLAND COMPOSTO CP II-32                                                                                                                                                                                                                                                                                                                                                                                                                                                                        ","KG    ",0.0111,0.84,{"v":0.009,"d":"0.01"}]
[41629,"CAIXA DE CONCRETO ARMADO PRE-MOLDADO, COM FUNDO E TAMPA, DIMENSOES DE 0,60 X 0,60 X 0,50 M                                                                                                                                                                                                                                                                                                                                                                                                                ","UN    ",0.0896,444.1,{"v":39.791,"d":"39.79"}]
[88248,"AUXILIAR DE ENCANADOR OU BOMBEIRO HIDRÁULICO COM ENCARGOS COMPLEMENTARES","H",0.0896,20.92,{"v":1.874,"d":"1.87"}]
[88267,"ENCANADOR OU BOMBEIRO HIDRÁULICO COM ENCARGOS COMPLEMENTARES","H",0.0896,25.55,{"v":2.289,"d":"2.29"}]
[88309,"PEDREIRO COM ENCARGOS COMPLEMENTARES","H",0.1715,25.62,{"v":4.393,"d":"4.39"}]
[88316,"SERVENTE COM ENCARGOS COMPLEMENTARES","H",0.0896,20.32,1.82]
["TOTAL DO SERVIÇO >>>",{"$nulls":4},{"v":190.176,"d":"190.18 "}]
[]
["COMPOSIÇÃO 13","PINTURA ACRILICA EM PISO CIMENTADO DUAS DEMAOS","M2","Qtde ","SISTEMA NÃO DESON"]
[" 74245-001 /SINAPI-04/2020","Equipamentos                  ","unidades",null,"Custo Unit ","Custo Total "]
[7348,"TINTA ACRILICA PREMIUM PARA PISO                                                                                                                                                                                                                                                                                                                                                                                                                                                                          ","L     ",0.17,18.02,{"v":3.063,"d":"3.06"}]
[88310,"PINTOR COM ENCARGOS COMPLEMENTARES","H",0.35,27.11,{"v":9.488,"d":"9.49"}]
[88316,"SERVENTE COM ENCARGOS COMPLEMENTARES","H",0.25,20.32,5.08]
["TOTAL DO SERVIÇO >>>",{"$nulls":4},{"v":17.631,"d":"17.63 "}]
[]
["COMPOSIÇÃO 14","PINTURA ESMALTE ACETINADO EM MADEIRA, DUAS DEMAOS","M2","Qtde ","SISTEMA NÃO DESON"]
["  73739-001 /SINAPI-04/2020","Equipamentos                  ","unidades",null,"Custo Unit ","Custo Total "]
[3767,"LIXA EM FOLHA PARA PAREDE OU MADEIRA, NUMERO 120, COR VERMELHA                                                                                                                                                                                                                                                                                                                                                                                                                                            ","UN    ",0.4,1.16,{"v":0.464,"d":"0.46"}]
[5318,"DILUENTE AGUARRAS                                                                                                                                                                                                                                                                                                                                                                                                                                                                                         ","L     ",0.04,19.47,{"v":0.778,"d":"0.78"}]
[7311,"TINTA ESMALTE SINTETICO PREMIUM ACETINADO                                                                                                                                                                                                                                                                                                                                                                                                                                                                 ","L     ",0.16,34.42,{"v":5.507,"d":"5.51"}]
[88310,"PINTOR COM ENCARGOS COMPLEMENTARES","H",0.4,27.11,{"v":10.844,"d":"10.84"}]
[88316,"SERVENTE COM ENCARGOS COMPLEMENTARES","H",0.2,20.32,{"v":4.064,"d":"4.06"}]
["TOTAL DO SERVIÇO >>>",{"$nulls":4},{"v":21.657,"d":"21.66 "}]
[]
["COMPOSIÇÃO 15","CAIXA DE PASSAGEM 30X30X40 COM TAMPA E DRENO BRITA","M2","Qtde ","SISTEMA NÃO DESON"]
["  73739-001 /SINAPI-04/2020","Equipamentos                  ","unidades",null,"Custo Unit ","Custo Total "]
[370,"AREIA MEDIA - POSTO JAZIDA/FORNECEDOR (RETIRADO NA JAZIDA, SEM TRANSPORTE)                                                                                                                                                                                                                                                                                                                                                                                                                                ","M3    ",0.0653,140,{"v":9.142,"d":"9.14"}]
[1106,"CAL HIDRATADA CH-I PARA ARGAMASSAS                                                                                                                                                                                                                                                                                                                                                                                                                                                                        ","KG    ",3.0096,1,{"v":3.009,"d":"3.01"}]
[1358,"CHAPA/PAINEL DE MADEIRA COMPENSADA RESINADA (MADEIRITE RESINADO ROSA) PARA FORMA DE CONCRETO, DE 2200 x 1100 MM, E = 17 MM                                                                                                                                                                                                                                                                                                                                                                                ","M2    ",0.06,59.03,{"v":3.541,"d":"3.54"}]
[1379,"CIMENTO PORTLAND COMPOSTO CP II-32                                                                                                                                                                                                                                                                                                                                                                                                                                                                        ","KG    ",18.5084,0.84,{"v":15.547,"d":"15.55"}]
[4721,"PEDRA BRITADA N. 1 (9,5 a 19 MM) POSTO PEDREIRA/FORNECEDOR, SEM FRETE                                                                                                                                                                                                                                                                                                                                                                                                                                     ","M3    ",0.0365,144.24,{"v":5.264,"d":"5.26"}]
[4722,"PEDRA BRITADA N. 3 (38 A 50 MM) POSTO PEDREIRA/FORNECEDOR, SEM FRETE                                                                                                                                                                                                                                                                                                                                                                                                                                      ","M3    ",0.004,136.25,{"v":0.545,"d":"0.55"}]
[7258,"TIJOLO CERAMICO MACICO COMUM *5 X 10 X 20* CM (L X A X C)                                                                                                                                                                                                                                                                                                                                                                                                                                                 ","UN    ",60.48,0.81,{"v":48.988,"d":"48.99"}]
[43059,"ACO CA-60, 4,2 MM, OU 5,0 MM, OU 6,0 MM, OU 7,0 MM, VERGALHAO                                                                                                                                                                                                                                                                                                                                                                                                                                             ","KG    ",2.156,8.8,{"v":18.972,"d":"18.97"}]
[88309,"PEDREIRO COM ENCARGOS COMPLEMENTARES","H",1.6789,25.62,{"v":43.013,"d":"43.01"}]
[88316,"SERVENTE COM ENCARGOS COMPLEMENTARES","H",4.4832,20.32,{"v":91.098,"d":"91.10"}]
["TOTAL DO SERVIÇO >>>",{"$nulls":4},{"v":239.119,"d":"239.12 "}]
[]
["COMP ELT 01","ELETRODUTO FLEXÍVEL CORRUGADO REFORÇADO, PVC, DN 32 MM (1\"), INSTALADO EM VALA ESCAVADA MANUALMENTE - FORNECIMENTO E INSTALAÇÃO. REF.: SINAPI 91837","UNIDADE","Qtde ","SISTEMA NÃO DESON"]
["SINAPI 91837","Equipamentos                  ","unidades",null,"Custo Unit ","Custo Total "]
[39245,"ELETRODUTO PVC FLEXIVEL CORRUGADO, REFORCADO, COR LARANJA, DE 32 MM, PARA LAJES E PISOS                                                                                                                                                                                                                                                                                                                                                                                                                   ","M     ","1,1000000",8.29,{"v":9.119,"d":"9.12"}]
[88247,"AUXILIAR DE ELETRICISTA COM ENCARGOS COMPLEMENTARES","H","0,0900000",21.96,{"v":1.976,"d":"1.98"}]
[88264,"ELETRICISTA COM ENCARGOS COMPLEMENTARES","H","0,0900000",26.68,{"v":2.401,"d":"2.40"}]
[93358,"ESCAVAÇÃO MANUAL DE VALA COM PROFUNDIDADE MENOR OU IGUAL A 1,30 M. AF_02/2021","M3",0.06,80.38,{"v":4.822,"d":"4.82"}]
["TOTAL DO SERVIÇO >>>",{"$nulls":4},{"v":18.318,"d":"18.32 "}]
[]
["COMP ELT 02","FORNECIMENTO E INSTALAÇAO DE DISPOSITIVO DPS CLASSE II, 1 POLO, TENSAO MAXIMA DE 275 V, CORRENTE MAXIMA DE *45* KA (TIPO AC). ","UNIDADE","Qtde ","SISTEMA NÃO DESON"]
["SINAPI 93673","Equipamentos                  ","unidades",null,"Custo Unit ","Custo Total "]
[1575,"TERMINAL A COMPRESSAO EM COBRE ESTANHADO PARA CABO 16 MM2, 1 FURO E 1 COMPRESSAO, PARA PARAFUSO DE FIXACAO M6                                                                                                                                                                                                                                                                                                                                                                                             ","UN    ",3,2.39,7.17]
[88247,"AUXILIAR DE ELETRICISTA COM ENCARGOS COMPLEMENTARES","H",0.568,21.96,{"v":12.473,"d":"12.47"}]
[88264,"ELETRICISTA COM ENCARGOS COMPLEMENTARES","H",0.568,26.68,{"v":15.154,"d":"15.15"}]
[39471,"DISPOSITIVO DPS CLASSE II, 1 POLO, TENSAO MAXIMA DE 275 V, CORRENTE MAXIMA DE *45* KA (TIPO AC)                                                                                                                                                                                                                                                                                                                                                                                                           ","UN    ",1,93.24,93.24]
["TOTAL DO SERVIÇO >>>",{"$nulls":4},{"v":128.037,"d":"128.04 "}]
[]
["COMP ELT 03","FORNECIMENTO E INSTALAÇAO DE DISPOSITIVO DR, 2 POLOS, SENSIBILIDADE DE 30 MA, CORRENTE DE 25 A, TIPO AC","UNIDADE","Qtde ","SISTEMA NÃO DESON"]
["SINAPI 93666","Equipamentos                  ","unidades",null,"Custo Unit ","Custo Total "]
[1575,"TERMINAL A COMPRESSAO EM COBRE ESTANHADO PARA CABO 16 MM2, 1 FURO E 1 COMPRESSAO, PARA PARAFUSO DE FIXACAO M6                                                                                                                                                                                                                                                                                                                                                                                             ","UN    ",2,2.39,4.78]
[88247,"AUXILIAR DE ELETRICISTA COM ENCARGOS COMPLEMENTARES","H","0,3780000",21.96,{"v":8.3,"d":"8.30"}]
[88264,"ELETRICISTA COM ENCARGOS COMPLEMENTARES","H","0,3780000",26.68,{"v":10.085,"d":"10.09"}]
[39445,"DISPOSITIVO DR, 2 POLOS, SENSIBILIDADE DE 30 MA, CORRENTE DE 25 A, TIPO AC                                                                                                                                                                                                                                                                                                                                                                                                                                ","UN    ",1,124.71,124.71]
["TOTAL DO SERVIÇO >>>",{"$nulls":4},{"v":147.875,"d":"147.88 "}]
[]
["COMP ELT 04","FORNECIMENTO E INSTALAÇAO DE PADRÃO DE ENTRADA DE ENERGIA CATEGORIA \"T3\" (ENERGISA) - TRIFÁSICO - 7 METROS DE ALTURA, INCLUSO ATERRAMENTO","UNIDADE","Qtde ","SISTEMA NÃO DESON"]
[null,"Equipamentos                  ","unidades",null,"Custo Unit ","Custo Total "]
["COTAÇÃO 01","PADRÃO DE ENTRADA DE ENERGIA CATEGORIA \"T3\" (ENERGISA) - TRIFÁSICO - 7 METROS DE ALTURA, INCLUSO ATERRAMENTO","UN",1,{"v":3149.2299999999996,"d":"R$ 3,149.23"},{"v":3149.23,"d":"3,149.23"}]
[88266,"ELETROTÉCNICO COM ENCARGOS COMPLEMENTARES","H",2,32.85,{"v":65.7,"d":"65.70"}]
[88264,"ELETRICISTA COM ENCARGOS COMPLEMENTARES","H",4,26.68,106.72]
[88247,"AUXILIAR DE ELETRICISTA COM ENCARGOS COMPLEMENTARES","H",8,21.96,175.68]
["TOTAL DO SERVIÇO >>>",{"$nulls":4},{"v":3497.33,"d":"3,497.33 "}]
[]
["COTAÇÃO 01 - PADRÃO DE ENTRADA DE ENERGIA CATEGORIA \"T3\" (ENERGISA) - TRIFÁSICO - 7 METROS DE ALTURA, INCLUSO ATERRAMENTO - DATA: ABRIL/2024"]
["CNPJ","EMPRESA","ENDEREÇO","UN","PREÇO","TELEFONE"]
["39.285.595/0001-04","Imapal materiais para construção","Avenida Sao Paulo, 554, Centro - São José dos Quatro Marcos - MT","UN",{"v":3560.7,"d":"R$ 3,560.70"},"65 3251-1589"]
["32.935.165/0001-41","Comercial Lima materiais para construção","Avenida Sao Paulo, 872, Centro - São José dos Quatro Marcos - MT","UN",{"v":2750,"d":"R$ 2,750.00"},"66 3251-11141"]
["02.359.273/0001-52","HIPER JN - COMERCIO DE MATERIAIS P/ CONSTRUCAO LTDA.","RUA PRESIDENTE TANCREDO NEVES, 3733, MIRASSOL II - Mirassol D'Oeste - MT","UN",{"v":3136.99,"d":"R$ 3,136.99"},"65 99241-4494"]
["TOTAL - MEDIANA",{"$nulls":3},{"v":3149.2299999999996,"d":"R$ 3,149.23"}]
[]
["COMP HID 01","BARRA DE APOIO PARA PORTADORES DE NECESSIDADES ESPECIAIS - LARGURA 90CM","UNIDADE","Qtde ","SISTEMA NÃO DESON"]
[null,"Equipamentos                  ","unidades",null,"Custo Unit ","Custo Total "]
[88309,"PEDREIRO COM ENCARGOS COMPLEMENTARES","UN",0.5,25.62,12.81]
[88316,"SERVENTE COM ENCARGOS COMPLEMENTARES","H",0.5,20.32,10.16]
[7583,"BUCHA DE NYLON SEM ABA S8, COM PARAFUSO DE 4,80 X 50 MM EM ACO ZINCADO COM ROSCA SOBERBA, CABECA CHATA E FENDA PHILLIPS                                                                                                                                                                                                                                                                                                                                                                                   ","UN    ",6,0.41,2.46]
[36206,"BARRA DE APOIO RETA, EM ACO INOX POLIDO, COMPRIMENTO 90 CM, DIAMETRO MINIMO 3 CM                                                                                                                                                                                                                                                                                                                                                                                                                          ","UN    ",1,217.15,217.15]
["TOTAL DO SERVIÇO >>>",{"$nulls":4},{"v":242.58,"d":"242.58 "}]
[]
[]
["COMP EST 01","MONTAGEM E DESMONTAGEM DE FÔRMA DE PILARES RETANGULARES E ESTRUTURAS SIMILARES COM ÁREA MÉDIA DAS SEÇÕES MENOR OU IGUAL A 0,25 M², PÉ-DIREITO SIMPLES, EM MADEIRA SERRADA, 4 UTILIZAÇÕES. AF_12/2015","M2","Qtde ","SISTEMA NÃO DESON"]
[null,"Equipamentos                  ","unidades",null,"Custo Unit ","Custo Total "]
[2692,"DESMOLDANTE PROTETOR PARA FORMAS DE MADEIRA, DE BASE OLEOSA EMULSIONADA EM AGUA                                                                                                                                                                                                                                                                                                                                                                                                                           ","L     ",0.017,6.98,{"v":0.118,"d":"0.12"}]
[40304,"PREGO DE ACO POLIDO COM CABECA DUPLA 17 X 27 (2 1/2 X 11)                                                                                                                                                                                                                                                                                                                                                                                                                                                 ","KG    ",0.027,23.73,0.64]
[88239,"AJUDANTE DE CARPINTEIRO COM ENCARGOS COMPLEMENTARES","H",0.426,21.42,{"v":9.124,"d":"9.12"}]
[88262,"CARPINTEIRO DE FORMAS COM ENCARGOS COMPLEMENTARES","H",2.324,25.26,{"v":58.704,"d":"58.70"}]
[92269,"FABRICAÇÃO DE FÔRMA PARA PILARES E ESTRUTURAS SIMILARES, EM MADEIRA SERRADA, E=25 MM. AF_09/2020","M2",0.275,164.22,45.16]
["TOTAL DO SERVIÇO >>>",{"$nulls":4},{"v":113.746,"d":"113.75 "}]
[]
["COMP EST 02","LANÇAMENTO COM USO DE BALDES, ADENSAMENTO E ACABAMENTO DE CONCRETO EM ESTRUTURAS. AF_12/2015","M2","Qtde ","SISTEMA NÃO DESON"]
[null,"Equipamentos                  ","unidades",null,"Custo Unit ","Custo Total "]
[88262,"CARPINTEIRO DE FORMAS COM ENCARGOS COMPLEMENTARES","H",1.846,25.26,{"v":46.629,"d":"46.63"}]
[88309,"PEDREIRO COM ENCARGOS COMPLEMENTARES","H",1.846,25.62,{"v":47.294,"d":"47.29"}]
[88316,"SERVENTE COM ENCARGOS COMPLEMENTARES","H",5.538,20.32,{"v":112.532,"d":"112.53"}]
[90586,"VIBRADOR DE IMERSÃO, DIÂMETRO DE PONTEIRA 45MM, MOTOR ELÉTRICO TRIFÁSICO POTÊNCIA DE 2 CV - CHP DIURNO. AF_06/2015","CHP",0.672,1.36,{"v":0.913,"d":"0.91"}]
[90587,"VIBRADOR DE IMERSÃO, DIÂMETRO DE PONTEIRA 45MM, MOTOR ELÉTRICO TRIFÁSICO POTÊNCIA DE 2 CV - CHI DIURNO. AF_06/2015","CHI",1.174,0.49,{"v":0.575,"d":"0.58"}]
["TOTAL DO SERVIÇO >>>",{"$nulls":4},{"v":207.943,"d":"207.94 "}]
[]
["COMP EST 03","ARMAÇÃO DE PILAR OU VIGA DE UMA ESTRUTURA CONVENCIONAL DE CONCRETO ARMADO EM UMA EDIFICAÇÃO TÉRREA OU SOBRADO UTILIZANDO AÇO CA-50 DE 10,0 MM - MONTAGEM. AF_12/2015","M2","Qtde ","SISTEMA NÃO DESON"]
[92778,"Equipamentos                  ","unidades",null,"Custo Unit ","Custo Total "]
[39017,"ESPACADOR / DISTANCIADOR CIRCULAR COM ENTRADA LATERAL, EM PLASTICO, PARA VERGALHAO *4,2 A 12,5* MM, COBRIMENTO 20 MM                                                                                                                                                                                                                                                                                                                                                                                      ","UN    ",0.543,0.22,{"v":0.119,"d":"0.12"}]
[43132,"ARAME RECOZIDO 16 BWG, D = 1,65 MM (0,016 KG/M) OU 18 BWG, D = 1,25 MM (0,01 KG/M)                                                                                                                                                                                                                                                                                                                                                                                                                        ","KG    ",0.025,25.5,{"v":0.637,"d":"0.64"}]
[88238,"AJUDANTE DE ARMADOR COM ENCARGOS COMPLEMENTARES","H",0.0156,21.5,{"v":0.335,"d":"0.34"}]
[88245,"ARMADOR COM ENCARGOS COMPLEMENTARES","H",0.0956,25.4,{"v":2.428,"d":"2.43"}]
["COMP EST 03.1","CORTE E DOBRA DE AÇO CA-50, DIÂMETRO DE 10,0 MM, UTILIZADO EM ESTRUTURAS DIVERSAS, EXCETO LAJES. AF_12/2015","KG    ",{"v":1,"d":"1.000"},{"v":10.678,"d":"10.68 "},{"v":10.678,"d":"10.68"}]
["TOTAL DO SERVIÇO >>>",{"$nulls":4},{"v":14.197,"d":"14.20 "}]
[]
["COMP EST 03.1","CORTE E DOBRA DE AÇO CA-50, DIÂMETRO DE 10,0 MM, UTILIZADO EM ESTRUTURAS DIVERSAS, EXCETO LAJES. AF_12/2015","KG    ","Qtde ","SISTEMA NÃO DESON"]
[92794,"Equipamentos                  ","unidades",null,"Custo Unit ","Custo Total "]
[34,"ACO CA-50, 10,0 MM, VERGALHAO                                                                                                                                                                                                                                                                                                                                                                                                                                                                             ","KG    ","1,1100000",9.3,{"v":10.323,"d":"10.32"}]
[88238,"AJUDANTE DE ARMADOR COM ENCARGOS COMPLEMENTARES","H","0,0018000",21.5,{"v":0.038,"d":"0.04"}]
[88245,"ARMADOR COM ENCARGOS COMPLEMENTARES","H","0,0125000",25.4,{"v":0.317,"d":"0.32"}]
["TOTAL DO SERVIÇO >>>",{"$nulls":4},{"v":10.678,"d":"10.68 "}]
[]
["COMP EST 04","ARMAÇÃO DE PILAR OU VIGA DE UMA ESTRUTURA CONVENCIONAL DE CONCRETO ARMADO EM UMA EDIFICAÇÃO TÉRREA OU SOBRADO UTILIZANDO AÇO CA-50 DE 10,0 MM - MONTAGEM. AF_12/2015","M2","Qtde ","SISTEMA NÃO DESON"]
[92775,"Equipamentos                  ","unidades",null,"Custo Unit ","Custo Total "]
[39017,"ESPACADOR / DISTANCIADOR CIRCULAR COM ENTRADA LATERAL, EM PLASTICO, PARA VERGALHAO *4,2 A 12,5* MM, COBRIMENTO 20 MM                                                                                                                                                                                                                                                                                                                                                                                      ","UN    ","1,1900000",0.22,{"v":0.261,"d":"0.26"}]
[43132,"ARAME RECOZIDO 16 BWG, D = 1,65 MM (0,016 KG/M) OU 18 BWG, D = 1,25 MM (0,01 KG/M)                                                                                                                                                                                                                                                                                                                                                                                                                        ","KG    ","0,0250000",25.5,{"v":0.637,"d":"0.64"}]
[88238,"AJUDANTE DE ARMADOR COM ENCARGOS COMPLEMENTARES","H","0,0367000",21.5,{"v":0.789,"d":"0.79"}]
[88245,"ARMADOR COM ENCARGOS COMPLEMENTARES","H","0,2245000",25.4,{"v":5.702,"d":"5.70"}]
["COMP EST 04.1","CORTE E DOBRA DE AÇO CA-60, DIÂMETRO DE 5,0 MM, UTILIZADO EM ESTRUTURAS DIVERSAS, EXCETO LAJES. AF_12/2015","KG    ","1,0000000",{"v":11.601,"d":"11.60 "},{"v":11.601,"d":"11.60"}]
["TOTAL DO SERVIÇO >>>",{"$nulls":4},{"v":18.99,"d":"18.99 "}]
[]
["COMP EST 04.1","CORTE E DOBRA DE AÇO CA-60, DIÂMETRO DE 5,0 MM, UTILIZADO EM ESTRUTURAS DIVERSAS, EXCETO LAJES. AF_12/2015","KG    ","Qtde ","SISTEMA NÃO DESON"]
[92791,"Equipamentos                  ","unidades",null,"Custo Unit ","Custo Total "]
[43059,"ACO CA-60, 4,2 MM, OU 5,0 MM, OU 6,0 MM, OU 7,0 MM, VERGALHAO                                                                                                                                                                                                                                                                                                                                                                                                                                             ","KG    ","1,0700000",8.8,{"v":9.416,"d":"9.42"}]
[88238,"AJUDANTE DE ARMADOR COM ENCARGOS COMPLEMENTARES","H","0,0108000",21.5,{"v":0.232,"d":"0.23"}]
[88245,"ARMADOR COM ENCARGOS COMPLEMENTARES","H","0,0769000",25.4,{"v":1.953,"d":"1.95"}]
["TOTAL DO SERVIÇO >>>",{"$nulls":4},{"v":11.601,"d":"11.60 "}]

{"sheet":"Cálculo do BDI","index":5,"n_rows":21,"n_cols":5,"rows_kept":21,"merged":[[3,0,12,4],[13,1,13,3],[14,1,14,3],[15,1,15,3],[16,1,16,3],[17,1,17,3],[18,1,18,3],[19,1,19,3],[21,3,21,4],[22,3,22,4],[23,3,23,4],[24,0,24,4]],"flags":["formulas_cached_only"]}
["PROPRIETÁRIO:","PREFEITURA MUNICIPAL DE SÃO JOSÉ DOS QUATRO MARCOS","REFERÊNCIA:","SINAPI MT 04/2020"]
["OBRA:","CONSTRUÇÃO DA BIBLIOTECA MUNICIPAL","NÃO DESONERADA"]
["ENDEREÇO:","RUA CERES, BAIRRO JARDIM SANTA ROSA II",null,{"v":0.2496,"d":"24.96%"}]
["Senhor Diretor do Departamento do Programa Calha Norte,\n\nDeclaro, para os devidos fins, que a alternativa de incidência da contribuição previdenciária sobre folha de pagamento para a planilha orçamentária do presente Projeto Básico de Engenharia foi SEM DESONERAÇÃO, pois tornou-se a mais vantajosa para esta Administração Pública, uma vez que a meta estipulada alcançou uma maior área a ser beneficiada.\nEm ambas planilhas orçamentárias, no cálculo do BDI adotado, foram utilizados os mesmos valores de seus componentes e, ainda, declaro que os percentuais relativos aos impostos estão de acordo com o que emanam as leis pertinentes.\nPara fins de verificação do BDI em relação aos limites definidos no Acórdão 2.622/2013 do Plenário do TCU, a obra foi enquadrada como Construção de edifícios.    Ademais, informo que o percentual de BDI adotado foi obtido a partir da fórmula abaixo, seguida do memorial de cálculo do índice.            \n"]
{"$rows_empty":9}
["Item","Descrição",null,null,"Peso (%)"]
["Ac","ADMINISTRAÇÃO CENTRAL",null,null,{"v":0.05,"d":"5.00%"}]
["S+G","SEGURO+GARANTIA",null,null,{"v":0.01,"d":"1.00%"}]
["R","RISCO",null,null,{"v":0.0127,"d":"1.27%"}]
["DF","DESPESAS FINANCEIRAS",null,null,{"v":0.0139,"d":"1.39%"}]
["L","LUCRO",null,null,{"v":0.084,"d":"8.40%"}]
["I","TRIBUTOS (ISS 2%*; PIS 0,65; COFINS 3%,CPRB 0%)",null,null,{"v":0.0565,"d":"5.65%"}]
[{"$nulls":3},"BDI",{"v":0.2496,"d":"24.96%"}]

{"sheet":"CRONOGRAMA","index":6,"n_rows":66,"n_cols":22,"rows_kept":66,"merged":[[0,0,0,21],[1,0,1,21],[2,1,2,17],[2,18,3,19],[2,20,3,21],[3,1,3,17],[4,1,4,17],[4,18,5,19],[4,20,5,21],[5,1,5,17],[6,0,6,21],[7,0,9,0],[7,1,9,1],[7,2,8,3],[7,4,7,21],[8,4,8,5],[8,6,8,7],[8,8,8,9],[8,10,8,11],[8,12,8,13],[8,14,8,15],[8,16,8,17],[8,18,8,19],[8,20,8,21],[9,4,48,5],[9,6,48,7],[48,0,48,1],[49,0,49,1],[52,1,54,21],[63,6,63,10],[64,6,64,10],[65,6,65,10]],"flags":["formulas_cached_only"]}
["ESTADO DE MATO GROSSO"]
["PREFEITURA MUNICIPAL DE SÃO JOSÉ DOS QUATRO MARCOS"]
["OBRA:","CONTRUÇÃO DA BIBLIOTECA MUNICIPAL",{"$nulls":16},"BDI",null,"TABELA DE REFERENCIA "]
["LOCAL:","BAIRRO SANTA ROSA"]
["PROPR.:","PREFEITURA MUNICIPAL  DE SÃO JOSE DOS QUATRO MARCOS",{"$nulls":16},{"v":0.2496,"d":"24.96%"},null,"SINAPI - 01/2024 NÃO DESONERADO"]
["ÁREA (M²):","288,2 m²"]
["CRONOGRAMA FISICO FINANCEIRO - CONTRATO 84/2022 - Conv. 884027/2019"]
["ITEM","DESCRIÇÃO / ETAPA","PERIODO",null,"À Executar"]
[{"$nulls":4},"30 DIAS",null,"60 DIAS",null,"90 DIAS",null,"120 DIAS",null,"150 DIAS",null,"180 DIAS",null,"210 DIAS",null,"240 DIAS",null,"TOTAL"]
[null,null,"Valor(R$)","%","APROVAÇÃO DA REPROGRAMAÇÃO",null,"LICITAÇÃO",null,"Valor(R$)","%","Valor (R$)","%","Valor (R$)","%","Valor (R$)","%","Valor (R$)","%","Valor (R$)","%","Valor (R$)","%"]
[]
[" 1 ","SERVIÇOS PRELIMINARES",{"v":0,"d":"0.00"},{"v":0,"d":"0.00%"},{"$nulls":4},{"v":0,"d":"0.00"},null,{"v":0,"d":"0.00"},null,{"v":0,"d":"0.00"},null,{"v":0,"d":"0.00"},null,{"v":0,"d":"0.00"},null,{"v":0,"d":"0.00"},null,{"v":0,"d":"0.00"},{"v":0,"d":"0%"}]
[]
[" 2 ","ADIMINISTRAÇÃO LOCAL",{"v":7043.34,"d":"7,043.34"},{"v":0.02742341088557573,"d":"2.74%"},{"$nulls":4},{"v":1690.4016,"d":"1,690.40"},{"v":0.24,"d":"24.0%"},{"v":1197.3678000000002,"d":"1,197.37"},{"v":0.17,"d":"17.00%"},{"v":1619.9682,"d":"1,619.97"},{"v":0.23,"d":"23.00%"},{"v":915.6342000000001,"d":"915.63"},{"v":0.13,"d":"13.00%"},{"v":1408.6680000000001,"d":"1,408.67"},{"v":0.2,"d":"20.00%"},{"v":211.3002,"d":"211.30"},{"v":0.03,"d":"3.00%"},{"v":7043.34,"d":"7,043.34"},{"v":1,"d":"100%"}]
[]
[" 3 ","ESTRUTURAL"]
[" 3.1 ","INFRAESTRUTURA - COTA 0 A 120CM",{"v":0,"d":"0.00"},{"v":0,"d":"0.00%"},{"$nulls":4},{"v":0,"d":"0.00"},null,{"v":0,"d":"0.00"},null,{"v":0,"d":"0.00"},null,{"v":0,"d":"0.00"},null,{"v":0,"d":"0.00"},null,{"v":0,"d":"0.00"},null,{"v":0,"d":"0.00"},{"v":0,"d":"0%"}]
[" 3.2 ","SUPERESTRUTURA - PILARES DO PAVIMENTO TÉRREO",{"v":0,"d":"0.00"},{"v":0,"d":"0.00%"},{"$nulls":4},{"v":0,"d":"0.00"},null,{"v":0,"d":"0.00"},null,{"v":0,"d":"0.00"},null,{"v":0,"d":"0.00"},null,{"v":0,"d":"0.00"},null,{"v":0,"d":"0.00"},null,{"v":0,"d":"0.00"},{"v":0,"d":"0%"}]
[" 3.3 ","SUPERESTRUTURA - VIGAS DE AMARRAÇÃO E PILARES",{"v":1423.8600000000001,"d":"1,423.86"},{"v":0.005543832588450346,"d":"0.55%"},{"$nulls":4},{"v":0,"d":"0.00"},null,{"v":0,"d":"0.00"},null,{"v":0,"d":"0.00"},null,{"v":0,"d":"0.00"},null,{"v":1423.8600000000001,"d":"1,423.86"},{"v":1,"d":"100.00%"},{"v":0,"d":"0.00"},null,{"v":1423.8600000000001,"d":"1,423.86"},{"v":1,"d":"100%"}]
[" 3.4 ","LAJES",{"v":0,"d":"0.00"},{"v":0,"d":"0.00%"},{"$nulls":4},{"v":0,"d":"0.00"},null,{"v":0,"d":"0.00"},null,{"v":0,"d":"0.00"},null,{"v":0,"d":"0.00"},null,{"v":0,"d":"0.00"},null,{"v":0,"d":"0.00"},null,{"v":0,"d":"0.00"},{"v":0,"d":"0%"}]
[]
[" 4 ","ELÉTRICO"]
[" 4.1 ","INSTALAÇÃO E FORNECIMENTO DE ELETRODUTOS",{"v":5898.75,"d":"5,898.75"},{"v":0.022966922647677072,"d":"2.30%"},{"$nulls":4},{"v":0,"d":"0.00"},null,{"v":0,"d":"0.00"},null,{"v":2949.375,"d":"2,949.38"},{"v":0.5,"d":"50.00%"},{"v":2949.375,"d":"2,949.38"},{"v":0.5,"d":"50.00%"},{"v":0,"d":"0.00"},null,{"v":0,"d":"0.00"},null,{"v":5898.75,"d":"5,898.75"},{"v":1,"d":"100%"}]
[" 4.2 ","CABOS ELÉTRICOS",{"v":8267.99,"d":"8,267.99"},{"v":0.032191614627127364,"d":"3.22%"},{"$nulls":4},{"v":0,"d":"0.00"},null,{"v":0,"d":"0.00"},null,{"v":4133.995,"d":"4,134.00"},{"v":0.5,"d":"50.00%"},{"v":4133.995,"d":"4,134.00"},{"v":0.5,"d":"50.00%"},{"v":0,"d":"0.00"},null,{"v":0,"d":"0.00"},null,{"v":8267.99,"d":"8,267.99"},{"v":1,"d":"100%"}]
[" 4.3 ","INSTALAÇÃO E FORNECIMENTO DE TOMADAS E INTERRUPTORES",{"v":3225.88,"d":"3,225.88"},{"v":0.012560040081489894,"d":"1.26%"},{"$nulls":4},{"v":0,"d":"0.00"},null,{"v":0,"d":"0.00"},null,{"v":1612.94,"d":"1,612.94"},{"v":0.5,"d":"50.00%"},{"v":1612.94,"d":"1,612.94"},{"v":0.5,"d":"50.00%"},{"v":0,"d":"0.00"},null,{"v":0,"d":"0.00"},null,{"v":3225.88,"d":"3,225.88"},{"v":1,"d":"100%"}]
[" 4.4 ","INSTALAÇÃO E FORNECIMENTO DE LUMINÁRIAS",{"v":6455.49,"d":"6,455.49"},{"v":0.025134603006205188,"d":"2.51%"},{"$nulls":4},{"v":0,"d":"0.00"},null,{"v":0,"d":"0.00"},null,{"v":3227.745,"d":"3,227.75"},{"v":0.5,"d":"50.00%"},{"v":3227.745,"d":"3,227.75"},{"v":0.5,"d":"50.00%"},{"v":0,"d":"0.00"},null,{"v":0,"d":"0.00"},null,{"v":6455.49,"d":"6,455.49"},{"v":1,"d":"100%"}]
[" 4.5 ","DISPOSITIVOS DE PROTEÇÃO, QUADRO DE DISTRIBUIÇÃO E RAMAL DE ENTRADA",{"v":6932.91,"d":"6,932.91"},{"v":0.026993449068583485,"d":"2.70%"},{"$nulls":4},{"v":0,"d":"0.00"},null,{"v":0,"d":"0.00"},null,{"v":3466.455,"d":"3,466.46"},{"v":0.5,"d":"50.00%"},{"v":3466.455,"d":"3,466.46"},{"v":0.5,"d":"50.00%"},{"v":0,"d":"0.00"},null,{"v":0,"d":"0.00"},null,{"v":6932.91,"d":"6,932.91"},{"v":1,"d":"100%"}]
[]
[" 5 ","INSTALAÇÃO DE ÁGUA FRIA"]
[" 5.1 ","COMPOSIÇÕES REPRESENTATIVAS DE REDE DE ÁGUA FRIA",{"v":1187.38,"d":"1,187.38"},{"v":0.004623092115007214,"d":"0.46%"},{"$nulls":4},{"v":0,"d":"0.00"},null,{"v":0,"d":"0.00"},null,593.69,{"v":0.5,"d":"50.00%"},593.69,{"v":0.5,"d":"50.00%"},{"v":0,"d":"0.00"},null,{"v":0,"d":"0.00"},null,{"v":1187.38,"d":"1,187.38"},{"v":1,"d":"100%"}]
[" 5.2 ","REGISTROS",{"v":1008.6899999999999,"d":"1,008.69"},{"v":0.003927358373466477,"d":"0.39%"},{"$nulls":4},{"v":0,"d":"0.00"},null,{"v":0,"d":"0.00"},null,{"v":504.34499999999997,"d":"504.35"},{"v":0.5,"d":"50.00%"},{"v":504.34499999999997,"d":"504.35"},{"v":0.5,"d":"50.00%"},{"v":0,"d":"0.00"},null,{"v":0,"d":"0.00"},null,{"v":1008.6899999999999,"d":"1,008.69"},{"v":1,"d":"100%"}]
[" 5.3 ","ALIMENTAÇÃO",{"v":1823.8400000000001,"d":"1,823.84"},{"v":0.007101164179146319,"d":"0.71%"},{"$nulls":4},{"v":0,"d":"0.00"},null,{"v":0,"d":"0.00"},null,{"v":911.9200000000001,"d":"911.92"},{"v":0.5,"d":"50.00%"},{"v":911.9200000000001,"d":"911.92"},{"v":0.5,"d":"50.00%"},{"v":0,"d":"0.00"},null,{"v":0,"d":"0.00"},null,{"v":1823.8400000000001,"d":"1,823.84"},{"v":1,"d":"100%"}]
[" 5.4 ","BARRILETE",{"v":2416.2799999999997,"d":"2,416.28"},{"v":0.009407843332083771,"d":"0.94%"},{"$nulls":4},{"v":0,"d":"0.00"},null,{"v":0,"d":"0.00"},null,{"v":1208.1399999999999,"d":"1,208.14"},{"v":0.5,"d":"50.00%"},{"v":1208.1399999999999,"d":"1,208.14"},{"v":0.5,"d":"50.00%"},{"v":0,"d":"0.00"},null,{"v":0,"d":"0.00"},null,{"v":2416.2799999999997,"d":"2,416.28"},{"v":1,"d":"100%"}]
[" 5.5 ","LOUÇAS E METAIS",{"v":5380.560000000001,"d":"5,380.56"},{"v":0.020949337625969126,"d":"2.09%"},{"$nulls":4},{"v":0,"d":"0.00"},null,{"v":0,"d":"0.00"},null,{"v":0,"d":"0.00"},null,{"v":0,"d":"0.00"},null,{"v":0,"d":"0.00"},null,{"v":5380.560000000001,"d":"5,380.56"},{"v":1,"d":"100%"},{"v":5380.560000000001,"d":"5,380.56"},{"v":1,"d":"100%"}]
[]
[" 6 ","INSTALAÇÃO DE REDE DE ESGOTO"]
[" 6.1 ","COMPOSIÇÕES REPRESENTATIVAS DE REDE DE ESGOTO",{"v":3238.52,"d":"3,238.52"},{"v":0.012609254220462836,"d":"1.26%"},{"$nulls":4},{"v":0,"d":"0.00"},null,{"v":0,"d":"0.00"},null,{"v":0,"d":"0.00"},null,{"v":0,"d":"0.00"},null,{"v":3238.52,"d":"3,238.52"},{"v":1,"d":"100%"},{"v":0,"d":"0.00"},null,{"v":3238.52,"d":"3,238.52"},{"v":1,"d":"100%"}]
[" 6.2 ","CAIXAS DE PASSAGEM E SISTEMA DE TRATAMENTO DE ESGOTO",{"v":21475.1,"d":"21,475.10"},{"v":0.0836138097988777,"d":"8.36%"},{"$nulls":4},{"v":0,"d":"0.00"},null,{"v":0,"d":"0.00"},null,{"v":0,"d":"0.00"},null,{"v":0,"d":"0.00"},null,{"v":21475.1,"d":"21,475.10"},{"v":1,"d":"100%"},{"v":0,"d":"0.00"},null,{"v":21475.1,"d":"21,475.10"},{"v":1,"d":"100%"}]
[" 6.3","PLUVIAL",{"v":3994.37,"d":"3,994.37"},{"v":0.015552174073524367,"d":"1.56%"},{"$nulls":10},{"v":3994.37,"d":"3,994.37"},{"v":1,"d":"100.00%"},{"$nulls":4},{"v":3994.37,"d":"3,994.37"},{"v":1,"d":"100%"}]
[]
[" 7 ","ARQUITETÔNICO"]
[" 7.1 ","FECHAMENTOS",{"v":8676.45,"d":"8,676.45"},{"v":0.03378196329840012,"d":"3.38%"},{"$nulls":4},{"v":8676.45,"d":"8,676.45"},{"v":1,"d":"100.00%"},{"v":0,"d":"0.00"},null,{"v":0,"d":"0.00"},null,{"v":0,"d":"0.00"},null,{"v":0,"d":"0.00"},null,{"v":0,"d":"0.00"},null,{"v":8676.45,"d":"8,676.45"},{"v":1,"d":"100%"}]
[" 7.2 ","PINTURAS E REVESTIMENTOS DE PAREDES",{"v":51359.31,"d":"51,359.31"},{"v":0.1999686882827832,"d":"20.00%"},{"$nulls":4},{"v":0,"d":"0.00"},null,{"v":25679.655,"d":"25,679.66"},{"v":0.5,"d":"50.00%"},{"v":0,"d":"0.00"},null,{"v":0,"d":"0.00"},null,{"v":25679.655,"d":"25,679.66"},{"v":0.5,"d":"50%"},{"v":0,"d":"0.00"},null,{"v":51359.31,"d":"51,359.31"},{"v":1,"d":"100%"}]
[" 7.3 ","LAJES E FORROS",{"v":24290.09,"d":"24,290.09"},{"v":0.09457403994661824,"d":"9.46%"},{"$nulls":4},{"v":0,"d":"0.00"},null,{"v":0,"d":"0.00"},null,{"v":0,"d":"0.00"},null,{"v":24290.09,"d":"24,290.09"},{"v":1,"d":"100.00%"},{"v":0,"d":"0.00"},null,{"v":0,"d":"0.00"},null,{"v":24290.09,"d":"24,290.09"},{"v":1,"d":"100%"}]
[" 7.4 ","PISOS E CALÇADAS",{"v":43623.73,"d":"43,623.73"},{"v":0.16985002458370838,"d":"16.99%"},{"$nulls":4},{"v":0,"d":"0.00"},null,{"v":0,"d":"0.00"},null,{"v":43623.73,"d":"43,623.73"},{"v":1,"d":"100.00%"},{"v":0,"d":"0.00"},null,{"v":0,"d":"0.00"},null,{"v":0,"d":"0.00"},null,{"v":43623.73,"d":"43,623.73"},{"v":1,"d":"100%"}]
[" 7.5 ","COBERTURA",{"v":24766.440000000002,"d":"24,766.44"},{"v":0.09642871993868792,"d":"9.64%"},{"$nulls":4},{"v":12383.220000000001,"d":"12,383.22"},{"v":0.5,"d":"50.00%"},{"v":12383.220000000001,"d":"12,383.22"},{"v":0.5,"d":"50.00%"},{"v":0,"d":"0.00"},null,{"v":0,"d":"0.00"},null,{"v":0,"d":"0.00"},null,{"v":0,"d":"0.00"},null,{"v":24766.440000000002,"d":"24,766.44"},{"v":1,"d":"100%"}]
[" 7.6 ","ESQUADRIAS",{"v":24347.779999999995,"d":"24,347.78"},{"v":0.09479865732615532,"d":"9.48%"},{"$nulls":4},{"v":0,"d":"0.00"},null,{"v":0,"d":"0.00"},null,{"v":12173.889999999998,"d":"12,173.89"},{"v":0.5,"d":"50.00%"},{"v":0,"d":"0.00"},null,{"v":12173.889999999998,"d":"12,173.89"},{"v":0.5,"d":"50%"},{"v":0,"d":"0.00"},null,{"v":24347.779999999995,"d":"24,347.78"},{"v":1,"d":"100%"}]
[]
["TOTAL",null,{"v":256836.75999999998,"d":"256,836.76"},{"v":1,"d":"100.0%"},{"$nulls":4},{"v":22750.071600000003,"d":"22,750.07"},{"v":0.08857794188028227,"d":"8.86%"},{"v":39260.2428,"d":"39,260.24"},{"v":0.15286068396128344,"d":"15.29%"},{"v":76026.1932,"d":"76,026.19"},{"v":0.2960097814658618,"d":"29.60%"},{"v":47808.6992,"d":"47,808.70"},{"v":0.18614430115066086,"d":"18.61%"},{"v":65399.693,"d":"65,399.69"},{"v":0.25463525158937533,"d":"25.46%"},{"v":5591.860200000001,"d":"5,591.86"},{"v":0.021772039952536393,"d":"2.18%"},{"v":256836.75999999998,"d":"256,836.76"},{"v":1,"d":"100.0%"}]
["Valor Acomulado",{"$nulls":7},{"v":22750.071600000003,"d":"22,750.07"},{"v":0.08857794188028227,"d":"8.86%"},{"v":62010.3144,"d":"62,010.31"},{"v":0.2414386258415657,"d":"24.14%"},{"v":138036.5076,"d":"138,036.51"},{"v":0.5374484073074276,"d":"53.74%"},{"v":185845.2068,"d":"185,845.21"},{"v":0.7235927084580884,"d":"72.36%"},{"v":251244.8998,"d":"251,244.90"},{"v":0.9782279600474637,"d":"97.82%"},{"v":256836.76,"d":"256,836.76"},{"v":1.0000000000000002,"d":"100.00%"}]
[]
[]
[null,"OBS: NÃO FOI PREENCHIDO A EXECUÇÃO NOS PRIMEIROS 60 DIAS, POIS CONSIDERA-SE ESSE PERIODO PARA APROVAÇÃO DA REPROGRAMAÇÃO E EXECUÇÃO DO PROCESSO DE LICITAÇÃO."]
{"$rows_empty":10}
[{"$nulls":6},"LUIZ GUILHERME CADORE SILVA"]
[{"$nulls":6},"ENGENHEIRO CIVIL/FISCAL DE OBRAS"]
[{"$nulls":6},"CREA MT041303"]

{"sheet":"QCI","index":7,"n_rows":41,"n_cols":11,"rows_kept":41,"merged":[[0,0,0,5],[1,0,1,5],[2,1,2,2],[2,3,2,4],[3,1,3,2],[3,3,5,4],[4,1,4,2],[5,1,5,2],[6,0,6,5],[7,0,8,0],[7,1,8,2],[7,3,7,5],[9,1,9,2],[10,1,10,2],[11,1,11,2],[12,1,12,2],[13,1,13,2],[14,1,14,2],[15,1,15,2],[16,1,16,2],[17,0,17,2],[26,2,26,3],[27,2,27,3],[27,7,27,10],[28,2,28,3],[28,7,29,7],[28,8,28,10]],"flags":["formulas_cached_only"]}
["ESTADO DE MATO GROSSO"]
["PREFEITURA MUNICIPAL DE SÃO JOSÉ DOS QUATRO MARCOS"]
["OBRA:","CONSTRUÇÃO DA BIBLIOTECA MUNICIPAL",null,"REFERENCIA:",null,"BDI NÃO DES",null,null,"VALOR TOTAL DE CONVENIO INICIAL",{"v":343000,"d":"R$ 343,000.00"}]
["LOCAL:","BAIRRO SANTA ROSA",null,"SINAPI - 01/2024 NÃO DESONERADO",null,{"v":0.2296,"d":"22.96%"},null,null,"VALOR TOTAL DE CP INICIAL",{"v":14371.66,"d":"R$ 14,371.66"}]
["PROPR.:","PREFEITURA MUNICIPAL DE SÃO JOSÉ DOS QUATRO MARCOS"]
["ÁREA (m²):"]
["QCI - QUADRO DE COMPOSIÇÃO DO INVESTIMENTO",{"$nulls":7},"VALOR RESTANTE DE CONVÊNIO",{"v":160672.19,"d":"R$ 160,672.19"}]
["ITEM","DESCRIÇÃO",null,"INVESTIMENTO",{"$nulls":4},"VALOR RESTANTE DE CP",{"v":8934.68,"d":"R$ 8,934.68"}]
[{"$nulls":3},"CONVÊNIO+APLIC. FINANC.","CONTRA P.","TOTAL",null,null,"SALDO NA CONTA (PLATAFORMA)",{"v":228206.41,"d":"R$ 228,206.41"}]
["1.0","SERVIÇOS PRELIMINARES",null,0,0,0,null,null,"APLICAÇÃO FINANCEIRA",{"v":58599.54000000001,"d":"R$ 58,599.54"}]
["2.0","ADIMINISTRAÇÃO LOCAL",null,{"v":6013.178747381022,"d":"R$ 6,013.18"},{"v":1030.1612526189779,"d":"R$ 1,030.16"},{"v":7043.34,"d":"R$ 7,043.34"}]
["3.0","ESTRUTURAL",null,{"v":1215.6057624998855,"d":"R$ 1,215.61"},{"v":208.25423750011473,"d":"R$ 208.25"},{"v":1423.8600000000001,"d":"R$ 1,423.86"}]
["4.0","ELÉTRICO",null,{"v":26278.977770022488,"d":"R$ 26,278.98"},{"v":4502.042229977513,"d":"R$ 4,502.04"},{"v":30781.02,"d":"R$ 30,781.02"}]
["5.0","INSTALAÇÃO DE ÁGUA FRIA",null,{"v":10088.428212057732,"d":"R$ 10,088.43"},{"v":1728.3217879422702,"d":"R$ 1,728.32"},{"v":11816.750000000002,"d":"R$ 11,816.75"},null,null,"SALDO DE CONVENIO",{"v":160672.19,"d":"R$ 160,672.19"}]
["6.0","INSTALAÇÃO DE REDE DE ESGOTO",null,{"v":24509.14982778439,"d":"R$ 24,509.15"},{"v":4198.8401722156095,"d":"R$ 4,198.84"},{"v":28707.989999999998,"d":"R$ 28,707.99"},null,null,"APLICAÇÃO FINANCEIRA",{"v":58599.54000000001,"d":"R$ 58,599.54"}]
["7.0","ARQUITETÔNICO",null,{"v":151166.3896802545,"d":"R$ 151,166.39"},{"v":25897.410319745486,"d":"R$ 25,897.41"},{"v":177063.8,"d":"R$ 177,063.80"},null,null,"CONV. + AP. FINANCEIRA",{"v":219271.73,"d":"R$ 219,271.73"}]
[{"$nulls":8},"CONTRA PARTIDA",{"v":37565.02999999997,"d":"R$ 37,565.03"}]
["TOTAL",null,null,{"v":219271.73000000004,"d":"R$ 219,271.73"},{"v":37565.02999999997,"d":"R$ 37,565.03"},{"v":256836.75999999998,"d":"R$ 256,836.76"}]
[{"$nulls":8},"VALOR TOTAL DA OBRA",{"v":256836.75999999998,"d":"R$ 256,836.76"}]
[]
[]
[{"$nulls":9},0.1462603328277462]
[]
[]
[]
[]
[null,null,"LUIZ GUILHERME CADORE SILVA"]
[null,null,"Engenheiro Civil",{"$nulls":4},"VALORES EXECUTADOS"]
[null,null,"CREA MT041303",{"$nulls":4},"MEDIÇÃO","INVESTIMENTO"]
[{"$nulls":8},"CONVÊNIO","CONTRA P.","TOTAL"]
[{"$nulls":7},"1ª",{"v":30949.67,"d":"R$ 30,949.67"},{"v":922.93,"d":"R$ 922.93"},{"v":31872.6,"d":"R$ 31,872.60"}]
[{"$nulls":7},"2ª",{"v":55527.29000000001,"d":"R$ 55,527.29"},{"v":1655.83,"d":"R$ 1,655.83"},{"v":57183.12000000001,"d":"R$ 57,183.12"}]
[{"$nulls":7},"3ª",{"v":7079.2300000000005,"d":"R$ 7,079.23"},{"v":211.08999999999997,"d":"R$ 211.09"},{"v":7290.320000000001,"d":"R$ 7,290.32"}]
[{"$nulls":7},"4ª",{"v":14393.47,"d":"R$ 14,393.47"},{"v":429.2,"d":"R$ 429.20"},{"v":14822.67,"d":"R$ 14,822.67"}]
[{"$nulls":7},"5ª",{"v":6794.83,"d":"R$ 6,794.83"},{"v":202.62,"d":"R$ 202.62"},{"v":6997.45,"d":"R$ 6,997.45"}]
[{"$nulls":7},"6ª",{"v":14858.69,"d":"R$ 14,858.69"},{"v":443.07,"d":"R$ 443.07"},{"v":15301.76,"d":"R$ 15,301.76"}]
[{"$nulls":7},"7ª",{"v":21853.16,"d":"R$ 21,853.16"},{"v":651.66,"d":"R$ 651.66"},{"v":22504.82,"d":"R$ 22,504.82"}]
[{"$nulls":7},"8ª",{"v":15080.13,"d":"R$ 15,080.13"},{"v":449.69,"d":"R$ 449.69"},{"v":15529.82,"d":"R$ 15,529.82"}]
[{"$nulls":7},"9ª",{"v":15791.34,"d":"R$ 15,791.34"},{"v":470.89,"d":"R$ 470.89"},{"v":16262.23,"d":"R$ 16,262.23"}]
[]
[{"$nulls":8},{"v":182327.81,"d":"R$ 182,327.81"},{"v":5436.98,"d":"R$ 5,436.98"},{"v":187764.79000000004,"d":"R$ 187,764.79"}]

{"sheet":"PRESTAÇÃO DE CONTAS","index":8,"n_rows":51,"n_cols":6,"rows_kept":51,"merged":[[0,0,0,5],[1,0,1,5],[2,1,2,2],[2,3,2,4],[3,1,3,2],[3,3,5,4],[4,1,4,2],[5,1,5,2],[8,0,8,3],[9,0,10,0],[9,1,9,4],[24,1,24,2],[28,1,28,2],[32,1,32,2],[36,1,36,2],[48,2,48,3],[49,2,49,3],[50,2,50,3]],"flags":["formulas_cached_only"]}
["ESTADO DE MATO GROSSO"]
["PREFEITURA MUNICIPAL DE SÃO JOSÉ DOS QUATRO MARCOS"]
["OBRA:","CONSTRUÇÃO DA BIBLIOTECA MUNICIPAL",null,"REFERENCIA:",null,"BDI NÃO DES"]
["LOCAL:","BAIRRO SANTA ROSA",null,"SINAPI - 01/2024 NÃO DESONERADO",null,{"v":0.2296,"d":"22.96%"}]
["PROPR.:","PREFEITURA MUNICIPAL DE SÃO JOSÉ DOS QUATRO MARCOS"]
["ÁREA (m²):"]
[]
[]
["VALORES EXECUTADOS"]
["MEDIÇÃO","INVESTIMENTO"]
[null,"CONVÊNIO","% EXECUTADO","CONTRA P.","TOTAL"]
["1ª",{"v":30949.67,"d":"R$ 30,949.67"},{"v":0.0902,"d":"9.02%"},{"v":922.93,"d":"R$ 922.93"},{"v":31872.6,"d":"R$ 31,872.60"}]
["2ª",{"v":55527.29000000001,"d":"R$ 55,527.29"},{"v":0.1619,"d":"16.19%"},{"v":1655.83,"d":"R$ 1,655.83"},{"v":57183.12000000001,"d":"R$ 57,183.12"}]
["3ª",{"v":7079.2300000000005,"d":"R$ 7,079.23"},{"v":0.0206,"d":"2.06%"},{"v":211.08999999999997,"d":"R$ 211.09"},{"v":7290.320000000001,"d":"R$ 7,290.32"}]
["4ª",{"v":14393.47,"d":"R$ 14,393.47"},{"v":0.042,"d":"4.20%"},{"v":429.2,"d":"R$ 429.20"},{"v":14822.67,"d":"R$ 14,822.67"}]
["5ª",{"v":6794.83,"d":"R$ 6,794.83"},{"v":0.0198,"d":"1.98%"},{"v":202.62,"d":"R$ 202.62"},{"v":6997.45,"d":"R$ 6,997.45"}]
["6ª",{"v":14858.69,"d":"R$ 14,858.69"},{"v":0.0433,"d":"4.33%"},{"v":443.07,"d":"R$ 443.07"},{"v":15301.76,"d":"R$ 15,301.76"}]
["7ª",{"v":21853.16,"d":"R$ 21,853.16"},{"v":0.0637,"d":"6.37%"},{"v":651.66,"d":"R$ 651.66"},{"v":22504.82,"d":"R$ 22,504.82"}]
["8ª",{"v":15080.13,"d":"R$ 15,080.13"},{"v":0.044,"d":"4.40%"},{"v":449.69,"d":"R$ 449.69"},{"v":15529.82,"d":"R$ 15,529.82"}]
["9ª",{"v":15791.34,"d":"R$ 15,791.34"},{"v":0.046,"d":"4.60%"},{"v":470.89,"d":"R$ 470.89"},{"v":16262.23,"d":"R$ 16,262.23"}]
[]
[null,{"v":182327.81,"d":"R$ 182,327.81"},{"v":0.5315,"d":"53.15%"},{"v":5436.98,"d":"R$ 5,436.98"},{"v":187764.79000000004,"d":"R$ 187,764.79"}]
[]
[]
[null,"VALORES APORTADOS INICIAL"]
[null,"VALOR TOTAL DE CONVENIO INICIAL",{"v":343000,"d":"R$ 343,000.00"}]
[null,"VALOR TOTAL DE CP INICIAL (PLATAFORMA)",{"v":14371.66,"d":"R$ 14,371.66"}]
[]
[null,"VALORES EXECUTADOS"]
[null,"VALOR RESTANTE DE CONVÊNIO",{"v":160672.19,"d":"R$ 160,672.19"}]
[null,"VALOR RESTANTE DE C.P.",{"v":8934.68,"d":"R$ 8,934.68"}]
[]
[null,"APLICAÇÃO FINANCEIRA"]
[null,"SALDO NA CONTA (PLATAFORMA)",{"v":228206.41,"d":"R$ 228,206.41"}]
[null,"APLICAÇÃO FINANCEIRA",{"v":58599.54,"d":"R$ 58,599.54"}]
[]
[null,"QCI DETALHADO"]
[null,"SALDO DE CONVENIO",{"v":160672.19,"d":"R$ 160,672.19"}]
[null,"APLICAÇÃO FINANCEIRA",{"v":58599.54,"d":"R$ 58,599.54"}]
[null,"CONV. + AP. FINANCEIRA",{"v":219271.73,"d":"R$ 219,271.73"}]
[null,"NOVA CONTRA PARTIDA",{"v":37565.02999999997,"d":"R$ 37,565.03"}]
[null,"VALOR TOTAL DA OBRA",{"v":256836.75999999998,"d":"R$ 256,836.76"}]
[]
[]
[]
[]
[]
[]
[null,null,"LUIZ GUILHERME CADORE SILVA"]
[null,null,"Engenheiro Civil"]
[null,null,"CREA MT041303"]

{"sheet":"M. calc. Arq. Aprovado (2)","index":9,"n_rows":64,"n_cols":14,"rows_kept":64,"hidden":true,"merged":[[0,1,0,5],[0,6,0,7],[1,1,1,5],[1,6,1,8],[2,1,2,5],[2,6,2,7],[3,0,3,3],[9,0,9,5],[15,0,15,13],[35,0,35,7],[38,0,38,7],[52,0,52,2],[53,0,53,1],[54,0,54,1],[55,0,55,1],[59,0,59,2]],"flags":["formulas_cached_only"]}
["PROPRIETÁRIO:","PREFEITURA MUNICIPAL DE SÃO JOSÉ DOS QUATRO MARCOS",{"$nulls":4},"REFERÊNCIA:",null,"SINAPI - 01/2024 NÃO DESONERADO"]
["OBRA:","CONSTRUÇÃO DA BIBLIOTECA MUNICIPAL",{"$nulls":4},"NÃO DESONERADA"]
["ENDEREÇO:","RUA CERES, BAIRRO JARDIM SANTA ROSA II",{"$nulls":4},"BDI",null,{"v":0.2496,"d":"24.96%"}]
["ALVENARIAS (m²)"]
["TIPO","COMPRIMENTO","ALTURA","ÁREA (M²)"]
["EXTERNA",64.6,4.4,284.24]
["INTERNA",54.64999999999999,3,163.95]
[null,null,"TOTAL",448.19]
[]
["REBOCO (m²)"]
["LOCAL","COMPRIMENTO DE PÉ DE PAREDE (M)","ALTURA DE REBOCO (M)","ÁREA (M²)","REBOCO PARA PINTURA (M²)","REBOCO PARA CERÂMICA (M²)"]
["EXTERNA",65.8,5,329,329]
["INTERNA",109.29999999999998,3,327.9,263.5,64.39999999999999]
[null,null,"TOTAL",656.9,592.5,64.39999999999999]
[]
["QUANTIFICAÇÕES GERAIS - ARQUITETÔNICO"]
["AMBIENTE","ÁREA (M²)","PERÍMETRO DE PAREDE (M)","PÉ DIREITO DE PINTURA/ REVESTIMENTO (M)","PINTURA INTERNA (M²)","PINTURA EXTERNA (M²)","PISO DE CONCRETO (M²)","PISO DE CONCRETO - 6CM (M³)","PISO CERAMICO (M²)","RODAPÉ CERÂMICO (M)","REVESTIMENTO CERÂMICO (M²)","FORRO PVC (M²)","ACABAMENTO DE FORRO (M)","REBOCO E PINTURA EM LAJE (M²)"]
["BIBLIOTECA",176.3,73.1,2.8,204.67999999999998,null,176.3,10.578,176.3,73.1,null,176.3,73.1]
["RECEPÇÃO",11.6,13.72,2.8,38.416,null,11.6,0.696,11.6,13.72,null,11.6,13.72]
["RET. E DEV. DE LIVROS",10.1,14.1,2.8,39.48,null,10.1,0.606,10.1,14.1,null,10.1,14.1]
["GUARDA VOLUMES",6,10,2.8,28,null,6,0.36,6,10,null,6,10]
["WC MASC",4,8,2.8,null,null,4,0.24,4,null,22.4,null,null,4]
["WC FEM",4,8,2.8,null,null,4,0.24,4,null,22.4,null,null,4]
["WC FUNC",3,7,2.8,null,null,3,0.18,3,null,19.599999999999998,null,null,3]
["ADMINISTRAÇÃO",21.7,20.1,2.8,56.28,null,21.7,1.3019999999999998,21.7,20.1,null,21.7,20.1]
["RECEPÇÃO ADM",15.1,16,5,80,null,15.1,0.9059999999999999,15.1,16,null,15.1,16]
["EXTERNO",null,49.35,5,null,246.75,0,0,0,49.35]
["HALL DE ENTRADA",17.9,14.25,3,null,5.4,17.9,1.0739999999999998,17.9,14.25,{"$nulls":3},17.9]
["CALÇADA DE ENTORNO",33.68,{"$nulls":4},33.68,2.0208]
["TOTAL",null,233.61999999999998,null,{"v":446.856,"d":"446.86"},252.15,303.38,18.2028,269.7,210.61999999999998,64.39999999999999,240.79999999999998,147.01999999999998,28.9]
[]
["CALHA (M)",34.3]
["RUFO (M)",30.3]
["TELHAMENTO (M²)",259.82]
[]
["ESQUADRIAS"]
["CÓDIGO","DESCRIÇÃO","QUANTIDADE","ALTURA (M)","COMPRIMENTO (M)","PEITORIL (M)","ÁREA TOTAL(M²)","Verga (m)"]
[]
["JANELAS E ABERTURAS"]
["J1","JANELA DE CORRER 2 FOLHAS",1,1.2,1.5,0.9000000000000001,1.7999999999999998,2.2]
["J2","JANELA DE CORRER 4 FOLHAS",3,1.2,1.8,0.9000000000000001,6.48,7.5]
["J3","JANELA FIXA 1 FOLHA",3,0.5,1.8,2.1,2.7,7.5]
["J4","JANELA MAX AR",1,0.6,0.5,1.5,0.3,1.2]
["J5","JANELA MAX AR",2,0.6,0.9,1.5,1.08,3.2]
["J6","ABERTURA RETANGULAR",1,0.9,3,1.2000000000000002,2.7,3.7]
["J7","ABERTURA RETANGULAR",1,0.9,1.5,1.2000000000000002,1.35,2.2]
["P1","PORTA DE VIDRO DE CORRER - 4 FOLHAS",1,2.1,3,null,6.300000000000001,3.7]
["P2","PORTA DE VIDRO DE CORRER - 4 FOLHAS",1,2.1,2.5,null,5.25,3.2]
["P3","PORTA DE MADEIRA DE ABRIR",4,2.1,0.9,null,7.5600000000000005,6.4]
["P4","PORTA DE MADEIRA DE ABRIR",2,2.1,0.8,null,3.3600000000000003,3]
["P5","PORTA DE MADEIRA DE ABRIR",1,2.1,0.7,null,1.47,1.4]
[]
["TESOURAS METÁLICAS"]
["COMPRIMENTO TOTAL (M)",null,17.15]
["ESPAÇAMENTO MÁXIMO ENTRE TESOURAS (M)",null,3]
["NÚMERO DE VÃOS (UN)",null,6]
["NÚMERO DE TESOURAS (UN)",null,7]
[]
[]
["PISO TÁTIL (25X25CM) DIRECIONAL OU ALERTA"]
["TIPO","QUANTIDADE (UM)","ÁREA (M²)"]
["DIRECIONAL",68,4.25]
["ALERTA",48,{"v":3,"d":"3.00"}]
["TOTAL",116,7.25]

{"sheet":"M. Calc Adição e Supressão Arq.","index":10,"n_rows":32,"n_cols":15,"rows_kept":32,"merged":[[0,1,0,5],[0,6,0,7],[1,1,1,5],[1,6,1,9],[2,1,2,5],[2,6,2,7],[3,0,3,5],[9,0,9,5],[15,0,15,14]],"flags":["formulas_cached_only"]}
["PROPRIETÁRIO:","PREFEITURA MUNICIPAL DE SÃO JOSÉ DOS QUATRO MARCOS",{"$nulls":4},"REFERÊNCIA:",null,null,"SINAPI - 01/2024 NÃO DESONERADO"]
["OBRA:","CONSTRUÇÃO DA BIBLIOTECA MUNICIPAL",{"$nulls":4},"NÃO DESONERADA"]
["ENDEREÇO:","RUA CERES, BAIRRO JARDIM SANTA ROSA II",{"$nulls":4},"BDI",null,null,{"v":0.2496,"d":"24.96%"}]
["ALVENARIAS (m²)"]
["TIPO","COMPRIMENTO ATUAL","ALTURA ATUAL","ÁREA ATUAL (M²)","ÁREA APROVADA","ÁREA A SER ADITIVADA (M²)"]
["EXTERNA",64.6,6.4,413.44,284.24,129.2]
["INTERNA",54.64999999999999,3,163.95,163.95,0]
[null,null,"TOTAL",577.39,448.19,129.2]
[]
["REBOCO (m²)"]
["LOCAL","COMPRIMENTO DE PÉ DE PAREDE (M)","ALTURA DE REBOCO (M)","ÁREA (M²)","REBOCO PARA PINTURA (M²)","REBOCO PARA CERÂMICA (M²)","REBOCO PARA PINTURA APROVADO (M²)","REBOCO PARA PINTURA A SER ADITIVADO(M²)"]
["EXTERNA",65.8,6.4,421.12,421.12,null,329,92.12]
["INTERNA",109.29999999999998,3,327.9,263.5,64.39999999999999,263.5]
[null,null,"TOTAL",749.02,684.62,64.39999999999999,592.5,92.12]
[]
["QUANTIFICAÇÕES GERAIS ATUAL - ARQUITETÔNICO"]
["AMBIENTE","ÁREA (M²)","PERÍMETRO DE PAREDE (M)","PÉ DIREITO DE PINTURA/ REVESTIMENTO (M)","PINTURA INTERNA (M²)","PINTURA EXTERNA (M²)","ÁREA DE PISO (M²)","CONTRAPISO- 6CM (M)","CALÇADA","PISO CERAMICO (M²)","RODAPÉ CERÂMICO (M)","REVESTIMENTO CERÂMICO (M²)","FORRO PVC (M²)","ACABAMENTO DE FORRO (M)","REBOCO E PINTURA EM LAJE (M²)"]
["BIBLIOTECA",176.3,73.1,2.8,204.67999999999998,null,176.3,176.3,null,176.3,73.1,null,176.3,73.1]
["RECEPÇÃO",11.6,13.72,2.8,38.416,null,11.6,11.6,null,11.6,13.72,null,11.6,13.72]
["RET. E DEV. DE LIVROS",10.1,14.1,2.8,39.48,null,10.1,10.1,null,10.1,14.1,null,10.1,14.1]
["GUARDA VOLUMES",6,10,2.8,28,null,6,6,null,6,10,null,6,10]
["WC MASC",4,8,2.8,null,null,4,4,null,4,null,22.4,null,null,4]
["WC FEM",4,8,2.8,null,null,4,4,null,4,null,22.4,null,null,4]
["WC FUNC",3,7,2.8,null,null,3,3,null,3,null,19.599999999999998,null,null,3]
["ADMINISTRAÇÃO",21.7,20.1,2.8,56.28,null,21.7,21.7,null,21.7,20.1,null,21.7,20.1]
["RECEPÇÃO ADM",15.1,16,2.8,44.8,null,15.1,15.1,null,15.1,16,null,15.1,16]
["EXTERNO",null,54.34,6.4,null,347.77600000000007,0,0,null,0]
["HALL DE ENTRADA",17.9,14.25,6.4,null,91.2,17.9,17.9,null,17.9,14.25,{"$nulls":3},17.9]
["CALÇADA DE ENTORNO",33.68,{"$nulls":4},33.68,null,2.0208]
["TOTAL",null,238.60999999999999,null,{"v":411.656,"d":"411.66"},438.97600000000006,303.38,269.7,2.0208,269.7,161.26999999999998,64.39999999999999,240.79999999999998,147.01999999999998,28.9]
["TOTAL APROVADO",null,233.61999999999998,null,446.856,252.15,303.38,18.2028,0,269.7,210.61999999999998,64.39999999999999,240.79999999999998,147.01999999999998,28.9]
["TOTAL A SER ADITIVADO",null,{"v":4.990000000000009,"d":"4.99"},0,{"v":-35.19999999999999,"d":"-35.20"},{"v":186.82600000000005,"d":"186.83"},{"v":0,"d":"0.00"},{"v":251.4972,"d":"251.50"},{"v":2.0208,"d":"2.02"},{"v":0,"d":"0.00"},{"v":-49.349999999999994,"d":"-49.35"},{"v":0,"d":"0.00"},{"v":0,"d":"0.00"},{"v":0,"d":"0.00"},{"v":0,"d":"0.00"}]

{"sheet":"M. Calc. Aditivo Pilares","index":11,"n_rows":59,"n_cols":8,"rows_kept":59,"merged":[[0,0,0,7],[17,1,17,4],[17,5,17,6],[34,1,34,4],[34,5,34,6],[36,0,36,6],[53,1,53,4],[56,2,56,5],[57,2,57,5],[58,2,58,5]],"flags":["formulas_cached_only"]}
["ARMAÇÃO"]
["Pilares","Seção","Ø","Comp. Unit","Quant.","Comp. Total","Peso Linear (kg/m)","Peso total (kg/m)"]
["P1","20X30",10,null,4,0,0.617,{"v":0,"d":"0.00"}]
["P2","20X30",10,null,4,0,0.617,{"v":0,"d":"0.00"}]
["P3","20X30",10,null,4,0,0.617,{"v":0,"d":"0.00"}]
["P4","20X30",10,null,4,0,0.617,{"v":0,"d":"0.00"}]
["P5","20X30",10,null,4,0,0.617,{"v":0,"d":"0.00"}]
["P7","14X30",10,null,4,0,0.617,{"v":0,"d":"0.00"}]
["P10","20X30",10,null,4,0,0.617,{"v":0,"d":"0.00"}]
["P13","14X30",10,null,4,0,0.617,{"v":0,"d":"0.00"}]
["P15","14X30",10,null,4,0,0.617,{"v":0,"d":"0.00"}]
["P16","20X30",10,null,4,0,0.617,{"v":0,"d":"0.00"}]
["P20","14X30",10,null,4,0,0.617,{"v":0,"d":"0.00"}]
["P21","20X34",10,null,4,0,0.617,{"v":0,"d":"0.00"}]
["P26","19X19",10,null,4,0,0.617,{"v":0,"d":"0.00"}]
["P24","14X30",10,1.4,4,5.6,0.617,3.46]
["P25","14X30",10,1.4,6,8.399999999999999,0.617,5.18]
[{"$nulls":5},"TOTAL",null,8.64]
["Pilares","Seção","Ø","Comp. Unit","Quant.","Comp. Total","Peso Linear (kg/m)","Peso Total (kg/m)"]
["P1","20X30",{"v":5,"d":"5.0"},0.88,null,{"v":0,"d":"0.000"},0.154,0]
["P2","20X30",{"v":5,"d":"5.0"},0.98,null,{"v":0,"d":"0.000"},0.154,0]
["P3","20X30",{"v":5,"d":"5.0"},0.98,null,{"v":0,"d":"0.000"},0.154,0]
["P4","20X30",{"v":5,"d":"5.0"},0.88,null,{"v":0,"d":"0.000"},0.154,0]
["P5","20X30",{"v":5,"d":"5.0"},0.98,null,{"v":0,"d":"0.000"},0.154,0]
["P7","14X30",{"v":5,"d":"5.0"},0.76,null,{"v":0,"d":"0.000"},0.154,0]
["P10","20X30",{"v":5,"d":"5.0"},0.98,null,{"v":0,"d":"0.000"},0.154,0]
["P13","14X30",{"v":5,"d":"5.0"},0.76,null,{"v":0,"d":"0.000"},0.154,0]
["P15","14X30",{"v":5,"d":"5.0"},0.88,null,{"v":0,"d":"0.000"},0.154,0]
["P16","20X30",{"v":5,"d":"5.0"},0.98,null,{"v":0,"d":"0.000"},0.154,0]
["P20","14X30",{"v":5,"d":"5.0"},0.76,null,{"v":0,"d":"0.000"},0.154,0]
["P21","20X34",{"v":5,"d":"5.0"},0.96,null,{"v":0,"d":"0.000"},0.154,0]
["P26","19X19",{"v":5,"d":"5.0"},0.64,null,{"v":0,"d":"0.000"},0.154,0]
["P24","14X30",{"v":5,"d":"5.0"},0.76,12,{"v":9.120000000000001,"d":"9.120"},0.154,1.4]
["P25","14X30",{"v":5,"d":"5.0"},0.76,12,{"v":9.120000000000001,"d":"9.120"},0.154,1.4]
[{"$nulls":5},"TOTAL",null,2.8]
[]
["FORMA E CONCRETAGEM"]
["Pilares","Seção","Perimetro","Área","Altura","Área Forma (m²)","Volume concreto (m³)"]
["P1","20X30",{"v":1,"d":"1.00"},{"v":0.06,"d":"0.060"},1.4,{"v":1.4,"d":"1.40"},{"v":0.08399999999999999,"d":"0.08"}]
["P2","20X30",{"v":1,"d":"1.00"},{"v":0.06,"d":"0.060"},1.4,{"v":1.4,"d":"1.40"},{"v":0.08399999999999999,"d":"0.08"}]
["P3","20X30",{"v":1,"d":"1.00"},{"v":0.06,"d":"0.060"},1.4,{"v":1.4,"d":"1.40"},{"v":0.08399999999999999,"d":"0.08"}]
["P4","20X30",{"v":1,"d":"1.00"},{"v":0.06,"d":"0.060"},1.4,{"v":1.4,"d":"1.40"},{"v":0.08399999999999999,"d":"0.08"}]
["P5","20X30",{"v":1,"d":"1.00"},{"v":0.06,"d":"0.060"},1.4,{"v":1.4,"d":"1.40"},{"v":0.08399999999999999,"d":"0.08"}]
["P7","14X30",0.88,0.042,1.4,{"v":1.232,"d":"1.23"},{"v":0.0588,"d":"0.06"}]
["P10","20X30",{"v":1,"d":"1.00"},{"v":0.06,"d":"0.060"},1.4,{"v":1.4,"d":"1.40"},{"v":0.08399999999999999,"d":"0.08"}]
["P13","14X30",0.88,0.042,1.4,{"v":1.232,"d":"1.23"},{"v":0.0588,"d":"0.06"}]
["P15","14X30",0.88,0.042,1.4,{"v":1.232,"d":"1.23"},{"v":0.0588,"d":"0.06"}]
["P16","20X30",{"v":1,"d":"1.00"},{"v":0.06,"d":"0.060"},1.4,{"v":1.4,"d":"1.40"},{"v":0.08399999999999999,"d":"0.08"}]
["P20","14X30",0.88,0.042,1.4,{"v":1.232,"d":"1.23"},{"v":0.0588,"d":"0.06"}]
["P21","20X34",1.08,0.068,1.4,{"v":1.512,"d":"1.51"},{"v":0.0952,"d":"0.10"}]
["P26","19X19",0.76,{"v":0.0361,"d":"0.036"},1.4,{"v":1.0639999999999998,"d":"1.06"},{"v":0.050539999999999995,"d":"0.05"}]
["P24","14X30",0.88,0.042,1.4,{"v":1.232,"d":"1.23"},{"v":0.0588,"d":"0.06"}]
["P25","14X30",0.88,0.042,1.4,{"v":1.232,"d":"1.23"},{"v":0.0588,"d":"0.06"}]
[null,"Total",{"$nulls":3},{"v":6.272,"d":"6.27"},{"v":0.32214000000000004,"d":"0.32"}]
[]
[]
[null,null,"LUIZ GUILHERME CADORE SILVA"]
[null,null,"Engenheiro Civil"]
[null,null,"CREA MT041303"]

{"sheet":"Eletrodutos e Cabos","index":12,"n_rows":16,"n_cols":4,"rows_kept":16,"hidden":true,"merged":[[1,2,1,3],[3,1,3,3],[11,1,11,3]],"flags":["formulas_cached_only"]}
["PROPRIETÁRIO:","PREFEITURA MUNICIPAL DE SÃO JOSÉ DOS QUATRO MARCOS","REFERÊNCIA:","SINAPI - 01/2024 NÃO DESONERADO"]
["OBRA:","CONSTRUÇÃO DA BIBLIOTECA MUNICIPAL","NÃO DESONERADA"]
["ENDEREÇO:","RUA CERES, BAIRRO JARDIM SANTA ROSA II","BDI",{"v":0.2496,"d":"24.96%"}]
[null,"QUANTIFICAÇÃO DE ELETRODUTOS"]
[null,"Tipo","Unidade","Quantidade"]
[null,"Eletroduto em forro 3/4\"","m",{"v":120.23999999999998,"d":"120.24"}]
[null,"Eletroduto em forro 1\"","m",18.72]
[null,"Eletroduto em laje 3/4\"","m",17.15]
[null,"Eletroduto em parede (3/4)","m",98.61]
[null,"Eletroduto em Piso 1\"","m",10.54]
[]
[null,"Quantitativo de cabo Isol.HEPR - ench.EVA - 0,6/1kV (ref. Pirelli Afumex) gerado pelo Lumine"]
[null,"Seção (mm²)","Unidade","Quantidade"]
[null,16,"m",76.6]
[null,2.5,"m",438.1]
[null,4,"m",428.9]

{"sheet":"Tomadas e Interruptores","index":13,"n_rows":17,"n_cols":6,"rows_kept":17,"hidden":true,"merged":[[0,1,0,3],[1,1,1,3],[1,4,1,5],[2,1,2,3],[3,0,3,5]],"flags":["formulas_cached_only"]}
["PROPRIETÁRIO:","PREFEITURA MUNICIPAL DE SÃO JOSÉ DOS QUATRO MARCOS",null,null,"REFERÊNCIA:","SINAPI - 01/2024 NÃO DESONERADO"]
["OBRA:","CONSTRUÇÃO DA BIBLIOTECA MUNICIPAL",null,null,"NÃO DESONERADA"]
["ENDEREÇO:","RUA CERES, BAIRRO JARDIM SANTA ROSA II",null,null,"BDI",{"v":0.2496,"d":"24.96%"}]
["QUANTIFICAÇÃO DE TOMADAS E INTERRUPTORES"]
["Altura de Referência (m)",3,"DESCIDA (M)"]
["Altura Baixa (m)",0.3,2.7]
["Altura Média (m)",1.2,1.8]
["Altura Alta (m)",2.2,0.7999999999999998]
[]
["TOMADAS","1x","2x","20A","Total","DESCIDA (M)"]
["Tomada Baixa",16,2,null,18,48.6]
["Tomada Média",7,null,null,7,12.6]
["Tomada Alta",4,null,8,12,9.599999999999998]
[{"$nulls":3},"TOTAL",{"v":37,"d":"37.00"},{"v":70.8,"d":"70.80"}]
[]
["INTERRUPTORES","1X","2X","3X","Total","DESCIDA (M)"]
["Interruptor Médio",7,2,1,10,18]

{"sheet":"MEDIÇÃO","index":14,"n_rows":186,"n_cols":47,"rows_kept":186,"merged":[[0,0,0,46],[1,0,1,46],[2,1,2,6],[2,9,5,9],[2,12,5,12],[2,14,2,16],[2,17,2,19],[2,20,2,22],[2,23,2,25],[2,26,2,28],[2,29,2,31],[2,32,2,34],[2,35,2,37],[2,38,2,40],[2,41,2,42],[2,44,2,46],[3,1,3,6],[3,7,4,7],[3,8,4,8],[3,14,3,16],[3,17,3,19],[3,20,3,22],[3,23,3,25],[3,26,3,28],[3,29,3,31],[3,32,3,34],[3,35,3,37],[3,38,3,40],[3,41,3,42],[3,44,3,46],[4,1,4,6],[4,14,4,16],[4,17,4,19],[4,20,4,22],[4,23,4,25],[4,26,4,28],[4,29,4,31],[4,32,4,34],[4,35,4,37],[4,38,4,40],[4,41,4,42],[4,44,4,46],[5,1,5,6],[5,14,5,16],[5,17,5,19],[5,20,5,22],[5,23,5,25],[5,26,5,28],[5,29,5,31],[5,32,5,34],[5,35,5,37],[5,38,5,40],[5,41,5,42],[5,44,5,46],[6,1,6,6],[6,9,9,9],[6,12,9,12],[6,14,6,16],[6,17,6,19],[6,20,6,22],[6,23,6,25],[6,26,6,28],[6,29,6,31],[6,32,6,34],[6,35,6,37],[6,38,6,40],[6,41,6,42],[6,44,6,46],[7,1,7,6],[7,14,7,16],[7,17,7,19],[7,20,7,22],[7,23,7,25],[7,26,7,28],[7,29,7,31],[7,32,7,34],[7,35,7,37],[7,38,7,40],[7,41,7,42],[7,44,7,46],[8,0,9,6],[8,14,8,16],[8,17,8,19],[8,20,8,22],[8,23,8,25],[8,26,8,28],[8,29,8,31],[8,32,8,34],[8,35,8,37],[8,38,8,40],[8,41,8,42],[8,44,8,46],[9,14,9,16],[9,17,9,19],[9,20,9,22],[9,23,9,25],[9,26,9,28],[9,29,9,31],[9,32,9,34],[9,35,9,37],[9,38,9,40],[9,41,9,42],[9,44,9,46],[10,0,10,40],[10,41,10,42],[11,0,12,46],[13,0,13,12],[13,14,13,16],[13,17,13,19],[13,20,13,22],[13,23,13,25],[13,26,13,28],[13,29,13,31],[13,32,13,34],[13,35,13,37],[13,38,13,40],[13,41,13,43],[13,44,13,46],[176,9,176,11],[178,0,178,9],[178,14,178,16],[178,17,178,19],[178,20,178,22],[178,23,178,25],[178,26,178,28],[178,29,178,31],[178,32,178,34],[178,35,178,37],[178,38,178,40],[178,41,178,43],[178,44,178,46],[179,0,179,9],[179,14,179,16],[179,17,179,19],[179,20,179,22],[179,23,179,25],[179,26,179,28],[179,29,179,31],[179,32,179,34],[179,35,179,37],[179,38,179,40],[179,41,179,43],[179,44,179,46],[180,0,180,10],[180,57,180,58],[181,0,183,10],[181,41,181,42],[181,57,181,58],[182,41,182,42],[182,57,182,58],[183,41,183,42],[183,57,183,58]],"flags":["formulas_cached_only"]}
["ESTADO DE MATO GROSSO"]
["PREFEITURA MUNICIPAL DE SÃO JOSÉ DOS QUATRO MARCOS"]
["OBRA:","CONSTRUÇÃO DA BIBLIOTECA DE SÃO JOSÉ DOS QUATRO MARCOS",{"$nulls":5},"TABELA DE REFERÊNCIA","ENCARGOS SOCIAIS ","TABELA DE REFERENCIA ",null,null,"BDI",null,"PERÍODO DA MEDIÇÃO",null,null,"PERÍODO DA MEDIÇÃO",null,null,"PERÍODO DA MEDIÇÃO",null,null,"PERÍODO DA MEDIÇÃO",null,null,"PERÍODO DA MEDIÇÃO",null,null,"PERÍODO DA MEDIÇÃO",null,null,"PERÍODO DA MEDIÇÃO",null,null,"PERÍODO DA MEDIÇÃO",null,null,"PERÍODO DA MEDIÇÃO",null,null,"1° MEDIÇÃO ",null,{"v":31872.595599999997,"d":"R$31,872.60"},"PERÍODO DA MEDIÇÃO "]
["LOCAL:","AV. LUIZ BARBOSA ESQ. RUA CERES - JARDIM DAS OLIVEIRAS",{"$nulls":5},"SINAPI - 04/2020 NÃO DESONERADO ","Não Desonerado: embutido nos preços unitário dos insumos de mão de obra, de acordo com as bases.",{"$nulls":5}," 29/06/2022 à 23/11/2022 ",null,null," 23/11/2022  à 13/01/2023  ",null,null," 13/01/2023 á 03/03/2023  ",null,null,"03/03/2023 a 29/03/2023    ",null,null," 29/03/2023 a 28/04/2023",null,null,"  28/04/2023 a 01/06/2023",null,null,"  01/06/2023 a 17/08/2023",null,null,"  17/08/2023 a 14/11/2023",null,null,"14/11/2023 a 06/12/2023",null,null,"2° MEDIÇÃO ",null,{"v":57183.12447999999,"d":"R$57,183.12"},"  17/08/2023 a 14/11/2023"]
["PROPR.:","PREFEITURA MUNICIOAL DE SÃO JOSE DOS QUATRO MARCOS",{"$nulls":12},"VALOR DA MEDIÇÃO ",null,null,"VALOR DA MEDIÇÃO ",null,null,"VALOR DA MEDIÇÃO ",null,null,"VALOR DA MEDIÇÃO ",null,null,"VALOR DA MEDIÇÃO ",null,null,"VALOR DA MEDIÇÃO ",null,null,"VALOR DA MEDIÇÃO ",null,null,"VALOR DA MEDIÇÃO ",null,null,"VALOR DA MEDIÇÃO ",null,null,"3° MEDIÇÃO ",null,{"v":7290.32,"d":"R$7,290.32"},"VALOR DO CONTRATO "]
["ÁREA:","288,2 m²",{"$nulls":12},{"v":31872.595599999997,"d":"R$31,872.60"},null,null,{"v":57183.12447999999,"d":"R$57,183.12"},null,null,{"v":7290.32,"d":"R$7,290.32"},null,null,{"v":14822.668000000003,"d":"R$14,822.67"},null,null,{"v":6997.4439999999995,"d":"R$6,997.44"},null,null,{"v":15301.7582,"d":"R$15,301.76"},null,null,{"v":22504.82,"d":"R$22,504.82"},null,null,{"v":15529.822400000003,"d":"R$15,529.82"},null,null,{"v":16262.229,"d":"R$16,262.23"},null,null,"4° MEDIÇÃO ",null,{"v":14822.668000000003,"d":"R$14,822.67"},{"v":353228.34,"d":"R$353,228.34"}]
["BDI:",{"v":0.2496,"d":"24.96%"},{"$nulls":7},"SINAPI - 04/2020 NÃO DESONERADO",null,null,{"v":0.2496,"d":"24.96%"},null,"VALOR DA MEDIÇÃO ANTERIOR ",null,null,"VALOR DA MEDIÇÃO ANTERIOR ",null,null,"VALOR ACUMULADO ANTERIOR ",null,null,"VALOR ACUMULADO ANTERIOR ",null,null,"VALOR ACUMULADO ANTERIOR ",null,null,"VALOR ACUMULADO ANTERIOR ",null,null,"VALOR ACUMULADO ANTERIOR ",null,null,"VALOR ACUMULADO ANTERIOR ",null,null,"VALOR ACUMULADO ANTERIOR ",null,null,"5° MEDIÇÃO ",null,{"v":6997.4439999999995,"d":"R$6,997.44"},"VALOR ACUMULADO"]
["DATA:","NOV/2022",{"$nulls":12},{"v":0,"d":"R$0.00"},null,null,{"v":31872.595599999997,"d":"R$31,872.60"},null,null,{"v":89055.72007999998,"d":"R$89,055.72"},null,null,{"v":96346.04007999998,"d":"R$96,346.04"},null,null,{"v":111168.70807999998,"d":"R$111,168.71"},null,null,{"v":118166.15207999999,"d":"R$118,166.15"},null,null,{"v":133467.91027999998,"d":"R$133,467.91"},null,null,{"v":155972.73028,"d":"R$155,972.73"},null,null,{"v":171502.55268,"d":"R$171,502.55"},null,null,"6° MEDIÇÃO ",null,{"v":15301.7582,"d":"R$15,301.76"},{"v":187764.78168,"d":"R$187,764.78"}]
[{"$nulls":14},"VALOR ACUMULADO",null,null,"VALOR ACUMULADO",null,null,"VALOR ACUMULADO",null,null,"VALOR ACUMULADO",null,null,"VALOR ACUMULADO",null,null,"VALOR ACUMULADO",null,null,"VALOR ACUMULADO",null,null,"VALOR ACUMULADO",null,null,"VALOR ACUMULADO",null,null,"7° MEDIÇÃO ",null,{"v":22504.82,"d":"R$22,504.82"},"SALDO DE CONVÊNIO "]
[{"$nulls":14},{"v":31872.595599999997,"d":"R$31,872.60"},null,null,{"v":89055.72007999998,"d":"R$89,055.72"},null,null,{"v":96346.04007999998,"d":"R$96,346.04"},null,null,{"v":111168.70807999998,"d":"R$111,168.71"},null,null,{"v":118166.15207999999,"d":"R$118,166.15"},null,null,{"v":133467.91027999998,"d":"R$133,467.91"},null,null,{"v":155972.73028,"d":"R$155,972.73"},null,null,{"v":171502.55268,"d":"R$171,502.55"},null,null,{"v":187764.78168,"d":"R$187,764.78"},null,null,"8° MEDIÇÃO ",null,{"v":15529.822400000003,"d":"R$15,529.82"},{"v":165463.55832000004,"d":"R$165,463.56"}]
[{"$nulls":41},"9° MEDIÇÃO ",null,{"v":16262.229,"d":"R$16,262.23"}]
["PLANILHA ORÇAMENTÁRIA"]
[]
[{"$nulls":14},"1° MEDIÇÃO ",null,null,"2° MEDIÇÃO ",null,null,"3° MEDIÇÃO ",null,null,"4° MEDIÇÃO ",null,null,"5° MEDIÇÃO ",null,null,"6° MEDIÇÃO ",null,null,"7° MEDIÇÃO ",null,null,"8° MEDIÇÃO ",null,null,"9° MEDIÇÃO ",null,null,"ACUMULADO MEDIÇÃO ",null,null,"SALDO MEDIÇÃO "]
["Item","Código","Banco","Descrição","Und",null,"Valor Unit","Valor Unit com BDI",null,"Valor Unitário com BDI","Total",null,"Total","Peso (%)","QUANT","(%)","PREÇO TOTAL","QUANT","(%)","PREÇO TOTAL","QUANT","(%)","PREÇO TOTAL","QUANT","(%)","PREÇO TOTAL","QUANT","(%)","PREÇO TOTAL","QUANT","(%)","PREÇO TOTAL","QUANT","(%)","PREÇO TOTAL","QUANT","(%)","PREÇO TOTAL","QUANT","(%)","PREÇO TOTAL","QUANT","(%)","PREÇO TOTAL","QUANT","(%)","PREÇO TOTAL"]
[" 1 ",null,null,"SERVIÇOS PRELIMINARES",{"$nulls":8},{"v":4757.29,"d":"4,757.29"},{"v":0.016925793666499125,"d":"1.69 %"},null,null,{"v":3288.1940000000004,"d":"3,288.19"},null,null,{"v":1469.1,"d":"1,469.10"},null,null,{"v":0,"d":"0.00"},null,null,{"v":0,"d":"0.00"},null,null,{"v":0,"d":"0.00"},null,null,{"v":0,"d":"0.00"},null,null,{"v":0,"d":"0.00"},null,null,{"v":0,"d":"0.00"},null,null,{"v":0,"d":"0.00"},null,null,{"v":4757.294,"d":"4,757.29"},null,null,{"v":-0.00400000000036016,"d":"-0.00"}]
[" 1.1 "," COMP SP 01 ","Próprio","PLACA DE OBRA EM CHAPA DE ACO GALVANIZADO. REF.: SINAPI 74209/001 - 12/2019","m²",3.13,375.61,40.79,428.57,469.36,{"v":127.67269999999999,"d":"127.67"},{"v":1341.4241,"d":"1,341.42"},{"v":1469.1,"d":"1,469.10"},{"$error":"#DIV/0!"},null,{"v":0,"d":"0.00%"},0,3.13,{"v":1,"d":"100.00%"},{"v":1469.1,"d":"1,469.10"},null,{"v":0,"d":"0.00%"},0,null,{"v":0,"d":"0.00%"},0,null,{"v":0,"d":"0.00%"},0,null,{"v":0,"d":"0.00%"},0,null,{"v":0,"d":"0.00%"},0,null,{"v":0,"d":"0.00%"},0,null,{"v":0,"d":"0.00%"},0,3.13,{"v":1,"d":"100.00%"},{"v":1469.1,"d":"1,469.10"},0,{"v":0,"d":"0.00%"},0]
[" 1.2 "," 99059 ","SINAPI","LOCACAO CONVENCIONAL DE OBRA, UTILIZANDO GABARITO DE TÁBUAS CORRIDAS PONTALETADAS A CADA 2,00M -  2 UTILIZAÇÕES. AF_10/2018","M",75.4,{"v":34.9,"d":"34.90"},21.59,22.02,43.61,{"v":1627.88,"d":"1,627.88"},{"v":1660.31,"d":"1,660.31"},{"v":3288.19,"d":"3,288.19"},{"v":0.00930896428072561,"d":"0.93 %"},{"v":75.4,"d":"75.40"},{"v":1.0000012164747172,"d":"100.00%"},{"v":3288.1940000000004,"d":"3,288.19"},null,{"v":0,"d":"0.00%"},0,null,{"v":0,"d":"0.00%"},0,null,{"v":0,"d":"0.00%"},0,null,{"v":0,"d":"0.00%"},0,null,{"v":0,"d":"0.00%"},0,null,{"v":0,"d":"0.00%"},0,null,{"v":0,"d":"0.00%"},0,null,{"v":0,"d":"0.00%"},0,{"v":75.4,"d":"75.40"},{"v":1.0000012164747172,"d":"100.00%"},{"v":3288.1940000000004,"d":"3,288.19"},0,{"v":-1.21647471720313e-06,"d":"-0.00%"},{"v":-0.00400000000036016,"d":"-0.00"}]
[" 2 ",null,null,"ADIMINISTRAÇÃO LOCAL",{"$nulls":8},{"v":10986.12,"d":"10,986.12"},{"v":0.030976053620159698,"d":"3.10 %"},null,null,988.75,null,null,{"v":2307.08,"d":"2,307.08"},null,null,219.72,null,null,{"v":0,"d":"0.00"},null,null,219.72,null,null,439.44,null,null,{"v":0,"d":"0.00"},null,null,{"v":1098.61,"d":"1,098.61"},null,null,{"v":549.3,"d":"549.30"},null,null,{"v":5822.619999999999,"d":"5,822.62"},null,null,{"v":5163.500000000002,"d":"5,163.50"}]
[" 2.1 "," COMP ADM 01 ","Próprio","ADMINISTRAÇÃO LOCAL DE OBRA","UN",1,{"v":8791.71,"d":"8,791.71"},{"v":10742.58,"d":"10,742.58"},199.04,{"v":10986.12,"d":"10,986.12"},{"v":10742.58,"d":"10,742.58"},199.04,{"v":10986.12,"d":"10,986.12"},{"v":0.0309760536201597,"d":"3.10 %"},0.09,{"v":0.09023227159453771,"d":"9.02%"},988.75,0.21,{"v":0.20999952667547775,"d":"21.00%"},{"v":2307.08,"d":"2,307.08"},0.02,{"v":0.019999781542528208,"d":"2.00%"},219.72,null,{"v":0,"d":"0.00%"},0,0.02,{"v":0.019999781542528208,"d":"2.00%"},219.72,0.04,{"v":0.039999563085056415,"d":"4.00%"},439.44,null,{"v":0,"d":"0.00%"},0,0.1,{"v":0.09999981795210683,"d":"10.00%"},{"v":1098.61,"d":"1,098.61"},0.05,{"v":0.049999453856320514,"d":"5.00%"},{"v":549.3,"d":"549.30"},0.53,{"v":0.5299978518348606,"d":"53.00%"},{"v":5822.619999999999,"d":"5,822.62"},0.47,{"v":0.4700021481651394,"d":"47.00%"},{"v":5163.500000000002,"d":"5,163.50"}]
[" 3 ",null,null,"ESTRUTURAL",{"$nulls":8},{"v":85213.61099999998,"d":"85,213.61"},{"v":0.2404133258390309,"d":"24.04 %"},null,null,{"v":26609.874200000002,"d":"26,609.87"},null,null,{"v":31969.120399999996,"d":"31,969.12"},null,null,{"v":3499.144,"d":"3,499.14"},null,null,{"v":14009.068000000003,"d":"14,009.07"},null,null,{"v":3204.6736000000005,"d":"3,204.67"},null,null,{"v":5921.749,"d":"5,921.75"},null,null,{"v":0,"d":"0.00"},null,null,{"v":0,"d":"0.00"},null,null,{"v":0,"d":"0.00"},null,null,{"v":85213.6292,"d":"85,213.63"},null,null,{"v":-0.01820000000031996,"d":"-0.02"}]
[" 3.1 ",null,null,"INFRAESTRUTURA - COTA 0 A 120CM",{"$nulls":8},{"v":30775.570999999993,"d":"30,775.57"},{"v":0.08695587675666114,"d":"8.70 %"},null,null,{"v":26609.874200000002,"d":"26,609.87"},null,null,{"v":4165.714,"d":"4,165.71"},null,null,{"v":0,"d":"0.00"},null,null,{"v":0,"d":"0.00"},null,null,{"v":0,"d":"0.00"},null,null,{"v":0,"d":"0.00"},null,null,{"v":0,"d":"0.00"},null,null,{"v":0,"d":"0.00"},null,null,{"v":0,"d":"0.00"},null,null,{"v":30775.588200000002,"d":"30,775.59"},null,null,{"v":-0.017200000000627824,"d":"-0.02"}]
[" 3.1.1 "," 96523 ","SINAPI","ESCAVAÇÃO MANUAL PARA BLOCO DE COROAMENTO OU SAPATA, COM PREVISÃO DE FÔRMA. AF_06/2017","m³",25.89,71.41,{"v":64.3,"d":"64.30"},24.93,89.23,{"v":1664.72,"d":"1,664.72"},645.44,{"v":2310.16,"d":"2,310.16"},{"v":0.006540132085664474,"d":"0.65 %"},25.89,{"v":1.0000020344911176,"d":"100.00%"},{"v":2310.1647000000003,"d":"2,310.16"},null,{"v":0,"d":"0.00%"},0,null,{"v":0,"d":"0.00%"},0,null,{"v":0,"d":"0.00%"},0,null,{"v":0,"d":"0.00%"},0,null,{"v":0,"d":"0.00%"},0,null,{"v":0,"d":"0.00%"},0,null,{"v":0,"d":"0.00%"},0,null,{"v":0,"d":"0.00%"},0,25.89,{"v":1.0000020344911176,"d":"100.00%"},{"v":2310.1647000000003,"d":"2,310.16"},0,{"v":-2.0344911176766197e-06,"d":"-0.00%"},{"v":-0.004700000000411819,"d":"-0.00"}]
[" 3.1.2 "," 96619 ","SINAPI","LASTRO DE CONCRETO MAGRO, APLICADO EM BLOCOS DE COROAMENTO OU SAPATAS, ESPESSURA DE 5 CM. AF_08/2017","m²",17.33,21.91,9.42,17.95,27.37,163.24,311.08,474.32,{"v":0.001342814112820053,"d":"0.13 %"},17.33,{"v":1.000004427390791,"d":"100.00%"},{"v":474.3221,"d":"474.32"},null,{"v":0,"d":"0.00%"},0,null,{"v":0,"d":"0.00%"},0,null,{"v":0,"d":"0.00%"},0,null,{"v":0,"d":"0.00%"},0,null,{"v":0,"d":"0.00%"},0,null,{"v":0,"d":"0.00%"},0,null,{"v":0,"d":"0.00%"},0,null,{"v":0,"d":"0.00%"},0,17.33,{"v":1.000004427390791,"d":"100.00%"},{"v":474.3221,"d":"474.32"},0,{"v":-4.427390790994366e-06,"d":"-0.00%"},{"v":-0.0020999999999844476,"d":"-0.00"}]
[" 3.1.3 "," 96532 ","SINAPI","FABRICAÇÃO, MONTAGEM E DESMONTAGEM DE FÔRMA PARA SAPATA, EM MADEIRA SERRADA, E=25 MM, 2 UTILIZAÇÕES. AF_06/2017","m²",21.1,128.45,81.29,79.22,160.51,{"v":1715.21,"d":"1,715.21"},{"v":1671.55,"d":"1,671.55"},{"v":3386.76,"d":"3,386.76"},{"v":0.009588018900182245,"d":"0.96 %"},21.1,{"v":1.0000002952674532,"d":"100.00%"},{"v":3386.761,"d":"3,386.76"},null,{"v":0,"d":"0.00%"},0,null,{"v":0,"d":"0.00%"},0,null,{"v":0,"d":"0.00%"},0,null,{"v":0,"d":"0.00%"},0,null,{"v":0,"d":"0.00%"},0,null,{"v":0,"d":"0.00%"},0,null,{"v":0,"d":"0.00%"},0,null,{"v":0,"d":"0.00%"},0,{"v":21.1,"d":"21.10"},{"v":1.0000002952674532,"d":"100.00%"},{"v":3386.761,"d":"3,386.76"},0,{"v":-2.952674531850439e-07,"d":"-0.00%"},{"v":-0.0009999999997489795,"d":"-0.00"}]
[" 3.1.4 "," 96536 ","SINAPI","FABRICAÇÃO, MONTAGEM E DESMONTAGEM DE FÔRMA PARA VIGA BALDRAME, EM MADEIRA SERRADA, E=25 MM, 4 UTILIZAÇÕES. AF_06/2017","m²",89.2,44.49,28.25,27.34,55.59,{"v":2519.9,"d":"2,519.90"},{"v":2438.72,"d":"2,438.72"},{"v":4958.63,"d":"4,958.63"},{"v":0.014038001594096329,"d":"1.40 %"},89.2,{"v":0.999999596662788,"d":"100.00%"},{"v":4958.628000000001,"d":"4,958.63"},null,{"v":0,"d":"0.00%"},0,null,{"v":0,"d":"0.00%"},0,null,{"v":0,"d":"0.00%"},0,null,{"v":0,"d":"0.00%"},0,null,{"v":0,"d":"0.00%"},0,null,{"v":0,"d":"0.00%"},0,null,{"v":0,"d":"0.00%"},0,null,{"v":0,"d":"0.00%"},0,{"v":89.2,"d":"89.20"},{"v":0.999999596662788,"d":"100.00%"},{"v":4958.628000000001,"d":"4,958.63"},0,{"v":4.0333721199161036e-07,"d":"0.00%"},{"v":0.001999999999497959,"d":"0.00"}]
[" 3.1.5 "," 94964 ","SINAPI","CONCRETO FCK = 20MPA, TRAÇO 1:2,7:3 (CIMENTO/ AREIA MÉDIA/ BRITA 1)  - PREPARO MECÂNICO COM BETONEIRA 400 L. AF_07/2016","m³",4.3,{"v":315.8,"d":"315.80"},53.06,339.06,394.62,228.15,{"v":1457.96,"d":"1,457.96"},{"v":1696.87,"d":"1,696.87"},{"v":0.004773427862554856,"d":"0.48 %"},{"v":4.3,"d":"4.30"},{"v":0.9999976427186527,"d":"100.00%"},{"v":1696.866,"d":"1,696.87"},null,{"v":0,"d":"0.00%"},0,null,{"v":0,"d":"0.00%"},0,null,{"v":0,"d":"0.00%"},0,null,{"v":0,"d":"0.00%"},0,null,{"v":0,"d":"0.00%"},0,null,{"v":0,"d":"0.00%"},0,null,{"v":0,"d":"0.00%"},0,null,{"v":0,"d":"0.00%"},0,{"v":4.3,"d":"4.30"},{"v":0.9999976427186527,"d":"100.00%"},{"v":1696.866,"d":"1,696.87"},0,{"v":2.357281347366276e-06,"d":"0.00%"},{"v":0.0039999999999054126,"d":"0.00"}]
[" 3.1.6 "," 94965 ","SINAPI","CONCRETO FCK = 25MPA, TRAÇO 1:2,3:2,7 (CIMENTO/ AREIA MÉDIA/ BRITA 1)  - PREPARO MECÂNICO COM BETONEIRA 400 L. AF_07/2016","m³",7,328.92,{"v":48.1,"d":"48.10"},359.16,411.01,{"v":336.7,"d":"336.70"},{"v":2514.12,"d":"2,514.12"},{"v":2877.07,"d":"2,877.07"},{"v":0.00807075672354036,"d":"0.81 %"},{"v":7,"d":"7.00"},{"v":0.9999999999999999,"d":"100.00%"},{"v":2877.0699999999997,"d":"2,877.07"},null,{"v":0,"d":"0.00%"},0,null,{"v":0,"d":"0.00%"},0,null,{"v":0,"d":"0.00%"},0,null,{"v":0,"d":"0.00%"},0,null,{"v":0,"d":"0.00%"},0,null,{"v":0,"d":"0.00%"},0,null,{"v":0,"d":"0.00%"},0,null,{"v":0,"d":"0.00%"},0,{"v":7,"d":"7.00"},{"v":0.9999999999999999,"d":"100.00%"},{"v":2877.0699999999997,"d":"2,877.07"},0,{"v":0,"d":"0.00%"},0]
[" 3.1.7 "," COMP CA 01 ","Próprio","LANCAMENTO/APLICACAO MANUAL DE CONCRETO EM FUNDACOES. REF.: SINAPI 74157/4 - 01/2020","M³",11.3,103.69,92.86,36.71,129.57,{"v":1049.318,"d":"1,049.32"},{"v":414.82300000000004,"d":"414.82"},{"v":1464.141,"d":"1,464.14"},{"v":0.00408265656147522,"d":"0.41 %"},{"v":11.3,"d":"11.30"},{"v":1,"d":"100.00%"},{"v":1464.141,"d":"1,464.14"},null,{"v":0,"d":"0.00%"},0,null,{"v":0,"d":"0.00%"},0,null,{"v":0,"d":"0.00%"},0,null,{"v":0,"d":"0.00%"},0,null,{"v":0,"d":"0.00%"},0,null,{"v":0,"d":"0.00%"},0,null,{"v":0,"d":"0.00%"},0,null,{"v":0,"d":"0.00%"},0,{"v":11.3,"d":"11.30"},{"v":1,"d":"100.00%"},{"v":1464.141,"d":"1,464.14"},0,{"v":0,"d":"0.00%"},0]
[" 3.1.8 "," 96545 ","SINAPI","ARMAÇÃO DE BLOCO, VIGA BALDRAME OU SAPATA UTILIZANDO AÇO CA-50 DE 8 MM - MONTAGEM. AF_06/2017","KG",145.1,9.68,2.98,9.11,12.09,432.39,{"v":1321.86,"d":"1,321.86"},{"v":1754.26,"d":"1,754.26"},{"v":0.0049663342414711115,"d":"0.50 %"},{"v":145.1,"d":"145.10"},{"v":0.9999994299590711,"d":"100.00%"},{"v":1754.259,"d":"1,754.26"},null,{"v":0,"d":"0.00%"},0,null,{"v":0,"d":"0.00%"},0,null,{"v":0,"d":"0.00%"},0,null,{"v":0,"d":"0.00%"},0,null,{"v":0,"d":"0.00%"},0,null,{"v":0,"d":"0.00%"},0,null,{"v":0,"d":"0.00%"},0,null,{"v":0,"d":"0.00%"},0,{"v":145.1,"d":"145.10"},{"v":0.9999994299590711,"d":"100.00%"},{"v":1754.259,"d":"1,754.26"},0,{"v":5.700409289252181e-07,"d":"0.00%"},{"v":0.0009999999999763531,"d":"0.00"}]
[" 3.1.9 "," 96546 ","SINAPI","ARMAÇÃO DE BLOCO, VIGA BALDRAME OU SAPATA UTILIZANDO AÇO CA-50 DE 10 MM - MONTAGEM. AF_06/2017","KG",342,8.45,2.18,8.37,10.55,745.56,{"v":2862.54,"d":"2,862.54"},{"v":3608.1,"d":"3,608.10"},{"v":0.010214639063218994,"d":"1.02 %"},{"v":342,"d":"342.00"},{"v":1.0000000000000002,"d":"100.00%"},{"v":3608.1000000000004,"d":"3,608.10"},null,{"v":0,"d":"0.00%"},0,null,{"v":0,"d":"0.00%"},0,null,{"v":0,"d":"0.00%"},0,null,{"v":0,"d":"0.00%"},0,null,{"v":0,"d":"0.00%"},0,null,{"v":0,"d":"0.00%"},0,null,{"v":0,"d":"0.00%"},0,null,{"v":0,"d":"0.00%"},0,{"v":342,"d":"342.00"},{"v":1.0000000000000002,"d":"100.00%"},{"v":3608.1000000000004,"d":"3,608.10"},0,{"v":0,"d":"0.00%"},0]
[" 3.1.10 "," 96547 ","SINAPI","ARMAÇÃO DE BLOCO, VIGA BALDRAME OU SAPATA UTILIZANDO AÇO CA-50 DE 12,5 MM - MONTAGEM. AF_06/2017","KG",40.7,7.04,1.61,7.18,8.79,65.52,292.23,357.75,{"v":0.0010128009547591794,"d":"0.10 %"},{"v":40.7,"d":"40.70"},{"v":1.0000083857442348,"d":"100.00%"},{"v":357.753,"d":"357.75"},null,{"v":0,"d":"0.00%"},0,null,{"v":0,"d":"0.00%"},0,null,{"v":0,"d":"0.00%"},0,null,{"v":0,"d":"0.00%"},0,null,{"v":0,"d":"0.00%"},0,null,{"v":0,"d":"0.00%"},0,null,{"v":0,"d":"0.00%"},0,null,{"v":0,"d":"0.00%"},0,{"v":40.7,"d":"40.70"},{"v":1.0000083857442348,"d":"100.00%"},{"v":357.753,"d":"357.75"},0,{"v":-8.385744234761433e-06,"d":"-0.00%"},{"v":-0.002999999999985903,"d":"-0.00"}]
[" 3.1.11 "," 96543 ","SINAPI","ARMAÇÃO DE BLOCO, VIGA BALDRAME E SAPATA UTILIZANDO AÇO CA-60 DE 5 MM - MONTAGEM. AF_06/2017","KG",94.8,12.13,5.89,9.26,15.15,558.37,877.85,{"v":1436.22,"d":"1,436.22"},{"v":0.004065981795231945,"d":"0.41 %"},{"v":94.8,"d":"94.80"},{"v":1,"d":"100.00%"},{"v":1436.22,"d":"1,436.22"},null,{"v":0,"d":"0.00%"},0,null,{"v":0,"d":"0.00%"},0,null,{"v":0,"d":"0.00%"},0,null,{"v":0,"d":"0.00%"},0,null,{"v":0,"d":"0.00%"},0,null,{"v":0,"d":"0.00%"},0,null,{"v":0,"d":"0.00%"},0,null,{"v":0,"d":"0.00%"},0,{"v":94.8,"d":"94.80"},{"v":1,"d":"100.00%"},{"v":1436.22,"d":"1,436.22"},0,{"v":0,"d":"0.00%"},0]
[" 3.1.12 "," 98557 ","SINAPI","IMPERMEABILIZAÇÃO DE SUPERFÍCIE COM EMULSÃO ASFÁLTICA, 2 DEMÃOS AF_06/2018","m²",42.74,24.45,9.66,20.89,30.55,{"v":412.8684,"d":"412.87"},{"v":892.8386,"d":"892.84"},{"v":1305.71,"d":"1,305.71"},{"v":0.0036930219132473912,"d":"0.37 %"},null,{"v":0,"d":"0.00%"},0,42.74,{"v":1,"d":"100.00%"},{"v":1305.71,"d":"1,305.71"},null,{"v":0,"d":"0.00%"},0,null,{"v":0,"d":"0.00%"},0,null,{"v":0,"d":"0.00%"},0,null,{"v":0,"d":"0.00%"},0,null,{"v":0,"d":"0.00%"},0,null,{"v":0,"d":"0.00%"},0,null,{"v":0,"d":"0.00%"},0,42.74,{"v":1,"d":"100.00%"},{"v":1305.71,"d":"1,305.71"},0,{"v":0,"d":"0.00%"},0]
[" 3.1.13 "," 93382 ","SINAPI","REATERRO MANUAL DE VALAS COM COMPACTAÇÃO MECANIZADA. AF_04/2016","m³",14.59,21.02,16.39,9.87,26.26,239.13,{"v":144,"d":"144.00"},383.13,{"v":0.0010846524941911513,"d":"0.11 %"},14.59,{"v":1.0000088742724402,"d":"100.00%"},{"v":383.1334,"d":"383.13"},null,{"v":0,"d":"0.00%"},0,null,{"v":0,"d":"0.00%"},0,null,{"v":0,"d":"0.00%"},0,null,{"v":0,"d":"0.00%"},0,null,{"v":0,"d":"0.00%"},0,null,{"v":0,"d":"0.00%"},0,null,{"v":0,"d":"0.00%"},0,null,{"v":0,"d":"0.00%"},0,14.59,{"v":1.0000088742724402,"d":"100.00%"},{"v":383.1334,"d":"383.13"},0,{"v":-8.874272440161776e-06,"d":"-0.00%"},{"v":-0.0033999999999991815,"d":"-0.00"}]
[" 3.1.14 "," 92412 ","SINAPI","MONTAGEM E DESMONTAGEM DE FÔRMA DE PILARES RETANGULARES E ESTRUTURAS SIMILARES COM ÁREA MÉDIA DAS SEÇÕES MENOR OU IGUAL A 0,25 M², PÉ-DIREITO SIMPLES, EM MADEIRA SERRADA, 4 UTILIZAÇÕES. AF_12/2015","m²",32.2,71.08,53.38,35.44,88.82,{"v":1718.83,"d":"1,718.83"},{"v":1141.17,"d":"1,141.17"},{"v":2860,"d":"2,860.00"},{"v":0.00809674557822852,"d":"0.81 %"},{"v":0,"d":"0.00"},{"v":0,"d":"0.00%"},0,{"v":32.2,"d":"32.20"},{"v":1.0000013986013985,"d":"100.00%"},{"v":2860.004,"d":"2,860.00"},null,{"v":0,"d":"0.00%"},0,null,{"v":0,"d":"0.00%"},0,null,{"v":0,"d":"0.00%"},0,null,{"v":0,"d":"0.00%"},0,null,{"v":0,"d":"0.00%"},0,null,{"v":0,"d":"0.00%"},0,null,{"v":0,"d":"0.00%"},0,{"v":32.2,"d":"32.20"},{"v":1.0000013986013985,"d":"100.00%"},{"v":2860.004,"d":"2,860.00"},0,{"v":-1.398601398568326e-06,"d":"-0.00%"},{"v":-0.0039999999999054126,"d":"-0.00"}]
[" 3.1.15 "," 92775 ","SINAPI","ARMAÇÃO DE PILAR OU VIGA DE UMA ESTRUTURA CONVENCIONAL DE CONCRETO ARMADO EM UMA EDIFICAÇÃO TÉRREA OU SOBRADO UTILIZANDO AÇO CA-60 DE 5,0 MM - MONTAGEM. AF_12/2015","KG",38.6,{"v":12.2,"d":"12.20"},6.09,9.15,15.24,235.07,353.19,588.26,{"v":0.0016653816621848632,"d":"0.17 %"},{"v":38.6,"d":"38.60"},{"v":1.000006799714412,"d":"100.00%"},{"v":588.264,"d":"588.26"},null,{"v":0,"d":"0.00%"},0,null,{"v":0,"d":"0.00%"},0,null,{"v":0,"d":"0.00%"},0,null,{"v":0,"d":"0.00%"},0,null,{"v":0,"d":"0.00%"},0,null,{"v":0,"d":"0.00%"},0,null,{"v":0,"d":"0.00%"},0,null,{"v":0,"d":"0.00%"},0,{"v":38.6,"d":"38.60"},{"v":1.000006799714412,"d":"100.00%"},{"v":588.264,"d":"588.26"},0,{"v":-6.799714412027164e-06,"d":"-0.00%"},{"v":-0.004000000000019099,"d":"-0.00"}]
[" 3.1.16 "," 92778 ","SINAPI","ARMAÇÃO DE PILAR OU VIGA DE UMA ESTRUTURA CONVENCIONAL DE CONCRETO ARMADO EM UMA EDIFICAÇÃO TÉRREA OU SOBRADO UTILIZANDO AÇO CA-50 DE 10,0 MM - MONTAGEM. AF_12/2015","KG",125.4,8.39,2.14,8.34,10.48,268.35,{"v":1045.84,"d":"1,045.84"},{"v":1314.19,"d":"1,314.19"},{"v":0.0037205112137944536,"d":"0.37 %"},{"v":125.4,"d":"125.40"},{"v":1.0000015218499607,"d":"100.00%"},{"v":1314.192,"d":"1,314.19"},null,{"v":0,"d":"0.00%"},0,null,{"v":0,"d":"0.00%"},0,null,{"v":0,"d":"0.00%"},0,null,{"v":0,"d":"0.00%"},0,null,{"v":0,"d":"0.00%"},0,null,{"v":0,"d":"0.00%"},0,null,{"v":0,"d":"0.00%"},0,null,{"v":0,"d":"0.00%"},0,{"v":125.4,"d":"125.40"},{"v":1.0000015218499607,"d":"100.00%"},{"v":1314.192,"d":"1,314.19"},0,{"v":-1.5218499607763764e-06,"d":"-0.00%"},{"v":-0.0019999999999527063,"d":"-0.00"}]
[" 3.2 ",null,null,"SUPERESTRUTURA - PILARES DO PAVIMENTO TÉRREO",{"$nulls":8},{"v":13790.410000000002,"d":"13,790.41"},{"v":0.03897589304414249,"d":"3.90 %"},null,null,{"v":0,"d":"0.00"},null,null,{"v":13790.416,"d":"13,790.42"},null,null,{"v":0,"d":"0.00"},null,null,{"v":0,"d":"0.00"},null,null,{"v":0,"d":"0.00"},null,null,{"v":0,"d":"0.00"},null,null,{"v":0,"d":"0.00"},null,null,{"v":0,"d":"0.00"},null,null,{"v":0,"d":"0.00"},null,null,{"v":13790.416,"d":"13,790.42"},null,null,{"v":-0.0059999999994033715,"d":"-0.01"}]
[" 3.2.1 "," 92412 ","SINAPI","MONTAGEM E DESMONTAGEM DE FÔRMA DE PILARES RETANGULARES E ESTRUTURAS SIMILARES COM ÁREA MÉDIA DAS SEÇÕES MENOR OU IGUAL A 0,25 M², PÉ-DIREITO SIMPLES, EM MADEIRA SERRADA, 4 UTILIZAÇÕES. AF_12/2015","m²",80.4,71.08,53.38,35.44,88.82,{"v":4291.75,"d":"4,291.75"},{"v":2849.37,"d":"2,849.37"},{"v":7141.13,"d":"7,141.13"},{"v":0.020216724399859876,"d":"2.02 %"},null,{"v":0,"d":"0.00%"},0,{"v":80.4,"d":"80.40"},{"v":0.9999997199322795,"d":"100.00%"},{"v":7141.128,"d":"7,141.13"},null,{"v":0,"d":"0.00%"},0,null,{"v":0,"d":"0.00%"},0,null,{"v":0,"d":"0.00%"},0,null,{"v":0,"d":"0.00%"},0,null,{"v":0,"d":"0.00%"},0,null,{"v":0,"d":"0.00%"},0,null,{"v":0,"d":"0.00%"},0,{"v":80.4,"d":"80.40"},{"v":0.9999997199322795,"d":"100.00%"},{"v":7141.128,"d":"7,141.13"},0,{"v":2.800677204318439e-07,"d":"0.00%"},{"v":0.0020000000004074536,"d":"0.00"}]
[" 3.2.2 "," 94965 ","SINAPI","CONCRETO FCK = 25MPA, TRAÇO 1:2,3:2,7 (CIMENTO/ AREIA MÉDIA/ BRITA 1)  - PREPARO MECÂNICO COM BETONEIRA 400 L. AF_07/2016","m³",4.6,328.92,{"v":48.1,"d":"48.10"},359.16,411.01,221.26,{"v":1652.13,"d":"1,652.13"},{"v":1890.65,"d":"1,890.65"},{"v":0.005303623146432701,"d":"0.53 %"},null,{"v":0,"d":"0.00%"},0,{"v":4.6,"d":"4.60"},{"v":0.9999978843254963,"d":"100.00%"},{"v":1890.6459999999997,"d":"1,890.65"},null,{"v":0,"d":"0.00%"},0,null,{"v":0,"d":"0.00%"},0,null,{"v":0,"d":"0.00%"},0,null,{"v":0,"d":"0.00%"},0,null,{"v":0,"d":"0.00%"},0,null,{"v":0,"d":"0.00%"},0,null,{"v":0,"d":"0.00%"},0,{"v":4.6,"d":"4.60"},{"v":0.9999978843254963,"d":"100.00%"},{"v":1890.6459999999997,"d":"1,890.65"},0,{"v":2.1156745036681352e-06,"d":"0.00%"},{"v":0.00400000000036016,"d":"0.00"}]
[" 3.2.3 "," 92873 ","SINAPI","LANÇAMENTO COM USO DE BALDES, ADENSAMENTO E ACABAMENTO DE CONCRETO EM ESTRUTURAS. AF_12/2015","m³",4.6,161.81,144.88,56.06,202.19,666.44,257.88,930.07,{"v":0.0026167775779259387,"d":"0.26 %"},null,{"v":0,"d":"0.00%"},0,{"v":4.6,"d":"4.60"},{"v":1.0000043007515562,"d":"100.00%"},{"v":930.074,"d":"930.07"},null,{"v":0,"d":"0.00%"},0,null,{"v":0,"d":"0.00%"},0,null,{"v":0,"d":"0.00%"},0,null,{"v":0,"d":"0.00%"},0,null,{"v":0,"d":"0.00%"},0,null,{"v":0,"d":"0.00%"},0,null,{"v":0,"d":"0.00%"},0,{"v":4.6,"d":"4.60"},{"v":1.0000043007515562,"d":"100.00%"},{"v":930.074,"d":"930.07"},0,{"v":-4.30075155623277e-06,"d":"-0.00%"},{"v":-0.0039999999999054126,"d":"-0.00"}]
[" 3.2.4 "," 92778 ","SINAPI","ARMAÇÃO DE PILAR OU VIGA DE UMA ESTRUTURA CONVENCIONAL DE CONCRETO ARMADO EM UMA EDIFICAÇÃO TÉRREA OU SOBRADO UTILIZANDO AÇO CA-50 DE 10,0 MM - MONTAGEM. AF_12/2015","KG",226.3,8.39,2.14,8.34,10.48,484.28,{"v":1887.34,"d":"1,887.34"},{"v":2371.62,"d":"2,371.62"},{"v":0.006714127184698713,"d":"0.67 %"},null,{"v":0,"d":"0.00%"},0,{"v":226.3,"d":"226.30"},{"v":1.00000168661084,"d":"100.00%"},{"v":2371.6240000000003,"d":"2,371.62"},null,{"v":0,"d":"0.00%"},0,null,{"v":0,"d":"0.00%"},0,null,{"v":0,"d":"0.00%"},0,null,{"v":0,"d":"0.00%"},0,null,{"v":0,"d":"0.00%"},0,null,{"v":0,"d":"0.00%"},0,null,{"v":0,"d":"0.00%"},0,{"v":226.3,"d":"226.30"},{"v":1.00000168661084,"d":"100.00%"},{"v":2371.6240000000003,"d":"2,371.62"},0,{"v":-1.6866108399997302e-06,"d":"-0.00%"},{"v":-0.00400000000036016,"d":"-0.00"}]
[" 3.2.5 "," 92775 ","SINAPI","ARMAÇÃO DE PILAR OU VIGA DE UMA ESTRUTURA CONVENCIONAL DE CONCRETO ARMADO EM UMA EDIFICAÇÃO TÉRREA OU SOBRADO UTILIZANDO AÇO CA-60 DE 5,0 MM - MONTAGEM. AF_12/2015","KG",95.6,{"v":12.2,"d":"12.20"},6.09,9.15,15.24,{"v":582.2,"d":"582.20"},874.74,{"v":1456.94,"d":"1,456.94"},{"v":0.004124640735225265,"d":"0.41 %"},null,{"v":0,"d":"0.00%"},0,{"v":95.6,"d":"95.60"},{"v":1.0000027454802531,"d":"100.00%"},{"v":1456.944,"d":"1,456.94"},null,{"v":0,"d":"0.00%"},0,null,{"v":0,"d":"0.00%"},0,null,{"v":0,"d":"0.00%"},0,null,{"v":0,"d":"0.00%"},0,null,{"v":0,"d":"0.00%"},0,null,{"v":0,"d":"0.00%"},0,null,{"v":0,"d":"0.00%"},0,{"v":95.6,"d":"95.60"},{"v":1.0000027454802531,"d":"100.00%"},{"v":1456.944,"d":"1,456.94"},0,{"v":-2.7454802530683573e-06,"d":"-0.00%"},{"v":-0.0039999999999054126,"d":"-0.00"}]
[" 3.3 ",null,null,"SUPERESTRUTURA - VIGAS DE AMARRAÇÃO E PILARES",{"$nulls":8},{"v":35032.479999999996,"d":"35,032.48"},{"v":0.09858492667943915,"d":"9.86 %"},null,null,{"v":0,"d":"0.00"},null,null,{"v":14012.990399999999,"d":"14,012.99"},null,null,{"v":3499.144,"d":"3,499.14"},null,null,{"v":14009.068000000003,"d":"14,009.07"},null,null,{"v":3204.6736000000005,"d":"3,204.67"},null,null,{"v":306.6,"d":"306.60"},null,null,{"v":0,"d":"0.00"},null,null,{"v":0,"d":"0.00"},null,null,{"v":0,"d":"0.00"},null,null,{"v":35032.475999999995,"d":"35,032.48"},null,null,{"v":0.003999999999052761,"d":"0.00"}]
[" 3.3.1 "," 92412 ","SINAPI","SUPERESTRUTURA - VIGAS DE AMARRAÇÃO E PILARES","m²",31.4,71.08,53.38,35.44,88.82,{"v":1676.13,"d":"1,676.13"},{"v":1112.81,"d":"1,112.81"},{"v":2788.95,"d":"2,788.95"},{"v":0.007895572591938687,"d":"0.79 %"},null,{"v":0,"d":"0.00%"},0,12.56,{"v":0.3999997131536958,"d":"40.00%"},{"v":1115.5792,"d":"1,115.58"},3.14,{"v":0.09999992828842395,"d":"10.00%"},{"v":278.8948,"d":"278.89"},{"v":12.7,"d":"12.70"},{"v":0.40445830868247906,"d":"40.45%"},{"v":1128.014,"d":"1,128.01"},{"v":3,"d":"3.00"},{"v":0.09554133275964072,"d":"9.55%"},266.46,null,{"v":0,"d":"0.00%"},0,null,{"v":0,"d":"0.00%"},0,null,{"v":0,"d":"0.00%"},0,null,{"v":0,"d":"0.00%"},0,{"v":31.4,"d":"31.40"},{"v":0.9999992828842396,"d":"100.00%"},{"v":2788.948,"d":"2,788.95"},0,{"v":7.171157603946669e-07,"d":"0.00%"},{"v":0.0019999999999527063,"d":"0.00"}]
[" 3.3.2 "," 92448 ","SINAPI","MONTAGEM E DESMONTAGEM DE FÔRMA DE VIGA, ESCORAMENTO COM PONTALETE DE MADEIRA, PÉ-DIREITO SIMPLES, EM MADEIRA SERRADA, 4 UTILIZAÇÕES. AF_12/2015","m²",152.4,{"v":82.1,"d":"82.10"},{"v":42.6,"d":"42.60"},58.97,102.59,{"v":6492.24,"d":"6,492.24"},{"v":8987.02,"d":"8,987.02"},{"v":15634.72,"d":"15,634.72"},{"v":0.043822248237499854,"d":"4.38 %"},null,{"v":0,"d":"0.00%"},0,60.96,{"v":0.39999989766366145,"d":"40.00%"},{"v":6253.8864,"d":"6,253.89"},{"v":15.2,"d":"15.20"},{"v":0.09973750729146412,"d":"9.97%"},{"v":1559.368,"d":"1,559.37"},{"v":60,"d":"60.00"},{"v":0.3937006866768321,"d":"39.37%"},{"v":6155.400000000001,"d":"6,155.40"},16.24,{"v":0.10656165252719589,"d":"10.66%"},{"v":1666.0616,"d":"1,666.06"},null,{"v":0,"d":"0.00%"},0,null,{"v":0,"d":"0.00%"},0,null,{"v":0,"d":"0.00%"},0,null,{"v":0,"d":"0.00%"},0,{"v":152.4,"d":"152.40"},{"v":0.9999997441591535,"d":"100.00%"},{"v":15634.716,"d":"15,634.72"},0,{"v":2.558408464619717e-07,"d":"0.00%"},{"v":0.003999999998995918,"d":"0.00"}]
[" 3.3.3 "," 94965 ","SINAPI","CONCRETO FCK = 25MPA, TRAÇO 1:2,3:2,7 (CIMENTO/ AREIA MÉDIA/ BRITA 1)  - PREPARO MECÂNICO COM BETONEIRA 400 L. AF_07/2016","m³",10.8,328.92,{"v":48.1,"d":"48.10"},359.16,411.01,519.48,{"v":3878.92,"d":"3,878.92"},{"v":4438.91,"d":"4,438.91"},{"v":0.012452002010937175,"d":"1.25 %"},null,{"v":0,"d":"0.00%"},0,4.32,{"v":0.3999998197755756,"d":"40.00%"},{"v":1775.5632,"d":"1,775.56"},1.08,{"v":0.0999999549438939,"d":"10.00%"},{"v":443.8908,"d":"443.89"},{"v":4.4,"d":"4.40"},{"v":0.40740722384549366,"d":"40.74%"},{"v":1808.4440000000002,"d":"1,808.44"},{"v":0.5,"d":"0.50"},{"v":0.04629627543698791,"d":"4.63%"},{"v":205.505,"d":"205.51"},{"v":0.5,"d":"0.50"},{"v":0.04629627543698791,"d":"4.63%"},{"v":205.505,"d":"205.51"},null,{"v":0,"d":"0.00%"},0,null,{"v":0,"d":"0.00%"},0,null,{"v":0,"d":"0.00%"},0,{"v":10.8,"d":"10.80"},{"v":0.999999549438939,"d":"100.00%"},{"v":4438.908,"d":"4,438.91"},0,{"v":4.505610610483112e-07,"d":"0.00%"},{"v":0.001999999999497959,"d":"0.00"}]
[" 3.3.4 "," 92873 ","SINAPI","LANÇAMENTO COM USO DE BALDES, ADENSAMENTO E ACABAMENTO DE CONCRETO EM ESTRUTURAS. AF_12/2015","m³",10.8,161.81,144.88,56.06,202.19,{"v":1564.7,"d":"1,564.70"},605.45,{"v":2183.65,"d":"2,183.65"},{"v":0.006143759586221196,"d":"0.61 %"},null,{"v":0,"d":"0.00%"},0,4.32,{"v":0.4000003663590777,"d":"40.00%"},{"v":873.4608000000001,"d":"873.46"},1.08,{"v":0.10000009158976943,"d":"10.00%"},{"v":218.36520000000002,"d":"218.37"},4.4,{"v":0.4074077805509125,"d":"40.74%"},{"v":889.6360000000001,"d":"889.64"},0.5,{"v":0.04629633869896732,"d":"4.63%"},{"v":101.095,"d":"101.10"},{"v":0.5,"d":"0.50"},{"v":0.04629633869896732,"d":"4.63%"},{"v":101.095,"d":"101.10"},null,{"v":0,"d":"0.00%"},0,null,{"v":0,"d":"0.00%"},0,null,{"v":0,"d":"0.00%"},0,{"v":10.8,"d":"10.80"},{"v":1.000000915897694,"d":"100.00%"},{"v":2183.6519999999996,"d":"2,183.65"},0,{"v":-9.158976939976457e-07,"d":"-0.00%"},{"v":-0.001999999999497959,"d":"-0.00"}]
[" 3.3.5 "," 92778 ","SINAPI","ARMAÇÃO DE PILAR OU VIGA DE UMA ESTRUTURA CONVENCIONAL DE CONCRETO ARMADO EM UMA EDIFICAÇÃO TÉRREA OU SOBRADO UTILIZANDO AÇO CA-50 DE 10,0 MM - MONTAGEM. AF_12/2015","KG",642.8,8.39,2.14,8.34,10.48,{"v":1375.59,"d":"1,375.59"},{"v":5360.95,"d":"5,360.95"},{"v":6736.54,"d":"6,736.54"},{"v":0.019071346313832012,"d":"1.91 %"},null,{"v":0,"d":"0.00%"},0,257.12,{"v":0.4000002375106509,"d":"40.00%"},{"v":2694.6176,"d":"2,694.62"},64.28,{"v":0.10000005937766272,"d":"10.00%"},{"v":673.6544,"d":"673.65"},{"v":260,"d":"260.00"},{"v":0.4044806384286296,"d":"40.45%"},{"v":2724.8,"d":"2,724.80"},{"v":61.4,"d":"61.40"},{"v":0.09551965845968405,"d":"9.55%"},{"v":643.472,"d":"643.47"},null,{"v":0,"d":"0.00%"},0,null,{"v":0,"d":"0.00%"},0,null,{"v":0,"d":"0.00%"},0,null,{"v":0,"d":"0.00%"},0,{"v":642.8,"d":"642.80"},{"v":1.0000005937766272,"d":"100.00%"},{"v":6736.544,"d":"6,736.54"},0,{"v":-5.937766271565837e-07,"d":"-0.00%"},{"v":-0.0039999999999054126,"d":"-0.00"}]
[" 3.3.6 "," 92779 ","SINAPI","ARMAÇÃO DE PILAR OU VIGA DE UMA ESTRUTURA CONVENCIONAL DE CONCRETO ARMADO EM UMA EDIFICAÇÃO TÉRREA OU SOBRADO UTILIZANDO AÇO CA-50 DE 12,5 MM - MONTAGEM. AF_12/2015","KG",20.7,6.92,1.51,7.13,8.64,31.25,147.59,178.85,{"v":0.0005063013913323036,"d":"0.05 %"},null,{"v":0,"d":"0.00%"},0,8.28,{"v":0.3999955269779144,"d":"40.00%"},{"v":71.5392,"d":"71.54"},2.07,{"v":0.0999988817444786,"d":"10.00%"},{"v":17.8848,"d":"17.88"},8.35,{"v":0.40337713167458766,"d":"40.34%"},{"v":72.144,"d":"72.14"},{"v":2,"d":"2.00"},{"v":0.09661727704780543,"d":"9.66%"},17.28,null,{"v":0,"d":"0.00%"},0,null,{"v":0,"d":"0.00%"},0,null,{"v":0,"d":"0.00%"},0,null,{"v":0,"d":"0.00%"},0,{"v":20.7,"d":"20.70"},{"v":0.9999888174447861,"d":"100.00%"},{"v":178.84799999999998,"d":"178.85"},0,{"v":1.1182555213919764e-05,"d":"0.00%"},{"v":0.0020000000000095497,"d":"0.00"}]
[" 3.3.7 "," 92775 ","SINAPI","ARMAÇÃO DE PILAR OU VIGA DE UMA ESTRUTURA CONVENCIONAL DE CONCRETO ARMADO EM UMA EDIFICAÇÃO TÉRREA OU SOBRADO UTILIZANDO AÇO CA-60 DE 5,0 MM - MONTAGEM. AF_12/2015","KG",201.5,{"v":12.2,"d":"12.20"},6.09,9.15,15.24,{"v":1227.13,"d":"1,227.13"},{"v":1843.73,"d":"1,843.73"},{"v":3070.86,"d":"3,070.86"},{"v":0.008693696547677912,"d":"0.87 %"},null,{"v":0,"d":"0.00%"},0,80.6,{"v":0.3999999999999999,"d":"40.00%"},{"v":1228.3439999999998,"d":"1,228.34"},20.15,{"v":0.09999999999999998,"d":"10.00%"},{"v":307.08599999999996,"d":"307.09"},80.75,{"v":0.40074441687344914,"d":"40.07%"},{"v":1230.63,"d":"1,230.63"},20,{"v":0.09925558312655086,"d":"9.93%"},{"v":304.8,"d":"304.80"},null,{"v":0,"d":"0.00%"},0,null,{"v":0,"d":"0.00%"},0,null,{"v":0,"d":"0.00%"},0,null,{"v":0,"d":"0.00%"},0,{"v":201.5,"d":"201.50"},{"v":1,"d":"100.00%"},{"v":3070.86,"d":"3,070.86"},0,{"v":0,"d":"0.00%"},0]
[" 3.4 ",null,null,"LAJES",{"$nulls":8},{"v":5615.15,"d":"5,615.15"},{"v":0.015896629358788144,"d":"1.59 %"},null,null,{"v":0,"d":"0.00"},null,null,{"v":0,"d":"0.00"},null,null,{"v":0,"d":"0.00"},null,null,{"v":0,"d":"0.00"},null,null,{"v":0,"d":"0.00"},null,null,{"v":5615.148999999999,"d":"5,615.15"},null,null,{"v":0,"d":"0.00"},null,null,{"v":0,"d":"0.00"},null,null,{"v":0,"d":"0.00"},null,null,{"v":5615.148999999999,"d":"5,615.15"},null,null,{"v":0.0010000000006584742,"d":"0.00"}]
[" 3.4.1 "," 74202/002 ","SINAPI","LAJE PRE-MOLDADA P/PISO, SOBRECARGA 200KG/M2, VAOS ATE 3,50M/E=8CM, C/LAJOTAS E CAP.C/CONC FCK=20MPA, 4CM, INTER-EIXO 38CM, C/ESCORAMENTO (REAPR.3X) E FERRAGEM NEGATIVA","m²",11,83.57,21.15,83.27,104.42,232.65,915.97,{"v":1148.62,"d":"1,148.62"},{"v":0.0032517775895331614,"d":"0.33 %"},null,{"v":0,"d":"0.00%"},0,null,{"v":0,"d":"0.00%"},0,null,{"v":0,"d":"0.00%"},0,null,{"v":0,"d":"0.00%"},0,null,{"v":0,"d":"0.00%"},0,{"v":11,"d":"11.00"},{"v":1.0000000000000002,"d":"100.00%"},{"v":1148.6200000000001,"d":"1,148.62"},null,{"v":0,"d":"0.00%"},0,null,{"v":0,"d":"0.00%"},0,null,{"v":0,"d":"0.00%"},0,{"v":11,"d":"11.00"},{"v":1.0000000000000002,"d":"100.00%"},{"v":1148.6200000000001,"d":"1,148.62"},0,{"v":0,"d":"0.00%"},0]
[" 3.4.2 "," 74202/001 ","SINAPI","LAJE PRE-MOLDADA P/FORRO, SOBRECARGA 100KG/M2, VAOS ATE 3,50M/E=8CM, C/LAJOTAS E CAP.C/CONC FCK=20MPA, 3CM, INTER-EIXO 38CM, C/ESCORAMENTO (REAPR.3X) E FERRAGEM NEGATIVA","m²",17.86,{"v":76.4,"d":"76.40"},18.45,77.01,95.46,329.51,{"v":1375.4,"d":"1,375.40"},{"v":1704.92,"d":"1,704.92"},{"v":0.004826651225097058,"d":"0.48 %"},null,{"v":0,"d":"0.00%"},0,null,{"v":0,"d":"0.00%"},0,null,{"v":0,"d":"0.00%"},0,null,{"v":0,"d":"0.00%"},0,null,{"v":0,"d":"0.00%"},0,17.86,{"v":0.9999974192337469,"d":"100.00%"},{"v":1704.9155999999998,"d":"1,704.92"},null,{"v":0,"d":"0.00%"},0,null,{"v":0,"d":"0.00%"},0,null,{"v":0,"d":"0.00%"},0,17.86,{"v":0.9999974192337469,"d":"100.00%"},{"v":1704.9155999999998,"d":"1,704.92"},0,{"v":2.58076625311437e-06,"d":"0.00%"},{"v":0.004400000000259752,"d":"0.00"}]
[" 3.4.3 "," 98546 ","SINAPI","IMPERMEABILIZAÇÃO DE SUPERFÍCIE COM MANTA ASFÁLTICA, UMA CAMADA, INCLUSIVE APLICAÇÃO DE PRIMER ASFÁLTICO, E=3MM. AF_06/2018","m²",28.86,76.58,21.54,74.15,95.69,621.64,{"v":2139.97,"d":"2,139.97"},{"v":2761.61,"d":"2,761.61"},{"v":0.007818200544157923,"d":"0.78 %"},null,{"v":0,"d":"0.00%"},0,null,{"v":0,"d":"0.00%"},0,null,{"v":0,"d":"0.00%"},0,null,{"v":0,"d":"0.00%"},0,null,{"v":0,"d":"0.00%"},0,28.86,{"v":1.0000012311658777,"d":"100.00%"},{"v":2761.6133999999997,"d":"2,761.61"},null,{"v":0,"d":"0.00%"},0,null,{"v":0,"d":"0.00%"},0,null,{"v":0,"d":"0.00%"},0,28.86,{"v":1.0000012311658777,"d":"100.00%"},{"v":2761.6133999999997,"d":"2,761.61"},0,{"v":-1.2311658777312066e-06,"d":"-0.00%"},{"v":-0.0033999999996012775,"d":"-0.00"}]
[" 4 ",null,null,"ELÉTRICO",{"$nulls":8},{"v":19744.530000000002,"d":"19,744.53"},{"v":0.055892004588306815,"d":"5.59 %"},null,null,{"v":146.1898,"d":"146.19"},null,null,{"v":0,"d":"0.00"},null,null,{"v":0,"d":"0.00"},null,null,{"v":0,"d":"0.00"},null,null,{"v":0,"d":"0.00"},null,null,{"v":0,"d":"0.00"},null,null,{"v":0,"d":"0.00"},null,null,{"v":0,"d":"0.00"},null,null,{"v":0,"d":"0.00"},null,null,{"v":146.1898,"d":"146.19"},null,null,{"v":19598.340200000002,"d":"19,598.34"}]
[" 4.1 ",null,null,"INSTALAÇÃO E FORNECIMENTO DE ELETRODUTOS",{"$nulls":8},{"v":3774.8599999999997,"d":"3,774.86"},{"v":0.010686628371891112,"d":"1.07 %"},null,null,{"v":146.1898,"d":"146.19"},null,null,{"v":0,"d":"0.00"},null,null,{"v":0,"d":"0.00"},null,null,{"v":0,"d":"0.00"},null,null,{"v":0,"d":"0.00"},null,null,{"v":0,"d":"0.00"},null,null,{"v":0,"d":"0.00"},null,null,{"v":0,"d":"0.00"},null,null,{"v":0,"d":"0.00"},null,null,{"v":146.1898,"d":"146.19"},null,null,{"v":3628.6702,"d":"3,628.67"}]
[" 4.1.1 "," 91854 ","SINAPI","ELETRODUTO FLEXÍVEL CORRUGADO, PVC, DN 25 MM (3/4\"), PARA CIRCUITOS TERMINAIS, INSTALADO EM PAREDE - FORNECIMENTO E INSTALAÇÃO. AF_12/2015","M",98.61,6.47,4.73,3.35,8.08,466.42,330.34,796.77,{"v":0.002255651401017257,"d":"0.23 %"},null,{"v":0,"d":"0.00%"},0,null,{"v":0,"d":"0.00%"},0,null,{"v":0,"d":"0.00%"},0,null,{"v":0,"d":"0.00%"},0,null,{"v":0,"d":"0.00%"},0,null,{"v":0,"d":"0.00%"},0,null,{"v":0,"d":"0.00%"},0,null,{"v":0,"d":"0.00%"},0,null,{"v":0,"d":"0.00%"},0,0,{"v":0,"d":"0.00%"},0,98.61,{"v":1,"d":"100.00%"},796.77]
[" 4.1.2 "," 91844 ","SINAPI","ELETRODUTO FLEXÍVEL CORRUGADO, PVC, DN 25 MM (3/4\"), PARA CIRCUITOS TERMINAIS, INSTALADO EM LAJE - FORNECIMENTO E INSTALAÇÃO. AF_12/2015","M",17.15,4.53,2.84,2.82,5.66,{"v":48.7,"d":"48.70"},48.36,97.07,{"v":0.0002747797642737273,"d":"0.03 %"},null,{"v":0,"d":"0.00%"},0,null,{"v":0,"d":"0.00%"},0,null,{"v":0,"d":"0.00%"},0,null,{"v":0,"d":"0.00%"},0,null,{"v":0,"d":"0.00%"},0,null,{"v":0,"d":"0.00%"},0,null,{"v":0,"d":"0.00%"},0,null,{"v":0,"d":"0.00%"},0,null,{"v":0,"d":"0.00%"},0,0,{"v":0,"d":"0.00%"},0,17.15,{"v":1,"d":"100.00%"},97.07]
[" 4.1.3 "," 91834 ","SINAPI","ELETRODUTO FLEXÍVEL CORRUGADO, PVC, DN 25 MM (3/4\"), PARA CIRCUITOS TERMINAIS, INSTALADO EM FORRO - FORNECIMENTO E INSTALAÇÃO. AF_12/2015","M",120.24,6.25,3.71,{"v":4.1,"d":"4.10"},7.81,446.09,492.98,939.07,{"v":0.0026585352692821873,"d":"0.27 %"},null,{"v":0,"d":"0.00%"},0,null,{"v":0,"d":"0.00%"},0,null,{"v":0,"d":"0.00%"},0,null,{"v":0,"d":"0.00%"},0,null,{"v":0,"d":"0.00%"},0,null,{"v":0,"d":"0.00%"},0,null,{"v":0,"d":"0.00%"},0,null,{"v":0,"d":"0.00%"},0,null,{"v":0,"d":"0.00%"},0,0,{"v":0,"d":"0.00%"},0,120.24,{"v":1,"d":"100.00%"},939.07]
[" 4.1.4 "," 91836 ","SINAPI","ELETRODUTO FLEXÍVEL CORRUGADO, PVC, DN 32 MM (1\"), PARA CIRCUITOS TERMINAIS, INSTALADO EM FORRO - FORNECIMENTO E INSTALAÇÃO. AF_12/2015","M",18.72,{"v":8,"d":"8.00"},4.36,5.63,9.99,81.61,{"v":105.4,"d":"105.40"},187.01,{"v":0.0005294309057987816,"d":"0.05 %"},null,{"v":0,"d":"0.00%"},0,null,{"v":0,"d":"0.00%"},0,null,{"v":0,"d":"0.00%"},0,null,{"v":0,"d":"0.00%"},0,null,{"v":0,"d":"0.00%"},0,null,{"v":0,"d":"0.00%"},0,null,{"v":0,"d":"0.00%"},0,null,{"v":0,"d":"0.00%"},0,null,{"v":0,"d":"0.00%"},0,0,{"v":0,"d":"0.00%"},0,18.72,{"v":1,"d":"100.00%"},187.01]
[" 4.1.5 "," COMP ELT 01 ","Próprio","ELETRODUTO FLEXÍVEL CORRUGADO REFORÇADO, PVC, DN 32 MM (1\"), INSTALADO EM VALA ESCAVADA MANUALMENTE - FORNECIMENTO E INSTALAÇÃO. REF.: SINAPI 91837","M",10.54,{"v":11.1,"d":"11.10"},{"v":6.2,"d":"6.20"},7.67,13.87,65.34,80.84,146.19,{"v":0.0004138399540648409,"d":"0.04 %"},10.54,{"v":0.9999986319173677,"d":"100.00%"},{"v":146.1898,"d":"146.19"},null,{"v":0,"d":"0.00%"},0,null,{"v":0,"d":"0.00%"},0,null,{"v":0,"d":"0.00%"},0,null,{"v":0,"d":"0.00%"},0,null,{"v":0,"d":"0.00%"},0,null,{"v":0,"d":"0.00%"},0,null,{"v":0,"d":"0.00%"},0,null,{"v":0,"d":"0.00%"},0,10.54,{"v":0.9999986319173677,"d":"100.00%"},{"v":146.1898,"d":"146.19"},0,{"v":1.3680826322364e-06,"d":"0.00%"},{"v":0.0002000000000066393,"d":"0.00"}]
[" 4.1.6 "," 90443 ","SINAPI","RASGO EM ALVENARIA PARA RAMAIS/ DISTRIBUIÇÃO COM DIAMETROS MENORES OU IGUAIS A 40 MM. AF_05/2015","M",98.61,{"v":9.9,"d":"9.90"},9.55,2.82,12.37,941.72,278.08,{"v":1219.81,"d":"1,219.81"},{"v":0.003453290299413688,"d":"0.35 %"},null,{"v":0,"d":"0.00%"},0,null,{"v":0,"d":"0.00%"},0,null,{"v":0,"d":"0.00%"},0,null,{"v":0,"d":"0.00%"},0,null,{"v":0,"d":"0.00%"},0,null,{"v":0,"d":"0.00%"},0,null,{"v":0,"d":"0.00%"},0,null,{"v":0,"d":"0.00%"},0,null,{"v":0,"d":"0.00%"},0,0,{"v":0,"d":"0.00%"},0,98.61,{"v":1,"d":"100.00%"},{"v":1219.81,"d":"1,219.81"}]
[" 4.1.7 "," 83446 ","SINAPI","CAIXA DE PASSAGEM 30X30X40 COM TAMPA E DRENO BRITA","UN",2,155.63,92.69,101.78,194.47,185.38,203.56,388.94,{"v":0.0011011007780406296,"d":"0.11 %"},null,{"v":0,"d":"0.00%"},0,null,{"v":0,"d":"0.00%"},0,null,{"v":0,"d":"0.00%"},0,null,{"v":0,"d":"0.00%"},0,null,{"v":0,"d":"0.00%"},0,null,{"v":0,"d":"0.00%"},0,null,{"v":0,"d":"0.00%"},0,null,{"v":0,"d":"0.00%"},0,null,{"v":0,"d":"0.00%"},0,0,{"v":0,"d":"0.00%"},0,{"v":2,"d":"2.00"},{"v":1,"d":"100.00%"},388.94]
[" 4.2 ",null,null,"CABOS ELÉTRICOS",{"$nulls":8},{"v":5936.75,"d":"5,936.75"},{"v":0.016807031961252033,"d":"1.68 %"},null,null,{"v":0,"d":"0.00"},null,null,{"v":0,"d":"0.00"},null,null,{"v":0,"d":"0.00"},null,null,{"v":0,"d":"0.00"},null,null,{"v":0,"d":"0.00"},null,null,{"v":0,"d":"0.00"},null,null,{"v":0,"d":"0.00"},null,null,{"v":0,"d":"0.00"},null,null,{"v":0,"d":"0.00"},null,null,{"v":0,"d":"0.00"},null,null,{"v":5936.75,"d":"5,936.75"}]
[" 4.2.1 "," 91927 ","SINAPI","CABO DE COBRE FLEXÍVEL ISOLADO, 2,5 MM², ANTI-CHAMA 0,6/1,0 KV, PARA CIRCUITOS TERMINAIS - FORNECIMENTO E INSTALAÇÃO. AF_12/2015","M",438.1,3.44,0.96,3.33,4.29,420.57,{"v":1458.87,"d":"1,458.87"},{"v":1879.45,"d":"1,879.45"},{"v":0.00532075087746357,"d":"0.53 %"},null,{"v":0,"d":"0.00%"},0,null,{"v":0,"d":"0.00%"},0,null,{"v":0,"d":"0.00%"},0,null,{"v":0,"d":"0.00%"},0,null,{"v":0,"d":"0.00%"},0,null,{"v":0,"d":"0.00%"},0,null,{"v":0,"d":"0.00%"},0,null,{"v":0,"d":"0.00%"},0,null,{"v":0,"d":"0.00%"},0,0,{"v":0,"d":"0.00%"},0,{"v":438.1,"d":"438.10"},{"v":1,"d":"100.00%"},{"v":1879.45,"d":"1,879.45"}]
[" 4.2.2 "," 91929 ","SINAPI","CABO DE COBRE FLEXÍVEL ISOLADO, 4 MM², ANTI-CHAMA 0,6/1,0 KV, PARA CIRCUITOS TERMINAIS - FORNECIMENTO E INSTALAÇÃO. AF_12/2015","M",428.9,4.82,1.28,4.74,6.02,548.99,{"v":2032.98,"d":"2,032.98"},{"v":2581.98,"d":"2,581.98"},{"v":0.007309634328887654,"d":"0.73 %"},null,{"v":0,"d":"0.00%"},0,null,{"v":0,"d":"0.00%"},0,null,{"v":0,"d":"0.00%"},0,null,{"v":0,"d":"0.00%"},0,null,{"v":0,"d":"0.00%"},0,null,{"v":0,"d":"0.00%"},0,null,{"v":0,"d":"0.00%"},0,null,{"v":0,"d":"0.00%"},0,null,{"v":0,"d":"0.00%"},0,0,{"v":0,"d":"0.00%"},0,{"v":428.9,"d":"428.90"},{"v":1,"d":"100.00%"},{"v":2581.98,"d":"2,581.98"}]
[" 4.2.3 "," 91935 ","SINAPI","CABO DE COBRE FLEXÍVEL ISOLADO, 16 MM², ANTI-CHAMA 0,6/1,0 KV, PARA CIRCUITOS TERMINAIS - FORNECIMENTO E INSTALAÇÃO. AF_12/2015","M",76.6,15.42,3.67,15.59,19.26,281.12,{"v":1194.19,"d":"1,194.19"},{"v":1475.32,"d":"1,475.32"},{"v":0.00417664675490081,"d":"0.42 %"},null,{"v":0,"d":"0.00%"},0,null,{"v":0,"d":"0.00%"},0,null,{"v":0,"d":"0.00%"},0,null,{"v":0,"d":"0.00%"},0,null,{"v":0,"d":"0.00%"},0,null,{"v":0,"d":"0.00%"},0,null,{"v":0,"d":"0.00%"},0,null,{"v":0,"d":"0.00%"},0,null,{"v":0,"d":"0.00%"},0,0,{"v":0,"d":"0.00%"},0,{"v":76.6,"d":"76.60"},{"v":1,"d":"100.00%"},{"v":1475.32,"d":"1,475.32"}]
[" 4.3 ",null,null,"INSTALAÇÃO E FORNECIMENTO DE TOMADAS E INTERRUPTORES",{"$nulls":8},{"v":2080.9900000000002,"d":"2,080.99"},{"v":0.005891344958334883,"d":"0.59 %"},null,null,{"v":0,"d":"0.00"},null,null,{"v":0,"d":"0.00"},null,null,{"v":0,"d":"0.00"},null,null,{"v":0,"d":"0.00"},null,null,{"v":0,"d":"0.00"},null,null,{"v":0,"d":"0.00"},null,null,{"v":0,"d":"0.00"},null,null,{"v":0,"d":"0.00"},null,null,{"v":0,"d":"0.00"},null,null,{"v":0,"d":"0.00"},null,null,{"v":2080.9900000000002,"d":"2,080.99"}]
[" 4.3.1 "," 91939 ","SINAPI","CAIXA RETANGULAR 4\" X 2\" ALTA (2,00 M DO PISO), PVC, INSTALADA EM PAREDE - FORNECIMENTO E INSTALAÇÃO. AF_12/2015","UN",12,20.71,17.22,8.65,25.87,206.64,{"v":103.8,"d":"103.80"},310.44,{"v":0.0008788649291277138,"d":"0.09 %"},null,{"v":0,"d":"0.00%"},0,null,{"v":0,"d":"0.00%"},0,null,{"v":0,"d":"0.00%"},0,null,{"v":0,"d":"0.00%"},0,null,{"v":0,"d":"0.00%"},0,null,{"v":0,"d":"0.00%"},0,null,{"v":0,"d":"0.00%"},0,null,{"v":0,"d":"0.00%"},0,null,{"v":0,"d":"0.00%"},0,0,{"v":0,"d":"0.00%"},0,{"v":12,"d":"12.00"},{"v":1,"d":"100.00%"},310.44]
[" 4.3.2 "," 91940 ","SINAPI","CAIXA RETANGULAR 4\" X 2\" MÉDIA (1,30 M DO PISO), PVC, INSTALADA EM PAREDE - FORNECIMENTO E INSTALAÇÃO. AF_12/2015","UN",17,10.93,8.24,5.41,13.65,140.08,91.97,232.05,{"v":0.0006569404935062685,"d":"0.07 %"},null,{"v":0,"d":"0.00%"},0,null,{"v":0,"d":"0.00%"},0,null,{"v":0,"d":"0.00%"},0,null,{"v":0,"d":"0.00%"},0,null,{"v":0,"d":"0.00%"},0,null,{"v":0,"d":"0.00%"},0,null,{"v":0,"d":"0.00%"},0,null,{"v":0,"d":"0.00%"},0,null,{"v":0,"d":"0.00%"},0,0,{"v":0,"d":"0.00%"},0,{"v":17,"d":"17.00"},{"v":1,"d":"100.00%"},232.05]
[" 4.3.3 "," 91941 ","SINAPI","CAIXA RETANGULAR 4\" X 2\" BAIXA (0,30 M DO PISO), PVC, INSTALADA EM PAREDE - FORNECIMENTO E INSTALAÇÃO. AF_12/2015","UN",18,7.26,4.86,4.21,9.07,87.48,75.78,163.26,{"v":0.0004621939451404154,"d":"0.05 %"},null,{"v":0,"d":"0.00%"},0,null,{"v":0,"d":"0.00%"},0,null,{"v":0,"d":"0.00%"},0,null,{"v":0,"d":"0.00%"},0,null,{"v":0,"d":"0.00%"},0,null,{"v":0,"d":"0.00%"},0,null,{"v":0,"d":"0.00%"},0,null,{"v":0,"d":"0.00%"},0,null,{"v":0,"d":"0.00%"},0,0,{"v":0,"d":"0.00%"},0,{"v":18,"d":"18.00"},{"v":1,"d":"100.00%"},163.26]
[" 4.3.4 "," 91937 ","SINAPI","CAIXA OCTOGONAL 3\" X 3\", PVC, INSTALADA EM LAJE - FORNECIMENTO E INSTALAÇÃO. AF_12/2015","UN",5,8.13,4.69,5.46,10.15,23.45,{"v":27.3,"d":"27.30"},50.75,{"v":0.00014367476856471935,"d":"0.01 %"},null,{"v":0,"d":"0.00%"},0,null,{"v":0,"d":"0.00%"},0,null,{"v":0,"d":"0.00%"},0,null,{"v":0,"d":"0.00%"},0,null,{"v":0,"d":"0.00%"},0,null,{"v":0,"d":"0.00%"},0,null,{"v":0,"d":"0.00%"},0,null,{"v":0,"d":"0.00%"},0,null,{"v":0,"d":"0.00%"},0,0,{"v":0,"d":"0.00%"},0,{"v":5,"d":"5.00"},{"v":1,"d":"100.00%"},50.75]
[" 4.3.5 "," 92000 ","SINAPI","TOMADA BAIXA DE EMBUTIR (1 MÓDULO), 2P+T 10 A, INCLUINDO SUPORTE E PLACA - FORNECIMENTO E INSTALAÇÃO. AF_12/2015","UN",16,18.39,10.26,12.72,22.98,164.16,203.52,367.68,{"v":0.0010409130818891826,"d":"0.10 %"},null,{"v":0,"d":"0.00%"},0,null,{"v":0,"d":"0.00%"},0,null,{"v":0,"d":"0.00%"},0,null,{"v":0,"d":"0.00%"},0,null,{"v":0,"d":"0.00%"},0,null,{"v":0,"d":"0.00%"},0,null,{"v":0,"d":"0.00%"},0,null,{"v":0,"d":"0.00%"},0,null,{"v":0,"d":"0.00%"},0,0,{"v":0,"d":"0.00%"},0,{"v":16,"d":"16.00"},{"v":1,"d":"100.00%"},367.68]
[" 4.3.6 "," 92008 ","SINAPI","TOMADA BAIXA DE EMBUTIR (2 MÓDULOS), 2P+T 10 A, INCLUINDO SUPORTE E PLACA - FORNECIMENTO E INSTALAÇÃO. AF_12/2015","UN",2,29.38,16.07,20.64,36.71,32.14,41.28,73.42,{"v":0.00020785421690683144,"d":"0.02 %"},null,{"v":0,"d":"0.00%"},0,null,{"v":0,"d":"0.00%"},0,null,{"v":0,"d":"0.00%"},0,null,{"v":0,"d":"0.00%"},0,null,{"v":0,"d":"0.00%"},0,null,{"v":0,"d":"0.00%"},0,null,{"v":0,"d":"0.00%"},0,null,{"v":0,"d":"0.00%"},0,null,{"v":0,"d":"0.00%"},0,0,{"v":0,"d":"0.00%"},0,{"v":2,"d":"2.00"},{"v":1,"d":"100.00%"},73.42]
[" 4.3.7 "," 91996 ","SINAPI","TOMADA MÉDIA DE EMBUTIR (1 MÓDULO), 2P+T 10 A, INCLUINDO SUPORTE E PLACA - FORNECIMENTO E INSTALAÇÃO. AF_12/2015","UN",7,21.04,12.69,{"v":13.6,"d":"13.60"},26.29,88.83,{"v":95.2,"d":"95.20"},184.03,{"v":0.0005209944366298581,"d":"0.05 %"},null,{"v":0,"d":"0.00%"},0,null,{"v":0,"d":"0.00%"},0,null,{"v":0,"d":"0.00%"},0,null,{"v":0,"d":"0.00%"},0,null,{"v":0,"d":"0.00%"},0,null,{"v":0,"d":"0.00%"},0,null,{"v":0,"d":"0.00%"},0,null,{"v":0,"d":"0.00%"},0,null,{"v":0,"d":"0.00%"},0,0,{"v":0,"d":"0.00%"},0,{"v":7,"d":"7.00"},{"v":1,"d":"100.00%"},184.03]
[" 4.3.8 "," 91992 ","SINAPI","TOMADA ALTA DE EMBUTIR (1 MÓDULO), 2P+T 10 A, INCLUINDO SUPORTE E PLACA - FORNECIMENTO E INSTALAÇÃO. AF_12/2015","UN",4,27.87,18.98,15.84,34.82,75.92,63.36,139.28,{"v":0.00039430584759988396,"d":"0.04 %"},null,{"v":0,"d":"0.00%"},0,null,{"v":0,"d":"0.00%"},0,null,{"v":0,"d":"0.00%"},0,null,{"v":0,"d":"0.00%"},0,null,{"v":0,"d":"0.00%"},0,null,{"v":0,"d":"0.00%"},0,null,{"v":0,"d":"0.00%"},0,null,{"v":0,"d":"0.00%"},0,null,{"v":0,"d":"0.00%"},0,0,{"v":0,"d":"0.00%"},0,{"v":4,"d":"4.00"},{"v":1,"d":"100.00%"},139.28]
[" 4.3.9 "," 91993 ","SINAPI","TOMADA ALTA DE EMBUTIR (1 MÓDULO), 2P+T 20 A, INCLUINDO SUPORTE E PLACA - FORNECIMENTO E INSTALAÇÃO. AF_12/2015","UN",8,29.17,18.98,17.47,36.45,151.84,139.76,{"v":291.6,"d":"291.60"},{"v":0.000825528325388614,"d":"0.08 %"},null,{"v":0,"d":"0.00%"},0,null,{"v":0,"d":"0.00%"},0,null,{"v":0,"d":"0.00%"},0,null,{"v":0,"d":"0.00%"},0,null,{"v":0,"d":"0.00%"},0,null,{"v":0,"d":"0.00%"},0,null,{"v":0,"d":"0.00%"},0,null,{"v":0,"d":"0.00%"},0,null,{"v":0,"d":"0.00%"},0,0,{"v":0,"d":"0.00%"},0,{"v":8,"d":"8.00"},{"v":1,"d":"100.00%"},{"v":291.6,"d":"291.60"}]
[" 4.3.10 "," 91953 ","SINAPI","INTERRUPTOR SIMPLES (1 MÓDULO), 10A/250V, INCLUINDO SUPORTE E PLACA - FORNECIMENTO E INSTALAÇÃO. AF_12/2015","UN",7,17.45,9.93,11.87,{"v":21.8,"d":"21.80"},69.51,83.09,{"v":152.6,"d":"152.60"},{"v":0.0004320151661670182,"d":"0.04 %"},null,{"v":0,"d":"0.00%"},0,null,{"v":0,"d":"0.00%"},0,null,{"v":0,"d":"0.00%"},0,null,{"v":0,"d":"0.00%"},0,null,{"v":0,"d":"0.00%"},0,null,{"v":0,"d":"0.00%"},0,null,{"v":0,"d":"0.00%"},0,null,{"v":0,"d":"0.00%"},0,null,{"v":0,"d":"0.00%"},0,0,{"v":0,"d":"0.00%"},0,{"v":7,"d":"7.00"},{"v":1,"d":"100.00%"},{"v":152.6,"d":"152.60"}]
[" 4.3.11 "," 91959 ","SINAPI","INTERRUPTOR SIMPLES (2 MÓDULOS), 10A/250V, INCLUINDO SUPORTE E PLACA - FORNECIMENTO E INSTALAÇÃO. AF_12/2015","UN",2,27.55,15.43,18.99,34.42,30.86,37.98,68.84,{"v":0.00019488809986197597,"d":"0.02 %"},null,{"v":0,"d":"0.00%"},0,null,{"v":0,"d":"0.00%"},0,null,{"v":0,"d":"0.00%"},0,null,{"v":0,"d":"0.00%"},0,null,{"v":0,"d":"0.00%"},0,null,{"v":0,"d":"0.00%"},0,null,{"v":0,"d":"0.00%"},0,null,{"v":0,"d":"0.00%"},0,null,{"v":0,"d":"0.00%"},0,0,{"v":0,"d":"0.00%"},0,{"v":2,"d":"2.00"},{"v":1,"d":"100.00%"},68.84]
[" 4.3.12 "," 91967 ","SINAPI","INTERRUPTOR SIMPLES (3 MÓDULOS), 10A/250V, INCLUINDO SUPORTE E PLACA - FORNECIMENTO E INSTALAÇÃO. AF_12/2015","UN",1,37.65,20.94,{"v":26.1,"d":"26.10"},47.04,20.94,{"v":26.1,"d":"26.10"},47.04,{"v":0.00013317164755240193,"d":"0.01 %"},null,{"v":0,"d":"0.00%"},0,null,{"v":0,"d":"0.00%"},0,null,{"v":0,"d":"0.00%"},0,null,{"v":0,"d":"0.00%"},0,null,{"v":0,"d":"0.00%"},0,null,{"v":0,"d":"0.00%"},0,null,{"v":0,"d":"0.00%"},0,null,{"v":0,"d":"0.00%"},0,null,{"v":0,"d":"0.00%"},0,0,{"v":0,"d":"0.00%"},0,{"v":1,"d":"1.00"},{"v":1,"d":"100.00%"},47.04]
[" 4.4 ",null,null,"INSTALAÇÃO E FORNECIMENTO DE LUMINÁRIAS",{"$nulls":8},{"v":3065.55,"d":"3,065.55"},{"v":0.008678663778789663,"d":"0.87 %"},null,null,{"v":0,"d":"0.00"},null,null,{"v":0,"d":"0.00"},null,null,{"v":0,"d":"0.00"},null,null,{"v":0,"d":"0.00"},null,null,{"v":0,"d":"0.00"},null,null,{"v":0,"d":"0.00"},null,null,{"v":0,"d":"0.00"},null,null,{"v":0,"d":"0.00"},null,null,{"v":0,"d":"0.00"},null,null,{"v":0,"d":"0.00"},null,null,{"v":3065.55,"d":"3,065.55"}]
[" 4.4.1 "," 97586 ","SINAPI","LUMINÁRIA TIPO CALHA, DE SOBREPOR, COM 2 LÂMPADAS TUBULARES FLUORESCENTES DE 36 W, COM REATOR DE PARTIDA RÁPIDA - FORNECIMENTO E INSTALAÇÃO. AF_02/2020","UN",30,74.75,9.78,83.62,{"v":93.4,"d":"93.40"},{"v":293.4,"d":"293.40"},{"v":2508.6,"d":"2,508.60"},{"v":2802,"d":"2,802.00"},{"v":0.007932545842725984,"d":"0.79 %"},null,{"v":0,"d":"0.00%"},0,null,{"v":0,"d":"0.00%"},0,null,{"v":0,"d":"0.00%"},0,null,{"v":0,"d":"0.00%"},0,null,{"v":0,"d":"0.00%"},0,null,{"v":0,"d":"0.00%"},0,null,{"v":0,"d":"0.00%"},0,null,{"v":0,"d":"0.00%"},0,null,{"v":0,"d":"0.00%"},0,0,{"v":0,"d":"0.00%"},0,{"v":30,"d":"30.00"},{"v":1,"d":"100.00%"},{"v":2802,"d":"2,802.00"}]
[" 4.4.2 "," 97593 ","SINAPI","LUMINÁRIA TIPO SPOT, DE SOBREPOR, COM 1 LÂMPADA FLUORESCENTE DE 15 W, SEM REATOR - FORNECIMENTO E INSTALAÇÃO. AF_02/2020","UN",3,70.31,10.71,77.14,87.85,32.13,231.42,263.55,{"v":0.0007461179360636805,"d":"0.07 %"},null,{"v":0,"d":"0.00%"},0,null,{"v":0,"d":"0.00%"},0,null,{"v":0,"d":"0.00%"},0,null,{"v":0,"d":"0.00%"},0,null,{"v":0,"d":"0.00%"},0,null,{"v":0,"d":"0.00%"},0,null,{"v":0,"d":"0.00%"},0,null,{"v":0,"d":"0.00%"},0,null,{"v":0,"d":"0.00%"},0,0,{"v":0,"d":"0.00%"},0,{"v":3,"d":"3.00"},{"v":1,"d":"100.00%"},263.55]
[" 4.5 ",null,null,"DISPOSITIVOS DE PROTEÇÃO, QUADRO DE DISTRIBUIÇÃO E RAMAL DE ENTRADA",{"$nulls":8},{"v":4886.38,"d":"4,886.38"},{"v":0.013828335518039124,"d":"1.38 %"},null,null,{"v":0,"d":"0.00"},null,null,{"v":0,"d":"0.00"},null,null,{"v":0,"d":"0.00"},null,null,{"v":0,"d":"0.00"},null,null,{"v":0,"d":"0.00"},null,null,{"v":0,"d":"0.00"},null,null,{"v":0,"d":"0.00"},null,null,{"v":0,"d":"0.00"},null,null,{"v":0,"d":"0.00"},null,null,{"v":0,"d":"0.00"},null,null,{"v":4886.38,"d":"4,886.38"}]
[" 4.5.1 "," 93653 ","SINAPI","DISJUNTOR MONOPOLAR TIPO DIN, CORRENTE NOMINAL DE 10A - FORNECIMENTO E INSTALAÇÃO. AF_04/2016","UN",4,10.36,1.06,11.88,12.94,4.24,47.52,51.76,{"v":0.00014653410878640144,"d":"0.01 %"},null,{"v":0,"d":"0.00%"},0,null,{"v":0,"d":"0.00%"},0,null,{"v":0,"d":"0.00%"},0,null,{"v":0,"d":"0.00%"},0,null,{"v":0,"d":"0.00%"},0,null,{"v":0,"d":"0.00%"},0,null,{"v":0,"d":"0.00%"},0,null,{"v":0,"d":"0.00%"},0,null,{"v":0,"d":"0.00%"},0,0,{"v":0,"d":"0.00%"},0,{"v":4,"d":"4.00"},{"v":1,"d":"100.00%"},51.76]
[" 4.5.2 "," 93654 ","SINAPI","DISJUNTOR MONOPOLAR TIPO DIN, CORRENTE NOMINAL DE 16A - FORNECIMENTO E INSTALAÇÃO. AF_04/2016","UN",2,10.82,1.49,12.03,13.52,2.98,24.06,27.04,{"v":7.655104910325146e-05,"d":"0.01 %"},null,{"v":0,"d":"0.00%"},0,null,{"v":0,"d":"0.00%"},0,null,{"v":0,"d":"0.00%"},0,null,{"v":0,"d":"0.00%"},0,null,{"v":0,"d":"0.00%"},0,null,{"v":0,"d":"0.00%"},0,null,{"v":0,"d":"0.00%"},0,null,{"v":0,"d":"0.00%"},0,null,{"v":0,"d":"0.00%"},0,0,{"v":0,"d":"0.00%"},0,{"v":2,"d":"2.00"},{"v":1,"d":"100.00%"},27.04]
[" 4.5.3 "," 93667 ","SINAPI","DISJUNTOR TRIPOLAR TIPO DIN, CORRENTE NOMINAL DE 10A - FORNECIMENTO E INSTALAÇÃO. AF_04/2016","UN",7,64.92,2.88,78.24,81.12,20.16,547.68,567.84,{"v":0.0016075720311682805,"d":"0.16 %"},null,{"v":0,"d":"0.00%"},0,null,{"v":0,"d":"0.00%"},0,null,{"v":0,"d":"0.00%"},0,null,{"v":0,"d":"0.00%"},0,null,{"v":0,"d":"0.00%"},0,null,{"v":0,"d":"0.00%"},0,null,{"v":0,"d":"0.00%"},0,null,{"v":0,"d":"0.00%"},0,null,{"v":0,"d":"0.00%"},0,0,{"v":0,"d":"0.00%"},0,{"v":7,"d":"7.00"},{"v":1,"d":"100.00%"},567.84]
[" 4.5.4 "," 93668 ","SINAPI","DISJUNTOR TRIPOLAR TIPO DIN, CORRENTE NOMINAL DE 16A - FORNECIMENTO E INSTALAÇÃO. AF_04/2016","UN",1,66.29,4.14,78.69,82.83,4.14,78.69,82.83,{"v":0.00023449420847715673,"d":"0.02 %"},null,{"v":0,"d":"0.00%"},0,null,{"v":0,"d":"0.00%"},0,null,{"v":0,"d":"0.00%"},0,null,{"v":0,"d":"0.00%"},0,null,{"v":0,"d":"0.00%"},0,null,{"v":0,"d":"0.00%"},0,null,{"v":0,"d":"0.00%"},0,null,{"v":0,"d":"0.00%"},0,null,{"v":0,"d":"0.00%"},0,0,{"v":0,"d":"0.00%"},0,{"v":1,"d":"1.00"},{"v":1,"d":"100.00%"},82.83]
[" 4.5.5 "," 93672 ","SINAPI","DISJUNTOR TRIPOLAR TIPO DIN, CORRENTE NOMINAL DE 40A - FORNECIMENTO E INSTALAÇÃO. AF_04/2016","UN",1,77.19,12.83,83.62,96.45,12.83,83.62,96.45,{"v":0.0002730528360210282,"d":"0.03 %"},null,{"v":0,"d":"0.00%"},0,null,{"v":0,"d":"0.00%"},0,null,{"v":0,"d":"0.00%"},0,null,{"v":0,"d":"0.00%"},0,null,{"v":0,"d":"0.00%"},0,null,{"v":0,"d":"0.00%"},0,null,{"v":0,"d":"0.00%"},0,null,{"v":0,"d":"0.00%"},0,null,{"v":0,"d":"0.00%"},0,0,{"v":0,"d":"0.00%"},0,{"v":1,"d":"1.00"},{"v":1,"d":"100.00%"},96.45]
[" 4.5.6 "," COMP ELT 02 ","Próprio","FORNECIMENTO E INSTALAÇAO DE DISPOSITIVO DPS CLASSE II, 1 POLO, TENSAO MAXIMA DE 275 V, CORRENTE MAXIMA DE *45* KA (TIPO AC). REF.: SINAPI 9373","UN",1,121.41,17.83,133.88,151.71,17.83,133.88,151.71,{"v":0.000429495549536031,"d":"0.04 %"},null,{"v":0,"d":"0.00%"},0,null,{"v":0,"d":"0.00%"},0,null,{"v":0,"d":"0.00%"},0,null,{"v":0,"d":"0.00%"},0,null,{"v":0,"d":"0.00%"},0,null,{"v":0,"d":"0.00%"},0,null,{"v":0,"d":"0.00%"},0,null,{"v":0,"d":"0.00%"},0,null,{"v":0,"d":"0.00%"},0,0,{"v":0,"d":"0.00%"},0,{"v":1,"d":"1.00"},{"v":1,"d":"100.00%"},151.71]
[" 4.5.7 "," COMP ELT 03 ","Próprio","FORNECIMENTO E INSTALAÇAO DE DISPOSITIVO DR, 2 POLOS, SENSIBILIDADE DE 30 MA, CORRENTE DE 25 A, TIPO AC","UN",3,145.91,11.26,171.06,182.32,33.78,513.18,546.96,{"v":0.0015484601263873674,"d":"0.15 %"},null,{"v":0,"d":"0.00%"},0,null,{"v":0,"d":"0.00%"},0,null,{"v":0,"d":"0.00%"},0,null,{"v":0,"d":"0.00%"},0,null,{"v":0,"d":"0.00%"},0,null,{"v":0,"d":"0.00%"},0,null,{"v":0,"d":"0.00%"},0,null,{"v":0,"d":"0.00%"},0,null,{"v":0,"d":"0.00%"},0,0,{"v":0,"d":"0.00%"},0,{"v":3,"d":"3.00"},{"v":1,"d":"100.00%"},546.96]
[" 4.5.8 "," 74131/005 ","SINAPI","QUADRO DE DISTRIBUICAO DE ENERGIA DE EMBUTIR, EM CHAPA METALICA, PARA 24 DISJUNTORES TERMOMAGNETICOS MONOPOLARES, COM BARRAMENTO TRIFASICO E NEUTRO, FORNECIMENTO E INSTALACAO","UN",1,500.42,95.54,527.96,625.32,95.54,527.96,625.32,{"v":0.0017651471566522664,"d":"0.18 %"},null,{"v":0,"d":"0.00%"},0,null,{"v":0,"d":"0.00%"},0,null,{"v":0,"d":"0.00%"},0,null,{"v":0,"d":"0.00%"},0,null,{"v":0,"d":"0.00%"},0,null,{"v":0,"d":"0.00%"},0,null,{"v":0,"d":"0.00%"},0,null,{"v":0,"d":"0.00%"},0,null,{"v":0,"d":"0.00%"},0,0,{"v":0,"d":"0.00%"},0,{"v":1,"d":"1.00"},{"v":1,"d":"100.00%"},625.32]
[" 4.5.9 "," COMP ELT 04 ","Próprio","FORNECIMENTO E INSTALAÇAO DE PADRÃO DE ENTRADA DE ENERGIA CATEGORIA \"T3\" (ENERGISA) - TRIFÁSICO - 7 METROS DE ALTURA, INCLUSO ATERRAMENTO","UN",1,{"v":2189.88,"d":"2,189.88"},207.91,{"v":2528.56,"d":"2,528.56"},{"v":2736.47,"d":"2,736.47"},207.91,{"v":2528.56,"d":"2,528.56"},{"v":2736.47,"d":"2,736.47"},{"v":0.007747028451907341,"d":"0.77 %"},null,{"v":0,"d":"0.00%"},0,null,{"v":0,"d":"0.00%"},0,null,{"v":0,"d":"0.00%"},0,null,{"v":0,"d":"0.00%"},0,null,{"v":0,"d":"0.00%"},0,null,{"v":0,"d":"0.00%"},0,null,{"v":0,"d":"0.00%"},0,null,{"v":0,"d":"0.00%"},0,null,{"v":0,"d":"0.00%"},0,0,{"v":0,"d":"0.00%"},0,{"v":1,"d":"1.00"},{"v":1,"d":"100.00%"},{"v":2736.47,"d":"2,736.47"}]
[" 5 ",null,null,"INSTALAÇÃO DE ÁGUA FRIA",{"$nulls":8},{"v":9310.810000000001,"d":"9,310.81"},{"v":0.026359153402017516,"d":"2.64 %"},null,null,{"v":0,"d":"0.00"},null,null,{"v":0,"d":"0.00"},null,null,{"v":0,"d":"0.00"},null,null,{"v":0,"d":"0.00"},null,null,{"v":0,"d":"0.00"},null,null,{"v":0,"d":"0.00"},null,null,{"v":0,"d":"0.00"},null,null,{"v":0,"d":"0.00"},null,null,{"v":0,"d":"0.00"},null,null,{"v":0,"d":"0.00"},null,null,{"v":9310.810000000001,"d":"9,310.81"}]
[" 5.1 ",null,null,"COMPOSIÇÕES REPRESENTATIVAS DE REDE DE ÁGUA FRIA",{"$nulls":8},{"v":786.4000000000001,"d":"786.40"},{"v":0.0022262936207213726,"d":"0.22 %"},null,null,{"v":0,"d":"0.00"},null,null,{"v":0,"d":"0.00"},null,null,{"v":0,"d":"0.00"},null,null,{"v":0,"d":"0.00"},null,null,{"v":0,"d":"0.00"},null,null,{"v":0,"d":"0.00"},null,null,{"v":0,"d":"0.00"},null,null,{"v":0,"d":"0.00"},null,null,{"v":0,"d":"0.00"},null,null,{"v":0,"d":"0.00"},null,null,{"v":786.4000000000001,"d":"786.40"}]
[" 5.1.1 "," 91788 ","SINAPI","(COMPOSIÇÃO REPRESENTATIVA) DO SERVIÇO DE INSTALAÇÃO DE TUBOS DE PVC, SOLDÁVEL, ÁGUA FRIA, DN 50 MM (INSTALADO EM PRUMADA), INCLUSIVE CONEXÕES, CORTES E FIXAÇÕES, PARA PRÉDIOS. AF_10/2015","M",12.92,29.96,6.96,30.47,37.43,89.92,393.67,{"v":483.6,"d":"483.60"},{"v":0.0013690577602012341,"d":"0.14 %"},null,{"v":0,"d":"0.00%"},0,null,{"v":0,"d":"0.00%"},0,null,{"v":0,"d":"0.00%"},0,null,{"v":0,"d":"0.00%"},0,null,{"v":0,"d":"0.00%"},0,null,{"v":0,"d":"0.00%"},0,null,{"v":0,"d":"0.00%"},0,null,{"v":0,"d":"0.00%"},0,null,{"v":0,"d":"0.00%"},0,0,{"v":0,"d":"0.00%"},0,12.92,{"v":1,"d":"100.00%"},{"v":483.6,"d":"483.60"}]
[" 5.1.2 "," 91785 ","SINAPI","(COMPOSIÇÃO REPRESENTATIVA) DO SERVIÇO DE INSTALAÇÃO DE TUBOS DE PVC, SOLDÁVEL, ÁGUA FRIA, DN 25 MM (INSTALADO EM RAMAL, SUB-RAMAL, RAMAL DE DISTRIBUIÇÃO OU PRUMADA), INCLUSIVE CONEXÕES, CORTES E FIXAÇÕES, PARA PRÉDIOS. AF_10/2015","M",7.38,32.84,22.86,18.17,41.03,{"v":168.7,"d":"168.70"},{"v":134.1,"d":"134.10"},{"v":302.8,"d":"302.80"},{"v":0.0008572358605201384,"d":"0.09 %"},null,{"v":0,"d":"0.00%"},0,null,{"v":0,"d":"0.00%"},0,null,{"v":0,"d":"0.00%"},0,null,{"v":0,"d":"0.00%"},0,null,{"v":0,"d":"0.00%"},0,null,{"v":0,"d":"0.00%"},0,null,{"v":0,"d":"0.00%"},0,null,{"v":0,"d":"0.00%"},0,null,{"v":0,"d":"0.00%"},0,0,{"v":0,"d":"0.00%"},0,7.38,{"v":1,"d":"100.00%"},{"v":302.8,"d":"302.80"}]
[" 5.2 ",null,null,"REGISTROS",{"$nulls":8},{"v":1016.97,"d":"1,016.97"},{"v":0.0028790725002416284,"d":"0.29 %"},null,null,{"v":0,"d":"0.00"},null,null,{"v":0,"d":"0.00"},null,null,{"v":0,"d":"0.00"},null,null,{"v":0,"d":"0.00"},null,null,{"v":0,"d":"0.00"},null,null,{"v":0,"d":"0.00"},null,null,{"v":0,"d":"0.00"},null,null,{"v":0,"d":"0.00"},null,null,{"v":0,"d":"0.00"},null,null,{"v":0,"d":"0.00"},null,null,{"v":1016.97,"d":"1,016.97"}]
[" 5.2.1 "," 94497 ","SINAPI","REGISTRO DE GAVETA BRUTO, LATÃO, ROSCÁVEL, 1 1/2\u0094, INSTALADO EM RESERVAÇÃO DE ÁGUA DE EDIFICAÇÃO QUE POSSUA RESERVATÓRIO DE FIBRA/FIBROCIMENTO \u0096 FORNECIMENTO E INSTALAÇÃO. AF_06/2016","UN",3,85.02,25.27,80.97,106.24,75.81,242.91,318.72,{"v":0.0009023058568856621,"d":"0.09 %"},null,{"v":0,"d":"0.00%"},0,null,{"v":0,"d":"0.00%"},0,null,{"v":0,"d":"0.00%"},0,null,{"v":0,"d":"0.00%"},0,null,{"v":0,"d":"0.00%"},0,null,{"v":0,"d":"0.00%"},0,null,{"v":0,"d":"0.00%"},0,null,{"v":0,"d":"0.00%"},0,null,{"v":0,"d":"0.00%"},0,0,{"v":0,"d":"0.00%"},0,{"v":3,"d":"3.00"},{"v":1,"d":"100.00%"},318.72]
[" 5.2.2 "," 99635 ","SINAPI","VÁLVULA DE DESCARGA METÁLICA, BASE 1 1/2 \", ACABAMENTO METALICO CROMADO - FORNECIMENTO E INSTALAÇÃO. AF_01/2019","UN",3,186.26,24.32,208.43,232.75,72.96,625.29,698.25,{"v":0.001976766643355966,"d":"0.20 %"},null,{"v":0,"d":"0.00%"},0,null,{"v":0,"d":"0.00%"},0,null,{"v":0,"d":"0.00%"},0,null,{"v":0,"d":"0.00%"},0,null,{"v":0,"d":"0.00%"},0,null,{"v":0,"d":"0.00%"},0,null,{"v":0,"d":"0.00%"},0,null,{"v":0,"d":"0.00%"},0,null,{"v":0,"d":"0.00%"},0,0,{"v":0,"d":"0.00%"},0,{"v":3,"d":"3.00"},{"v":1,"d":"100.00%"},698.25]
[" 5.3 ",null,null,"ALIMENTAÇÃO",{"$nulls":8},{"v":1343.84,"d":"1,343.84"},{"v":0.0038044512509953195,"d":"0.38 %"},null,null,{"v":0,"d":"0.00"},null,null,{"v":0,"d":"0.00"},null,null,{"v":0,"d":"0.00"},null,null,{"v":0,"d":"0.00"},null,null,{"v":0,"d":"0.00"},null,null,{"v":0,"d":"0.00"},null,null,{"v":0,"d":"0.00"},null,null,{"v":0,"d":"0.00"},null,null,{"v":0,"d":"0.00"},null,null,{"v":0,"d":"0.00"},null,null,{"v":1343.84,"d":"1,343.84"}]
[" 5.3.1 "," 91784 ","SINAPI","(COMPOSIÇÃO REPRESENTATIVA) DO SERVIÇO DE INSTALAÇÃO DE TUBOS DE PVC, SOLDÁVEL, ÁGUA FRIA, DN 20 MM (INSTALADO EM RAMAL, SUB-RAMAL OU RAMAL DE DISTRIBUIÇÃO), INCLUSIVE CONEXÕES, CORTES E FIXAÇÕES, PARA PRÉDIOS. AF_10/2015","M",28.85,33.17,23.54,{"v":17.9,"d":"17.90"},41.44,679.12,516.42,{"v":1195.54,"d":"1,195.54"},{"v":0.0033846095134948684,"d":"0.34 %"},null,{"v":0,"d":"0.00%"},0,null,{"v":0,"d":"0.00%"},0,null,{"v":0,"d":"0.00%"},0,null,{"v":0,"d":"0.00%"},0,null,{"v":0,"d":"0.00%"},0,null,{"v":0,"d":"0.00%"},0,null,{"v":0,"d":"0.00%"},0,null,{"v":0,"d":"0.00%"},0,null,{"v":0,"d":"0.00%"},0,0,{"v":0,"d":"0.00%"},0,28.85,{"v":1,"d":"100.00%"},{"v":1195.54,"d":"1,195.54"}]
[" 5.3.2 "," 95634 ","SINAPI","KIT CAVALETE PARA MEDIÇÃO DE ÁGUA - ENTRADA PRINCIPAL, EM PVC SOLDÁVEL DN 20 (½\")   FORNECIMENTO E INSTALAÇÃO (EXCLUSIVE HIDRÔMETRO). AF_11/2016","UN",1,118.68,47.53,100.77,{"v":148.3,"d":"148.30"},47.53,100.77,{"v":148.3,"d":"148.30"},{"v":0.00041984173750045085,"d":"0.04 %"},null,{"v":0,"d":"0.00%"},0,null,{"v":0,"d":"0.00%"},0,null,{"v":0,"d":"0.00%"},0,null,{"v":0,"d":"0.00%"},0,null,{"v":0,"d":"0.00%"},0,null,{"v":0,"d":"0.00%"},0,null,{"v":0,"d":"0.00%"},0,null,{"v":0,"d":"0.00%"},0,null,{"v":0,"d":"0.00%"},0,0,{"v":0,"d":"0.00%"},0,{"v":1,"d":"1.00"},{"v":1,"d":"100.00%"},{"v":148.3,"d":"148.30"}]
[" 5.4 ",null,null,"BARRILETE",{"$nulls":8},{"v":1715.7199999999998,"d":"1,715.72"},{"v":0.004857254658558824,"d":"0.49 %"},null,null,{"v":0,"d":"0.00"},null,null,{"v":0,"d":"0.00"},null,null,{"v":0,"d":"0.00"},null,null,{"v":0,"d":"0.00"},null,null,{"v":0,"d":"0.00"},null,null,{"v":0,"d":"0.00"},null,null,{"v":0,"d":"0.00"},null,null,{"v":0,"d":"0.00"},null,null,{"v":0,"d":"0.00"},null,null,{"v":0,"d":"0.00"},null,null,{"v":1715.7199999999998,"d":"1,715.72"}]
[" 5.4.1 "," 94492 ","SINAPI","REGISTRO DE ESFERA, PVC, SOLDÁVEL, DN  50 MM, INSTALADO EM RESERVAÇÃO DE ÁGUA DE EDIFICAÇÃO QUE POSSUA RESERVATÓRIO DE FIBRA/FIBROCIMENTO   FORNECIMENTO E INSTALAÇÃO. AF_06/2016","UN",2,33.36,7.18,{"v":34.5,"d":"34.50"},41.68,14.36,{"v":69,"d":"69.00"},83.36,{"v":0.00023599465433605922,"d":"0.02 %"},null,{"v":0,"d":"0.00%"},0,null,{"v":0,"d":"0.00%"},0,null,{"v":0,"d":"0.00%"},0,null,{"v":0,"d":"0.00%"},0,null,{"v":0,"d":"0.00%"},0,null,{"v":0,"d":"0.00%"},0,null,{"v":0,"d":"0.00%"},0,null,{"v":0,"d":"0.00%"},0,null,{"v":0,"d":"0.00%"},0,0,{"v":0,"d":"0.00%"},0,{"v":2,"d":"2.00"},{"v":1,"d":"100.00%"},83.36]
[" 5.4.2 "," 88503 ","SINAPI","CAIXA D´ÁGUA EM POLIETILENO, 1000 LITROS, COM ACESSÓRIOS","UN",2,653.16,248.45,567.73,816.18,{"v":496.9,"d":"496.90"},{"v":1135.46,"d":"1,135.46"},{"v":1632.36,"d":"1,632.36"},{"v":0.004621260004222764,"d":"0.46 %"},null,{"v":0,"d":"0.00%"},0,null,{"v":0,"d":"0.00%"},0,null,{"v":0,"d":"0.00%"},0,null,{"v":0,"d":"0.00%"},0,null,{"v":0,"d":"0.00%"},0,null,{"v":0,"d":"0.00%"},0,null,{"v":0,"d":"0.00%"},0,null,{"v":0,"d":"0.00%"},0,null,{"v":0,"d":"0.00%"},0,0,{"v":0,"d":"0.00%"},0,{"v":2,"d":"2.00"},{"v":1,"d":"100.00%"},{"v":1632.36,"d":"1,632.36"}]
[" 5.5 ",null,null,"LOUÇAS E METAIS",{"$nulls":8},{"v":4447.88,"d":"4,447.88"},{"v":0.012592081371500374,"d":"1.26 %"},null,null,{"v":0,"d":"0.00"},null,null,{"v":0,"d":"0.00"},null,null,{"v":0,"d":"0.00"},null,null,{"v":0,"d":"0.00"},null,null,{"v":0,"d":"0.00"},null,null,{"v":0,"d":"0.00"},null,null,{"v":0,"d":"0.00"},null,null,{"v":0,"d":"0.00"},null,null,{"v":0,"d":"0.00"},null,null,{"v":0,"d":"0.00"},null,null,{"v":4447.88,"d":"4,447.88"}]
[" 5.5.1 "," 95470 ","SINAPI","VASO SANITARIO SIFONADO CONVENCIONAL COM LOUÇA BRANCA, INCLUSO CONJUNTO DE LIGAÇÃO PARA BACIA SANITÁRIA AJUSTÁVEL - FORNECIMENTO E INSTALAÇÃO. AF_10/2016","UN",1,165.32,14.49,192.09,206.58,14.49,192.09,206.58,{"v":0.0005848341613812753,"d":"0.06 %"},null,{"v":0,"d":"0.00%"},0,null,{"v":0,"d":"0.00%"},0,null,{"v":0,"d":"0.00%"},0,null,{"v":0,"d":"0.00%"},0,null,{"v":0,"d":"0.00%"},0,null,{"v":0,"d":"0.00%"},0,null,{"v":0,"d":"0.00%"},0,null,{"v":0,"d":"0.00%"},0,null,{"v":0,"d":"0.00%"},0,0,{"v":0,"d":"0.00%"},0,{"v":1,"d":"1.00"},{"v":1,"d":"100.00%"},206.58]
[" 5.5.2 "," 95472 ","SINAPI","VASO SANITARIO SIFONADO CONVENCIONAL PARA PCD SEM FURO FRONTAL COM LOUÇA BRANCA SEM ASSENTO, INCLUSO CONJUNTO DE LIGAÇÃO PARA BACIA SANITÁRIA AJUSTÁVEL - FORNECIMENTO E INSTALAÇÃO. AF_01/2020","UN",2,{"v":601.8,"d":"601.80"},{"v":30.1,"d":"30.10"},{"v":721.9,"d":"721.90"},{"v":752,"d":"752.00"},{"v":60.2,"d":"60.20"},{"v":1443.8,"d":"1,443.80"},{"v":1504,"d":"1,504.00"},{"v":0.004257869003376116,"d":"0.43 %"},null,{"v":0,"d":"0.00%"},0,null,{"v":0,"d":"0.00%"},0,null,{"v":0,"d":"0.00%"},0,null,{"v":0,"d":"0.00%"},0,null,{"v":0,"d":"0.00%"},0,null,{"v":0,"d":"0.00%"},0,null,{"v":0,"d":"0.00%"},0,null,{"v":0,"d":"0.00%"},0,null,{"v":0,"d":"0.00%"},0,0,{"v":0,"d":"0.00%"},0,{"v":2,"d":"2.00"},{"v":1,"d":"100.00%"},{"v":1504,"d":"1,504.00"}]
[" 5.5.3 "," 86903 ","SINAPI","LAVATÓRIO LOUÇA BRANCA COM COLUNA, 45 X 55CM OU EQUIVALENTE, PADRÃO MÉDIO - FORNECIMENTO E INSTALAÇÃO. AF_01/2020","UN",3,267.24,34.91,299.03,333.94,104.73,897.09,{"v":1001.82,"d":"1,001.82"},{"v":0.002836182396916397,"d":"0.28 %"},null,{"v":0,"d":"0.00%"},0,null,{"v":0,"d":"0.00%"},0,null,{"v":0,"d":"0.00%"},0,null,{"v":0,"d":"0.00%"},0,null,{"v":0,"d":"0.00%"},0,null,{"v":0,"d":"0.00%"},0,null,{"v":0,"d":"0.00%"},0,null,{"v":0,"d":"0.00%"},0,null,{"v":0,"d":"0.00%"},0,0,{"v":0,"d":"0.00%"},0,{"v":3,"d":"3.00"},{"v":1,"d":"100.00%"},{"v":1001.82,"d":"1,001.82"}]
[" 5.5.4 "," 86882 ","SINAPI","SIFÃO DO TIPO GARRAFA/COPO EM PVC 1.1/4  X 1.1/2\u0094 - FORNECIMENTO E INSTALAÇÃO. AF_01/2020","UN",3,17.72,3.03,19.11,22.14,9.09,57.33,66.42,{"v":0.00018803700744962875,"d":"0.02 %"},null,{"v":0,"d":"0.00%"},0,null,{"v":0,"d":"0.00%"},0,null,{"v":0,"d":"0.00%"},0,null,{"v":0,"d":"0.00%"},0,null,{"v":0,"d":"0.00%"},0,null,{"v":0,"d":"0.00%"},0,null,{"v":0,"d":"0.00%"},0,null,{"v":0,"d":"0.00%"},0,null,{"v":0,"d":"0.00%"},0,0,{"v":0,"d":"0.00%"},0,{"v":3,"d":"3.00"},{"v":1,"d":"100.00%"},66.42]
[" 5.5.5 "," 86915 ","SINAPI","TORNEIRA CROMADA DE MESA, 1/2\u0094 OU 3/4\u0094, PARA LAVATÓRIO, PADRÃO MÉDIO - FORNECIMENTO E INSTALAÇÃO. AF_01/2020","UN",3,83.34,1.48,102.66,104.14,4.44,307.98,312.42,{"v":0.0008844703683741797,"d":"0.09 %"},null,{"v":0,"d":"0.00%"},0,null,{"v":0,"d":"0.00%"},0,null,{"v":0,"d":"0.00%"},0,null,{"v":0,"d":"0.00%"},0,null,{"v":0,"d":"0.00%"},0,null,{"v":0,"d":"0.00%"},0,null,{"v":0,"d":"0.00%"},0,null,{"v":0,"d":"0.00%"},0,null,{"v":0,"d":"0.00%"},0,0,{"v":0,"d":"0.00%"},0,{"v":3,"d":"3.00"},{"v":1,"d":"100.00%"},312.42]
[" 5.5.6 "," COMP HID 01 ","Próprio","BARRA DE APOIO PARA PORTADORES DE NECESSIDADES ESPECIAIS - LARGURA 90CM","UN",4,271.42,13.84,325.32,339.16,55.36,{"v":1301.28,"d":"1,301.28"},{"v":1356.64,"d":"1,356.64"},{"v":0.0038406884340027756,"d":"0.38 %"},null,{"v":0,"d":"0.00%"},0,null,{"v":0,"d":"0.00%"},0,null,{"v":0,"d":"0.00%"},0,null,{"v":0,"d":"0.00%"},0,null,{"v":0,"d":"0.00%"},0,null,{"v":0,"d":"0.00%"},0,null,{"v":0,"d":"0.00%"},0,null,{"v":0,"d":"0.00%"},0,null,{"v":0,"d":"0.00%"},0,0,{"v":0,"d":"0.00%"},0,{"v":4,"d":"4.00"},{"v":1,"d":"100.00%"},{"v":1356.64,"d":"1,356.64"}]
[" 6 ",null,null,"INSTALAÇÃO DE REDE DE ESGOTO",{"$nulls":8},{"v":18922.739999999998,"d":"18,922.74"},{"v":0.05321300097268526,"d":"5.32 %"},null,null,{"v":839.5876000000001,"d":"839.59"},null,null,{"v":0,"d":"0.00"},null,null,{"v":0,"d":"0.00"},null,null,{"v":813.5999999999999,"d":"813.60"},null,null,{"v":0,"d":"0.00"},null,null,{"v":0,"d":"0.00"},null,null,{"v":0,"d":"0.00"},null,null,{"v":0,"d":"0.00"},null,null,{"v":0,"d":"0.00"},null,null,{"v":1653.1876,"d":"1,653.19"},null,null,{"v":17269.5524,"d":"17,269.55"}]
[" 6.1 ",null,null,"COMPOSIÇÕES REPRESENTATIVAS DE REDE DE ESGOTO",{"$nulls":8},{"v":3119.08,"d":"3,119.08"},{"v":0.008830152189940366,"d":"0.88 %"},null,null,{"v":839.5876000000001,"d":"839.59"},null,null,{"v":0,"d":"0.00"},null,null,{"v":0,"d":"0.00"},null,null,{"v":0,"d":"0.00"},null,null,{"v":0,"d":"0.00"},null,null,{"v":0,"d":"0.00"},null,null,{"v":0,"d":"0.00"},null,null,{"v":0,"d":"0.00"},null,null,{"v":0,"d":"0.00"},null,null,{"v":839.5876000000001,"d":"839.59"},null,null,{"v":2279.4924,"d":"2,279.49"}]
[" 6.1.1 "," 91792 ","SINAPI","(COMPOSIÇÃO REPRESENTATIVA) DO SERVIÇO DE INSTALAÇÃO DE TUBO DE PVC, SÉRIE NORMAL, ESGOTO PREDIAL, DN 40 MM (INSTALADO EM RAMAL DE DESCARGA OU RAMAL DE ESGOTO SANITÁRIO), INCLUSIVE CONEXÕES, CORTES E FIXAÇÕES, PARA PRÉDIOS. AF_10/2015","M",3.25,44.16,29.64,25.54,55.18,96.33,{"v":83,"d":"83.00"},179.34,{"v":0.0005076885959943078,"d":"0.05 %"},3.25,{"v":0.9999721199955393,"d":"100.00%"},{"v":179.335,"d":"179.34"},null,{"v":0,"d":"0.00%"},0,null,{"v":0,"d":"0.00%"},0,null,{"v":0,"d":"0.00%"},0,null,{"v":0,"d":"0.00%"},0,null,{"v":0,"d":"0.00%"},0,null,{"v":0,"d":"0.00%"},0,null,{"v":0,"d":"0.00%"},0,null,{"v":0,"d":"0.00%"},0,3.25,{"v":0.9999721199955393,"d":"100.00%"},{"v":179.335,"d":"179.34"},0,{"v":2.7880004460775357e-05,"d":"0.00%"},{"v":0.0049999999999954525,"d":"0.00"}]
[" 6.1.2 "," 91793 ","SINAPI","(COMPOSIÇÃO REPRESENTATIVA) DO SERVIÇO DE INSTALAÇÃO DE TUBO DE PVC, SÉRIE NORMAL, ESGOTO PREDIAL, DN 50 MM (INSTALADO EM RAMAL DE DESCARGA OU RAMAL DE ESGOTO SANITÁRIO), INCLUSIVE CONEXÕES, CORTES E FIXAÇÕES PARA, PRÉDIOS. AF_10/2015","M",17.64,66.86,36.71,46.83,83.54,647.56,826.08,{"v":1473.65,"d":"1,473.65"},{"v":0.004171918934930306,"d":"0.42 %"},2.19,{"v":0.1241492891799274,"d":"12.41%"},{"v":182.95260000000002,"d":"182.95"},null,{"v":0,"d":"0.00%"},0,null,{"v":0,"d":"0.00%"},0,null,{"v":0,"d":"0.00%"},0,null,{"v":0,"d":"0.00%"},0,null,{"v":0,"d":"0.00%"},0,null,{"v":0,"d":"0.00%"},0,null,{"v":0,"d":"0.00%"},0,null,{"v":0,"d":"0.00%"},0,2.19,{"v":0.1241492891799274,"d":"12.41%"},{"v":182.95260000000002,"d":"182.95"},{"v":15.450000000000001,"d":"15.45"},{"v":0.8758507108200726,"d":"87.59%"},{"v":1290.6974,"d":"1,290.70"}]
[" 6.1.3 "," 91795 ","SINAPI","(COMPOSIÇÃO REPRESENTATIVA) DO SERVIÇO DE INST. TUBO PVC, SÉRIE N, ESGOTO PREDIAL, 100 MM (INST. RAMAL DESCARGA, RAMAL DE ESG. SANIT., PRUMADA ESG. SANIT., VENTILAÇÃO OU SUB-COLETOR AÉREO), INCL. CONEXÕES E CORTES, FIXAÇÕES, P/ PRÉDIOS. AF_10/2015","M",7.4,51.62,21.54,42.96,{"v":64.5,"d":"64.50"},159.39,317.91,{"v":477.3,"d":"477.30"},{"v":0.0013512505819889763,"d":"0.14 %"},7.4,{"v":1,"d":"100.00%"},{"v":477.3,"d":"477.30"},null,{"v":0,"d":"0.00%"},0,null,{"v":0,"d":"0.00%"},0,null,{"v":0,"d":"0.00%"},0,null,{"v":0,"d":"0.00%"},0,null,{"v":0,"d":"0.00%"},0,null,{"v":0,"d":"0.00%"},0,null,{"v":0,"d":"0.00%"},0,null,{"v":0,"d":"0.00%"},0,{"v":7.4,"d":"7.40"},{"v":1,"d":"100.00%"},{"v":477.3,"d":"477.30"},0,{"v":0,"d":"0.00%"},0]
[" 6.1.4 "," 91796 ","SINAPI","(COMPOSIÇÃO REPRESENTATIVA) DO SERVIÇO DE INSTALAÇÃO DE TUBO DE PVC, SÉRIE NORMAL, ESGOTO PREDIAL, DN 150 MM (INSTALADO EM SUB-COLETOR AÉREO), INCLUSIVE CONEXÕES, CORTES E FIXAÇÕES, PARA PRÉDIOS. AF_10/2015","M",14.82,{"v":53.4,"d":"53.40"},19.21,47.51,66.72,284.69,{"v":704.1,"d":"704.10"},988.79,{"v":0.0027992940770267755,"d":"0.28 %"},null,{"v":0,"d":"0.00%"},0,null,{"v":0,"d":"0.00%"},0,null,{"v":0,"d":"0.00%"},0,null,{"v":0,"d":"0.00%"},0,null,{"v":0,"d":"0.00%"},0,null,{"v":0,"d":"0.00%"},0,null,{"v":0,"d":"0.00%"},0,null,{"v":0,"d":"0.00%"},0,null,{"v":0,"d":"0.00%"},0,0,{"v":0,"d":"0.00%"},0,14.82,{"v":1,"d":"100.00%"},988.79]
[" 6.2 ",null,null,"CAIXAS DE PASSAGEM E SISTEMA DE TRATAMENTO DE ESGOTO",{"$nulls":8},{"v":15803.66,"d":"15,803.66"},{"v":0.04438284878274489,"d":"4.44 %"},null,null,{"v":0,"d":"0.00"},null,null,{"v":0,"d":"0.00"},null,null,{"v":0,"d":"0.00"},null,null,{"v":813.5999999999999,"d":"813.60"},null,null,{"v":0,"d":"0.00"},null,null,{"v":0,"d":"0.00"},null,null,{"v":0,"d":"0.00"},null,null,{"v":0,"d":"0.00"},null,null,{"v":0,"d":"0.00"},null,null,{"v":813.5999999999999,"d":"813.60"},null,null,{"v":14990.06,"d":"14,990.06"}]
[" 6.2.1 "," 74166/001 ","SINAPI","CAIXA DE INSPEÇÃO EM CONCRETO PRÉ-MOLDADO DN 60CM COM TAMPA H= 60CM - FORNECIMENTO E INSTALACAO","UN",3,217.03,80.11,191.09,{"v":271.2,"d":"271.20"},240.33,573.27,{"v":813.6,"d":"813.60"},{"v":0.002303325944911442,"d":"0.23 %"},null,{"v":0,"d":"0.00%"},0,null,{"v":0,"d":"0.00%"},0,null,{"v":0,"d":"0.00%"},0,3,{"v":0.9999999999999999,"d":"100.00%"},{"v":813.5999999999999,"d":"813.60"},null,{"v":0,"d":"0.00%"},0,null,{"v":0,"d":"0.00%"},0,null,{"v":0,"d":"0.00%"},0,null,{"v":0,"d":"0.00%"},0,null,{"v":0,"d":"0.00%"},0,{"v":3,"d":"3.00"},{"v":0.9999999999999999,"d":"100.00%"},{"v":813.5999999999999,"d":"813.60"},0,{"v":0,"d":"0.00%"},0]
[" 6.2.2 "," 98084 ","SINAPI","TANQUE SÉPTICO RETANGULAR, EM ALVENARIA COM BLOCOS DE CONCRETO, DIMENSÕES INTERNAS: 1,4 X 3,2 X 1,8 M, VOLUME ÚTIL: 6272 L (PARA 32 CONTRIBUINTES). AF_05/2018","UN",1,{"v":5428.8,"d":"5,428.80"},{"v":2544.62,"d":"2,544.62"},{"v":4172.61,"d":"4,172.61"},{"v":6783.82,"d":"6,783.82"},{"v":2544.62,"d":"2,544.62"},{"v":4172.61,"d":"4,172.61"},{"v":6783.82,"d":"6,783.82"},{"v":0.019016679126029355,"d":"1.90 %"},null,{"v":0,"d":"0.00%"},0,null,{"v":0,"d":"0.00%"},0,null,{"v":0,"d":"0.00%"},0,null,{"v":0,"d":"0.00%"},0,null,{"v":0,"d":"0.00%"},0,null,{"v":0,"d":"0.00%"},0,null,{"v":0,"d":"0.00%"},0,null,{"v":0,"d":"0.00%"},0,null,{"v":0,"d":"0.00%"},0,0,{"v":0,"d":"0.00%"},0,{"v":1,"d":"1.00"},{"v":1,"d":"100.00%"},{"v":6783.82,"d":"6,783.82"}]
[" 6.2.3 "," 98073 ","SINAPI","FILTRO ANAERÓBIO RETANGULAR, EM ALVENARIA COM TIJOLOS CERÂMICOS MACIÇOS, DIMENSÕES INTERNAS: 1,2 X 1,8 X 1,67 M, VOLUME ÚTIL: 2592 L (PARA 13 CONTRIBUINTES). AF_05/2018","UN",1,{"v":4873.22,"d":"4,873.22"},{"v":2240.3,"d":"2,240.30"},{"v":3789.61,"d":"3,789.61"},{"v":6089.57,"d":"6,089.57"},{"v":2240.3,"d":"2,240.30"},{"v":3789.61,"d":"3,789.61"},{"v":6089.57,"d":"6,089.57"},{"v":0.01707085563972585,"d":"1.71 %"},null,{"v":0,"d":"0.00%"},0,null,{"v":0,"d":"0.00%"},0,null,{"v":0,"d":"0.00%"},0,null,{"v":0,"d":"0.00%"},0,null,{"v":0,"d":"0.00%"},0,null,{"v":0,"d":"0.00%"},0,null,{"v":0,"d":"0.00%"},0,null,{"v":0,"d":"0.00%"},0,null,{"v":0,"d":"0.00%"},0,0,{"v":0,"d":"0.00%"},0,{"v":1,"d":"1.00"},{"v":1,"d":"100.00%"},{"v":6089.57,"d":"6,089.57"}]
[" 6.2.4 "," COMP ESG 01 ","Próprio","EXECUÇÃO DO SUMIDOURO - DIMENSÕES E UNIDADES DE ACORDO COM O PROJETO","UN",1,{"v":1693.88,"d":"1,693.88"},945.76,{"v":1170.78,"d":"1,170.78"},{"v":2116.67,"d":"2,116.67"},945.76,{"v":1170.78,"d":"1,170.78"},{"v":2116.67,"d":"2,116.67"},{"v":0.005991988072078248,"d":"0.60 %"},null,{"v":0,"d":"0.00%"},0,null,{"v":0,"d":"0.00%"},0,null,{"v":0,"d":"0.00%"},0,null,{"v":0,"d":"0.00%"},0,null,{"v":0,"d":"0.00%"},0,null,{"v":0,"d":"0.00%"},0,null,{"v":0,"d":"0.00%"},0,null,{"v":0,"d":"0.00%"},0,null,{"v":0,"d":"0.00%"},0,0,{"v":0,"d":"0.00%"},0,{"v":1,"d":"1.00"},{"v":1,"d":"100.00%"},{"v":2116.67,"d":"2,116.67"}]
[" 7 ",null,null,"ARQUITETÔNICO",{"$nulls":8},{"v":204293.24,"d":"204,293.24"},{"v":0.5762206679113007,"d":"57.62 %"},null,null,{"v":0,"d":"0.00"},null,null,{"v":21437.82408,"d":"21,437.82"},null,null,{"v":3571.4559999999997,"d":"3,571.46"},null,null,{"v":0,"d":"0.00"},null,null,{"v":3573.0504,"d":"3,573.05"},null,null,{"v":8940.5692,"d":"8,940.57"},null,null,{"v":22504.82,"d":"22,504.82"},null,null,{"v":14431.212400000002,"d":"14,431.21"},null,null,{"v":15712.929,"d":"15,712.93"},null,null,{"v":90171.86108,"d":"90,171.86"},null,null,{"v":114121.37891999999,"d":"114,121.38"}]
[" 7.1 ",null,null,"FECHAMENTOS",{"$nulls":8},{"v":67588.37,"d":"67,588.37"},{"v":0.1896513173320125,"d":"18.97 %"},null,null,{"v":0,"d":"0.00"},null,null,{"v":21437.82408,"d":"21,437.82"},null,null,{"v":3571.4559999999997,"d":"3,571.46"},null,null,{"v":0,"d":"0.00"},null,null,{"v":3573.0504,"d":"3,573.05"},null,null,{"v":7147.695199999999,"d":"7,147.70"},null,null,{"v":0,"d":"0.00"},null,null,{"v":14431.212400000002,"d":"14,431.21"},null,null,{"v":15712.929,"d":"15,712.93"},null,null,{"v":65874.16708,"d":"65,874.17"},null,null,{"v":1714.2029200000002,"d":"1,714.20"}]
[" 7.1.1 "," 87519 ","SINAPI","ALVENARIA DE VEDAÇÃO DE BLOCOS CERÂMICOS FURADOS NA HORIZONTAL DE 9X19X19CM (ESPESSURA 9CM) DE PAREDES COM ÁREA LÍQUIDA MAIOR OU IGUAL A 6M² COM VÃOS E ARGAMASSA DE ASSENTAMENTO COM PREPARO EM BETONEIRA. AF_06/2014","m²",448.19,{"v":63.8,"d":"63.80"},39.86,39.16,79.72,{"v":17864.85,"d":"17,864.85"},{"v":17551.12,"d":"17,551.12"},{"v":35729.71,"d":"35,729.71"},{"v":0.100263670802858,"d":"10.03 %"},null,{"v":0,"d":"0.00%"},0,{"v":268.914,"d":"268.91"},{"v":0.5999999462632079,"d":"60.00%"},{"v":21437.82408,"d":"21,437.82"},{"v":44.8,"d":"44.80"},{"v":0.09995759831244082,"d":"10.00%"},{"v":3571.4559999999997,"d":"3,571.46"},null,{"v":0,"d":"0.00%"},0,44.82,{"v":0.10000222224025888,"d":"10.00%"},{"v":3573.0504,"d":"3,573.05"},89.66,{"v":0.20004906840833578,"d":"20.00%"},{"v":7147.695199999999,"d":"7,147.70"},null,{"v":0,"d":"0.00%"},0,null,{"v":0,"d":"0.00%"},0,null,{"v":0,"d":"0.00%"},0,{"v":448.19399999999996,"d":"448.19"},{"v":1.0000088352242433,"d":"100.00%"},{"v":35730.02568,"d":"35,730.03"},{"v":-0.003999999999962256,"d":"-0.00"},{"v":-8.83522424334544e-06,"d":"-0.00%"},{"v":-0.315679999999702,"d":"-0.32"}]
[" 7.1.2 "," 87775 ","SINAPI","EMBOÇO OU MASSA ÚNICA EM ARGAMASSA TRAÇO 1:2:8, PREPARO MECÂNICO COM BETONEIRA 400 L, APLICADA MANUALMENTE EM PANOS DE FACHADA COM PRESENÇA DE VÃOS, ESPESSURA DE 25 MM. AF_06/2014","m²",592.5,40.35,26.96,22.98,50.42,{"v":15973.8,"d":"15,973.80"},{"v":13615.65,"d":"13,615.65"},{"v":29873.85,"d":"29,873.85"},{"v":0.0837686183390608,"d":"8.38 %"},null,{"v":0,"d":"0.00%"},0,null,{"v":0,"d":"0.00%"},0,null,{"v":0,"d":"0.00%"},0,null,{"v":0,"d":"0.00%"},0,null,{"v":0,"d":"0.00%"},0,null,{"v":0,"d":"0.00%"},0,null,{"v":0,"d":"0.00%"},0,286.22,{"v":0.483071729957806,"d":"48.31%"},{"v":14431.212400000002,"d":"14,431.21"},306.28,{"v":0.5169282700421941,"d":"51.69%"},{"v":15442.6376,"d":"15,442.64"},{"v":592.5,"d":"592.50"},{"v":1.0000000000000002,"d":"100.00%"},{"v":29873.850000000002,"d":"29,873.85"},0,{"v":0,"d":"0.00%"},0]
[" 7.1.3 "," 87536 ","SINAPI","EMBOÇO, PARA RECEBIMENTO DE CERÂMICA, EM ARGAMASSA TRAÇO 1:2:8, PREPARO MANUAL, APLICADO MANUALMENTE EM FACES INTERNAS DE PAREDES, PARA AMBIENTE COM ÁREA  MAIOR QUE 10M2, ESPESSURA DE 20MM, COM EXECUÇÃO DE TALISCAS. AF_06/2014","m²",64.4,24.67,13.22,{"v":17.6,"d":"17.60"},30.82,851.36,{"v":1133.44,"d":"1,133.44"},{"v":1984.81,"d":"1,984.81"},{"v":0.005619028190093694,"d":"0.56 %"},null,{"v":0,"d":"0.00%"},0,null,{"v":0,"d":"0.00%"},0,null,{"v":0,"d":"0.00%"},0,null,{"v":0,"d":"0.00%"},0,null,{"v":0,"d":"0.00%"},0,null,{"v":0,"d":"0.00%"},0,null,{"v":0,"d":"0.00%"},0,null,{"v":0,"d":"0.00%"},0,8.77,{"v":0.13617998700127468,"d":"13.62%"},{"v":270.2914,"d":"270.29"},8.77,{"v":0.13617998700127468,"d":"13.62%"},{"v":270.2914,"d":"270.29"},{"v":55.63000000000001,"d":"55.63"},{"v":0.8638200129987252,"d":"86.38%"},{"v":1714.5185999999999,"d":"1,714.52"}]
[" 7.2 ",null,null,"PINTURAS E REVESTIMENTOS DE PAREDES",{"$nulls":8},{"v":30642.2,"d":"30,642.20"},{"v":0.08657649043675261,"d":"8.66 %"},null,null,{"v":0,"d":"0.00"},null,null,{"v":0,"d":"0.00"},null,null,{"v":0,"d":"0.00"},null,null,{"v":0,"d":"0.00"},null,null,{"v":0,"d":"0.00"},null,null,{"v":0,"d":"0.00"},null,null,{"v":0,"d":"0.00"},null,null,{"v":0,"d":"0.00"},null,null,{"v":0,"d":"0.00"},null,null,{"v":0,"d":"0.00"},null,null,{"v":30642.2,"d":"30,642.20"}]
[" 7.2.1 "," 88485 ","SINAPI","APLICAÇÃO DE FUNDO SELADOR ACRÍLICO EM PAREDES, UMA DEMÃO. AF_06/2014","m²",699.01,1.63,{"v":0.9,"d":"0.90"},1.13,2.03,{"v":602.1,"d":"602.10"},755.99,{"v":1418.99,"d":"1,418.99"},{"v":0.0038447934273903393,"d":"0.38 %"},null,{"v":0,"d":"0.00%"},0,null,{"v":0,"d":"0.00%"},0,null,{"v":0,"d":"0.00%"},0,null,{"v":0,"d":"0.00%"},0,null,{"v":0,"d":"0.00%"},0,null,{"v":0,"d":"0.00%"},0,null,{"v":0,"d":"0.00%"},0,null,{"v":0,"d":"0.00%"},0,null,{"v":0,"d":"0.00%"},0,0,{"v":0,"d":"0.00%"},0,699.01,{"v":1,"d":"100.00%"},{"v":1418.99,"d":"1,418.99"}]
[" 7.2.2 "," 88497 ","SINAPI","APLICAÇÃO E LIXAMENTO DE MASSA LÁTEX EM PAREDES, DUAS DEMÃOS. AF_06/2014","m²",446.86,11.68,{"v":7.3,"d":"7.30"},7.29,14.59,{"v":3262.07,"d":"3,262.07"},{"v":3257.61,"d":"3,257.61"},{"v":6519.69,"d":"6,519.69"},{"v":0.018457409164847872,"d":"1.85 %"},null,{"v":0,"d":"0.00%"},0,null,{"v":0,"d":"0.00%"},0,null,{"v":0,"d":"0.00%"},0,null,{"v":0,"d":"0.00%"},0,null,{"v":0,"d":"0.00%"},0,null,{"v":0,"d":"0.00%"},0,null,{"v":0,"d":"0.00%"},0,null,{"v":0,"d":"0.00%"},0,null,{"v":0,"d":"0.00%"},0,0,{"v":0,"d":"0.00%"},0,446.86,{"v":1,"d":"100.00%"},{"v":6519.69,"d":"6,519.69"}]
[" 7.2.3 "," 96135 ","SINAPI","APLICAÇÃO MANUAL DE MASSA ACRÍLICA EM PAREDES EXTERNAS DE CASAS, DUAS DEMÃOS. AF_05/2017","m²",252.15,20.89,12.46,13.64,{"v":26.1,"d":"26.10"},{"v":3141.78,"d":"3,141.78"},{"v":3439.33,"d":"3,439.33"},{"v":6581.12,"d":"6,581.12"},{"v":0.018631319332984436,"d":"1.86 %"},null,{"v":0,"d":"0.00%"},0,null,{"v":0,"d":"0.00%"},0,null,{"v":0,"d":"0.00%"},0,null,{"v":0,"d":"0.00%"},0,null,{"v":0,"d":"0.00%"},0,null,{"v":0,"d":"0.00%"},0,null,{"v":0,"d":"0.00%"},0,null,{"v":0,"d":"0.00%"},0,null,{"v":0,"d":"0.00%"},0,0,{"v":0,"d":"0.00%"},0,252.15,{"v":1,"d":"100.00%"},{"v":6581.12,"d":"6,581.12"}]
[" 7.2.4 "," 88489 ","SINAPI","APLICAÇÃO MANUAL DE PINTURA COM TINTA LÁTEX ACRÍLICA EM PAREDES, DUAS DEMÃOS. AF_06/2014","m²",446.86,11.66,4.34,10.23,14.57,{"v":1939.37,"d":"1,939.37"},{"v":4571.38,"d":"4,571.38"},{"v":6510.75,"d":"6,510.75"},{"v":0.018432128067640326,"d":"1.84 %"},null,{"v":0,"d":"0.00%"},0,null,{"v":0,"d":"0.00%"},0,null,{"v":0,"d":"0.00%"},0,null,{"v":0,"d":"0.00%"},0,null,{"v":0,"d":"0.00%"},0,null,{"v":0,"d":"0.00%"},0,null,{"v":0,"d":"0.00%"},0,null,{"v":0,"d":"0.00%"},0,null,{"v":0,"d":"0.00%"},0,0,{"v":0,"d":"0.00%"},0,446.86,{"v":1,"d":"100.00%"},{"v":6510.75,"d":"6,510.75"}]
[" 7.2.5 "," 88431 ","SINAPI","APLICAÇÃO MANUAL DE PINTURA COM TINTA TEXTURIZADA ACRÍLICA EM PAREDES EXTERNAS DE CASAS, DUAS CORES. AF_06/2014","m²",252.15,19.59,6.52,17.95,24.47,{"v":1644.01,"d":"1,644.01"},{"v":4526.1,"d":"4,526.10"},{"v":6170.11,"d":"6,170.11"},{"v":0.017467766034854396,"d":"1.75 %"},null,{"v":0,"d":"0.00%"},0,null,{"v":0,"d":"0.00%"},0,null,{"v":0,"d":"0.00%"},0,null,{"v":0,"d":"0.00%"},0,null,{"v":0,"d":"0.00%"},0,null,{"v":0,"d":"0.00%"},0,null,{"v":0,"d":"0.00%"},0,null,{"v":0,"d":"0.00%"},0,null,{"v":0,"d":"0.00%"},0,0,{"v":0,"d":"0.00%"},0,252.15,{"v":1,"d":"100.00%"},{"v":6170.11,"d":"6,170.11"}]
[" 7.2.6 "," 87273 ","SINAPI","REVESTIMENTO CERÂMICO PARA PAREDES INTERNAS COM PLACAS TIPO ESMALTADA EXTRA DE DIMENSÕES 33X45 CM APLICADAS EM AMBIENTES DE ÁREA MAIOR QUE 5 M² NA ALTURA INTEIRA DAS PAREDES. AF_06/2014","m²",64.4,42.77,16.94,{"v":36.5,"d":"36.50"},53.44,{"v":1090.93,"d":"1,090.93"},{"v":2350.6,"d":"2,350.60"},{"v":3441.54,"d":"3,441.54"},{"v":0.009743074409035244,"d":"0.97 %"},null,{"v":0,"d":"0.00%"},0,null,{"v":0,"d":"0.00%"},0,null,{"v":0,"d":"0.00%"},0,null,{"v":0,"d":"0.00%"},0,null,{"v":0,"d":"0.00%"},0,null,{"v":0,"d":"0.00%"},0,null,{"v":0,"d":"0.00%"},0,null,{"v":0,"d":"0.00%"},0,null,{"v":0,"d":"0.00%"},0,0,{"v":0,"d":"0.00%"},0,{"v":64.4,"d":"64.40"},{"v":1,"d":"100.00%"},{"v":3441.54,"d":"3,441.54"}]
[" 7.3 ",null,null,"LAJES E FORROS",{"$nulls":8},{"v":16010.519999999999,"d":"16,010.52"},{"v":0.04518295445942984,"d":"4.52 %"},null,null,{"v":0,"d":"0.00"},null,null,{"v":0,"d":"0.00"},null,null,{"v":0,"d":"0.00"},null,null,{"v":0,"d":"0.00"},null,null,{"v":0,"d":"0.00"},null,null,{"v":0,"d":"0.00"},null,null,{"v":0,"d":"0.00"},null,null,{"v":0,"d":"0.00"},null,null,{"v":0,"d":"0.00"},null,null,{"v":0,"d":"0.00"},null,null,{"v":16010.519999999999,"d":"16,010.52"}]
[" 7.3.1 "," 90406 ","SINAPI","MASSA ÚNICA, PARA RECEBIMENTO DE PINTURA, EM ARGAMASSA TRAÇO 1:2:8, PREPARO MECÂNICO COM BETONEIRA 400L, APLICADA MANUALMENTE EM TETO, ESPESSURA DE 20MM, COM EXECUÇÃO DE TALISCAS. AF_03/2015","m²",28.9,32.66,20.69,20.12,40.81,597.94,581.46,{"v":1179.41,"d":"1,179.41"},{"v":0.0033389166905464043,"d":"0.33 %"},null,{"v":0,"d":"0.00%"},0,null,{"v":0,"d":"0.00%"},0,null,{"v":0,"d":"0.00%"},0,null,{"v":0,"d":"0.00%"},0,null,{"v":0,"d":"0.00%"},0,null,{"v":0,"d":"0.00%"},0,null,{"v":0,"d":"0.00%"},0,null,{"v":0,"d":"0.00%"},0,null,{"v":0,"d":"0.00%"},0,0,{"v":0,"d":"0.00%"},0,{"v":28.9,"d":"28.90"},{"v":1,"d":"100.00%"},{"v":1179.41,"d":"1,179.41"}]
[" 7.3.2 "," 88484 ","SINAPI","APLICAÇÃO DE FUNDO SELADOR ACRÍLICO EM TETO, UMA DEMÃO. AF_06/2014","m²",28.9,1.96,1.18,1.26,2.44,{"v":34.1,"d":"34.10"},36.41,70.52,{"v":0.00019961591983248003,"d":"0.02 %"},null,{"v":0,"d":"0.00%"},0,null,{"v":0,"d":"0.00%"},0,null,{"v":0,"d":"0.00%"},0,null,{"v":0,"d":"0.00%"},0,null,{"v":0,"d":"0.00%"},0,null,{"v":0,"d":"0.00%"},0,null,{"v":0,"d":"0.00%"},0,null,{"v":0,"d":"0.00%"},0,null,{"v":0,"d":"0.00%"},0,0,{"v":0,"d":"0.00%"},0,{"v":28.9,"d":"28.90"},{"v":1,"d":"100.00%"},70.52]
[" 7.3.3 "," 88496 ","SINAPI","APLICAÇÃO E LIXAMENTO DE MASSA LÁTEX EM TETO, DUAS DEMÃOS. AF_06/2014","m²",28.9,21.23,{"v":15.8,"d":"15.80"},10.72,26.52,456.62,{"v":309.8,"d":"309.80"},766.43,{"v":0.002169757953169896,"d":"0.22 %"},null,{"v":0,"d":"0.00%"},0,null,{"v":0,"d":"0.00%"},0,null,{"v":0,"d":"0.00%"},0,null,{"v":0,"d":"0.00%"},0,null,{"v":0,"d":"0.00%"},0,null,{"v":0,"d":"0.00%"},0,null,{"v":0,"d":"0.00%"},0,null,{"v":0,"d":"0.00%"},0,null,{"v":0,"d":"0.00%"},0,0,{"v":0,"d":"0.00%"},0,{"v":28.9,"d":"28.90"},{"v":1,"d":"100.00%"},766.43]
[" 7.3.4 "," 88488 ","SINAPI","APLICAÇÃO MANUAL DE PINTURA COM TINTA LÁTEX ACRÍLICA EM TETO, DUAS DEMÃOS. AF_06/2014","m²",28.9,13.16,5.67,10.77,16.44,163.86,311.25,475.12,{"v":0.0013450506264587943,"d":"0.13 %"},null,{"v":0,"d":"0.00%"},0,null,{"v":0,"d":"0.00%"},0,null,{"v":0,"d":"0.00%"},0,null,{"v":0,"d":"0.00%"},0,null,{"v":0,"d":"0.00%"},0,null,{"v":0,"d":"0.00%"},0,null,{"v":0,"d":"0.00%"},0,null,{"v":0,"d":"0.00%"},0,null,{"v":0,"d":"0.00%"},0,0,{"v":0,"d":"0.00%"},0,{"v":28.9,"d":"28.90"},{"v":1,"d":"100.00%"},475.12]
[" 7.3.5 "," 96116 ","SINAPI","FORRO EM RÉGUAS DE PVC, FRISADO, PARA AMBIENTES COMERCIAIS, INCLUSIVE ESTRUTURA DE FIXAÇÃO. AF_05/2017_P","m²",240.8,40.57,{"v":6,"d":"6.00"},44.48,50.69,{"v":1444.8,"d":"1,444.80"},{"v":10710.78,"d":"10,710.78"},{"v":12206.15,"d":"12,206.15"},{"v":0.034412810704826234,"d":"3.44 %"},null,{"v":0,"d":"0.00%"},0,null,{"v":0,"d":"0.00%"},0,null,{"v":0,"d":"0.00%"},0,null,{"v":0,"d":"0.00%"},0,null,{"v":0,"d":"0.00%"},0,null,{"v":0,"d":"0.00%"},0,null,{"v":0,"d":"0.00%"},0,null,{"v":0,"d":"0.00%"},0,null,{"v":0,"d":"0.00%"},0,0,{"v":0,"d":"0.00%"},0,{"v":240.8,"d":"240.80"},{"v":1,"d":"100.00%"},{"v":12206.15,"d":"12,206.15"}]
[" 7.3.6 "," 96121 ","SINAPI","ACABAMENTOS PARA FORRO (RODA-FORRO EM PERFIL METÁLICO E PLÁSTICO). AF_05/2017","M",147.02,7.15,{"v":1.8,"d":"1.80"},7.13,8.93,264.63,{"v":1048.25,"d":"1,048.25"},{"v":1312.89,"d":"1,312.89"},{"v":0.0037168025645960344,"d":"0.37 %"},null,{"v":0,"d":"0.00%"},0,null,{"v":0,"d":"0.00%"},0,null,{"v":0,"d":"0.00%"},0,null,{"v":0,"d":"0.00%"},0,null,{"v":0,"d":"0.00%"},0,null,{"v":0,"d":"0.00%"},0,null,{"v":0,"d":"0.00%"},0,null,{"v":0,"d":"0.00%"},0,null,{"v":0,"d":"0.00%"},0,0,{"v":0,"d":"0.00%"},0,147.02,{"v":1,"d":"100.00%"},{"v":1312.89,"d":"1,312.89"}]
[" 7.4 ",null,null,"PISOS E CALÇADAS",{"$nulls":8},{"v":26193.78,"d":"26,193.78"},{"v":0.07415529003137178,"d":"7.42 %"},null,null,{"v":0,"d":"0.00"},null,null,{"v":0,"d":"0.00"},null,null,{"v":0,"d":"0.00"},null,null,{"v":0,"d":"0.00"},null,null,{"v":0,"d":"0.00"},null,null,{"v":0,"d":"0.00"},null,null,{"v":0,"d":"0.00"},null,null,{"v":0,"d":"0.00"},null,null,{"v":0,"d":"0.00"},null,null,{"v":0,"d":"0.00"},null,null,{"v":26193.78,"d":"26,193.78"}]
[" 7.4.1 "," 94990 ","SINAPI","EXECUÇÃO DE PASSEIO (CALÇADA) OU PISO DE CONCRETO COM CONCRETO MOLDADO IN LOCO, FEITO EM OBRA, ACABAMENTO CONVENCIONAL, NÃO ARMADO. AF_07/2016","m³",18.2,547.17,201.25,482.49,683.74,{"v":3662.75,"d":"3,662.75"},{"v":8781.31,"d":"8,781.31"},{"v":12444.07,"d":"12,444.07"},{"v":0.035229506216856776,"d":"3.52 %"},null,{"v":0,"d":"0.00%"},0,null,{"v":0,"d":"0.00%"},0,null,{"v":0,"d":"0.00%"},0,null,{"v":0,"d":"0.00%"},0,null,{"v":0,"d":"0.00%"},0,null,{"v":0,"d":"0.00%"},0,null,{"v":0,"d":"0.00%"},0,null,{"v":0,"d":"0.00%"},0,null,{"v":0,"d":"0.00%"},0,0,{"v":0,"d":"0.00%"},0,{"v":18.2,"d":"18.20"},{"v":1,"d":"100.00%"},{"v":12444.07,"d":"12,444.07"}]
[" 7.4.2 "," 87251 ","SINAPI","REVESTIMENTO CERÂMICO PARA PISO COM PLACAS TIPO ESMALTADA EXTRA DE DIMENSÕES 45X45 CM APLICADA EM AMBIENTES DE ÁREA MAIOR QUE 10 M2. AF_06/2014","m²",269.7,29.48,6.67,30.16,36.83,{"v":1798.89,"d":"1,798.89"},{"v":8134.16,"d":"8,134.16"},{"v":9933.05,"d":"9,933.05"},{"v":0.02812076177126671,"d":"2.81 %"},null,{"v":0,"d":"0.00%"},0,null,{"v":0,"d":"0.00%"},0,null,{"v":0,"d":"0.00%"},0,null,{"v":0,"d":"0.00%"},0,null,{"v":0,"d":"0.00%"},0,null,{"v":0,"d":"0.00%"},0,null,{"v":0,"d":"0.00%"},0,null,{"v":0,"d":"0.00%"},0,null,{"v":0,"d":"0.00%"},0,0,{"v":0,"d":"0.00%"},0,{"v":269.7,"d":"269.70"},{"v":1,"d":"100.00%"},{"v":9933.05,"d":"9,933.05"}]
[" 7.4.3 "," 88649 ","SINAPI","RODAPÉ CERÂMICO DE 7CM DE ALTURA COM PLACAS TIPO ESMALTADA EXTRA DE DIMENSÕES 45X45CM. AF_06/2014","M",210.62,{"v":5.1,"d":"5.10"},1.75,4.62,6.37,368.58,973.06,{"v":1341.65,"d":"1,341.65"},{"v":0.003798222985165913,"d":"0.38 %"},null,{"v":0,"d":"0.00%"},0,null,{"v":0,"d":"0.00%"},0,null,{"v":0,"d":"0.00%"},0,null,{"v":0,"d":"0.00%"},0,null,{"v":0,"d":"0.00%"},0,null,{"v":0,"d":"0.00%"},0,null,{"v":0,"d":"0.00%"},0,null,{"v":0,"d":"0.00%"},0,null,{"v":0,"d":"0.00%"},0,0,{"v":0,"d":"0.00%"},0,210.62,{"v":1,"d":"100.00%"},{"v":1341.65,"d":"1,341.65"}]
[" 7.4.4 "," 74245/001 ","SINAPI","PINTURA ACRILICA EM PISO CIMENTADO DUAS DEMAOS","m²",33.68,13.48,{"v":9.9,"d":"9.90"},6.94,16.84,333.43,233.74,567.17,{"v":0.001605675241120234,"d":"0.16 %"},null,{"v":0,"d":"0.00%"},0,null,{"v":0,"d":"0.00%"},0,null,{"v":0,"d":"0.00%"},0,null,{"v":0,"d":"0.00%"},0,null,{"v":0,"d":"0.00%"},0,null,{"v":0,"d":"0.00%"},0,null,{"v":0,"d":"0.00%"},0,null,{"v":0,"d":"0.00%"},0,null,{"v":0,"d":"0.00%"},0,0,{"v":0,"d":"0.00%"},0,33.68,{"v":1,"d":"100.00%"},567.17]
[" 7.4.5 "," COMP ARQ 01 ","Próprio","PISO TÁTIL DE BORRACHA (PVC FLEXÍVEL), COLORIDO, APLICADO COM COLA DE CONTATO, E=5CM, 25X25CM. REF.: SETOP PIS-TAT-015","M²",7.25,210.59,12.54,250.61,263.15,90.91,{"v":1816.92,"d":"1,816.92"},{"v":1907.84,"d":"1,907.84"},{"v":0.005401123816962138,"d":"0.54 %"},null,{"v":0,"d":"0.00%"},0,null,{"v":0,"d":"0.00%"},0,null,{"v":0,"d":"0.00%"},0,null,{"v":0,"d":"0.00%"},0,null,{"v":0,"d":"0.00%"},0,null,{"v":0,"d":"0.00%"},0,null,{"v":0,"d":"0.00%"},0,null,{"v":0,"d":"0.00%"},0,null,{"v":0,"d":"0.00%"},0,0,{"v":0,"d":"0.00%"},0,7.25,{"v":1,"d":"100.00%"},{"v":1907.84,"d":"1,907.84"}]
[" 7.5 ",null,null,"COBERTURA",{"$nulls":8},{"v":40931.96,"d":"40,931.96"},{"v":0.11576183270006025,"d":"11.58 %"},null,null,{"v":0,"d":"0.00"},null,null,{"v":0,"d":"0.00"},null,null,{"v":0,"d":"0.00"},null,null,{"v":0,"d":"0.00"},null,null,{"v":0,"d":"0.00"},null,null,{"v":0,"d":"0.00"},null,null,{"v":21069.036,"d":"21,069.04"},null,null,{"v":0,"d":"0.00"},null,null,{"v":0,"d":"0.00"},null,null,{"v":21069.036,"d":"21,069.04"},null,null,{"v":19862.924000000003,"d":"19,862.92"}]
[" 7.5.1 "," 94231 ","SINAPI","RUFO EM CHAPA DE AÇO GALVANIZADO NÚMERO 24, CORTE DE 25 CM, INCLUSO TRANSPORTE VERTICAL. AF_07/2019","M",30.3,34.68,5.22,38.11,43.33,158.16,{"v":1154.73,"d":"1,154.73"},{"v":1312.9,"d":"1,312.90"},{"v":0.003716830874895259,"d":"0.37 %"},null,{"v":0,"d":"0.00%"},0,null,{"v":0,"d":"0.00%"},0,null,{"v":0,"d":"0.00%"},0,null,{"v":0,"d":"0.00%"},0,null,{"v":0,"d":"0.00%"},0,null,{"v":0,"d":"0.00%"},0,null,{"v":0,"d":"0.00%"},0,null,{"v":0,"d":"0.00%"},0,null,{"v":0,"d":"0.00%"},0,0,{"v":0,"d":"0.00%"},0,{"v":30.3,"d":"30.30"},{"v":1,"d":"100.00%"},{"v":1312.9,"d":"1,312.90"}]
[" 7.5.2 "," 94228 ","SINAPI","CALHA EM CHAPA DE AÇO GALVANIZADO NÚMERO 24, DESENVOLVIMENTO DE 50 CM, INCLUSO TRANSPORTE VERTICAL. AF_07/2019","M",34.3,57.75,10.67,61.49,72.16,365.98,{"v":2109.1,"d":"2,109.10"},{"v":2475.09,"d":"2,475.09"},{"v":0.007007025540476169,"d":"0.70 %"},null,{"v":0,"d":"0.00%"},0,null,{"v":0,"d":"0.00%"},0,null,{"v":0,"d":"0.00%"},0,null,{"v":0,"d":"0.00%"},0,null,{"v":0,"d":"0.00%"},0,null,{"v":0,"d":"0.00%"},0,null,{"v":0,"d":"0.00%"},0,null,{"v":0,"d":"0.00%"},0,null,{"v":0,"d":"0.00%"},0,0,{"v":0,"d":"0.00%"},0,{"v":34.3,"d":"34.30"},{"v":1,"d":"100.00%"},{"v":2475.09,"d":"2,475.09"}]
[" 7.5.3 "," 94207 ","SINAPI","TELHAMENTO COM TELHA ONDULADA DE FIBROCIMENTO E = 6 MM, COM RECOBRIMENTO LATERAL DE 1/4 DE ONDA PARA TELHADO COM INCLINAÇÃO MAIOR QUE 10°, COM ATÉ 2 ÁGUAS, INCLUSO IÇAMENTO. AF_07/2019","m²",259.82,34.05,4.26,38.12,42.54,{"v":1106.83,"d":"1,106.83"},{"v":9904.34,"d":"9,904.34"},{"v":11052.74,"d":"11,052.74"},{"v":0.031172951751266616,"d":"3.12 %"},null,{"v":0,"d":"0.00%"},0,null,{"v":0,"d":"0.00%"},0,null,{"v":0,"d":"0.00%"},0,null,{"v":0,"d":"0.00%"},0,null,{"v":0,"d":"0.00%"},0,null,{"v":0,"d":"0.00%"},0,null,{"v":0,"d":"0.00%"},0,null,{"v":0,"d":"0.00%"},0,null,{"v":0,"d":"0.00%"},0,0,{"v":0,"d":"0.00%"},0,259.82,{"v":1,"d":"100.00%"},{"v":11052.74,"d":"11,052.74"}]
[" 7.5.4 "," COMP EST 01 ","Próprio","FORNECIMENTO E INSTALAÇÃO DE TESOURA METÁLICA, COM VÃO DE 15M, UTILIZAÇÃO DE PERFIS DE CHAPA LAMINADA E DOBRADA EM AÇO ASTM A36, CONFORME PROJETO. REF.: SIURB - SP - CÓDIGO 15505","UN",7,{"v":1984.19,"d":"1,984.19"},435.38,{"v":2044.06,"d":"2,044.06"},{"v":2479.44,"d":"2,479.44"},{"v":3047.66,"d":"3,047.66"},{"v":14308.42,"d":"14,308.42"},{"v":17356.08,"d":"17,356.08"},{"v":0.04913558181656659,"d":"4.91 %"},null,{"v":0,"d":"0.00%"},0,null,{"v":0,"d":"0.00%"},0,null,{"v":0,"d":"0.00%"},0,null,{"v":0,"d":"0.00%"},0,null,{"v":0,"d":"0.00%"},0,null,{"v":0,"d":"0.00%"},0,5.65,{"v":0.8071428571428572,"d":"80.71%"},{"v":14008.836000000001,"d":"14,008.84"},null,{"v":0,"d":"0.00%"},0,null,{"v":0,"d":"0.00%"},0,5.65,{"v":0.8071428571428572,"d":"80.71%"},{"v":14008.836000000001,"d":"14,008.84"},{"v":1.3499999999999996,"d":"1.35"},{"v":0.19285714285714287,"d":"19.29%"},{"v":3347.2440000000006,"d":"3,347.24"}]
[" 7.5.5 "," 92580 ","SINAPI","TRAMA DE AÇO COMPOSTA POR TERÇAS PARA TELHADOS DE ATÉ 2 ÁGUAS PARA TELHA ONDULADA DE FIBROCIMENTO, METÁLICA, PLÁSTICA OU TERMOACÚSTICA, INCLUSO TRANSPORTE VERTICAL. AF_07/2019","m²",259.82,26.91,4.15,29.47,33.62,{"v":1078.25,"d":"1,078.25"},{"v":7656.89,"d":"7,656.89"},{"v":8735.15,"d":"8,735.15"},{"v":0.024729442716855617,"d":"2.47 %"},null,{"v":0,"d":"0.00%"},0,null,{"v":0,"d":"0.00%"},0,null,{"v":0,"d":"0.00%"},0,null,{"v":0,"d":"0.00%"},0,null,{"v":0,"d":"0.00%"},0,null,{"v":0,"d":"0.00%"},0,210,{"v":0.8082517186310482,"d":"80.83%"},{"v":7060.2,"d":"7,060.20"},null,{"v":0,"d":"0.00%"},0,null,{"v":0,"d":"0.00%"},0,{"v":210,"d":"210.00"},{"v":0.8082517186310482,"d":"80.83%"},{"v":7060.2,"d":"7,060.20"},{"v":49.81999999999999,"d":"49.82"},{"v":0.19174828136895186,"d":"19.17%"},{"v":1674.9499999999998,"d":"1,674.95"}]
[" 7.6 ",null,null,"ESQUADRIAS",{"$nulls":8},{"v":22926.41,"d":"22,926.41"},{"v":0.0648927829516737,"d":"6.49 %"},null,null,{"v":0,"d":"0.00"},null,null,{"v":0,"d":"0.00"},null,null,{"v":0,"d":"0.00"},null,null,{"v":0,"d":"0.00"},null,null,{"v":0,"d":"0.00"},null,null,{"v":1792.874,"d":"1,792.87"},null,null,{"v":1435.784,"d":"1,435.78"},null,null,{"v":0,"d":"0.00"},null,null,{"v":0,"d":"0.00"},null,null,{"v":3228.6580000000004,"d":"3,228.66"},null,null,{"v":19697.752,"d":"19,697.75"}]
[" 7.6.1 "," 94569 ","SINAPI","JANELA DE ALUMÍNIO TIPO MAXIM-AR, COM VIDROS, BATENTE E FERRAGENS. EXCLUSIVE ALIZAR, ACABAMENTO E CONTRAMARCO. FORNECIMENTO E INSTALAÇÃO. AF_12/2019","m²",1.38,417.05,40.03,481.11,{"v":521.14568,"d":"521.15"},55.24,663.93,719.18,{"v":0.0020359917893337776,"d":"0.20 %"},null,{"v":0,"d":"0.00%"},0,null,{"v":0,"d":"0.00%"},0,null,{"v":0,"d":"0.00%"},0,null,{"v":0,"d":"0.00%"},0,null,{"v":0,"d":"0.00%"},0,null,{"v":0,"d":"0.00%"},0,null,{"v":0,"d":"0.00%"},0,null,{"v":0,"d":"0.00%"},0,null,{"v":0,"d":"0.00%"},0,0,{"v":0,"d":"0.00%"},0,1.38,{"v":1,"d":"100.00%"},719.18]
[" 7.6.2 "," 94573 ","SINAPI","JANELA DE ALUMÍNIO DE CORRER COM 4 FOLHAS PARA VIDROS, COM VIDROS, BATENTE, ACABAMENTO COM ACETATO OU BRILHANTE E FERRAGENS. EXCLUSIVE ALIZAR E CONTRAMARCO. FORNECIMENTO E INSTALAÇÃO. AF_12/2019","m²",6.48,301.12,21.88,354.39,376.27,141.78,{"v":2296.44,"d":"2,296.44"},{"v":2438.23,"d":"2,438.23"},{"v":0.006902673777534385,"d":"0.69 %"},null,{"v":0,"d":"0.00%"},0,null,{"v":0,"d":"0.00%"},0,null,{"v":0,"d":"0.00%"},0,null,{"v":0,"d":"0.00%"},0,null,{"v":0,"d":"0.00%"},0,null,{"v":0,"d":"0.00%"},0,null,{"v":0,"d":"0.00%"},0,null,{"v":0,"d":"0.00%"},0,null,{"v":0,"d":"0.00%"},0,0,{"v":0,"d":"0.00%"},0,6.48,{"v":1,"d":"100.00%"},{"v":2438.23,"d":"2,438.23"}]
[" 7.6.3 "," 100674 ","SINAPI","JANELA FIXA DE ALUMÍNIO PARA VIDRO, COM VIDRO, BATENTE E FERRAGENS. EXCLUSIVE ACABAMENTO, ALIZAR E CONTRAMARCO. FORNECIMENTO E INSTALAÇÃO. AF_12/2019","m²",2.7,286.18,15.85,341.76,357.61,42.79,922.75,965.55,{"v":0.002733472631329638,"d":"0.27 %"},null,{"v":0,"d":"0.00%"},0,null,{"v":0,"d":"0.00%"},0,null,{"v":0,"d":"0.00%"},0,null,{"v":0,"d":"0.00%"},0,null,{"v":0,"d":"0.00%"},0,null,{"v":0,"d":"0.00%"},0,null,{"v":0,"d":"0.00%"},0,null,{"v":0,"d":"0.00%"},0,null,{"v":0,"d":"0.00%"},0,0,{"v":0,"d":"0.00%"},0,{"v":2.7,"d":"2.70"},{"v":1,"d":"100.00%"},965.55]
[" 7.6.4 "," 94570 ","SINAPI","JANELA DE ALUMÍNIO DE CORRER COM 2 FOLHAS PARA VIDROS, COM VIDROS, BATENTE, ACABAMENTO COM ACETATO OU BRILHANTE E FERRAGENS. EXCLUSIVE ALIZAR E CONTRAMARCO. FORNECIMENTO E INSTALAÇÃO. AF_12/2019","m²",1.8,{"v":259.9,"d":"259.90"},{"v":10.9,"d":"10.90"},313.87,324.77,19.62,564.96,584.59,{"v":0.0016549634720702195,"d":"0.17 %"},null,{"v":0,"d":"0.00%"},0,null,{"v":0,"d":"0.00%"},0,null,{"v":0,"d":"0.00%"},0,null,{"v":0,"d":"0.00%"},0,null,{"v":0,"d":"0.00%"},0,null,{"v":0,"d":"0.00%"},0,null,{"v":0,"d":"0.00%"},0,null,{"v":0,"d":"0.00%"},0,null,{"v":0,"d":"0.00%"},0,0,{"v":0,"d":"0.00%"},0,{"v":1.8,"d":"1.80"},{"v":1,"d":"100.00%"},584.59]
[" 7.6.5 "," 90795 ","SINAPI","KIT DE PORTA-PRONTA DE MADEIRA EM ACABAMENTO MELAMÍNICO BRANCO, FOLHA LEVE OU MÉDIA, E BATENTE METÁLICO, 70X210CM,  EXCLUSIVE FECHADURA, FIXAÇÃO COM ARGAMASSA - FORNECIMENTO E INSTALAÇÃO. AF_12/2019","UN",1,606.53,47.97,709.94,757.91,47.97,709.94,757.91,{"v":0.002145665888529782,"d":"0.21 %"},null,{"v":0,"d":"0.00%"},0,null,{"v":0,"d":"0.00%"},0,null,{"v":0,"d":"0.00%"},0,null,{"v":0,"d":"0.00%"},0,null,{"v":0,"d":"0.00%"},0,null,{"v":0,"d":"0.00%"},0,null,{"v":0,"d":"0.00%"},0,null,{"v":0,"d":"0.00%"},0,null,{"v":0,"d":"0.00%"},0,0,{"v":0,"d":"0.00%"},0,{"v":1,"d":"1.00"},{"v":1,"d":"100.00%"},757.91]
[" 7.6.6 "," 90796 ","SINAPI","KIT DE PORTA-PRONTA DE MADEIRA EM ACABAMENTO MELAMÍNICO BRANCO, FOLHA LEVE OU MÉDIA, E BATENTE METÁLICO, 80X210CM, EXCLUSIVE FECHADURA, FIXAÇÃO COM ARGAMASSA - FORNECIMENTO E INSTALAÇÃO. AF_12/2019","UN",2,615.34,52.95,715.97,768.92,{"v":105.9,"d":"105.90"},{"v":1431.94,"d":"1,431.94"},{"v":1537.84,"d":"1,537.84"},{"v":0.004353671055952079,"d":"0.44 %"},null,{"v":0,"d":"0.00%"},0,null,{"v":0,"d":"0.00%"},0,null,{"v":0,"d":"0.00%"},0,null,{"v":0,"d":"0.00%"},0,null,{"v":0,"d":"0.00%"},0,null,{"v":0,"d":"0.00%"},0,null,{"v":0,"d":"0.00%"},0,null,{"v":0,"d":"0.00%"},0,null,{"v":0,"d":"0.00%"},0,0,{"v":0,"d":"0.00%"},0,{"v":2,"d":"2.00"},{"v":1,"d":"100.00%"},{"v":1537.84,"d":"1,537.84"}]
[" 7.6.7 "," 90797 ","SINAPI","KIT DE PORTA-PRONTA DE MADEIRA EM ACABAMENTO MELAMÍNICO BRANCO, FOLHA LEVE OU MÉDIA, E BATENTE METÁLICO, 90X210CM,  EXCLUSIVE FECHADURA, FIXAÇÃO COM ARGAMASSA - FORNECIMENTO E INSTALAÇÃO. AF_12/2019","UN",4,652.49,57.66,757.69,815.35,230.64,{"v":3030.76,"d":"3,030.76"},{"v":3261.4,"d":"3,261.40"},{"v":0.009233120989102969,"d":"0.92 %"},null,{"v":0,"d":"0.00%"},0,null,{"v":0,"d":"0.00%"},0,null,{"v":0,"d":"0.00%"},0,null,{"v":0,"d":"0.00%"},0,null,{"v":0,"d":"0.00%"},0,null,{"v":0,"d":"0.00%"},0,null,{"v":0,"d":"0.00%"},0,null,{"v":0,"d":"0.00%"},0,null,{"v":0,"d":"0.00%"},0,0,{"v":0,"d":"0.00%"},0,{"v":4,"d":"4.00"},{"v":1,"d":"100.00%"},{"v":3261.4,"d":"3,261.40"}]
[" 7.6.8 "," 90831 ","SINAPI","FECHADURA DE EMBUTIR PARA PORTA DE BANHEIRO, COMPLETA, ACABAMENTO PADRÃO MÉDIO, INCLUSO EXECUÇÃO DE FURO - FORNECIMENTO E INSTALAÇÃO. AF_12/2019","UN",3,75.13,20.26,73.62,93.88,60.78,220.86,281.64,{"v":0.0007973312673609371,"d":"0.08 %"},null,{"v":0,"d":"0.00%"},0,null,{"v":0,"d":"0.00%"},0,null,{"v":0,"d":"0.00%"},0,null,{"v":0,"d":"0.00%"},0,null,{"v":0,"d":"0.00%"},0,null,{"v":0,"d":"0.00%"},0,null,{"v":0,"d":"0.00%"},0,null,{"v":0,"d":"0.00%"},0,null,{"v":0,"d":"0.00%"},0,0,{"v":0,"d":"0.00%"},0,{"v":3,"d":"3.00"},{"v":1,"d":"100.00%"},281.64]
[" 7.6.9 "," 90830 ","SINAPI","FECHADURA DE EMBUTIR COM CILINDRO, EXTERNA, COMPLETA, ACABAMENTO PADRÃO MÉDIO, INCLUSO EXECUÇÃO DE FURO - FORNECIMENTO E INSTALAÇÃO. AF_12/2019","UN",4,95.92,{"v":26.5,"d":"26.50"},93.36,119.86,{"v":106,"d":"106.00"},373.44,479.44,{"v":0.0013573089860230354,"d":"0.14 %"},null,{"v":0,"d":"0.00%"},0,null,{"v":0,"d":"0.00%"},0,null,{"v":0,"d":"0.00%"},0,null,{"v":0,"d":"0.00%"},0,null,{"v":0,"d":"0.00%"},0,null,{"v":0,"d":"0.00%"},0,null,{"v":0,"d":"0.00%"},0,null,{"v":0,"d":"0.00%"},0,null,{"v":0,"d":"0.00%"},0,0,{"v":0,"d":"0.00%"},0,{"v":4,"d":"4.00"},{"v":1,"d":"100.00%"},479.44]
[" 7.6.10 "," 100702 ","SINAPI","PORTA DE CORRER DE ALUMÍNIO, COM DUAS FOLHAS PARA VIDRO, INCLUSO VIDRO LISO INCOLOR, FECHADURA E PUXADOR, SEM ALIZAR. AF_12/2019","m²",11.55,497.21,2.59,618.72,621.31,29.91,{"v":7146.22,"d":"7,146.22"},{"v":7176.13,"d":"7,176.13"},{"v":0.020315838757445113,"d":"2.03 %"},null,{"v":0,"d":"0.00%"},0,null,{"v":0,"d":"0.00%"},0,null,{"v":0,"d":"0.00%"},0,null,{"v":0,"d":"0.00%"},0,null,{"v":0,"d":"0.00%"},0,null,{"v":0,"d":"0.00%"},0,null,{"v":0,"d":"0.00%"},0,null,{"v":0,"d":"0.00%"},0,null,{"v":0,"d":"0.00%"},0,0,{"v":0,"d":"0.00%"},0,11.55,{"v":1,"d":"100.00%"},{"v":7176.13,"d":"7,176.13"}]
[" 7.6.11 "," 73739/001 ","SINAPI","PINTURA ESMALTE ACETINADO EM MADEIRA, DUAS DEMAOS","m²",24.78,15.65,10.11,9.44,19.55,250.52,233.92,484.45,{"v":0.001371464135635323,"d":"0.14 %"},null,{"v":0,"d":"0.00%"},0,null,{"v":0,"d":"0.00%"},0,null,{"v":0,"d":"0.00%"},0,null,{"v":0,"d":"0.00%"},0,null,{"v":0,"d":"0.00%"},0,null,{"v":0,"d":"0.00%"},0,null,{"v":0,"d":"0.00%"},0,null,{"v":0,"d":"0.00%"},0,null,{"v":0,"d":"0.00%"},0,0,{"v":0,"d":"0.00%"},0,24.78,{"v":1,"d":"100.00%"},484.45]
[" 7.6.12 "," 100749 ","SINAPI","PINTURA COM TINTA ALQUÍDICA DE ACABAMENTO (ESMALTE SINTÉTICO FOSCO) PULVERIZADA SOBRE SUPERFÍCIES METÁLICAS (EXCETO PERFIL) EXECUTADO EM OBRA (POR DEMÃO). AF_01/2020","m²",47.82,16.93,9.67,11.41,21.15,462.41,545.63,{"v":1011.39,"d":"1,011.39"},{"v":0.0028537914030340827,"d":"0.29 %"},null,{"v":0,"d":"0.00%"},0,null,{"v":0,"d":"0.00%"},0,null,{"v":0,"d":"0.00%"},0,null,{"v":0,"d":"0.00%"},0,null,{"v":0,"d":"0.00%"},0,null,{"v":0,"d":"0.00%"},0,null,{"v":0,"d":"0.00%"},0,null,{"v":0,"d":"0.00%"},0,null,{"v":0,"d":"0.00%"},0,0,{"v":0,"d":"0.00%"},0,47.82,{"v":1,"d":"100.00%"},{"v":1011.39,"d":"1,011.39"}]
[" 7.6.13 "," 93186 ","SINAPI","VERGA MOLDADA IN LOCO EM CONCRETO PARA JANELAS COM ATÉ 1,5 M DE VÃO. AF_03/2016","M",4.4,40.15,14.23,35.71,50.17,62.61,157.12,220.75,{"v":0.0006220622048615918,"d":"0.06 %"},null,{"v":0,"d":"0.00%"},0,null,{"v":0,"d":"0.00%"},0,null,{"v":0,"d":"0.00%"},0,null,{"v":0,"d":"0.00%"},0,null,{"v":0,"d":"0.00%"},0,4.4,{"v":0.99999093997735,"d":"100.00%"},{"v":220.74800000000002,"d":"220.75"},null,{"v":0,"d":"0.00%"},0,null,{"v":0,"d":"0.00%"},0,null,{"v":0,"d":"0.00%"},0,{"v":4.4,"d":"4.40"},{"v":0.99999093997735,"d":"100.00%"},{"v":220.74800000000002,"d":"220.75"},0,{"v":9.060022649971135e-06,"d":"0.00%"},{"v":0.001999999999981128,"d":"0.00"}]
[" 7.6.14 "," 93187 ","SINAPI","VERGA MOLDADA IN LOCO EM CONCRETO PARA JANELAS COM MAIS DE 1,5 M DE VÃO. AF_03/2016","M",17.2,45.09,14.52,41.82,56.34,249.74,{"v":719.3,"d":"719.30"},969.05,{"v":0.0027433812360582394,"d":"0.27 %"},null,{"v":0,"d":"0.00%"},0,null,{"v":0,"d":"0.00%"},0,null,{"v":0,"d":"0.00%"},0,null,{"v":0,"d":"0.00%"},0,null,{"v":0,"d":"0.00%"},0,17.2,{"v":0.9999979361230071,"d":"100.00%"},{"v":969.048,"d":"969.05"},null,{"v":0,"d":"0.00%"},0,null,{"v":0,"d":"0.00%"},0,null,{"v":0,"d":"0.00%"},0,{"v":17.2,"d":"17.20"},{"v":0.9999979361230071,"d":"100.00%"},{"v":969.048,"d":"969.05"},0,{"v":2.063876992882417e-06,"d":"0.00%"},{"v":0.0019999999999527063,"d":"0.00"}]
[" 7.6.15 "," 93196 ","SINAPI","CONTRAVERGA MOLDADA IN LOCO EM CONCRETO PARA VÃOS DE ATÉ 1,5 M DE COMPRIMENTO. AF_03/2016","M",4.4,38.03,14.23,33.29,47.52,62.61,146.47,209.09,{"v":0.0005919117361874192,"d":"0.06 %"},null,{"v":0,"d":"0.00%"},0,null,{"v":0,"d":"0.00%"},0,null,{"v":0,"d":"0.00%"},0,null,{"v":0,"d":"0.00%"},0,null,{"v":0,"d":"0.00%"},0,4.4,{"v":0.9999904347410207,"d":"100.00%"},{"v":209.08800000000002,"d":"209.09"},null,{"v":0,"d":"0.00%"},0,null,{"v":0,"d":"0.00%"},0,null,{"v":0,"d":"0.00%"},0,{"v":4.4,"d":"4.40"},{"v":0.9999904347410207,"d":"100.00%"},{"v":209.08800000000002,"d":"209.09"},0,{"v":9.565258979296608e-06,"d":"0.00%"},{"v":0.001999999999981128,"d":"0.00"}]
[" 7.6.16 "," 93197 ","SINAPI","CONTRAVERGA MOLDADA IN LOCO EM CONCRETO PARA VÃOS DE MAIS DE 1,5 M DE COMPRIMENTO. AF_03/2016","M",17.2,42.03,{"v":14.6,"d":"14.60"},37.92,52.52,251.12,652.22,903.34,{"v":0.00255738257015278,"d":"0.26 %"},null,{"v":0,"d":"0.00%"},0,null,{"v":0,"d":"0.00%"},0,null,{"v":0,"d":"0.00%"},0,null,{"v":0,"d":"0.00%"},0,null,{"v":0,"d":"0.00%"},0,null,{"v":0,"d":"0.00%"},0,17.2,{"v":1.0000044280116014,"d":"100.00%"},{"v":903.344,"d":"903.34"},null,{"v":0,"d":"0.00%"},0,null,{"v":0,"d":"0.00%"},0,{"v":17.2,"d":"17.20"},{"v":1.0000044280116014,"d":"100.00%"},{"v":903.344,"d":"903.34"},0,{"v":-4.428011601411538e-06,"d":"-0.00%"},{"v":-0.004000000000019099,"d":"-0.00"}]
[" 7.6.17 "," 93188 ","SINAPI","VERGA MOLDADA IN LOCO EM CONCRETO PARA PORTAS COM ATÉ 1,5 M DE VÃO. AF_03/2016","M",10.8,39.46,13.76,35.54,{"v":49.3,"d":"49.30"},{"v":148.6,"d":"148.60"},383.84,532.44,{"v":0.0015073535719132842,"d":"0.15 %"},null,{"v":0,"d":"0.00%"},0,null,{"v":0,"d":"0.00%"},0,null,{"v":0,"d":"0.00%"},0,null,{"v":0,"d":"0.00%"},0,null,{"v":0,"d":"0.00%"},0,null,{"v":0,"d":"0.00%"},0,10.8,{"v":1,"d":"100.00%"},532.44,null,{"v":0,"d":"0.00%"},0,null,{"v":0,"d":"0.00%"},0,{"v":10.8,"d":"10.80"},{"v":1,"d":"100.00%"},532.44,0,{"v":0,"d":"0.00%"},0]
[" 7.6.18 "," 93189 ","SINAPI","VERGA MOLDADA IN LOCO EM CONCRETO PARA PORTAS COM MAIS DE 1,5 M DE VÃO. AF_03/2016","M",6.9,{"v":45.7,"d":"45.70"},14.25,42.85,{"v":57.1,"d":"57.10"},98.32,295.67,393.99,{"v":0.00111539747914904,"d":"0.11 %"},null,{"v":0,"d":"0.00%"},0,null,{"v":0,"d":"0.00%"},0,null,{"v":0,"d":"0.00%"},0,null,{"v":0,"d":"0.00%"},0,null,{"v":0,"d":"0.00%"},0,6.9,{"v":1,"d":"100.00%"},393.99,null,{"v":0,"d":"0.00%"},0,null,{"v":0,"d":"0.00%"},0,null,{"v":0,"d":"0.00%"},0,{"v":6.9,"d":"6.90"},{"v":1,"d":"100.00%"},393.99,0,{"v":0,"d":"0.00%"},0]
[]
[]
["TOTAL ",{"$nulls":10},{"v":353228.34,"d":"353,228.34"},{"v":353228.3410000002,"d":"353,228.34"},null,{"v":31872.595599999997,"d":"R$ 31,872.60"},null,null,{"v":57183.12447999999,"d":"R$ 57,183.12"},null,null,{"v":7290.32,"d":"R$ 7,290.32"},null,null,{"v":14822.668000000003,"d":"R$ 14,822.67"},null,null,{"v":6997.4439999999995,"d":"R$ 6,997.44"},null,null,{"v":15301.7582,"d":"R$ 15,301.76"},null,null,{"v":22504.82,"d":"R$ 22,504.82"},null,null,{"v":15529.822400000003,"d":"R$ 15,529.82"},null,null,{"v":16262.229,"d":"R$ 16,262.23"},null,null,{"v":187764.78168000001,"d":"R$ 187,764.78"},null,null,{"v":165463.55932000003,"d":"R$ 165,463.56"}]
["% MEDIÇÃO",{"$nulls":9},{"v":123293.24910000002,"d":"123,293.25"},{"v":228736.96570000003,"d":"228,736.97"},{"v":1,"d":"100%"},null,{"v":0.09023227159453771,"d":"9.02%"},null,null,{"v":0.16188713600418592,"d":"16.19%"},null,null,{"v":0.020639114005860576,"d":"2.06%"},null,null,{"v":0.04196341651985393,"d":"4.20%"},null,null,{"v":0.01980997328863823,"d":"1.98%"},null,null,{"v":0.0433197352077703,"d":"4.33%"},null,null,{"v":0.06371181863915044,"d":"6.37%"},null,null,{"v":0.043965391780383764,"d":"4.40%"},null,null,{"v":0.04603885677451909,"d":"4.60%"},null,null,{"v":0.5315677138149,"d":"53.16%"},null,null,{"v":0.4684322861850996,"d":"46.84%"}]
["São José dos Quatro Marcos-MT, 06 de Dezembro de 2023."]
["VALOR A SER PAGO NESTA MEDIÇÃO R$ 16.262,23 (Dezesseis mil, Duzentos e sessenta e dois reais, e vinte e três centavos).",{"$nulls":40},"LUIZ GUILHERME CADORE SILVA"]
[{"$nulls":41},"Engenheiro Civil"]
[{"$nulls":41},"CREA MT041303"]
[{"$nulls":11},{"v":0.75,"d":"75%"}]
[{"$nulls":11},0]

{"sheet":"SINAPI DESO","index":15,"n_rows":12480,"n_cols":4,"rows_kept":12480,"hidden":true,"flags":["formulas_cached_only"]}
["        PRECOS DE INSUMOS - BANCO NACIONAL"]
[""]
["MES DE COLETA: 01/2024"]
["LOCALIDADE: 4160 - CUIABA"]
["ENCARGOS SOCIAIS (%) HORISTA 106,84  MENSALISTA  65,40"]
[""]
["CODIGO  ","DESCRICAO DO INSUMO","UNIDADE DE MEDIDA","PRECO MEDIANO R$"]
[38605,"ABERTURA PARA ENCAIXE DE CUBA OU LAVATORIO EM BANCADA DE MARMORE/ GRANITO OU OUTRO TIPO DE PEDRA NATURAL                                                                                                                                                                                                                                                                                                                                                                                                  ","UN    ",142.15]
[11270,"ABRACADEIRA DE LATAO PARA FIXACAO DE CABO PARA-RAIO, DIMENSOES 32 X 24 X 24 MM                                                                                                                                                                                                                                                                                                                                                                                                                            ","UN    ",2.58]
[412,"ABRACADEIRA DE NYLON PARA AMARRACAO DE CABOS, COMPRIMENTO DE *230* X *7,6* MM                                                                                                                                                                                                                                                                                                                                                                                                                             ","UN    ",1.33]
[414,"ABRACADEIRA DE NYLON PARA AMARRACAO DE CABOS, COMPRIMENTO DE 100 X 2,5 MM                                                                                                                                                                                                                                                                                                                                                                                                                                 ","UN    ",0.08]
[410,"ABRACADEIRA DE NYLON PARA AMARRACAO DE CABOS, COMPRIMENTO DE 150 X *3,6* MM                                                                                                                                                                                                                                                                                                                                                                                                                               ","UN    ",0.2]
[411,"ABRACADEIRA DE NYLON PARA AMARRACAO DE CABOS, COMPRIMENTO DE 200 X *4,6* MM                                                                                                                                                                                                                                                                                                                                                                                                                               ","UN    ",0.26]
[408,"ABRACADEIRA DE NYLON PARA AMARRACAO DE CABOS, COMPRIMENTO DE 390 X *4,6* MM                                                                                                                                                                                                                                                                                                                                                                                                                               ","UN    ",1.29]
[39131,"ABRACADEIRA EM ACO PARA AMARRACAO DE ELETRODUTOS, TIPO D, COM 1 1/2\" E CUNHA DE FIXACAO                                                                                                                                                                                                                                                                                                                                                                                                                   ","UN    ",4.01]
[394,"ABRACADEIRA EM ACO PARA AMARRACAO DE ELETRODUTOS, TIPO D, COM 1 1/2\" E PARAFUSO DE FIXACAO                                                                                                                                                                                                                                                                                                                                                                                                                ","UN    ",4.06]
[39130,"ABRACADEIRA EM ACO PARA AMARRACAO DE ELETRODUTOS, TIPO D, COM 1 1/4\" E CUNHA DE FIXACAO                                                                                                                                                                                                                                                                                                                                                                                                                   ","UN    ",3.66]
[395,"ABRACADEIRA EM ACO PARA AMARRACAO DE ELETRODUTOS, TIPO D, COM 1 1/4\" E PARAFUSO DE FIXACAO                                                                                                                                                                                                                                                                                                                                                                                                                ","UN    ",3.91]
[39127,"ABRACADEIRA EM ACO PARA AMARRACAO DE ELETRODUTOS, TIPO D, COM 1/2\" E CUNHA DE FIXACAO                                                                                                                                                                                                                                                                                                                                                                                                                     ","UN    ",1.93]
[392,"ABRACADEIRA EM ACO PARA AMARRACAO DE ELETRODUTOS, TIPO D, COM 1/2\" E PARAFUSO DE FIXACAO                                                                                                                                                                                                                                                                                                                                                                                                                  ","UN    ",1.98]
[39129,"ABRACADEIRA EM ACO PARA AMARRACAO DE ELETRODUTOS, TIPO D, COM 1\" E CUNHA DE FIXACAO                                                                                                                                                                                                                                                                                                                                                                                                                       ","UN    ",2.25]
[393,"ABRACADEIRA EM ACO PARA AMARRACAO DE ELETRODUTOS, TIPO D, COM 1\" E PARAFUSO DE FIXACAO                                                                                                                                                                                                                                                                                                                                                                                                                    ","UN    ",2.36]
[39133,"ABRACADEIRA EM ACO PARA AMARRACAO DE ELETRODUTOS, TIPO D, COM 2 1/2\" E CUNHA DE FIXACAO                                                                                                                                                                                                                                                                                                                                                                                                                   ","UN    ",5.27]
[397,"ABRACADEIRA EM ACO PARA AMARRACAO DE ELETRODUTOS, TIPO D, COM 2 1/2\" E PARAFUSO DE FIXACAO                                                                                                                                                                                                                                                                                                                                                                                                                ","UN    ",5.82]
[39132,"ABRACADEIRA EM ACO PARA AMARRACAO DE ELETRODUTOS, TIPO D, COM 2\" E CUNHA DE FIXACAO                                                                                                                                                                                                                                                                                                                                                                                                                       ","UN    ",4.21]
[396,"ABRACADEIRA EM ACO PARA AMARRACAO DE ELETRODUTOS, TIPO D, COM 2\" E PARAFUSO DE FIXACAO                                                                                                                                                                                                                                                                                                                                                                                                                    ","UN    ",4.51]
[39135,"ABRACADEIRA EM ACO PARA AMARRACAO DE ELETRODUTOS, TIPO D, COM 3 1/2\" E CUNHA DE FIXACAO                                                                                                                                                                                                                                                                                                                                                                                                                   ","UN    ",8.43]
[39128,"ABRACADEIRA EM ACO PARA AMARRACAO DE ELETRODUTOS, TIPO D, COM 3/4\" E CUNHA DE FIXACAO                                                                                                                                                                                                                                                                                                                                                                                                                     ","UN    ",2.1]
[400,"ABRACADEIRA EM ACO PARA AMARRACAO DE ELETRODUTOS, TIPO D, COM 3/4\" E PARAFUSO DE FIXACAO                                                                                                                                                                                                                                                                                                                                                                                                                  ","UN    ",2.05]
[39125,"ABRACADEIRA EM ACO PARA AMARRACAO DE ELETRODUTOS, TIPO D, COM 3/8\" E PARAFUSO DE FIXACAO                                                                                                                                                                                                                                                                                                                                                                                                                  ","UN    ",2.1]
[39134,"ABRACADEIRA EM ACO PARA AMARRACAO DE ELETRODUTOS, TIPO D, COM 3\" E CUNHA DE FIXACAO                                                                                                                                                                                                                                                                                                                                                                                                                       ","UN    ",7.02]
[398,"ABRACADEIRA EM ACO PARA AMARRACAO DE ELETRODUTOS, TIPO D, COM 3\" E PARAFUSO DE FIXACAO                                                                                                                                                                                                                                                                                                                                                                                                                    ","UN    ",6.47]
[39126,"ABRACADEIRA EM ACO PARA AMARRACAO DE ELETRODUTOS, TIPO D, COM 4\" E CUNHA DE FIXACAO                                                                                                                                                                                                                                                                                                                                                                                                                       ","UN    ",9.49]
[399,"ABRACADEIRA EM ACO PARA AMARRACAO DE ELETRODUTOS, TIPO D, COM 4\" E PARAFUSO DE FIXACAO                                                                                                                                                                                                                                                                                                                                                                                                                    ","UN    ",8.36]
[39158,"ABRACADEIRA EM ACO PARA AMARRACAO DE ELETRODUTOS, TIPO ECONOMICA (GOTA), COM 8\"                                                                                                                                                                                                                                                                                                                                                                                                                           ","UN    ",22.44]
[39141,"ABRACADEIRA EM ACO PARA AMARRACAO DE ELETRODUTOS, TIPO U SIMPLES, COM 1 1/2\"                                                                                                                                                                                                                                                                                                                                                                                                                              ","UN    ",1.63]
[39140,"ABRACADEIRA EM ACO PARA AMARRACAO DE ELETRODUTOS, TIPO U SIMPLES, COM 1 1/4\"                                                                                                                                                                                                                                                                                                                                                                                                                              ","UN    ",1.48]
[39137,"ABRACADEIRA EM ACO PARA AMARRACAO DE ELETRODUTOS, TIPO U SIMPLES, COM 1/2\"                                                                                                                                                                                                                                                                                                                                                                                                                                ","UN    ",0.85]
[39139,"ABRACADEIRA EM ACO PARA AMARRACAO DE ELETRODUTOS, TIPO U SIMPLES, COM 1\"                                                                                                                                                                                                                                                                                                                                                                                                                                  ","UN    ",1.23]
[39143,"ABRACADEIRA EM ACO PARA AMARRACAO DE ELETRODUTOS, TIPO U SIMPLES, COM 2 1/2\"                                                                                                                                                                                                                                                                                                                                                                                                                              ","UN    ",3.36]
[39142,"ABRACADEIRA EM ACO PARA AMARRACAO DE ELETRODUTOS, TIPO U SIMPLES, COM 2\"                                                                                                                                                                                                                                                                                                                                                                                                                                  ","UN    ",2.41]
[39138,"ABRACADEIRA EM ACO PARA AMARRACAO DE ELETRODUTOS, TIPO U SIMPLES, COM 3/4\"                                                                                                                                                                                                                                                                                                                                                                                                                                ","UN    ",0.9]
[39136,"ABRACADEIRA EM ACO PARA AMARRACAO DE ELETRODUTOS, TIPO U SIMPLES, COM 3/8\"                                                                                                                                                                                                                                                                                                                                                                                                                                ","UN    ",0.6]
[39144,"ABRACADEIRA EM ACO PARA AMARRACAO DE ELETRODUTOS, TIPO U SIMPLES, COM 3\"                                                                                                                                                                                                                                                                                                                                                                                                                                  ","UN    ",3.91]
[39145,"ABRACADEIRA EM ACO PARA AMARRACAO DE ELETRODUTOS, TIPO U SIMPLES, COM 4\"                                                                                                                                                                                                                                                                                                                                                                                                                                  ","UN    ",6.45]
[12615,"ABRACADEIRA PVC, PARA CALHA PLUVIAL, DIAMETRO ENTRE *80 E 100* MM, PARA DRENAGEM PLUVIAL PREDIAL                                                                                                                                                                                                                                                                                                                                                                                                          ","UN    ",12.1]
[11927,"ABRACADEIRA, GALVANIZADA/ZINCADA, ROSCA SEM FIM, PARAFUSO INOX, LARGURA  FITA *12,6 A *14 MM, D = 2\" A 2 1/2\"                                                                                                                                                                                                                                                                                                                                                                                             ","UN    ",7.7]
[11928,"ABRACADEIRA, GALVANIZADA/ZINCADA, ROSCA SEM FIM, PARAFUSO INOX, LARGURA  FITA *12,6 A *14 MM, D = 3\" A 3 3/4\"                                                                                                                                                                                                                                                                                                                                                                                             ","UN    ",8.82]
[11929,"ABRACADEIRA, GALVANIZADA/ZINCADA, ROSCA SEM FIM, PARAFUSO INOX, LARGURA  FITA *12,6 A *14 MM, D = 4\" A 4 3/4\"                                                                                                                                                                                                                                                                                                                                                                                             ","UN    ",13.64]
[36801,"ACABAMENTO DE METAL CROMADO PARA REGISTRO PEQUENO, DE PAREDE, 1/2 \" OU 3/4 \"                                                                                                                                                                                                                                                                                                                                                                                                                              ","UN    ",37.44]
[36246,"ACABAMENTO SIMPLES/CONVENCIONAL PARA FORRO PVC, TIPO \"U\" OU \"C\", COR BRANCA, COMPRIMENTO 6 M                                                                                                                                                                                                                                                                                                                                                                                                              ","M     ",4.42]
[37600,"ACESSORIO DE LIGACAO NAO ELETRICO PARA CARGAS EXPLOSIVAS, TUBO DE 6 M                                                                                                                                                                                                                                                                                                                                                                                                                                     ","UN    ",104.86]
[37599,"ACESSORIO INICIADOR NAO ELETRICO, TUBO DE 6 M, TEMPO DE RETARDO DE *160* MS                                                                                                                                                                                                                                                                                                                                                                                                                               ","UN    ",97.6]
[1,"ACETILENO (RECARGA DE GAS ACETILENO PARA CILINDRO DE CONJUNTO OXICORTE GRANDE) NAO INCLUI TROCA/MANUTENCAO DO CILINDRO                                                                                                                                                                                                                                                                                                                                                                                    ","KG    ",130]
[3,"ACIDO CLORIDRICO / ACIDO MURIATICO, DILUICAO 10% A 12% PARA USO EM LIMPEZA                                                                                                                                                                                                                                                                                                                                                                                                                                ","L     ",14.78]
[43054,"ACO CA-25, 10,0 MM, OU 12,5 MM, OU 16,0 MM, OU 20,0 MM, OU 25,0 MM, VERGALHAO                                                                                                                                                                                                                                                                                                                                                                                                                             ","KG    ",10]
[42402,"ACO CA-25, 16,0 MM, BARRA DE TRANSFERENCIA                                                                                                                                                                                                                                                                                                                                                                                                                                                                ","KG    ",9.55]
[42403,"ACO CA-25, 20,0 MM, BARRA DE TRANSFERENCIA                                                                                                                                                                                                                                                                                                                                                                                                                                                                ","KG    ",12.26]
[42404,"ACO CA-25, 25,0 MM, BARRA DE TRANSFERENCIA                                                                                                                                                                                                                                                                                                                                                                                                                                                                ","KG    ",12.19]
[42405,"ACO CA-25, 32,0 MM, BARRA DE TRANSFERENCIA                                                                                                                                                                                                                                                                                                                                                                                                                                                                ","KG    ",12.98]
[34341,"ACO CA-25, 32,0 MM, VERGALHAO                                                                                                                                                                                                                                                                                                                                                                                                                                                                             ","KG    ",11.27]
[43053,"ACO CA-25, 6,3 MM OU 8,0 MM, VERGALHAO                                                                                                                                                                                                                                                                                                                                                                                                                                                                    ","KG    ",8.93]
[43058,"ACO CA-50, 10,0 MM, OU 12,5 MM, OU 16,0 MM, OU 20,0 MM, DOBRADO E CORTADO                                                                                                                                                                                                                                                                                                                                                                                                                                 ","KG    ",9.26]
[34,"ACO CA-50, 10,0 MM, VERGALHAO                                                                                                                                                                                                                                                                                                                                                                                                                                                                             ","KG    ",9.3]
[43055,"ACO CA-50, 12,5 MM OU 16,0 MM, VERGALHAO                                                                                                                                                                                                                                                                                                                                                                                                                                                                  ","KG    ",8.06]
[43056,"ACO CA-50, 20,0 MM OU 25,0 MM, VERGALHAO                                                                                                                                                                                                                                                                                                                                                                                                                                                                  ","KG    ",9.29]
[43057,"ACO CA-50, 32,0 MM, VERGALHAO                                                                                                                                                                                                                                                                                                                                                                                                                                                                             ","KG    ",10.21]
[34449,"ACO CA-50, 6,3 MM, DOBRADO E CORTADO                                                                                                                                                                                                                                                                                                                                                                                                                                                                      ","KG    ",10.92]
[32,"ACO CA-50, 6,3 MM, VERGALHAO                                                                                                                                                                                                                                                                                                                                                                                                                                                                              ","KG    ",9.81]
[33,"ACO CA-50, 8,0 MM, VERGALHAO                                                                                                                                                                                                                                                                                                                                                                                                                                                                              ","KG    ",9.87]
[43061,"ACO CA-60, 4,2 MM OU 5,0 MM, DOBRADO E CORTADO                                                                                                                                                                                                                                                                                                                                                                                                                                                            ","KG    ",9.22]
[43059,"ACO CA-60, 4,2 MM, OU 5,0 MM, OU 6,0 MM, OU 7,0 MM, VERGALHAO                                                                                                                                                                                                                                                                                                                                                                                                                                             ","KG    ",8.8]
[43062,"ACO CA-60, 6,0 MM OU 7,0 MM, DOBRADO E CORTADO                                                                                                                                                                                                                                                                                                                                                                                                                                                            ","KG    ",9.76]
[43060,"ACO CA-60, 8,0 MM OU 9,5 MM, VERGALHAO                                                                                                                                                                                                                                                                                                                                                                                                                                                                    ","KG    ",7.67]
[40410,"ACOPLAMENTO RIGIDO EM FERRO FUNDIDO PARA SISTEMA DE TUBULACAO RANHURADA, DN 50 MM (2\")                                                                                                                                                                                                                                                                                                                                                                                                                    ","UN    ",23.71]
[40411,"ACOPLAMENTO RIGIDO EM FERRO FUNDIDO PARA SISTEMA DE TUBULACAO RANHURADA, DN 65 MM (2 1/2\")                                                                                                                                                                                                                                                                                                                                                                                                                ","UN    ",25.73]
[40412,"ACOPLAMENTO RIGIDO EM FERRO FUNDIDO PARA SISTEMA DE TUBULACAO RANHURADA, DN 80 MM (3\")                                                                                                                                                                                                                                                                                                                                                                                                                    ","UN    ",28.88]
[44254,"ADAPTADOR CPVC, ROSCAVEL, COM FLANGES E ANEL DE VEDACAO, 15 MM, CAIXA D'AGUA PARA AGUA QUENTE                                                                                                                                                                                                                                                                                                                                                                                                             ","UN    ",27.31]
[44255,"ADAPTADOR CPVC, ROSCAVEL, COM FLANGES E ANEL DE VEDACAO, 22 MM, CAIXA D'AGUA PARA AGUA QUENTE                                                                                                                                                                                                                                                                                                                                                                                                             ","UN    ",30.27]
[44256,"ADAPTADOR CPVC, ROSCAVEL, COM FLANGES E ANEL DE VEDACAO, 28 MM, CAIXA D'AGUA PARA AGUA QUENTE                                                                                                                                                                                                                                                                                                                                                                                                             ","UN    ",34.19]
[44257,"ADAPTADOR CPVC, ROSCAVEL, COM FLANGES E ANEL DE VEDACAO, 35 MM, CAIXA D'AGUA PARA AGUA QUENTE                                                                                                                                                                                                                                                                                                                                                                                                             ","UN    ",54.08]
[44258,"ADAPTADOR CPVC, ROSCAVEL, COM FLANGES E ANEL DE VEDACAO, 42 MM, CAIXA D'AGUA PARA AGUA QUENTE                                                                                                                                                                                                                                                                                                                                                                                                             ","UN    ",61.81]
[44259,"ADAPTADOR CPVC, ROSCAVEL, COM FLANGES E ANEL DE VEDACAO, 54 MM, CAIXA D'AGUA PARA AGUA QUENTE                                                                                                                                                                                                                                                                                                                                                                                                             ","UN    ",84.84]
[37997,"ADAPTADOR CPVC, SOLDAVEL, 15 MM, PARA AGUA QUENTE                                                                                                                                                                                                                                                                                                                                                                                                                                                         ","UN    ",16.27]
[37998,"ADAPTADOR CPVC, SOLDAVEL, 22 MM, PARA AGUA QUENTE                                                                                                                                                                                                                                                                                                                                                                                                                                                         ","UN    ",21.78]
[55,"ADAPTADOR DE COMPRESSAO EM POLIPROPILENO (PP), PARA TUBO EM PEAD, 20 MM X 1/2\", PARA LIGACAO PREDIAL DE AGUA (NTS 179)                                                                                                                                                                                                                                                                                                                                                                                    ","UN    ",4.2]
[61,"ADAPTADOR DE COMPRESSAO EM POLIPROPILENO (PP), PARA TUBO EM PEAD, 20 MM X 3/4\", PARA LIGACAO PREDIAL DE AGUA (NTS 179)                                                                                                                                                                                                                                                                                                                                                                                    ","UN    ",3.97]
[62,"ADAPTADOR DE COMPRESSAO EM POLIPROPILENO (PP), PARA TUBO EM PEAD, 32 MM X 1\", PARA LIGACAO PREDIAL DE AGUA (NTS 179)                                                                                                                                                                                                                                                                                                                                                                                      ","UN    ",8.23]
[10899,"ADAPTADOR EM LATAO, ENGATE RAPIDO 2 1/2\" X ROSCA INTERNA 5 FIOS 2 1/2\", PARA INSTALACAO PREDIAL DE COMBATE A INCENDIO                                                                                                                                                                                                                                                                                                                                                                                     ","UN    ",81.04]
[10900,"ADAPTADOR EM LATAO, ENGATE RAPIDO1 1/2\" X ROSCA INTERNA 5 FIOS 2 1/2\", PARA INSTALACAO PREDIAL DE COMBATE A INCENDIO                                                                                                                                                                                                                                                                                                                                                                                      ","UN    ",63.42]
[103,"ADAPTADOR PVC SOLDAVEL CURTO COM BOLSA E ROSCA, 110 MM X 4\", PARA AGUA FRIA                                                                                                                                                                                                                                                                                                                                                                                                                               ","UN    ",41.14]
[107,"ADAPTADOR PVC SOLDAVEL CURTO COM BOLSA E ROSCA, 20 MM X 1/2\", PARA AGUA FRIA                                                                                                                                                                                                                                                                                                                                                                                                                              ","UN    ",0.77]
[65,"ADAPTADOR PVC SOLDAVEL CURTO COM BOLSA E ROSCA, 25 MM X 3/4\", PARA AGUA FRIA                                                                                                                                                                                                                                                                                                                                                                                                                              ","UN    ",0.85]
[108,"ADAPTADOR PVC SOLDAVEL CURTO COM BOLSA E ROSCA, 32 MM X 1\", PARA AGUA FRIA                                                                                                                                                                                                                                                                                                                                                                                                                                ","UN    ",1.7]
[110,"ADAPTADOR PVC SOLDAVEL CURTO COM BOLSA E ROSCA, 40 MM X 1 1/2\", PARA AGUA FRIA                                                                                                                                                                                                                                                                                                                                                                                                                            ","UN    ",5.92]
[109,"ADAPTADOR PVC SOLDAVEL CURTO COM BOLSA E ROSCA, 40 MM X 1 1/4\", PARA AGUA FRIA                                                                                                                                                                                                                                                                                                                                                                                                                            ","UN    ",3.52]
[111,"ADAPTADOR PVC SOLDAVEL CURTO COM BOLSA E ROSCA, 50 MM X 1 1/4\", PARA AGUA FRIA                                                                                                                                                                                                                                                                                                                                                                                                                            ","UN    ",8.01]
[112,"ADAPTADOR PVC SOLDAVEL CURTO COM BOLSA E ROSCA, 50 MM X1 1/2\", PARA AGUA FRIA                                                                                                                                                                                                                                                                                                                                                                                                                             ","UN    ",4.24]
[113,"ADAPTADOR PVC SOLDAVEL CURTO COM BOLSA E ROSCA, 60 MM X 2\", PARA AGUA FRIA                                                                                                                                                                                                                                                                                                                                                                                                                                ","UN    ",10.62]
[104,"ADAPTADOR PVC SOLDAVEL CURTO COM BOLSA E ROSCA, 75 MM X 2 1/2\", PARA AGUA FRIA                                                                                                                                                                                                                                                                                                                                                                                                                            ","UN    ",18.49]
[102,"ADAPTADOR PVC SOLDAVEL CURTO COM BOLSA E ROSCA, 85 MM X 3\", PARA AGUA FRIA                                                                                                                                                                                                                                                                                                                                                                                                                                ","UN    ",25.49]
[95,"ADAPTADOR PVC SOLDAVEL, COM FLANGE E ANEL DE VEDACAO, 20 MM X 1/2\", PARA CAIXA D'AGUA                                                                                                                                                                                                                                                                                                                                                                                                                     ","UN    ",10.77]
[96,"ADAPTADOR PVC SOLDAVEL, COM FLANGE E ANEL DE VEDACAO, 25 MM X 3/4\", PARA CAIXA D'AGUA                                                                                                                                                                                                                                                                                                                                                                                                                     ","UN    ",11.72]
[97,"ADAPTADOR PVC SOLDAVEL, COM FLANGE E ANEL DE VEDACAO, 32 MM X 1\", PARA CAIXA D'AGUA                                                                                                                                                                                                                                                                                                                                                                                                                       ","UN    ",17.63]
[98,"ADAPTADOR PVC SOLDAVEL, COM FLANGE E ANEL DE VEDACAO, 40 MM X 1 1/4\", PARA CAIXA D'AGUA                                                                                                                                                                                                                                                                                                                                                                                                                   ","UN    ",26.39]
[99,"ADAPTADOR PVC SOLDAVEL, COM FLANGE E ANEL DE VEDACAO, 50 MM X 1 1/2\", PARA CAIXA D'AGUA                                                                                                                                                                                                                                                                                                                                                                                                                   ","UN    ",24.94]
[100,"ADAPTADOR PVC SOLDAVEL, COM FLANGES E ANEL DE VEDACAO, 60 MM X 2\", PARA CAIXA D' AGUA                                                                                                                                                                                                                                                                                                                                                                                                                     ","UN    ",43.58]
[75,"ADAPTADOR PVC SOLDAVEL, COM FLANGES LIVRES, 110 MM X 4\", PARA CAIXA D' AGUA                                                                                                                                                                                                                                                                                                                                                                                                                               ","UN    ",254.06]
[83,"ADAPTADOR PVC SOLDAVEL, COM FLANGES LIVRES, 75 MM X 2  1/2\", PARA CAIXA D' AGUA                                                                                                                                                                                                                                                                                                                                                                                                                           ","UN    ",203.12]
[74,"ADAPTADOR PVC SOLDAVEL, COM FLANGES LIVRES, 85 MM X 3\", PARA CAIXA D' AGUA                                                                                                                                                                                                                                                                                                                                                                                                                                ","UN    ",290.4]
[106,"ADAPTADOR PVC SOLDAVEL, LONGO, COM FLANGE LIVRE,  110 MM X 4\", PARA CAIXA D' AGUA                                                                                                                                                                                                                                                                                                                                                                                                                         ","UN    ",367.22]
[88,"ADAPTADOR PVC SOLDAVEL, LONGO, COM FLANGE LIVRE,  32 MM X 1\", PARA CAIXA D' AGUA                                                                                                                                                                                                                                                                                                                                                                                                                          ","UN    ",10.32]
[82,"ADAPTADOR PVC SOLDAVEL, LONGO, COM FLANGE LIVRE,  75 MM X 2 1/2\", PARA CAIXA D' AGUA                                                                                                                                                                                                                                                                                                                                                                                                                      ","UN    ",193.25]
[105,"ADAPTADOR PVC SOLDAVEL, LONGO, COM FLANGE LIVRE,  85 MM X 3\", PARA CAIXA D' AGUA                                                                                                                                                                                                                                                                                                                                                                                                                          ","UN    ",273.83]
[60,"ADAPTADOR PVC, COM REGISTRO, PARA PEAD, 20 MM X 3/4\", PARA LIGACAO PREDIAL DE AGUA                                                                                                                                                                                                                                                                                                                                                                                                                        ","UN    ",5.45]
[72,"ADAPTADOR PVC, ROSCAVEL, COM FLANGES E ANEL DE VEDACAO, 1 1/2\", PARA CAIXA D'AGUA                                                                                                                                                                                                                                                                                                                                                                                                                         ","UN    ",47.83]
[67,"ADAPTADOR PVC, ROSCAVEL, COM FLANGES E ANEL DE VEDACAO, 1/2\", PARA CAIXA D' AGUA                                                                                                                                                                                                                                                                                                                                                                                                                          ","UN    ",15.46]
[71,"ADAPTADOR PVC, ROSCAVEL, COM FLANGES E ANEL DE VEDACAO, 1\", PARA CAIXA D' AGUA                                                                                                                                                                                                                                                                                                                                                                                                                            ","UN    ",29.54]
[73,"ADAPTADOR PVC, ROSCAVEL, COM FLANGES E ANEL DE VEDACAO, 3/4\", PARA CAIXA D' AGUA                                                                                                                                                                                                                                                                                                                                                                                                                          ","UN    ",14.8]
[46,"ADAPTADOR, PVC PBA,  BOLSA/ROSCA, JE, DN 75 / DE  85 MM                                                                                                                                                                                                                                                                                                                                                                                                                                                   ","UN    ",38.06]
[47,"ADAPTADOR, PVC PBA, BOLSA/ROSCA, JE, DN 100 / DE 110 MM                                                                                                                                                                                                                                                                                                                                                                                                                                                   ","UN    ",65.07]
[48,"ADAPTADOR, PVC PBA, BOLSA/ROSCA, JE, DN 50 / DE 60 MM                                                                                                                                                                                                                                                                                                                                                                                                                                                     ","UN    ",16.97]
[52,"ADAPTADOR, PVC PBA, PONTA/ROSCA, JE, DN 50 / DE  60 MM                                                                                                                                                                                                                                                                                                                                                                                                                                                    ","UN    ",12.89]
[43,"ADAPTADOR, PVC PBA, PONTA/ROSCA, JE, DN 75 / DE  85 MM                                                                                                                                                                                                                                                                                                                                                                                                                                                    ","UN    ",43.52]
[39719,"ADESIVO / COLA DE CONTATO LIQUIDO, A BASE DE RESINAS, PARA COLAGEM DE ESPUMA PARA ISOLAMENTO TERMICO FLEXIVEL                                                                                                                                                                                                                                                                                                                                                                                             ","L     ",199.75]
[3410,"ADESIVO / COLA PARA EPS (ISOPOR) E OUTROS MATERIAIS                                                                                                                                                                                                                                                                                                                                                                                                                                                       ","KG    ",44.93]
[4791,"ADESIVO ACRILICO DE BASE AQUOSA / COLA DE CONTATO                                                                                                                                                                                                                                                                                                                                                                                                                                                         ","KG    ",25.16]
[157,"ADESIVO ESTRUTURAL A BASE DE RESINA EPOXI PARA INJECAO EM TRINCAS, BICOMPONENTE, BAIXA VISCOSIDADE                                                                                                                                                                                                                                                                                                                                                                                                        ","KG    ",151.33]
[156,"ADESIVO ESTRUTURAL A BASE DE RESINA EPOXI, BICOMPONENTE, FLUIDO                                                                                                                                                                                                                                                                                                                                                                                                                                           ","KG    ",53.88]
[131,"ADESIVO ESTRUTURAL A BASE DE RESINA EPOXI, BICOMPONENTE, PASTOSO (TIXOTROPICO)                                                                                                                                                                                                                                                                                                                                                                                                                            ","KG    ",46.08]
[21114,"ADESIVO PARA TUBOS CPVC, *75* G                                                                                                                                                                                                                                                                                                                                                                                                                                                                           ","UN    ",39.37]
[119,"ADESIVO PLASTICO PARA PVC, BISNAGA COM 75 GR                                                                                                                                                                                                                                                                                                                                                                                                                                                              ","UN    ",9.98]
[122,"ADESIVO PLASTICO PARA PVC, FRASCO COM *850* GR                                                                                                                                                                                                                                                                                                                                                                                                                                                            ","UN    ",76.79]
[20080,"ADESIVO PLASTICO PARA PVC, FRASCO COM 175 GR                                                                                                                                                                                                                                                                                                                                                                                                                                                              ","UN    ",25.06]
[124,"ADITIVO ACELERADOR DE PEGA E ENDURECIMENTO PARA ARGAMASSAS E CONCRETOS, LIQUIDO E ISENTO DE CLORETOS                                                                                                                                                                                                                                                                                                                                                                                                      ","L     ",17.77]
[7334,"ADITIVO ADESIVO LIQUIDO PARA ARGAMASSAS DE REVESTIMENTOS CIMENTICIOS                                                                                                                                                                                                                                                                                                                                                                                                                                      ","L     ",17.85]
[45146,"ADITIVO IMPERMEABILIZANTE CRISTALIZANTE PARA CONCRETO                                                                                                                                                                                                                                                                                                                                                                                                                                                     ","KG    ",34.07]
[123,"ADITIVO IMPERMEABILIZANTE DE PEGA NORMAL PARA ARGAMASSAS E CONCRETOS SEM ARMACAO, LIQUIDO E ISENTO DE CLORETOS                                                                                                                                                                                                                                                                                                                                                                                            ","L     ",7.27]
[127,"ADITIVO IMPERMEABILIZANTE DE PEGA ULTRARRAPIDA, LIQUIDO E ISENTO DE CLORETOS                                                                                                                                                                                                                                                                                                                                                                                                                              ","L     ",17.35]
[133,"ADITIVO LIQUIDO INCORPORADOR DE AR PARA CONCRETO E ARGAMASSA, LIQUIDO E ISENTO DE CLORETOS                                                                                                                                                                                                                                                                                                                                                                                                                ","L     ",7.21]
[43617,"ADITIVO PLASTIFICANTE E ESTABILIZADOR PARA ARGAMASSAS DE ASSENTAMENTO E REBOCO, LIQUIDO E ISENTO DE CLORETOS                                                                                                                                                                                                                                                                                                                                                                                              ","L     ",8.05]
[132,"ADITIVO PLASTIFICANTE RETARDADOR DE PEGA E REDUTOR DE AGUA PARA CONCRETO, LIQUIDO E ISENTO DE CLORETOS                                                                                                                                                                                                                                                                                                                                                                                                    ","L     ",7.47]
[43618,"ADITIVO SUPERPLASTIFICANTE DE PEGA NORMAL PARA CONCRETO, LIQUIDO E ISENTO DE CLORETOS                                                                                                                                                                                                                                                                                                                                                                                                                     ","KG    ",18.81]
[37476,"ADUELA/ GALERIA PRE-MOLDADA DE CONCRETO ARMADO, SECAO QUADRADA INTERNA DE 1,50 X 1,50 M (L X A), MISULA DE 20 X 20 CM, C = 1,00 M, ESPESSURA MIN = 15 CM, TB-45 E FCK DO CONCRETO = 30 MPA                                                                                                                                                                                                                                                                                                                ","UN    ",{"v":4070.97,"d":"4,070.97"}]
[37478,"ADUELA/ GALERIA PRE-MOLDADA DE CONCRETO ARMADO, SECAO RETANGULAR INTERNA DE 2,00 X 2,00 M (L X A), MISULA DE 20 X 20 CM, C = 1,00 M, ESPESSURA MIN = 15 CM, TB-45 E FCK DO CONCRETO = 30 MPA                                                                                                                                                                                                                                                                                                              ","UN    ",{"v":5099,"d":"5,099.00"}]
[37477,"ADUELA/ GALERIA PRE-MOLDADA DE CONCRETO ARMADO, SECAO RETANGULAR INTERNA DE 2,50 X 2,50 M (L X A), MISULA DE 20 X 20 CM, C = 1,00 M, ESPESSURA MIN = 15 CM, TB-45 E FCK DO CONCRETO = 30 MPA                                                                                                                                                                                                                                                                                                              ","UN    ",{"v":6908.32,"d":"6,908.32"}]
[37479,"ADUELA/ GALERIA PRE-MOLDADA DE CONCRETO ARMADO, SECAO RETANGULAR INTERNA DE 3,00 X 3,00 M (L X A), MISULA DE 20 X 20 CM, C = 1.00 M, ESPESSURA MIN = 20 CM, TB-45 E FCK DO CONCRETO = 30 MPA                                                                                                                                                                                                                                                                                                              ","UN    ",{"v":8193.36,"d":"8,193.36"}]
[4319,"AFASTADOR PARA TELHA DE FIBROCIMENTO CANALETE 90 OU KALHETAO                                                                                                                                                                                                                                                                                                                                                                                                                                              ","UN    ",1.73]
[42409,"AGENTE DE CURA, PROTETOR DA EVAPORACAO DA AGUA DE HIDRATACAO DO CONCRETO                                                                                                                                                                                                                                                                                                                                                                                                                                  ","KG    ",11.84]
[40553,"AGREGADO RECICLADO, TIPO RACHAO RECICLADO CINZA, CLASSE A                                                                                                                                                                                                                                                                                                                                                                                                                                                 ","M3    ",60]
[6114,"AJUDANTE DE ARMADOR (HORISTA)                                                                                                                                                                                                                                                                                                                                                                                                                                                                             ","H     ",15.94]
[40912,"AJUDANTE DE ARMADOR (MENSALISTA)                                                                                                                                                                                                                                                                                                                                                                                                                                                                          ","MES   ",{"v":2806.93,"d":"2,806.93"}]
[247,"AJUDANTE DE ELETRICISTA (HORISTA)                                                                                                                                                                                                                                                                                                                                                                                                                                                                         ","H     ",15.94]
[40919,"AJUDANTE DE ELETRICISTA (MENSALISTA)                                                                                                                                                                                                                                                                                                                                                                                                                                                                      ","MES   ",{"v":2806.93,"d":"2,806.93"}]
[44499,"AJUDANTE DE ESTRUTURAS METALICAS (HORISTA)                                                                                                                                                                                                                                                                                                                                                                                                                                                                ","H     ",15.94]
[40984,"AJUDANTE DE ESTRUTURAS METALICAS (MENSALISTA)                                                                                                                                                                                                                                                                                                                                                                                                                                                             ","MES   ",{"v":2806.93,"d":"2,806.93"}]
[248,"AJUDANTE DE OPERACAO EM GERAL (HORISTA)                                                                                                                                                                                                                                                                                                                                                                                                                                                                   ","H     ",15.78]
[41086,"AJUDANTE DE OPERACAO EM GERAL (MENSALISTA)                                                                                                                                                                                                                                                                                                                                                                                                                                                                ","MES   ",{"v":2777.89,"d":"2,777.89"}]
[34466,"AJUDANTE DE PINTOR (HORISTA)                                                                                                                                                                                                                                                                                                                                                                                                                                                                              ","H     ",19.79]
[41083,"AJUDANTE DE PINTOR (MENSALISTA)                                                                                                                                                                                                                                                                                                                                                                                                                                                                           ","MES   ",{"v":3483.86,"d":"3,483.86"}]
[252,"AJUDANTE DE SERRALHEIRO (HORISTA)                                                                                                                                                                                                                                                                                                                                                                                                                                                                         ","H     ",15.94]
[40909,"AJUDANTE DE SERRALHEIRO (MENSALISTA)                                                                                                                                                                                                                                                                                                                                                                                                                                                                      ","MES   ",{"v":2806.93,"d":"2,806.93"}]
[242,"AJUDANTE ESPECIALIZADO (HORISTA)                                                                                                                                                                                                                                                                                                                                                                                                                                                                          ","H     ",15.78]
[41085,"AJUDANTE ESPECIALIZADO (MENSALISTA)                                                                                                                                                                                                                                                                                                                                                                                                                                                                       ","MES   ",{"v":2777.89,"d":"2,777.89"}]
[427,"ALCA PREFORMADA DE CONTRA POSTE, EM ACO GALVANIZADO, PARA CABO 3/16\", COMPRIMENTO *860* MM                                                                                                                                                                                                                                                                                                                                                                                                                ","UN    ",11.12]
[417,"ALCA PREFORMADA DE DISTRIBUICAO, EM ACO GALVANIZADO, PARA CABO DE ALUMINIO DIAMETRO 16 A 25 MM                                                                                                                                                                                                                                                                                                                                                                                                            ","UN    ",5.24]
[11273,"ALCA PREFORMADA DE DISTRIBUICAO, EM ACO GALVANIZADO, PARA CONDUTORES DE ALUMINIO AWG 1/0 (CAA 6/1 OU CA 7 FIOS)                                                                                                                                                                                                                                                                                                                                                                                           ","UN    ",16.26]
[11272,"ALCA PREFORMADA DE DISTRIBUICAO, EM ACO GALVANIZADO, PARA CONDUTORES DE ALUMINIO AWG 2 (CAA 6/1 OU CA 7 FIOS)                                                                                                                                                                                                                                                                                                                                                                                             ","UN    ",9.82]
[11275,"ALCA PREFORMADA DE SERVICO, EM ACO GALVANIZADO, PARA CONDUTORES DE ALUMINIO AWG 4 (CAA 6/1)                                                                                                                                                                                                                                                                                                                                                                                                               ","UN    ",3.94]
[11274,"ALCA PREFORMADA DE SERVICO, EM ACO GALVANIZADO, PARA CONDUTORES DE ALUMINIO AWG 6 (CAA 6/1)                                                                                                                                                                                                                                                                                                                                                                                                               ","UN    ",3]
[38470,"ALICATE DE CORTE DIAGONAL 6 \" COM ISOLAMENTO                                                                                                                                                                                                                                                                                                                                                                                                                                                              ","UN    ",45.91]
[38547,"ALICATE DE CRIMPAR RJ11, RJ12 E RJ45                                                                                                                                                                                                                                                                                                                                                                                                                                                                      ","UN    ",125.28]
[38469,"ALICATE DE PRESSAO PARA SOLDA DE CHAPA 18 \"                                                                                                                                                                                                                                                                                                                                                                                                                                                               ","UN    ",134.71]
[38467,"ALICATE DE PRESSAO 11 \" PARA SOLDA, TIPO C                                                                                                                                                                                                                                                                                                                                                                                                                                                                ","UN    ",75.8]
[38468,"ALICATE DE PRESSAO 11 \" PARA SOLDA, TIPO U                                                                                                                                                                                                                                                                                                                                                                                                                                                                ","UN    ",83.41]
[38471,"ALICATE PARA ANEIS DE PISTAO, CAPACIDADE 50 A 100 MM                                                                                                                                                                                                                                                                                                                                                                                                                                                      ","UN    ",108.31]
[37370,"ALIMENTACAO - HORISTA (COLETADO CAIXA - ENCARGOS COMPLEMENTARES)                                                                                                                                                                                                                                                                                                                                                                                                                                          ","H     ",1.09]
[40862,"ALIMENTACAO - MENSALISTA (COLETADO CAIXA - ENCARGOS COMPLEMENTARES)                                                                                                                                                                                                                                                                                                                                                                                                                                       ","MES   ",205.81]
[10658,"ALISADORA DE CONCRETO COM MOTOR A GASOLINA DE 5,5 HP, PESO COM MOTOR DE 78 KG, 4 PAS                                                                                                                                                                                                                                                                                                                                                                                                                      ","UN    ",{"v":7359,"d":"7,359.00"}]
[253,"ALMOXARIFE (HORISTA)                                                                                                                                                                                                                                                                                                                                                                                                                                                                                      ","H     ",19.79]
[40809,"ALMOXARIFE (MENSALISTA)                                                                                                                                                                                                                                                                                                                                                                                                                                                                                   ","MES   ",{"v":3482.33,"d":"3,482.33"}]
[42428,"ALONGADOR COM TRES ALTURAS, EM TUBO DE ACO CARBONO, PINTURA NO PROCESSO ELETROSTATICO - EQUIPAMENTO DE GINASTICA PARA ACADEMIA AO AR LIVRE / ACADEMIA DA TERCEIRA IDADE - ATI                                                                                                                                                                                                                                                                                                                             ","UN    ",{"v":2271,"d":"2,271.00"}]
[301,"ANEL BORRACHA PARA TUBO ESGOTO PREDIAL, DN 100 MM (NBR 5688)                                                                                                                                                                                                                                                                                                                                                                                                                                              ","UN    ",3.13]
[296,"ANEL BORRACHA PARA TUBO ESGOTO PREDIAL, DN 50 MM (NBR 5688)                                                                                                                                                                                                                                                                                                                                                                                                                                               ","UN    ",1.77]
[297,"ANEL BORRACHA PARA TUBO ESGOTO PREDIAL, DN 75 MM (NBR 5688)                                                                                                                                                                                                                                                                                                                                                                                                                                               ","UN    ",2.6]
[299,"ANEL BORRACHA, DN 100 MM, PARA TUBO SERIE REFORCADA ESGOTO PREDIAL                                                                                                                                                                                                                                                                                                                                                                                                                                        ","UN    ",3.67]
[300,"ANEL BORRACHA, DN 150 MM, PARA TUBO SERIE REFORCADA ESGOTO PREDIAL                                                                                                                                                                                                                                                                                                                                                                                                                                        ","UN    ",12.7]
[20085,"ANEL BORRACHA, DN 50 MM, PARA TUBO SERIE REFORCADA ESGOTO PREDIAL                                                                                                                                                                                                                                                                                                                                                                                                                                         ","UN    ",2.32]
[298,"ANEL BORRACHA, DN 75 MM, PARA TUBO SERIE REFORCADA ESGOTO PREDIAL                                                                                                                                                                                                                                                                                                                                                                                                                                         ","UN    ",2.82]
[311,"ANEL BORRACHA, PARA TUBO PVC DEFOFO, DN 100 MM (NBR 7665)                                                                                                                                                                                                                                                                                                                                                                                                                                                 ","UN    ",10.48]
[318,"ANEL BORRACHA, PARA TUBO PVC DEFOFO, DN 150 MM (NBR 7665)                                                                                                                                                                                                                                                                                                                                                                                                                                                 ","UN    ",21.1]
[319,"ANEL BORRACHA, PARA TUBO PVC DEFOFO, DN 200 MM (NBR 7665)                                                                                                                                                                                                                                                                                                                                                                                                                                                 ","UN    ",33.08]
[303,"ANEL BORRACHA, PARA TUBO PVC, REDE COLETOR ESGOTO, DN 100 MM (NBR 7362)                                                                                                                                                                                                                                                                                                                                                                                                                                   ","UN    ",3.46]
[305,"ANEL BORRACHA, PARA TUBO PVC, REDE COLETOR ESGOTO, DN 150 MM (NBR 7362)                                                                                                                                                                                                                                                                                                                                                                                                                                   ","UN    ",10.91]
[306,"ANEL BORRACHA, PARA TUBO PVC, REDE COLETOR ESGOTO, DN 200 MM (NBR 7362)                                                                                                                                                                                                                                                                                                                                                                                                                                   ","UN    ",16.54]
[307,"ANEL BORRACHA, PARA TUBO PVC, REDE COLETOR ESGOTO, DN 250 MM (NBR 7362)                                                                                                                                                                                                                                                                                                                                                                                                                                   ","UN    ",41.79]
[309,"ANEL BORRACHA, PARA TUBO PVC, REDE COLETOR ESGOTO, DN 350 MM (NBR 7362)                                                                                                                                                                                                                                                                                                                                                                                                                                   ","UN    ",68.46]
[310,"ANEL BORRACHA, PARA TUBO PVC, REDE COLETOR ESGOTO, DN 400 MM (NBR 7362)                                                                                                                                                                                                                                                                                                                                                                                                                                   ","UN    ",94.89]
[328,"ANEL BORRACHA, PARA TUBO/CONEXAO PVC PBA, DN 100 MM, PARA REDE AGUA                                                                                                                                                                                                                                                                                                                                                                                                                                       ","UN    ",8.29]
[325,"ANEL BORRACHA, PARA TUBO/CONEXAO PVC PBA, DN 50 MM, PARA REDE AGUA                                                                                                                                                                                                                                                                                                                                                                                                                                        ","UN    ",2.45]
[20326,"ANEL BORRACHA, PARA TUBO/CONEXAO PVC PBA, DN 60 MM, PARA REDE AGUA                                                                                                                                                                                                                                                                                                                                                                                                                                        ","UN    ",4.48]
[329,"ANEL BORRACHA, PARA TUBO/CONEXAO PVC PBA, DN 75 MM, PARA REDE AGUA                                                                                                                                                                                                                                                                                                                                                                                                                                        ","UN    ",6.93]
[308,"ANEL BORRACHA, PARA TUBO, PVC REDE COLETOR ESGOTO, DN 300 MM (NBR 7362)                                                                                                                                                                                                                                                                                                                                                                                                                                   ","UN    ",93.28]
[39642,"ANEL DE BORRACHA PARA VEDACAO DE DUTO PEAD CORRUGADO PARA ELETRICA, DN 1 1/2\" (NBR 15715)                                                                                                                                                                                                                                                                                                                                                                                                                 ","UN    ",3.07]
[39641,"ANEL DE BORRACHA PARA VEDACAO DE DUTO PEAD CORRUGADO PARA ELETRICA, DN 1 1/4\" (NBR 15715)                                                                                                                                                                                                                                                                                                                                                                                                                 ","UN    ",2.7]
[39643,"ANEL DE BORRACHA PARA VEDACAO DE DUTO PEAD CORRUGADO PARA ELETRICA, DN 2\" (NBR 15715)                                                                                                                                                                                                                                                                                                                                                                                                                     ","UN    ",3.61]
[39644,"ANEL DE BORRACHA PARA VEDACAO DE DUTO PEAD CORRUGADO PARA ELETRICA, DN 3\" (NBR 15715)                                                                                                                                                                                                                                                                                                                                                                                                                     ","UN    ",5.59]
[39645,"ANEL DE BORRACHA PARA VEDACAO DE DUTO PEAD CORRUGADO PARA ELETRICA, DN 4\" (NBR 15715)                                                                                                                                                                                                                                                                                                                                                                                                                     ","UN    ",6.13]
[41610,"ANEL DE CONCRETO ARMADO COM FUNDO, PARA FOSSA E POCO 1,50 X *0,50* M                                                                                                                                                                                                                                                                                                                                                                                                                                      ","UN    ",755.26]
[41611,"ANEL DE CONCRETO ARMADO COM FUNDO, PARA FOSSA E POCO 2,00 X *0,50* M                                                                                                                                                                                                                                                                                                                                                                                                                                      ","UN    ",{"v":1190.45,"d":"1,190.45"}]
[41612,"ANEL DE CONCRETO ARMADO COM FUNDO, PARA FOSSA E POCO 2,50 X *0,50* M                                                                                                                                                                                                                                                                                                                                                                                                                                      ","UN    ",{"v":1671.56,"d":"1,671.56"}]
[41637,"ANEL DE CONCRETO ARMADO, COM FUROS/DRENO PARA SUMIDOURO, D = 0,80 M, H = 0,50 M                                                                                                                                                                                                                                                                                                                                                                                                                           ","UN    ",156.25]
[41638,"ANEL DE CONCRETO ARMADO, COM FUROS/DRENO PARA SUMIDOURO, D = 1,00 M, H = 0,50M                                                                                                                                                                                                                                                                                                                                                                                                                            ","UN    ",203.54]
[41639,"ANEL DE CONCRETO ARMADO, COM FUROS/DRENO PARA SUMIDOURO, D = 1,50 M, H = 0,50 M                                                                                                                                                                                                                                                                                                                                                                                                                           ","UN    ",492.42]
[11789,"ANEL DE DISTRIBUICAO EM ACO GALVANIZADO PARA FIO FE-160                                                                                                                                                                                                                                                                                                                                                                                                                                                   ","UN    ",1.48]
[20975,"ANEL DE EXPANSAO EM COBRE, ENGATE RAPIDO 1 1/2\", PARA EMPATACAO MANGUEIRA DE COMBATE A INCENDIO PREDIAL                                                                                                                                                                                                                                                                                                                                                                                                   ","UN    ",12.71]
[20976,"ANEL DE EXPANSAO EM COBRE, ENGATE RAPIDO 2 1/2\", PARA EMPATACAO MANGUEIRA DE COMBATE A INCENDIO PREDIAL                                                                                                                                                                                                                                                                                                                                                                                                   ","UN    ",19.2]
[40340,"ANEL DE VEDACAO/JUNTA ELASTICA, H = *16* MM, PARA TUBO DE CONCRETO, DN 300 MM                                                                                                                                                                                                                                                                                                                                                                                                                             ","UN    ",23.02]
[40341,"ANEL DE VEDACAO/JUNTA ELASTICA, H = *16* MM, PARA TUBO DE CONCRETO, DN 400 MM                                                                                                                                                                                                                                                                                                                                                                                                                             ","UN    ",27.48]
[40342,"ANEL DE VEDACAO/JUNTA ELASTICA, H = *16* MM, PARA TUBO DE CONCRETO, DN 500 MM                                                                                                                                                                                                                                                                                                                                                                                                                             ","UN    ",32.77]
[40343,"ANEL DE VEDACAO/JUNTA ELASTICA, H = *16* MM, PARA TUBO DE CONCRETO, DN 600 MM                                                                                                                                                                                                                                                                                                                                                                                                                             ","UN    ",38.87]
[40344,"ANEL DE VEDACAO/JUNTA ELASTICA, H = *18* MM, PARA TUBO DE CONCRETO, DN 700 MM                                                                                                                                                                                                                                                                                                                                                                                                                             ","UN    ",52.99]
[40345,"ANEL DE VEDACAO/JUNTA ELASTICA, H = *19* MM, PARA TUBO DE CONCRETO, DN 800 MM                                                                                                                                                                                                                                                                                                                                                                                                                             ","UN    ",65.3]
[40346,"ANEL DE VEDACAO/JUNTA ELASTICA, H = *19* MM, PARA TUBO DE CONCRETO, DN 900 MM                                                                                                                                                                                                                                                                                                                                                                                                                             ","UN    ",75.74]
[40347,"ANEL DE VEDACAO/JUNTA ELASTICA, H = *21* MM, PARA TUBO DE CONCRETO, DN 1000 MM                                                                                                                                                                                                                                                                                                                                                                                                                            ","UN    ",95.16]
[6138,"ANEL DE VEDACAO, PVC FLEXIVEL, 100 MM, PARA SAIDA DE BACIA / VASO SANITARIO                                                                                                                                                                                                                                                                                                                                                                                                                               ","UN    ",11.28]
[43424,"ANEL EM CONCRETO ARMADO, LISO,  PARA FOSSAS SEPTICAS E SUMIDOUROS, COM FUNDO, DIAMETRO INTERNO DE 1,20 M E ALTURA DE 0,50 M                                                                                                                                                                                                                                                                                                                                                                               ","UN    ",632.79]
[43426,"ANEL EM CONCRETO ARMADO, LISO, PARA FOSSAS SEPTICAS E SUMIDOUROS, COM FUNDO, DIAMETRO INTERNO DE 3,00 M E ALTURA DE 0,50 M                                                                                                                                                                                                                                                                                                                                                                                ","UN    ",{"v":2182.49,"d":"2,182.49"}]
[12565,"ANEL EM CONCRETO ARMADO, LISO, PARA FOSSAS SEPTICAS E SUMIDOUROS, SEM FUNDO, DIAMETRO INTERNO DE 2,00 M E ALTURA DE 0,50 M                                                                                                                                                                                                                                                                                                                                                                                ","UN    ",765.37]
[12567,"ANEL EM CONCRETO ARMADO, LISO, PARA FOSSAS SEPTICAS E SUMIDOUROS, SEM FUNDO, DIAMETRO INTERNO DE 2,50 M E ALTURA DE 0,50 M                                                                                                                                                                                                                                                                                                                                                                                ","UN    ",{"v":1028.02,"d":"1,028.02"}]
[12568,"ANEL EM CONCRETO ARMADO, LISO, PARA FOSSAS SEPTICAS E SUMIDOUROS, SEM FUNDO, DIAMETRO INTERNO DE 3,00 M E ALTURA DE 0,50 M                                                                                                                                                                                                                                                                                                                                                                                ","UN    ",{"v":1439.23,"d":"1,439.23"}]
[43441,"ANEL EM CONCRETO ARMADO, LISO, PARA POCOS DE INSPECAO, COM FUNDO, DIAMETRO INTERNO DE 0,60 M E ALTURA DE 0,50 M                                                                                                                                                                                                                                                                                                                                                                                           ","UN    ",185.04]
[43423,"ANEL EM CONCRETO ARMADO, LISO, PARA POCOS DE INSPECAO, SEM FUNDO, DIAMETRO INTERNO DE 0,60 M E ALTURA DE 0,20 M                                                                                                                                                                                                                                                                                                                                                                                           ","UN    ",86.35]
[12532,"ANEL EM CONCRETO ARMADO, LISO, PARA POCOS DE INSPECAO, SEM FUNDO, DIAMETRO INTERNO DE 0,60 M E ALTURA DE 0,50 M                                                                                                                                                                                                                                                                                                                                                                                           ","UN    ",133.18]
[43444,"ANEL EM CONCRETO ARMADO, LISO, PARA POCOS DE VISITA, POCOS DE INSPECAO, FOSSAS SEPTICAS E SUMIDOUROS, COM FUNDO, DIAMETRO INTERNO DE 1,20 M E ALTURA DE 0,75 M                                                                                                                                                                                                                                                                                                                                            ","UN    ",447.19]
[12551,"ANEL EM CONCRETO ARMADO, LISO, PARA POCOS DE VISITA, POCOS DE INSPECAO, FOSSAS SEPTICAS E SUMIDOUROS, SEM FUNDO, DIAMETRO INTERNO DE 1,20 M E ALTURA DE 0,50 M                                                                                                                                                                                                                                                                                                                                            ","UN    ",319.05]
[43442,"ANEL EM CONCRETO ARMADO, LISO, PARA POCOS DE VISITAS, POCOS DE INSPECAO, FOSSAS SEPTICAS E SUMIDOUROS, COM FUNDO, DIAMETRO INTERNO DE 0,80 M E ALTURA DE 0,50 M                                                                                                                                                                                                                                                                                                                                           ","UN    ",246.72]
[43443,"ANEL EM CONCRETO ARMADO, LISO, PARA POCOS DE VISITAS, POCOS DE INSPECAO, FOSSAS SEPTICAS E SUMIDOUROS, COM FUNDO, DIAMETRO INTERNO DE 1,00 M E ALTURA DE 0,50 M                                                                                                                                                                                                                                                                                                                                           ","UN    ",323.82]
[12544,"ANEL EM CONCRETO ARMADO, LISO, PARA POCOS DE VISITAS, POCOS DE INSPECAO, FOSSAS SEPTICAS E SUMIDOUROS, SEM FUNDO, DIAMETRO INTERNO DE 0,80 M E ALTURA DE 0,50 M                                                                                                                                                                                                                                                                                                                                           ","UN    ",174.76]
[12547,"ANEL EM CONCRETO ARMADO, LISO, PARA POCOS DE VISITAS, POCOS DE INSPECAO, FOSSAS SEPTICAS E SUMIDOUROS, SEM FUNDO, DIAMETRO INTERNO DE 1,00 M E ALTURA DE 0,50 M                                                                                                                                                                                                                                                                                                                                           ","UN    ",235.04]
[43445,"ANEL EM CONCRETO ARMADO, LISO, PARA, POCOS DE VISITA, POCOS DE INSPECAO, FOSSAS SEPTICAS E SUMIDOUROS, COM FUNDO, DIAMETRO INTERNO DE 1,50 M E ALTURA DE 1,00 M                                                                                                                                                                                                                                                                                                                                           ","UN    ",616.81]
[12563,"ANEL EM CONCRETO ARMADO, LISO, PARA, POCOS DE VISITA, POCOS DE INSPECAO, FOSSAS SEPTICAS E SUMIDOUROS, SEM FUNDO, DIAMETRO INTERNO DE 1,50 M E ALTURA DE 0,50 M                                                                                                                                                                                                                                                                                                                                           ","UN    ",441.31]
[43425,"ANEL EM CONCRETO ARMADO, PERFURADO,  PARA FOSSAS SEPTICAS E SUMIDOUROS, SEM FUNDO, DIAMETRO INTERNO DE 1,20 M E ALTURA DE 0,50 M                                                                                                                                                                                                                                                                                                                                                                          ","UN    ",277.56]
[43446,"ANEL EM CONCRETO ARMADO, PERFURADO, PARA FOSSAS SEPTICAS E SUMIDOUROS, SEM FUNDO, DIAMETRO INTERNO DE 2,00 M E ALTURA DE 0,50 M                                                                                                                                                                                                                                                                                                                                                                           ","UN    ",585.97]
[43447,"ANEL EM CONCRETO ARMADO, PERFURADO, PARA FOSSAS SEPTICAS E SUMIDOUROS, SEM FUNDO, DIAMETRO INTERNO DE 2,50 M E ALTURA DE 0,50 M                                                                                                                                                                                                                                                                                                                                                                           ","UN    ",719.61]
[43448,"ANEL EM CONCRETO ARMADO, PERFURADO, PARA FOSSAS SEPTICAS E SUMIDOUROS, SEM FUNDO, DIAMETRO INTERNO DE 3,00 M E ALTURA DE 0,50 M                                                                                                                                                                                                                                                                                                                                                                           ","UN    ",{"v":1007.46,"d":"1,007.46"}]
[13761,"APARELHO CORTE OXI-ACETILENO PARA SOLDA E CORTE CONTENDO MACARICO SOLDA, BICO DE CORTE, CILINDROS, REGULADORES, MANGUEIRAS E CARRINHO                                                                                                                                                                                                                                                                                                                                                                     ","UN    ",{"v":3300.12,"d":"3,300.12"}]
[4814,"APARELHO SINALIZADOR LUMINOSO COM LED, PARA SAIDA GARAGEM, COM 2 LENTES EM POLICARBONATO, BIVOLT (INCLUI SUPORTE DE FIXACAO)                                                                                                                                                                                                                                                                                                                                                                              ","UN    ",49.63]
[44473,"APOIO DO PORTA DENTE PARA FRESADORA DE  ASFALTO                                                                                                                                                                                                                                                                                                                                                                                                                                                           ","UN    ",{"v":2162.01,"d":"2,162.01"}]
[6122,"APONTADOR OU APROPRIADOR DE MAO DE OBRA (HORISTA)                                                                                                                                                                                                                                                                                                                                                                                                                                                         ","H     ",20.43]
[40810,"APONTADOR OU APROPRIADOR DE MAO DE OBRA (MENSALISTA)                                                                                                                                                                                                                                                                                                                                                                                                                                                      ","MES   ",{"v":3596.14,"d":"3,596.14"}]
[21100,"AQUECEDOR DE AGUA A GAS GLP/GN COM CAPACIDADE DE ARMAZENAMENTO DE 50 A 80 L                                                                                                                                                                                                                                                                                                                                                                                                                               ","UN    ",{"v":3845.1,"d":"3,845.10"}]
[11816,"AQUECEDOR DE AGUA ELETRICO  RESERVATORIO DE 100 L CILINDRICO EM COBRE, REFORCADO COM ACO CARBONO, MONOFASICO, TENSAO NOMINAL 220 V                                                                                                                                                                                                                                                                                                                                                                        ","UN    ",{"v":4100,"d":"4,100.00"}]
[11814,"AQUECEDOR DE AGUA ELETRICO  RESERVATORIO DE 500 L CILINDRICO EM COBRE, REFORCADO COM ACO CARBONO, MONOFASICO, TENSAO NOMINAL 220 V                                                                                                                                                                                                                                                                                                                                                                        ","UN    ",{"v":8924.67,"d":"8,924.67"}]
[14186,"AQUECEDOR DE AGUA ELETRICO  RESERVATORIO DE 500 L CILINDRICO EM COBRE, REFORCADO COM ACO CARBONO, TRIFASICO, TENSAO NOMINAL 220/380/400 V, POTENCIA 24 KW                                                                                                                                                                                                                                                                                                                                                 ","UN    ",{"v":11206.13,"d":"11,206.13"}]
[14185,"AQUECEDOR DE AGUA ELETRICO  RESERVATORIO DE 700 L CILINDRICO EM COBRE, REFORCADO COM ACO CARBONO, MONOFASICO, TENSAO NOMINAL 220 V                                                                                                                                                                                                                                                                                                                                                                        ","UN    ",{"v":14516.3,"d":"14,516.30"}]
[11811,"AQUECEDOR DE AGUA ELETRICO HORIZONTAL, RESERVATORIO DE 200 L CILINDRICO EM COBRE, REFORCADO COM ACO CARBONO, MONOFASICO, TENSAO NOMINAL 220 V                                                                                                                                                                                                                                                                                                                                                             ","UN    ",{"v":5550.48,"d":"5,550.48"}]
[44498,"AQUECEDOR DE OLEO BPF (FLUIDO) TERMICO, CAPACIDADE DE 300.000  KCAL/H                                                                                                                                                                                                                                                                                                                                                                                                                                     ","UN    ",{"v":318204.48,"d":"318,204.48"}]
[34469,"AQUECEDOR SOLAR COM RESERVATORIO TERMICO DE 1000 L E *5* PLACAS COLETORAS DE *2,0* M2 (NAO INCLUI ACESSORIOS) (SEM INSTALACAO)                                                                                                                                                                                                                                                                                                                                                                            ","UN    ",{"v":11310.87,"d":"11,310.87"}]
[34476,"AQUECEDOR SOLAR COM RESERVATORIO TERMICO DE 400 L E *2* PLACAS COLETORAS DE *2,0* M2 (NAO INCLUI ACESSORIOS) (SEM INSTALACAO)                                                                                                                                                                                                                                                                                                                                                                             ","UN    ",{"v":5899.09,"d":"5,899.09"}]
[34477,"AQUECEDOR SOLAR COM RESERVATORIO TERMICO DE 600 L E *3* PLACAS COLETORAS DE *2,0* M2 (NAO INCLUI ACESSORIOS) (SEM INSTALACAO)                                                                                                                                                                                                                                                                                                                                                                             ","UN    ",{"v":7829.24,"d":"7,829.24"}]
[34482,"AQUECEDOR SOLAR COM RESERVATORIO TERMICO DE 800 L E *4* PLACAS COLETORAS DE *2,0* M2 (NAO INCLUI ACESSORIOS) (SEM INSTALACAO)                                                                                                                                                                                                                                                                                                                                                                             ","UN    ",{"v":7312.08,"d":"7,312.08"}]
[34472,"AQUECEDOR SOLAR DE INSTALACAO EXTERNA, KIT COMPACTO, CONJUNTO COM RESERVATORIO TERMICO DE 200 L, PLACA COLETORA DE *2,0* M2 E INCLUSO ACESSORIOS (RESIDENCIAS ATE 120,00 M2 E DE 4 A 5 BANHOS POR DIA) (SEM INSTALACAO)                                                                                                                                                                                                                                                                                   ","UN    ",{"v":3480,"d":"3,480.00"}]
[42425,"AR CONDICIONADO SPLIT INVERTER, HI-WALL (PAREDE), 12000 BTU/H, CICLO FRIO, 60HZ, CLASSIFICACAO A (SELO PROCEL), GAS HFC, CONTROLE S/FIO                                                                                                                                                                                                                                                                                                                                                                   ","UN    ",{"v":2453.97,"d":"2,453.97"}]
[42422,"AR CONDICIONADO SPLIT INVERTER, HI-WALL (PAREDE), 18000 BTU/H, CICLO FRIO, 60HZ, CLASSIFICACAO A (SELO PROCEL), GAS HFC, CONTROLE S/FIO                                                                                                                                                                                                                                                                                                                                                                   ","UN    ",{"v":3643,"d":"3,643.00"}]
[43184,"AR CONDICIONADO SPLIT INVERTER, HI-WALL (PAREDE), 24000 BTU/H, CICLO FRIO, 60HZ, CLASSIFICACAO A (SELO PROCEL), GAS HFC, CONTROLE S/FIO                                                                                                                                                                                                                                                                                                                                                                   ","UN    ",{"v":5034.97,"d":"5,034.97"}]
[42424,"AR CONDICIONADO SPLIT INVERTER, HI-WALL (PAREDE), 9000 BTU/H, CICLO FRIO, 60HZ, CLASSIFICACAO A (SELO PROCEL), GAS HFC, CONTROLE S/FIO                                                                                                                                                                                                                                                                                                                                                                    ","UN    ",{"v":2191.61,"d":"2,191.61"}]
[42421,"AR CONDICIONADO SPLIT INVERTER, PISO TETO, APRESENTANDO ENTRE 54000 E 58000 BTU/H, CICLO FRIO, 60HZ, CLASSIFICACAO ENERGETICA A OU B (SELO PROCEL), GAS HFC, CONTROLE S/FIO                                                                                                                                                                                                                                                                                                                               ","UN    ",{"v":19954.35,"d":"19,954.35"}]
[42416,"AR CONDICIONADO SPLIT INVERTER, PISO TETO, 18000 BTU/H, CICLO FRIO, 60HZ, CLASSIFICACAO ENERGETICA A OU B (SELO PROCEL), GAS HFC, CONTROLE S/FIO                                                                                                                                                                                                                                                                                                                                                          ","UN    ",{"v":9447.77,"d":"9,447.77"}]
[42417,"AR CONDICIONADO SPLIT INVERTER, PISO TETO, 24000 BTU/H, CICLO FRIO, 60HZ, CLASSIFICACAO ENERGETICA A OU B (SELO PROCEL), GAS HFC, CONTROLE S/FIO                                                                                                                                                                                                                                                                                                                                                          ","UN    ",{"v":10591.72,"d":"10,591.72"}]
[42419,"AR CONDICIONADO SPLIT INVERTER, PISO TETO, 36000 BTU/H, CICLO FRIO, 60HZ, CLASSIFICACAO ENERGETICA A OU B (SELO PROCEL), GAS HFC, CONTROLE S/FIO                                                                                                                                                                                                                                                                                                                                                          ","UN    ",{"v":11966.4,"d":"11,966.40"}]
[42420,"AR CONDICIONADO SPLIT INVERTER, PISO TETO, 48000 BTU/H, CICLO FRIO, 60HZ, CLASSIFICACAO ENERGETICA A OU B (SELO PROCEL), GAS HFC, CONTROLE S/FIO                                                                                                                                                                                                                                                                                                                                                          ","UN    ",{"v":16446.93,"d":"16,446.93"}]
[43195,"AR CONDICIONADO SPLIT ON/OFF, CASSETE (TETO), FRIO 4 VIAS 18000 BTUS/H, CLASSIFICACAO ENERGETICA C - SELO PROCEL, GAS HFC, CONTROLE S/ FIO                                                                                                                                                                                                                                                                                                                                                                ","UN    ",{"v":5791.2,"d":"5,791.20"}]
[43196,"AR CONDICIONADO SPLIT ON/OFF, CASSETE (TETO), FRIO 4 VIAS 24000 BTUS/H, CLASSIFICACAO ENERGETICA C - SELO PROCEL, GAS HFC, CONTROLE S/ FIO                                                                                                                                                                                                                                                                                                                                                                ","UN    ",{"v":7177.36,"d":"7,177.36"}]
[43198,"AR CONDICIONADO SPLIT ON/OFF, CASSETE (TETO), FRIO 4 VIAS 36000 BTUS/H, CLASSIFICACAO ENERGETICA C - SELO PROCEL, GAS HFC, CONTROLE S/ FIO                                                                                                                                                                                                                                                                                                                                                                ","UN    ",{"v":10665.38,"d":"10,665.38"}]
[43199,"AR CONDICIONADO SPLIT ON/OFF, CASSETE (TETO), FRIO 4 VIAS 48000 BTUS/H, CLASSIFICACAO ENERGETICA C - SELO PROCEL, GAS HFC, CONTROLE S/ FIO                                                                                                                                                                                                                                                                                                                                                                ","UN    ",{"v":11056.2,"d":"11,056.20"}]
[43200,"AR CONDICIONADO SPLIT ON/OFF, CASSETE (TETO), FRIO 4 VIAS 60000 BTUS/H, CLASSIFICACAO ENERGETICA C - SELO PROCEL, GAS HFC, CONTROLE S/ FIO                                                                                                                                                                                                                                                                                                                                                                ","UN    ",{"v":12687.79,"d":"12,687.79"}]
[39556,"AR CONDICIONADO SPLIT ON/OFF, CASSETE (TETO), 18000 BTUS/H, CICLO QUENTE/FRIO, 60 HZ, CLASSIFICACAO ENERGETICA C - SELO PROCEL, GAS HFC, CONTROLE S/ FIO                                                                                                                                                                                                                                                                                                                                                  ","UN    ",{"v":6929.7,"d":"6,929.70"}]
[39557,"AR CONDICIONADO SPLIT ON/OFF, CASSETE (TETO), 24000 BTUS/H, CICLO QUENTE/FRIO, 60 HZ, CLASSIFICACAO ENERGETICA C - SELO PROCEL, GAS HFC, CONTROLE S/ FIO                                                                                                                                                                                                                                                                                                                                                  ","UN    ",{"v":7461.77,"d":"7,461.77"}]
[39559,"AR CONDICIONADO SPLIT ON/OFF, CASSETE (TETO), 36000 BTUS/H, CICLO QUENTE/FRIO, 60 HZ, CLASSIFICACAO ENERGETICA A - SELO PROCEL, GAS HFC, CONTROLE S/ FIO                                                                                                                                                                                                                                                                                                                                                  ","UN    ",{"v":11027.07,"d":"11,027.07"}]
[39560,"AR CONDICIONADO SPLIT ON/OFF, CASSETE (TETO), 48000 BTUS/H, CICLO QUENTE/FRIO, 60 HZ, CLASSIFICACAO ENERGETICA A - SELO PROCEL, GAS HFC, CONTROLE S/ FIO                                                                                                                                                                                                                                                                                                                                                  ","UN    ",{"v":12757.24,"d":"12,757.24"}]
[39561,"AR CONDICIONADO SPLIT ON/OFF, CASSETE (TETO), 60000 BTUS/H, CICLO QUENTE/FRIO, 60 HZ, CLASSIFICACAO ENERGETICA A - SELO PROCEL, GAS HFC, CONTROLE S/ FIO                                                                                                                                                                                                                                                                                                                                                  ","UN    ",{"v":13345.7,"d":"13,345.70"}]
[43190,"AR CONDICIONADO SPLIT ON/OFF, HI-WALL (PAREDE), 12000 BTUS/H, CICLO FRIO, 60 HZ, CLASSIFICACAO ENERGETICA A - SELO PROCEL, GAS HFC, CONTROLE S/ FIO                                                                                                                                                                                                                                                                                                                                                       ","UN    ",{"v":1969.47,"d":"1,969.47"}]
[39555,"AR CONDICIONADO SPLIT ON/OFF, HI-WALL (PAREDE), 12000 BTUS/H, CICLO QUENTE/FRIO, 60 HZ, CLASSIFICACAO ENERGETICA A - SELO PROCEL, GAS HFC, CONTROLE S/ FIO                                                                                                                                                                                                                                                                                                                                                ","UN    ",{"v":2130.46,"d":"2,130.46"}]
[43191,"AR CONDICIONADO SPLIT ON/OFF, HI-WALL (PAREDE), 18000 BTUS/H, CICLO FRIO, 60 HZ, CLASSIFICACAO ENERGETICA A - SELO PROCEL, GAS HFC, CONTROLE S/ FIO                                                                                                                                                                                                                                                                                                                                                       ","UN    ",{"v":2833.81,"d":"2,833.81"}]
[39548,"AR CONDICIONADO SPLIT ON/OFF, HI-WALL (PAREDE), 18000 BTUS/H, CICLO QUENTE/FRIO, 60 HZ, CLASSIFICACAO ENERGETICA A - SELO PROCEL, GAS HFC, CONTROLE S/ FIO                                                                                                                                                                                                                                                                                                                                                ","UN    ",{"v":3160.13,"d":"3,160.13"}]
[43192,"AR CONDICIONADO SPLIT ON/OFF, HI-WALL (PAREDE), 24000 BTUS/H, CICLO FRIO, 60 HZ, CLASSIFICACAO ENERGETICA A - SELO PROCEL, GAS HFC, CONTROLE S/ FIO                                                                                                                                                                                                                                                                                                                                                       ","UN    ",{"v":3712.03,"d":"3,712.03"}]
[39554,"AR CONDICIONADO SPLIT ON/OFF, HI-WALL (PAREDE), 24000 BTUS/H, CICLO QUENTE/FRIO, 60 HZ, CLASSIFICACAO ENERGETICA A - SELO PROCEL, GAS HFC, CONTROLE S/ FIO                                                                                                                                                                                                                                                                                                                                                ","UN    ",{"v":4178.8,"d":"4,178.80"}]
[43194,"AR CONDICIONADO SPLIT ON/OFF, HI-WALL (PAREDE), 9000 BTUS/H, CICLO FRIO, 60 HZ, CLASSIFICACAO ENERGETICA A - SELO PROCEL, GAS HFC, CONTROLE S/ FIO                                                                                                                                                                                                                                                                                                                                                        ","UN    ",{"v":1687.19,"d":"1,687.19"}]
[39551,"AR CONDICIONADO SPLIT ON/OFF, HI-WALL (PAREDE), 9000 BTUS/H, CICLO QUENTE/FRIO, 60 HZ, CLASSIFICACAO ENERGETICA A - SELO PROCEL, GAS HFC, CONTROLE S/ FIO                                                                                                                                                                                                                                                                                                                                                 ","UN    ",{"v":1857.77,"d":"1,857.77"}]
[43185,"AR CONDICIONADO SPLIT ON/OFF, PISO TETO, 18.000 BTU/H, CICLO FRIO, 60HZ, CLASSIFICACAO ENERGETICA C - SELO PROCEL, GAS HFC, CONTROLE S/FIO                                                                                                                                                                                                                                                                                                                                                                ","UN    ",{"v":5279.46,"d":"5,279.46"}]
[43186,"AR CONDICIONADO SPLIT ON/OFF, PISO TETO, 24.000 BTU/H, CICLO FRIO, 60HZ, CLASSIFICACAO ENERGETICA C - SELO PROCEL, GAS HFC, CONTROLE S/FIO                                                                                                                                                                                                                                                                                                                                                                ","UN    ",{"v":5568.77,"d":"5,568.77"}]
[43187,"AR CONDICIONADO SPLIT ON/OFF, PISO TETO, 36.000 BTU/H, CICLO FRIO, 60HZ, CLASSIFICACAO ENERGETICA C - SELO PROCEL, GAS HFC, CONTROLE S/FIO                                                                                                                                                                                                                                                                                                                                                                ","UN    ",{"v":7389.81,"d":"7,389.81"}]
[43188,"AR CONDICIONADO SPLIT ON/OFF, PISO TETO, 48.000 BTU/H, CICLO FRIO, 60HZ, CLASSIFICACAO ENERGETICA C - SELO PROCEL, GAS HFC, CONTROLE S/FIO                                                                                                                                                                                                                                                                                                                                                                ","UN    ",{"v":8953.73,"d":"8,953.73"}]
[43189,"AR CONDICIONADO SPLIT ON/OFF, PISO TETO, 60.000 BTU/H, CICLO FRIO, 60HZ, CLASSIFICACAO ENERGETICA C - SELO PROCEL, GAS HFC, CONTROLE S/FIO                                                                                                                                                                                                                                                                                                                                                                ","UN    ",{"v":10071.46,"d":"10,071.46"}]
[39580,"AR-CONDICIONADO FRIO SPLITAO INVERTER 30 TR                                                                                                                                                                                                                                                                                                                                                                                                                                                               ","UN    ",{"v":79367.2,"d":"79,367.20"}]
[39577,"AR-CONDICIONADO FRIO SPLITAO MODULAR 10 TR                                                                                                                                                                                                                                                                                                                                                                                                                                                                ","UN    ",{"v":24841.76,"d":"24,841.76"}]
[39578,"AR-CONDICIONADO FRIO SPLITAO MODULAR 15 TR                                                                                                                                                                                                                                                                                                                                                                                                                                                                ","UN    ",{"v":32058.79,"d":"32,058.79"}]
[39579,"AR-CONDICIONADO FRIO SPLITAO MODULAR 20 TR                                                                                                                                                                                                                                                                                                                                                                                                                                                                ","UN    ",{"v":46643.02,"d":"46,643.02"}]
[39826,"AR-CONDICIONADO SPLIT INVERTER, PISO TETO, 24000 BTU/H, QUENTE/FRIO, 60HZ, CLASSIFICACAO ENERGETICA A - SELO PROCEL, GAS HFC, CONTROLE S/FIO                                                                                                                                                                                                                                                                                                                                                              ","UN    ",{"v":5728.61,"d":"5,728.61"}]
[10700,"ARADO REVERSIVEL COM 3 DISCOS DE 26\" X 6MM REBOCAVEL                                                                                                                                                                                                                                                                                                                                                                                                                                                      ","UN    ",{"v":23610.91,"d":"23,610.91"}]
[346,"ARAME DE ACO OVALADO 15 X 17 ( 45,7 KG, 700 KGF), ROLO 1000 M                                                                                                                                                                                                                                                                                                                                                                                                                                             ","KG    ",30.21]
[3312,"ARAME DE AMARRACAO PARA GABIAO GALVANIZADO, DIAMETRO 2,2 MM                                                                                                                                                                                                                                                                                                                                                                                                                                               ","KG    ",26.75]
[339,"ARAME FARPADO GALVANIZADO, 14 BWG (2,11 MM), CLASSE 250                                                                                                                                                                                                                                                                                                                                                                                                                                                   ","M     ",1.56]
[340,"ARAME FARPADO GALVANIZADO, 16 BWG (1,65 MM), CLASSE 250                                                                                                                                                                                                                                                                                                                                                                                                                                                   ","M     ",1.4]
[43130,"ARAME GALVANIZADO 12 BWG, D = 2,76 MM (0,048 KG/M) OU 14 BWG, D = 2,11 MM (0,026 KG/M)                                                                                                                                                                                                                                                                                                                                                                                                                    ","KG    ",25.5]
[344,"ARAME GALVANIZADO 16 BWG, D = 1,65MM (0,0166 KG/M)                                                                                                                                                                                                                                                                                                                                                                                                                                                        ","KG    ",33.52]
[345,"ARAME GALVANIZADO 18 BWG, D = 1,24MM (0,009 KG/M)                                                                                                                                                                                                                                                                                                                                                                                                                                                         ","KG    ",36.37]
[43131,"ARAME GALVANIZADO 6 BWG, D = 5,16 MM (0,157 KG/M), OU 8 BWG, D = 4,19 MM (0,101 KG/M), OU 10 BWG, D = 3,40 MM (0,0713 KG/M)                                                                                                                                                                                                                                                                                                                                                                               ","KG    ",29.62]
[3313,"ARAME PROTEGIDO COM POLIMERO PARA GABIAO, DIAMETRO 2,2 MM                                                                                                                                                                                                                                                                                                                                                                                                                                                 ","KG    ",34.43]
[43132,"ARAME RECOZIDO 16 BWG, D = 1,65 MM (0,016 KG/M) OU 18 BWG, D = 1,25 MM (0,01 KG/M)                                                                                                                                                                                                                                                                                                                                                                                                                        ","KG    ",25.5]
[366,"AREIA FINA - POSTO JAZIDA/FORNECEDOR (RETIRADO NA JAZIDA, SEM TRANSPORTE)                                                                                                                                                                                                                                                                                                                                                                                                                                 ","M3    ",140]
[367,"AREIA GROSSA - POSTO JAZIDA/FORNECEDOR (RETIRADO NA JAZIDA, SEM TRANSPORTE)                                                                                                                                                                                                                                                                                                                                                                                                                               ","M3    ",141.83]
[370,"AREIA MEDIA - POSTO JAZIDA/FORNECEDOR (RETIRADO NA JAZIDA, SEM TRANSPORTE)                                                                                                                                                                                                                                                                                                                                                                                                                                ","M3    ",140]
[368,"AREIA PARA ATERRO - POSTO JAZIDA/FORNECEDOR (RETIRADO NA JAZIDA, SEM TRANSPORTE)                                                                                                                                                                                                                                                                                                                                                                                                                          ","M3    ",70]
[11075,"AREIA PARA LEITO FILTRANTE (0,42 A 1,68 MM) - POSTO JAZIDA/FORNECEDOR (RETIRADO NA JAZIDA, SEM TRANSPORTE)                                                                                                                                                                                                                                                                                                                                                                                                ","M3    ",{"v":1606.76,"d":"1,606.76"}]
[1381,"ARGAMASSA COLANTE AC I PARA CERAMICAS                                                                                                                                                                                                                                                                                                                                                                                                                                                                     ","KG    ",1.13]
[34353,"ARGAMASSA COLANTE AC II                                                                                                                                                                                                                                                                                                                                                                                                                                                                                   ","KG    ",2.1]
[37595,"ARGAMASSA COLANTE TIPO AC III                                                                                                                                                                                                                                                                                                                                                                                                                                                                             ","KG    ",3.47]
[37596,"ARGAMASSA COLANTE TIPO AC III E                                                                                                                                                                                                                                                                                                                                                                                                                                                                           ","KG    ",3.98]
[371,"ARGAMASSA INDUSTRIALIZADA MULTIUSO, PARA REVESTIMENTO INTERNO E EXTERNO E ASSENTAMENTO DE BLOCOS DIVERSOS                                                                                                                                                                                                                                                                                                                                                                                                 ","KG    ",1.23]
[37553,"ARGAMASSA INDUSTRIALIZADA PARA CHAPISCO COLANTE                                                                                                                                                                                                                                                                                                                                                                                                                                                           ","KG    ",2.31]
[37552,"ARGAMASSA INDUSTRIALIZADA PARA CHAPISCO ROLADO                                                                                                                                                                                                                                                                                                                                                                                                                                                            ","KG    ",3.71]
[36880,"ARGAMASSA PARA REVESTIMENTO DECORATIVO MONOCAMADA                                                                                                                                                                                                                                                                                                                                                                                                                                                         ","KG    ",3.77]
[34355,"ARGAMASSA PISO SOBRE PISO                                                                                                                                                                                                                                                                                                                                                                                                                                                                                 ","KG    ",3.24]
[130,"ARGAMASSA POLIMERICA DE REPARO ESTRUTURAL, BICOMPONENTE                                                                                                                                                                                                                                                                                                                                                                                                                                                   ","KG    ",4.14]
[135,"ARGAMASSA POLIMERICA IMPERMEABILIZANTE SEMIFLEXIVEL, BICOMPONENTE, A BASE DE CIMENTO E ADITIVOS                                                                                                                                                                                                                                                                                                                                                                                                           ","KG    ",3.33]
[36886,"ARGAMASSA PRONTA PARA CONTRAPISO                                                                                                                                                                                                                                                                                                                                                                                                                                                                          ","KG    ",1.17]
[38546,"ARGAMASSA USINADA AUTOADENSAVEL E AUTONIVELANTE PARA CONTRAPISO, COM BOMBEAMENTO (DISPONIBILIZACAO DE BOMBA), SEM O LANCAMENTO                                                                                                                                                                                                                                                                                                                                                                            ","M3    ",734.34]
[34549,"ARGILA EXPANDIDA, GRANULOMETRIA 2215                                                                                                                                                                                                                                                                                                                                                                                                                                                                      ","M3    ",730.33]
[6081,"ARGILA OU BARRO PARA ATERRO/REATERRO (COM TRANSPORTE ATE 10 KM)                                                                                                                                                                                                                                                                                                                                                                                                                                           ","M3    ",51.12]
[6077,"ARGILA OU BARRO PARA ATERRO/REATERRO (RETIRADO NA JAZIDA, SEM TRANSPORTE)                                                                                                                                                                                                                                                                                                                                                                                                                                 ","M3    ",36.51]
[6079,"ARGILA, ARGILA VERMELHA OU ARGILA ARENOSA (RETIRADA NA JAZIDA, SEM TRANSPORTE)                                                                                                                                                                                                                                                                                                                                                                                                                            ","M3    ",36.51]
[1091,"ARMACAO VERTICAL COM HASTE E CONTRA-PINO, EM CHAPA DE ACO GALVANIZADO 3/16\", COM 1 ESTRIBO E 1 ISOLADOR                                                                                                                                                                                                                                                                                                                                                                                                   ","UN    ",44.29]
[1094,"ARMACAO VERTICAL COM HASTE E CONTRA-PINO, EM CHAPA DE ACO GALVANIZADO 3/16\", COM 1 ESTRIBO, SEM ISOLADOR                                                                                                                                                                                                                                                                                                                                                                                                  ","UN    ",30.98]
[1095,"ARMACAO VERTICAL COM HASTE E CONTRA-PINO, EM CHAPA DE ACO GALVANIZADO 3/16\", COM 2 ESTRIBOS, E 2 ISOLADORES                                                                                                                                                                                                                                                                                                                                                                                               ","UN    ",65.83]
[1092,"ARMACAO VERTICAL COM HASTE E CONTRA-PINO, EM CHAPA DE ACO GALVANIZADO 3/16\", COM 2 ESTRIBOS, SEM ISOLADOR                                                                                                                                                                                                                                                                                                                                                                                                 ","UN    ",50.94]
[1093,"ARMACAO VERTICAL COM HASTE E CONTRA-PINO, EM CHAPA DE ACO GALVANIZADO 3/16\", COM 3 ESTRIBOS E 3 ISOLADORES                                                                                                                                                                                                                                                                                                                                                                                                ","UN    ",118.96]
[1090,"ARMACAO VERTICAL COM HASTE E CONTRA-PINO, EM CHAPA DE ACO GALVANIZADO 3/16\", COM 3 ESTRIBOS, SEM ISOLADOR                                                                                                                                                                                                                                                                                                                                                                                                 ","UN    ",85.17]
[1096,"ARMACAO VERTICAL COM HASTE E CONTRA-PINO, EM CHAPA DE ACO GALVANIZADO 3/16\", COM 4 ESTRIBOS E 4 ISOLADORES                                                                                                                                                                                                                                                                                                                                                                                                ","UN    ",153.28]
[1097,"ARMACAO VERTICAL COM HASTE E CONTRA-PINO, EM CHAPA DE ACO GALVANIZADO 3/16\", COM 4 ESTRIBOS, SEM ISOLADOR                                                                                                                                                                                                                                                                                                                                                                                                 ","UN    ",130.12]
[378,"ARMADOR (HORISTA)                                                                                                                                                                                                                                                                                                                                                                                                                                                                                         ","H     ",19.79]
[40911,"ARMADOR (MENSALISTA)                                                                                                                                                                                                                                                                                                                                                                                                                                                                                      ","MES   ",{"v":3482.33,"d":"3,482.33"}]
[33939,"ARQUITETO JUNIOR (HORISTA)                                                                                                                                                                                                                                                                                                                                                                                                                                                                                ","H     ",110.74]
[40815,"ARQUITETO JUNIOR (MENSALISTA)                                                                                                                                                                                                                                                                                                                                                                                                                                                                             ","MES   ",{"v":19482.78,"d":"19,482.78"}]
[33952,"ARQUITETO PLENO (HORISTA)                                                                                                                                                                                                                                                                                                                                                                                                                                                                                 ","H     ",117.31]
[40816,"ARQUITETO PLENO (MENSALISTA)                                                                                                                                                                                                                                                                                                                                                                                                                                                                              ","MES   ",{"v":20640.13,"d":"20,640.13"}]
[33953,"ARQUITETO SENIOR (HORISTA)                                                                                                                                                                                                                                                                                                                                                                                                                                                                                ","H     ",122.94]
[40817,"ARQUITETO SENIOR (MENSALISTA)                                                                                                                                                                                                                                                                                                                                                                                                                                                                             ","MES   ",{"v":21631.52,"d":"21,631.52"}]
[13348,"ARRUELA  EM ACO GALVANIZADO, DIAMETRO EXTERNO = 35MM, ESPESSURA = 3MM, DIAMETRO DO FURO= 18MM                                                                                                                                                                                                                                                                                                                                                                                                             ","UN    ",1.79]
[39211,"ARRUELA EM ALUMINIO, COM ROSCA, DE  1 1/4\", PARA ELETRODUTO                                                                                                                                                                                                                                                                                                                                                                                                                                               ","UN    ",1.49]
[39212,"ARRUELA EM ALUMINIO, COM ROSCA, DE 1 1/2\", PARA ELETRODUTO                                                                                                                                                                                                                                                                                                                                                                                                                                                ","UN    ",1.66]
[39208,"ARRUELA EM ALUMINIO, COM ROSCA, DE 1/2\", PARA ELETRODUTO                                                                                                                                                                                                                                                                                                                                                                                                                                                  ","UN    ",0.45]
[39210,"ARRUELA EM ALUMINIO, COM ROSCA, DE 1\", PARA ELETRODUTO                                                                                                                                                                                                                                                                                                                                                                                                                                                    ","UN    ",0.83]
[39214,"ARRUELA EM ALUMINIO, COM ROSCA, DE 2 1/2\", PARA ELETRODUTO                                                                                                                                                                                                                                                                                                                                                                                                                                                ","UN    ",3.08]
[39213,"ARRUELA EM ALUMINIO, COM ROSCA, DE 2\", PARA ELETRODUTO                                                                                                                                                                                                                                                                                                                                                                                                                                                    ","UN    ",2.17]
[39209,"ARRUELA EM ALUMINIO, COM ROSCA, DE 3/4\", PARA ELETRODUTO                                                                                                                                                                                                                                                                                                                                                                                                                                                  ","UN    ",0.54]
[39207,"ARRUELA EM ALUMINIO, COM ROSCA, DE 3/8\", PARA ELETRODUTO                                                                                                                                                                                                                                                                                                                                                                                                                                                  ","UN    ",0.83]
[39215,"ARRUELA EM ALUMINIO, COM ROSCA, DE 3\", PARA ELETRODUTO                                                                                                                                                                                                                                                                                                                                                                                                                                                    ","UN    ",5.61]
[39216,"ARRUELA EM ALUMINIO, COM ROSCA, DE 4\", PARA ELETRODUTO                                                                                                                                                                                                                                                                                                                                                                                                                                                    ","UN    ",7.83]
[11267,"ARRUELA LISA, REDONDA, DE LATAO POLIDO, DIAMETRO NOMINAL 5/8\", DIAMETRO EXTERNO = 34 MM, DIAMETRO DO FURO = 17 MM, ESPESSURA = *2,5* MM                                                                                                                                                                                                                                                                                                                                                                   ","UN    ",1.56]
[379,"ARRUELA QUADRADA EM ACO GALVANIZADO, DIMENSAO = 38 MM, ESPESSURA = 3MM, DIAMETRO DO FURO= 18 MM                                                                                                                                                                                                                                                                                                                                                                                                           ","UN    ",1.57]
[510,"ASFALTO MODIFICADO TIPO I - NBR 9910 (ASFALTO OXIDADO PARA IMPERMEABILIZACAO, COEFICIENTE DE PENETRACAO 25-40)                                                                                                                                                                                                                                                                                                                                                                                            ","KG    ",18.94]
[516,"ASFALTO MODIFICADO TIPO II - NBR 9910 (ASFALTO OXIDADO PARA IMPERMEABILIZACAO, COEFICIENTE DE PENETRACAO 20-35)                                                                                                                                                                                                                                                                                                                                                                                           ","KG    ",22.45]
[509,"ASFALTO MODIFICADO TIPO III - NBR 9910 (ASFALTO OXIDADO PARA IMPERMEABILIZACAO, COEFICIENTE DE PENETRACAO 15-25)                                                                                                                                                                                                                                                                                                                                                                                          ","KG    ",25.19]
[40331,"ASSENTADOR DE MANILHAS (HORISTA)                                                                                                                                                                                                                                                                                                                                                                                                                                                                          ","H     ",9.99]
[40930,"ASSENTADOR DE MANILHAS (MENSALISTA)                                                                                                                                                                                                                                                                                                                                                                                                                                                                       ","MES   ",{"v":1760.41,"d":"1,760.41"}]
[11761,"ASSENTO  VASO SANITARIO INFANTIL EM PLASTICO BRANCO                                                                                                                                                                                                                                                                                                                                                                                                                                                       ","UN    ",85.29]
[377,"ASSENTO SANITARIO DE PLASTICO, TIPO CONVENCIONAL                                                                                                                                                                                                                                                                                                                                                                                                                                                          ","UN    ",40.08]
[7588,"AUTOMATICO DE BOIA SUPERIOR / INFERIOR, *15* A / 250 V                                                                                                                                                                                                                                                                                                                                                                                                                                                    ","UN    ",55.8]
[34392,"AUXILIAR DE ALMOXARIFE (HORISTA)                                                                                                                                                                                                                                                                                                                                                                                                                                                                          ","H     ",15.94]
[40908,"AUXILIAR DE ALMOXARIFE (MENSALISTA)                                                                                                                                                                                                                                                                                                                                                                                                                                                                       ","MES   ",{"v":2805.81,"d":"2,805.81"}]
[34551,"AUXILIAR DE AZULEJISTA (HORISTA)                                                                                                                                                                                                                                                                                                                                                                                                                                                                          ","H     ",14.72]
[41078,"AUXILIAR DE AZULEJISTA (MENSALISTA)                                                                                                                                                                                                                                                                                                                                                                                                                                                                       ","MES   ",{"v":2591.02,"d":"2,591.02"}]
[246,"AUXILIAR DE ENCANADOR OU BOMBEIRO HIDRAULICO (HORISTA)                                                                                                                                                                                                                                                                                                                                                                                                                                                    ","H     ",15.94]
[40927,"AUXILIAR DE ENCANADOR OU BOMBEIRO HIDRAULICO (MENSALISTA)                                                                                                                                                                                                                                                                                                                                                                                                                                                 ","MES   ",{"v":2806.93,"d":"2,806.93"}]
[2350,"AUXILIAR DE ESCRITORIO (HORISTA)                                                                                                                                                                                                                                                                                                                                                                                                                                                                          ","H     ",15.38]
[40812,"AUXILIAR DE ESCRITORIO (MENSALISTA)                                                                                                                                                                                                                                                                                                                                                                                                                                                                       ","MES   ",{"v":2709.26,"d":"2,709.26"}]
[245,"AUXILIAR DE LABORATORISTA DE SOLOS E DE CONCRETO (HORISTA)                                                                                                                                                                                                                                                                                                                                                                                                                                                ","H     ",24.73]
[41090,"AUXILIAR DE LABORATORISTA DE SOLOS E DE CONCRETO (MENSALISTA)                                                                                                                                                                                                                                                                                                                                                                                                                                             ","MES   ",{"v":4352.91,"d":"4,352.91"}]
[251,"AUXILIAR DE MECANICO (HORISTA)                                                                                                                                                                                                                                                                                                                                                                                                                                                                            ","H     ",15.94]
[40975,"AUXILIAR DE MECANICO (MENSALISTA)                                                                                                                                                                                                                                                                                                                                                                                                                                                                         ","MES   ",{"v":2806.93,"d":"2,806.93"}]
[6127,"AUXILIAR DE PEDREIRO (HORISTA)                                                                                                                                                                                                                                                                                                                                                                                                                                                                            ","H     ",15.94]
[41072,"AUXILIAR DE PEDREIRO (MENSALISTA)                                                                                                                                                                                                                                                                                                                                                                                                                                                                         ","MES   ",{"v":2806.93,"d":"2,806.93"}]
[6121,"AUXILIAR DE SERVICOS GERAIS (HORISTA)                                                                                                                                                                                                                                                                                                                                                                                                                                                                     ","H     ",14.74]
[41071,"AUXILIAR DE SERVICOS GERAIS (MENSALISTA)                                                                                                                                                                                                                                                                                                                                                                                                                                                                  ","MES   ",{"v":2594.46,"d":"2,594.46"}]
[244,"AUXILIAR DE TOPOGRAFO (HORISTA)                                                                                                                                                                                                                                                                                                                                                                                                                                                                           ","H     ",8.89]
[41093,"AUXILIAR DE TOPOGRAFO (MENSALISTA)                                                                                                                                                                                                                                                                                                                                                                                                                                                                        ","MES   ",{"v":1567.14,"d":"1,567.14"}]
[532,"AUXILIAR TECNICO / ASSISTENTE DE ENGENHARIA (HORISTA)                                                                                                                                                                                                                                                                                                                                                                                                                                                     ","H     ",24.86]
[40931,"AUXILIAR TECNICO / ASSISTENTE DE ENGENHARIA (MENSALISTA)                                                                                                                                                                                                                                                                                                                                                                                                                                                  ","MES   ",{"v":4377.34,"d":"4,377.34"}]
[36150,"AVENTAL DE SEGURANCA DE RASPA DE COURO 1,00 X 0,60 M                                                                                                                                                                                                                                                                                                                                                                                                                                                      ","UN    ",52.33]
[4760,"AZULEJISTA OU LADRILHEIRO (HORISTA)                                                                                                                                                                                                                                                                                                                                                                                                                                                                       ","H     ",19.79]
[41069,"AZULEJISTA OU LADRILHEIRO (MENSALISTA)                                                                                                                                                                                                                                                                                                                                                                                                                                                                    ","MES   ",{"v":3482.33,"d":"3,482.33"}]
[10422,"BACIA SANITARIA (VASO) COM CAIXA ACOPLADA, SIFAO APARENTE, DE LOUCA BRANCA (SEM ASSENTO)                                                                                                                                                                                                                                                                                                                                                                                                                  ","UN    ",369.07]
[44019,"BACIA SANITARIA (VASO) COM CAIXA ACOPLADA, SIFAO OCULTO / CARENADO, DE LOUCA BRANCA (SEM ASSENTO ) - PADRAO ALTO                                                                                                                                                                                                                                                                                                                                                                                          ","UN    ",510.89]
[36520,"BACIA SANITARIA (VASO) CONVENCIONAL PARA PCD, SEM FURO FRONTAL, DE LOUCA BRANCA (SEM ASSENTO)                                                                                                                                                                                                                                                                                                                                                                                                             ","UN    ",621.18]
[42319,"BACIA SANITARIA (VASO) CONVENCIONAL PARA USO ESPECIFICO (HOSPITAIS, CLINICAS), COM FURO FRONTAL, DE LOUCA BRANCA, SEM ASSENTO                                                                                                                                                                                                                                                                                                                                                                             ","UN    ",556.61]
[10420,"BACIA SANITARIA (VASO) CONVENCIONAL, DE LOUCA BRANCA, SIFAO APARENTE, SAIDA VERTICAL (SEM ASSENTO)                                                                                                                                                                                                                                                                                                                                                                                                        ","UN    ",197.45]
[10421,"BACIA SANITARIA (VASO) CONVENCIONAL, DE LOUCA COLORIDA, SIFAO APARENTE, SAIDA VERTICAL (SEM ASSENTO)                                                                                                                                                                                                                                                                                                                                                                                                      ","UN    ",216.97]
[11786,"BACIA SANITARIA (VASO) INFANTIL, SIFONADO, DE LOUCA BRANCA, (SEM ASSENTO)                                                                                                                                                                                                                                                                                                                                                                                                                                 ","UN    ",437.5]
[10,"BALDE PLASTICO CAPACIDADE *10* L                                                                                                                                                                                                                                                                                                                                                                                                                                                                          ","UN    ",12.71]
[4815,"BALDE VERMELHO PARA SINALIZACAO DE VIAS                                                                                                                                                                                                                                                                                                                                                                                                                                                                   ","UN    ",7.4]
[541,"BANCADA DE MARMORE SINTETICO COM UMA CUBA, 120 X *60* CM                                                                                                                                                                                                                                                                                                                                                                                                                                                  ","UN    ",224.95]
[542,"BANCADA DE MARMORE SINTETICO COM UMA CUBA, 150 X *60* CM                                                                                                                                                                                                                                                                                                                                                                                                                                                  ","UN    ",281.97]
[540,"BANCADA DE MARMORE SINTETICO COM UMA CUBA, 200 X *60* CM                                                                                                                                                                                                                                                                                                                                                                                                                                                  ","UN    ",635.43]
[38364,"BANCADA/ BANCA EM GRANITO, POLIDO, TIPO ANDORINHA/ QUARTZ/ CASTELO/ CORUMBA OU OUTROS EQUIVALENTES DA REGIAO, COM CUBA INOX, FORMATO *120 X 60* CM, E=  *2* CM                                                                                                                                                                                                                                                                                                                                            ","UN    ",876.31]
[11692,"BANCADA/ BANCA/ BALCAO/ TAMPO EM MARMORE BRANCO COMUM, POLIDO, LISO, ACABAMENTO RETO, E= *3* CM (SEM FUROS)                                                                                                                                                                                                                                                                                                                                                                                               ","M2    ",481.13]
[1746,"BANCADA/BANCA/PIA DE ACO INOXIDAVEL (AISI 430) COM 1 CUBA CENTRAL, COM VALVULA, ESCORREDOR DUPLO, DE *0,55 X 1,20* M                                                                                                                                                                                                                                                                                                                                                                                      ","UN    ",249.9]
[1748,"BANCADA/BANCA/PIA DE ACO INOXIDAVEL (AISI 430) COM 1 CUBA CENTRAL, COM VALVULA, ESCORREDOR DUPLO, DE *0,55 X 1,40* M                                                                                                                                                                                                                                                                                                                                                                                      ","UN    ",332.3]
[1749,"BANCADA/BANCA/PIA DE ACO INOXIDAVEL (AISI 430) COM 1 CUBA CENTRAL, COM VALVULA, ESCORREDOR DUPLO, DE *0,55 X 1,80* M                                                                                                                                                                                                                                                                                                                                                                                      ","UN    ",481.45]
[37412,"BANCADA/BANCA/PIA DE ACO INOXIDAVEL (AISI 430) COM 1 CUBA CENTRAL, COM VALVULA, LISA (SEM ESCORREDOR), DE *0,55 X 1,20* M                                                                                                                                                                                                                                                                                                                                                                                 ","UN    ",244.28]
[1745,"BANCADA/BANCA/PIA DE ACO INOXIDAVEL (AISI 430) COM 1 CUBA CENTRAL, SEM VALVULA, ESCORREDOR DUPLO, DE *0,55 X 1,60* M                                                                                                                                                                                                                                                                                                                                                                                      ","UN    ",290.47]
[1750,"BANCADA/BANCA/PIA DE ACO INOXIDAVEL (AISI 430) COM 2 CUBAS, COM VALVULAS, ESCORREDOR DUPLO, DE *0,55 X 2,00* M                                                                                                                                                                                                                                                                                                                                                                                            ","UN    ",678.8]
[11687,"BANCADA/TAMPO ACO INOX (AISI 304), LARGURA 60 CM, COM RODABANCA (NAO INCLUI PES DE APOIO)                                                                                                                                                                                                                                                                                                                                                                                                                 ","M     ",{"v":1081.54,"d":"1,081.54"}]
[11689,"BANCADA/TAMPO ACO INOX (AISI 304), LARGURA 70 CM, COM RODABANCA (NAO INCLUI PES DE APOIO)                                                                                                                                                                                                                                                                                                                                                                                                                 ","M     ",{"v":1355.1,"d":"1,355.10"}]
[11693,"BANCADA/TAMPO LISO (SEM CUBA) EM MARMORE SINTETICO                                                                                                                                                                                                                                                                                                                                                                                                                                                        ","M2    ",249.42]
[36215,"BANCO ARTICULADO PARA BANHO, EM ACO INOX POLIDO, 70* CM X 45* CM                                                                                                                                                                                                                                                                                                                                                                                                                                          ","UN    ",897.57]
[42439,"BANCO COM ENCOSTO, 1,60M* DE COMPRIMENTO, EM TUBO DE ACO CARBONO E PINTURA NO PROCESSO ELETROSTATICO - PARA ACADEMIA AO AR LIVRE / ACADEMIA DA TERCEIRA IDADE - ATI                                                                                                                                                                                                                                                                                                                                       ","UN    ",{"v":1207.84,"d":"1,207.84"}]
[38381,"BANDEJA DE PINTURA PARA ROLO 23 CM                                                                                                                                                                                                                                                                                                                                                                                                                                                                        ","UN    ",11.87]
[39621,"BARRA ANTIPANICO DUPLA, CEGA EM LADO OPOSTO, COR CINZA                                                                                                                                                                                                                                                                                                                                                                                                                                                    ","PAR   ",{"v":1276.63,"d":"1,276.63"}]
[39624,"BARRA ANTIPANICO DUPLA, PARA PORTA DE VIDRO, COR CINZA                                                                                                                                                                                                                                                                                                                                                                                                                                                    ","PAR   ",{"v":1408.27,"d":"1,408.27"}]
[39615,"BARRA ANTIPANICO SIMPLES, CEGA EM LADO OPOSTO, COR CINZA                                                                                                                                                                                                                                                                                                                                                                                                                                                  ","UN    ",569.07]
[39620,"BARRA ANTIPANICO SIMPLES, COM FECHADURA LADO OPOSTO, COR CINZA                                                                                                                                                                                                                                                                                                                                                                                                                                            ","UN    ",869.12]
[39623,"BARRA ANTIPANICO SIMPLES, PARA PORTA DE VIDRO, COR CINZA                                                                                                                                                                                                                                                                                                                                                                                                                                                  ","UN    ",930.91]
[546,"BARRA DE ACO CHATA, RETANGULAR (QUALQUER BITOLA)                                                                                                                                                                                                                                                                                                                                                                                                                                                          ","KG    ",8.2]
[566,"BARRA DE ACO CHATO, RETANGULAR, 19,05 MM X 3,17 MM (L X E), 0,47 KG/M                                                                                                                                                                                                                                                                                                                                                                                                                                     ","M     ",3.89]
[565,"BARRA DE ACO CHATO, RETANGULAR, 25,4 MM X 4,76 MM (L X E), 1,73 KG/M                                                                                                                                                                                                                                                                                                                                                                                                                                      ","M     ",14.18]
[555,"BARRA DE ACO CHATO, RETANGULAR, 25,4 MM X 6,35 MM (L X E), 1,2265 KG/M                                                                                                                                                                                                                                                                                                                                                                                                                                    ","M     ",10.05]
[557,"BARRA DE ACO CHATO, RETANGULAR, 38,1 MM X 12,7 MM (L X E), 3,79 KG/M                                                                                                                                                                                                                                                                                                                                                                                                                                      ","M     ",31.55]
[552,"BARRA DE ACO CHATO, RETANGULAR, 38,1 MM X 6,35 MM (L X E), 1,89 KG/M                                                                                                                                                                                                                                                                                                                                                                                                                                      ","M     ",15.65]
[563,"BARRA DE ACO CHATO, RETANGULAR, 38,1 MM X 9,53 MM (L X E), 2,84 KG/M                                                                                                                                                                                                                                                                                                                                                                                                                                      ","M     ",23.52]
[549,"BARRA DE ACO CHATO, RETANGULAR, 50,8 MM X 12,7 MM (L X E), 5,06 KG/M                                                                                                                                                                                                                                                                                                                                                                                                                                      ","M     ",42.33]
[551,"BARRA DE ACO CHATO, RETANGULAR, 50,8 MM X 25,4 MM (L X E), 10,12 KG/M                                                                                                                                                                                                                                                                                                                                                                                                                                     ","M     ",83.83]
[559,"BARRA DE ACO CHATO, RETANGULAR, 50,8 MM X 6,35 MM (L X E), 2,53 KG/M                                                                                                                                                                                                                                                                                                                                                                                                                                      ","M     ",20.95]
[560,"BARRA DE ACO CHATO, RETANGULAR, 50,8 MM X 7,94 MM (L X E), 3,162 KG/M                                                                                                                                                                                                                                                                                                                                                                                                                                     ","M     ",26.21]
[547,"BARRA DE ACO CHATO, RETANGULAR, 50,8 MM X 9,53 MM (L X E), 3,79KG/M                                                                                                                                                                                                                                                                                                                                                                                                                                       ","M     ",31.39]
[36207,"BARRA DE APOIO EM \"L\", EM ACO INOX POLIDO 70 X 70 CM, DIAMETRO MINIMO 3 CM                                                                                                                                                                                                                                                                                                                                                                                                                                ","UN    ",397.56]
[36209,"BARRA DE APOIO EM \"L\", EM ACO INOX POLIDO 80 X 80 CM, DIAMETRO MINIMO 3 CM                                                                                                                                                                                                                                                                                                                                                                                                                                ","UN    ",456.26]
[36210,"BARRA DE APOIO LATERAL ARTICULADA, COM TRAVA, EM ACO INOX POLIDO, 70 CM, DIAMETRO MINIMO 3 CM                                                                                                                                                                                                                                                                                                                                                                                                             ","UN    ",493.66]
[36204,"BARRA DE APOIO RETA, EM ACO INOX POLIDO, COMPRIMENTO 60CM, DIAMETRO MINIMO 3 CM                                                                                                                                                                                                                                                                                                                                                                                                                           ","UN    ",175.03]
[36205,"BARRA DE APOIO RETA, EM ACO INOX POLIDO, COMPRIMENTO 70CM, DIAMETRO MINIMO 3 CM                                                                                                                                                                                                                                                                                                                                                                                                                           ","UN    ",194.39]
[36081,"BARRA DE APOIO RETA, EM ACO INOX POLIDO, COMPRIMENTO 80CM, DIAMETRO MINIMO 3 CM                                                                                                                                                                                                                                                                                                                                                                                                                           ","UN    ",207.27]
[36206,"BARRA DE APOIO RETA, EM ACO INOX POLIDO, COMPRIMENTO 90 CM, DIAMETRO MINIMO 3 CM                                                                                                                                                                                                                                                                                                                                                                                                                          ","UN    ",217.15]
[36218,"BARRA DE APOIO RETA, EM ALUMINIO, COMPRIMENTO 60CM, DIAMETRO MINIMO 3 CM                                                                                                                                                                                                                                                                                                                                                                                                                                  ","UN    ",156]
[36220,"BARRA DE APOIO RETA, EM ALUMINIO, COMPRIMENTO 70CM, DIAMETRO MINIMO 3 CM                                                                                                                                                                                                                                                                                                                                                                                                                                  ","UN    ",178.88]
[36080,"BARRA DE APOIO RETA, EM ALUMINIO, COMPRIMENTO 80 CM, DIAMETRO MINIMO 3 CM                                                                                                                                                                                                                                                                                                                                                                                                                                 ","UN    ",193.49]
[36223,"BARRA DE APOIO RETA, EM ALUMINIO, COMPRIMENTO 90 CM, DIAMETRO MINIMO 3 CM                                                                                                                                                                                                                                                                                                                                                                                                                                 ","UN    ",202.61]
[38127,"BASE DE MISTURADOR MONOCOMANDO PARA CHUVEIRO, DE PAREDE (NAO INCLUI ACABAMENTOS)                                                                                                                                                                                                                                                                                                                                                                                                                          ","UN    ",476.62]
[38060,"BASE PARA MASTRO DE PARA-RAIOS DIAMETRO NOMINAL 1 1/2\"                                                                                                                                                                                                                                                                                                                                                                                                                                                    ","UN    ",63.39]
[10956,"BASE PARA MASTRO DE PARA-RAIOS DIAMETRO NOMINAL 2\"                                                                                                                                                                                                                                                                                                                                                                                                                                                        ","UN    ",69.52]
[39380,"BASE PARA RELE COM SUPORTE METALICO                                                                                                                                                                                                                                                                                                                                                                                                                                                                       ","UN    ",21.3]
[44172,"BASTIDOR PARA BLOCO M10                                                                                                                                                                                                                                                                                                                                                                                                                                                                                   ","UN    ",6.66]
[37597,"BATE-ESTACAS POR GRAVIDADE, POTENCIA160 HP, PESO DO MARTELO ATE 3 TONELADAS                                                                                                                                                                                                                                                                                                                                                                                                                               ","UN    ",{"v":632675.78,"d":"632,675.78"}]
[183,"BATENTE / PORTAL / ADUELA / MARCO EM MADEIRA MACICA COM REBAIXO, E = *3* CM, L = *14* CM, PARA PORTAS DE  GIRO DE *60 CM A 120* CM  X *210* CM, CEDRINHO / ANGELIM COMERCIAL / TAURI / CURUPIXA / PEROBA / CUMARU OU EQUIVALENTE DA REGIAO (NAO INCLUI ALIZARES)                                                                                                                                                                                                                                          ","JG    ",248.38]
[184,"BATENTE / PORTAL / ADUELA / MARCO EM MADEIRA MACICA COM REBAIXO, E = *3* CM, L = *14* CM, PARA PORTAS DE  GIRO DE *60 CM A 120* CM  X *210* CM, PINUS / EUCALIPTO / VIROLA OU EQUIVALENTE DA REGIAO (NAO INCLUI ALIZARES)                                                                                                                                                                                                                                                                                 ","JG    ",153.83]
[181,"BATENTE / PORTAL / ADUELA / MARCO EM MADEIRA MACICA COM REBAIXO, E = *3* CM, L = *16* CM, PARA PORTAS DE  GIRO DE *60 CM A 120* CM  X *210* CM, CEDRINHO / ANGELIM COMERCIAL / TAURI / CURUPIXA / PEROBA / CUMARU OU EQUIVALENTE DA REGIAO (NAO INCLUI ALIZARES)                                                                                                                                                                                                                                          ","JG    ",331.7]
[20001,"BATENTE / PORTAL / ADUELA / MARCO EM MADEIRA MACICA COM REBAIXO, E = *3* CM, L = *16* CM, PARA PORTAS DE  GIRO DE *60 CM A 120* CM  X *210* CM, PINUS / EUCALIPTO / VIROLA OU EQUIVALENTE DA REGIAO (NAO INCLUI ALIZARES)                                                                                                                                                                                                                                                                                 ","JG    ",192.29]
[39837,"BATENTE/PORTAL/ADUELA/MARCO, EM MDF/PVC WOOD/POLIESTIRENO OU MADEIRA LAMINADA, L = *9,0* CM COM GUARNICAO REGULAVEL 2 FACES = *35* MM, PRIMER                                                                                                                                                                                                                                                                                                                                                             ","JG    ",536.81]
[43366,"BENTONITA, ARGILA CONSTITUIDA POR  MONTMORILONITA                                                                                                                                                                                                                                                                                                                                                                                                                                                         ","KG    ",1.54]
[10535,"BETONEIRA CAPACIDADE NOMINAL 400 L, CAPACIDADE DE MISTURA  280 L, MOTOR ELETRICO TRIFASICO 220/380 V POTENCIA 2 CV, SEM CARREGADOR                                                                                                                                                                                                                                                                                                                                                                        ","UN    ",{"v":5553.88,"d":"5,553.88"}]
[10537,"BETONEIRA CAPACIDADE NOMINAL 400 L, CAPACIDADE DE MISTURA 310 L, MOTOR A DIESEL POTENCIA 5 CV, SEM CARREGADOR                                                                                                                                                                                                                                                                                                                                                                                             ","UN    ",{"v":7573.98,"d":"7,573.98"}]
[13891,"BETONEIRA CAPACIDADE NOMINAL 400 L, CAPACIDADE DE MISTURA 310 L, MOTOR A GASOLINA POTENCIA 5,5 CV, SEM CARREGADOR                                                                                                                                                                                                                                                                                                                                                                                         ","UN    ",{"v":6947.05,"d":"6,947.05"}]
[44492,"BETONEIRA CAPACIDADE NOMINAL 600 L, CAPACIDADE DE MISTURA 440 L, MOTOR A GASOLINA POTENCIA 10 HP, COM  CARREGADOR                                                                                                                                                                                                                                                                                                                                                                                         ","UN    ",{"v":30216.87,"d":"30,216.87"}]
[36396,"BETONEIRA, CAPACIDADE NOMINAL 400 L, CAPACIDADE DE MISTURA 310L, MOTOR ELETRICO TRIFASICO 220/380V POTENCIA 2 CV, SEM CARREGADOR                                                                                                                                                                                                                                                                                                                                                                          ","UN    ",{"v":6354.01,"d":"6,354.01"}]
[36397,"BETONEIRA, CAPACIDADE NOMINAL 600 L, CAPACIDADE DE MISTURA  360L, MOTOR ELETRICO TRIFASICO 220/380V, POTENCIA 4CV, EXCLUSO CARREGADOR                                                                                                                                                                                                                                                                                                                                                                     ","UN    ",{"v":22592.05,"d":"22,592.05"}]
[36398,"BETONEIRA, CAPACIDADE NOMINAL 600 L, CAPACIDADE DE MISTURA 440 L, MOTOR A DIESEL POTENCIA 10 CV, COM CARREGADOR                                                                                                                                                                                                                                                                                                                                                                                           ","UN    ",{"v":27458.75,"d":"27,458.75"}]
[647,"BLASTER, DINAMITADOR OU CABO DE FOGO (HORISTA)                                                                                                                                                                                                                                                                                                                                                                                                                                                            ","H     ",14.06]
[40920,"BLASTER, DINAMITADOR OU CABO DE FOGO (MENSALISTA)                                                                                                                                                                                                                                                                                                                                                                                                                                                         ","MES   ",{"v":2475.65,"d":"2,475.65"}]
[715,"BLOCO / TIJOLO DE VIDRO INCOLOR, CANELADO / ONDULADO, *19 X 19 X 8* CM (A X L X E)                                                                                                                                                                                                                                                                                                                                                                                                                        ","UN    ",31.2]
[716,"BLOCO / TIJOLO DE VIDRO INCOLOR, XADREZ, *20 X 20 X 10* CM (A X L X E)                                                                                                                                                                                                                                                                                                                                                                                                                                    ","UN    ",35.28]
[38783,"BLOCO CERAMICO / TIJOLO VAZADO PARA ALVENARIA DE VEDACAO, FUROS NA HORIZONTAL, 11,5 X 19 X 19 CM (NBR 15270)                                                                                                                                                                                                                                                                                                                                                                                              ","UN    ",1.27]
[37593,"BLOCO CERAMICO / TIJOLO VAZADO PARA ALVENARIA DE VEDACAO, FUROS NA VERTICAL, 14 X 19 X 39 CM (NBR 15270)                                                                                                                                                                                                                                                                                                                                                                                                  ","UN    ",3.12]
[37594,"BLOCO CERAMICO / TIJOLO VAZADO PARA ALVENARIA DE VEDACAO, FUROS NA VERTICAL, 19 X 19 X 39 CM (NBR 15270)                                                                                                                                                                                                                                                                                                                                                                                                  ","UN    ",3.88]
[37592,"BLOCO CERAMICO / TIJOLO VAZADO PARA ALVENARIA DE VEDACAO, FUROS NA VERTICAL,, 9 X 19 X 39 CM (NBR 15270)                                                                                                                                                                                                                                                                                                                                                                                                  ","UN    ",2.46]
[7270,"BLOCO CERAMICO / TIJOLO VAZADO PARA ALVENARIA DE VEDACAO, 4 FUROS NA HORIZONTAL, DE 9 X 9 X 19 CM (L X A X C)                                                                                                                                                                                                                                                                                                                                                                                             ","UN    ",1.1]
[7267,"BLOCO CERAMICO / TIJOLO VAZADO PARA ALVENARIA DE VEDACAO, 6 FUROS NA HORIZONTAL, 9 X 14 X 19 CM (L X A X C)                                                                                                                                                                                                                                                                                                                                                                                               ","UN    ",0.86]
[7271,"BLOCO CERAMICO / TIJOLO VAZADO PARA ALVENARIA DE VEDACAO, 8 FUROS NA HORIZONTAL, DE 9 X 19 X 19 CM (L XA X C)                                                                                                                                                                                                                                                                                                                                                                                             ","UN    ",0.95]
[7268,"BLOCO CERAMICO / TIJOLO VAZADO PARA ALVENARIA DE VEDACAO, 8 FUROS NA HORIZONTAL, 9 X 19 X 29 CM (L X A X C)                                                                                                                                                                                                                                                                                                                                                                                               ","UN    ",1.32]
[41372,"BLOCO CONCRETO CELULAR AUTOCLAVADO 12,5 X 30 X 60 CM (E X A X C)                                                                                                                                                                                                                                                                                                                                                                                                                                          ","M2    ",119.29]
[41371,"BLOCO CONCRETO CELULAR AUTOCLAVADO 7,5 X 30 X 60 CM (E X A X C)                                                                                                                                                                                                                                                                                                                                                                                                                                           ","M2    ",70.51]
[34556,"BLOCO DE CONCRETO ESTRUTURAL 14 X 19 X 29 CM, FBK 10 MPA (NBR 6136)                                                                                                                                                                                                                                                                                                                                                                                                                                       ","UN    ",5.08]
[37873,"BLOCO DE CONCRETO ESTRUTURAL 14 X 19 X 29 CM, FBK 12 MPA (NBR 6136)                                                                                                                                                                                                                                                                                                                                                                                                                                       ","UN    ",5.17]
[34564,"BLOCO DE CONCRETO ESTRUTURAL 14 X 19 X 29 CM, FBK 14 MPA (NBR 6136)                                                                                                                                                                                                                                                                                                                                                                                                                                       ","UN    ",5.42]
[34565,"BLOCO DE CONCRETO ESTRUTURAL 14 X 19 X 29 CM, FBK 16 MPA (NBR 6136)                                                                                                                                                                                                                                                                                                                                                                                                                                       ","UN    ",5.73]
[38590,"BLOCO DE CONCRETO ESTRUTURAL 14 X 19 X 29 CM, FBK 4,5 MPA (NBR 6136)                                                                                                                                                                                                                                                                                                                                                                                                                                      ","UN    ",4.23]
[34566,"BLOCO DE CONCRETO ESTRUTURAL 14 X 19 X 29 CM, FBK 6 MPA (NBR 6136)                                                                                                                                                                                                                                                                                                                                                                                                                                        ","UN    ",4.45]
[34567,"BLOCO DE CONCRETO ESTRUTURAL 14 X 19 X 29 CM, FBK 8 MPA (NBR 6136)                                                                                                                                                                                                                                                                                                                                                                                                                                        ","UN    ",4.71]
[38591,"BLOCO DE CONCRETO ESTRUTURAL 14 X 19 X 34 CM, FBK 4,5 MPA (NBR 6136)                                                                                                                                                                                                                                                                                                                                                                                                                                      ","UN    ",4.28]
[34568,"BLOCO DE CONCRETO ESTRUTURAL 14 X 19 X 39 CM, FBK 10 MPA (NBR 6136)                                                                                                                                                                                                                                                                                                                                                                                                                                       ","UN    ",5.57]
[34569,"BLOCO DE CONCRETO ESTRUTURAL 14 X 19 X 39 CM, FBK 12 MPA (NBR 6136)                                                                                                                                                                                                                                                                                                                                                                                                                                       ","UN    ",5.73]
[34570,"BLOCO DE CONCRETO ESTRUTURAL 14 X 19 X 39 CM, FBK 14 MPA (NBR 6136)                                                                                                                                                                                                                                                                                                                                                                                                                                       ","UN    ",6.22]
[25070,"BLOCO DE CONCRETO ESTRUTURAL 14 X 19 X 39 CM, FBK 4,5 MPA (NBR 6136)                                                                                                                                                                                                                                                                                                                                                                                                                                      ","UN    ",4.68]
[34571,"BLOCO DE CONCRETO ESTRUTURAL 14 X 19 X 39 CM, FBK 6 MPA (NBR 6136)                                                                                                                                                                                                                                                                                                                                                                                                                                        ","UN    ",4.73]
[34573,"BLOCO DE CONCRETO ESTRUTURAL 14 X 19 X 39 CM, FBK 8 MPA (NBR 6136)                                                                                                                                                                                                                                                                                                                                                                                                                                        ","UN    ",4.97]
[37107,"BLOCO DE CONCRETO ESTRUTURAL 14 X 19 X 39, FCK 16 MPA (NBR 6136)                                                                                                                                                                                                                                                                                                                                                                                                                                          ","UN    ",6.57]
[34576,"BLOCO DE CONCRETO ESTRUTURAL 19 X 19 X 39 CM, FBK 10 MPA (NBR 6136)                                                                                                                                                                                                                                                                                                                                                                                                                                       ","UN    ",7.25]
[34577,"BLOCO DE CONCRETO ESTRUTURAL 19 X 19 X 39 CM, FBK 12 MPA (NBR 6136)                                                                                                                                                                                                                                                                                                                                                                                                                                       ","UN    ",7.56]
[34578,"BLOCO DE CONCRETO ESTRUTURAL 19 X 19 X 39 CM, FBK 14 MPA (NBR 6136)                                                                                                                                                                                                                                                                                                                                                                                                                                       ","UN    ",8.2]
[34579,"BLOCO DE CONCRETO ESTRUTURAL 19 X 19 X 39 CM, FBK 16 MPA (NBR 6136)                                                                                                                                                                                                                                                                                                                                                                                                                                       ","UN    ",8.74]
[25067,"BLOCO DE CONCRETO ESTRUTURAL 19 X 19 X 39 CM, FBK 4,5 MPA (NBR 6136)                                                                                                                                                                                                                                                                                                                                                                                                                                      ","UN    ",5.85]
[34580,"BLOCO DE CONCRETO ESTRUTURAL 19 X 19 X 39 CM, FBK 8 MPA (NBR 6136)                                                                                                                                                                                                                                                                                                                                                                                                                                        ","UN    ",6.53]
[25071,"BLOCO DE CONCRETO ESTRUTURAL 9 X 19 X 39 CM, FBK 4,5 MPA (NBR 6136)                                                                                                                                                                                                                                                                                                                                                                                                                                       ","UN    ",3.25]
[44171,"BLOCO DE ENGATE RAPIDO PARA BASTIDOR TIPO M10                                                                                                                                                                                                                                                                                                                                                                                                                                                             ","UN    ",19]
[38395,"BLOCO DE ESPUMA MULTIUSO *23 X 13 X 8* CM                                                                                                                                                                                                                                                                                                                                                                                                                                                                 ","UN    ",9.91]
[34583,"BLOCO DE GESSO COMPACTO / MACICO, BRANCO, E = 10 CM, DIMENSOES *67 X 50* CM                                                                                                                                                                                                                                                                                                                                                                                                                               ","M2    ",69.94]
[34584,"BLOCO DE GESSO VAZADO, BRANCO, E = *7* CM, DIMENSOES *67 X 50* CM                                                                                                                                                                                                                                                                                                                                                                                                                                         ","M2    ",51.29]
[709,"BLOCO DE POLIETILENO ALTA DENSIDADE, *27* X *30* X *100* CM, ACOMPANHADOS PLACAS  TERMINAIS  E LONGARINAS, PARA FUNDO DE FILTRO                                                                                                                                                                                                                                                                                                                                                                           ","M2    ",740.74]
[34599,"BLOCO DE VEDACAO CONCRETO APARENTE 9 X 19 X 39 CM (CLASSE C - NBR 6136)                                                                                                                                                                                                                                                                                                                                                                                                                                   ","UN    ",3.34]
[34592,"BLOCO DE VEDACAO CONCRETO 14 X 19 X 29 CM (CLASSE C - NBR 6136)                                                                                                                                                                                                                                                                                                                                                                                                                                           ","UN    ",3.72]
[37103,"BLOCO DE VEDACAO DE CONCRETO APARENTE 14 X 19 X 39 CM (CLASSE C - NBR 6136)                                                                                                                                                                                                                                                                                                                                                                                                                               ","UN    ",4.26]
[34555,"BLOCO DE VEDACAO DE CONCRETO APARENTE 19 X 19 X 39 CM  (CLASSE C - NBR 6136)                                                                                                                                                                                                                                                                                                                                                                                                                              ","UN    ",5.41]
[674,"BLOCO DE VEDACAO DE CONCRETO CELULAR AUTOCLAVADO 10 X 30 X 60 CM (E X A X C)                                                                                                                                                                                                                                                                                                                                                                                                                              ","M2    ",85]
[34600,"BLOCO DE VEDACAO DE CONCRETO CELULAR AUTOCLAVADO 15 X 30 X 60 CM (E X A X C)                                                                                                                                                                                                                                                                                                                                                                                                                              ","M2    ",124.85]
[652,"BLOCO DE VEDACAO DE CONCRETO CELULAR AUTOCLAVADO 20 X 30 X 60 CM (E X A X C)                                                                                                                                                                                                                                                                                                                                                                                                                              ","M2    ",191.25]
[651,"BLOCO DE VEDACAO DE CONCRETO 14 X 19 X 39 CM (CLASSE C - NBR 6136)                                                                                                                                                                                                                                                                                                                                                                                                                                        ","UN    ",4.1]
[654,"BLOCO DE VEDACAO DE CONCRETO 19 X 19 X 39 CM (CLASSE C - NBR 6136)                                                                                                                                                                                                                                                                                                                                                                                                                                        ","UN    ",5.08]
[650,"BLOCO DE VEDACAO DE CONCRETO, 9 X 19 X 39 CM (CLASSE C - NBR 6136)                                                                                                                                                                                                                                                                                                                                                                                                                                        ","UN    ",3.28]
[718,"BLOCO DE VIDRO / ELEMENTO VAZADO, INCOLOR, VENEZIANA, *20 X 20 X 6* CM (A X L X E)                                                                                                                                                                                                                                                                                                                                                                                                                        ","UN    ",30.83]
[11981,"BLOCO DE VIDRO / ELEMENTO VAZADO, INCOLOR, VENEZIANA, DE *20 X 10 X 8* CM (A X L X E)                                                                                                                                                                                                                                                                                                                                                                                                                     ","UN    ",29.95]
[34586,"BLOCO ESTRUTURAL CERAMICO 14 X 19 X 29 CM, 6,0 MPA (NBR 15270)                                                                                                                                                                                                                                                                                                                                                                                                                                            ","UN    ",2.66]
[38603,"BLOCO ESTRUTURAL CERAMICO 14 X 19 X 34 CM, 6,0 MPA (NBR 15270)                                                                                                                                                                                                                                                                                                                                                                                                                                            ","UN    ",3.23]
[34588,"BLOCO ESTRUTURAL CERAMICO 14 X 19 X 39 CM, 6,0 MPA (NBR 15270)                                                                                                                                                                                                                                                                                                                                                                                                                                            ","UN    ",3.48]
[34590,"BLOCO ESTRUTURAL CERAMICO 19 X 19 X 29 CM, 6,0 MPA (NBR 15270)                                                                                                                                                                                                                                                                                                                                                                                                                                            ","UN    ",3.18]
[34591,"BLOCO ESTRUTURAL CERAMICO 19 X 19 X 39 CM, 6,0 MPA (NBR 15270)                                                                                                                                                                                                                                                                                                                                                                                                                                            ","UN    ",4.31]
[40517,"BLOQUETE/PISO DE CONCRETO - MODELO BLOCO PISOGRAMA/CONCREGRAMA 2 FUROS, DIMENSOES APROX. DE 35 CM X 15 CM E ESPESSURA DE 7 CM (+/- 1 CM), COR NATURAL                                                                                                                                                                                                                                                                                                                                                     ","M2    ",71.31]
[40515,"BLOQUETE/PISO DE CONCRETO - MODELO PISOGRAMA/CONCREGRAMA/PAVI-GRADE/GRAMEIRO, DIMENSOES APROXIMADAS DE 60 CM X 45 CM E ESPESSURA DE 8 CM (+/- 1 CM), COR NATURAL                                                                                                                                                                                                                                                                                                                                          ","M2    ",160.45]
[40529,"BLOQUETE/PISO INTERTRAVADO DE CONCRETO - MODELO ONDA/16 FACES/RETANGULAR/TIJOLINHO/PAVER/HOLANDES/PARALELEPIPEDO, *22 CM X *11 CM, E = 10 CM, RESISTENCIA DE 50 MPA (NBR 9781), COR NATURAL                                                                                                                                                                                                                                                                                                               ","M2    ",102.51]
[36170,"BLOQUETE/PISO INTERTRAVADO DE CONCRETO - MODELO ONDA/16 FACES/RETANGULAR/TIJOLINHO/PAVER/HOLANDES/PARALELEPIPEDO, *22 CM X 11* CM, E = 8 CM, RESISTENCIA DE 35 MPA (NBR 9781), COR NATURAL                                                                                                                                                                                                                                                                                                                ","M2    ",85.05]
[40524,"BLOQUETE/PISO INTERTRAVADO DE CONCRETO - MODELO ONDA/16 FACES/RETANGULAR/TIJOLINHO/PAVER/HOLANDES/PARALELEPIPEDO, 20 CM X 10 CM, E = 10 CM, RESISTENCIA DE 35 MPA (NBR 9781), COR NATURAL                                                                                                                                                                                                                                                                                                                 ","M2    ",100.28]
[36156,"BLOQUETE/PISO INTERTRAVADO DE CONCRETO - MODELO ONDA/16 FACES/RETANGULAR/TIJOLINHO/PAVER/HOLANDES/PARALELEPIPEDO, 20 CM X 10 CM, E = 6 CM, RESISTENCIA DE 35 MPA (NBR 9781), COLORIDO                                                                                                                                                                                                                                                                                                                     ","M2    ",77.99]
[36155,"BLOQUETE/PISO INTERTRAVADO DE CONCRETO - MODELO ONDA/16 FACES/RETANGULAR/TIJOLINHO/PAVER/HOLANDES/PARALELEPIPEDO, 20 CM X 10 CM, E = 6 CM, RESISTENCIA DE 35 MPA (NBR 9781), COR NATURAL                                                                                                                                                                                                                                                                                                                  ","M2    ",67.33]
[36154,"BLOQUETE/PISO INTERTRAVADO DE CONCRETO - MODELO ONDA/16 FACES/RETANGULAR/TIJOLINHO/PAVER/HOLANDES/PARALELEPIPEDO, 20 CM X 10 CM, E = 8 CM, RESISTENCIA DE 35 MPA (NBR 9781), COLORIDO                                                                                                                                                                                                                                                                                                                     ","M2    ",93.59]
[695,"BLOQUETE/PISO INTERTRAVADO DE CONCRETO - MODELO RAQUETE, *22 CM X 13,5* CM, E = 6 CM, RESISTENCIA DE 35 MPA (NBR 9781), COR NATURAL                                                                                                                                                                                                                                                                                                                                                                       ","M2    ",68.74]
[679,"BLOQUETE/PISO INTERTRAVADO DE CONCRETO - MODELO SEXTAVADO / HEXAGONAL, 25 CM X 25 CM, E = 10 CM, RESISTENCIA DE 35 MPA (NBR 9781), COR NATURAL                                                                                                                                                                                                                                                                                                                                                            ","M2    ",102.51]
[711,"BLOQUETE/PISO INTERTRAVADO DE CONCRETO - MODELO SEXTAVADO / HEXAGONAL, 25 CM X 25 CM, E = 6 CM, RESISTENCIA DE 35 MPA (NBR 9781), COR NATURAL                                                                                                                                                                                                                                                                                                                                                             ","M2    ",67.81]
[712,"BLOQUETE/PISO INTERTRAVADO DE CONCRETO - MODELO SEXTAVADO / HEXAGONAL, 25 CM X 25 CM, E = 8 CM, RESISTENCIA DE 35 MPA (NBR 9781), COR NATURAL                                                                                                                                                                                                                                                                                                                                                             ","M2    ",85.41]
[12614,"BOCAL PVC, PARA CALHA PLUVIAL, DIAMETRO DA SAIDA ENTRE *75 E 120* MM, PARA DRENAGEM PLUVIAL PREDIAL                                                                                                                                                                                                                                                                                                                                                                                                       ","UN    ",52.17]
[6140,"BOLSA DE LIGACAO EM PVC FLEXIVEL PARA VASO SANITARIO 40 MM (1 1/2\")                                                                                                                                                                                                                                                                                                                                                                                                                                       ","UN    ",3.91]
[38399,"BOLSA DE LONA PARA FERRAMENTAS *50 X 35 X 25* CM                                                                                                                                                                                                                                                                                                                                                                                                                                                          ","UN    ",384.95]
[735,"BOMBA CENTRIFUGA  MOTOR ELETRICO TRIFASICO 1,48HP  DIAMETRO DE SUCCAO X ELEVACAO 1\" X 1\", 4 ESTAGIOS, DIAMETRO DOS ROTORES 3 X 107 MM + 1 X 100 MM, HM/Q: 10 M / 5,3 M3/H A 70 M / 1,8 M3/H                                                                                                                                                                                                                                                                                                               ","UN    ",{"v":2201.06,"d":"2,201.06"}]
[736,"BOMBA CENTRIFUGA  MOTOR ELETRICO TRIFASICO 2,96HP, DIAMETRO DE SUCCAO X ELEVACAO 1 1/2\" X 1 1/4\", DIAMETRO DO ROTOR 148 MM, HM/Q: 34 M / 14,80 M3/H A 40 M / 8,60 M3/H                                                                                                                                                                                                                                                                                                                                    ","UN    ",{"v":1850.7,"d":"1,850.70"}]
[729,"BOMBA CENTRIFUGA COM MOTOR ELETRICO MONOFASICO, POTENCIA 0,33 HP,  BOCAIS 1\" X 3/4\", DIAMETRO DO ROTOR 99 MM, HM/Q = 4 MCA / 8,5 M3/H A 18 MCA / 0,90 M3/H                                                                                                                                                                                                                                                                                                                                                ","UN    ",754.18]
[39925,"BOMBA CENTRIFUGA MONOESTAGIO COM MOTOR ELETRICO MONOFASICO, POTENCIA 15 HP,  DIAMETRO DO ROTOR *173* MM, HM/Q = *30* MCA / *90* M3/H A *45* MCA / *55* M3/H                                                                                                                                                                                                                                                                                                                                               ","UN    ",{"v":10897.83,"d":"10,897.83"}]
[731,"BOMBA CENTRIFUGA MOTOR ELETRICO MONOFASICO 0,49 HP  BOCAIS 1\" X 3/4\", DIAMETRO DO ROTOR 110 MM, HM/Q: 6 M / 8,3 M3/H A 20 M / 1,2 M3/H                                                                                                                                                                                                                                                                                                                                                                    ","UN    ",734]
[10575,"BOMBA CENTRIFUGA MOTOR ELETRICO MONOFASICO 0,50 CV DIAMETRO DE SUCCAO X ELEVACAO 3/4\" X 3/4\", MONOESTAGIO, DIAMETRO DOS ROTORES 114 MM, HM/Q: 2 M / 2,99 M3/H A 24 M / 0,71 M3/H                                                                                                                                                                                                                                                                                                                          ","UN    ",{"v":1145.46,"d":"1,145.46"}]
[733,"BOMBA CENTRIFUGA MOTOR ELETRICO MONOFASICO 0,74HP  DIAMETRO DE SUCCAO X ELEVACAO 1 1/4\" X 1\", DIAMETRO DO ROTOR 120 MM, HM/Q: 8 M / 7,70 M3/H A 24 M / 2,80 M3/H                                                                                                                                                                                                                                                                                                                                          ","UN    ",{"v":1254.15,"d":"1,254.15"}]
[732,"BOMBA CENTRIFUGA MOTOR ELETRICO TRIFASICO 0,99HP  DIAMETRO DE SUCCAO X ELEVACAO 1\" X 1\", DIAMETRO DO ROTOR 145 MM, HM/Q: 14 M / 8,4 M3/H A 40 M / 0,60 M3/H                                                                                                                                                                                                                                                                                                                                               ","UN    ",{"v":1237.28,"d":"1,237.28"}]
[737,"BOMBA CENTRIFUGA MOTOR ELETRICO TRIFASICO 14,8 HP, DIAMETRO DE SUCCAO X ELEVACAO 2 1/2\" X 2\", DIAMETRO DO ROTOR 195 MM, HM/Q: 62 M / 55,5 M3/H A 80 M / 31,50 M3/H                                                                                                                                                                                                                                                                                                                                        ","UN    ",{"v":6938.33,"d":"6,938.33"}]
[738,"BOMBA CENTRIFUGA MOTOR ELETRICO TRIFASICO 5HP, DIAMETRO DE SUCCAO X ELEVACAO 2\" X 1 1/2\", DIAMETRO DO ROTOR 155 MM, HM/Q: 40 M / 20,40 M3/H A 46 M / 9,20 M3/H                                                                                                                                                                                                                                                                                                                                            ","UN    ",{"v":3217.25,"d":"3,217.25"}]
[740,"BOMBA CENTRIFUGA MOTOR ELETRICO TRIFASICO 9,86 DIAMETRO DE SUCCAO X ELEVACAO 1\" X 1\", 4 ESTAGIOS, DIAMETRO DOS ROTORES 4 X 146 MM, HM/Q: 85 M / 14,9 M3/H A 140 M / 4,2 M3/H                                                                                                                                                                                                                                                                                                                              ","UN    ",{"v":6527.14,"d":"6,527.14"}]
[734,"BOMBA CENTRIFUGA,  MOTOR ELETRICO TRIFASICO 1,48HP  DIAMETRO DE SUCCAO X ELEVACAO 1 1/2\" X 1\", DIAMETRO DO ROTOR 117 MM, HM/Q: 10 M / 21,9 M3/H A 24 M / 6,1 M3/H                                                                                                                                                                                                                                                                                                                                         ","UN    ",{"v":1326.37,"d":"1,326.37"}]
[39008,"BOMBA DE PROJECAO DE CONCRETO SECO, POTENCIA 10 CV, VAZAO 3 M3/H                                                                                                                                                                                                                                                                                                                                                                                                                                          ","UN    ",{"v":67703.49,"d":"67,703.49"}]
[39009,"BOMBA DE PROJECAO DE CONCRETO SECO, POTENCIA 10 CV, VAZAO 6 M3/H                                                                                                                                                                                                                                                                                                                                                                                                                                          ","UN    ",{"v":72535.9,"d":"72,535.90"}]
[10587,"BOMBA SUBMERSA PARA POCOS TUBULARES PROFUNDOS DIAMETRO DE 4 POLEGADAS, ELETRICA, MONOFASICA, POTENCIA 0,49 HP, 13 ESTAGIOS, BOCAL DE DESCARGA DIAMETRO DE UMA POLEGADA E MEIA, HM/Q = 18 M / 1,90 M3/H A 85 M / 0,60 M3/H                                                                                                                                                                                                                                                                                 ","UN    ",{"v":2985.24,"d":"2,985.24"}]
[759,"BOMBA SUBMERSA PARA POCOS TUBULARES PROFUNDOS DIAMETRO DE 4 POLEGADAS, ELETRICA, TRIFASICA, POTENCIA 1,97 HP, 20 ESTAGIOS, BOCAL DE DESCARGA DIAMETRO DE UMA POLEGADA E MEIA, HM/Q = 18 M / 5,40 M3/H A 164 M / 0,80 M3/H                                                                                                                                                                                                                                                                                 ","UN    ",{"v":4292.18,"d":"4,292.18"}]
[761,"BOMBA SUBMERSA PARA POCOS TUBULARES PROFUNDOS DIAMETRO DE 4 POLEGADAS, ELETRICA, TRIFASICA, POTENCIA 5,42 HP, 15 ESTAGIOS, BOCAL DE DESCARGA DIAMETRO DE 2 POLEGADAS, HM/Q = 18 M / 18,10 M3/H A 121 M / 2,90 M3/H                                                                                                                                                                                                                                                                                        ","UN    ",{"v":7275.61,"d":"7,275.61"}]
[750,"BOMBA SUBMERSA PARA POCOS TUBULARES PROFUNDOS DIAMETRO DE 4 POLEGADAS, ELETRICA, TRIFASICA, POTENCIA 5,42 HP, 29 ESTAGIOS, BOCAL DE DESCARGA DE UMA POLEGADA E MEIA, HM/Q = 18 M / 8,10 M3/H A 201 M / 3,2 M3/H                                                                                                                                                                                                                                                                                           ","UN    ",{"v":6907.61,"d":"6,907.61"}]
[755,"BOMBA SUBMERSA PARA POCOS TUBULARES PROFUNDOS DIAMETRO DE 6 POLEGADAS, ELETRICA, TRIFASICA, POTENCIA 27,12 HP, 7 ESTAGIOS, BOCAL DE DESCARGA DIAMETRO DE 4 POLEGADAS, HM/Q = 13,9 M / 90 M3/H A 44,0 M / 25,0 M3/H                                                                                                                                                                                                                                                                                        ","UN    ",{"v":28345.5,"d":"28,345.50"}]
[749,"BOMBA SUBMERSA PARA POCOS TUBULARES PROFUNDOS DIAMETRO DE 6 POLEGADAS, ELETRICA, TRIFASICA, POTENCIA 3,45 HP, 5 ESTAGIOS, BOCAL DE DESCARGA DIAMETRO DE 2 POLEGADAS, HM/Q = 68,5 M / 6,12 M3/H A 39,5 M / 14,04 M3/H                                                                                                                                                                                                                                                                                      ","UN    ",{"v":10424.95,"d":"10,424.95"}]
[756,"BOMBA SUBMERSA PARA POCOS TUBULARES PROFUNDOS DIAMETRO DE 6 POLEGADAS, ELETRICA, TRIFASICA, POTENCIA 32 HP, 9 ESTAGIOS, BOCAL DE DESCARGA DIAMETRO DE 4 POLEGADAS, HM/Q = 114,0 M / 13,9 M3/H A 57,0 M / 25,0 M3/H                                                                                                                                                                                                                                                                                        ","UN    ",{"v":30914.56,"d":"30,914.56"}]
[757,"BOMBA SUBMERSIVEL,  ELETRICA, TRIFASICA, POTENCIA 6 HP, DIAMETRO DO ROTOR 127 MM, BOCAL DE SAIDA DIAMETRO DE 3 POLEGADAS, HM/Q = 7 M / 66,90 M3/H A 26 M / 2,88 M3/H                                                                                                                                                                                                                                                                                                                                      ","UN    ",{"v":14037.18,"d":"14,037.18"}]
[10588,"BOMBA SUBMERSIVEL, ELETRICA, TRIFASICA, POTENCIA 0,98 HP, DIAMETRO DO ROTOR 142 MM SEMIABERTO, BOCAL DE SAIDA DIAMETRO DE 2 POLEGADAS, HM/Q = 2 M / 32 M3/H A 8 M / 16 M3/H                                                                                                                                                                                                                                                                                                                               ","UN    ",{"v":3099.06,"d":"3,099.06"}]
[10592,"BOMBA SUBMERSIVEL, ELETRICA, TRIFASICA, POTENCIA 0,99 HP, DIAMETRO ROTOR 98 MM SEMIABERTO, BOCAL DE SAIDA DIAMETRO 2 POLEGADAS, HM/Q = 2 M / 28,90 M3/H A 14 M / 7 M3/H                                                                                                                                                                                                                                                                                                                                   ","UN    ",{"v":3743.25,"d":"3,743.25"}]
[10589,"BOMBA SUBMERSIVEL, ELETRICA, TRIFASICA, POTENCIA 1,97 HP, DIAMETRO DO ROTOR 144 MM SEMIABERTO, BOCAL DE SAIDA DIAMETRO DE 2 POLEGADAS, HM/Q = 2 M / 26,8 M3/H A 28 M / 4,6 M3/H                                                                                                                                                                                                                                                                                                                           ","UN    ",{"v":5028.82,"d":"5,028.82"}]
[760,"BOMBA SUBMERSIVEL, ELETRICA, TRIFASICA, POTENCIA 13 HP, DIAMETRO DO ROTOR 170 MM, BOCAL DE SAIDA DIAMETRO DE 3 POLEGADAS, HM/Q = 11 M / 68,40 M3/H A 72 M / 3,6 M3/H                                                                                                                                                                                                                                                                                                                                      ","UN    ",{"v":28074.37,"d":"28,074.37"}]
[751,"BOMBA SUBMERSIVEL, ELETRICA, TRIFASICA, POTENCIA 2,96 HP, DIAMETRO DO ROTOR 144 MM SEMIABERTO, BOCAL DE SAIDA DIAMETRO DE DUAS POLEGADAS, HM/Q = 2 M / 38,8 M3/H A 28 M / 5 M3/H                                                                                                                                                                                                                                                                                                                          ","UN    ",{"v":4421.71,"d":"4,421.71"}]
[754,"BOMBA SUBMERSIVEL, ELETRICA, TRIFASICA, POTENCIA 3,75 HP, DIAMETRO DO ROTOR 90 MM SEMIABERTO, BOCAL DE SAIDA DIAMETRO DE 2 POLEGADAS, HM/Q = 5 M / 61,2 M3/H A 25,5 M / 3,6 M3/H                                                                                                                                                                                                                                                                                                                          ","UN    ",{"v":7018.59,"d":"7,018.59"}]
[44489,"BOMBA TRIPLEX COM MOTOR A DIESEL, NACIONAL, DIAMETRO DE SUCCAO DE 2  1/2''                                                                                                                                                                                                                                                                                                                                                                                                                                ","UN    ",{"v":187488.81,"d":"187,488.81"}]
[39917,"BOMBA TRIPLEX, PARA INJECAO DE CALDA DE CIMENTO, VAZAO MAXIMA DE *100* LITROS/MINUTO, PRESSAO MAXIMA DE *70* BAR, POTENCIA DE 15 CV                                                                                                                                                                                                                                                                                                                                                                       ","UN    ",{"v":103997.45,"d":"103,997.45"}]
[38167,"BORBOLETA PARA JANELA TIPO GUILHOTINA, EM ZAMAC CROMADO                                                                                                                                                                                                                                                                                                                                                                                                                                                   ","PAR   ",31.22]
[36145,"BOTA DE PVC PRETA, CANO MEDIO, SEM FORRO                                                                                                                                                                                                                                                                                                                                                                                                                                                                  ","PAR   ",50.74]
[12893,"BOTA DE SEGURANCA COM BIQUEIRA DE ACO E COLARINHO ACOLCHOADO                                                                                                                                                                                                                                                                                                                                                                                                                                              ","PAR   ",84.57]
[11685,"BRACO / CANO PARA CHUVEIRO ELETRICO, EM ALUMINIO, 30 CM X 1/2 \"                                                                                                                                                                                                                                                                                                                                                                                                                                           ","UN    ",31.04]
[11680,"BRACO OU HASTE COM CANOPLA PLASTICA, 1/2 \", PARA CHUVEIRO SIMPLES                                                                                                                                                                                                                                                                                                                                                                                                                                         ","UN    ",17.27]
[11679,"BRACO OU HASTE RETA COM CANOPLA PLASTICA, 1/2 \", PARA CHUVEIRO ELETRICO                                                                                                                                                                                                                                                                                                                                                                                                                                   ","UN    ",23.41]
[2512,"BRACO P/ LUMINARIA PUBLICA 1 X 1,50M ROMAGNOLE OU EQUIV                                                                                                                                                                                                                                                                                                                                                                                                                                                   ","UN    ",40.95]
[4374,"BUCHA DE NYLON SEM ABA S10                                                                                                                                                                                                                                                                                                                                                                                                                                                                                ","UN    ",0.37]
[7568,"BUCHA DE NYLON SEM ABA S10, COM PARAFUSO DE 6,10 X 65 MM EM ACO ZINCADO COM ROSCA SOBERBA, CABECA CHATA E FENDA PHILLIPS                                                                                                                                                                                                                                                                                                                                                                                  ","UN    ",0.61]
[7584,"BUCHA DE NYLON SEM ABA S12, COM PARAFUSO DE 5/16\" X 80 MM EM ACO ZINCADO COM ROSCA SOBERBA E CABECA SEXTAVADA                                                                                                                                                                                                                                                                                                                                                                                             ","UN    ",0.93]
[11945,"BUCHA DE NYLON SEM ABA S4                                                                                                                                                                                                                                                                                                                                                                                                                                                                                 ","UN    ",0.06]
[11946,"BUCHA DE NYLON SEM ABA S5                                                                                                                                                                                                                                                                                                                                                                                                                                                                                 ","UN    ",0.06]
[4375,"BUCHA DE NYLON SEM ABA S6                                                                                                                                                                                                                                                                                                                                                                                                                                                                                 ","UN    ",0.1]
[11950,"BUCHA DE NYLON SEM ABA S6, COM PARAFUSO DE 4,20 X 40 MM EM ACO ZINCADO COM ROSCA SOBERBA, CABECA CHATA E FENDA PHILLIPS                                                                                                                                                                                                                                                                                                                                                                                   ","UN    ",0.2]
[4376,"BUCHA DE NYLON SEM ABA S8                                                                                                                                                                                                                                                                                                                                                                                                                                                                                 ","UN    ",0.19]
[7583,"BUCHA DE NYLON SEM ABA S8, COM PARAFUSO DE 4,80 X 50 MM EM ACO ZINCADO COM ROSCA SOBERBA, CABECA CHATA E FENDA PHILLIPS                                                                                                                                                                                                                                                                                                                                                                                   ","UN    ",0.41]
[4350,"BUCHA DE NYLON, DIAMETRO DO FURO 8 MM, COMPRIMENTO 40 MM, COM PARAFUSO DE ROSCA SOBERBA, CABECA CHATA, FENDA SIMPLES, 4,8 X 50 MM                                                                                                                                                                                                                                                                                                                                                                         ","UN    ",0.63]
[44400,"BUCHA DE REDUCAO CPVC, SOLDAVEL, 54 X 28 MM, PARA AGUA QUENTE                                                                                                                                                                                                                                                                                                                                                                                                                                             ","UN    ",30.16]
[39886,"BUCHA DE REDUCAO DE COBRE (REF 600-2) SEM ANEL DE SOLDA, PONTA X BOLSA, 22 X 15 MM                                                                                                                                                                                                                                                                                                                                                                                                                        ","UN    ",5.6]
[39887,"BUCHA DE REDUCAO DE COBRE (REF 600-2) SEM ANEL DE SOLDA, PONTA X BOLSA, 28 X 22 MM                                                                                                                                                                                                                                                                                                                                                                                                                        ","UN    ",8.4]
[39888,"BUCHA DE REDUCAO DE COBRE (REF 600-2) SEM ANEL DE SOLDA, PONTA X BOLSA, 35 X 28 MM                                                                                                                                                                                                                                                                                                                                                                                                                        ","UN    ",19.21]
[39890,"BUCHA DE REDUCAO DE COBRE (REF 600-2) SEM ANEL DE SOLDA, PONTA X BOLSA, 42 X 35 MM                                                                                                                                                                                                                                                                                                                                                                                                                        ","UN    ",32.78]
[39891,"BUCHA DE REDUCAO DE COBRE (REF 600-2) SEM ANEL DE SOLDA, PONTA X BOLSA, 54 X 42 MM                                                                                                                                                                                                                                                                                                                                                                                                                        ","UN    ",46.22]
[39892,"BUCHA DE REDUCAO DE COBRE (REF 600-2) SEM ANEL DE SOLDA, PONTA X BOLSA, 66 X 54 MM                                                                                                                                                                                                                                                                                                                                                                                                                        ","UN    ",144.09]
[790,"BUCHA DE REDUCAO DE FERRO GALVANIZADO, COM ROSCA BSP, DE 1 1/2\" X 1 1/4\"                                                                                                                                                                                                                                                                                                                                                                                                                                  ","UN    ",16.8]
[766,"BUCHA DE REDUCAO DE FERRO GALVANIZADO, COM ROSCA BSP, DE 1 1/2\" X 1/2\"                                                                                                                                                                                                                                                                                                                                                                                                                                    ","UN    ",16.8]
[791,"BUCHA DE REDUCAO DE FERRO GALVANIZADO, COM ROSCA BSP, DE 1 1/2\" X 1\"                                                                                                                                                                                                                                                                                                                                                                                                                                      ","UN    ",16.8]
[767,"BUCHA DE REDUCAO DE FERRO GALVANIZADO, COM ROSCA BSP, DE 1 1/2\" X 3/4\"                                                                                                                                                                                                                                                                                                                                                                                                                                    ","UN    ",16.8]
[768,"BUCHA DE REDUCAO DE FERRO GALVANIZADO, COM ROSCA BSP, DE 1 1/4\" X 1/2\"                                                                                                                                                                                                                                                                                                                                                                                                                                    ","UN    ",13.19]
[789,"BUCHA DE REDUCAO DE FERRO GALVANIZADO, COM ROSCA BSP, DE 1 1/4\" X 1\"                                                                                                                                                                                                                                                                                                                                                                                                                                      ","UN    ",12.91]
[769,"BUCHA DE REDUCAO DE FERRO GALVANIZADO, COM ROSCA BSP, DE 1 1/4\" X 3/4\"                                                                                                                                                                                                                                                                                                                                                                                                                                    ","UN    ",13.19]
[770,"BUCHA DE REDUCAO DE FERRO GALVANIZADO, COM ROSCA BSP, DE 1/2\" X 1/4\"                                                                                                                                                                                                                                                                                                                                                                                                                                      ","UN    ",4.65]
[12394,"BUCHA DE REDUCAO DE FERRO GALVANIZADO, COM ROSCA BSP, DE 1/2\" X 3/8\"                                                                                                                                                                                                                                                                                                                                                                                                                                      ","UN    ",4.65]
[764,"BUCHA DE REDUCAO DE FERRO GALVANIZADO, COM ROSCA BSP, DE 1\" X 1/2\"                                                                                                                                                                                                                                                                                                                                                                                                                                        ","UN    ",8.12]
[765,"BUCHA DE REDUCAO DE FERRO GALVANIZADO, COM ROSCA BSP, DE 1\" X 3/4\"                                                                                                                                                                                                                                                                                                                                                                                                                                        ","UN    ",8.12]
[787,"BUCHA DE REDUCAO DE FERRO GALVANIZADO, COM ROSCA BSP, DE 2 1/2\" X 1 1/2\"                                                                                                                                                                                                                                                                                                                                                                                                                                  ","UN    ",36.27]
[774,"BUCHA DE REDUCAO DE FERRO GALVANIZADO, COM ROSCA BSP, DE 2 1/2\" X 1 1/4\"                                                                                                                                                                                                                                                                                                                                                                                                                                  ","UN    ",36.27]
[773,"BUCHA DE REDUCAO DE FERRO GALVANIZADO, COM ROSCA BSP, DE 2 1/2\" X 1\"                                                                                                                                                                                                                                                                                                                                                                                                                                      ","UN    ",36.27]
[775,"BUCHA DE REDUCAO DE FERRO GALVANIZADO, COM ROSCA BSP, DE 2 1/2\" X 2\"                                                                                                                                                                                                                                                                                                                                                                                                                                      ","UN    ",36.27]
[788,"BUCHA DE REDUCAO DE FERRO GALVANIZADO, COM ROSCA BSP, DE 2\" X 1 1/2\"                                                                                                                                                                                                                                                                                                                                                                                                                                      ","UN    ",22.54]
[772,"BUCHA DE REDUCAO DE FERRO GALVANIZADO, COM ROSCA BSP, DE 2\" X 1 1/4\"                                                                                                                                                                                                                                                                                                                                                                                                                                      ","UN    ",22.54]
[771,"BUCHA DE REDUCAO DE FERRO GALVANIZADO, COM ROSCA BSP, DE 2\" X 1\"                                                                                                                                                                                                                                                                                                                                                                                                                                          ","UN    ",22.54]
[779,"BUCHA DE REDUCAO DE FERRO GALVANIZADO, COM ROSCA BSP, DE 3/4\" X 1/2\"                                                                                                                                                                                                                                                                                                                                                                                                                                      ","UN    ",5.6]
[776,"BUCHA DE REDUCAO DE FERRO GALVANIZADO, COM ROSCA BSP, DE 3\" X 1 1/2\"                                                                                                                                                                                                                                                                                                                                                                                                                                      ","UN    ",53.47]
[777,"BUCHA DE REDUCAO DE FERRO GALVANIZADO, COM ROSCA BSP, DE 3\" X 1 1/4\"                                                                                                                                                                                                                                                                                                                                                                                                                                      ","UN    ",51.98]
[780,"BUCHA DE REDUCAO DE FERRO GALVANIZADO, COM ROSCA BSP, DE 3\" X 2 1/2\"                                                                                                                                                                                                                                                                                                                                                                                                                                      ","UN    ",52.24]
[778,"BUCHA DE REDUCAO DE FERRO GALVANIZADO, COM ROSCA BSP, DE 3\" X 2\"                                                                                                                                                                                                                                                                                                                                                                                                                                          ","UN    ",53.47]
[781,"BUCHA DE REDUCAO DE FERRO GALVANIZADO, COM ROSCA BSP, DE 4\" X 2 1/2\"                                                                                                                                                                                                                                                                                                                                                                                                                                      ","UN    ",98.79]
[786,"BUCHA DE REDUCAO DE FERRO GALVANIZADO, COM ROSCA BSP, DE 4\" X 2\"                                                                                                                                                                                                                                                                                                                                                                                                                                          ","UN    ",98.79]
[782,"BUCHA DE REDUCAO DE FERRO GALVANIZADO, COM ROSCA BSP, DE 4\" X 3\"                                                                                                                                                                                                                                                                                                                                                                                                                                          ","UN    ",98.79]
[783,"BUCHA DE REDUCAO DE FERRO GALVANIZADO, COM ROSCA BSP, DE 5\" X 4\"                                                                                                                                                                                                                                                                                                                                                                                                                                          ","UN    ",270.38]
[785,"BUCHA DE REDUCAO DE FERRO GALVANIZADO, COM ROSCA BSP, DE 6\" X 4\"                                                                                                                                                                                                                                                                                                                                                                                                                                          ","UN    ",285.69]
[784,"BUCHA DE REDUCAO DE FERRO GALVANIZADO, COM ROSCA BSP, DE 6\" X 5\"                                                                                                                                                                                                                                                                                                                                                                                                                                          ","UN    ",306.47]
[828,"BUCHA DE REDUCAO DE PVC, SOLDAVEL, CURTA, COM 25 X 20 MM, PARA AGUA FRIA PREDIAL                                                                                                                                                                                                                                                                                                                                                                                                                          ","UN    ",0.56]
[829,"BUCHA DE REDUCAO DE PVC, SOLDAVEL, CURTA, COM 32 X 25 MM, PARA AGUA FRIA PREDIAL                                                                                                                                                                                                                                                                                                                                                                                                                          ","UN    ",0.91]
[812,"BUCHA DE REDUCAO DE PVC, SOLDAVEL, CURTA, COM 40 X 32 MM, PARA AGUA FRIA PREDIAL                                                                                                                                                                                                                                                                                                                                                                                                                          ","UN    ",2]
[819,"BUCHA DE REDUCAO DE PVC, SOLDAVEL, CURTA, COM 50 X 40 MM, PARA AGUA FRIA PREDIAL                                                                                                                                                                                                                                                                                                                                                                                                                          ","UN    ",3.47]
[818,"BUCHA DE REDUCAO DE PVC, SOLDAVEL, CURTA, COM 60 X 50 MM, PARA AGUA FRIA PREDIAL                                                                                                                                                                                                                                                                                                                                                                                                                          ","UN    ",6.48]
[832,"BUCHA DE REDUCAO DE PVC, SOLDAVEL, LONGA, COM 32 X 20 MM, PARA AGUA FRIA PREDIAL                                                                                                                                                                                                                                                                                                                                                                                                                          ","UN    ",2.68]
[834,"BUCHA DE REDUCAO DE PVC, SOLDAVEL, LONGA, COM 40 X 25 MM, PARA AGUA FRIA PREDIAL                                                                                                                                                                                                                                                                                                                                                                                                                          ","UN    ",3.47]
[813,"BUCHA DE REDUCAO DE PVC, SOLDAVEL, LONGA, COM 50 X 25 MM, PARA AGUA FRIA PREDIAL                                                                                                                                                                                                                                                                                                                                                                                                                          ","UN    ",4.03]
[820,"BUCHA DE REDUCAO DE PVC, SOLDAVEL, LONGA, COM 50 X 32 MM, PARA AGUA FRIA PREDIAL                                                                                                                                                                                                                                                                                                                                                                                                                          ","UN    ",5.43]
[816,"BUCHA DE REDUCAO DE PVC, SOLDAVEL, LONGA, COM 60 X 25 MM, PARA AGUA FRIA PREDIAL                                                                                                                                                                                                                                                                                                                                                                                                                          ","UN    ",9.68]
[814,"BUCHA DE REDUCAO DE PVC, SOLDAVEL, LONGA, COM 60 X 32 MM, PARA AGUA FRIA PREDIAL                                                                                                                                                                                                                                                                                                                                                                                                                          ","UN    ",12.02]
[822,"BUCHA DE REDUCAO DE PVC, SOLDAVEL, LONGA, COM 60 X 50 MM, PARA AGUA FRIA PREDIAL                                                                                                                                                                                                                                                                                                                                                                                                                          ","UN    ",15.69]
[821,"BUCHA DE REDUCAO DE PVC, SOLDAVEL, LONGA, COM 75 X 50 MM, PARA AGUA FRIA PREDIAL                                                                                                                                                                                                                                                                                                                                                                                                                          ","UN    ",17.95]
[20086,"BUCHA DE REDUCAO DE PVC, SOLDAVEL, LONGA, 50 X 40 MM, PARA ESGOTO PREDIAL                                                                                                                                                                                                                                                                                                                                                                                                                                 ","UN    ",2.98]
[39191,"BUCHA DE REDUCAO EM ALUMINIO, COM ROSCA, DE 1 1/2\" X 1 1/4\", PARA ELETRODUTO                                                                                                                                                                                                                                                                                                                                                                                                                              ","UN    ",17.49]
[39190,"BUCHA DE REDUCAO EM ALUMINIO, COM ROSCA, DE 1 1/2\" X 1\", PARA ELETRODUTO                                                                                                                                                                                                                                                                                                                                                                                                                                  ","UN    ",18.27]
[39189,"BUCHA DE REDUCAO EM ALUMINIO, COM ROSCA, DE 1 1/2\" X 3/4\", PARA ELETRODUTO                                                                                                                                                                                                                                                                                                                                                                                                                                ","UN    ",19.34]
[39186,"BUCHA DE REDUCAO EM ALUMINIO, COM ROSCA, DE 1 1/4\" X 1/2\", PARA ELETRODUTO                                                                                                                                                                                                                                                                                                                                                                                                                                ","UN    ",17.3]
[39188,"BUCHA DE REDUCAO EM ALUMINIO, COM ROSCA, DE 1 1/4\" X 1\", PARA ELETRODUTO                                                                                                                                                                                                                                                                                                                                                                                                                                  ","UN    ",14.23]
[39187,"BUCHA DE REDUCAO EM ALUMINIO, COM ROSCA, DE 1 1/4\" X 3/4\", PARA ELETRODUTO                                                                                                                                                                                                                                                                                                                                                                                                                                ","UN    ",14.92]
[39184,"BUCHA DE REDUCAO EM ALUMINIO, COM ROSCA, DE 1\" X 1/2\", PARA ELETRODUTO                                                                                                                                                                                                                                                                                                                                                                                                                                    ","UN    ",5.61]
[39185,"BUCHA DE REDUCAO EM ALUMINIO, COM ROSCA, DE 1\" X 3/4\", PARA ELETRODUTO                                                                                                                                                                                                                                                                                                                                                                                                                                    ","UN    ",5.12]
[39198,"BUCHA DE REDUCAO EM ALUMINIO, COM ROSCA, DE 2 1/2\" X 1 1/2\", PARA ELETRODUTO                                                                                                                                                                                                                                                                                                                                                                                                                              ","UN    ",57.38]
[39197,"BUCHA DE REDUCAO EM ALUMINIO, COM ROSCA, DE 2 1/2\" X 1 1/4\", PARA ELETRODUTO                                                                                                                                                                                                                                                                                                                                                                                                                              ","UN    ",59.94]
[39196,"BUCHA DE REDUCAO EM ALUMINIO, COM ROSCA, DE 2 1/2\" X 1\", PARA ELETRODUTO                                                                                                                                                                                                                                                                                                                                                                                                                                  ","UN    ",61.82]
[39199,"BUCHA DE REDUCAO EM ALUMINIO, COM ROSCA, DE 2 1/2\" X 2\", PARA ELETRODUTO                                                                                                                                                                                                                                                                                                                                                                                                                                  ","UN    ",55.22]
[39195,"BUCHA DE REDUCAO EM ALUMINIO, COM ROSCA, DE 2\" X 1 1/2\", PARA ELETRODUTO                                                                                                                                                                                                                                                                                                                                                                                                                                  ","UN    ",31.87]
[39194,"BUCHA DE REDUCAO EM ALUMINIO, COM ROSCA, DE 2\" X 1 1/4\", PARA ELETRODUTO                                                                                                                                                                                                                                                                                                                                                                                                                                  ","UN    ",34.11]
[39193,"BUCHA DE REDUCAO EM ALUMINIO, COM ROSCA, DE 2\" X 1\", PARA ELETRODUTO                                                                                                                                                                                                                                                                                                                                                                                                                                      ","UN    ",37.38]
[39192,"BUCHA DE REDUCAO EM ALUMINIO, COM ROSCA, DE 2\" X 3/4\", PARA ELETRODUTO                                                                                                                                                                                                                                                                                                                                                                                                                                    ","UN    ",38.89]
[39920,"BUCHA DE REDUCAO EM ALUMINIO, COM ROSCA, DE 3/4\" X 1/2\",  PARA ELETRODUTO                                                                                                                                                                                                                                                                                                                                                                                                                                 ","UN    ",4.71]
[39201,"BUCHA DE REDUCAO EM ALUMINIO, COM ROSCA, DE 3\" X 1 1/2\", PARA ELETRODUTO                                                                                                                                                                                                                                                                                                                                                                                                                                  ","UN    ",68.6]
[39200,"BUCHA DE REDUCAO EM ALUMINIO, COM ROSCA, DE 3\" X 1 1/4\", PARA ELETRODUTO                                                                                                                                                                                                                                                                                                                                                                                                                                  ","UN    ",69.15]
[39203,"BUCHA DE REDUCAO EM ALUMINIO, COM ROSCA, DE 3\" X 2 1/2\", PARA ELETRODUTO                                                                                                                                                                                                                                                                                                                                                                                                                                  ","UN    ",55.84]
[39202,"BUCHA DE REDUCAO EM ALUMINIO, COM ROSCA, DE 3\" X 2\", PARA ELETRODUTO                                                                                                                                                                                                                                                                                                                                                                                                                                      ","UN    ",65.59]
[39205,"BUCHA DE REDUCAO EM ALUMINIO, COM ROSCA, DE 4\" X 2 1/2\", PARA ELETRODUTO                                                                                                                                                                                                                                                                                                                                                                                                                                  ","UN    ",109.43]
[39204,"BUCHA DE REDUCAO EM ALUMINIO, COM ROSCA, DE 4\" X 2\", PARA ELETRODUTO                                                                                                                                                                                                                                                                                                                                                                                                                                      ","UN    ",112.08]
[39206,"BUCHA DE REDUCAO EM ALUMINIO, COM ROSCA, DE 4\" X 3\", PARA ELETRODUTO                                                                                                                                                                                                                                                                                                                                                                                                                                      ","UN    ",106.33]
[798,"BUCHA DE REDUCAO PVC ROSCAVEL 3/4\" X 1/2\"                                                                                                                                                                                                                                                                                                                                                                                                                                                                 ","UN    ",1.12]
[797,"BUCHA DE REDUCAO PVC, ROSCAVEL 1 1/2\" X 1\"                                                                                                                                                                                                                                                                                                                                                                                                                                                                ","UN    ",8.12]
[796,"BUCHA DE REDUCAO PVC, ROSCAVEL, 1 1/2\" X 3/4\"                                                                                                                                                                                                                                                                                                                                                                                                                                                             ","UN    ",6.9]
[799,"BUCHA DE REDUCAO PVC, ROSCAVEL, 1\" X 1/2\"                                                                                                                                                                                                                                                                                                                                                                                                                                                                 ","UN    ",3.34]
[792,"BUCHA DE REDUCAO PVC, ROSCAVEL, 1\" X 3/4\"                                                                                                                                                                                                                                                                                                                                                                                                                                                                 ","UN    ",3.23]
[38001,"BUCHA DE REDUCAO, CPVC, SOLDAVEL, 22 X 15 MM, PARA AGUA QUENTE                                                                                                                                                                                                                                                                                                                                                                                                                                            ","UN    ",1.12]
[38002,"BUCHA DE REDUCAO, CPVC, SOLDAVEL, 28 X 22 MM, PARA AGUA QUENTE                                                                                                                                                                                                                                                                                                                                                                                                                                            ","UN    ",3.89]
[38003,"BUCHA DE REDUCAO, CPVC, SOLDAVEL, 35 X 28 MM, PARA AGUA QUENTE                                                                                                                                                                                                                                                                                                                                                                                                                                            ","UN    ",26.59]
[38004,"BUCHA DE REDUCAO, CPVC, SOLDAVEL, 42 X 22 MM, PARA AGUA QUENTE                                                                                                                                                                                                                                                                                                                                                                                                                                            ","UN    ",30.58]
[44263,"BUCHA DE REDUCAO, CPVC, SOLDAVEL, 54 X 35 MM, PARA AGUA QUENTE                                                                                                                                                                                                                                                                                                                                                                                                                                            ","UN    ",54.9]
[36327,"BUCHA DE REDUCAO, PPR, DN 25 X 20 MM, PARA AGUA QUENTE PREDIAL                                                                                                                                                                                                                                                                                                                                                                                                                                            ","UN    ",3.75]
[38992,"BUCHA DE REDUCAO, PPR, DN 32 X 25 MM, PARA AGUA QUENTE E FRIA PREDIAL                                                                                                                                                                                                                                                                                                                                                                                                                                     ","UN    ",4.56]
[38993,"BUCHA DE REDUCAO, PPR, DN 40 X 25 MM, PARA AGUA QUENTE E FRIA PREDIAL                                                                                                                                                                                                                                                                                                                                                                                                                                     ","UN    ",11.85]
[44175,"BUCHA DE REDUCAO, PPR, DN 50 X 25 MM, PARA AGUA QUENTE E FRIA PREDIAL                                                                                                                                                                                                                                                                                                                                                                                                                                     ","UN    ",20.68]
[44177,"BUCHA DE REDUCAO, PPR, DN 50 X 32 MM, PARA AGUA QUENTE E FRIA PREDIAL                                                                                                                                                                                                                                                                                                                                                                                                                                     ","UN    ",15.45]
[38418,"BUCHA DE REDUCAO, PVC, LONGA, SERIE R, DN 50 X 40 MM, PARA ESGOTO PREDIAL                                                                                                                                                                                                                                                                                                                                                                                                                                 ","UN    ",5.13]
[39178,"BUCHA EM ALUMINIO, COM ROSCA, DE  1 1/2\", PARA ELETRODUTO                                                                                                                                                                                                                                                                                                                                                                                                                                                 ","UN    ",1.89]
[39177,"BUCHA EM ALUMINIO, COM ROSCA, DE 1 1/4\", PARA ELETRODUTO                                                                                                                                                                                                                                                                                                                                                                                                                                                  ","UN    ",1.71]
[39174,"BUCHA EM ALUMINIO, COM ROSCA, DE 1/2\", PARA ELETRODUTO                                                                                                                                                                                                                                                                                                                                                                                                                                                    ","UN    ",0.85]
[39176,"BUCHA EM ALUMINIO, COM ROSCA, DE 1\", PARA ELETRODUTO                                                                                                                                                                                                                                                                                                                                                                                                                                                      ","UN    ",1.12]
[39180,"BUCHA EM ALUMINIO, COM ROSCA, DE 2 1/2\", PARA ELETRODUTO                                                                                                                                                                                                                                                                                                                                                                                                                                                  ","UN    ",5.13]
[39179,"BUCHA EM ALUMINIO, COM ROSCA, DE 2\", PARA ELETRODUTO                                                                                                                                                                                                                                                                                                                                                                                                                                                      ","UN    ",4.54]
[39175,"BUCHA EM ALUMINIO, COM ROSCA, DE 3/4\", PARA ELETRODUTO                                                                                                                                                                                                                                                                                                                                                                                                                                                    ","UN    ",1.04]
[39217,"BUCHA EM ALUMINIO, COM ROSCA, DE 3/8\", PARA ELETRODUTO                                                                                                                                                                                                                                                                                                                                                                                                                                                    ","UN    ",0.8]
[39181,"BUCHA EM ALUMINIO, COM ROSCA, DE 3\", PARA ELETRODUTO                                                                                                                                                                                                                                                                                                                                                                                                                                                      ","UN    ",6.89]
[39182,"BUCHA EM ALUMINIO, COM ROSCA, DE 4\", PARA ELETRODUTO                                                                                                                                                                                                                                                                                                                                                                                                                                                      ","UN    ",9.68]
[12616,"CABECEIRA DIREITA OU ESQUERDA, PVC, PARA CALHA PLUVIAL, DIAMETRO ENTRE *119 E 170* MM, PARA DRENAGEM PLUVIAL PREDIAL                                                                                                                                                                                                                                                                                                                                                                                      ","UN    ",15.82]
[1049,"CABECOTE PARA ENTRADA DE LINHA DE ALIMENTACAO PARA ELETRODUTO, EM LIGA DE ALUMINIO COM ACABAMENTO ANTI CORROSIVO, COM FIXACAO POR ENCAIXE LISO DE 360 GRAUS, DE 1 1/2\"                                                                                                                                                                                                                                                                                                                                    ","UN    ",8.1]
[1099,"CABECOTE PARA ENTRADA DE LINHA DE ALIMENTACAO PARA ELETRODUTO, EM LIGA DE ALUMINIO COM ACABAMENTO ANTI CORROSIVO, COM FIXACAO POR ENCAIXE LISO DE 360 GRAUS, DE 1 1/4\"                                                                                                                                                                                                                                                                                                                                    ","UN    ",6.2]
[39678,"CABECOTE PARA ENTRADA DE LINHA DE ALIMENTACAO PARA ELETRODUTO, EM LIGA DE ALUMINIO COM ACABAMENTO ANTI CORROSIVO, COM FIXACAO POR ENCAIXE LISO DE 360 GRAUS, DE 1/2\"                                                                                                                                                                                                                                                                                                                                      ","UN    ",2.5]
[1050,"CABECOTE PARA ENTRADA DE LINHA DE ALIMENTACAO PARA ELETRODUTO, EM LIGA DE ALUMINIO COM ACABAMENTO ANTI CORROSIVO, COM FIXACAO POR ENCAIXE LISO DE 360 GRAUS, DE 1\"                                                                                                                                                                                                                                                                                                                                        ","UN    ",4.24]
[1101,"CABECOTE PARA ENTRADA DE LINHA DE ALIMENTACAO PARA ELETRODUTO, EM LIGA DE ALUMINIO COM ACABAMENTO ANTI CORROSIVO, COM FIXACAO POR ENCAIXE LISO DE 360 GRAUS, DE 2 1/2\"                                                                                                                                                                                                                                                                                                                                    ","UN    ",26.74]
[1100,"CABECOTE PARA ENTRADA DE LINHA DE ALIMENTACAO PARA ELETRODUTO, EM LIGA DE ALUMINIO COM ACABAMENTO ANTI CORROSIVO, COM FIXACAO POR ENCAIXE LISO DE 360 GRAUS, DE 2\"                                                                                                                                                                                                                                                                                                                                        ","UN    ",13.8]
[39679,"CABECOTE PARA ENTRADA DE LINHA DE ALIMENTACAO PARA ELETRODUTO, EM LIGA DE ALUMINIO COM ACABAMENTO ANTI CORROSIVO, COM FIXACAO POR ENCAIXE LISO DE 360 GRAUS, DE 3 1/2\"                                                                                                                                                                                                                                                                                                                                    ","UN    ",53.3]
[1098,"CABECOTE PARA ENTRADA DE LINHA DE ALIMENTACAO PARA ELETRODUTO, EM LIGA DE ALUMINIO COM ACABAMENTO ANTI CORROSIVO, COM FIXACAO POR ENCAIXE LISO DE 360 GRAUS, DE 3/4\"                                                                                                                                                                                                                                                                                                                                      ","UN    ",3.31]
[1102,"CABECOTE PARA ENTRADA DE LINHA DE ALIMENTACAO PARA ELETRODUTO, EM LIGA DE ALUMINIO COM ACABAMENTO ANTI CORROSIVO, COM FIXACAO POR ENCAIXE LISO DE 360 GRAUS, DE 3\"                                                                                                                                                                                                                                                                                                                                        ","UN    ",39.88]
[1051,"CABECOTE PARA ENTRADA DE LINHA DE ALIMENTACAO PARA ELETRODUTO, EM LIGA DE ALUMINIO COM ACABAMENTO ANTI CORROSIVO, COM FIXACAO POR ENCAIXE LISO DE 360 GRAUS, DE 4\"                                                                                                                                                                                                                                                                                                                                        ","UN    ",57.96]
[37399,"CABIDE/GANCHO DE BANHEIRO SIMPLES EM METAL CROMADO                                                                                                                                                                                                                                                                                                                                                                                                                                                        ","UN    ",20.37]
[43834,"CABO COAXIAL RG11 95% DE MALHA                                                                                                                                                                                                                                                                                                                                                                                                                                                                            ","M     ",19.06]
[43835,"CABO COAXIAL RG59 95% DE MALHA                                                                                                                                                                                                                                                                                                                                                                                                                                                                            ","M     ",1.71]
[43833,"CABO COAXIAL RG6 95% DE MALHA                                                                                                                                                                                                                                                                                                                                                                                                                                                                             ","M     ",1.77]
[41955,"CABO DE ACO GALVANIZADO, DIAMETRO 12,7 MM (1/2\"), COM ALMA DE ACO CABO INDEPENDENTE 6 X 25 F                                                                                                                                                                                                                                                                                                                                                                                                              ","KG    ",85.34]
[41953,"CABO DE ACO GALVANIZADO, DIAMETRO 12,7 MM (1/2\"), COM ALMA DE FIBRA 6 X 25 F                                                                                                                                                                                                                                                                                                                                                                                                                              ","KG    ",81.44]
[41954,"CABO DE ACO GALVANIZADO, DIAMETRO 9,53 MM (3/8\"), COM ALMA DE FIBRA 6 X 25 F                                                                                                                                                                                                                                                                                                                                                                                                                              ","KG    ",80.67]
[25004,"CABO DE ALUMINIO NU COM ALMA DE ACO, BITOLA 1/0 AWG                                                                                                                                                                                                                                                                                                                                                                                                                                                       ","KG    ",45.3]
[25002,"CABO DE ALUMINIO NU COM ALMA DE ACO, BITOLA 2 AWG                                                                                                                                                                                                                                                                                                                                                                                                                                                         ","KG    ",45.3]
[37409,"CABO DE ALUMINIO NU COM ALMA DE ACO, BITOLA 2/0 AWG                                                                                                                                                                                                                                                                                                                                                                                                                                                       ","KG    ",45.3]
[841,"CABO DE ALUMINIO NU COM ALMA DE ACO, BITOLA 4 AWG                                                                                                                                                                                                                                                                                                                                                                                                                                                         ","KG    ",45.85]
[25005,"CABO DE ALUMINIO NU SEM ALMA DE ACO, BITOLA 1/0 AWG                                                                                                                                                                                                                                                                                                                                                                                                                                                       ","KG    ",49.71]
[25003,"CABO DE ALUMINIO NU SEM ALMA DE ACO, BITOLA 2 AWG                                                                                                                                                                                                                                                                                                                                                                                                                                                         ","KG    ",50.45]
[37410,"CABO DE ALUMINIO NU SEM ALMA DE ACO, BITOLA 2/0 AWG                                                                                                                                                                                                                                                                                                                                                                                                                                                       ","KG    ",49.71]
[842,"CABO DE ALUMINIO NU SEM ALMA DE ACO, BITOLA 4 AWG                                                                                                                                                                                                                                                                                                                                                                                                                                                         ","KG    ",50.41]
[44391,"CABO DE COBRE FLEXIVEL NAO HALOGENADO, SEM EMISSAO DE FUMACA, 750V, SECAO NOMINAL 120 MM                                                                                                                                                                                                                                                                                                                                                                                                                  ","M     ",107.42]
[44388,"CABO DE COBRE FLEXIVEL NAO HALOGENADO, SEM EMISSAO DE FUMACA, 750V, SECAO NOMINAL 2,5 MM                                                                                                                                                                                                                                                                                                                                                                                                                  ","M     ",2.32]
[44392,"CABO DE COBRE FLEXIVEL NAO HALOGENADO, SEM EMISSAO DE FUMACA, 750V, SECAO NOMINAL 240 MM                                                                                                                                                                                                                                                                                                                                                                                                                  ","M     ",213.89]
[44390,"CABO DE COBRE FLEXIVEL NAO HALOGENADO, SEM EMISSAO DE FUMACA, 750V, SECAO NOMINAL 50 MM                                                                                                                                                                                                                                                                                                                                                                                                                   ","M     ",45.32]
[44389,"CABO DE COBRE FLEXIVEL NAO HALOGENADO, SEM EMISSAO DE FUMACA, 750V, SECAO NOMINAL 6,0 MM                                                                                                                                                                                                                                                                                                                                                                                                                  ","M     ",5.35]
[862,"CABO DE COBRE NU 10 MM2 MEIO-DURO                                                                                                                                                                                                                                                                                                                                                                                                                                                                         ","M     ",9.8]
[866,"CABO DE COBRE NU 120 MM2 MEIO-DURO                                                                                                                                                                                                                                                                                                                                                                                                                                                                        ","M     ",124.55]
[892,"CABO DE COBRE NU 150 MM2 MEIO-DURO                                                                                                                                                                                                                                                                                                                                                                                                                                                                        ","M     ",150.76]
[857,"CABO DE COBRE NU 16 MM2 MEIO-DURO                                                                                                                                                                                                                                                                                                                                                                                                                                                                         ","M     ",16.39]
[37404,"CABO DE COBRE NU 185 MM2 MEIO-DURO                                                                                                                                                                                                                                                                                                                                                                                                                                                                        ","M     ",174.43]
[868,"CABO DE COBRE NU 25 MM2 MEIO-DURO                                                                                                                                                                                                                                                                                                                                                                                                                                                                         ","M     ",23.37]
[863,"CABO DE COBRE NU 35 MM2 MEIO-DURO                                                                                                                                                                                                                                                                                                                                                                                                                                                                         ","M     ",34.42]
[867,"CABO DE COBRE NU 50 MM2 MEIO-DURO                                                                                                                                                                                                                                                                                                                                                                                                                                                                         ","M     ",49.03]
[864,"CABO DE COBRE NU 70 MM2 MEIO-DURO                                                                                                                                                                                                                                                                                                                                                                                                                                                                         ","M     ",64.76]
[865,"CABO DE COBRE NU 95 MM2 MEIO-DURO                                                                                                                                                                                                                                                                                                                                                                                                                                                                         ","M     ",93.15]
[993,"CABO DE COBRE, FLEXIVEL, CLASSE 4 OU 5, ISOLACAO EM PVC/A, ANTICHAMA BWF-B, COBERTURA PVC-ST1, ANTICHAMA BWF-B, 1 CONDUTOR, 0,6/1 KV, SECAO NOMINAL 1,5 MM2                                                                                                                                                                                                                                                                                                                                               ","M     ",1.77]
[1020,"CABO DE COBRE, FLEXIVEL, CLASSE 4 OU 5, ISOLACAO EM PVC/A, ANTICHAMA BWF-B, COBERTURA PVC-ST1, ANTICHAMA BWF-B, 1 CONDUTOR, 0,6/1 KV, SECAO NOMINAL 10 MM2                                                                                                                                                                                                                                                                                                                                                ","M     ",9.04]
[1017,"CABO DE COBRE, FLEXIVEL, CLASSE 4 OU 5, ISOLACAO EM PVC/A, ANTICHAMA BWF-B, COBERTURA PVC-ST1, ANTICHAMA BWF-B, 1 CONDUTOR, 0,6/1 KV, SECAO NOMINAL 120 MM2                                                                                                                                                                                                                                                                                                                                               ","M     ",110.76]
[999,"CABO DE COBRE, FLEXIVEL, CLASSE 4 OU 5, ISOLACAO EM PVC/A, ANTICHAMA BWF-B, COBERTURA PVC-ST1, ANTICHAMA BWF-B, 1 CONDUTOR, 0,6/1 KV, SECAO NOMINAL 150 MM2                                                                                                                                                                                                                                                                                                                                               ","M     ",134.18]
[995,"CABO DE COBRE, FLEXIVEL, CLASSE 4 OU 5, ISOLACAO EM PVC/A, ANTICHAMA BWF-B, COBERTURA PVC-ST1, ANTICHAMA BWF-B, 1 CONDUTOR, 0,6/1 KV, SECAO NOMINAL 16 MM2                                                                                                                                                                                                                                                                                                                                                ","M     ",14.39]
[1000,"CABO DE COBRE, FLEXIVEL, CLASSE 4 OU 5, ISOLACAO EM PVC/A, ANTICHAMA BWF-B, COBERTURA PVC-ST1, ANTICHAMA BWF-B, 1 CONDUTOR, 0,6/1 KV, SECAO NOMINAL 185 MM2                                                                                                                                                                                                                                                                                                                                               ","M     ",164.82]
[1022,"CABO DE COBRE, FLEXIVEL, CLASSE 4 OU 5, ISOLACAO EM PVC/A, ANTICHAMA BWF-B, COBERTURA PVC-ST1, ANTICHAMA BWF-B, 1 CONDUTOR, 0,6/1 KV, SECAO NOMINAL 2,5 MM2                                                                                                                                                                                                                                                                                                                                               ","M     ",2.47]
[1015,"CABO DE COBRE, FLEXIVEL, CLASSE 4 OU 5, ISOLACAO EM PVC/A, ANTICHAMA BWF-B, COBERTURA PVC-ST1, ANTICHAMA BWF-B, 1 CONDUTOR, 0,6/1 KV, SECAO NOMINAL 240 MM2                                                                                                                                                                                                                                                                                                                                               ","M     ",219.02]
[996,"CABO DE COBRE, FLEXIVEL, CLASSE 4 OU 5, ISOLACAO EM PVC/A, ANTICHAMA BWF-B, COBERTURA PVC-ST1, ANTICHAMA BWF-B, 1 CONDUTOR, 0,6/1 KV, SECAO NOMINAL 25 MM2                                                                                                                                                                                                                                                                                                                                                ","M     ",22.31]
[1001,"CABO DE COBRE, FLEXIVEL, CLASSE 4 OU 5, ISOLACAO EM PVC/A, ANTICHAMA BWF-B, COBERTURA PVC-ST1, ANTICHAMA BWF-B, 1 CONDUTOR, 0,6/1 KV, SECAO NOMINAL 300 MM2                                                                                                                                                                                                                                                                                                                                               ","M     ",284.17]
[1019,"CABO DE COBRE, FLEXIVEL, CLASSE 4 OU 5, ISOLACAO EM PVC/A, ANTICHAMA BWF-B, COBERTURA PVC-ST1, ANTICHAMA BWF-B, 1 CONDUTOR, 0,6/1 KV, SECAO NOMINAL 35 MM2                                                                                                                                                                                                                                                                                                                                                ","M     ",31.53]
[1021,"CABO DE COBRE, FLEXIVEL, CLASSE 4 OU 5, ISOLACAO EM PVC/A, ANTICHAMA BWF-B, COBERTURA PVC-ST1, ANTICHAMA BWF-B, 1 CONDUTOR, 0,6/1 KV, SECAO NOMINAL 4 MM2                                                                                                                                                                                                                                                                                                                                                 ","M     ",3.79]
[39249,"CABO DE COBRE, FLEXIVEL, CLASSE 4 OU 5, ISOLACAO EM PVC/A, ANTICHAMA BWF-B, COBERTURA PVC-ST1, ANTICHAMA BWF-B, 1 CONDUTOR, 0,6/1 KV, SECAO NOMINAL 400 MM2                                                                                                                                                                                                                                                                                                                                               ","M     ",382.09]
[1018,"CABO DE COBRE, FLEXIVEL, CLASSE 4 OU 5, ISOLACAO EM PVC/A, ANTICHAMA BWF-B, COBERTURA PVC-ST1, ANTICHAMA BWF-B, 1 CONDUTOR, 0,6/1 KV, SECAO NOMINAL 50 MM2                                                                                                                                                                                                                                                                                                                                                ","M     ",46.63]
[39250,"CABO DE COBRE, FLEXIVEL, CLASSE 4 OU 5, ISOLACAO EM PVC/A, ANTICHAMA BWF-B, COBERTURA PVC-ST1, ANTICHAMA BWF-B, 1 CONDUTOR, 0,6/1 KV, SECAO NOMINAL 500 MM2                                                                                                                                                                                                                                                                                                                                               ","M     ",457.07]
[994,"CABO DE COBRE, FLEXIVEL, CLASSE 4 OU 5, ISOLACAO EM PVC/A, ANTICHAMA BWF-B, COBERTURA PVC-ST1, ANTICHAMA BWF-B, 1 CONDUTOR, 0,6/1 KV, SECAO NOMINAL 6 MM2                                                                                                                                                                                                                                                                                                                                                 ","M     ",5.51]
[977,"CABO DE COBRE, FLEXIVEL, CLASSE 4 OU 5, ISOLACAO EM PVC/A, ANTICHAMA BWF-B, COBERTURA PVC-ST1, ANTICHAMA BWF-B, 1 CONDUTOR, 0,6/1 KV, SECAO NOMINAL 70 MM2                                                                                                                                                                                                                                                                                                                                                ","M     ",65.23]
[998,"CABO DE COBRE, FLEXIVEL, CLASSE 4 OU 5, ISOLACAO EM PVC/A, ANTICHAMA BWF-B, COBERTURA PVC-ST1, ANTICHAMA BWF-B, 1 CONDUTOR, 0,6/1 KV, SECAO NOMINAL 95 MM2                                                                                                                                                                                                                                                                                                                                                ","M     ",84.69]
[39251,"CABO DE COBRE, FLEXIVEL, CLASSE 4 OU 5, ISOLACAO EM PVC/A, ANTICHAMA BWF-B, 1 CONDUTOR, 450/750 V, SECAO NOMINAL 0,5 MM2                                                                                                                                                                                                                                                                                                                                                                                  ","M     ",0.61]
[1011,"CABO DE COBRE, FLEXIVEL, CLASSE 4 OU 5, ISOLACAO EM PVC/A, ANTICHAMA BWF-B, 1 CONDUTOR, 450/750 V, SECAO NOMINAL 0,75 MM2                                                                                                                                                                                                                                                                                                                                                                                 ","M     ",0.83]
[39252,"CABO DE COBRE, FLEXIVEL, CLASSE 4 OU 5, ISOLACAO EM PVC/A, ANTICHAMA BWF-B, 1 CONDUTOR, 450/750 V, SECAO NOMINAL 1,0 MM2                                                                                                                                                                                                                                                                                                                                                                                  ","M     ",1.09]
[1013,"CABO DE COBRE, FLEXIVEL, CLASSE 4 OU 5, ISOLACAO EM PVC/A, ANTICHAMA BWF-B, 1 CONDUTOR, 450/750 V, SECAO NOMINAL 1,5 MM2                                                                                                                                                                                                                                                                                                                                                                                  ","M     ",1.31]
[980,"CABO DE COBRE, FLEXIVEL, CLASSE 4 OU 5, ISOLACAO EM PVC/A, ANTICHAMA BWF-B, 1 CONDUTOR, 450/750 V, SECAO NOMINAL 10 MM2                                                                                                                                                                                                                                                                                                                                                                                   ","M     ",9.48]
[39237,"CABO DE COBRE, FLEXIVEL, CLASSE 4 OU 5, ISOLACAO EM PVC/A, ANTICHAMA BWF-B, 1 CONDUTOR, 450/750 V, SECAO NOMINAL 120 MM2                                                                                                                                                                                                                                                                                                                                                                                  ","M     ",100.83]
[39238,"CABO DE COBRE, FLEXIVEL, CLASSE 4 OU 5, ISOLACAO EM PVC/A, ANTICHAMA BWF-B, 1 CONDUTOR, 450/750 V, SECAO NOMINAL 150 MM2                                                                                                                                                                                                                                                                                                                                                                                  ","M     ",127.17]
[979,"CABO DE COBRE, FLEXIVEL, CLASSE 4 OU 5, ISOLACAO EM PVC/A, ANTICHAMA BWF-B, 1 CONDUTOR, 450/750 V, SECAO NOMINAL 16 MM2                                                                                                                                                                                                                                                                                                                                                                                   ","M     ",13.54]
[39239,"CABO DE COBRE, FLEXIVEL, CLASSE 4 OU 5, ISOLACAO EM PVC/A, ANTICHAMA BWF-B, 1 CONDUTOR, 450/750 V, SECAO NOMINAL 185 MM2                                                                                                                                                                                                                                                                                                                                                                                  ","M     ",153.63]
[1014,"CABO DE COBRE, FLEXIVEL, CLASSE 4 OU 5, ISOLACAO EM PVC/A, ANTICHAMA BWF-B, 1 CONDUTOR, 450/750 V, SECAO NOMINAL 2,5 MM2                                                                                                                                                                                                                                                                                                                                                                                  ","M     ",2.08]
[39240,"CABO DE COBRE, FLEXIVEL, CLASSE 4 OU 5, ISOLACAO EM PVC/A, ANTICHAMA BWF-B, 1 CONDUTOR, 450/750 V, SECAO NOMINAL 240 MM2                                                                                                                                                                                                                                                                                                                                                                                  ","M     ",202.07]
[39232,"CABO DE COBRE, FLEXIVEL, CLASSE 4 OU 5, ISOLACAO EM PVC/A, ANTICHAMA BWF-B, 1 CONDUTOR, 450/750 V, SECAO NOMINAL 25 MM2                                                                                                                                                                                                                                                                                                                                                                                   ","M     ",21.2]
[39233,"CABO DE COBRE, FLEXIVEL, CLASSE 4 OU 5, ISOLACAO EM PVC/A, ANTICHAMA BWF-B, 1 CONDUTOR, 450/750 V, SECAO NOMINAL 35 MM2                                                                                                                                                                                                                                                                                                                                                                                   ","M     ",30.91]
[981,"CABO DE COBRE, FLEXIVEL, CLASSE 4 OU 5, ISOLACAO EM PVC/A, ANTICHAMA BWF-B, 1 CONDUTOR, 450/750 V, SECAO NOMINAL 4 MM2                                                                                                                                                                                                                                                                                                                                                                                    ","M     ",3.45]
[39234,"CABO DE COBRE, FLEXIVEL, CLASSE 4 OU 5, ISOLACAO EM PVC/A, ANTICHAMA BWF-B, 1 CONDUTOR, 450/750 V, SECAO NOMINAL 50 MM2                                                                                                                                                                                                                                                                                                                                                                                   ","M     ",43.02]
[982,"CABO DE COBRE, FLEXIVEL, CLASSE 4 OU 5, ISOLACAO EM PVC/A, ANTICHAMA BWF-B, 1 CONDUTOR, 450/750 V, SECAO NOMINAL 6 MM2                                                                                                                                                                                                                                                                                                                                                                                    ","M     ",4.96]
[39235,"CABO DE COBRE, FLEXIVEL, CLASSE 4 OU 5, ISOLACAO EM PVC/A, ANTICHAMA BWF-B, 1 CONDUTOR, 450/750 V, SECAO NOMINAL 70 MM2                                                                                                                                                                                                                                                                                                                                                                                   ","M     ",63.46]
[39236,"CABO DE COBRE, FLEXIVEL, CLASSE 4 OU 5, ISOLACAO EM PVC/A, ANTICHAMA BWF-B, 1 CONDUTOR, 450/750 V, SECAO NOMINAL 95 MM2                                                                                                                                                                                                                                                                                                                                                                                   ","M     ",84.1]
[990,"CABO DE COBRE, RIGIDO, CLASSE 2, ISOLACAO EM PVC/A, ANTICHAMA BWF-B, 1 CONDUTOR, 450/750 V, SECAO NOMINAL 150 MM2                                                                                                                                                                                                                                                                                                                                                                                         ","M     ",149.22]
[39241,"CABO DE COBRE, RIGIDO, CLASSE 2, ISOLACAO EM PVC/A, ANTICHAMA BWF-B, 1 CONDUTOR, 450/750 V, SECAO NOMINAL 16 MM2                                                                                                                                                                                                                                                                                                                                                                                          ","M     ",14.69]
[1005,"CABO DE COBRE, RIGIDO, CLASSE 2, ISOLACAO EM PVC/A, ANTICHAMA BWF-B, 1 CONDUTOR, 450/750 V, SECAO NOMINAL 185 MM2                                                                                                                                                                                                                                                                                                                                                                                         ","M     ",185.79]
[991,"CABO DE COBRE, RIGIDO, CLASSE 2, ISOLACAO EM PVC/A, ANTICHAMA BWF-B, 1 CONDUTOR, 450/750 V, SECAO NOMINAL 240 MM2                                                                                                                                                                                                                                                                                                                                                                                         ","M     ",243.35]
[986,"CABO DE COBRE, RIGIDO, CLASSE 2, ISOLACAO EM PVC/A, ANTICHAMA BWF-B, 1 CONDUTOR, 450/750 V, SECAO NOMINAL 25 MM2                                                                                                                                                                                                                                                                                                                                                                                          ","M     ",23.21]
[987,"CABO DE COBRE, RIGIDO, CLASSE 2, ISOLACAO EM PVC/A, ANTICHAMA BWF-B, 1 CONDUTOR, 450/750 V, SECAO NOMINAL 35 MM2                                                                                                                                                                                                                                                                                                                                                                                          ","M     ",31.77]
[1007,"CABO DE COBRE, RIGIDO, CLASSE 2, ISOLACAO EM PVC/A, ANTICHAMA BWF-B, 1 CONDUTOR, 450/750 V, SECAO NOMINAL 50 MM2                                                                                                                                                                                                                                                                                                                                                                                          ","M     ",43.98]
[1008,"CABO DE COBRE, RIGIDO, CLASSE 2, ISOLACAO EM PVC/A, ANTICHAMA BWF-B, 1 CONDUTOR, 450/750 V, SECAO NOMINAL 6 MM2                                                                                                                                                                                                                                                                                                                                                                                           ","M     ",5.58]
[988,"CABO DE COBRE, RIGIDO, CLASSE 2, ISOLACAO EM PVC/A, ANTICHAMA BWF-B, 1 CONDUTOR, 450/750 V, SECAO NOMINAL 70 MM2                                                                                                                                                                                                                                                                                                                                                                                          ","M     ",60.64]
[989,"CABO DE COBRE, RIGIDO, CLASSE 2, ISOLACAO EM PVC/A, ANTICHAMA BWF-B, 1 CONDUTOR, 450/750 V, SECAO NOMINAL 95 MM2                                                                                                                                                                                                                                                                                                                                                                                          ","M     ",83.71]
[1006,"CABO DE COBRE, RIGIDO, CLASSE 2, ISOLACAO EM PVC, ANTI-CHAMA BWF-B, 1 CONDUTOR, 450/750 V, DIAMETRO 120 MM2                                                                                                                                                                                                                                                                                                                                                                                               ","M     ",112.22]
[43972,"CABO DE REDE, PAR TRANCADO U/UTP, 4 PARES, CATEGORIA 5E (CAT 5E), ISOLAMENTO PVC (CM)                                                                                                                                                                                                                                                                                                                                                                                                                     ","M     ",3.64]
[43971,"CABO DE REDE, PAR TRANCADO U/UTP, 4 PARES, CATEGORIA 5E (CAT 5E), ISOLAMENTO PVC (CMX)                                                                                                                                                                                                                                                                                                                                                                                                                    ","M     ",2.78]
[39598,"CABO DE REDE, PAR TRANCADO U/UTP, 4 PARES, CATEGORIA 5E (CAT 5E), ISOLAMENTO PVC (LSZH)                                                                                                                                                                                                                                                                                                                                                                                                                   ","M     ",5.15]
[43973,"CABO DE REDE, PAR TRANCADO U/UTP, 4 PARES, CATEGORIA 6 (CAT 6), ISOLAMENTO PVC (CM)                                                                                                                                                                                                                                                                                                                                                                                                                       ","M     ",3.8]
[39599,"CABO DE REDE, PAR TRANCADO UTP, 4 PARES, CATEGORIA 6 (CAT 6), ISOLAMENTO PVC (LSZH)                                                                                                                                                                                                                                                                                                                                                                                                                       ","M     ",7.41]
[43832,"CABO ELETRONICO CATEGORIA 6A U/UTP 23AWG X 4P                                                                                                                                                                                                                                                                                                                                                                                                                                                             ","M     ",19.53]
[34602,"CABO FLEXIVEL PVC 750 V, 2 CONDUTORES DE 1,5 MM2                                                                                                                                                                                                                                                                                                                                                                                                                                                          ","M     ",3.84]
[34607,"CABO FLEXIVEL PVC 750 V, 2 CONDUTORES DE 4,0 MM2                                                                                                                                                                                                                                                                                                                                                                                                                                                          ","M     ",9.41]
[34609,"CABO FLEXIVEL PVC 750 V, 2 CONDUTORES DE 6,0 MM2                                                                                                                                                                                                                                                                                                                                                                                                                                                          ","M     ",13.69]
[34618,"CABO FLEXIVEL PVC 750 V, 3 CONDUTORES DE 1,5 MM2                                                                                                                                                                                                                                                                                                                                                                                                                                                          ","M     ",5.23]
[34621,"CABO FLEXIVEL PVC 750 V, 3 CONDUTORES DE 4,0 MM2                                                                                                                                                                                                                                                                                                                                                                                                                                                          ","M     ",12.97]
[34622,"CABO FLEXIVEL PVC 750 V, 3 CONDUTORES DE 6,0 MM2                                                                                                                                                                                                                                                                                                                                                                                                                                                          ","M     ",19.27]
[34624,"CABO FLEXIVEL PVC 750 V, 4 CONDUTORES DE 1,5 MM2                                                                                                                                                                                                                                                                                                                                                                                                                                                          ","M     ",6.99]
[34627,"CABO FLEXIVEL PVC 750 V, 4 CONDUTORES DE 4,0 MM2                                                                                                                                                                                                                                                                                                                                                                                                                                                          ","M     ",16.85]
[34629,"CABO FLEXIVEL PVC 750 V, 4 CONDUTORES DE 6,0 MM2                                                                                                                                                                                                                                                                                                                                                                                                                                                          ","M     ",25.75]
[39257,"CABO MULTIPOLAR DE COBRE, FLEXIVEL, CLASSE 4 OU 5, ISOLACAO EM HEPR, COBERTURA EM PVC-ST2, ANTICHAMA BWF-B, 0,6/1 KV, 3 CONDUTORES DE 1,5 MM2                                                                                                                                                                                                                                                                                                                                                             ","M     ",5.24]
[39261,"CABO MULTIPOLAR DE COBRE, FLEXIVEL, CLASSE 4 OU 5, ISOLACAO EM HEPR, COBERTURA EM PVC-ST2, ANTICHAMA BWF-B, 0,6/1 KV, 3 CONDUTORES DE 10 MM2                                                                                                                                                                                                                                                                                                                                                              ","M     ",30]
[39268,"CABO MULTIPOLAR DE COBRE, FLEXIVEL, CLASSE 4 OU 5, ISOLACAO EM HEPR, COBERTURA EM PVC-ST2, ANTICHAMA BWF-B, 0,6/1 KV, 3 CONDUTORES DE 120 MM2                                                                                                                                                                                                                                                                                                                                                             ","M     ",468.92]
[39262,"CABO MULTIPOLAR DE COBRE, FLEXIVEL, CLASSE 4 OU 5, ISOLACAO EM HEPR, COBERTURA EM PVC-ST2, ANTICHAMA BWF-B, 0,6/1 KV, 3 CONDUTORES DE 16 MM2                                                                                                                                                                                                                                                                                                                                                              ","M     ",47.77]
[39258,"CABO MULTIPOLAR DE COBRE, FLEXIVEL, CLASSE 4 OU 5, ISOLACAO EM HEPR, COBERTURA EM PVC-ST2, ANTICHAMA BWF-B, 0,6/1 KV, 3 CONDUTORES DE 2,5 MM2                                                                                                                                                                                                                                                                                                                                                             ","M     ",7.9]
[39263,"CABO MULTIPOLAR DE COBRE, FLEXIVEL, CLASSE 4 OU 5, ISOLACAO EM HEPR, COBERTURA EM PVC-ST2, ANTICHAMA BWF-B, 0,6/1 KV, 3 CONDUTORES DE 25 MM2                                                                                                                                                                                                                                                                                                                                                              ","M     ",82.61]
[39264,"CABO MULTIPOLAR DE COBRE, FLEXIVEL, CLASSE 4 OU 5, ISOLACAO EM HEPR, COBERTURA EM PVC-ST2, ANTICHAMA BWF-B, 0,6/1 KV, 3 CONDUTORES DE 35 MM2                                                                                                                                                                                                                                                                                                                                                              ","M     ",114.44]
[39259,"CABO MULTIPOLAR DE COBRE, FLEXIVEL, CLASSE 4 OU 5, ISOLACAO EM HEPR, COBERTURA EM PVC-ST2, ANTICHAMA BWF-B, 0,6/1 KV, 3 CONDUTORES DE 4 MM2                                                                                                                                                                                                                                                                                                                                                               ","M     ",12.16]
[39265,"CABO MULTIPOLAR DE COBRE, FLEXIVEL, CLASSE 4 OU 5, ISOLACAO EM HEPR, COBERTURA EM PVC-ST2, ANTICHAMA BWF-B, 0,6/1 KV, 3 CONDUTORES DE 50 MM2                                                                                                                                                                                                                                                                                                                                                              ","M     ",155.36]
[39260,"CABO MULTIPOLAR DE COBRE, FLEXIVEL, CLASSE 4 OU 5, ISOLACAO EM HEPR, COBERTURA EM PVC-ST2, ANTICHAMA BWF-B, 0,6/1 KV, 3 CONDUTORES DE 6 MM2                                                                                                                                                                                                                                                                                                                                                               ","M     ",18.62]
[39266,"CABO MULTIPOLAR DE COBRE, FLEXIVEL, CLASSE 4 OU 5, ISOLACAO EM HEPR, COBERTURA EM PVC-ST2, ANTICHAMA BWF-B, 0,6/1 KV, 3 CONDUTORES DE 70 MM2                                                                                                                                                                                                                                                                                                                                                              ","M     ",234.44]
[39267,"CABO MULTIPOLAR DE COBRE, FLEXIVEL, CLASSE 4 OU 5, ISOLACAO EM HEPR, COBERTURA EM PVC-ST2, ANTICHAMA BWF-B, 0,6/1 KV, 3 CONDUTORES DE 95 MM2                                                                                                                                                                                                                                                                                                                                                              ","M     ",293.12]
[11901,"CABO TELEFONICO CCI 50, 1 PAR, USO INTERNO, SEM BLINDAGEM                                                                                                                                                                                                                                                                                                                                                                                                                                                 ","M     ",0.67]
[11902,"CABO TELEFONICO CCI 50, 2 PARES, USO INTERNO, SEM BLINDAGEM                                                                                                                                                                                                                                                                                                                                                                                                                                               ","M     ",1.28]
[11903,"CABO TELEFONICO CCI 50, 3 PARES, USO INTERNO, SEM BLINDAGEM                                                                                                                                                                                                                                                                                                                                                                                                                                               ","M     ",1.35]
[11904,"CABO TELEFONICO CCI 50, 4 PARES, USO INTERNO, SEM BLINDAGEM                                                                                                                                                                                                                                                                                                                                                                                                                                               ","M     ",2.05]
[11905,"CABO TELEFONICO CCI 50, 5 PARES, USO INTERNO, SEM BLINDAGEM                                                                                                                                                                                                                                                                                                                                                                                                                                               ","M     ",2.5]
[11906,"CABO TELEFONICO CCI 50, 6 PARES, USO INTERNO, SEM BLINDAGEM                                                                                                                                                                                                                                                                                                                                                                                                                                               ","M     ",3.18]
[11919,"CABO TELEFONICO CI 50, 10 PARES, USO INTERNO                                                                                                                                                                                                                                                                                                                                                                                                                                                              ","M     ",5.83]
[11920,"CABO TELEFONICO CI 50, 20 PARES, USO INTERNO                                                                                                                                                                                                                                                                                                                                                                                                                                                              ","M     ",11.08]
[11924,"CABO TELEFONICO CI 50, 200 PARES, USO INTERNO                                                                                                                                                                                                                                                                                                                                                                                                                                                             ","M     ",93]
[11921,"CABO TELEFONICO CI 50, 30 PARES, USO INTERNO                                                                                                                                                                                                                                                                                                                                                                                                                                                              ","M     ",16.21]
[11922,"CABO TELEFONICO CI 50, 50 PARES, USO INTERNO                                                                                                                                                                                                                                                                                                                                                                                                                                                              ","M     ",26.21]
[11923,"CABO TELEFONICO CI 50, 75 PARES, USO INTERNO                                                                                                                                                                                                                                                                                                                                                                                                                                                              ","M     ",38.37]
[11916,"CABO TELEFONICO CTP - APL - 50, 10 PARES, USO EXTERNO                                                                                                                                                                                                                                                                                                                                                                                                                                                     ","M     ",7.98]
[11914,"CABO TELEFONICO CTP - APL - 50, 100 PARES, USO EXTERNO                                                                                                                                                                                                                                                                                                                                                                                                                                                    ","M     ",57.49]
[11917,"CABO TELEFONICO CTP - APL - 50, 20 PARES, USO EXTERNO                                                                                                                                                                                                                                                                                                                                                                                                                                                     ","M     ",14.05]
[11918,"CABO TELEFONICO CTP - APL - 50, 30 PARES, USO EXTERNO                                                                                                                                                                                                                                                                                                                                                                                                                                                     ","M     ",16.67]
[37734,"CACAMBA METALICA BASCULANTE COM CAPACIDADE DE 10 M3 (INCLUI MONTAGEM, NAO INCLUI CAMINHAO)                                                                                                                                                                                                                                                                                                                                                                                                                ","UN    ",{"v":73298.23,"d":"73,298.23"}]
[42251,"CACAMBA METALICA BASCULANTE COM CAPACIDADE DE 12 M3 (INCLUI MONTAGEM, NAO INCLUI CAMINHAO)                                                                                                                                                                                                                                                                                                                                                                                                                ","UN    ",{"v":83234.61,"d":"83,234.61"}]
[37733,"CACAMBA METALICA BASCULANTE COM CAPACIDADE DE 6 M3 (INCLUI MONTAGEM, NAO INCLUI CAMINHAO)                                                                                                                                                                                                                                                                                                                                                                                                                 ","UN    ",{"v":54958.74,"d":"54,958.74"}]
[37735,"CACAMBA METALICA BASCULANTE COM CAPACIDADE DE 8 M3 (INCLUI MONTAGEM, NAO INCLUI CAMINHAO)                                                                                                                                                                                                                                                                                                                                                                                                                 ","UN    ",{"v":66225.28,"d":"66,225.28"}]
[5090,"CADEADO SIMPLES, CORPO EM LATAO MACICO, COM LARGURA DE 25 MM E ALTURA DE APROX 25 MM, HASTE CEMENTADA (NAO LONGA), EM ACO TEMPERADO COM DIAMETRO DE APROX 5,0 MM, INCLUINDO 2 CHAVES                                                                                                                                                                                                                                                                                                                      ","UN    ",22.92]
[5085,"CADEADO SIMPLES, CORPO EM LATAO MACICO, COM LARGURA DE 35 MM E ALTURA DE APROX 30 MM, HASTE CEMENTADA (NAO LONGA), EM ACO TEMPERADO COM DIAMETRO DE APROX 6,0 MM, INCLUINDO 2 CHAVES                                                                                                                                                                                                                                                                                                                      ","UN    ",34.12]
[43603,"CADEADO SIMPLES, CORPO EM LATAO MACICO, COM LARGURA DE 50 MM E ALTURA DE APROX 40 MM, HASTE CEMENTADA EM ACO TEMPERADO COM DIAMETRO DE APROX 8,0 MM, INCLUINDO 2 CHAVES                                                                                                                                                                                                                                                                                                                                   ","UN    ",48.75]
[38374,"CADEIRA SUSPENSA MANUAL / BALANCIM INDIVIDUAL (NBR 14751)                                                                                                                                                                                                                                                                                                                                                                                                                                                 ","UN    ",{"v":1272.07,"d":"1,272.07"}]
[20212,"CAIBRO APARELHADO *6 X 8* CM, EM MACARANDUBA/MASSARANDUBA, ANGELIM OU EQUIVALENTE DA REGIAO                                                                                                                                                                                                                                                                                                                                                                                                               ","M     ",19.24]
[20209,"CAIBRO APARELHADO *7,5 X 7,5* CM, EM MACARANDUBA/MASSARANDUBA, ANGELIM OU EQUIVALENTE DA REGIAO                                                                                                                                                                                                                                                                                                                                                                                                           ","M     ",22.98]
[4430,"CAIBRO NAO APARELHADO *5 X 6* CM, EM MACARANDUBA/MASSARANDUBA, ANGELIM OU EQUIVALENTE DA REGIAO - BRUTA                                                                                                                                                                                                                                                                                                                                                                                                   ","M     ",11.26]
[4433,"CAIBRO NAO APARELHADO *6 X 6* CM, EM MACARANDUBA/MASSARANDUBA, ANGELIM OU EQUIVALENTE DA REGIAO - BRUTA                                                                                                                                                                                                                                                                                                                                                                                                   ","M     ",22.02]
[4400,"CAIBRO NAO APARELHADO, *6 X 8* CM, EM MACARANDUBA/MASSARANDUBA, ANGELIM OU EQUIVALENTE DA REGIAO - BRUTA                                                                                                                                                                                                                                                                                                                                                                                                  ","M     ",17.92]
[2729,"CAIBRO ROLICO DE MADEIRA TRATADA, D = 4 A 7 CM, H = 3,00 M, EM EUCALIPTO OU EQUIVALENTE DA REGIAO                                                                                                                                                                                                                                                                                                                                                                                                         ","UN    ",35.98]
[4513,"CAIBRO 5 X 5 CM EM PINUS, MISTA OU EQUIVALENTE DA REGIAO - BRUTA                                                                                                                                                                                                                                                                                                                                                                                                                                          ","M     ",7.88]
[37106,"CAIXA D'AGUA / RESERVATORIO EM POLIESTER REFORCADO COM FIBRA DE VIDRO, 10000 LITROS, COM TAMPA                                                                                                                                                                                                                                                                                                                                                                                                            ","UN    ",{"v":4365.68,"d":"4,365.68"}]
[11869,"CAIXA D'AGUA / RESERVATORIO EM POLIESTER REFORCADO COM FIBRA DE VIDRO, 1500 LITROS, COM TAMPA                                                                                                                                                                                                                                                                                                                                                                                                             ","UN    ",873.13]
[43981,"CAIXA D'AGUA / RESERVATORIO EM POLIESTER REFORCADO COM FIBRA DE VIDRO, 15000 LITROS, COM TAMPA                                                                                                                                                                                                                                                                                                                                                                                                            ","UN    ",{"v":6579.04,"d":"6,579.04"}]
[37104,"CAIXA D'AGUA / RESERVATORIO EM POLIESTER REFORCADO COM FIBRA DE VIDRO, 2000 LITROS, COM TAMPA                                                                                                                                                                                                                                                                                                                                                                                                             ","UN    ",{"v":1095.8,"d":"1,095.80"}]
[43982,"CAIXA D'AGUA / RESERVATORIO EM POLIESTER REFORCADO COM FIBRA DE VIDRO, 20000 LITROS, COM TAMPA                                                                                                                                                                                                                                                                                                                                                                                                            ","UN    ",{"v":10393.23,"d":"10,393.23"}]
[43978,"CAIXA D'AGUA / RESERVATORIO EM POLIESTER REFORCADO COM FIBRA DE VIDRO, 3000 LITROS, COM TAMPA                                                                                                                                                                                                                                                                                                                                                                                                             ","UN    ",{"v":1623.96,"d":"1,623.96"}]
[11871,"CAIXA D'AGUA / RESERVATORIO EM POLIESTER REFORCADO COM FIBRA DE VIDRO, 500 LITROS, COM TAMPA                                                                                                                                                                                                                                                                                                                                                                                                              ","UN    ",407.01]
[37105,"CAIXA D'AGUA / RESERVATORIO EM POLIESTER REFORCADO COM FIBRA DE VIDRO, 5000 LITROS, COM TAMPA                                                                                                                                                                                                                                                                                                                                                                                                             ","UN    ",{"v":2504.33,"d":"2,504.33"}]
[43980,"CAIXA D'AGUA / RESERVATORIO EM POLIESTER REFORCADO COM FIBRA DE VIDRO, 7000 LITROS, COM TAMPA                                                                                                                                                                                                                                                                                                                                                                                                             ","UN    ",{"v":3118.88,"d":"3,118.88"}]
[43979,"CAIXA D'AGUA / RESERVATORIO EM POLIESTER REFORCADO COM FIBRA DE VIDRO, 750 LITROS, COM TAMPA                                                                                                                                                                                                                                                                                                                                                                                                              ","UN    ",586]
[11868,"CAIXA D'AGUA / RESERVATORIO EM POLIESTER REFORCADO COM FIBRA DE VIDRO,1000 LITROS, COM TAMPA                                                                                                                                                                                                                                                                                                                                                                                                              ","UN    ",566.72]
[34636,"CAIXA D'AGUA / RESERVATORIO EM POLIETILENO, 1000 LITROS, COM TAMPA                                                                                                                                                                                                                                                                                                                                                                                                                                        ","UN    ",402.45]
[34639,"CAIXA D'AGUA / RESERVATORIO EM POLIETILENO, 1500 LITROS, COM TAMPA                                                                                                                                                                                                                                                                                                                                                                                                                                        ","UN    ",928.92]
[34640,"CAIXA D'AGUA / RESERVATORIO EM POLIETILENO, 2000 LITROS, COM TAMPA                                                                                                                                                                                                                                                                                                                                                                                                                                        ","UN    ",{"v":1053.72,"d":"1,053.72"}]
[43977,"CAIXA D'AGUA / RESERVATORIO EM POLIETILENO, 3000 LITROS, COM TAMPA                                                                                                                                                                                                                                                                                                                                                                                                                                        ","UN    ",{"v":1816.55,"d":"1,816.55"}]
[34637,"CAIXA D'AGUA / RESERVATORIO EM POLIETILENO, 500 LITROS, COM TAMPA                                                                                                                                                                                                                                                                                                                                                                                                                                         ","UN    ",243.38]
[34638,"CAIXA D'AGUA / RESERVATORIO EM POLIETILENO, 750 LITROS, COM TAMPA                                                                                                                                                                                                                                                                                                                                                                                                                                         ","UN    ",376.46]
[34641,"CAIXA DE ATERRAMENTO EM CONCRETO PRE-MOLDADO, DIAMETRO DE 0,30 M E ALTURA DE 0,35 M, SEM FUNDO E COM TAMPA                                                                                                                                                                                                                                                                                                                                                                                                ","UN    ",114.1]
[43434,"CAIXA DE CONCRETO ARMADO PRE-MOLDADO, COM FUNDO E SEM TAMPA, DIMENSOES DE 0,30 X 0,30 X 0,30 M                                                                                                                                                                                                                                                                                                                                                                                                            ","UN    ",123.36]
[43435,"CAIXA DE CONCRETO ARMADO PRE-MOLDADO, COM FUNDO E SEM TAMPA, DIMENSOES DE 0,40 X 0,40 X 0,40 M                                                                                                                                                                                                                                                                                                                                                                                                            ","UN    ",226.16]
[43436,"CAIXA DE CONCRETO ARMADO PRE-MOLDADO, COM FUNDO E SEM TAMPA, DIMENSOES DE 0,60 X 0,60 X 0,50 M                                                                                                                                                                                                                                                                                                                                                                                                            ","UN    ",395.78]
[43437,"CAIXA DE CONCRETO ARMADO PRE-MOLDADO, COM FUNDO E SEM TAMPA, DIMENSOES DE 0,80 X 0,80 X 0,50 M                                                                                                                                                                                                                                                                                                                                                                                                            ","UN    ",717.56]
[43438,"CAIXA DE CONCRETO ARMADO PRE-MOLDADO, COM FUNDO E SEM TAMPA, DIMENSOES DE 1,00 X 1,00 X 0,50 M                                                                                                                                                                                                                                                                                                                                                                                                            ","UN    ",{"v":1285.03,"d":"1,285.03"}]
[41627,"CAIXA DE CONCRETO ARMADO PRE-MOLDADO, COM FUNDO E TAMPA, DIMENSOES DE 0,30 X 0,30 X 0,30 M                                                                                                                                                                                                                                                                                                                                                                                                                ","UN    ",190.18]
[41628,"CAIXA DE CONCRETO ARMADO PRE-MOLDADO, COM FUNDO E TAMPA, DIMENSOES DE 0,40 X 0,40 X 0,40 M                                                                                                                                                                                                                                                                                                                                                                                                                ","UN    ",349.52]
[41629,"CAIXA DE CONCRETO ARMADO PRE-MOLDADO, COM FUNDO E TAMPA, DIMENSOES DE 0,60 X 0,60 X 0,50 M                                                                                                                                                                                                                                                                                                                                                                                                                ","UN    ",444.1]
[43429,"CAIXA DE CONCRETO ARMADO PRE-MOLDADO, SEM FUNDO, QUADRADA, DIMENSOES DE 0,30 X 0,30 X 0,30 M                                                                                                                                                                                                                                                                                                                                                                                                              ","UN    ",98.4]
[43430,"CAIXA DE CONCRETO ARMADO PRE-MOLDADO, SEM FUNDO, QUADRADA, DIMENSOES DE 0,40 X 0,40 X 0,40 M                                                                                                                                                                                                                                                                                                                                                                                                              ","UN    ",163.45]
[43431,"CAIXA DE CONCRETO ARMADO PRE-MOLDADO, SEM FUNDO, QUADRADA, DIMENSOES DE 0,60 X 0,60 X 0,50 M                                                                                                                                                                                                                                                                                                                                                                                                              ","UN    ",316.63]
[43432,"CAIXA DE CONCRETO ARMADO PRE-MOLDADO, SEM FUNDO, QUADRADA, DIMENSOES DE 0,80 X 0,80 X 0,50 M                                                                                                                                                                                                                                                                                                                                                                                                              ","UN    ",657.93]
[43433,"CAIXA DE CONCRETO ARMADO PRE-MOLDADO, SEM FUNDO, QUADRADA, DIMENSOES DE 1,00 X 1,00 X 0,50 M                                                                                                                                                                                                                                                                                                                                                                                                              ","UN    ",{"v":1037.27,"d":"1,037.27"}]
[43094,"CAIXA DE DERIVACAO PARA MEDIDOR DE ENERGIA, COM BARRAMENTO MONOFASICO, EM POLICARBONATO / TERMOPLASTICO - MODULO (PADRAO CONCESSIONARIA LOCAL)                                                                                                                                                                                                                                                                                                                                                            ","UN    ",305.34]
[43093,"CAIXA DE DERIVACAO PARA MEDIDOR DE ENERGIA, COM BARRAMENTO POLIFASICO, EM POLICARBONATO / TERMOPLASTICO - MODULO (PADRAO CONCESSIONARIA LOCAL)                                                                                                                                                                                                                                                                                                                                                            ","UN    ",324.48]
[11694,"CAIXA DE DESCARGA PLASTICA PARA BACIA / VASO SANITARIO DE EMBUTIR, COM ESPELHO ACIONADOR EM PLASTICO, CAPACIDADE 6 A 10 LITROS, (COMPLETA - ACESSORIOS INCLUSOS)                                                                                                                                                                                                                                                                                                                                          ","UN    ",993.63]
[1030,"CAIXA DE DESCARGA PLASTICA PARA BACIA / VASO SANITARIO, EXTERNA, CAPACIDADE 9 LITROS, PUXADOR FIO DE NYLON, NAO INCLUSO CANO, BOLSA, ENGATE                                                                                                                                                                                                                                                                                                                                                               ","UN    ",44.95]
[11881,"CAIXA DE GORDURA CILINDRICA EM CONCRETO SIMPLES,  PRE-MOLDADA, COM DIAMETRO DE 40 CM E ALTURA DE 45 CM, COM TAMPA                                                                                                                                                                                                                                                                                                                                                                                         ","UN    ",174.76]
[35277,"CAIXA DE GORDURA EM PVC, DIAMETRO MINIMO 300 MM, DIAMETRO DE SAIDA 100 MM, CAPACIDADE  APROXIMADA 18 LITROS, COM TAMPA E CESTO                                                                                                                                                                                                                                                                                                                                                                            ","UN    ",370.36]
[10521,"CAIXA DE INCENDIO/ABRIGO PARA MANGUEIRA, DE EMBUTIR/INTERNA, COM 75 X 45 X 17 CM, EM CHAPA DE ACO, PORTA COM VENTILACAO, VISOR COM A INSCRICAO \"INCENDIO\", SUPORTE/CESTA INTERNA PARA A MANGUEIRA, PINTURA ELETROSTATICA VERMELHA                                                                                                                                                                                                                                                                         ","UN    ",272.97]
[10885,"CAIXA DE INCENDIO/ABRIGO PARA MANGUEIRA, DE EMBUTIR/INTERNA, COM 90 X 60 X 17 CM, EM CHAPA DE ACO, PORTA COM VENTILACAO, VISOR COM A INSCRICAO \"INCENDIO\", SUPORTE/CESTA INTERNA PARA A MANGUEIRA, PINTURA ELETROSTATICA VERMELHA                                                                                                                                                                                                                                                                         ","UN    ",345.27]
[20962,"CAIXA DE INCENDIO/ABRIGO PARA MANGUEIRA, DE SOBREPOR/EXTERNA, COM 75 X 45 X 17 CM, EM CHAPA DE ACO, PORTA COM VENTILACAO, VISOR COM A INSCRICAO \"INCENDIO\", SUPORTE/CESTA INTERNA PARA A MANGUEIRA, PINTURA ELETROSTATICA VERMELHA                                                                                                                                                                                                                                                                        ","UN    ",285.97]
[20963,"CAIXA DE INCENDIO/ABRIGO PARA MANGUEIRA, DE SOBREPOR/EXTERNA, COM 90 X 60 X 17 CM, EM CHAPA DE ACO, PORTA COM VENTILACAO, VISOR COM A INSCRICAO \"INCENDIO\", SUPORTE/CESTA INTERNA PARA A MANGUEIRA, PINTURA ELETROSTATICA VERMELHA                                                                                                                                                                                                                                                                        ","UN    ",349.33]
[34643,"CAIXA DE INSPECAO PARA ATERRAMENTO E PARA RAIOS, EM POLIPROPILENO,  DIAMETRO = 300 MM X ALTURA = 400 MM                                                                                                                                                                                                                                                                                                                                                                                                   ","UN    ",42.65]
[41480,"CAIXA DE INSPECAO PARA ATERRAMENTO OU OUTRO USO, EM PVC, DN = 250 X 250 MM                                                                                                                                                                                                                                                                                                                                                                                                                                ","UN    ",49.45]
[41474,"CAIXA DE INSPECAO PARA ATERRAMENTO OU OUTRO USO, EM PVC, DN = 300 X *300* MM                                                                                                                                                                                                                                                                                                                                                                                                                              ","UN    ",79]
[41475,"CAIXA DE INSPECAO PARA ATERRAMENTO OU OUTRO USO, EM PVC, DN = 300 X 250 MM                                                                                                                                                                                                                                                                                                                                                                                                                                ","UN    ",67.4]
[41476,"CAIXA DE INSPECAO PARA ATERRAMENTO OU OUTRO USO, EM PVC, DN = 300 X 600 MM                                                                                                                                                                                                                                                                                                                                                                                                                                ","UN    ",147.59]
[2555,"CAIXA DE LUZ \"3 X 3\" EM ACO ESMALTADA                                                                                                                                                                                                                                                                                                                                                                                                                                                                     ","UN    ",1.8]
[2556,"CAIXA DE LUZ \"4 X 2\" EM ACO ESMALTADA                                                                                                                                                                                                                                                                                                                                                                                                                                                                     ","UN    ",1.86]
[2557,"CAIXA DE LUZ \"4 X 4\" EM ACO ESMALTADA                                                                                                                                                                                                                                                                                                                                                                                                                                                                     ","UN    ",3.93]
[10569,"CAIXA DE PASSAGEM / DERIVACAO / LUZ, OCTOGONAL 4 X4, EM ACO ESMALTADA, COM FUNDO MOVEL SIMPLES (FMS)                                                                                                                                                                                                                                                                                                                                                                                                      ","UN    ",3.93]
[39810,"CAIXA DE PASSAGEM ELETRICA DE PAREDE, DE EMBUTIR, EM PVC, COM TAMPA APARAFUSADA, DIMENSOES 120 X 120 X *75* MM                                                                                                                                                                                                                                                                                                                                                                                            ","UN    ",41.2]
[39811,"CAIXA DE PASSAGEM ELETRICA DE PAREDE, DE EMBUTIR, EM PVC, COM TAMPA APARAFUSADA, DIMENSOES 150 X 150 X *75* MM                                                                                                                                                                                                                                                                                                                                                                                            ","UN    ",50.4]
[39812,"CAIXA DE PASSAGEM ELETRICA DE PAREDE, DE EMBUTIR, EM PVC, COM TAMPA APARAFUSADA, DIMENSOES 200 X 200 X *90* MM                                                                                                                                                                                                                                                                                                                                                                                            ","UN    ",82.87]
[43096,"CAIXA DE PASSAGEM ELETRICA DE PAREDE, DE EMBUTIR, EM TERMOPLASTICO / PVC, COM TAMPA APARAFUSADA, DIMENSOES 400 X 400 X *120* MM                                                                                                                                                                                                                                                                                                                                                                           ","UN    ",274.71]
[43102,"CAIXA DE PASSAGEM ELETRICA DE PAREDE, DE SOBREPOR, EM PVC, COM TAMPA APARAFUSADA, DIMENSOES 300 X 300 X *100* MM                                                                                                                                                                                                                                                                                                                                                                                          ","UN    ",167.04]
[43103,"CAIXA DE PASSAGEM ELETRICA DE PAREDE, DE SOBREPOR, EM PVC, COM TAMPA APARAFUSADA, DIMENSOES, 400 X 400 X *120* MM                                                                                                                                                                                                                                                                                                                                                                                         ","UN    ",245.97]
[43098,"CAIXA DE PASSAGEM ELETRICA DE PAREDE, DE SOBREPOR, EM TERMOPLASTICO / PVC, COM TAMPA APARAFUSA, DIMENSOES 200 X 200 X *100* MM                                                                                                                                                                                                                                                                                                                                                                            ","UN    ",93.05]
[43097,"CAIXA DE PASSAGEM ELETRICA DE PAREDE, DE SOBREPOR, EM TERMOPLASTICO / PVC, COM TAMPA APARAFUSADA, DIMENSOES, 150 X 150 X *100* MM                                                                                                                                                                                                                                                                                                                                                                         ","UN    ",55.13]
[43104,"CAIXA DE PASSAGEM ELETRICA, PARA PISO, EM PVC, DIMENSOES DE 3/4\" A 4\"                                                                                                                                                                                                                                                                                                                                                                                                                                     ","UN    ",652.13]
[39771,"CAIXA DE PASSAGEM METALICA DE SOBREPOR COM TAMPA PARAFUSADA, DIMENSOES 20 X 20 X 10 CM                                                                                                                                                                                                                                                                                                                                                                                                                    ","UN    ",37.8]
[39772,"CAIXA DE PASSAGEM METALICA DE SOBREPOR COM TAMPA PARAFUSADA, DIMENSOES 30 X 30 X 10 CM                                                                                                                                                                                                                                                                                                                                                                                                                    ","UN    ",74.31]
[39773,"CAIXA DE PASSAGEM METALICA DE SOBREPOR COM TAMPA PARAFUSADA, DIMENSOES 40 X 40 X 15 CM                                                                                                                                                                                                                                                                                                                                                                                                                    ","UN    ",119.43]
[39774,"CAIXA DE PASSAGEM METALICA DE SOBREPOR COM TAMPA PARAFUSADA, DIMENSOES 50 X 50 X 15 CM                                                                                                                                                                                                                                                                                                                                                                                                                    ","UN    ",178.64]
[39775,"CAIXA DE PASSAGEM METALICA DE SOBREPOR COM TAMPA PARAFUSADA, DIMENSOES 60 X 60 X 20 CM                                                                                                                                                                                                                                                                                                                                                                                                                    ","UN    ",238.43]
[39776,"CAIXA DE PASSAGEM METALICA DE SOBREPOR COM TAMPA PARAFUSADA, DIMENSOES 70 X 70 X 20 CM                                                                                                                                                                                                                                                                                                                                                                                                                    ","UN    ",288.14]
[39777,"CAIXA DE PASSAGEM METALICA DE SOBREPOR COM TAMPA PARAFUSADA, DIMENSOES 80 X 80 X 20 CM                                                                                                                                                                                                                                                                                                                                                                                                                    ","UN    ",365.21]
[20254,"CAIXA DE PASSAGEM METALICA, DE SOBREPOR, COM TAMPA APARAFUSADA, DIMENSOES 15 X 15 X *10* CM                                                                                                                                                                                                                                                                                                                                                                                                               ","UN    ",26.51]
[20253,"CAIXA DE PASSAGEM METALICA, DE SOBREPOR, COM TAMPA APARAFUSADA, DIMENSOES 35 X 35 X *12* CM                                                                                                                                                                                                                                                                                                                                                                                                               ","UN    ",87.04]
[11247,"CAIXA DE PASSAGEM/ LUZ / TELEFONIA, DE EMBUTIR,  EM CHAPA DE ACO GALVANIZADO, DIMENSOES 150 X 150 X 15 CM (PADRAO CONCESSIONARIA LOCAL)                                                                                                                                                                                                                                                                                                                                                                   ","UN    ",{"v":1673.76,"d":"1,673.76"}]
[11250,"CAIXA DE PASSAGEM/ LUZ / TELEFONIA, DE EMBUTIR,  EM CHAPA DE ACO GALVANIZADO, DIMENSOES 20 X 20 X *12* CM (PADRAO CONCESSIONARIA LOCAL)                                                                                                                                                                                                                                                                                                                                                                   ","UN    ",72.06]
[11249,"CAIXA DE PASSAGEM/ LUZ / TELEFONIA, DE EMBUTIR,  EM CHAPA DE ACO GALVANIZADO, DIMENSOES 200 X 200 X 20 CM (PADRAO CONCESSIONARIA LOCAL)                                                                                                                                                                                                                                                                                                                                                                   ","UN    ",{"v":3269.45,"d":"3,269.45"}]
[11251,"CAIXA DE PASSAGEM/ LUZ / TELEFONIA, DE EMBUTIR,  EM CHAPA DE ACO GALVANIZADO, DIMENSOES 40 X 40 X *12* CM (PADRAO CONCESSIONARIA LOCAL)                                                                                                                                                                                                                                                                                                                                                                   ","UN    ",159.61]
[11253,"CAIXA DE PASSAGEM/ LUZ / TELEFONIA, DE EMBUTIR,  EM CHAPA DE ACO GALVANIZADO, DIMENSOES 60 X 60 X *12* CM (PADRAO CONCESSIONARIA LOCAL)                                                                                                                                                                                                                                                                                                                                                                   ","UN    ",264.49]
[11255,"CAIXA DE PASSAGEM/ LUZ / TELEFONIA, DE EMBUTIR,  EM CHAPA DE ACO GALVANIZADO, DIMENSOES 80 X 80 X *12* CM (PADRAO CONCESSIONARIA LOCAL)                                                                                                                                                                                                                                                                                                                                                                   ","UN    ",395.41]
[14055,"CAIXA DE PASSAGEM/ LUZ / TELEFONIA, DE EMBUTIR, EM CHAPA DE ACO GALVANIZADO, DIMENSOES 120 X 120 X *12* CM (PADRAO CONCESSIONARIA LOCAL)                                                                                                                                                                                                                                                                                                                                                                  ","UN    ",795.43]
[11256,"CAIXA DE PASSAGEM/ LUZ / TELEFONIA, DE SOBREPOR,  EM CHAPA DE ACO GALVANIZADO, DIMENSOES 80 X 80 X *12* CM (PADRAO CONCESSIONARIA LOCAL)                                                                                                                                                                                                                                                                                                                                                                  ","UN    ",495.29]
[1872,"CAIXA DE PASSAGEM, EM PVC, DE 4\" X 2\", PARA ELETRODUTO FLEXIVEL CORRUGADO                                                                                                                                                                                                                                                                                                                                                                                                                                 ","UN    ",2.62]
[1873,"CAIXA DE PASSAGEM, EM PVC, DE 4\" X 4\", PARA ELETRODUTO FLEXIVEL CORRUGADO                                                                                                                                                                                                                                                                                                                                                                                                                                 ","UN    ",5.21]
[39693,"CAIXA DE PROTECAO EXTERNA PARA MEDIDOR HOROSAZONAL, DE BAIXA TENSAO, COM MODULO, EM CHAPA DE ACO (PADRAO DA CONCESSIONARIA LOCAL)                                                                                                                                                                                                                                                                                                                                                                         ","UN    ",{"v":3110.69,"d":"3,110.69"}]
[39692,"CAIXA DE PROTECAO PARA TRANSFORMADOR CORRENTE, EM CHAPA DE ACO 18 USG (PADRAO DA CONCESSIONARIA LOCAL)                                                                                                                                                                                                                                                                                                                                                                                                    ","UN    ",995.35]
[1062,"CAIXA INTERNA/EXTERNA DE MEDICAO PARA 1 MEDIDOR TRIFASICO, COM VISOR, EM CHAPA DE ACO 18 USG (PADRAO DA CONCESSIONARIA LOCAL)                                                                                                                                                                                                                                                                                                                                                                             ","UN    ",315.44]
[39686,"CAIXA INTERNA/EXTERNA DE MEDICAO PARA 4 MEDIDORES MONOFASICOS, COM VISOR, EM CHAPA DE ACO 18 USG (PADRAO DA CONCESSIONARIA LOCAL)                                                                                                                                                                                                                                                                                                                                                                         ","UN    ",510.77]
[43095,"CAIXA MODULAR PARA MEDIDOR DE ENERGIA AGRUPADA, EM POLICARBONATO /  TERMOPLASTICO, COM SUPORTE PARA DISJUNTOR (PADRAO DA CONCESSIONARIA LOCAL)                                                                                                                                                                                                                                                                                                                                                            ","UN    ",181.02]
[1871,"CAIXA OCTOGONAL DE FUNDO MOVEL, EM PVC, DE 3\" X 3\", PARA ELETRODUTO FLEXIVEL CORRUGADO                                                                                                                                                                                                                                                                                                                                                                                                                    ","UN    ",4.69]
[12001,"CAIXA OCTOGONAL DE FUNDO MOVEL, EM PVC, DE 4\" X 4\", PARA ELETRODUTO FLEXIVEL CORRUGADO                                                                                                                                                                                                                                                                                                                                                                                                                    ","UN    ",6.78]
[11882,"CAIXA PARA HIDROMETRO CONCRETO PRE MOLDADO, *0,24 M X 0,45 M X 0,30* M (L X C X A)                                                                                                                                                                                                                                                                                                                                                                                                                        ","UN    ",125.41]
[1068,"CAIXA PARA MEDICAO COLETIVA TIPO L, PADRAO BIFASICO OU TRIFASICO, PARA ATE 4 MEDIDORES, SEM BARRAMENTO E COM PORTAS INFERIOR E SUPERIOR                                                                                                                                                                                                                                                                                                                                                                   ","UN    ",{"v":2080.68,"d":"2,080.68"}]
[39690,"CAIXA PARA MEDICAO COLETIVA TIPO M, PADRAO BIFASICO OU TRIFASICO, PARA ATE 8 MEDIDORES, SEM BARRAMENTO E COM PORTAS INFERIOR E SUPERIOR                                                                                                                                                                                                                                                                                                                                                                   ","UN    ",{"v":3490.69,"d":"3,490.69"}]
[39691,"CAIXA PARA MEDICAO COLETIVA TIPO N, PADRAO BIFASICO OU TRIFASICO, PARA ATE 12 MEDIDORES, SEM BARRAMENTO E COM PORTAS INFERIOR E SUPERIOR                                                                                                                                                                                                                                                                                                                                                                  ","UN    ",{"v":4390.31,"d":"4,390.31"}]
[39808,"CAIXA PARA MEDIDOR MONOFASICO, EM POLICARBONATO / TERMOPLASTICO, PARA ALOJAR 1 DISJUNTOR (PADRAO DA CONCESSIONARIA LOCAL)                                                                                                                                                                                                                                                                                                                                                                                 ","UN    ",94.51]
[39809,"CAIXA PARA MEDIDOR POLIFASICO, EM POLICARBONATO / TERMOPLASTICO, PARA ALOJAR 1 DISJUNTOR (PADRAO DA CONCESSIONARIA LOCAL)                                                                                                                                                                                                                                                                                                                                                                                 ","UN    ",224.16]
[43439,"CAIXA PRE-MOLDADA PARA BOCA DE LOBO, EM CONCRETO ARMADO, COM FCK DE 25 MPA, COM DIMENSOES 1,10 X 0,65 X 1,00 M (COMPRIMENTO X LARGURA X ALTURA)                                                                                                                                                                                                                                                                                                                                                           ","UN    ",575.69]
[5103,"CAIXA SIFONADA PVC, 100 X 100 X 50 MM, COM GRELHA REDONDA, BRANCA                                                                                                                                                                                                                                                                                                                                                                                                                                         ","UN    ",23.44]
[11880,"CAIXA SIFONADA PVC, 250 X 230 X 75 MM, COM TAMPA CEGA QUADRADA, BRANCA                                                                                                                                                                                                                                                                                                                                                                                                                                    ","UN    ",98.62]
[11714,"CAIXA SIFONADA, PVC, 150 X *185* X 75 MM, COM GRELHA QUADRADA, BRANCA                                                                                                                                                                                                                                                                                                                                                                                                                                     ","UN    ",67.18]
[11712,"CAIXA SIFONADA, PVC, 150 X 150 X 50 MM, COM GRELHA QUADRADA, BRANCA (NBR 5688)                                                                                                                                                                                                                                                                                                                                                                                                                            ","UN    ",43.87]
[11717,"CAIXA SIFONADA, PVC, 150 X 150 X 50 MM, COM GRELHA REDONDA, BRANCA                                                                                                                                                                                                                                                                                                                                                                                                                                        ","UN    ",52.88]
[1106,"CAL HIDRATADA CH-I PARA ARGAMASSAS                                                                                                                                                                                                                                                                                                                                                                                                                                                                        ","KG    ",1]
[11161,"CAL HIDRATADA PARA PINTURA                                                                                                                                                                                                                                                                                                                                                                                                                                                                                ","KG    ",1.67]
[1107,"CAL VIRGEM COMUM PARA ARGAMASSAS (NBR 6453)                                                                                                                                                                                                                                                                                                                                                                                                                                                               ","KG    ",0.85]
[44479,"CALCARIO DOLOMITICO A (POSTO PEDREIRA/FORNECEDOR,  SEM FRETE)                                                                                                                                                                                                                                                                                                                                                                                                                                             ","KG    ",0.22]
[4759,"CALCETEIRO / RASTELEIRO (HORISTA)                                                                                                                                                                                                                                                                                                                                                                                                                                                                         ","H     ",17.91]
[41068,"CALCETEIRO / RASTELEIRO (MENSALISTA)                                                                                                                                                                                                                                                                                                                                                                                                                                                                      ","MES   ",{"v":3154.07,"d":"3,154.07"}]
[12618,"CALHA / PERFIL PLUVIAL DE PVC, DIAMETRO ENTRE *119 E 170* MM, COMPRIMENTO DE 3 M, PARA DRENAGEM PLUVIAL PREDIAL                                                                                                                                                                                                                                                                                                                                                                                           ","UN    ",161.44]
[1108,"CALHA MOLDURA AMERICANA DE CHAPA DE ACO GALVANIZADA NUM 26, CORTE 33 CM                                                                                                                                                                                                                                                                                                                                                                                                                                   ","M     ",33.93]
[1117,"CALHA PARA AGUA FURTADA DE CHAPA DE ACO GALVANIZADA NUM 26, CORTE 40 CM                                                                                                                                                                                                                                                                                                                                                                                                                                   ","M     ",34.2]
[1118,"CALHA PARA AGUA FURTADA DE CHAPA DE ACO GALVANIZADA NUM 26, CORTE 50 CM                                                                                                                                                                                                                                                                                                                                                                                                                                   ","M     ",40.42]
[1110,"CALHA PLATIBANDA DE CHAPA DE ACO GALVANIZADA NUM 26, CORTE 45 CM                                                                                                                                                                                                                                                                                                                                                                                                                                          ","M     ",40.42]
[40784,"CALHA QUADRADA DE CHAPA DE ACO GALVANIZADA NUM 24, CORTE 100 CM                                                                                                                                                                                                                                                                                                                                                                                                                                           ","M     ",111.48]
[40782,"CALHA QUADRADA DE CHAPA DE ACO GALVANIZADA NUM 24, CORTE 33 CM                                                                                                                                                                                                                                                                                                                                                                                                                                            ","M     ",43.75]
[40783,"CALHA QUADRADA DE CHAPA DE ACO GALVANIZADA NUM 24, CORTE 50 CM                                                                                                                                                                                                                                                                                                                                                                                                                                            ","M     ",56.99]
[1109,"CALHA QUADRADA DE CHAPA DE ACO GALVANIZADA NUM 26, CORTE 33 CM                                                                                                                                                                                                                                                                                                                                                                                                                                            ","M     ",33.93]
[1119,"CALHA QUADRADA DE CHAPA DE ACO GALVANIZADA NUM 28, CORTE 25 CM                                                                                                                                                                                                                                                                                                                                                                                                                                            ","M     ",21.87]
[13115,"CALHA/CANALETA DE CONCRETO SIMPLES, TIPO MEIA CANA, DIAMETRO DE 20 CM, PARA AGUA PLUVIAL                                                                                                                                                                                                                                                                                                                                                                                                                  ","M     ",25.13]
[10541,"CALHA/CANALETA DE CONCRETO SIMPLES, TIPO MEIA CANA, DIAMETRO DE 30 CM, PARA AGUA PLUVIAL                                                                                                                                                                                                                                                                                                                                                                                                                  ","M     ",30.71]
[10542,"CALHA/CANALETA DE CONCRETO SIMPLES, TIPO MEIA CANA, DIAMETRO DE 40 CM, PARA AGUA PLUVIAL                                                                                                                                                                                                                                                                                                                                                                                                                  ","M     ",40.16]
[10543,"CALHA/CANALETA DE CONCRETO SIMPLES, TIPO MEIA CANA, DIAMETRO DE 50 CM, PARA AGUA PLUVIAL                                                                                                                                                                                                                                                                                                                                                                                                                  ","M     ",65.16]
[10544,"CALHA/CANALETA DE CONCRETO SIMPLES, TIPO MEIA CANA, DIAMETRO DE 60 CM, PARA AGUA PLUVIAL                                                                                                                                                                                                                                                                                                                                                                                                                  ","M     ",84.28]
[10545,"CALHA/CANALETA DE CONCRETO SIMPLES, TIPO MEIA CANA, DIAMETRO DE 80 CM, PARA AGUA PLUVIAL                                                                                                                                                                                                                                                                                                                                                                                                                  ","M     ",157.51]
[38365,"CAMADA SEPARADORA DE FILME DE POLIETILENO 20 A 25 MICRA                                                                                                                                                                                                                                                                                                                                                                                                                                                   ","M2    ",2.4]
[44056,"CAMINHAO TOCO, PESO BRUTO TOTAL 10700 KG, CARGA UTIL MAXIMA 7400 KG, DISTANCIA ENTRE EIXOS 4,00 M, POTENCIA 175 CV (INCLUI CABINE E CHASSI, NAO INCLUI CARROCERIA)                                                                                                                                                                                                                                                                                                                                        ","UN    ",{"v":475095.87,"d":"475,095.87"}]
[44057,"CAMINHAO TOCO, PESO BRUTO TOTAL 13200 KG, CARGA UTIL MAXIMA 9200 KG, DISTANCIA ENTRE EIXOS 3,31 M, POTENCIA 175 CV (INCLUI CABINE E CHASSI, NAO INCLUI CARROCERIA)                                                                                                                                                                                                                                                                                                                                        ","UN    ",{"v":507073.5,"d":"507,073.50"}]
[37754,"CAMINHAO TOCO, PESO BRUTO TOTAL 14300 KG, CARGA UTIL MAXIMA 9480 KG, DISTANCIA ENTRE EIXOS 4,80 M, POTENCIA 185 CV (INCLUI CABINE E CHASSI, NAO INCLUI CARROCERIA)                                                                                                                                                                                                                                                                                                                                        ","UN    ",{"v":524250.05,"d":"524,250.05"}]
[37757,"CAMINHAO TOCO, PESO BRUTO TOTAL 16000 KG, CARGA UTIL MAXIMA 10600 KG, DISTANCIA ENTRE EIXOS 4,80 M, POTENCIA 277 CV (INCLUI CABINE E CHASSI, NAO INCLUI CARROCERIA)                                                                                                                                                                                                                                                                                                                                       ","UN    ",{"v":584733.42,"d":"584,733.42"}]
[44058,"CAMINHAO TOCO, PESO BRUTO TOTAL 16000 KG, CARGA UTIL MAXIMA 10830 KG, DISTANCIA ENTRE EIXOS 3,56 M, POTENCIA 226 CV (INCLUI CABINE E CHASSI, NAO INCLUI CARROCERIA)                                                                                                                                                                                                                                                                                                                                       ","UN    ",{"v":552755.8,"d":"552,755.80"}]
[37752,"CAMINHAO TOCO, PESO BRUTO TOTAL 16000 KG, CARGA UTIL MAXIMA 11030 KG, DISTANCIA ENTRE EIXOS 5,41 M, POTENCIA 185 CV (INCLUI CABINE E CHASSI, NAO INCLUI CARROCERIA)                                                                                                                                                                                                                                                                                                                                       ","UN    ",{"v":575596.92,"d":"575,596.92"}]
[44059,"CAMINHAO TOCO, PESO BRUTO TOTAL 8500 KG, CARGA UTIL MAXIMA 5600 KG, DISTANCIA ENTRE EIXOS 3,40 M, POTENCIA 167 CV (INCLUI CABINE E CHASSI, NAO INCLUI CARROCERIA)                                                                                                                                                                                                                                                                                                                                         ","UN    ",{"v":454995.68,"d":"454,995.68"}]
[37750,"CAMINHAO TOCO, PESO BRUTO TOTAL 9600 KG, CARGA UTIL MAXIMA 6190 KG, DISTANCIA ENTRE EIXOS 3,70 M, POTENCIA 156 CV (INCLUI CABINE E CHASSI, NAO INCLUI CARROCERIA)                                                                                                                                                                                                                                                                                                                                         ","UN    ",{"v":455909.32,"d":"455,909.32"}]
[37758,"CAMINHAO TRUCADO, PESO BRUTO TOTAL 23000 KG, CARGA UTIL MAXIMA 15285 KG, DISTANCIA ENTRE EIXOS 4,80 M, POTENCIA 326 CV (INCLUI CABINE E CHASSI, NAO INCLUI CARROCERIA)                                                                                                                                                                                                                                                                                                                                    ","UN    ",{"v":725434.86,"d":"725,434.86"}]
[44060,"CAMINHAO TRUCADO, PESO BRUTO TOTAL 23000 KG, CARGA UTIL MAXIMA 15460 KG, DISTANCIA ENTRE EIXOS 4,80 M, POTENCIA 286 CV (INCLUI CABINE E CHASSI, NAO INCLUI CARROCERIA)                                                                                                                                                                                                                                                                                                                                    ","UN    ",{"v":701680.09,"d":"701,680.09"}]
[37749,"CAMINHAO TRUCADO, PESO BRUTO TOTAL 23000 KG, CARGA UTIL MAXIMA 16360 KG, CABINE ESTENDIDA, DISTANCIA ENTRE EIXOS 3,56 M, POTENCIA 277 CV (INCLUI CABINE E CHASSI, NAO INCLUI CARROCERIA)                                                                                                                                                                                                                                                                                                                  ","UN    ",{"v":749189.68,"d":"749,189.68"}]
[44061,"CAMINHAO TRUCADO, PESO BRUTO TOTAL 23000 KG, CARGA UTIL MAXIMA 16540 KG, DISTANCIA ENTRE EIXOS 4,80 M, POTENCIA 256 CV (INCLUI CABINE E CHASSI, NAO INCLUI CARROCERIA)                                                                                                                                                                                                                                                                                                                                    ","UN    ",{"v":687975.41,"d":"687,975.41"}]
[1159,"CAMINHONETE COM MOTOR A DIESEL, POTENCIA *160* CV, CABINE DUPLA, 4X4                                                                                                                                                                                                                                                                                                                                                                                                                                      ","UN    ",{"v":273970.5,"d":"273,970.50"}]
[12114,"CAMPAINHA ALTA POTENCIA 110V / 220V, DIAMETRO 150 MM                                                                                                                                                                                                                                                                                                                                                                                                                                                      ","UN    ",123.87]
[38106,"CAMPAINHA CIGARRA 127 V / 220 V (APENAS MODULO)                                                                                                                                                                                                                                                                                                                                                                                                                                                           ","UN    ",16.83]
[38085,"CAMPAINHA CIGARRA 127 V / 220 V, CONJUNTO MONTADO PARA EMBUTIR 4\" X 2\" (PLACA + SUPORTE + MODULO)                                                                                                                                                                                                                                                                                                                                                                                                         ","UN    ",19.88]
[38599,"CANALETA DE CONCRETO ESTRUTURAL 14 X 19 X 29 CM, FBK 14 MPA (NBR 6136)                                                                                                                                                                                                                                                                                                                                                                                                                                    ","UN    ",6.31]
[38596,"CANALETA DE CONCRETO ESTRUTURAL 14 X 19 X 29 CM, FBK 4,5 MPA (NBR 6136)                                                                                                                                                                                                                                                                                                                                                                                                                                   ","UN    ",5.24]
[38600,"CANALETA DE CONCRETO ESTRUTURAL 14 X 19 X 39 CM, FBK 14 MPA (NBR 6136)                                                                                                                                                                                                                                                                                                                                                                                                                                    ","UN    ",6.69]
[38597,"CANALETA DE CONCRETO ESTRUTURAL 14 X 19 X 39 CM, FBK 4,5 MPA (NBR 6136)                                                                                                                                                                                                                                                                                                                                                                                                                                   ","UN    ",5.27]
[659,"CANALETA DE CONCRETO 14 X 19 X 19 CM (CLASSE C - NBR 6136)                                                                                                                                                                                                                                                                                                                                                                                                                                                ","UN    ",3.03]
[660,"CANALETA DE CONCRETO 19 X 19 X 19 CM (CLASSE C - NBR 6136)                                                                                                                                                                                                                                                                                                                                                                                                                                                ","UN    ",3.63]
[658,"CANALETA DE CONCRETO 9 X 19 X 19 CM (CLASSE C - NBR 6136)                                                                                                                                                                                                                                                                                                                                                                                                                                                 ","UN    ",2.05]
[38548,"CANALETA ESTRUTURAL CERAMICA, 14 X 19 X 19 CM, 6,0 MPA (NBR 15270)                                                                                                                                                                                                                                                                                                                                                                                                                                        ","UN    ",2.31]
[34649,"CANALETA ESTRUTURAL CERAMICA, 14 X 19 X 29 CM, 6,0 MPA (NBR 15270)                                                                                                                                                                                                                                                                                                                                                                                                                                        ","UN    ",3.13]
[34655,"CANALETA ESTRUTURAL CERAMICA, 14 X 19 X 39 CM, 6,0 MPA (NBR 15270)                                                                                                                                                                                                                                                                                                                                                                                                                                        ","UN    ",4.16]
[40607,"CANOPLA ACABAMENTO CROMADO PARA INSTALACAO DE SPRINKLER, SOB FORRO, 15 MM                                                                                                                                                                                                                                                                                                                                                                                                                                 ","UN    ",3.81]
[567,"CANTONEIRA (ABAS IGUAIS) EM ACO CARBONO, 25,4 MM X 3,17 MM (L X E), 1,27KG/M                                                                                                                                                                                                                                                                                                                                                                                                                              ","M     ",10.4]
[574,"CANTONEIRA (ABAS IGUAIS) EM ACO CARBONO, 38,1 MM X 3,17 MM (L X E), 3,48 KG/M                                                                                                                                                                                                                                                                                                                                                                                                                             ","M     ",27.34]
[568,"CANTONEIRA (ABAS IGUAIS) EM ACO CARBONO, 50,8 MM X 9,53 MM (L X E), 6,99 KG/M                                                                                                                                                                                                                                                                                                                                                                                                                             ","M     ",57.61]
[4777,"CANTONEIRA ACO ABAS IGUAIS (QUALQUER BITOLA), ESPESSURA ENTRE 1/8\" E 1/4\"                                                                                                                                                                                                                                                                                                                                                                                                                                 ","KG    ",8.02]
[592,"CANTONEIRA EM ALUMINIO, ABAS IGUAIS, LARGURA DE 25,40 MM (1\"), ESPESSURA DE 3,17 MM (1/8\") E PESO LINEAR DE APROXIMADAMENTE 0,408 KG/M                                                                                                                                                                                                                                                                                                                                                                    ","KG    ",31.48]
[586,"CANTONEIRA EM ALUMINIO, ABAS IGUAIS, LARGURA DE 25,40 MM (1\"), ESPESSURA DE 4,76 MM (3/16\") E PESO LINEAR DE APROXIMADAMENTEO 0,593 KG/M                                                                                                                                                                                                                                                                                                                                                                  ","M     ",18.51]
[588,"CANTONEIRA EM ALUMINIO, ABAS IGUAIS, LARGURA DE 31,75 MM (1 1/4\"), ESPESSURA DE 4,76 MM (3/16\") E PESO LINEAR DE APROXIMADAMENTE 0,755 KG/M                                                                                                                                                                                                                                                                                                                                                               ","M     ",29.27]
[591,"CANTONEIRA EM ALUMINIO, ABAS IGUAIS, LARGURA DE 38,10 MM (1 1/2\"), ESPESSURA DE 4,76 MM (3/16\") E PESO LINEAR DE APROXIMADAMENTE 0,915 KG/M                                                                                                                                                                                                                                                                                                                                                               ","KG    ",29.38]
[584,"CANTONEIRA EM ALUMINIO, ABAS IGUAIS, LARGURA DE 50,80 MM (2\") , ESPESSURA DE 3,17 MM (1/8\") E PESO LINEAR DE APROXIMADAMENTE 0,842 KG/M                                                                                                                                                                                                                                                                                                                                                                   ","M     ",31.27]
[589,"CANTONEIRA EM ALUMINIO, ABAS IGUAIS, LARGURA DE 50,80 MM (2\"), ESPESSURA DE 6,35 MM (1/4\") E PESO LINEAR DE APROXIMADAMENTE 1,630 KG/M                                                                                                                                                                                                                                                                                                                                                                    ","M     ",49.48]
[1165,"CAP OU TAMPAO DE FERRO GALVANIZADO, COM ROSCA BSP, DE 1 1/2\"                                                                                                                                                                                                                                                                                                                                                                                                                                              ","UN    ",15.57]
[1164,"CAP OU TAMPAO DE FERRO GALVANIZADO, COM ROSCA BSP, DE 1 1/4\"                                                                                                                                                                                                                                                                                                                                                                                                                                              ","UN    ",12.61]
[1162,"CAP OU TAMPAO DE FERRO GALVANIZADO, COM ROSCA BSP, DE 1/2\"                                                                                                                                                                                                                                                                                                                                                                                                                                                ","UN    ",4.38]
[12395,"CAP OU TAMPAO DE FERRO GALVANIZADO, COM ROSCA BSP, DE 1/4\"                                                                                                                                                                                                                                                                                                                                                                                                                                                ","UN    ",4.26]
[1170,"CAP OU TAMPAO DE FERRO GALVANIZADO, COM ROSCA BSP, DE 1\"                                                                                                                                                                                                                                                                                                                                                                                                                                                  ","UN    ",8.26]
[1169,"CAP OU TAMPAO DE FERRO GALVANIZADO, COM ROSCA BSP, DE 2 1/2\"                                                                                                                                                                                                                                                                                                                                                                                                                                              ","UN    ",40.56]
[1166,"CAP OU TAMPAO DE FERRO GALVANIZADO, COM ROSCA BSP, DE 2\"                                                                                                                                                                                                                                                                                                                                                                                                                                                  ","UN    ",22.49]
[1163,"CAP OU TAMPAO DE FERRO GALVANIZADO, COM ROSCA BSP, DE 3/4\"                                                                                                                                                                                                                                                                                                                                                                                                                                                ","UN    ",5.67]
[12396,"CAP OU TAMPAO DE FERRO GALVANIZADO, COM ROSCA BSP, DE 3/8\"                                                                                                                                                                                                                                                                                                                                                                                                                                                ","UN    ",4.26]
[1168,"CAP OU TAMPAO DE FERRO GALVANIZADO, COM ROSCA BSP, DE 3\"                                                                                                                                                                                                                                                                                                                                                                                                                                                  ","UN    ",57.83]
[1167,"CAP OU TAMPAO DE FERRO GALVANIZADO, COM ROSCA BSP, DE 4\"                                                                                                                                                                                                                                                                                                                                                                                                                                                  ","UN    ",96.73]
[36331,"CAP PPR DN 20 MM, PARA AGUA QUENTE PREDIAL                                                                                                                                                                                                                                                                                                                                                                                                                                                                ","UN    ",2.21]
[36346,"CAP PPR DN 25 MM, PARA AGUA QUENTE PREDIAL                                                                                                                                                                                                                                                                                                                                                                                                                                                                ","UN    ",3.32]
[1197,"CAP PVC, ROSCAVEL, 1/2\", PARA AGUA FRIA PREDIAL                                                                                                                                                                                                                                                                                                                                                                                                                                                           ","UN    ",1.67]
[1202,"CAP PVC, ROSCAVEL, 1\",  PARA AGUA FRIA PREDIAL                                                                                                                                                                                                                                                                                                                                                                                                                                                            ","UN    ",4.73]
[1198,"CAP PVC, ROSCAVEL, 3/4\",  PARA AGUA FRIA PREDIAL                                                                                                                                                                                                                                                                                                                                                                                                                                                          ","UN    ",2.18]
[20088,"CAP PVC, SERIE R, DN 100 MM, PARA ESGOTO PREDIAL                                                                                                                                                                                                                                                                                                                                                                                                                                                          ","UN    ",12.42]
[20089,"CAP PVC, SERIE R, DN 150 MM, PARA ESGOTO PREDIAL                                                                                                                                                                                                                                                                                                                                                                                                                                                          ","UN    ",60.89]
[20087,"CAP PVC, SERIE R, DN 75 MM, PARA ESGOTO PREDIAL                                                                                                                                                                                                                                                                                                                                                                                                                                                           ","UN    ",10.28]
[1200,"CAP PVC, SOLDAVEL, DN 100 MM, SERIE NORMAL, PARA ESGOTO PREDIAL                                                                                                                                                                                                                                                                                                                                                                                                                                           ","UN    ",9.33]
[12909,"CAP PVC, SOLDAVEL, DN 50 MM, SERIE NORMAL, PARA ESGOTO PREDIAL                                                                                                                                                                                                                                                                                                                                                                                                                                            ","UN    ",4.33]
[12910,"CAP PVC, SOLDAVEL, DN 75 MM, SERIE NORMAL, PARA ESGOTO PREDIAL                                                                                                                                                                                                                                                                                                                                                                                                                                            ","UN    ",7.78]
[1191,"CAP PVC, SOLDAVEL, 20 MM, PARA AGUA FRIA PREDIAL                                                                                                                                                                                                                                                                                                                                                                                                                                                          ","UN    ",1.19]
[1185,"CAP PVC, SOLDAVEL, 25 MM, PARA AGUA FRIA PREDIAL                                                                                                                                                                                                                                                                                                                                                                                                                                                          ","UN    ",1.19]
[1189,"CAP PVC, SOLDAVEL, 32 MM, PARA AGUA FRIA PREDIAL                                                                                                                                                                                                                                                                                                                                                                                                                                                          ","UN    ",1.94]
[1193,"CAP PVC, SOLDAVEL, 40 MM, PARA AGUA FRIA PREDIAL                                                                                                                                                                                                                                                                                                                                                                                                                                                          ","UN    ",3.74]
[1194,"CAP PVC, SOLDAVEL, 50 MM, PARA AGUA FRIA PREDIAL                                                                                                                                                                                                                                                                                                                                                                                                                                                          ","UN    ",6.75]
[1195,"CAP PVC, SOLDAVEL, 60 MM, PARA AGUA FRIA PREDIAL                                                                                                                                                                                                                                                                                                                                                                                                                                                          ","UN    ",11.36]
[1204,"CAP PVC, SOLDAVEL, 75 MM, PARA AGUA FRIA PREDIAL                                                                                                                                                                                                                                                                                                                                                                                                                                                          ","UN    ",19.87]
[1207,"CAP, PVC PBA, JE, DN 100 / DE 110 MM,  PARA REDE DE AGUA (NBR 10351)                                                                                                                                                                                                                                                                                                                                                                                                                                      ","UN    ",26.66]
[1206,"CAP, PVC PBA, JE, DN 50 / DE 60 MM,  PARA REDE DE AGUA (NBR 10351)                                                                                                                                                                                                                                                                                                                                                                                                                                        ","UN    ",6.68]
[1183,"CAP, PVC PBA, JE, DN 75 / DE 85 MM,  PARA REDE DE AGUA (NBR 10351)                                                                                                                                                                                                                                                                                                                                                                                                                                        ","UN    ",17.41]
[42685,"CAP, PVC, JE, OCRE, DN 150 MM (CONEXAO PARA TUBO COLETOR DE ESGOTO)                                                                                                                                                                                                                                                                                                                                                                                                                                       ","UN    ",63.1]
[42686,"CAP, PVC, JE, OCRE, DN 200 MM (CONEXAO PARA TUBO COLETOR DE ESGOTO)                                                                                                                                                                                                                                                                                                                                                                                                                                       ","UN    ",69.5]
[12894,"CAPA PARA CHUVA EM PVC COM FORRO DE POLIESTER, COM CAPUZ (AMARELA OU AZUL)                                                                                                                                                                                                                                                                                                                                                                                                                                ","UN    ",22.9]
[12895,"CAPACETE DE SEGURANCA ABA FRONTAL COM SUSPENSAO DE POLIETILENO, SEM JUGULAR (CLASSE B)                                                                                                                                                                                                                                                                                                                                                                                                                    ","UN    ",17.62]
[1631,"CAPACITOR TRIFASICO, POTENCIA 2,5 KVAR, TENSAO 220 V, FORNECIDO COM CAPA PROTETORA, RESISTOR INTERNO A UNIDADE CAPACITIVA                                                                                                                                                                                                                                                                                                                                                                                 ","UN    ",139.71]
[1633,"CAPACITOR TRIFASICO, POTENCIA 5 KVAR, TENSAO 220 V, FORNECIDO COM CAPA PROTETORA, RESISTOR INTERNO A UNIDADE CAPACITIVA                                                                                                                                                                                                                                                                                                                                                                                   ","UN    ",237.38]
[10818,"CAPIM BRAQUIARIA DECUMBENS/ BRAQUIARINHA, VC *70*% MINIMO                                                                                                                                                                                                                                                                                                                                                                                                                                                 ","KG    ",52.57]
[41410,"CAPTOR FRANKLIN (4 PONTAS), EM LATAO CROMADO, H = 300 MM, DUAS DESCIDAS                                                                                                                                                                                                                                                                                                                                                                                                                                   ","UN    ",89.59]
[41411,"CAPTOR FRANKLIN (4 PONTAS), EM LATAO CROMADO, H = 300 MM, UMA DESCIDA                                                                                                                                                                                                                                                                                                                                                                                                                                     ","UN    ",81.22]
[41412,"CAPTOR FRANKLIN (4 PONTAS), EM LATAO CROMADO, H = 350 MM, DUAS DESCIDAS                                                                                                                                                                                                                                                                                                                                                                                                                                   ","UN    ",157.09]
[41413,"CAPTOR FRANKLIN (4 PONTAS), EM LATAO CROMADO, H=350 MM, UMA DESCIDA                                                                                                                                                                                                                                                                                                                                                                                                                                       ","UN    ",141.36]
[39359,"CARENAGEM /TAMPA, EM PLASTICO, COR BRANCA, UTILIZADO EM KIT CHASSI METALICO PARA INSTAL. HIDRAULICA DE CUBA SIMPLES SEM MAQUINA DE LAVAR ROUPA, *355* X *670* MM (L X H) (COM FUROS E DEMAIS ENCAIXES)                                                                                                                                                                                                                                                                                                    ","UN    ",33.65]
[39360,"CARENAGEM /TAMPA, EM PLASTICO, COR BRANCA, UTILIZADO EM KIT CHASSI METALICO PARA INSTAL. HIDRAULICA DE TANQUE COM MAQUINA DE LAVAR ROUPA, *360* X *470* MM (L X H) (COM FUROS E DEMAIS ENCAIXES)                                                                                                                                                                                                                                                                                                          ","UN    ",33.65]
[10710,"CARPETE DE NYLON EM MANTA PARA TRAFEGO COMERCIAL PESADO, E = 6 A 7 MM (INSTALADO)                                                                                                                                                                                                                                                                                                                                                                                                                         ","M2    ",150.43]
[10709,"CARPETE DE NYLON EM MANTA PARA TRAFEGO COMERCIAL PESADO, E = 9 A 10 MM (INSTALADO)                                                                                                                                                                                                                                                                                                                                                                                                                        ","M2    ",184.81]
[39636,"CARPETE DE NYLON EM PLACAS 50 X 50 CM PARA TRAFEGO COMERCIAL PESADO, E = 6,5 MM (INSTALADO)                                                                                                                                                                                                                                                                                                                                                                                                               ","M2    ",188.72]
[10708,"CARPETE DE POLIESTER EM MANTA PARA TRAFEGO COMERCIAL PESADO, E = 4 A 5 MM (INSTALADO)                                                                                                                                                                                                                                                                                                                                                                                                                     ","M2    ",58.23]
[39635,"CARPETE DE POLIPROPILENO EM MANTA PARA TRAFEGO COMERCIAL MEDIO, E = 5 A 6 MM (INSTALADO)                                                                                                                                                                                                                                                                                                                                                                                                                  ","M2    ",99.14]
[6117,"CARPINTEIRO AUXILIAR (HORISTA)                                                                                                                                                                                                                                                                                                                                                                                                                                                                            ","H     ",15.94]
[40913,"CARPINTEIRO AUXILIAR (MENSALISTA)                                                                                                                                                                                                                                                                                                                                                                                                                                                                         ","MES   ",{"v":2806.93,"d":"2,806.93"}]
[1214,"CARPINTEIRO DE ESQUADRIAS (HORISTA)                                                                                                                                                                                                                                                                                                                                                                                                                                                                       ","H     ",18.63]
[40915,"CARPINTEIRO DE ESQUADRIAS (MENSALISTA)                                                                                                                                                                                                                                                                                                                                                                                                                                                                    ","MES   ",{"v":3279.13,"d":"3,279.13"}]
[1213,"CARPINTEIRO DE FORMAS (HORISTA)                                                                                                                                                                                                                                                                                                                                                                                                                                                                           ","H     ",19.79]
[40914,"CARPINTEIRO DE FORMAS (MENSALISTA)                                                                                                                                                                                                                                                                                                                                                                                                                                                                        ","MES   ",{"v":3482.33,"d":"3,482.33"}]
[5091,"CARRANCA PARA JANELA VENEZIANA DE ABRIR, EM LATAO CROMADO, SIMPLES, PARA APARAFUSAR NA PAREDE                                                                                                                                                                                                                                                                                                                                                                                                             ","UN    ",22.38]
[14615,"CARRINHO COM 2 PNEUS PARA TRANSPORTAR TUBO CONCRETO, ALTURA ATE 1,0 M E DIAMETRO ATE 1000MM, COM ESTRUTURA EM PERFIL OU TUBO METALICO                                                                                                                                                                                                                                                                                                                                                                     ","UN    ",{"v":3452.55,"d":"3,452.55"}]
[2711,"CARRINHO DE MAO DE ACO CAPACIDADE 50 A 60 L, PNEU COM CAMARA                                                                                                                                                                                                                                                                                                                                                                                                                                              ","UN    ",311.52]
[37727,"CARROCERIA FIXA ABERTA DE MADEIRA PARA TRANSPORTE GERAL DE CARGA SECA DIMENSOES APROXIMADAS 2,25 X 4,10 X 0,50 M (INCLUI MONTAGEM, NAO INCLUI CAMINHAO)                                                                                                                                                                                                                                                                                                                                                   ","UN    ",{"v":17085,"d":"17,085.00"}]
[37728,"CARROCERIA FIXA ABERTA DE MADEIRA PARA TRANSPORTE GERAL DE CARGA SECA DIMENSOES APROXIMADAS 2,5 X 5,5 X 0,50 M (INCLUI MONTAGEM, NAO INCLUI CAMINHAO)                                                                                                                                                                                                                                                                                                                                                     ","UN    ",{"v":23178.25,"d":"23,178.25"}]
[37729,"CARROCERIA FIXA ABERTA DE MADEIRA PARA TRANSPORTE GERAL DE CARGA SECA DIMENSOES APROXIMADAS 2,5 X 6,00 X 0,50 M (INCLUI MONTAGEM, NAO INCLUI CAMINHAO)                                                                                                                                                                                                                                                                                                                                                    ","UN    ",{"v":25089.86,"d":"25,089.86"}]
[37730,"CARROCERIA FIXA ABERTA DE MADEIRA PARA TRANSPORTE GERAL DE CARGA SECA DIMENSOES APROXIMADAS 2,5 X 6,5 X 0,50 M (INCLUI MONTAGEM, NAO INCLUI CAMINHAO)                                                                                                                                                                                                                                                                                                                                                     ","UN    ",{"v":27001.46,"d":"27,001.46"}]
[37731,"CARROCERIA FIXA ABERTA DE MADEIRA PARA TRANSPORTE GERAL DE CARGA SECA DIMENSOES APROXIMADAS 2,5 X 7,00 X 0,50 M (INCLUI MONTAGEM, NAO INCLUI CAMINHAO)                                                                                                                                                                                                                                                                                                                                                    ","UN    ",{"v":28913.07,"d":"28,913.07"}]
[37732,"CARROCERIA FIXA ABERTA DE MADEIRA PARA TRANSPORTE GERAL DE CARGA SECA DIMENSOES APROXIMADAS 2,5 X 7,5 X 0,50 M (INCLUI MONTAGEM, NAO INCLUI CAMINHAO)                                                                                                                                                                                                                                                                                                                                                     ","UN    ",{"v":32975.24,"d":"32,975.24"}]
[42256,"CARVAO ANTRACITO PARA FILTRO, GRAO VARIANDO DE 0,8 ATE 1,1 MM, COEFICIENTE DE UNIFORMIDADE MENOR QUE 1,7 MM (DISTRIBUIDOR)                                                                                                                                                                                                                                                                                                                                                                                ","KG    ",10.91]
[42250,"CARVAO ANTRACITO PARA FILTRO, GRAO VARIANDO DE 0,8 ATE 1,1 MM, COEFICIENTE DE UNIFORMIDADE MENOR QUE 1,7 MM (POSTO JAZIDA/PRODUTOR)                                                                                                                                                                                                                                                                                                                                                                       ","T     ",{"v":4910.89,"d":"4,910.89"}]
[4743,"CASCALHO DE CAVA                                                                                                                                                                                                                                                                                                                                                                                                                                                                                          ","M3    ",84.1]
[4744,"CASCALHO DE RIO                                                                                                                                                                                                                                                                                                                                                                                                                                                                                           ","M3    ",134.57]
[4745,"CASCALHO LAVADO                                                                                                                                                                                                                                                                                                                                                                                                                                                                                           ","M3    ",161.4]
[36496,"CAVALETE PARA TALHA COM ESTRUTURA EM TUBO METALICO ALTURA MINIMA 3,2 M EQUIPADO COM RODAS DE BORRACHA PARA MOVIMENTACAO DE TUBOS DE CONCRETO NA CENTRAL DE PREMOLDADOS COM CAPACIDADE DE CARGA DE 3 TONELADAS                                                                                                                                                                                                                                                                                             ","UN    ",{"v":8765.97,"d":"8,765.97"}]
[10630,"CAVALO MECANICO TRACAO 4X2, PESO BRUTO TOTAL COMBINADO 49000 KG, CAPACIDADE MAXIMA DE TRACAO *66000* KG, POTENCIA *360* CV (INCLUI CABINE E CHASSI, NAO INCLUI SEMIRREBOQUE)                                                                                                                                                                                                                                                                                                                              ","UN    ",{"v":861365.09,"d":"861,365.09"}]
[37762,"CAVALO MECANICO TRACAO 4X2, PESO BRUTO TOTAL 16000 KG, CAPACIDADE MAXIMA DE TRACAO *36000* KG, DISTANCIA ENTRE EIXOS *3,56* M, POTENCIA *286* CV (INCLUI CABINE E CHASSI, NAO INCLUI SEMIRREBOQUE)                                                                                                                                                                                                                                                                                                        ","UN    ",{"v":738740.35,"d":"738,740.35"}]
[37763,"CAVALO MECANICO TRACAO 4X2, PESO BRUTO TOTAL 16000 KG, CAPACIDADE MAXIMA DE TRACAO *45000* KG, DISTANCIA ENTRE EIXOS *3,56* M, POTENCIA *330* CV (INCLUI CABINE E CHASSI, NAO INCLUI SEMIRREBOQUE)                                                                                                                                                                                                                                                                                                        ","UN    ",{"v":747712.78,"d":"747,712.78"}]
[41992,"CAVALO MECANICO TRACAO 4X2, PESO BRUTO TOTAL 16000 KG, CAPACIDADE MAXIMA DE TRACAO *80000* KG, POTENCIA *380* CV (INCLUI CABINE E CHASSI, NAO INCLUI SEMIRREBOQUE)                                                                                                                                                                                                                                                                                                                                        ","UN    ",{"v":850000,"d":"850,000.00"}]
[13215,"CAVALO MECANICO TRACAO 6X2, PESO BRUTO TOTAL COMBINADO 56000 KG, CAPACIDADE MAXIMA DE TRACAO *66000* KG, POTENCIA *360* CV (INCLUI CABINE E CHASSI, NAO INCLUI SEMIRREBOQUE)                                                                                                                                                                                                                                                                                                                              ","UN    ",{"v":1042311.65,"d":"1,042,311.65"}]
[4235,"CAVOUQUEIRO OU OPERADOR DE PERFURATRIZ / ROMPEDOR (HORISTA)                                                                                                                                                                                                                                                                                                                                                                                                                                               ","H     ",16.79]
[40976,"CAVOUQUEIRO OU OPERADOR DE PERFURATRIZ / ROMPEDOR (MENSALISTA)                                                                                                                                                                                                                                                                                                                                                                                                                                            ","MES   ",{"v":2958.11,"d":"2,958.11"}]
[43091,"CENTRO DE MEDICAO AGRUPADA, EM POLICARBONATO / PVC, COM 12 MEDIDORES E PROTECAO GERAL (INCLUI BARRAMENTO, DISJUNTORES E ACESSORIOS DE FIXACAO) (PADRAO CONCESSIONARIA LOCAL)                                                                                                                                                                                                                                                                                                                              ","UN    ",{"v":7560.92,"d":"7,560.92"}]
[43092,"CENTRO DE MEDICAO AGRUPADA, EM POLICARBONATO / PVC, COM 16 MEDIDORES E PROTECAO GERAL (INCLUI BARRAMENTO, DISJUNTORES E ACESSORIOS DE FIXACAO) (PADRAO CONCESSIONARIA LOCAL)                                                                                                                                                                                                                                                                                                                              ","UN    ",{"v":10081.23,"d":"10,081.23"}]
[43089,"CENTRO DE MEDICAO AGRUPADA, EM POLICARBONATO / PVC, COM 4 MEDIDORES E PROTECAO GERAL (INCLUI BARRAMENTO, DISJUNTORES E ACESSORIOS DE FIXACAO) (PADRAO CONCESSIONARIA LOCAL)                                                                                                                                                                                                                                                                                                                               ","UN    ",{"v":1756.94,"d":"1,756.94"}]
[43090,"CENTRO DE MEDICAO AGRUPADA, EM POLICARBONATO / PVC, COM 8 MEDIDORES E PROTECAO GERAL (INCLUI BARRAMENTO, DISJUNTORES E ACESSORIOS DE FIXACAO) (PADRAO CONCESSIONARIA LOCAL)                                                                                                                                                                                                                                                                                                                               ","UN    ",{"v":3877.39,"d":"3,877.39"}]
[41967,"CERA LIQUIDA INCOLOR MULTIPISO                                                                                                                                                                                                                                                                                                                                                                                                                                                                            ","L     ",20.32]
[12760,"CHAPA ACO INOX AISI 304 NUMERO 4 (E = 6 MM), ACABAMENTO NUMERO 1 (LAMINADO A QUENTE, FOSCO)                                                                                                                                                                                                                                                                                                                                                                                                               ","M2    ",{"v":1453.16,"d":"1,453.16"}]
[12759,"CHAPA ACO INOX AISI 304 NUMERO 9 (E = 4 MM), ACABAMENTO NUMERO 1 (LAMINADO A QUENTE, FOSCO)                                                                                                                                                                                                                                                                                                                                                                                                               ","M2    ",968.76]
[43105,"CHAPA DE ACO CARBONO GALVANIZADA, PERFURADA (GRADE FUROS) E = 1,5 MM, DIAMETRO DO FURO = 9,52 MM (FUROS ALTERNADOS HORIZ.)                                                                                                                                                                                                                                                                                                                                                                                ","KG    ",44.13]
[40424,"CHAPA DE ACO CARBONO LAMINADO A QUENTE, QUALIDADE ESTRUTURAL, BITOLA 3/16\", E =4,75 MM (37,29 KG/M2)                                                                                                                                                                                                                                                                                                                                                                                                      ","KG    ",11.21]
[1325,"CHAPA DE ACO FINA A FRIO BITOLA MSG 20, E = 0,90 MM (7,20 KG/M2)                                                                                                                                                                                                                                                                                                                                                                                                                                          ","KG    ",12.28]
[1327,"CHAPA DE ACO FINA A FRIO BITOLA MSG 24, E = 0,60 MM (4,80 KG/M2)                                                                                                                                                                                                                                                                                                                                                                                                                                          ","KG    ",13.07]
[1328,"CHAPA DE ACO FINA A FRIO BITOLA MSG 26, E = 0,45 MM (3,60 KG/M2)                                                                                                                                                                                                                                                                                                                                                                                                                                          ","KG    ",12.31]
[1321,"CHAPA DE ACO FINA A QUENTE BITOLA MSG 13, E = 2,25 MM (18,00 KG/M2)                                                                                                                                                                                                                                                                                                                                                                                                                                       ","KG    ",11.4]
[1318,"CHAPA DE ACO FINA A QUENTE BITOLA MSG 14, E = 2,00 MM (16,0 KG/M2)                                                                                                                                                                                                                                                                                                                                                                                                                                        ","KG    ",11.41]
[1322,"CHAPA DE ACO FINA A QUENTE BITOLA MSG 16, E = 1,50 MM (12,00 KG/M2)                                                                                                                                                                                                                                                                                                                                                                                                                                       ","KG    ",12.05]
[1323,"CHAPA DE ACO FINA A QUENTE BITOLA MSG 18, E = 1,20 MM (9,60 KG/M2)                                                                                                                                                                                                                                                                                                                                                                                                                                        ","KG    ",12.05]
[1319,"CHAPA DE ACO FINA A QUENTE BITOLA MSG 3/16 \", E = 4,75 MM (38,00 KG/M2)                                                                                                                                                                                                                                                                                                                                                                                                                                   ","KG    ",10.15]
[11026,"CHAPA DE ACO GALVANIZADA BITOLA GSG 14, E = 1,95 MM (15,60 KG/M2)                                                                                                                                                                                                                                                                                                                                                                                                                                         ","KG    ",13.97]
[11027,"CHAPA DE ACO GALVANIZADA BITOLA GSG 16, E = 1,55 MM (12,40 KG/M2)                                                                                                                                                                                                                                                                                                                                                                                                                                         ","KG    ",14.54]
[11046,"CHAPA DE ACO GALVANIZADA BITOLA GSG 18, E = 1,25 MM (10,00 KG/M2)                                                                                                                                                                                                                                                                                                                                                                                                                                         ","KG    ",13.92]
[11047,"CHAPA DE ACO GALVANIZADA BITOLA GSG 19, E = 1,11 MM (8,88 KG/M2)                                                                                                                                                                                                                                                                                                                                                                                                                                          ","KG    ",15.18]
[43668,"CHAPA DE ACO GALVANIZADA BITOLA GSG 20, E = 0,95 MM (7,60 KG/M2)                                                                                                                                                                                                                                                                                                                                                                                                                                          ","KG    ",13.4]
[11049,"CHAPA DE ACO GALVANIZADA BITOLA GSG 22, E = 0,80 MM (6,40 KG/M2)                                                                                                                                                                                                                                                                                                                                                                                                                                          ","KG    ",14.51]
[43106,"CHAPA DE ACO GALVANIZADA BITOLA GSG 24, E = 0,64 (5,12 KG/M2)                                                                                                                                                                                                                                                                                                                                                                                                                                             ","KG    ",14.6]
[11051,"CHAPA DE ACO GALVANIZADA BITOLA GSG 26, E = 0,50 MM (4,00 KG/M2)                                                                                                                                                                                                                                                                                                                                                                                                                                          ","KG    ",15.23]
[11061,"CHAPA DE ACO GALVANIZADA BITOLA GSG 30, E = 0,35 MM (2,80 KG/M2)                                                                                                                                                                                                                                                                                                                                                                                                                                          ","KG    ",18.28]
[43667,"CHAPA DE ACO GROSSA, ASTM A36, E = 1 \" (25,40 MM) 199,18 KG/M2                                                                                                                                                                                                                                                                                                                                                                                                                                            ","KG    ",13.28]
[1333,"CHAPA DE ACO GROSSA, ASTM A36, E = 1/2 \" (12,70 MM) 99,59 KG/M2                                                                                                                                                                                                                                                                                                                                                                                                                                           ","KG    ",11.06]
[1330,"CHAPA DE ACO GROSSA, ASTM A36, E = 1/4 \" (6,35 MM) 49,79 KG/M2                                                                                                                                                                                                                                                                                                                                                                                                                                            ","KG    ",10.96]
[10957,"CHAPA DE ACO GROSSA, ASTM A36, E = 3/4 \" (19,05 MM) 149,39 KG/M2                                                                                                                                                                                                                                                                                                                                                                                                                                          ","KG    ",12.64]
[1332,"CHAPA DE ACO GROSSA, ASTM A36, E = 3/8 \" (9,53 MM) 74,69 KG/M2                                                                                                                                                                                                                                                                                                                                                                                                                                            ","KG    ",11.24]
[1334,"CHAPA DE ACO GROSSA, ASTM A36, E = 5/8 \" (15,88 MM) 124,49 KG/M2                                                                                                                                                                                                                                                                                                                                                                                                                                          ","KG    ",12.46]
[1335,"CHAPA DE ACO GROSSA, ASTM A36, E = 7/8 \" (22,23 MM) 174,28 KG/M2                                                                                                                                                                                                                                                                                                                                                                                                                                          ","KG    ",12.88]
[40425,"CHAPA DE ACO GROSSA, SAE 1020, BITOLA 1/4\", E = 6,35 MM (49,85 KG/M2)                                                                                                                                                                                                                                                                                                                                                                                                                                     ","KG    ",11.02]
[1337,"CHAPA DE ACO XADREZ PARA PISOS, E = 1/4 \" (6,30 MM) 54,53 KG/M2                                                                                                                                                                                                                                                                                                                                                                                                                                           ","KG    ",12.64]
[1338,"CHAPA DE LAMINADO MELAMINICO, LISO BRILHANTE, DE 1,25 X 3,08 METROS, ESPESSURA = 0,8 MILIMETROS                                                                                                                                                                                                                                                                                                                                                                                                           ","M2    ",77.7]
[1340,"CHAPA DE LAMINADO MELAMINICO, LISO FOSCO, DE 1,25 X 3,08 METROS, ESPESSURA = 0,8 MILIMETROS                                                                                                                                                                                                                                                                                                                                                                                                               ","M2    ",89.83]
[1341,"CHAPA DE LAMINADO MELAMINICO, TEXTURIZADO, DE 1,25 X 3,08 METROS, ESPESSURA = 0,8 MILIMETROS                                                                                                                                                                                                                                                                                                                                                                                                              ","M2    ",86.52]
[34659,"CHAPA DE MDF BRANCO LISO 1 FACE, E = 12 MM, DE *2,75 X 1,85* M                                                                                                                                                                                                                                                                                                                                                                                                                                            ","M2    ",38.31]
[34514,"CHAPA DE MDF BRANCO LISO 1 FACE, E = 15 MM, DE *2,75 X 1,85* M                                                                                                                                                                                                                                                                                                                                                                                                                                            ","M2    ",42.44]
[34660,"CHAPA DE MDF BRANCO LISO 1 FACE, E = 18 MM, DE *2,75 X 1,85* M                                                                                                                                                                                                                                                                                                                                                                                                                                            ","M2    ",53.86]
[34661,"CHAPA DE MDF BRANCO LISO 1 FACE, E = 25 MM, DE *2,75 X 1,85* M                                                                                                                                                                                                                                                                                                                                                                                                                                            ","M2    ",77.36]
[34667,"CHAPA DE MDF BRANCO LISO 1 FACE, E = 6 MM, DE *2,75 X 1,85* M                                                                                                                                                                                                                                                                                                                                                                                                                                             ","M2    ",28.01]
[34668,"CHAPA DE MDF BRANCO LISO 1 FACE, E = 9 MM, DE *2,75 X 1,85* M                                                                                                                                                                                                                                                                                                                                                                                                                                             ","M2    ",36.61]
[34741,"CHAPA DE MDF BRANCO LISO 2 FACES, E = 12 MM, DE *2,75 X 1,85* M                                                                                                                                                                                                                                                                                                                                                                                                                                           ","M2    ",40.28]
[34664,"CHAPA DE MDF BRANCO LISO 2 FACES, E = 15 MM, DE *2,75 X 1,85* M                                                                                                                                                                                                                                                                                                                                                                                                                                           ","M2    ",43.95]
[34665,"CHAPA DE MDF BRANCO LISO 2 FACES, E = 18 MM, DE *2,75 X 1,85* M                                                                                                                                                                                                                                                                                                                                                                                                                                           ","M2    ",54.56]
[34666,"CHAPA DE MDF BRANCO LISO 2 FACES, E = 25 MM, DE *2,75 X 1,85* M                                                                                                                                                                                                                                                                                                                                                                                                                                           ","M2    ",82.42]
[34669,"CHAPA DE MDF BRANCO LISO 2 FACES, E = 6 MM, DE *2,75 X 1,85* M                                                                                                                                                                                                                                                                                                                                                                                                                                            ","M2    ",30.22]
[34670,"CHAPA DE MDF BRANCO LISO 2 FACES, E = 9 MM, DE *2,75 X 1,85* M                                                                                                                                                                                                                                                                                                                                                                                                                                            ","M2    ",36.96]
[34671,"CHAPA DE MDF CRU, E = 12 MM, DE *2,75 X 1,85* M                                                                                                                                                                                                                                                                                                                                                                                                                                                           ","M2    ",30.85]
[34672,"CHAPA DE MDF CRU, E = 15 MM, DE *2,75 X 1,85* M                                                                                                                                                                                                                                                                                                                                                                                                                                                           ","M2    ",32.53]
[34673,"CHAPA DE MDF CRU, E = 18 MM, DE *2,75 X 1,85* M                                                                                                                                                                                                                                                                                                                                                                                                                                                           ","M2    ",39.69]
[34674,"CHAPA DE MDF CRU, E = 20 MM, DE *2,75 X 1,85* M                                                                                                                                                                                                                                                                                                                                                                                                                                                           ","M2    ",52.77]
[34675,"CHAPA DE MDF CRU, E = 25 MM, DE *2,75 X 1,85* M                                                                                                                                                                                                                                                                                                                                                                                                                                                           ","M2    ",64.34]
[34676,"CHAPA DE MDF CRU, E = 6 MM, DE *2,75 X 1,85* M                                                                                                                                                                                                                                                                                                                                                                                                                                                            ","M2    ",18.52]
[34677,"CHAPA DE MDF CRU, E = 9 MM, DE *2,75 X 1,85* M                                                                                                                                                                                                                                                                                                                                                                                                                                                            ","M2    ",24.9]
[43126,"CHAPA EM ACO GALVANIZADO PARA STEEL DECK, COM NERVURAS TRAPEZOIDAIS, LARGURA UTIL DE 915 MM E ESPESSURA DE 0,80 MM                                                                                                                                                                                                                                                                                                                                                                                        ","M2    ",94.43]
[43124,"CHAPA EM ACO GALVANIZADO PARA STEEL DECK, COM NERVURAS TRAPEZOIDAIS, LARGURA UTIL DE 915 MM E ESPESSURA DE 0,95 MM                                                                                                                                                                                                                                                                                                                                                                                        ","M2    ",110.26]
[43125,"CHAPA EM ACO GALVANIZADO PARA STEEL DECK, COM NERVURAS TRAPEZOIDAIS, LARGURA UTIL DE 915 MM E ESPESSURA DE 1,25 MM                                                                                                                                                                                                                                                                                                                                                                                        ","M2    ",143]
[40623,"CHAPA PARA EMENDA DE VIGA, EM ACO GROSSO, QUALIDADE ESTRUTURAL, BITOLA 3/16 \", E= 4,75 MM, 4 FUROS, LARGURA 45 MM, COMPRIMENTO 500 MM                                                                                                                                                                                                                                                                                                                                                                     ","PAR   ",123.07]
[43701,"CHAPA/BOBINA LISA EM ALUMINIO, LIGA 1.200 - H14, QUALQUER ESPESSURA, QUALQUER LARGURA                                                                                                                                                                                                                                                                                                                                                                                                                     ","KG    ",32.5]
[1345,"CHAPA/PAINEL DE MADEIRA COMPENSADA PLASTIFICADA (MADEIRITE PLASTIFICADO) PARA FORMA DE CONCRETO, DE 2200 x 1100 MM, E = *17* MM                                                                                                                                                                                                                                                                                                                                                                           ","M2    ",99.96]
[1346,"CHAPA/PAINEL DE MADEIRA COMPENSADA PLASTIFICADA (MADEIRITE PLASTIFICADO) PARA FORMA DE CONCRETO, DE 2200 x 1100 MM, E = 10 MM                                                                                                                                                                                                                                                                                                                                                                             ","M2    ",58.14]
[1347,"CHAPA/PAINEL DE MADEIRA COMPENSADA PLASTIFICADA (MADEIRITE PLASTIFICADO) PARA FORMA DE CONCRETO, DE 2200 x 1100 MM, E = 12 MM                                                                                                                                                                                                                                                                                                                                                                             ","M2    ",72.05]
[43678,"CHAPA/PAINEL DE MADEIRA COMPENSADA PLASTIFICADA (MADEIRITE PLASTIFICADO) PARA FORMA DE CONCRETO, DE 2200 X 1100 MM, E = 14 MM                                                                                                                                                                                                                                                                                                                                                                             ","M2    ",83.57]
[43680,"CHAPA/PAINEL DE MADEIRA COMPENSADA PLASTIFICADA (MADEIRITE PLASTIFICADO) PARA FORMA DE CONCRETO, DE 2200 X 1100 MM, E = 20 MM                                                                                                                                                                                                                                                                                                                                                                             ","M2    ",120.39]
[43679,"CHAPA/PAINEL DE MADEIRA COMPENSADA PLASTIFICADA (MADEIRITE PLASTIFICADO) PARA FORMA DE CONCRETO, DE 2200 X 1100 MM, E = 6 MM                                                                                                                                                                                                                                                                                                                                                                              ","M2    ",42.25]
[1355,"CHAPA/PAINEL DE MADEIRA COMPENSADA RESINADA (MADEIRITE RESINADO ROSA) PARA FORMA DE CONCRETO, DE 2200 x 1100 MM, E = 14 MM                                                                                                                                                                                                                                                                                                                                                                                ","M2    ",48.08]
[1358,"CHAPA/PAINEL DE MADEIRA COMPENSADA RESINADA (MADEIRITE RESINADO ROSA) PARA FORMA DE CONCRETO, DE 2200 x 1100 MM, E = 17 MM                                                                                                                                                                                                                                                                                                                                                                                ","M2    ",59.03]
[43681,"CHAPA/PAINEL DE MADEIRA COMPENSADA RESINADA (MADEIRITE RESINADO ROSA) PARA FORMA DE CONCRETO, DE 2200 x 1100 MM, E = 8 A 12 MM                                                                                                                                                                                                                                                                                                                                                                            ","M2    ",37.19]
[43677,"CHAPA/PAINEL DE MADEIRA COMPENSADA RESINADA (MADEIRITE RESINADO ROSA) PARA FORMA DE CONCRETO, DE 2200 X 1100 MM, E = 20 MM                                                                                                                                                                                                                                                                                                                                                                                ","M2    ",73.23]
[43682,"CHAPA/PAINEL DE MADEIRA COMPENSADA RESINADA (MADEIRITE RESINADO ROSA) PARA FORMA DE CONCRETO, DE 2200 X 1100 MM, E = 6 MM                                                                                                                                                                                                                                                                                                                                                                                 ","M2    ",22.45]
[20971,"CHAVE DUPLA PARA CONEXOES TIPO STORZ, ENGATE RAPIDO 1 1/2\" X 2 1/2\", EM LATAO, PARA INSTALACAO PREDIAL COMBATE A INCENDIO                                                                                                                                                                                                                                                                                                                                                                                 ","UN    ",17.61]
[39746,"CHUMBADOR DE ACO GALVANIZADO, 1\" X 600 MM, PARA POSTES DE ACO COM BASE, INCLUSO PORCA E ARRUELA                                                                                                                                                                                                                                                                                                                                                                                                           ","UN    ",81.22]
[13279,"CHUMBADOR DE ACO TIPO PARABOLT, * 5/8\" X 200* MM,  COM PORCA E ARRUELA                                                                                                                                                                                                                                                                                                                                                                                                                                    ","KG    ",20.56]
[11977,"CHUMBADOR DE ACO, DIAMETRO 1/2\", COMPRIMENTO 75 MM                                                                                                                                                                                                                                                                                                                                                                                                                                                        ","UN    ",10.65]
[11975,"CHUMBADOR DE ACO, DIAMETRO 5/8\", COMPRIMENTO 6\", COM PORCA                                                                                                                                                                                                                                                                                                                                                                                                                                                ","UN    ",23.35]
[11976,"CHUMBADOR, DIAMETRO 1/4\" COM PARAFUSO 1/4\" X 40 MM                                                                                                                                                                                                                                                                                                                                                                                                                                                        ","UN    ",1.19]
[1368,"CHUVEIRO COMUM EM PLASTICO BRANCO, COM CANO, 3 TEMPERATURAS, 5500 W (110/220 V)                                                                                                                                                                                                                                                                                                                                                                                                                           ","UN    ",89.9]
[1367,"CHUVEIRO COMUM EM PLASTICO CROMADO, COM CANO, 4 TEMPERATURAS (110/220 V)                                                                                                                                                                                                                                                                                                                                                                                                                                  ","UN    ",290.8]
[1380,"CIMENTO BRANCO NAO ESTRUTURAL (CPB - NAO ESTRUTURAL)                                                                                                                                                                                                                                                                                                                                                                                                                                                      ","KG    ",5.62]
[1375,"CIMENTO IMPERMEABILIZANTE DE PEGA ULTRARRAPIDA PARA TAMPONAMENTOS                                                                                                                                                                                                                                                                                                                                                                                                                                         ","KG    ",17.12]
[1379,"CIMENTO PORTLAND COMPOSTO CP II-32                                                                                                                                                                                                                                                                                                                                                                                                                                                                        ","KG    ",0.84]
[13284,"CIMENTO PORTLAND DE ALTO FORNO (AF) CP III-40                                                                                                                                                                                                                                                                                                                                                                                                                                                             ","KG    ",0.76]
[44528,"CIMENTO PORTLAND ESTRUTURAL BRANCO CPB - 32 ou CPB - 40                                                                                                                                                                                                                                                                                                                                                                                                                                                   ","KG    ",4.47]
[34753,"CIMENTO PORTLAND POZOLANICO CP IV-32                                                                                                                                                                                                                                                                                                                                                                                                                                                                      ","KG    ",0.81]
[420,"CINTA CIRCULAR EM ACO GALVANIZADO DE 150 MM DE DIAMETRO PARA FIXACAO DE CAIXA MEDICAO, INCLUI PARAFUSOS E PORCAS                                                                                                                                                                                                                                                                                                                                                                                          ","UN    ",46.19]
[12327,"CINTA CIRCULAR EM ACO GALVANIZADO DE 210 MM DE DIAMETRO PARA INSTALACAO DE TRANSFORMADOR EM POSTE DE CONCRETO                                                                                                                                                                                                                                                                                                                                                                                             ","UN    ",55.03]
[36148,"CINTURAO DE SEGURANCA TIPO PARAQUEDISTA, FIVELA EM ACO, AJUSTE NO SUSPENSARIO, CINTURA E PERNAS                                                                                                                                                                                                                                                                                                                                                                                                           ","UN    ",84.57]
[12329,"COBRE ELETROLITICO EM BARRA OU CHAPA                                                                                                                                                                                                                                                                                                                                                                                                                                                                      ","KG    ",118.52]
[1339,"COLA A BASE DE RESINA SINTETICA PARA CHAPA DE LAMINADO MELAMINICO                                                                                                                                                                                                                                                                                                                                                                                                                                         ","KG    ",77.9]
[44396,"COLA BRANCA BASE PVA                                                                                                                                                                                                                                                                                                                                                                                                                                                                                      ","KG    ",22.74]
[44327,"COLA PARA TUBOS E MANTAS ELASTOMERICAS, A BASE DE SOLVENTE                                                                                                                                                                                                                                                                                                                                                                                                                                                ","L     ",77.34]
[37418,"COLAR DE TOMADA EM POLIPROPILENO, PP, COM PARAFUSOS, PARA PEAD, 63 X 1/2\" - LIGACAO PREDIAL DE AGUA                                                                                                                                                                                                                                                                                                                                                                                                       ","UN    ",16.71]
[37419,"COLAR DE TOMADA EM POLIPROPILENO, PP, COM PARAFUSOS, PARA PEAD, 63 X 3/4\" - LIGACAO PREDIAL DE AGUA                                                                                                                                                                                                                                                                                                                                                                                                       ","UN    ",17.16]
[1427,"COLAR TOMADA PVC, COM TRAVAS, SAIDA COM ROSCA, DE 110 MM X 1/2\" OU 110 MM X 3/4\", PARA LIGACAO PREDIAL DE AGUA                                                                                                                                                                                                                                                                                                                                                                                            ","UN    ",15.68]
[1402,"COLAR TOMADA PVC, COM TRAVAS, SAIDA COM ROSCA, DE 32 MM X 1/2\" OU 32 MM X 3/4\", PARA LIGACAO PREDIAL DE AGUA                                                                                                                                                                                                                                                                                                                                                                                              ","UN    ",5.42]
[1420,"COLAR TOMADA PVC, COM TRAVAS, SAIDA COM ROSCA, DE 40 MM X 1/2\" OU 40 MM X 3/4\", PARA LIGACAO PREDIAL DE AGUA                                                                                                                                                                                                                                                                                                                                                                                              ","UN    ",6.97]
[1419,"COLAR TOMADA PVC, COM TRAVAS, SAIDA COM ROSCA, DE 50 MM X 1/2\" OU 50 MM X 3/4\", PARA LIGACAO PREDIAL DE AGUA                                                                                                                                                                                                                                                                                                                                                                                              ","UN    ",8.42]
[1414,"COLAR TOMADA PVC, COM TRAVAS, SAIDA COM ROSCA, DE 60 MM X 1/2\" OU 60 MM X 3/4\", PARA LIGACAO PREDIAL DE AGUA                                                                                                                                                                                                                                                                                                                                                                                              ","UN    ",8.24]
[1413,"COLAR TOMADA PVC, COM TRAVAS, SAIDA COM ROSCA, DE 75 MM X 1/2\" OU 75 MM X 3/4\", PARA LIGACAO PREDIAL DE AGUA                                                                                                                                                                                                                                                                                                                                                                                              ","UN    ",12.18]
[1412,"COLAR TOMADA PVC, COM TRAVAS, SAIDA COM ROSCA, DE 85 MM X 1/2\" OU 85 MM X 3/4\", PARA LIGACAO PREDIAL DE AGUA                                                                                                                                                                                                                                                                                                                                                                                              ","UN    ",10.32]
[1406,"COLAR TOMADA PVC, COM TRAVAS, SAIDA ROSCAVEL COM BUCHA DE LATAO, DE 60 MM X 1/2\" OU 60 MM X 3/4\", PARA LIGACAO PREDIAL DE AGUA                                                                                                                                                                                                                                                                                                                                                                            ","UN    ",12.45]
[11281,"COMPACTADOR DE SOLO A PERCUSSAO (SOQUETE), A GASOLINA 4 TEMPOS, PESO 55 A 65 KG, FORCA DE IMPACTO 1.000 A 1.500 KGF, FREQ. 600 A 700 GOLPES P/ MINUTO, VELOCIDADE TRABALHO DE 10 A 15 M/MIN, POT. DE 2,00 A 3,00 HP                                                                                                                                                                                                                                                                                       ","UN    ",{"v":11459.5,"d":"11,459.50"}]
[1442,"COMPACTADOR DE SOLO TIPO PLACA VIBRATORIA REVERSIVEL, A GASOLINA 4 TEMPOS, PESO 125 A 150 KG, FORCA CENTRIF. 2500 A 2800 KGF, LARG. TRABALHO 400 A 450 MM, FREQ. VIBRACAO 4300 A 4500 RPM, VELOC. TRABALHO 15 A 20 M/MIN, POT. 5,5 A 6,0 HP                                                                                                                                                                                                                                                               ","UN    ",{"v":9620.16,"d":"9,620.16"}]
[13457,"COMPACTADOR DE SOLO TIPO PLACA VIBRATORIA REVERSIVEL, A GASOLINA 4 TEMPOS, PESO 150 A 175 KG, FORCA CENTRIF. 2800 A 3100 KGF, LARG. TRABALHO DE 450 A 520 MM, FREQ. VIBRACAO 4000 A 4300 RPM, VELOC. TRABALHO DE 15 A 20 M/MIN, POT. DE 6,0 A 7,0 HP                                                                                                                                                                                                                                                      ","UN    ",{"v":8303.98,"d":"8,303.98"}]
[40699,"COMPACTADOR DE SOLO, TIPO PLACA VIBRATORIA NAO REVERSIVEL, A GASOLINA 4 TEMPOS, PESO 80 A 120 KG, FORCA CENTRIF. DE 1300 A 2000 KGF, LARG. TRABALHO DE 400 A 500 MM, FREQ. VIBRACAO DE 4800 A 6000 RPM, VELOCIDADE TRABALHO DE 20 A 30 M/MIN, POT. DE 5,0 A 6,0 HP                                                                                                                                                                                                                                        ","UN    ",{"v":6419.29,"d":"6,419.29"}]
[40701,"COMPACTADOR DE SOLO, TIPO PLACA VIBRATORIA REVERSIVEL, A DIESEL, PESO 700 A 820 KG, FORCA CENTRIF. DE 6.200 A 10.000 KGF, LARG. TRABALHO DE 650 A 720 MM, FREQ. VIBRACAO DE 3.000 A 3.500 RPM, VELOCIDADE TRABALHO DE 25 A 30 M/MIN, POT. DE 13,0 A 15,0 HP                                                                                                                                                                                                                                               ","UN    ",{"v":113501.94,"d":"113,501.94"}]
[40700,"COMPACTADOR DE SOLO, TIPO PLACA VIBRATORIA REVERSIVEL, A GASOLINA 4 TEMPOS, PESO 160 A 265 KG, FORCA CENTRIF. DE 2750 A 4000 KGF, LARG. TRABALHO DE 430 A 550 MM, FREQ. VIBRACAO DE 4000 A 5500 RPM, VELOCIDADE TRABALHO DE 20 A 25 M/MIN, POT. DE 7,5 A 9,0 HP                                                                                                                                                                                                                                           ","UN    ",{"v":14943.28,"d":"14,943.28"}]
[13458,"COMPACTADOR DE SOLOS DE PERCURSAO (SOQUETE) COM MOTOR A GASOLINA 4 TEMPOS DE 4 HP (4 CV)                                                                                                                                                                                                                                                                                                                                                                                                                  ","UN    ",{"v":14199.81,"d":"14,199.81"}]
[11134,"COMPENSADO NAVAL - CHAPA/PAINEL EM MADEIRA COMPENSADA PRENSADA, DE 2200 X 1600 MM, E = 10 MM                                                                                                                                                                                                                                                                                                                                                                                                              ","M2    ",82.83]
[11135,"COMPENSADO NAVAL - CHAPA/PAINEL EM MADEIRA COMPENSADA PRENSADA, DE 2200 X 1600 MM, E = 12 MM                                                                                                                                                                                                                                                                                                                                                                                                              ","M2    ",89.43]
[11136,"COMPENSADO NAVAL - CHAPA/PAINEL EM MADEIRA COMPENSADA PRENSADA, DE 2200 X 1600 MM, E = 15 MM                                                                                                                                                                                                                                                                                                                                                                                                              ","M2    ",102.4]
[34743,"COMPENSADO NAVAL - CHAPA/PAINEL EM MADEIRA COMPENSADA PRENSADA, DE 2200 X 1600 MM, E = 18 MM                                                                                                                                                                                                                                                                                                                                                                                                              ","M2    ",123.56]
[11137,"COMPENSADO NAVAL - CHAPA/PAINEL EM MADEIRA COMPENSADA PRENSADA, DE 2200 X 1600 MM, E = 20 MM                                                                                                                                                                                                                                                                                                                                                                                                              ","M2    ",140.33]
[34745,"COMPENSADO NAVAL - CHAPA/PAINEL EM MADEIRA COMPENSADA PRENSADA, DE 2200 X 1600 MM, E = 25 MM                                                                                                                                                                                                                                                                                                                                                                                                              ","M2    ",166.88]
[34746,"COMPENSADO NAVAL - CHAPA/PAINEL EM MADEIRA COMPENSADA PRENSADA, DE 2200 X 1600 MM, E = 4 MM                                                                                                                                                                                                                                                                                                                                                                                                               ","M2    ",45.51]
[1360,"COMPENSADO NAVAL - CHAPA/PAINEL EM MADEIRA COMPENSADA PRENSADA, DE 2200 X 1600 MM, E = 6 MM                                                                                                                                                                                                                                                                                                                                                                                                               ","M2    ",53.1]
[36524,"COMPRESSOR DE AR ESTACIONARIO, VAZAO 620 PCM, PRESSAO EFETIVA DE TRABALHO 109 PSI, MOTOR ELETRICO, POTENCIA 127 CV                                                                                                                                                                                                                                                                                                                                                                                        ","UN    ",{"v":191367,"d":"191,367.00"}]
[36526,"COMPRESSOR DE AR REBOCAVEL VAZAO 400 PCM, PRESSAO EFETIVA DE TRABALHO 102 PSI, MOTOR DIESEL, POTENCIA 110 CV                                                                                                                                                                                                                                                                                                                                                                                              ","UN    ",{"v":154211.32,"d":"154,211.32"}]
[36523,"COMPRESSOR DE AR REBOCAVEL VAZAO 748 PCM, PRESSAO EFETIVA DE TRABALHO 102 PSI, MOTOR DIESEL, POTENCIA 210 CV                                                                                                                                                                                                                                                                                                                                                                                              ","UN    ",{"v":330145.63,"d":"330,145.63"}]
[36527,"COMPRESSOR DE AR REBOCAVEL VAZAO 860 PCM, PRESSAO EFETIVA DE TRABALHO 102 PSI, MOTOR DIESEL, POTENCIA 250 CV                                                                                                                                                                                                                                                                                                                                                                                              ","UN    ",{"v":358606.15,"d":"358,606.15"}]
[38642,"COMPRESSOR DE AR REBOCAVEL, VAZAO 152 PCM, PRESSAO EFETIVA DE TRABALHO 102 PSI, MOTOR DIESEL, POTENCIA 31,5 KW                                                                                                                                                                                                                                                                                                                                                                                            ","UN    ",{"v":83492.71,"d":"83,492.71"}]
[36522,"COMPRESSOR DE AR REBOCAVEL, VAZAO 189 PCM, PRESSAO EFETIVA DE TRABALHO 102 PSI, MOTOR DIESEL, POTENCIA 63 CV                                                                                                                                                                                                                                                                                                                                                                                              ","UN    ",{"v":97101.03,"d":"97,101.03"}]
[36525,"COMPRESSOR DE AR REBOCAVEL, VAZAO 250 PCM, PRESSAO EFETIVA DE TRABALHO 102 PSI, MOTOR DIESEL, POTENCIA 81 CV                                                                                                                                                                                                                                                                                                                                                                                              ","UN    ",{"v":130040.95,"d":"130,040.95"}]
[13803,"COMPRESSOR DE AR REBOCAVEL, VAZAO 89 PCM, PRESSAO EFETIVA DE TRABALHO *102* PSI, MOTOR DIESEL, POTENCIA *20* CV                                                                                                                                                                                                                                                                                                                                                                                           ","UN    ",{"v":129668.86,"d":"129,668.86"}]
[34348,"CONCERTINA CLIPADA (DUPLA) EM ACO GALVANIZADO DE ALTA RESISTENCIA, COM ESPIRAL DE 300 MM, D = 2,76 MM                                                                                                                                                                                                                                                                                                                                                                                                     ","M     ",26.71]
[34347,"CONCERTINA SIMPLES EM ACO GALVANIZADO DE ALTA RESISTENCIA, COM ESPIRAL DE 300 MM, D = 2,76 MM                                                                                                                                                                                                                                                                                                                                                                                                             ","M     ",19.09]
[11146,"CONCRETO AUTOADENSAVEL (CAA) CLASSE DE RESISTENCIA C15, ESPALHAMENTO SF2, COM BOMBEAMENTO (DISPONIBILIZACAO DE BOMBA), SEM O LANCAMENTO (NBR 15823)                                                                                                                                                                                                                                                                                                                                                       ","M3    ",757.29]
[11147,"CONCRETO AUTOADENSAVEL (CAA) CLASSE DE RESISTENCIA C20, ESPALHAMENTO SF2, COM BOMBEAMENTO (DISPONIBILIZACAO DE BOMBA), SEM O LANCAMENTO (NBR 15823)                                                                                                                                                                                                                                                                                                                                                       ","M3    ",786.93]
[34872,"CONCRETO AUTOADENSAVEL (CAA) CLASSE DE RESISTENCIA C25, ESPALHAMENTO SF2, COM BOMBEAMENTO (DISPONIBILIZACAO DE BOMBA), SEM O LANCAMENTO (NBR 15823)                                                                                                                                                                                                                                                                                                                                                       ","M3    ",795.76]
[34491,"CONCRETO AUTOADENSAVEL (CAA) CLASSE DE RESISTENCIA C30, ESPALHAMENTO SF2, COM BOMBEAMENTO (DISPONIBILIZACAO DE BOMBA), SEM O LANCAMENTO (NBR 15823)                                                                                                                                                                                                                                                                                                                                                       ","M3    ",818.82]
[34770,"CONCRETO BETUMINOSO USINADO A QUENTE (CBUQ) PARA PAVIMENTACAO ASFALTICA, PADRAO DNIT, FAIXA C, COM CAP 30/45 - AQUISICAO POSTO USINA                                                                                                                                                                                                                                                                                                                                                                      ","T     ",504.17]
[1518,"CONCRETO BETUMINOSO USINADO A QUENTE (CBUQ) PARA PAVIMENTACAO ASFALTICA, PADRAO DNIT, FAIXA C, COM CAP 50/70 - AQUISICAO POSTO USINA                                                                                                                                                                                                                                                                                                                                                                      ","T     ",514]
[41965,"CONCRETO BETUMINOSO USINADO A QUENTE (CBUQ) PARA PAVIMENTACAO ASFALTICA, PADRAO DNIT, PARA BINDER, COM CAP 50/70 - AQUISICAO POSTO USINA                                                                                                                                                                                                                                                                                                                                                                  ","T     ",450.69]
[1524,"CONCRETO USINADO BOMBEAVEL, CLASSE DE RESISTENCIA C20, BRITA 0 E 1, SLUMP = 100 +/- 20 MM, COM BOMBEAMENTO (DISPONIBILIZACAO DE BOMBA), SEM O LANCAMENTO (NBR 8953)                                                                                                                                                                                                                                                                                                                                       ","M3    ",726.56]
[34492,"CONCRETO USINADO BOMBEAVEL, CLASSE DE RESISTENCIA C20, COM BRITA 0 E 1, SLUMP = 100 +/- 20 MM, EXCLUI SERVICO DE BOMBEAMENTO (NBR 8953)                                                                                                                                                                                                                                                                                                                                                                   ","M3    ",673]
[38404,"CONCRETO USINADO BOMBEAVEL, CLASSE DE RESISTENCIA C20, COM BRITA 0 E 1, SLUMP = 130 +/- 20 MM, EXCLUI SERVICO DE BOMBEAMENTO (NBR 8953)                                                                                                                                                                                                                                                                                                                                                                   ","M3    ",697.1]
[39849,"CONCRETO USINADO BOMBEAVEL, CLASSE DE RESISTENCIA C20, COM BRITA 0 E 1, SLUMP = 190 +/- 20 MM, COM BOMBEAMENTO (DISPONIBILIZACAO DE BOMBA), SEM O LANCAMENTO (NBR 8953)                                                                                                                                                                                                                                                                                                                                   ","M3    ",798.87]
[38464,"CONCRETO USINADO BOMBEAVEL, CLASSE DE RESISTENCIA C20, COM BRITA 0, SLUMP = 220 +/- 20 MM, COM BOMBEAMENTO (DISPONIBILIZACAO DE BOMBA), SEM O LANCAMENTO (NBR 8953)                                                                                                                                                                                                                                                                                                                                       ","M3    ",810.47]
[1527,"CONCRETO USINADO BOMBEAVEL, CLASSE DE RESISTENCIA C25, BRITA 0 E 1, SLUMP = 100 +/- 20 MM, COM BOMBEAMENTO (DISPONIBILIZACAO DE BOMBA), SEM O LANCAMENTO (NBR 8953)                                                                                                                                                                                                                                                                                                                                       ","M3    ",749.63]
[34493,"CONCRETO USINADO BOMBEAVEL, CLASSE DE RESISTENCIA C25, COM BRITA 0 E 1, SLUMP = 100 +/- 20 MM, EXCLUI SERVICO DE BOMBEAMENTO (NBR 8953)                                                                                                                                                                                                                                                                                                                                                                   ","M3    ",691.97]
[38405,"CONCRETO USINADO BOMBEAVEL, CLASSE DE RESISTENCIA C25, COM BRITA 0 E 1, SLUMP = 130 +/- 20 MM, EXCLUI SERVICO DE BOMBEAMENTO (NBR 8953)                                                                                                                                                                                                                                                                                                                                                                   ","M3    ",718.59]
[38408,"CONCRETO USINADO BOMBEAVEL, CLASSE DE RESISTENCIA C25, COM BRITA 0 E 1, SLUMP = 190 +/- 20 MM, EXCLUI SERVICO DE BOMBEAMENTO (NBR 8953)                                                                                                                                                                                                                                                                                                                                                                   ","M3    ",795.41]
[1525,"CONCRETO USINADO BOMBEAVEL, CLASSE DE RESISTENCIA C30, BRITA 0 E 1, SLUMP = 100 +/- 20 MM, COM BOMBEAMENTO (DISPONIBILIZACAO DE BOMBA), SEM O LANCAMENTO (NBR 8953)                                                                                                                                                                                                                                                                                                                                       ","M3    ",772.69]
[34494,"CONCRETO USINADO BOMBEAVEL, CLASSE DE RESISTENCIA C30, COM BRITA 0 E 1, SLUMP = 100 +/- 20 MM, EXCLUI SERVICO DE BOMBEAMENTO (NBR 8953)                                                                                                                                                                                                                                                                                                                                                                   ","M3    ",715.03]
[38406,"CONCRETO USINADO BOMBEAVEL, CLASSE DE RESISTENCIA C30, COM BRITA 0 E 1, SLUMP = 130 +/- 20 MM, EXCLUI SERVICO DE BOMBEAMENTO (NBR 8953)                                                                                                                                                                                                                                                                                                                                                                   ","M3    ",758.79]
[38409,"CONCRETO USINADO BOMBEAVEL, CLASSE DE RESISTENCIA C30, COM BRITA 0 E 1, SLUMP = 190 +/- 20 MM, EXCLUI SERVICO DE BOMBEAMENTO (NBR 8953)                                                                                                                                                                                                                                                                                                                                                                   ","M3    ",800.83]
[43360,"CONCRETO USINADO BOMBEAVEL, CLASSE DE RESISTENCIA C30, COM BRITA 0 E 1, SLUMP = 220 +/- 30 MM, EXCLUI SERVICO DE BOMBEAMENTO (NBR 8953)                                                                                                                                                                                                                                                                                                                                                                   ","M3    ",835.04]
[11145,"CONCRETO USINADO BOMBEAVEL, CLASSE DE RESISTENCIA C35, BRITA 0 E 1, SLUMP = 100 +/- 20 MM, COM BOMBEAMENTO (DISPONIBILIZACAO DE BOMBA), SEM O LANCAMENTO (NBR 8953)                                                                                                                                                                                                                                                                                                                                       ","M3    ",795.76]
[34495,"CONCRETO USINADO BOMBEAVEL, CLASSE DE RESISTENCIA C35, COM BRITA 0 E 1, SLUMP = 100 +/- 20 MM, EXCLUI SERVICO DE BOMBEAMENTO (NBR 8953)                                                                                                                                                                                                                                                                                                                                                                   ","M3    ",738.1]
[34479,"CONCRETO USINADO BOMBEAVEL, CLASSE DE RESISTENCIA C40, BRITA 0 E 1, SLUMP = 100 +/- 20 MM, COM BOMBEAMENTO (DISPONIBILIZACAO DE BOMBA), SEM O LANCAMENTO (NBR 8953)                                                                                                                                                                                                                                                                                                                                       ","M3    ",818.82]
[34496,"CONCRETO USINADO BOMBEAVEL, CLASSE DE RESISTENCIA C40, COM BRITA 0 E 1, SLUMP = 100 +/- 20 MM, EXCLUI SERVICO DE BOMBEAMENTO (NBR 8953)                                                                                                                                                                                                                                                                                                                                                                   ","M3    ",769.96]
[34481,"CONCRETO USINADO BOMBEAVEL, CLASSE DE RESISTENCIA C45, BRITA 0 E 1, SLUMP = 100 +/- 20 MM, COM BOMBEAMENTO (DISPONIBILIZACAO DE BOMBA), SEM O LANCAMENTO (NBR 8953)                                                                                                                                                                                                                                                                                                                                       ","M3    ",855.57]
[34483,"CONCRETO USINADO BOMBEAVEL, CLASSE DE RESISTENCIA C50, BRITA 0 E 1, SLUMP = 100 +/- 20 MM, COM BOMBEAMENTO (DISPONIBILIZACAO DE BOMBA), SEM O LANCAMENTO (NBR 8953)                                                                                                                                                                                                                                                                                                                                       ","M3    ",914.12]
[34485,"CONCRETO USINADO BOMBEAVEL, CLASSE DE RESISTENCIA C60, COM BRITA 0 E 1, SLUMP = 100 +/- 20 MM, COM BOMBEAMENTO (DISPONIBILIZACAO DE BOMBA), SEM O LANCAMENTO (NBR 8953)                                                                                                                                                                                                                                                                                                                                   ","M3    ",977.55]
[14041,"CONCRETO USINADO CONVENCIONAL (NAO BOMBEAVEL) CLASSE DE RESISTENCIA C10, COM BRITA 1 E 2, SLUMP = 80 MM +/- 10 MM (NBR 8953)                                                                                                                                                                                                                                                                                                                                                                              ","M3    ",635.45]
[1523,"CONCRETO USINADO CONVENCIONAL (NAO BOMBEAVEL) CLASSE DE RESISTENCIA C15, COM BRITA 1 E 2, SLUMP = 80 MM +/- 10 MM (NBR 8953)                                                                                                                                                                                                                                                                                                                                                                              ","M3    ",645.84]
[14052,"CONDULETE DE ALUMINIO TIPO B, PARA ELETRODUTO ROSCAVEL DE 1/2\", COM TAMPA CEGA                                                                                                                                                                                                                                                                                                                                                                                                                            ","UN    ",11.2]
[14054,"CONDULETE DE ALUMINIO TIPO B, PARA ELETRODUTO ROSCAVEL DE 1\", COM TAMPA CEGA                                                                                                                                                                                                                                                                                                                                                                                                                              ","UN    ",14.56]
[14053,"CONDULETE DE ALUMINIO TIPO B, PARA ELETRODUTO ROSCAVEL DE 3/4\", COM TAMPA CEGA                                                                                                                                                                                                                                                                                                                                                                                                                            ","UN    ",11.37]
[2558,"CONDULETE DE ALUMINIO TIPO C, PARA ELETRODUTO ROSCAVEL DE 1/2\", COM TAMPA CEGA                                                                                                                                                                                                                                                                                                                                                                                                                            ","UN    ",8.56]
[2560,"CONDULETE DE ALUMINIO TIPO C, PARA ELETRODUTO ROSCAVEL DE 1\", COM TAMPA CEGA                                                                                                                                                                                                                                                                                                                                                                                                                              ","UN    ",15.07]
[2559,"CONDULETE DE ALUMINIO TIPO C, PARA ELETRODUTO ROSCAVEL DE 3/4\", COM TAMPA CEGA                                                                                                                                                                                                                                                                                                                                                                                                                            ","UN    ",12.05]
[2592,"CONDULETE DE ALUMINIO TIPO C, PARA ELETRODUTO ROSCAVEL DE 4\", COM TAMPA CEGA                                                                                                                                                                                                                                                                                                                                                                                                                              ","UN    ",199.76]
[2566,"CONDULETE DE ALUMINIO TIPO E, PARA ELETRODUTO ROSCAVEL DE 1  1/4\", COM TAMPA CEGA                                                                                                                                                                                                                                                                                                                                                                                                                         ","UN    ",20.1]
[2589,"CONDULETE DE ALUMINIO TIPO E, PARA ELETRODUTO ROSCAVEL DE 1 1/2\", COM TAMPA CEGA                                                                                                                                                                                                                                                                                                                                                                                                                          ","UN    ",26.72]
[2591,"CONDULETE DE ALUMINIO TIPO E, PARA ELETRODUTO ROSCAVEL DE 1/2\", COM TAMPA CEGA                                                                                                                                                                                                                                                                                                                                                                                                                            ","UN    ",9.74]
[2590,"CONDULETE DE ALUMINIO TIPO E, PARA ELETRODUTO ROSCAVEL DE 1\", COM TAMPA CEGA                                                                                                                                                                                                                                                                                                                                                                                                                              ","UN    ",16.39]
[2567,"CONDULETE DE ALUMINIO TIPO E, PARA ELETRODUTO ROSCAVEL DE 2\", COM TAMPA CEGA                                                                                                                                                                                                                                                                                                                                                                                                                              ","UN    ",39.19]
[2565,"CONDULETE DE ALUMINIO TIPO E, PARA ELETRODUTO ROSCAVEL DE 3/4\", COM TAMPA CEGA                                                                                                                                                                                                                                                                                                                                                                                                                            ","UN    ",9.76]
[2568,"CONDULETE DE ALUMINIO TIPO E, PARA ELETRODUTO ROSCAVEL DE 3\", COM TAMPA CEGA                                                                                                                                                                                                                                                                                                                                                                                                                              ","UN    ",108.83]
[2594,"CONDULETE DE ALUMINIO TIPO E, PARA ELETRODUTO ROSCAVEL DE 4\", COM TAMPA CEGA                                                                                                                                                                                                                                                                                                                                                                                                                              ","UN    ",181.31]
[2587,"CONDULETE DE ALUMINIO TIPO LR, PARA ELETRODUTO ROSCAVEL DE 1 1/2\", COM TAMPA CEGA                                                                                                                                                                                                                                                                                                                                                                                                                         ","UN    ",30.9]
[2588,"CONDULETE DE ALUMINIO TIPO LR, PARA ELETRODUTO ROSCAVEL DE 1 1/4\", COM TAMPA CEGA                                                                                                                                                                                                                                                                                                                                                                                                                         ","UN    ",24.54]
[2569,"CONDULETE DE ALUMINIO TIPO LR, PARA ELETRODUTO ROSCAVEL DE 1/2\", COM TAMPA CEGA                                                                                                                                                                                                                                                                                                                                                                                                                           ","UN    ",9.46]
[2570,"CONDULETE DE ALUMINIO TIPO LR, PARA ELETRODUTO ROSCAVEL DE 1\", COM TAMPA CEGA                                                                                                                                                                                                                                                                                                                                                                                                                             ","UN    ",15.85]
[2571,"CONDULETE DE ALUMINIO TIPO LR, PARA ELETRODUTO ROSCAVEL DE 2\", COM TAMPA CEGA                                                                                                                                                                                                                                                                                                                                                                                                                             ","UN    ",47.06]
[2593,"CONDULETE DE ALUMINIO TIPO LR, PARA ELETRODUTO ROSCAVEL DE 3/4\", COM TAMPA CEGA                                                                                                                                                                                                                                                                                                                                                                                                                           ","UN    ",10.08]
[2572,"CONDULETE DE ALUMINIO TIPO LR, PARA ELETRODUTO ROSCAVEL DE 3\", COM TAMPA CEGA                                                                                                                                                                                                                                                                                                                                                                                                                             ","UN    ",139.18]
[2595,"CONDULETE DE ALUMINIO TIPO LR, PARA ELETRODUTO ROSCAVEL DE 4\", COM TAMPA CEGA                                                                                                                                                                                                                                                                                                                                                                                                                             ","UN    ",217.15]
[2576,"CONDULETE DE ALUMINIO TIPO T, PARA ELETRODUTO ROSCAVEL DE 1 1/2\", COM TAMPA CEGA                                                                                                                                                                                                                                                                                                                                                                                                                          ","UN    ",37.02]
[2575,"CONDULETE DE ALUMINIO TIPO T, PARA ELETRODUTO ROSCAVEL DE 1 1/4\", COM TAMPA CEGA                                                                                                                                                                                                                                                                                                                                                                                                                          ","UN    ",27.83]
[2573,"CONDULETE DE ALUMINIO TIPO T, PARA ELETRODUTO ROSCAVEL DE 1/2\", COM TAMPA CEGA                                                                                                                                                                                                                                                                                                                                                                                                                            ","UN    ",11.55]
[2586,"CONDULETE DE ALUMINIO TIPO T, PARA ELETRODUTO ROSCAVEL DE 1\", COM TAMPA CEGA                                                                                                                                                                                                                                                                                                                                                                                                                              ","UN    ",18.73]
[2577,"CONDULETE DE ALUMINIO TIPO T, PARA ELETRODUTO ROSCAVEL DE 2\", COM TAMPA CEGA                                                                                                                                                                                                                                                                                                                                                                                                                              ","UN    ",50.16]
[2574,"CONDULETE DE ALUMINIO TIPO T, PARA ELETRODUTO ROSCAVEL DE 3/4\", COM TAMPA CEGA                                                                                                                                                                                                                                                                                                                                                                                                                            ","UN    ",11.63]
[2578,"CONDULETE DE ALUMINIO TIPO T, PARA ELETRODUTO ROSCAVEL DE 3\", COM TAMPA CEGA                                                                                                                                                                                                                                                                                                                                                                                                                              ","UN    ",156.6]
[2585,"CONDULETE DE ALUMINIO TIPO T, PARA ELETRODUTO ROSCAVEL DE 4\", COM TAMPA CEGA                                                                                                                                                                                                                                                                                                                                                                                                                              ","UN    ",214.9]
[12008,"CONDULETE DE ALUMINIO TIPO TB, PARA ELETRODUTO ROSCAVEL DE 3\", COM TAMPA CEGA                                                                                                                                                                                                                                                                                                                                                                                                                             ","UN    ",115.3]
[2582,"CONDULETE DE ALUMINIO TIPO X, PARA ELETRODUTO ROSCAVEL DE 1 1/2\", COM TAMPA CEGA                                                                                                                                                                                                                                                                                                                                                                                                                          ","UN    ",34.33]
[2597,"CONDULETE DE ALUMINIO TIPO X, PARA ELETRODUTO ROSCAVEL DE 1 1/4\", COM TAMPA CEGA                                                                                                                                                                                                                                                                                                                                                                                                                          ","UN    ",29.43]
[2579,"CONDULETE DE ALUMINIO TIPO X, PARA ELETRODUTO ROSCAVEL DE 1/2\", COM TAMPA CEGA                                                                                                                                                                                                                                                                                                                                                                                                                            ","UN    ",14.01]
[2581,"CONDULETE DE ALUMINIO TIPO X, PARA ELETRODUTO ROSCAVEL DE 1\", COM TAMPA CEGA                                                                                                                                                                                                                                                                                                                                                                                                                              ","UN    ",17.93]
[2596,"CONDULETE DE ALUMINIO TIPO X, PARA ELETRODUTO ROSCAVEL DE 2\", COM TAMPA CEGA                                                                                                                                                                                                                                                                                                                                                                                                                              ","UN    ",53.02]
[2580,"CONDULETE DE ALUMINIO TIPO X, PARA ELETRODUTO ROSCAVEL DE 3/4\", COM TAMPA CEGA                                                                                                                                                                                                                                                                                                                                                                                                                            ","UN    ",15.35]
[2583,"CONDULETE DE ALUMINIO TIPO X, PARA ELETRODUTO ROSCAVEL DE 3\", COM TAMPA CEGA                                                                                                                                                                                                                                                                                                                                                                                                                              ","UN    ",128.96]
[2584,"CONDULETE DE ALUMINIO TIPO X, PARA ELETRODUTO ROSCAVEL DE 4\", COM TAMPA CEGA                                                                                                                                                                                                                                                                                                                                                                                                                              ","UN    ",214.68]
[12010,"CONDULETE EM PVC, TIPO \"B\", SEM TAMPA, DE 1/2\" OU 3/4\"                                                                                                                                                                                                                                                                                                                                                                                                                                                    ","UN    ",11.02]
[39329,"CONDULETE EM PVC, TIPO \"B\", SEM TAMPA, DE 1\"                                                                                                                                                                                                                                                                                                                                                                                                                                                              ","UN    ",11.53]
[39330,"CONDULETE EM PVC, TIPO \"C\", SEM TAMPA, DE 1/2\"                                                                                                                                                                                                                                                                                                                                                                                                                                                            ","UN    ",12.13]
[39332,"CONDULETE EM PVC, TIPO \"C\", SEM TAMPA, DE 1\"                                                                                                                                                                                                                                                                                                                                                                                                                                                              ","UN    ",13.55]
[39331,"CONDULETE EM PVC, TIPO \"C\", SEM TAMPA, DE 3/4\"                                                                                                                                                                                                                                                                                                                                                                                                                                                            ","UN    ",10.79]
[39333,"CONDULETE EM PVC, TIPO \"E\", SEM TAMPA, DE 1/2\"                                                                                                                                                                                                                                                                                                                                                                                                                                                            ","UN    ",10.52]
[39335,"CONDULETE EM PVC, TIPO \"E\", SEM TAMPA, DE 1\"                                                                                                                                                                                                                                                                                                                                                                                                                                                              ","UN    ",12.17]
[39334,"CONDULETE EM PVC, TIPO \"E\", SEM TAMPA, DE 3/4\"                                                                                                                                                                                                                                                                                                                                                                                                                                                            ","UN    ",9.67]
[12016,"CONDULETE EM PVC, TIPO \"LB\", SEM TAMPA, DE 1/2\" OU 3/4\"                                                                                                                                                                                                                                                                                                                                                                                                                                                   ","UN    ",12.14]
[12015,"CONDULETE EM PVC, TIPO \"LB\", SEM TAMPA, DE 1\"                                                                                                                                                                                                                                                                                                                                                                                                                                                             ","UN    ",14.13]
[12020,"CONDULETE EM PVC, TIPO \"LL\", SEM TAMPA, DE 1/2\" OU 3/4\"                                                                                                                                                                                                                                                                                                                                                                                                                                                   ","UN    ",12.14]
[12019,"CONDULETE EM PVC, TIPO \"LL\", SEM TAMPA, DE 1\"                                                                                                                                                                                                                                                                                                                                                                                                                                                             ","UN    ",14.13]
[39336,"CONDULETE EM PVC, TIPO \"LR\", SEM TAMPA, DE 1/2\"                                                                                                                                                                                                                                                                                                                                                                                                                                                           ","UN    ",12.13]
[39338,"CONDULETE EM PVC, TIPO \"LR\", SEM TAMPA, DE 1\"                                                                                                                                                                                                                                                                                                                                                                                                                                                             ","UN    ",13.55]
[39337,"CONDULETE EM PVC, TIPO \"LR\", SEM TAMPA, DE 3/4\"                                                                                                                                                                                                                                                                                                                                                                                                                                                           ","UN    ",10.79]
[39341,"CONDULETE EM PVC, TIPO \"T\", SEM TAMPA, DE 1\"                                                                                                                                                                                                                                                                                                                                                                                                                                                              ","UN    ",17.66]
[39340,"CONDULETE EM PVC, TIPO \"T\", SEM TAMPA, DE 3/4\"                                                                                                                                                                                                                                                                                                                                                                                                                                                            ","UN    ",12.97]
[12025,"CONDULETE EM PVC, TIPO \"TB\", SEM TAMPA, DE 1/2\" OU 3/4\"                                                                                                                                                                                                                                                                                                                                                                                                                                                   ","UN    ",13.4]
[39342,"CONDULETE EM PVC, TIPO \"TB\", SEM TAMPA, DE 1\"                                                                                                                                                                                                                                                                                                                                                                                                                                                             ","UN    ",17.66]
[39343,"CONDULETE EM PVC, TIPO \"X\", SEM TAMPA, DE 1/2\"                                                                                                                                                                                                                                                                                                                                                                                                                                                            ","UN    ",14.92]
[39345,"CONDULETE EM PVC, TIPO \"X\", SEM TAMPA, DE 1\"                                                                                                                                                                                                                                                                                                                                                                                                                                                              ","UN    ",20.19]
[39344,"CONDULETE EM PVC, TIPO \"X\", SEM TAMPA, DE 3/4\"                                                                                                                                                                                                                                                                                                                                                                                                                                                            ","UN    ",14.42]
[12623,"CONDUTOR PLUVIAL, PVC, CIRCULAR, DIAMETRO ENTRE 80 E 100 MM, PARA DRENAGEM PLUVIAL PREDIAL                                                                                                                                                                                                                                                                                                                                                                                                                ","M     ",42.56]
[34498,"CONE DE SINALIZACAO EM PVC FLEXIVEL, H = 70 / 76 CM (NBR 15071)                                                                                                                                                                                                                                                                                                                                                                                                                                           ","UN    ",130.23]
[13244,"CONE DE SINALIZACAO EM PVC RIGIDO COM FAIXA REFLETIVA, H = 70 / 76 CM                                                                                                                                                                                                                                                                                                                                                                                                                                     ","UN    ",54.82]
[38998,"CONECTOR / ADAPTADOR F/F, COM INSERTO METALICO, PPR, DN 25 MM X 1/2\", PARA AGUA QUENTE E FRIA PREDIAL                                                                                                                                                                                                                                                                                                                                                                                                     ","UN    ",9.97]
[38999,"CONECTOR / ADAPTADOR F/F, COM INSERTO METALICO, PPR, DN 32 MM X 3/4\", PARA AGUA QUENTE E FRIA PREDIAL                                                                                                                                                                                                                                                                                                                                                                                                     ","UN    ",25.2]
[38996,"CONECTOR / ADAPTADOR F/M, COM INSERTO METALICO, PPR, DN 25 MM X 1/2\", PARA AGUA QUENTE E FRIA PREDIAL                                                                                                                                                                                                                                                                                                                                                                                                     ","UN    ",17.81]
[44173,"CONECTOR / ADAPTADOR F/M, COM INSERTO METALICO, PPR, DN 25 MM X 3/4\", PARA AGUA QUENTE E FRIA PREDIAL                                                                                                                                                                                                                                                                                                                                                                                                     ","UN    ",17.32]
[44174,"CONECTOR / ADAPTADOR F/M, COM INSERTO METALICO, PPR, DN 32 MM X 1\", PARA AGUA QUENTE E FRIA PREDIAL                                                                                                                                                                                                                                                                                                                                                                                                       ","UN    ",28.36]
[38997,"CONECTOR / ADAPTADOR F/M, COM INSERTO METALICO, PPR, DN 32 MM X 3/4\", PARA AGUA QUENTE E FRIA PREDIAL                                                                                                                                                                                                                                                                                                                                                                                                     ","UN    ",25.48]
[39600,"CONECTOR / TOMADA FEMEA RJ 45, CATEGORIA 5 E (CAT 5E) PARA CABOS                                                                                                                                                                                                                                                                                                                                                                                                                                          ","UN    ",14.57]
[39601,"CONECTOR / TOMADA FEMEA RJ 45, CATEGORIA 6 (CAT 6) PARA CABOS                                                                                                                                                                                                                                                                                                                                                                                                                                             ","UN    ",30.92]
[39862,"CONECTOR BRONZE/LATAO (REF 603) SEM ANEL DE SOLDA, BOLSA X ROSCA F, 15 MM X 1/2\"                                                                                                                                                                                                                                                                                                                                                                                                                          ","UN    ",13.09]
[39863,"CONECTOR BRONZE/LATAO (REF 603) SEM ANEL DE SOLDA, BOLSA X ROSCA F, 22 MM X 1/2\"                                                                                                                                                                                                                                                                                                                                                                                                                          ","UN    ",13.27]
[39864,"CONECTOR BRONZE/LATAO (REF 603) SEM ANEL DE SOLDA, BOLSA X ROSCA F, 22 MM X 3/4\"                                                                                                                                                                                                                                                                                                                                                                                                                          ","UN    ",16.47]
[39865,"CONECTOR BRONZE/LATAO (REF 603) SEM ANEL DE SOLDA, BOLSA X ROSCA F, 28 MM X 1/2\"                                                                                                                                                                                                                                                                                                                                                                                                                          ","UN    ",23.21]
[2517,"CONECTOR CURVO 90 GRAUS DE ALUMINIO, BITOLA 1 1/2\", PARA ADAPTAR ENTRADA DE ELETRODUTO METALICO FLEXIVEL EM QUADROS                                                                                                                                                                                                                                                                                                                                                                                       ","UN    ",21.39]
[2522,"CONECTOR CURVO 90 GRAUS DE ALUMINIO, BITOLA 1 1/4\", PARA ADAPTAR ENTRADA DE ELETRODUTO METALICO FLEXIVEL EM QUADROS                                                                                                                                                                                                                                                                                                                                                                                       ","UN    ",13.82]
[2548,"CONECTOR CURVO 90 GRAUS DE ALUMINIO, BITOLA 1/2\", PARA ADAPTAR ENTRADA DE ELETRODUTO METALICO FLEXIVEL EM QUADROS                                                                                                                                                                                                                                                                                                                                                                                         ","UN    ",8.5]
[2516,"CONECTOR CURVO 90 GRAUS DE ALUMINIO, BITOLA 1\", PARA ADAPTAR ENTRADA DE ELETRODUTO METALICO FLEXIVEL EM QUADROS                                                                                                                                                                                                                                                                                                                                                                                           ","UN    ",11.1]
[2518,"CONECTOR CURVO 90 GRAUS DE ALUMINIO, BITOLA 2 1/2\", PARA ADAPTAR ENTRADA DE ELETRODUTO METALICO FLEXIVEL EM QUADROS                                                                                                                                                                                                                                                                                                                                                                                       ","UN    ",101.81]
[2521,"CONECTOR CURVO 90 GRAUS DE ALUMINIO, BITOLA 2\", PARA ADAPTAR ENTRADA DE ELETRODUTO METALICO FLEXIVEL EM QUADROS                                                                                                                                                                                                                                                                                                                                                                                           ","UN    ",43.34]
[2515,"CONECTOR CURVO 90 GRAUS DE ALUMINIO, BITOLA 3/4\", PARA ADAPTAR ENTRADA DE ELETRODUTO METALICO FLEXIVEL EM QUADROS                                                                                                                                                                                                                                                                                                                                                                                         ","UN    ",9.24]
[2519,"CONECTOR CURVO 90 GRAUS DE ALUMINIO, BITOLA 3\", PARA ADAPTAR ENTRADA DE ELETRODUTO METALICO FLEXIVEL EM QUADROS                                                                                                                                                                                                                                                                                                                                                                                           ","UN    ",122.76]
[2520,"CONECTOR CURVO 90 GRAUS DE ALUMINIO, BITOLA 4\", PARA ADAPTAR ENTRADA DE ELETRODUTO METALICO FLEXIVEL EM QUADROS                                                                                                                                                                                                                                                                                                                                                                                           ","UN    ",225.95]
[1602,"CONECTOR DE ALUMINIO TIPO PRENSA CABO, BITOLA 1 1/2\", PARA CABOS DE DIAMETRO DE 37 A 40 MM                                                                                                                                                                                                                                                                                                                                                                                                                ","UN    ",59.05]
[1601,"CONECTOR DE ALUMINIO TIPO PRENSA CABO, BITOLA 1 1/4\", PARA CABOS DE DIAMETRO DE 31 A 34 MM                                                                                                                                                                                                                                                                                                                                                                                                                ","UN    ",52.63]
[1598,"CONECTOR DE ALUMINIO TIPO PRENSA CABO, BITOLA 1/2\", PARA CABOS DE DIAMETRO DE 12,5 A 15 MM                                                                                                                                                                                                                                                                                                                                                                                                                ","UN    ",15.57]
[1600,"CONECTOR DE ALUMINIO TIPO PRENSA CABO, BITOLA 1\", PARA CABOS DE DIAMETRO DE 22,5 A 25 MM                                                                                                                                                                                                                                                                                                                                                                                                                  ","UN    ",22.99]
[1603,"CONECTOR DE ALUMINIO TIPO PRENSA CABO, BITOLA 2\", PARA CABOS DE DIAMETRO DE 47,5 A 50 MM                                                                                                                                                                                                                                                                                                                                                                                                                  ","UN    ",89.16]
[1599,"CONECTOR DE ALUMINIO TIPO PRENSA CABO, BITOLA 3/4\", PARA CABOS DE DIAMETRO DE 17,5 A 20 MM                                                                                                                                                                                                                                                                                                                                                                                                                ","UN    ",18.07]
[1597,"CONECTOR DE ALUMINIO TIPO PRENSA CABO, BITOLA 3/8\", PARA CABOS DE DIAMETRO DE 9 A 10 MM                                                                                                                                                                                                                                                                                                                                                                                                                   ","UN    ",14.64]
[39602,"CONECTOR MACHO RJ 45, CATEGORIA 5 E (CAT 5E) PARA CABOS                                                                                                                                                                                                                                                                                                                                                                                                                                                   ","UN    ",1.54]
[39603,"CONECTOR MACHO RJ 45, CATEGORIA 6 (CAT 6) PARA CABOS                                                                                                                                                                                                                                                                                                                                                                                                                                                      ","UN    ",3.29]
[11821,"CONECTOR METALICO TIPO PARAFUSO FENDIDO (SPLIT BOLT), COM SEPARADOR DE CABOS BIMETALICOS, PARA CABOS ATE 25 MM2                                                                                                                                                                                                                                                                                                                                                                                           ","UN    ",12.03]
[1562,"CONECTOR METALICO TIPO PARAFUSO FENDIDO (SPLIT BOLT), COM SEPARADOR DE CABOS BIMETALICOS, PARA CABOS ATE 50 MM2                                                                                                                                                                                                                                                                                                                                                                                           ","UN    ",19.7]
[1563,"CONECTOR METALICO TIPO PARAFUSO FENDIDO (SPLIT BOLT), COM SEPARADOR DE CABOS BIMETALICOS, PARA CABOS ATE 70 MM2                                                                                                                                                                                                                                                                                                                                                                                           ","UN    ",26.43]
[11856,"CONECTOR METALICO TIPO PARAFUSO FENDIDO (SPLIT BOLT), PARA CABOS ATE 10 MM2                                                                                                                                                                                                                                                                                                                                                                                                                               ","UN    ",7.88]
[11857,"CONECTOR METALICO TIPO PARAFUSO FENDIDO (SPLIT BOLT), PARA CABOS ATE 120 MM2                                                                                                                                                                                                                                                                                                                                                                                                                              ","UN    ",41.47]
[11858,"CONECTOR METALICO TIPO PARAFUSO FENDIDO (SPLIT BOLT), PARA CABOS ATE 150 MM2                                                                                                                                                                                                                                                                                                                                                                                                                              ","UN    ",51.47]
[1539,"CONECTOR METALICO TIPO PARAFUSO FENDIDO (SPLIT BOLT), PARA CABOS ATE 16 MM2                                                                                                                                                                                                                                                                                                                                                                                                                               ","UN    ",9.26]
[11859,"CONECTOR METALICO TIPO PARAFUSO FENDIDO (SPLIT BOLT), PARA CABOS ATE 185 MM2                                                                                                                                                                                                                                                                                                                                                                                                                              ","UN    ",70.03]
[1550,"CONECTOR METALICO TIPO PARAFUSO FENDIDO (SPLIT BOLT), PARA CABOS ATE 25 MM2                                                                                                                                                                                                                                                                                                                                                                                                                               ","UN    ",9.77]
[11854,"CONECTOR METALICO TIPO PARAFUSO FENDIDO (SPLIT BOLT), PARA CABOS ATE 35 MM2                                                                                                                                                                                                                                                                                                                                                                                                                               ","UN    ",12.21]
[11862,"CONECTOR METALICO TIPO PARAFUSO FENDIDO (SPLIT BOLT), PARA CABOS ATE 50 MM2                                                                                                                                                                                                                                                                                                                                                                                                                               ","UN    ",17.12]
[11863,"CONECTOR METALICO TIPO PARAFUSO FENDIDO (SPLIT BOLT), PARA CABOS ATE 6 MM2                                                                                                                                                                                                                                                                                                                                                                                                                                ","UN    ",6.91]
[11855,"CONECTOR METALICO TIPO PARAFUSO FENDIDO (SPLIT BOLT), PARA CABOS ATE 70 MM2                                                                                                                                                                                                                                                                                                                                                                                                                               ","UN    ",25.56]
[11864,"CONECTOR METALICO TIPO PARAFUSO FENDIDO (SPLIT BOLT), PARA CABOS ATE 95 MM2                                                                                                                                                                                                                                                                                                                                                                                                                               ","UN    ",38.64]
[2527,"CONECTOR RETO DE ALUMINIO PARA ELETRODUTO DE 1 1/2\", PARA ADAPTAR ENTRADA DE ELETRODUTO METALICO FLEXIVEL EM QUADROS                                                                                                                                                                                                                                                                                                                                                                                      ","UN    ",7.65]
[2526,"CONECTOR RETO DE ALUMINIO PARA ELETRODUTO DE 1 1/4\", PARA ADAPTAR ENTRADA DE ELETRODUTO METALICO FLEXIVEL EM QUADROS                                                                                                                                                                                                                                                                                                                                                                                      ","UN    ",4.9]
[2487,"CONECTOR RETO DE ALUMINIO PARA ELETRODUTO DE 1/2\", PARA ADAPTAR ENTRADA DE ELETRODUTO METALICO FLEXIVEL EM QUADROS                                                                                                                                                                                                                                                                                                                                                                                        ","UN    ",1.67]
[2483,"CONECTOR RETO DE ALUMINIO PARA ELETRODUTO DE 1\", PARA ADAPTAR ENTRADA DE ELETRODUTO METALICO FLEXIVEL EM QUADROS                                                                                                                                                                                                                                                                                                                                                                                          ","UN    ",3.49]
[2528,"CONECTOR RETO DE ALUMINIO PARA ELETRODUTO DE 2 1/2\", PARA ADAPTAR ENTRADA DE ELETRODUTO METALICO FLEXIVEL EM QUADROS                                                                                                                                                                                                                                                                                                                                                                                      ","UN    ",19.26]
[2489,"CONECTOR RETO DE ALUMINIO PARA ELETRODUTO DE 2\", PARA ADAPTAR ENTRADA DE ELETRODUTO METALICO FLEXIVEL EM QUADROS                                                                                                                                                                                                                                                                                                                                                                                          ","UN    ",8.48]
[2488,"CONECTOR RETO DE ALUMINIO PARA ELETRODUTO DE 3/4\", PARA ADAPTAR ENTRADA DE ELETRODUTO METALICO FLEXIVEL EM QUADROS                                                                                                                                                                                                                                                                                                                                                                                        ","UN    ",1.96]
[2484,"CONECTOR RETO DE ALUMINIO PARA ELETRODUTO DE 3\", PARA ADAPTAR ENTRADA DE ELETRODUTO METALICO FLEXIVEL EM QUADROS                                                                                                                                                                                                                                                                                                                                                                                          ","UN    ",27.98]
[2485,"CONECTOR RETO DE ALUMINIO PARA ELETRODUTO DE 4\", PARA ADAPTAR ENTRADA DE ELETRODUTO METALICO FLEXIVEL EM QUADROS                                                                                                                                                                                                                                                                                                                                                                                          ","UN    ",43.85]
[39279,"CONECTOR/ADAPTADOR FIXO, ROSCA FEMEA, EM PLASTICO, DN 16 MM X 1/2\", PARA CONEXAO COM CRIMPAGEM, EM TUBO PEX PARA INST. AGUA QUENTE/FRIA                                                                                                                                                                                                                                                                                                                                                                   ","UN    ",8.35]
[39280,"CONECTOR/ADAPTADOR FIXO, ROSCA FEMEA, EM PLASTICO, DN 20 MM X 1/2\", PARA CONEXAO COM CRIMPAGEM, EM TUBO PEX PARA INST. AGUA QUENTE/FRIA                                                                                                                                                                                                                                                                                                                                                                   ","UN    ",9.36]
[39281,"CONECTOR/ADAPTADOR FIXO, ROSCA FEMEA, EM PLASTICO, DN 20 MM X 3/4\", PARA CONEXAO COM CRIMPAGEM, EM TUBO PEX PARA INST. AGUA QUENTE/FRIA                                                                                                                                                                                                                                                                                                                                                                   ","UN    ",12.37]
[39282,"CONECTOR/ADAPTADOR FIXO, ROSCA FEMEA, EM PLASTICO, DN 25 MM X 3/4\", PARA CONEXAO COM CRIMPAGEM, EM TUBO PEX PARA INST. AGUA QUENTE/FRIA                                                                                                                                                                                                                                                                                                                                                                   ","UN    ",17.26]
[38844,"CONECTOR/ADAPTADOR FIXO, ROSCA FEMEA, METALICA, COM ANEL DESLIZANTE, DN 16 MM X 1/2\", PARA TUBO PEX PARA INST. AGUA QUENTE/FRIA                                                                                                                                                                                                                                                                                                                                                                           ","UN    ",8.47]
[38846,"CONECTOR/ADAPTADOR FIXO, ROSCA FEMEA, METALICA, COM ANEL DESLIZANTE, DN 20 MM X 1/2\", PARA TUBO PEX PARA INST. AGUA QUENTE/FRIA                                                                                                                                                                                                                                                                                                                                                                           ","UN    ",8.62]
[38847,"CONECTOR/ADAPTADOR FIXO, ROSCA FEMEA, METALICA, COM ANEL DESLIZANTE, DN 20 MM X 3/4\", PARA TUBO PEX PARA INST. AGUA QUENTE/FRIA                                                                                                                                                                                                                                                                                                                                                                           ","UN    ",10.09]
[38850,"CONECTOR/ADAPTADOR FIXO, ROSCA FEMEA, METALICA, COM ANEL DESLIZANTE, DN 25 MM X 1\", PARA TUBO PEX PARA INST. AGUA QUENTE/FRIA                                                                                                                                                                                                                                                                                                                                                                             ","UN    ",18.23]
[38848,"CONECTOR/ADAPTADOR FIXO, ROSCA FEMEA, METALICA, COM ANEL DESLIZANTE, DN 25 MM X 3/4\", PARA TUBO PEX PARA INST. AGUA QUENTE/FRIA                                                                                                                                                                                                                                                                                                                                                                           ","UN    ",11.95]
[38851,"CONECTOR/ADAPTADOR FIXO, ROSCA FEMEA, METALICA, COM ANEL DESLIZANTE, DN 32 MM X 1\", PARA TUBO PEX PARA INST. AGUA QUENTE/FRIA                                                                                                                                                                                                                                                                                                                                                                             ","UN    ",20.61]
[38854,"CONECTOR/ADAPTADOR MOVEL, ROSCA FEMEA, METALICA, COM ANEL DESLIZANTE, DN 16 MM X 3/4\", PARA TUBO PEX PARA INST. AGUA QUENTE/FRIA                                                                                                                                                                                                                                                                                                                                                                          ","UN    ",8.95]
[44247,"CONECTOR, CPVC, SOLDAVEL, 114 MM X 4\", PARA AGUA QUENTE                                                                                                                                                                                                                                                                                                                                                                                                                                                   ","UN    ",{"v":1499.8,"d":"1,499.80"}]
[38005,"CONECTOR, CPVC, SOLDAVEL, 15 MM X 1/2\", PARA AGUA QUENTE                                                                                                                                                                                                                                                                                                                                                                                                                                                  ","UN    ",17.83]
[38006,"CONECTOR, CPVC, SOLDAVEL, 22 MM X 1/2\", PARA AGUA QUENTE                                                                                                                                                                                                                                                                                                                                                                                                                                                  ","UN    ",23.7]
[38428,"CONECTOR, CPVC, SOLDAVEL, 22 MM X 3/4\", PARA AGUA QUENTE                                                                                                                                                                                                                                                                                                                                                                                                                                                  ","UN    ",21.22]
[38007,"CONECTOR, CPVC, SOLDAVEL, 28 MM X 1\", PARA AGUA QUENTE                                                                                                                                                                                                                                                                                                                                                                                                                                                    ","UN    ",27.34]
[38008,"CONECTOR, CPVC, SOLDAVEL, 35 MM X 1 1/4\", PARA AGUA QUENTE                                                                                                                                                                                                                                                                                                                                                                                                                                                ","UN    ",43.75]
[38009,"CONECTOR, CPVC, SOLDAVEL, 42 MM X 1 1/2\", PARA AGUA QUENTE                                                                                                                                                                                                                                                                                                                                                                                                                                                ","UN    ",53.56]
[44248,"CONECTOR, CPVC, SOLDAVEL, 54 MM X 2\", PARA AGUA QUENTE                                                                                                                                                                                                                                                                                                                                                                                                                                                    ","UN    ",87.3]
[44249,"CONECTOR, CPVC, SOLDAVEL, 73 MM X 2 1/2\", PARA AGUA QUENTE                                                                                                                                                                                                                                                                                                                                                                                                                                                ","UN    ",336.84]
[44250,"CONECTOR, CPVC, SOLDAVEL, 89 MM X 3\", PARA AGUA QUENTE                                                                                                                                                                                                                                                                                                                                                                                                                                                    ","UN    ",489.16]
[3104,"CONJ. DE FERRAGENS PARA PORTA DE VIDRO TEMPERADO, EM ZAMAC CROMADO, CONTEMPLANDO DOBRADICA INF., DOBRADICA SUP., PIVO PARA DOBRADICA INF., PIVO PARA DOBRADICA SUP., FECHADURA CENTRAL EM ZAMC. CROMADO, CONTRA FECHADURA DE PRESSAO                                                                                                                                                                                                                                                                      ","CJ    ",169.38]
[1607,"CONJUNTO ARRUELAS DE VEDACAO 5/16\" PARA TELHA FIBROCIMENTO (UMA ARRUELA METALICA E UMA ARRUELA PVC - CONICAS)                                                                                                                                                                                                                                                                                                                                                                                             ","CJ    ",0.25]
[38169,"CONJUNTO DE FERRAGENS PIVO, PARA PORTA PIVOTANTE DE ATE 100 KG, REGULAVEL COM ESFERA , CROMADO - SUPERIOR E INFERIOR - COMPLETO                                                                                                                                                                                                                                                                                                                                                                           ","CJ    ",90.58]
[6142,"CONJUNTO DE LIGACAO AJUSTAVEL, PARA VASO / BACIA SANITARIA , EM PLASTICO BRANCO, COM TUBO, CANOPLA E ESPUDE                                                                                                                                                                                                                                                                                                                                                                                               ","UN    ",8.5]
[11686,"CONJUNTO DE LIGACAO PARA VASO / BACIA SANITARIA, EM PLASTICO BRANCO, COM TUBO, CANOPLA E ANEL DE EXPANSAO (TUBO 1.1/2\" X 20 CM)                                                                                                                                                                                                                                                                                                                                                                           ","UN    ",11.8]
[37598,"CONJUNTO MONTADO ESTOPIM COM ESPOLETA COMUM NUMERO 8, COM CABECA ACENDEDORA, 1,5 M                                                                                                                                                                                                                                                                                                                                                                                                                        ","UN    ",38.11]
[25398,"CONJUNTO PARA FUTSAL COM PAR DE TRAVES OFICIAIS DE 3,00 X 2,00 M EM TUBO DE ACO GALVANIZADO 3\" COM REQUADROS EM TUBO DE 1\", PINTURA EM PRIMER COM TINTA ESMALTE SINTETICO E REDES DE POLIETILENO FIO 4 MM                                                                                                                                                                                                                                                                                                 ","UN    ",{"v":4539.57,"d":"4,539.57"}]
[25399,"CONJUNTO PARA QUADRA DE  VOLEI COM POSTES EM TUBO DE ACO GALVANIZADO 3\", H = *255* CM, PINTURA EM TINTA ESMALTE SINTETICO, REDE DE NYLON COM 2 MM, MALHA 10 X 10 CM E ANTENAS OFICIAIS EM FIBRA DE VIDRO                                                                                                                                                                                                                                                                                                  ","UN    ",{"v":2755.92,"d":"2,755.92"}]
[43440,"CONJUNTO PRE-MOLDADO COMPOSTO POR GRELHA (0,99 X 0,45 M), QUADRO (1,10 X 0,52 M) E CANTONEIRA (1,10 X 0,35 M), EM CONCRETO ARMADO, COM FCK DE 21 MPA                                                                                                                                                                                                                                                                                                                                                      ","UN    ",496.53]
[10667,"CONTAINER ALMOXARIFADO, DE *2,40* X *6,00* M, PADRAO SIMPLES, SEM REVESTIMENTO E SEM DIVISORIAS INTERNOS E SEM SANITARIO, PARA USO EM CANTEIRO DE OBRAS                                                                                                                                                                                                                                                                                                                                                   ","UN    ",{"v":19404,"d":"19,404.00"}]
[1613,"CONTATOR TRIPOLAR, CORRENTE DE *110* A, TENSAO NOMINAL DE *500* V, CATEGORIA AC-2 E AC-3                                                                                                                                                                                                                                                                                                                                                                                                                  ","UN    ",{"v":1402.23,"d":"1,402.23"}]
[1626,"CONTATOR TRIPOLAR, CORRENTE DE *185* A, TENSAO NOMINAL DE *500* V, CATEGORIA AC-2 E AC-3                                                                                                                                                                                                                                                                                                                                                                                                                  ","UN    ",{"v":2097.2,"d":"2,097.20"}]
[1625,"CONTATOR TRIPOLAR, CORRENTE DE *22* A, TENSAO NOMINAL DE *500* V, CATEGORIA AC-2 E AC-3                                                                                                                                                                                                                                                                                                                                                                                                                   ","UN    ",146.48]
[1622,"CONTATOR TRIPOLAR, CORRENTE DE *265* A, TENSAO NOMINAL DE *500* V, CATEGORIA AC-2 E AC-3                                                                                                                                                                                                                                                                                                                                                                                                                  ","UN    ",{"v":4732.53,"d":"4,732.53"}]
[1620,"CONTATOR TRIPOLAR, CORRENTE DE *38* A, TENSAO NOMINAL DE *500* V, CATEGORIA AC-2 E AC-3                                                                                                                                                                                                                                                                                                                                                                                                                   ","UN    ",308.57]
[1629,"CONTATOR TRIPOLAR, CORRENTE DE *500* A, TENSAO NOMINAL DE *500* V, CATEGORIA AC-2 E AC-3                                                                                                                                                                                                                                                                                                                                                                                                                  ","UN    ",{"v":11517.85,"d":"11,517.85"}]
[1627,"CONTATOR TRIPOLAR, CORRENTE DE *65* A, TENSAO NOMINAL DE *500* V, CATEGORIA AC-2 E AC-3                                                                                                                                                                                                                                                                                                                                                                                                                   ","UN    ",589.82]
[1623,"CONTATOR TRIPOLAR, CORRENTE DE 12 A, TENSAO NOMINAL DE *500* V, CATEGORIA AC-2 E AC-3                                                                                                                                                                                                                                                                                                                                                                                                                     ","UN    ",119.46]
[1619,"CONTATOR TRIPOLAR, CORRENTE DE 25 A, TENSAO NOMINAL DE *500* V, CATEGORIA AC-2 E AC-3                                                                                                                                                                                                                                                                                                                                                                                                                     ","UN    ",164.33]
[1630,"CONTATOR TRIPOLAR, CORRENTE DE 250 A, TENSAO NOMINAL DE *500* V, PARA ACIONAMENTO DE CAPACITORES                                                                                                                                                                                                                                                                                                                                                                                                          ","UN    ",{"v":3618.12,"d":"3,618.12"}]
[1616,"CONTATOR TRIPOLAR, CORRENTE DE 300 A, TENSAO NOMINAL DE *500* V, CATEGORIA AC-2 E AC-3                                                                                                                                                                                                                                                                                                                                                                                                                    ","UN    ",{"v":5564.73,"d":"5,564.73"}]
[1614,"CONTATOR TRIPOLAR, CORRENTE DE 32 A, TENSAO NOMINAL DE *500* V, CATEGORIA AC-2 E AC-3                                                                                                                                                                                                                                                                                                                                                                                                                     ","UN    ",254.33]
[1617,"CONTATOR TRIPOLAR, CORRENTE DE 400 A, TENSAO NOMINAL DE *500* V, CATEGORIA AC-2 E AC-3                                                                                                                                                                                                                                                                                                                                                                                                                    ","UN    ",{"v":6643.08,"d":"6,643.08"}]
[1621,"CONTATOR TRIPOLAR, CORRENTE DE 45 A, TENSAO NOMINAL DE *500* V, CATEGORIA AC-2 E AC-3                                                                                                                                                                                                                                                                                                                                                                                                                     ","UN    ",454.86]
[1624,"CONTATOR TRIPOLAR, CORRENTE DE 630 A, TENSAO NOMINAL DE *500* V, CATEGORIA AC-2 E AC-3                                                                                                                                                                                                                                                                                                                                                                                                                    ","UN    ",{"v":16329.02,"d":"16,329.02"}]
[1615,"CONTATOR TRIPOLAR, CORRENTE DE 75 A, TENSAO NOMINAL DE *500* V, CATEGORIA AC-2 E AC-3                                                                                                                                                                                                                                                                                                                                                                                                                     ","UN    ",854.15]
[1612,"CONTATOR TRIPOLAR, CORRENTE DE 9 A, TENSAO NOMINAL DE *500* V, CATEGORIA AC-2 E AC-3                                                                                                                                                                                                                                                                                                                                                                                                                      ","UN    ",112.5]
[1618,"CONTATOR TRIPOLAR, CORRENTE DE 95 A, TENSAO NOMINAL DE *500* V, CATEGORIA AC-2 E AC-3                                                                                                                                                                                                                                                                                                                                                                                                                     ","UN    ",{"v":1173.73,"d":"1,173.73"}]
[14211,"CONTRA-PORCA SEXTAVADA, DIAMETRO NOMINAL 1 3/8\", ALTURA 35 MM                                                                                                                                                                                                                                                                                                                                                                                                                                             ","UN    ",44.49]
[43657,"CONTRAMARCO DE ALUMINIO (PERFIL 25) PARA ESQUADRIAS, TIPO CONVENCIONAL / CADEIRINHA, 60 MM (CM-060), INCLUSO CONEXOES, GRAPAS E TRAVAMENTOS                                                                                                                                                                                                                                                                                                                                                               ","M     ",6.78]
[38200,"CORDA DE POLIAMIDA 12 MM TIPO BOMBEIRO, PARA TRABALHO EM ALTURA                                                                                                                                                                                                                                                                                                                                                                                                                                           ","100M  ",752.07]
[39269,"CORDAO DE COBRE, FLEXIVEL, TORCIDO, CLASSE 4 OU 5, ISOLACAO EM PVC/D, 300 V, 2 CONDUTORES DE 0,5 MM2                                                                                                                                                                                                                                                                                                                                                                                                      ","M     ",1.25]
[11889,"CORDAO DE COBRE, FLEXIVEL, TORCIDO, CLASSE 4 OU 5, ISOLACAO EM PVC/D, 300 V, 2 CONDUTORES DE 0,75 MM2                                                                                                                                                                                                                                                                                                                                                                                                     ","M     ",1.71]
[39270,"CORDAO DE COBRE, FLEXIVEL, TORCIDO, CLASSE 4 OU 5, ISOLACAO EM PVC/D, 300 V, 2 CONDUTORES DE 1,0 MM2                                                                                                                                                                                                                                                                                                                                                                                                      ","M     ",2.23]
[11890,"CORDAO DE COBRE, FLEXIVEL, TORCIDO, CLASSE 4 OU 5, ISOLACAO EM PVC/D, 300 V, 2 CONDUTORES DE 1,5 MM2                                                                                                                                                                                                                                                                                                                                                                                                      ","M     ",3.03]
[11891,"CORDAO DE COBRE, FLEXIVEL, TORCIDO, CLASSE 4 OU 5, ISOLACAO EM PVC/D, 300 V, 2 CONDUTORES DE 2,5 MM2                                                                                                                                                                                                                                                                                                                                                                                                      ","M     ",4.92]
[11892,"CORDAO DE COBRE, FLEXIVEL, TORCIDO, CLASSE 4 OU 5, ISOLACAO EM PVC/D, 300 V, 2 CONDUTORES DE 4 MM2                                                                                                                                                                                                                                                                                                                                                                                                        ","M     ",8.04]
[37601,"CORDEL DETONANTE, NP 05 G/M                                                                                                                                                                                                                                                                                                                                                                                                                                                                               ","M     ",8.47]
[1634,"CORDEL DETONANTE, NP 10 G/M                                                                                                                                                                                                                                                                                                                                                                                                                                                                               ","M     ",8.75]
[5086,"CORRENTE DE ELO CURTO COMUM, SOLDADA, GALVANIZADA, ESPESSURA DO ELO = 1/2\" (12,5 MM)                                                                                                                                                                                                                                                                                                                                                                                                                      ","KG    ",37.5]
[11280,"CORTADEIRA DE PISO DE CONCRETO E ASFALTO, PARA DISCO PADRAO DE DIAMETRO 350 MM (14\") OU 450 MM (18\") , MOTOR A GASOLINA, POTENCIA 13 HP, SEM DISCO                                                                                                                                                                                                                                                                                                                                                        ","UN    ",{"v":14051.8,"d":"14,051.80"}]
[40519,"CORTADEIRA HIDRAULICA DE VERGALHAO, PARA ACO DE DIAMETRO ATE 50 MM, MOTOR ELETRICO TRIFASICO, POTENCIA DE 5,5 HP A 7,5 HP                                                                                                                                                                                                                                                                                                                                                                                 ","UN    ",{"v":115838.28,"d":"115,838.28"}]
[39869,"COTOVELO BRONZE/LATAO (REF 707-3) SEM ANEL DE SOLDA, BOLSA X ROSCA F, 15MM X 1/2\"                                                                                                                                                                                                                                                                                                                                                                                                                         ","UN    ",12.99]
[39870,"COTOVELO BRONZE/LATAO (REF 707-3) SEM ANEL DE SOLDA, BOLSA X ROSCA F, 22MM X 1/2\"                                                                                                                                                                                                                                                                                                                                                                                                                         ","UN    ",19.88]
[39871,"COTOVELO BRONZE/LATAO (REF 707-3) SEM ANEL DE SOLDA, BOLSA X ROSCA F, 22MM X 3/4\"                                                                                                                                                                                                                                                                                                                                                                                                                         ","UN    ",22.28]
[12722,"COTOVELO DE COBRE 90 GRAUS (REF 607) SEM ANEL DE SOLDA, BOLSA X BOLSA, 104 MM                                                                                                                                                                                                                                                                                                                                                                                                                             ","UN    ",745.61]
[12714,"COTOVELO DE COBRE 90 GRAUS (REF 607) SEM ANEL DE SOLDA, BOLSA X BOLSA, 15 MM                                                                                                                                                                                                                                                                                                                                                                                                                              ","UN    ",4.87]
[12715,"COTOVELO DE COBRE 90 GRAUS (REF 607) SEM ANEL DE SOLDA, BOLSA X BOLSA, 22 MM                                                                                                                                                                                                                                                                                                                                                                                                                              ","UN    ",10.99]
[12716,"COTOVELO DE COBRE 90 GRAUS (REF 607) SEM ANEL DE SOLDA, BOLSA X BOLSA, 28 MM                                                                                                                                                                                                                                                                                                                                                                                                                              ","UN    ",18.87]
[12717,"COTOVELO DE COBRE 90 GRAUS (REF 607) SEM ANEL DE SOLDA, BOLSA X BOLSA, 35 MM                                                                                                                                                                                                                                                                                                                                                                                                                              ","UN    ",37.09]
[12718,"COTOVELO DE COBRE 90 GRAUS (REF 607) SEM ANEL DE SOLDA, BOLSA X BOLSA, 42 MM                                                                                                                                                                                                                                                                                                                                                                                                                              ","UN    ",56.93]
[12719,"COTOVELO DE COBRE 90 GRAUS (REF 607) SEM ANEL DE SOLDA, BOLSA X BOLSA, 54 MM                                                                                                                                                                                                                                                                                                                                                                                                                              ","UN    ",90.37]
[12720,"COTOVELO DE COBRE 90 GRAUS (REF 607) SEM ANEL DE SOLDA, BOLSA X BOLSA, 66 MM                                                                                                                                                                                                                                                                                                                                                                                                                              ","UN    ",314.67]
[12721,"COTOVELO DE COBRE 90 GRAUS (REF 607) SEM ANEL DE SOLDA, BOLSA X BOLSA, 79 MM                                                                                                                                                                                                                                                                                                                                                                                                                              ","UN    ",301.74]
[3468,"COTOVELO DE REDUCAO 90 GRAUS DE FERRO GALVANIZADO, COM ROSCA BSP, DE 1 1/2\" X 1\"                                                                                                                                                                                                                                                                                                                                                                                                                          ","UN    ",34.45]
[3465,"COTOVELO DE REDUCAO 90 GRAUS DE FERRO GALVANIZADO, COM ROSCA BSP, DE 1 1/2\" X 3/4\"                                                                                                                                                                                                                                                                                                                                                                                                                        ","UN    ",34.43]
[12403,"COTOVELO DE REDUCAO 90 GRAUS DE FERRO GALVANIZADO, COM ROSCA BSP, DE 1 1/4\" X 1\"                                                                                                                                                                                                                                                                                                                                                                                                                          ","UN    ",24.54]
[3463,"COTOVELO DE REDUCAO 90 GRAUS DE FERRO GALVANIZADO, COM ROSCA BSP, DE 1\" X 1/2\"                                                                                                                                                                                                                                                                                                                                                                                                                            ","UN    ",14.34]
[3464,"COTOVELO DE REDUCAO 90 GRAUS DE FERRO GALVANIZADO, COM ROSCA BSP, DE 1\" X 3/4\"                                                                                                                                                                                                                                                                                                                                                                                                                            ","UN    ",14.34]
[3466,"COTOVELO DE REDUCAO 90 GRAUS DE FERRO GALVANIZADO, COM ROSCA BSP, DE 2 1/2\" X 2\"                                                                                                                                                                                                                                                                                                                                                                                                                          ","UN    ",87.46]
[3467,"COTOVELO DE REDUCAO 90 GRAUS DE FERRO GALVANIZADO, COM ROSCA BSP, DE 2\" X 1 1/2\"                                                                                                                                                                                                                                                                                                                                                                                                                          ","UN    ",49.39]
[3462,"COTOVELO DE REDUCAO 90 GRAUS DE FERRO GALVANIZADO, COM ROSCA BSP, DE 3/4\" X 1/2\"                                                                                                                                                                                                                                                                                                                                                                                                                          ","UN    ",9.46]
[3446,"COTOVELO 45 GRAUS DE FERRO GALVANIZADO, COM ROSCA BSP, DE 1 1/2\"                                                                                                                                                                                                                                                                                                                                                                                                                                          ","UN    ",29.12]
[3445,"COTOVELO 45 GRAUS DE FERRO GALVANIZADO, COM ROSCA BSP, DE 1 1/4\"                                                                                                                                                                                                                                                                                                                                                                                                                                          ","UN    ",23.77]
[3441,"COTOVELO 45 GRAUS DE FERRO GALVANIZADO, COM ROSCA BSP, DE 1/2\"                                                                                                                                                                                                                                                                                                                                                                                                                                            ","UN    ",6.71]
[3444,"COTOVELO 45 GRAUS DE FERRO GALVANIZADO, COM ROSCA BSP, DE 1\"                                                                                                                                                                                                                                                                                                                                                                                                                                              ","UN    ",14.63]
[12402,"COTOVELO 45 GRAUS DE FERRO GALVANIZADO, COM ROSCA BSP, DE 2 1/2\"                                                                                                                                                                                                                                                                                                                                                                                                                                          ","UN    ",81.85]
[3447,"COTOVELO 45 GRAUS DE FERRO GALVANIZADO, COM ROSCA BSP, DE 2\"                                                                                                                                                                                                                                                                                                                                                                                                                                              ","UN    ",42.35]
[3442,"COTOVELO 45 GRAUS DE FERRO GALVANIZADO, COM ROSCA BSP, DE 3/4\"                                                                                                                                                                                                                                                                                                                                                                                                                                            ","UN    ",10.03]
[3448,"COTOVELO 45 GRAUS DE FERRO GALVANIZADO, COM ROSCA BSP, DE 3\"                                                                                                                                                                                                                                                                                                                                                                                                                                              ","UN    ",119.67]
[3449,"COTOVELO 45 GRAUS DE FERRO GALVANIZADO, COM ROSCA BSP, DE 4\"                                                                                                                                                                                                                                                                                                                                                                                                                                              ","UN    ",209.69]
[37438,"COTOVELO 45 GRAUS, PEAD PE 100, DE 125 MM, PARA ELETROFUSAO                                                                                                                                                                                                                                                                                                                                                                                                                                               ","UN    ",232.23]
[37439,"COTOVELO 45 GRAUS, PEAD PE 100, DE 200 MM, PARA ELETROFUSAO                                                                                                                                                                                                                                                                                                                                                                                                                                               ","UN    ",{"v":1518.32,"d":"1,518.32"}]
[37435,"COTOVELO 45 GRAUS, PEAD PE 100, DE 32 MM, PARA ELETROFUSAO                                                                                                                                                                                                                                                                                                                                                                                                                                                ","UN    ",27.29]
[37436,"COTOVELO 45 GRAUS, PEAD PE 100, DE 40 MM, PARA ELETROFUSAO                                                                                                                                                                                                                                                                                                                                                                                                                                                ","UN    ",32.21]
[37437,"COTOVELO 45 GRAUS, PEAD PE 100, DE 63 MM, PARA ELETROFUSAO                                                                                                                                                                                                                                                                                                                                                                                                                                                ","UN    ",46.58]
[3473,"COTOVELO 90 GRAUS DE FERRO GALVANIZADO, COM ROSCA BSP MACHO/FEMEA, DE 1 1/2\"                                                                                                                                                                                                                                                                                                                                                                                                                              ","UN    ",32.92]
[3474,"COTOVELO 90 GRAUS DE FERRO GALVANIZADO, COM ROSCA BSP MACHO/FEMEA, DE 1 1/4\"                                                                                                                                                                                                                                                                                                                                                                                                                              ","UN    ",27.14]
[3450,"COTOVELO 90 GRAUS DE FERRO GALVANIZADO, COM ROSCA BSP MACHO/FEMEA, DE 1/2\"                                                                                                                                                                                                                                                                                                                                                                                                                                ","UN    ",7.86]
[3443,"COTOVELO 90 GRAUS DE FERRO GALVANIZADO, COM ROSCA BSP MACHO/FEMEA, DE 1\"                                                                                                                                                                                                                                                                                                                                                                                                                                  ","UN    ",16.88]
[3453,"COTOVELO 90 GRAUS DE FERRO GALVANIZADO, COM ROSCA BSP MACHO/FEMEA, DE 2 1/2\"                                                                                                                                                                                                                                                                                                                                                                                                                              ","UN    ",96.1]
[3452,"COTOVELO 90 GRAUS DE FERRO GALVANIZADO, COM ROSCA BSP MACHO/FEMEA, DE 2\"                                                                                                                                                                                                                                                                                                                                                                                                                                  ","UN    ",47.43]
[3451,"COTOVELO 90 GRAUS DE FERRO GALVANIZADO, COM ROSCA BSP MACHO/FEMEA, DE 3/4\"                                                                                                                                                                                                                                                                                                                                                                                                                                ","UN    ",9.41]
[3454,"COTOVELO 90 GRAUS DE FERRO GALVANIZADO, COM ROSCA BSP MACHO/FEMEA, DE 3\"                                                                                                                                                                                                                                                                                                                                                                                                                                  ","UN    ",146.17]
[3458,"COTOVELO 90 GRAUS DE FERRO GALVANIZADO, COM ROSCA BSP, DE 1 1/2\"                                                                                                                                                                                                                                                                                                                                                                                                                                          ","UN    ",26.39]
[3457,"COTOVELO 90 GRAUS DE FERRO GALVANIZADO, COM ROSCA BSP, DE 1 1/4\"                                                                                                                                                                                                                                                                                                                                                                                                                                          ","UN    ",19.81]
[3455,"COTOVELO 90 GRAUS DE FERRO GALVANIZADO, COM ROSCA BSP, DE 1/2\"                                                                                                                                                                                                                                                                                                                                                                                                                                            ","UN    ",5.62]
[3472,"COTOVELO 90 GRAUS DE FERRO GALVANIZADO, COM ROSCA BSP, DE 1\"                                                                                                                                                                                                                                                                                                                                                                                                                                              ","UN    ",12.64]
[3470,"COTOVELO 90 GRAUS DE FERRO GALVANIZADO, COM ROSCA BSP, DE 2 1/2\"                                                                                                                                                                                                                                                                                                                                                                                                                                          ","UN    ",73.69]
[3471,"COTOVELO 90 GRAUS DE FERRO GALVANIZADO, COM ROSCA BSP, DE 2\"                                                                                                                                                                                                                                                                                                                                                                                                                                              ","UN    ",40.49]
[3456,"COTOVELO 90 GRAUS DE FERRO GALVANIZADO, COM ROSCA BSP, DE 3/4\"                                                                                                                                                                                                                                                                                                                                                                                                                                            ","UN    ",8.42]
[3459,"COTOVELO 90 GRAUS DE FERRO GALVANIZADO, COM ROSCA BSP, DE 3\"                                                                                                                                                                                                                                                                                                                                                                                                                                              ","UN    ",103.94]
[3469,"COTOVELO 90 GRAUS DE FERRO GALVANIZADO, COM ROSCA BSP, DE 4\"                                                                                                                                                                                                                                                                                                                                                                                                                                              ","UN    ",197.67]
[3460,"COTOVELO 90 GRAUS DE FERRO GALVANIZADO, COM ROSCA BSP, DE 5\"                                                                                                                                                                                                                                                                                                                                                                                                                                              ","UN    ",288.43]
[3461,"COTOVELO 90 GRAUS DE FERRO GALVANIZADO, COM ROSCA BSP, DE 6\"                                                                                                                                                                                                                                                                                                                                                                                                                                              ","UN    ",737.21]
[37433,"COTOVELO 90 GRAUS, PEAD PE 100, DE 125 MM, PARA ELETROFUSAO                                                                                                                                                                                                                                                                                                                                                                                                                                               ","UN    ",232.23]
[37430,"COTOVELO 90 GRAUS, PEAD PE 100, DE 20 MM, PARA ELETROFUSAO                                                                                                                                                                                                                                                                                                                                                                                                                                                ","UN    ",29.1]
[37434,"COTOVELO 90 GRAUS, PEAD PE 100, DE 200 MM, PARA ELETROFUSAO                                                                                                                                                                                                                                                                                                                                                                                                                                               ","UN    ",{"v":2165.34,"d":"2,165.34"}]
[37431,"COTOVELO 90 GRAUS, PEAD PE 100, DE 32 MM, PARA ELETROFUSAO                                                                                                                                                                                                                                                                                                                                                                                                                                                ","UN    ",39.48]
[37432,"COTOVELO 90 GRAUS, PEAD PE 100, DE 63 MM, PARA ELETROFUSAO                                                                                                                                                                                                                                                                                                                                                                                                                                                ","UN    ",72.82]
[37413,"COTOVELO/JOELHO COM ADAPTADOR, 90 GRAUS, EM POLIPROPILENO, PN 16, PARA TUBOS PEAD, 20 MM X 1/2\" - LIGACAO PREDIAL DE AGUA                                                                                                                                                                                                                                                                                                                                                                                 ","UN    ",3.83]
[37414,"COTOVELO/JOELHO COM ADAPTADOR, 90 GRAUS, EM POLIPROPILENO, PN 16, PARA TUBOS PEAD, 20 MM X 3/4\" - LIGACAO PREDIAL DE AGUA                                                                                                                                                                                                                                                                                                                                                                                 ","UN    ",4.34]
[37415,"COTOVELO/JOELHO COM ADAPTADOR, 90 GRAUS, EM POLIPROPILENO, PN 16, PARA TUBOS PEAD, 32 MM X 1\" - LIGACAO PREDIAL DE AGUA                                                                                                                                                                                                                                                                                                                                                                                   ","UN    ",7.9]
[37416,"COTOVELO/JOELHO 90 GRAUS, EM POLIPROPILENO, PN 16, PARA TUBOS PEAD, 20 X 20 MM - LIGACAO PREDIAL DE AGUA                                                                                                                                                                                                                                                                                                                                                                                                  ","UN    ",3.58]
[37417,"COTOVELO/JOELHO 90 GRAUS, EM POLIPROPILENO, PN 16, PARA TUBOS PEAD, 32 X 32 MM - LIGACAO PREDIAL DE AGUA                                                                                                                                                                                                                                                                                                                                                                                                  ","UN    ",5.15]
[43590,"CREMONA RETANGULAR INJETADA LISA COM CHAVE, COM CASTANHA / ALCA, EM LATAO, COM ACABAMENTO CROMADO, DE SOBREPOR / EMBUTIR                                                                                                                                                                                                                                                                                                                                                                                  ","UN    ",174.34]
[43589,"CREMONA RETANGULAR INJETADA LISA, COM CASTANHA / ALCA, EM LATAO, COM ACABAMENTO CROMADO, DE SOBREPOR / EMBUTIR                                                                                                                                                                                                                                                                                                                                                                                            ","UN    ",31.54]
[34519,"CRUZETA DE CONCRETO LEVE, COMP. 2000 MM SECAO, 90 X 90 MM                                                                                                                                                                                                                                                                                                                                                                                                                                                 ","UN    ",80.41]
[1649,"CRUZETA DE FERRO GALVANIZADO, COM ROSCA BSP, DE 1 1/2\"                                                                                                                                                                                                                                                                                                                                                                                                                                                    ","UN    ",62.23]
[1653,"CRUZETA DE FERRO GALVANIZADO, COM ROSCA BSP, DE 1 1/4\"                                                                                                                                                                                                                                                                                                                                                                                                                                                    ","UN    ",48.75]
[1647,"CRUZETA DE FERRO GALVANIZADO, COM ROSCA BSP, DE 1/2\"                                                                                                                                                                                                                                                                                                                                                                                                                                                      ","UN    ",17.45]
[1648,"CRUZETA DE FERRO GALVANIZADO, COM ROSCA BSP, DE 1\"                                                                                                                                                                                                                                                                                                                                                                                                                                                        ","UN    ",33.52]
[1651,"CRUZETA DE FERRO GALVANIZADO, COM ROSCA BSP, DE 2 1/2\"                                                                                                                                                                                                                                                                                                                                                                                                                                                    ","UN    ",155.49]
[1650,"CRUZETA DE FERRO GALVANIZADO, COM ROSCA BSP, DE 2\"                                                                                                                                                                                                                                                                                                                                                                                                                                                        ","UN    ",85.95]
[1654,"CRUZETA DE FERRO GALVANIZADO, COM ROSCA BSP, DE 3/4\"                                                                                                                                                                                                                                                                                                                                                                                                                                                      ","UN    ",23.96]
[1652,"CRUZETA DE FERRO GALVANIZADO, COM ROSCA BSP, DE 3\"                                                                                                                                                                                                                                                                                                                                                                                                                                                        ","UN    ",223.18]
[10510,"CRUZETA DE MADEIRA TRATADA, *90 X 115 X 2400* MM, EM EUCALIPTO OU EQUIVALENTE DA REGIAO                                                                                                                                                                                                                                                                                                                                                                                                                   ","UN    ",186.31]
[1747,"CUBA ACO INOX (AISI 304) DE EMBUTIR COM VALVULA DE 3 1/2 \", DE *56 X 33 X 12* CM                                                                                                                                                                                                                                                                                                                                                                                                                          ","UN    ",199.34]
[1744,"CUBA ACO INOX (AISI 304) DE EMBUTIR COM VALVULA 3 1/2 \", DE *40 X 34 X 12* CM                                                                                                                                                                                                                                                                                                                                                                                                                             ","UN    ",138.07]
[1743,"CUBA ACO INOX (AISI 304) DE EMBUTIR COM VALVULA 3 1/2 \", DE *46 X 30 X 12* CM                                                                                                                                                                                                                                                                                                                                                                                                                             ","UN    ",181.31]
[39640,"CUMEEIRA ARTICULADA (ABA INFERIOR) PARA TELHA ONDULADA DE FIBROCIMENTO E = 4 MM, ABA *330* MM, COMPRIMENTO 500 MM (SEM AMIANTO)                                                                                                                                                                                                                                                                                                                                                                           ","UN    ",13.31]
[7216,"CUMEEIRA NORMAL PARA TELHA ESTRUTURAL DE FIBROCIMENTO 2 ABAS, E = 6 MM, DE 1050 X 935 MM (SEM AMIANTO)                                                                                                                                                                                                                                                                                                                                                                                                    ","UN    ",71.49]
[20235,"CUMEEIRA NORMAL PARA TELHA ONDULADA DE FIBROCIMENTO, E = 6 MM, ABA 300 MM, COMPRIMENTO 1100 MM (SEM AMIANTO)                                                                                                                                                                                                                                                                                                                                                                                              ","UN    ",57.48]
[7181,"CUMEEIRA PARA TELHA CERAMICA, COMPRIMENTO DE *41* CM, RENDIMENTO DE *3* TELHAS/M                                                                                                                                                                                                                                                                                                                                                                                                                          ","UN    ",5.73]
[40742,"CUMEEIRA PARA TELHA DE CONCRETO, PARA 2 AGUAS DE TELHADO, COR CINZA, RENDIMENTO DE *3* TELHAS/M                                                                                                                                                                                                                                                                                                                                                                                                           ","UN    ",12.27]
[7214,"CUMEEIRA SHED PARA TELHA ONDULADA DE FIBROCIMENTO, E = 6 MM, ABA 280 MM, COMPRIMENTO 1100 MM (SEM AMIANTO)                                                                                                                                                                                                                                                                                                                                                                                                ","UN    ",69.81]
[7219,"CUMEEIRA UNIVERSAL PARA TELHA ONDULADA DE FIBROCIMENTO, E = 6 MM, ABA 210 MM, COMPRIMENTO 1100 MM (SEM AMIANTO)                                                                                                                                                                                                                                                                                                                                                                                           ","UN    ",61.92]
[37971,"CURVA CPVC, 90 GRAUS, SOLDAVEL, 15 MM, PARA AGUA QUENTE                                                                                                                                                                                                                                                                                                                                                                                                                                                   ","UN    ",4.84]
[37972,"CURVA CPVC, 90 GRAUS, SOLDAVEL, 22 MM, PARA AGUA QUENTE                                                                                                                                                                                                                                                                                                                                                                                                                                                   ","UN    ",6.87]
[37973,"CURVA CPVC, 90 GRAUS, SOLDAVEL, 28 MM, PARA AGUA QUENTE                                                                                                                                                                                                                                                                                                                                                                                                                                                   ","UN    ",12.92]
[1926,"CURVA DE PVC 45 GRAUS, SOLDAVEL, 20 MM, COR MARROM, PARA AGUA FRIA PREDIAL                                                                                                                                                                                                                                                                                                                                                                                                                                ","UN    ",2.08]
[1927,"CURVA DE PVC 45 GRAUS, SOLDAVEL, 25 MM, COR MARROM, PARA AGUA FRIA PREDIAL                                                                                                                                                                                                                                                                                                                                                                                                                                ","UN    ",2.33]
[1923,"CURVA DE PVC 45 GRAUS, SOLDAVEL, 32 MM, COR MARROM, PARA AGUA FRIA PREDIAL                                                                                                                                                                                                                                                                                                                                                                                                                                ","UN    ",4.25]
[1929,"CURVA DE PVC 45 GRAUS, SOLDAVEL, 40 MM, COR MARROM, PARA AGUA FRIA PREDIAL                                                                                                                                                                                                                                                                                                                                                                                                                                ","UN    ",5.15]
[1930,"CURVA DE PVC 45 GRAUS, SOLDAVEL, 50 MM, COR MARROM, PARA AGUA FRIA PREDIAL                                                                                                                                                                                                                                                                                                                                                                                                                                ","UN    ",8.82]
[1924,"CURVA DE PVC 45 GRAUS, SOLDAVEL, 60 MM, COR MARROM, PARA AGUA FRIA PREDIAL                                                                                                                                                                                                                                                                                                                                                                                                                                ","UN    ",14.24]
[1922,"CURVA DE PVC 45 GRAUS, SOLDAVEL, 75 MM, COR MARROM, PARA AGUA FRIA PREDIAL                                                                                                                                                                                                                                                                                                                                                                                                                                ","UN    ",29.44]
[1953,"CURVA DE PVC 45 GRAUS, SOLDAVEL, 85 MM, COR MARROM, PARA AGUA FRIA PREDIAL                                                                                                                                                                                                                                                                                                                                                                                                                                ","UN    ",35.94]
[1962,"CURVA DE PVC 90 GRAUS, SOLDAVEL, 110 MM, COR MARROM, PARA AGUA FRIA PREDIAL                                                                                                                                                                                                                                                                                                                                                                                                                               ","UN    ",174.61]
[1955,"CURVA DE PVC 90 GRAUS, SOLDAVEL, 20 MM, COR MARROM, PARA AGUA FRIA PREDIAL                                                                                                                                                                                                                                                                                                                                                                                                                                ","UN    ",2.01]
[1956,"CURVA DE PVC 90 GRAUS, SOLDAVEL, 25 MM, COR MARROM, PARA AGUA FRIA PREDIAL                                                                                                                                                                                                                                                                                                                                                                                                                                ","UN    ",2.84]
[1957,"CURVA DE PVC 90 GRAUS, SOLDAVEL, 32 MM, COR MARROM, PARA AGUA FRIA PREDIAL                                                                                                                                                                                                                                                                                                                                                                                                                                ","UN    ",6.14]
[1958,"CURVA DE PVC 90 GRAUS, SOLDAVEL, 40 MM, COR MARROM, PARA AGUA FRIA PREDIAL                                                                                                                                                                                                                                                                                                                                                                                                                                ","UN    ",11.43]
[1959,"CURVA DE PVC 90 GRAUS, SOLDAVEL, 50 MM, COR MARROM, PARA AGUA FRIA PREDIAL                                                                                                                                                                                                                                                                                                                                                                                                                                ","UN    ",12.41]
[1925,"CURVA DE PVC 90 GRAUS, SOLDAVEL, 60 MM, COR MARROM, PARA AGUA FRIA PREDIAL                                                                                                                                                                                                                                                                                                                                                                                                                                ","UN    ",32.43]
[1960,"CURVA DE PVC 90 GRAUS, SOLDAVEL, 75 MM, COR MARROM, PARA AGUA FRIA PREDIAL                                                                                                                                                                                                                                                                                                                                                                                                                                ","UN    ",49.79]
[1961,"CURVA DE PVC 90 GRAUS, SOLDAVEL, 85 MM, COR MARROM, PARA AGUA FRIA PREDIAL                                                                                                                                                                                                                                                                                                                                                                                                                                ","UN    ",63.79]
[38423,"CURVA DE PVC, 90 GRAUS, SERIE R, DN 100 MM, PARA ESGOTO PREDIAL                                                                                                                                                                                                                                                                                                                                                                                                                                           ","UN    ",34.29]
[39866,"CURVA DE TRANSPOSICAO BRONZE/LATAO (REF 736) SEM ANEL DE SOLDA, BOLSA X BOLSA, 15 MM                                                                                                                                                                                                                                                                                                                                                                                                                      ","UN    ",17.21]
[39867,"CURVA DE TRANSPOSICAO BRONZE/LATAO (REF 736) SEM ANEL DE SOLDA, BOLSA X BOLSA, 22 MM                                                                                                                                                                                                                                                                                                                                                                                                                      ","UN    ",38.26]
[39868,"CURVA DE TRANSPOSICAO BRONZE/LATAO (REF 736) SEM ANEL DE SOLDA, BOLSA X BOLSA, 28 MM                                                                                                                                                                                                                                                                                                                                                                                                                      ","UN    ",68.94]
[37999,"CURVA DE TRANSPOSICAO, CPVC, SOLDAVEL, 15 MM                                                                                                                                                                                                                                                                                                                                                                                                                                                              ","UN    ",8.17]
[38000,"CURVA DE TRANSPOSICAO, CPVC, SOLDAVEL, 22 MM                                                                                                                                                                                                                                                                                                                                                                                                                                                              ","UN    ",9.54]
[38129,"CURVA DE TRANSPOSICAO, PVC SOLDAVEL, 20 MM, COR MARROM, PARA AGUA FRIA PREDIAL                                                                                                                                                                                                                                                                                                                                                                                                                            ","UN    ",4.68]
[38025,"CURVA DE TRANSPOSICAO, PVC, SOLDAVEL, 25 MM, COR MARROM, PARA AGUA FRIA PREDIAL                                                                                                                                                                                                                                                                                                                                                                                                                           ","UN    ",6.36]
[38026,"CURVA DE TRANSPOSICAO, PVC, SOLDAVEL, 32 MM, COR MARROM, PARA AGUA FRIA PREDIAL                                                                                                                                                                                                                                                                                                                                                                                                                           ","UN    ",15.69]
[1858,"CURVA LONGA PVC, PB, JE, 45 GRAUS, DN 100 MM, PARA REDE COLETORA ESGOTO                                                                                                                                                                                                                                                                                                                                                                                                                                   ","UN    ",53.13]
[1844,"CURVA LONGA PVC, PB, JE, 45 GRAUS, DN 150 MM, PARA REDE COLETORA ESGOTO                                                                                                                                                                                                                                                                                                                                                                                                                                   ","UN    ",121.68]
[1863,"CURVA LONGA PVC, PB, JE, 90 GRAUS, DN 100 MM, PARA REDE COLETORA ESGOTO                                                                                                                                                                                                                                                                                                                                                                                                                                   ","UN    ",56.54]
[1865,"CURVA LONGA PVC, PB, JE, 90 GRAUS, DN 150 MM, PARA REDE COLETORA ESGOTO                                                                                                                                                                                                                                                                                                                                                                                                                                   ","UN    ",147.31]
[36355,"CURVA PPR 90 GRAUS, F/F, DN 20 MM, PARA AGUA QUENTE PREDIAL                                                                                                                                                                                                                                                                                                                                                                                                                                               ","UN    ",9.46]
[36356,"CURVA PPR 90 GRAUS, F/F, DN 25 MM, PARA AGUA QUENTE PREDIAL                                                                                                                                                                                                                                                                                                                                                                                                                                               ","UN    ",15.22]
[1966,"CURVA PVC CURTA 90 GRAUS, DN 100 MM, PARA ESGOTO PREDIAL                                                                                                                                                                                                                                                                                                                                                                                                                                                  ","UN    ",22.55]
[1933,"CURVA PVC CURTA 90 GRAUS, DN 40 MM, PARA ESGOTO PREDIAL                                                                                                                                                                                                                                                                                                                                                                                                                                                   ","UN    ",4.86]
[1932,"CURVA PVC CURTA 90 GRAUS, DN 50 MM, PARA ESGOTO PREDIAL                                                                                                                                                                                                                                                                                                                                                                                                                                                   ","UN    ",11.12]
[1951,"CURVA PVC CURTA 90 GRAUS, DN 75 MM, PARA ESGOTO PREDIAL                                                                                                                                                                                                                                                                                                                                                                                                                                                   ","UN    ",23.2]
[1970,"CURVA PVC LONGA 90 GRAUS, DN 100 MM, PARA ESGOTO PREDIAL                                                                                                                                                                                                                                                                                                                                                                                                                                                  ","UN    ",56.36]
[1967,"CURVA PVC LONGA 90 GRAUS, DN 40 MM, PARA ESGOTO PREDIAL                                                                                                                                                                                                                                                                                                                                                                                                                                                   ","UN    ",6.69]
[1968,"CURVA PVC LONGA 90 GRAUS, DN 50 MM, PARA ESGOTO PREDIAL                                                                                                                                                                                                                                                                                                                                                                                                                                                   ","UN    ",13.23]
[1969,"CURVA PVC LONGA 90 GRAUS, DN 75 MM, PARA ESGOTO PREDIAL                                                                                                                                                                                                                                                                                                                                                                                                                                                   ","UN    ",43.06]
[1827,"CURVA PVC PBA, JE, PB, 45 GRAUS, DN 100 / DE 110 MM, PARA REDE AGUA (NBR 10351)                                                                                                                                                                                                                                                                                                                                                                                                                           ","UN    ",111.25]
[1831,"CURVA PVC PBA, JE, PB, 45 GRAUS, DN 50 / DE 60 MM, PARA REDE AGUA (NBR 10351)                                                                                                                                                                                                                                                                                                                                                                                                                             ","UN    ",24.28]
[1825,"CURVA PVC PBA, JE, PB, 45 GRAUS, DN 75 / DE 85 MM, PARA REDE AGUA (NBR 10351)                                                                                                                                                                                                                                                                                                                                                                                                                             ","UN    ",59.94]
[1828,"CURVA PVC PBA, JE, PB, 90 GRAUS, DN 100 / DE 110 MM, PARA REDE AGUA (NBR 10351)                                                                                                                                                                                                                                                                                                                                                                                                                           ","UN    ",135.76]
[1845,"CURVA PVC PBA, JE, PB, 90 GRAUS, DN 50 / DE 60 MM, PARA REDE AGUA (NBR 10351)                                                                                                                                                                                                                                                                                                                                                                                                                             ","UN    ",30.43]
[1824,"CURVA PVC PBA, JE, PB, 90 GRAUS, DN 75 / DE 85 MM, PARA REDE AGUA (NBR 10351)                                                                                                                                                                                                                                                                                                                                                                                                                             ","UN    ",71.85]
[1940,"CURVA PVC 90 GRAUS, ROSCAVEL, 1 1/4\", COR BRANCA, AGUA FRIA PREDIAL                                                                                                                                                                                                                                                                                                                                                                                                                                       ","UN    ",31.68]
[1937,"CURVA PVC 90 GRAUS, ROSCAVEL, 1/2\", COR BRANCA, AGUA FRIA PREDIAL                                                                                                                                                                                                                                                                                                                                                                                                                                         ","UN    ",5.35]
[1939,"CURVA PVC 90 GRAUS, ROSCAVEL, 1\", COR BRANCA, AGUA FRIA PREDIAL                                                                                                                                                                                                                                                                                                                                                                                                                                           ","UN    ",8.69]
[1938,"CURVA PVC 90 GRAUS, ROSCAVEL, 3/4\", COR BRANCA, AGUA FRIA PREDIAL                                                                                                                                                                                                                                                                                                                                                                                                                                         ","UN    ",6.08]
[42693,"CURVA PVC, BB, JE, 45 GRAUS, DN 250 MM, PARA TUBO CORRUGADO E/OU LISO, REDE COLETORA ESGOTO                                                                                                                                                                                                                                                                                                                                                                                                               ","UN    ",413.83]
[42695,"CURVA PVC, BB, JE, 90 GRAUS, DN 200 MM, PARA TUBO CORRUGADO E/OU LISO, REDE COLETORA ESGOTO                                                                                                                                                                                                                                                                                                                                                                                                               ","UN    ",289.12]
[42694,"CURVA PVC, BB, JE, 90 GRAUS, DN 250 MM, PARA TUBO CORRUGADO E/OU LISO, REDE COLETORA ESGOTO                                                                                                                                                                                                                                                                                                                                                                                                               ","UN    ",553.79]
[20097,"CURVA PVC, SERIE R, 87.30 GRAUS, CURTA, PARA PE-DE-COLUNA, DN 100 MM, PARA ESGOTO PREDIAL                                                                                                                                                                                                                                                                                                                                                                                                                 ","UN    ",24.01]
[20098,"CURVA PVC, SERIE R, 87.30 GRAUS, CURTA, PARA PE-DE-COLUNA, DN 150 MM, PARA ESGOTO PREDIAL                                                                                                                                                                                                                                                                                                                                                                                                                 ","UN    ",98.14]
[20096,"CURVA PVC, SERIE R, 87.30 GRAUS, CURTA, PARA PE-DE-COLUNA, DN 75 MM, PARA ESGOTO PREDIAL                                                                                                                                                                                                                                                                                                                                                                                                                  ","UN    ",24.85]
[1880,"CURVA 135 GRAUS, DE PVC RIGIDO ROSCAVEL, DE 1\", PARA ELETRODUTO                                                                                                                                                                                                                                                                                                                                                                                                                                           ","UN    ",3.6]
[39274,"CURVA 135 GRAUS, DE PVC RIGIDO ROSCAVEL, DE 3/4\", PARA ELETRODUTO                                                                                                                                                                                                                                                                                                                                                                                                                                         ","UN    ",2.79]
[2628,"CURVA 135 GRAUS, PARA ELETRODUTO, EM ACO GALVANIZADO ELETROLITICO, DIAMETRO DE 100 MM (4\")                                                                                                                                                                                                                                                                                                                                                                                                                ","UN    ",217.34]
[2622,"CURVA 135 GRAUS, PARA ELETRODUTO, EM ACO GALVANIZADO ELETROLITICO, DIAMETRO DE 15 MM (1/2\")                                                                                                                                                                                                                                                                                                                                                                                                               ","UN    ",5.16]
[2623,"CURVA 135 GRAUS, PARA ELETRODUTO, EM ACO GALVANIZADO ELETROLITICO, DIAMETRO DE 20 MM (3/4\")                                                                                                                                                                                                                                                                                                                                                                                                               ","UN    ",6.21]
[2624,"CURVA 135 GRAUS, PARA ELETRODUTO, EM ACO GALVANIZADO ELETROLITICO, DIAMETRO DE 25 MM (1\")                                                                                                                                                                                                                                                                                                                                                                                                                 ","UN    ",9.88]
[2625,"CURVA 135 GRAUS, PARA ELETRODUTO, EM ACO GALVANIZADO ELETROLITICO, DIAMETRO DE 32 MM (1 1/4\")                                                                                                                                                                                                                                                                                                                                                                                                             ","UN    ",20.85]
[2626,"CURVA 135 GRAUS, PARA ELETRODUTO, EM ACO GALVANIZADO ELETROLITICO, DIAMETRO DE 40 MM (1 1/2\")                                                                                                                                                                                                                                                                                                                                                                                                             ","UN    ",30.56]
[2630,"CURVA 135 GRAUS, PARA ELETRODUTO, EM ACO GALVANIZADO ELETROLITICO, DIAMETRO DE 50 MM (2\")                                                                                                                                                                                                                                                                                                                                                                                                                 ","UN    ",46.47]
[2627,"CURVA 135 GRAUS, PARA ELETRODUTO, EM ACO GALVANIZADO ELETROLITICO, DIAMETRO DE 65 MM (2 1/2\")                                                                                                                                                                                                                                                                                                                                                                                                             ","UN    ",81.86]
[2629,"CURVA 135 GRAUS, PARA ELETRODUTO, EM ACO GALVANIZADO ELETROLITICO, DIAMETRO DE 80 MM (3\")                                                                                                                                                                                                                                                                                                                                                                                                                 ","UN    ",110.72]
[12033,"CURVA 180 GRAUS, DE PVC RIGIDO ROSCAVEL, DE 1 1/2\", PARA ELETRODUTO                                                                                                                                                                                                                                                                                                                                                                                                                                       ","UN    ",11.51]
[40408,"CURVA 180 GRAUS, DE PVC RIGIDO ROSCAVEL, DE 1 1/4\", PARA ELETRODUTO                                                                                                                                                                                                                                                                                                                                                                                                                                       ","UN    ",7.56]
[40409,"CURVA 180 GRAUS, DE PVC RIGIDO ROSCAVEL, DE 1/2\", PARA ELETRODUTO                                                                                                                                                                                                                                                                                                                                                                                                                                         ","UN    ",2.67]
[39276,"CURVA 180 GRAUS, DE PVC RIGIDO ROSCAVEL, DE 1\", PARA ELETRODUTO                                                                                                                                                                                                                                                                                                                                                                                                                                           ","UN    ",6.81]
[39277,"CURVA 180 GRAUS, DE PVC RIGIDO ROSCAVEL, DE 2\", PARA ELETRODUTO                                                                                                                                                                                                                                                                                                                                                                                                                                           ","UN    ",18.39]
[12034,"CURVA 180 GRAUS, DE PVC RIGIDO ROSCAVEL, DE 3/4\", PARA ELETRODUTO                                                                                                                                                                                                                                                                                                                                                                                                                                         ","UN    ",5.21]
[39879,"CURVA 45 GRAUS DE COBRE (REF 606) SEM ANEL DE SOLDA, BOLSA X BOLSA, 15 MM                                                                                                                                                                                                                                                                                                                                                                                                                                 ","UN    ",4.84]
[39880,"CURVA 45 GRAUS DE COBRE (REF 606) SEM ANEL DE SOLDA, BOLSA X BOLSA, 22 MM                                                                                                                                                                                                                                                                                                                                                                                                                                 ","UN    ",10.71]
[39881,"CURVA 45 GRAUS DE COBRE (REF 606) SEM ANEL DE SOLDA, BOLSA X BOLSA, 28 MM                                                                                                                                                                                                                                                                                                                                                                                                                                 ","UN    ",17.2]
[39882,"CURVA 45 GRAUS DE COBRE (REF 606) SEM ANEL DE SOLDA, BOLSA X BOLSA, 35 MM                                                                                                                                                                                                                                                                                                                                                                                                                                 ","UN    ",45.3]
[39883,"CURVA 45 GRAUS DE COBRE (REF 606) SEM ANEL DE SOLDA, BOLSA X BOLSA, 42 MM                                                                                                                                                                                                                                                                                                                                                                                                                                 ","UN    ",72.33]
[39884,"CURVA 45 GRAUS DE COBRE (REF 606) SEM ANEL DE SOLDA, BOLSA X BOLSA, 54 MM                                                                                                                                                                                                                                                                                                                                                                                                                                 ","UN    ",107.43]
[39885,"CURVA 45 GRAUS DE COBRE (REF 606) SEM ANEL DE SOLDA, BOLSA X BOLSA, 66 MM                                                                                                                                                                                                                                                                                                                                                                                                                                 ","UN    ",255.33]
[1777,"CURVA 45 GRAUS DE FERRO GALVANIZADO, COM ROSCA BSP FEMEA, DE 1 1/2\"                                                                                                                                                                                                                                                                                                                                                                                                                                       ","UN    ",67.1]
[1819,"CURVA 45 GRAUS DE FERRO GALVANIZADO, COM ROSCA BSP FEMEA, DE 1 1/4\"                                                                                                                                                                                                                                                                                                                                                                                                                                       ","UN    ",48.82]
[1775,"CURVA 45 GRAUS DE FERRO GALVANIZADO, COM ROSCA BSP FEMEA, DE 1/2\"                                                                                                                                                                                                                                                                                                                                                                                                                                         ","UN    ",14.6]
[1776,"CURVA 45 GRAUS DE FERRO GALVANIZADO, COM ROSCA BSP FEMEA, DE 1\"                                                                                                                                                                                                                                                                                                                                                                                                                                           ","UN    ",39.72]
[1778,"CURVA 45 GRAUS DE FERRO GALVANIZADO, COM ROSCA BSP FEMEA, DE 2 1/2\"                                                                                                                                                                                                                                                                                                                                                                                                                                       ","UN    ",162.43]
[1818,"CURVA 45 GRAUS DE FERRO GALVANIZADO, COM ROSCA BSP FEMEA, DE 2\"                                                                                                                                                                                                                                                                                                                                                                                                                                           ","UN    ",107.82]
[1820,"CURVA 45 GRAUS DE FERRO GALVANIZADO, COM ROSCA BSP FEMEA, DE 3/4\"                                                                                                                                                                                                                                                                                                                                                                                                                                         ","UN    ",21.08]
[1779,"CURVA 45 GRAUS DE FERRO GALVANIZADO, COM ROSCA BSP FEMEA, DE 3\"                                                                                                                                                                                                                                                                                                                                                                                                                                           ","UN    ",236.23]
[1780,"CURVA 45 GRAUS DE FERRO GALVANIZADO, COM ROSCA BSP FEMEA, DE 4\"                                                                                                                                                                                                                                                                                                                                                                                                                                           ","UN    ",486.99]
[1783,"CURVA 45 GRAUS DE FERRO GALVANIZADO, COM ROSCA BSP MACHO/FEMEA, DE 1 1/2\"                                                                                                                                                                                                                                                                                                                                                                                                                                 ","UN    ",51.49]
[1782,"CURVA 45 GRAUS DE FERRO GALVANIZADO, COM ROSCA BSP MACHO/FEMEA, DE 1 1/4\"                                                                                                                                                                                                                                                                                                                                                                                                                                 ","UN    ",40.71]
[1817,"CURVA 45 GRAUS DE FERRO GALVANIZADO, COM ROSCA BSP MACHO/FEMEA, DE 1/2\"                                                                                                                                                                                                                                                                                                                                                                                                                                   ","UN    ",12.13]
[1781,"CURVA 45 GRAUS DE FERRO GALVANIZADO, COM ROSCA BSP MACHO/FEMEA, DE 1\"                                                                                                                                                                                                                                                                                                                                                                                                                                     ","UN    ",26.52]
[1784,"CURVA 45 GRAUS DE FERRO GALVANIZADO, COM ROSCA BSP MACHO/FEMEA, DE 2 1/2\"                                                                                                                                                                                                                                                                                                                                                                                                                                 ","UN    ",145.39]
[1810,"CURVA 45 GRAUS DE FERRO GALVANIZADO, COM ROSCA BSP MACHO/FEMEA, DE 2\"                                                                                                                                                                                                                                                                                                                                                                                                                                     ","UN    ",80.64]
[1811,"CURVA 45 GRAUS DE FERRO GALVANIZADO, COM ROSCA BSP MACHO/FEMEA, DE 3/4\"                                                                                                                                                                                                                                                                                                                                                                                                                                   ","UN    ",17.44]
[1812,"CURVA 45 GRAUS DE FERRO GALVANIZADO, COM ROSCA BSP MACHO/FEMEA, DE 3\"                                                                                                                                                                                                                                                                                                                                                                                                                                     ","UN    ",203.58]
[40386,"CURVA 45 GRAUS EM ACO CARBONO, SOLDAVEL, PRESSAO 3.000 LBS, DN 1 1/2\"                                                                                                                                                                                                                                                                                                                                                                                                                                     ","UN    ",100.33]
[40384,"CURVA 45 GRAUS EM ACO CARBONO, SOLDAVEL, PRESSAO 3.000 LBS, DN 1 1/4\"                                                                                                                                                                                                                                                                                                                                                                                                                                     ","UN    ",68.69]
[40379,"CURVA 45 GRAUS EM ACO CARBONO, SOLDAVEL, PRESSAO 3.000 LBS, DN 1/2\"                                                                                                                                                                                                                                                                                                                                                                                                                                       ","UN    ",23.75]
[40423,"CURVA 45 GRAUS EM ACO CARBONO, SOLDAVEL, PRESSAO 3.000 LBS, DN 1\"                                                                                                                                                                                                                                                                                                                                                                                                                                         ","UN    ",44.94]
[40389,"CURVA 45 GRAUS EM ACO CARBONO, SOLDAVEL, PRESSAO 3.000 LBS, DN 2 1/2\"                                                                                                                                                                                                                                                                                                                                                                                                                                     ","UN    ",284.99]
[40388,"CURVA 45 GRAUS EM ACO CARBONO, SOLDAVEL, PRESSAO 3.000 LBS, DN 2\"                                                                                                                                                                                                                                                                                                                                                                                                                                         ","UN    ",142.65]
[40381,"CURVA 45 GRAUS EM ACO CARBONO, SOLDAVEL, PRESSAO 3.000 LBS, DN 3/4\"                                                                                                                                                                                                                                                                                                                                                                                                                                       ","UN    ",31.66]
[40391,"CURVA 45 GRAUS EM ACO CARBONO, SOLDAVEL, PRESSAO 3.000 LBS, DN 3\"                                                                                                                                                                                                                                                                                                                                                                                                                                         ","UN    ",739.69]
[40414,"CURVA 45 GRAUS RANHURADA EM FERRO FUNDIDO, DN 50 MM (2\")                                                                                                                                                                                                                                                                                                                                                                                                                                                  ","UN    ",20.76]
[40416,"CURVA 45 GRAUS RANHURADA EM FERRO FUNDIDO, DN 65 MM (2 1/2\")                                                                                                                                                                                                                                                                                                                                                                                                                                              ","UN    ",28.69]
[40418,"CURVA 45 GRAUS RANHURADA EM FERRO FUNDIDO, DN 80 MM (3\")                                                                                                                                                                                                                                                                                                                                                                                                                                                  ","UN    ",34.22]
[2609,"CURVA 45 GRAUS, PARA ELETRODUTO, EM ACO GALVANIZADO ELETROLITICO, DIAMETRO DE 20 MM (3/4\")                                                                                                                                                                                                                                                                                                                                                                                                                ","UN    ",4.85]
[2634,"CURVA 45 GRAUS, PARA ELETRODUTO, EM ACO GALVANIZADO ELETROLITICO, DIAMETRO DE 25 MM (1\")                                                                                                                                                                                                                                                                                                                                                                                                                  ","UN    ",6.37]
[2611,"CURVA 45 GRAUS, PARA ELETRODUTO, EM ACO GALVANIZADO ELETROLITICO, DIAMETRO DE 40 MM (1 1/2\")                                                                                                                                                                                                                                                                                                                                                                                                              ","UN    ",17.95]
[34359,"CURVA 90 GRAUS DE BARRA CHATA EM ALUMINIO 3/4\" X 1/4\" X 300 MM                                                                                                                                                                                                                                                                                                                                                                                                                                            ","UN    ",9.33]
[1789,"CURVA 90 GRAUS DE FERRO GALVANIZADO, COM ROSCA BSP FEMEA, DE 1 1/2\"                                                                                                                                                                                                                                                                                                                                                                                                                                       ","UN    ",64.4]
[1788,"CURVA 90 GRAUS DE FERRO GALVANIZADO, COM ROSCA BSP FEMEA, DE 1 1/4\"                                                                                                                                                                                                                                                                                                                                                                                                                                       ","UN    ",51.62]
[1786,"CURVA 90 GRAUS DE FERRO GALVANIZADO, COM ROSCA BSP FEMEA, DE 1/2\"                                                                                                                                                                                                                                                                                                                                                                                                                                         ","UN    ",12.82]
[1787,"CURVA 90 GRAUS DE FERRO GALVANIZADO, COM ROSCA BSP FEMEA, DE 1\"                                                                                                                                                                                                                                                                                                                                                                                                                                           ","UN    ",30.69]
[1791,"CURVA 90 GRAUS DE FERRO GALVANIZADO, COM ROSCA BSP FEMEA, DE 2 1/2\"                                                                                                                                                                                                                                                                                                                                                                                                                                       ","UN    ",186.13]
[1790,"CURVA 90 GRAUS DE FERRO GALVANIZADO, COM ROSCA BSP FEMEA, DE 2\"                                                                                                                                                                                                                                                                                                                                                                                                                                           ","UN    ",107.25]
[1813,"CURVA 90 GRAUS DE FERRO GALVANIZADO, COM ROSCA BSP FEMEA, DE 3/4\"                                                                                                                                                                                                                                                                                                                                                                                                                                         ","UN    ",20.34]
[1792,"CURVA 90 GRAUS DE FERRO GALVANIZADO, COM ROSCA BSP FEMEA, DE 3\"                                                                                                                                                                                                                                                                                                                                                                                                                                           ","UN    ",251.25]
[1793,"CURVA 90 GRAUS DE FERRO GALVANIZADO, COM ROSCA BSP FEMEA, DE 4\"                                                                                                                                                                                                                                                                                                                                                                                                                                           ","UN    ",507.69]
[1809,"CURVA 90 GRAUS DE FERRO GALVANIZADO, COM ROSCA BSP MACHO/FEMEA, DE 1 1/2\"                                                                                                                                                                                                                                                                                                                                                                                                                                 ","UN    ",60.38]
[1814,"CURVA 90 GRAUS DE FERRO GALVANIZADO, COM ROSCA BSP MACHO/FEMEA, DE 1 1/4\"                                                                                                                                                                                                                                                                                                                                                                                                                                 ","UN    ",49.6]
[1803,"CURVA 90 GRAUS DE FERRO GALVANIZADO, COM ROSCA BSP MACHO/FEMEA, DE 1/2\"                                                                                                                                                                                                                                                                                                                                                                                                                                   ","UN    ",12.53]
[1805,"CURVA 90 GRAUS DE FERRO GALVANIZADO, COM ROSCA BSP MACHO/FEMEA, DE 1\"                                                                                                                                                                                                                                                                                                                                                                                                                                     ","UN    ",28.79]
[1821,"CURVA 90 GRAUS DE FERRO GALVANIZADO, COM ROSCA BSP MACHO/FEMEA, DE 2 1/2\"                                                                                                                                                                                                                                                                                                                                                                                                                                 ","UN    ",170.06]
[1806,"CURVA 90 GRAUS DE FERRO GALVANIZADO, COM ROSCA BSP MACHO/FEMEA, DE 2\"                                                                                                                                                                                                                                                                                                                                                                                                                                     ","UN    ",101.22]
[1804,"CURVA 90 GRAUS DE FERRO GALVANIZADO, COM ROSCA BSP MACHO/FEMEA, DE 3/4\"                                                                                                                                                                                                                                                                                                                                                                                                                                   ","UN    ",17.84]
[1807,"CURVA 90 GRAUS DE FERRO GALVANIZADO, COM ROSCA BSP MACHO/FEMEA, DE 3\"                                                                                                                                                                                                                                                                                                                                                                                                                                     ","UN    ",243.21]
[1808,"CURVA 90 GRAUS DE FERRO GALVANIZADO, COM ROSCA BSP MACHO/FEMEA, DE 4\"                                                                                                                                                                                                                                                                                                                                                                                                                                     ","UN    ",487.59]
[1797,"CURVA 90 GRAUS DE FERRO GALVANIZADO, COM ROSCA BSP MACHO, DE 1 1/2\"                                                                                                                                                                                                                                                                                                                                                                                                                                       ","UN    ",73.13]
[1796,"CURVA 90 GRAUS DE FERRO GALVANIZADO, COM ROSCA BSP MACHO, DE 1 1/4\"                                                                                                                                                                                                                                                                                                                                                                                                                                       ","UN    ",56.09]
[1794,"CURVA 90 GRAUS DE FERRO GALVANIZADO, COM ROSCA BSP MACHO, DE 1/2\"                                                                                                                                                                                                                                                                                                                                                                                                                                         ","UN    ",13.39]
[1816,"CURVA 90 GRAUS DE FERRO GALVANIZADO, COM ROSCA BSP MACHO, DE 1\"                                                                                                                                                                                                                                                                                                                                                                                                                                           ","UN    ",30.19]
[1815,"CURVA 90 GRAUS DE FERRO GALVANIZADO, COM ROSCA BSP MACHO, DE 2 1/2\"                                                                                                                                                                                                                                                                                                                                                                                                                                       ","UN    ",231.87]
[1798,"CURVA 90 GRAUS DE FERRO GALVANIZADO, COM ROSCA BSP MACHO, DE 2\"                                                                                                                                                                                                                                                                                                                                                                                                                                           ","UN    ",103.75]
[1795,"CURVA 90 GRAUS DE FERRO GALVANIZADO, COM ROSCA BSP MACHO, DE 3/4\"                                                                                                                                                                                                                                                                                                                                                                                                                                         ","UN    ",18.55]
[1799,"CURVA 90 GRAUS DE FERRO GALVANIZADO, COM ROSCA BSP MACHO, DE 3\"                                                                                                                                                                                                                                                                                                                                                                                                                                           ","UN    ",301.99]
[1800,"CURVA 90 GRAUS DE FERRO GALVANIZADO, COM ROSCA BSP MACHO, DE 4\"                                                                                                                                                                                                                                                                                                                                                                                                                                           ","UN    ",576.55]
[1802,"CURVA 90 GRAUS DE FERRO GALVANIZADO, COM ROSCA BSP MACHO, DE 6\"                                                                                                                                                                                                                                                                                                                                                                                                                                           ","UN    ",{"v":1442.18,"d":"1,442.18"}]
[40385,"CURVA 90 GRAUS EM ACO CARBONO, RAIO CURTO, SOLDAVEL, PRESSAO 3.000 LBS, DN 1 1/2\"                                                                                                                                                                                                                                                                                                                                                                                                                         ","UN    ",100.33]
[40383,"CURVA 90 GRAUS EM ACO CARBONO, RAIO CURTO, SOLDAVEL, PRESSAO 3.000 LBS, DN 1 1/4\"                                                                                                                                                                                                                                                                                                                                                                                                                         ","UN    ",68.69]
[40378,"CURVA 90 GRAUS EM ACO CARBONO, RAIO CURTO, SOLDAVEL, PRESSAO 3.000 LBS, DN 1/2\"                                                                                                                                                                                                                                                                                                                                                                                                                           ","UN    ",23.75]
[40382,"CURVA 90 GRAUS EM ACO CARBONO, RAIO CURTO, SOLDAVEL, PRESSAO 3.000 LBS, DN 1\"                                                                                                                                                                                                                                                                                                                                                                                                                             ","UN    ",44.94]
[40422,"CURVA 90 GRAUS EM ACO CARBONO, RAIO CURTO, SOLDAVEL, PRESSAO 3.000 LBS, DN 2 1/2\"                                                                                                                                                                                                                                                                                                                                                                                                                         ","UN    ",306.14]
[40387,"CURVA 90 GRAUS EM ACO CARBONO, RAIO CURTO, SOLDAVEL, PRESSAO 3.000 LBS, DN 2\"                                                                                                                                                                                                                                                                                                                                                                                                                             ","UN    ",155.88]
[40380,"CURVA 90 GRAUS EM ACO CARBONO, RAIO CURTO, SOLDAVEL, PRESSAO 3.000 LBS, DN 3/4\"                                                                                                                                                                                                                                                                                                                                                                                                                           ","UN    ",31.66]
[40390,"CURVA 90 GRAUS EM ACO CARBONO, RAIO CURTO, SOLDAVEL, PRESSAO 3.000 LBS, DN 3\"                                                                                                                                                                                                                                                                                                                                                                                                                             ","UN    ",644.77]
[40413,"CURVA 90 GRAUS RANHURADA EM FERRO FUNDIDO, DN 50 MM (2\")                                                                                                                                                                                                                                                                                                                                                                                                                                                  ","UN    ",22.55]
[40415,"CURVA 90 GRAUS RANHURADA EM FERRO FUNDIDO, DN 65 MM (2 1/2\")                                                                                                                                                                                                                                                                                                                                                                                                                                              ","UN    ",32.13]
[40417,"CURVA 90 GRAUS RANHURADA EM FERRO FUNDIDO, DN 80 MM (3\")                                                                                                                                                                                                                                                                                                                                                                                                                                                  ","UN    ",37.9]
[39271,"CURVA 90 GRAUS, CURTA, DE PVC RIGIDO ROSCAVEL, DE 1/2\", PARA ELETRODUTO                                                                                                                                                                                                                                                                                                                                                                                                                                   ","UN    ",2.32]
[39273,"CURVA 90 GRAUS, CURTA, DE PVC RIGIDO ROSCAVEL, DE 1\", PARA ELETRODUTO                                                                                                                                                                                                                                                                                                                                                                                                                                     ","UN    ",3.93]
[39272,"CURVA 90 GRAUS, CURTA, DE PVC RIGIDO ROSCAVEL, DE 3/4\", PARA ELETRODUTO                                                                                                                                                                                                                                                                                                                                                                                                                                   ","UN    ",2.85]
[1875,"CURVA 90 GRAUS, LONGA, DE PVC RIGIDO ROSCAVEL, DE 1 1/2\", PARA ELETRODUTO                                                                                                                                                                                                                                                                                                                                                                                                                                 ","UN    ",6.29]
[1874,"CURVA 90 GRAUS, LONGA, DE PVC RIGIDO ROSCAVEL, DE 1 1/4\", PARA ELETRODUTO                                                                                                                                                                                                                                                                                                                                                                                                                                 ","UN    ",5.19]
[1870,"CURVA 90 GRAUS, LONGA, DE PVC RIGIDO ROSCAVEL, DE 1/2\", PARA ELETRODUTO                                                                                                                                                                                                                                                                                                                                                                                                                                   ","UN    ",3]
[1884,"CURVA 90 GRAUS, LONGA, DE PVC RIGIDO ROSCAVEL, DE 1\", PARA ELETRODUTO                                                                                                                                                                                                                                                                                                                                                                                                                                     ","UN    ",4.6]
[1887,"CURVA 90 GRAUS, LONGA, DE PVC RIGIDO ROSCAVEL, DE 2 1/2\", PARA ELETRODUTO                                                                                                                                                                                                                                                                                                                                                                                                                                 ","UN    ",26.08]
[1876,"CURVA 90 GRAUS, LONGA, DE PVC RIGIDO ROSCAVEL, DE 2\", PARA ELETRODUTO                                                                                                                                                                                                                                                                                                                                                                                                                                     ","UN    ",10.22]
[1879,"CURVA 90 GRAUS, LONGA, DE PVC RIGIDO ROSCAVEL, DE 3/4\", PARA ELETRODUTO                                                                                                                                                                                                                                                                                                                                                                                                                                   ","UN    ",3.04]
[1877,"CURVA 90 GRAUS, LONGA, DE PVC RIGIDO ROSCAVEL, DE 3\", PARA ELETRODUTO                                                                                                                                                                                                                                                                                                                                                                                                                                     ","UN    ",26.12]
[1878,"CURVA 90 GRAUS, LONGA, DE PVC RIGIDO ROSCAVEL, DE 4\", PARA ELETRODUTO                                                                                                                                                                                                                                                                                                                                                                                                                                     ","UN    ",52.47]
[2621,"CURVA 90 GRAUS, PARA ELETRODUTO, EM ACO GALVANIZADO ELETROLITICO, DIAMETRO DE 100 MM (4\")                                                                                                                                                                                                                                                                                                                                                                                                                 ","UN    ",153.56]
[2616,"CURVA 90 GRAUS, PARA ELETRODUTO, EM ACO GALVANIZADO ELETROLITICO, DIAMETRO DE 15 MM (1/2\")                                                                                                                                                                                                                                                                                                                                                                                                                ","UN    ",4.34]
[2633,"CURVA 90 GRAUS, PARA ELETRODUTO, EM ACO GALVANIZADO ELETROLITICO, DIAMETRO DE 20 MM (3/4\")                                                                                                                                                                                                                                                                                                                                                                                                                ","UN    ",4.91]
[2617,"CURVA 90 GRAUS, PARA ELETRODUTO, EM ACO GALVANIZADO ELETROLITICO, DIAMETRO DE 25 MM (1\")                                                                                                                                                                                                                                                                                                                                                                                                                  ","UN    ",6.68]
[2618,"CURVA 90 GRAUS, PARA ELETRODUTO, EM ACO GALVANIZADO ELETROLITICO, DIAMETRO DE 32 MM (1 1/4\")                                                                                                                                                                                                                                                                                                                                                                                                              ","UN    ",15.21]
[2632,"CURVA 90 GRAUS, PARA ELETRODUTO, EM ACO GALVANIZADO ELETROLITICO, DIAMETRO DE 40 MM (1 1/2\")                                                                                                                                                                                                                                                                                                                                                                                                              ","UN    ",18.55]
[2631,"CURVA 90 GRAUS, PARA ELETRODUTO, EM ACO GALVANIZADO ELETROLITICO, DIAMETRO DE 50 MM (2\")                                                                                                                                                                                                                                                                                                                                                                                                                  ","UN    ",27.24]
[2619,"CURVA 90 GRAUS, PARA ELETRODUTO, EM ACO GALVANIZADO ELETROLITICO, DIAMETRO DE 65 MM (2 1/2\")                                                                                                                                                                                                                                                                                                                                                                                                              ","UN    ",68.96]
[2620,"CURVA 90 GRAUS, PARA ELETRODUTO, EM ACO GALVANIZADO ELETROLITICO, DIAMETRO DE 80 MM (3\")                                                                                                                                                                                                                                                                                                                                                                                                                  ","UN    ",90.54]
[44472,"DENTE PARA  FRESADORA                                                                                                                                                                                                                                                                                                                                                                                                                                                                                     ","UN    ",48.87]
[38369,"DESEMPENADEIRA DE ACO DENTADA 12 X *25* CM, DENTES 8 X 8 MM, CABO FECHADO DE MADEIRA                                                                                                                                                                                                                                                                                                                                                                                                                      ","UN    ",31.18]
[38370,"DESEMPENADEIRA DE ACO LISA 12 X *25* CM COM CABO FECHADO DE MADEIRA                                                                                                                                                                                                                                                                                                                                                                                                                                       ","UN    ",31.18]
[38372,"DESEMPENADEIRA PLASTICA LISA *14 X 27* CM                                                                                                                                                                                                                                                                                                                                                                                                                                                                 ","UN    ",24.04]
[2357,"DESENHISTA COPISTA (HORISTA)                                                                                                                                                                                                                                                                                                                                                                                                                                                                              ","H     ",8.7]
[40806,"DESENHISTA COPISTA (MENSALISTA)                                                                                                                                                                                                                                                                                                                                                                                                                                                                           ","MES   ",{"v":1534.39,"d":"1,534.39"}]
[2355,"DESENHISTA DETALHISTA (HORISTA)                                                                                                                                                                                                                                                                                                                                                                                                                                                                           ","H     ",18.76]
[40805,"DESENHISTA DETALHISTA (MENSALISTA)                                                                                                                                                                                                                                                                                                                                                                                                                                                                        ","MES   ",{"v":3302.4,"d":"3,302.40"}]
[2358,"DESENHISTA PROJETISTA (HORISTA)                                                                                                                                                                                                                                                                                                                                                                                                                                                                           ","H     ",20.27]
[40807,"DESENHISTA PROJETISTA (MENSALISTA)                                                                                                                                                                                                                                                                                                                                                                                                                                                                        ","MES   ",{"v":3568.73,"d":"3,568.73"}]
[2359,"DESENHISTA TECNICO AUXILIAR (HORISTA)                                                                                                                                                                                                                                                                                                                                                                                                                                                                     ","H     ",12.78]
[40808,"DESENHISTA TECNICO AUXILIAR (MENSALISTA)                                                                                                                                                                                                                                                                                                                                                                                                                                                                  ","MES   ",{"v":2251.2,"d":"2,251.20"}]
[44330,"DESINFETANTE PRONTO USO                                                                                                                                                                                                                                                                                                                                                                                                                                                                                   ","L     ",9.19]
[43144,"DESMOLDANTE PARA CONCRETO ESTAMPADO                                                                                                                                                                                                                                                                                                                                                                                                                                                                       ","KG    ",37.99]
[39397,"DESMOLDANTE PARA FORMAS METALICAS A BASE DE OLEO VEGETAL                                                                                                                                                                                                                                                                                                                                                                                                                                                  ","L     ",17.31]
[2692,"DESMOLDANTE PROTETOR PARA FORMAS DE MADEIRA, DE BASE OLEOSA EMULSIONADA EM AGUA                                                                                                                                                                                                                                                                                                                                                                                                                           ","L     ",6.98]
[44329,"DETERGENTE NEUTRO USO GERAL, CONCENTRADO                                                                                                                                                                                                                                                                                                                                                                                                                                                                  ","L     ",12.04]
[5318,"DILUENTE AGUARRAS                                                                                                                                                                                                                                                                                                                                                                                                                                                                                         ","L     ",19.47]
[5330,"DILUENTE EPOXI                                                                                                                                                                                                                                                                                                                                                                                                                                                                                            ","L     ",44.38]
[44532,"DISCO DE BORRACHA PARA LIXADEIRA RIGIDO 7 \" COM ARRUELA  CENTRAL                                                                                                                                                                                                                                                                                                                                                                                                                                          ","UN    ",49.17]
[44531,"DISCO DE CORTE DIAMANTADO SEGMENTADO DIAMETRO DE 180 MM PARA ESMERILHADEIRA  7 \"                                                                                                                                                                                                                                                                                                                                                                                                                          ","UN    ",156.28]
[38140,"DISCO DE CORTE DIAMANTADO SEGMENTADO PARA CONCRETO, DIAMETRO DE 110 MM, FURO DE 20 MM                                                                                                                                                                                                                                                                                                                                                                                                                     ","UN    ",37.9]
[13887,"DISCO DE CORTE DIAMANTADO SEGMENTADO PARA CONCRETO, DIAMETRO DE 350 MM, FURO DE 1 \" (14 X 1 \")                                                                                                                                                                                                                                                                                                                                                                                                            ","UN    ",897.31]
[44495,"DISCO DE CORTE PARA METAL COM DUAS TELAS 12 X 1/8 X 3/4 \"  (300 X 3,2 X 19,05 MM)                                                                                                                                                                                                                                                                                                                                                                                                                         ","UN    ",39.94]
[44533,"DISCO DE DESBASTE PARA METAL FERROSO EM GERAL, COM TRES TELAS,  9 X 1/4 X 7/8 \" ( 228,6 X 6,4 X 22,2 MM)                                                                                                                                                                                                                                                                                                                                                                                                  ","UN    ",37.72]
[44534,"DISCO DE LIXA PARA METAL, DIAMETRO = 180 MM, GRAO  120                                                                                                                                                                                                                                                                                                                                                                                                                                                    ","UN    ",9.83]
[34544,"DISJUNTOR  TERMOMAGNETICO TRIPOLAR 3 X 400 A / ICC - 25 KA                                                                                                                                                                                                                                                                                                                                                                                                                                                ","UN    ",{"v":1340.59,"d":"1,340.59"}]
[34729,"DISJUNTOR TERMOMAGNETICO AJUSTAVEL, TRIPOLAR DE 100 ATE 250A, CAPACIDADE DE INTERRUPCAO DE 35KA                                                                                                                                                                                                                                                                                                                                                                                                           ","UN    ",{"v":1054.58,"d":"1,054.58"}]
[34734,"DISJUNTOR TERMOMAGNETICO AJUSTAVEL, TRIPOLAR DE 300 ATE 400A, CAPACIDADE DE INTERRUPCAO DE 35KA                                                                                                                                                                                                                                                                                                                                                                                                           ","UN    ",{"v":1632.83,"d":"1,632.83"}]
[34738,"DISJUNTOR TERMOMAGNETICO AJUSTAVEL, TRIPOLAR DE 450 ATE 600A, CAPACIDADE DE INTERRUPCAO DE 35KA                                                                                                                                                                                                                                                                                                                                                                                                           ","UN    ",{"v":3814.81,"d":"3,814.81"}]
[34623,"DISJUNTOR TERMOMAGNETICO PARA TRILHO DIN (IEC), BIPOLAR, 40 - 50 A                                                                                                                                                                                                                                                                                                                                                                                                                                        ","UN    ",45.71]
[34616,"DISJUNTOR TERMOMAGNETICO PARA TRILHO DIN (IEC), BIPOLAR, 6 - 32 A                                                                                                                                                                                                                                                                                                                                                                                                                                         ","UN    ",46.42]
[34628,"DISJUNTOR TERMOMAGNETICO PARA TRILHO DIN (IEC), BIPOLAR, 63 A                                                                                                                                                                                                                                                                                                                                                                                                                                             ","UN    ",65.48]
[34686,"DISJUNTOR TERMOMAGNETICO PARA TRILHO DIN (IEC), MONOPOLAR, 40 - 50 A, ICC - 5KA / 250 VCA                                                                                                                                                                                                                                                                                                                                                                                                                 ","UN    ",12.01]
[34653,"DISJUNTOR TERMOMAGNETICO PARA TRILHO DIN (IEC), MONOPOLAR, 6 - 32 A                                                                                                                                                                                                                                                                                                                                                                                                                                       ","UN    ",8.1]
[34688,"DISJUNTOR TERMOMAGNETICO PARA TRILHO DIN (IEC), MONOPOLAR, 63 A                                                                                                                                                                                                                                                                                                                                                                                                                                           ","UN    ",14.68]
[34709,"DISJUNTOR TERMOMAGNETICO PARA TRILHO DIN (IEC), TRIPOLAR, 10 - 50 A                                                                                                                                                                                                                                                                                                                                                                                                                                       ","UN    ",56.88]
[34714,"DISJUNTOR TERMOMAGNETICO PARA TRILHO DIN (IEC), TRIPOLAR, 63 A                                                                                                                                                                                                                                                                                                                                                                                                                                            ","UN    ",67.94]
[2391,"DISJUNTOR TERMOMAGNETICO TRIPOLAR 125 A / 425 V / ICC - 25 KA                                                                                                                                                                                                                                                                                                                                                                                                                                             ","UN    ",310.27]
[2374,"DISJUNTOR TERMOMAGNETICO TRIPOLAR 150 A / 600 V, TIPO FXD / ICC - 35 KA                                                                                                                                                                                                                                                                                                                                                                                                                                   ","UN    ",351.99]
[2377,"DISJUNTOR TERMOMAGNETICO TRIPOLAR 200 A / 600 V, TIPO FXD / ICC - 35 KA                                                                                                                                                                                                                                                                                                                                                                                                                                   ","UN    ",493.98]
[2393,"DISJUNTOR TERMOMAGNETICO TRIPOLAR 250 A / 600 V, TIPO FXD                                                                                                                                                                                                                                                                                                                                                                                                                                                 ","UN    ",827.24]
[34705,"DISJUNTOR TERMOMAGNETICO TRIPOLAR 3  X 250 A/ICC - 25 KA                                                                                                                                                                                                                                                                                                                                                                                                                                                  ","UN    ",723.54]
[34707,"DISJUNTOR TERMOMAGNETICO TRIPOLAR 3 X 350 A/ICC - 25 KA                                                                                                                                                                                                                                                                                                                                                                                                                                                   ","UN    ",{"v":1340.73,"d":"1,340.73"}]
[2378,"DISJUNTOR TERMOMAGNETICO TRIPOLAR 300 A / 600 V, TIPO JXD / ICC - 40 KA                                                                                                                                                                                                                                                                                                                                                                                                                                   ","UN    ",{"v":1136.32,"d":"1,136.32"}]
[2379,"DISJUNTOR TERMOMAGNETICO TRIPOLAR 400 A / 600 V, TIPO JXD / ICC - 40 KA                                                                                                                                                                                                                                                                                                                                                                                                                                   ","UN    ",{"v":1136.32,"d":"1,136.32"}]
[2376,"DISJUNTOR TERMOMAGNETICO TRIPOLAR 600 A / 600 V, TIPO LXD / ICC - 40 KA                                                                                                                                                                                                                                                                                                                                                                                                                                   ","UN    ",{"v":1871.52,"d":"1,871.52"}]
[2394,"DISJUNTOR TERMOMAGNETICO TRIPOLAR 800 A / 600 V, TIPO LMXD                                                                                                                                                                                                                                                                                                                                                                                                                                                ","UN    ",{"v":4000.97,"d":"4,000.97"}]
[2388,"DISJUNTOR TIPO NEMA, BIPOLAR 10  ATE  50 A, TENSAO MAXIMA 415 V                                                                                                                                                                                                                                                                                                                                                                                                                                           ","UN    ",56.45]
[34606,"DISJUNTOR TIPO NEMA, BIPOLAR 60 ATE 100A, TENSAO MAXIMA 415 V                                                                                                                                                                                                                                                                                                                                                                                                                                             ","UN    ",86.6]
[34689,"DISJUNTOR TIPO NEMA, MONOPOLAR DE 60 ATE 70A, TENSAO MAXIMA DE 240 V                                                                                                                                                                                                                                                                                                                                                                                                                                      ","UN    ",27.57]
[2370,"DISJUNTOR TIPO NEMA, MONOPOLAR 10 ATE 30A, TENSAO MAXIMA DE 240 V                                                                                                                                                                                                                                                                                                                                                                                                                                         ","UN    ",10.49]
[2386,"DISJUNTOR TIPO NEMA, MONOPOLAR 35  ATE  50 A, TENSAO MAXIMA DE 240 V                                                                                                                                                                                                                                                                                                                                                                                                                                      ","UN    ",17.59]
[2392,"DISJUNTOR TIPO NEMA, TRIPOLAR 10  ATE  50A, TENSAO MAXIMA DE 415 V                                                                                                                                                                                                                                                                                                                                                                                                                                        ","UN    ",70.41]
[2373,"DISJUNTOR TIPO NEMA, TRIPOLAR 60 ATE 100 A, TENSAO MAXIMA DE 415 V                                                                                                                                                                                                                                                                                                                                                                                                                                        ","UN    ",99.21]
[39465,"DISPOSITIVO DPS CLASSE II, 1 POLO, TENSAO MAXIMA DE 175 V, CORRENTE MAXIMA DE *20* KA (TIPO AC)                                                                                                                                                                                                                                                                                                                                                                                                           ","UN    ",60.6]
[39466,"DISPOSITIVO DPS CLASSE II, 1 POLO, TENSAO MAXIMA DE 175 V, CORRENTE MAXIMA DE *30* KA (TIPO AC)                                                                                                                                                                                                                                                                                                                                                                                                           ","UN    ",68.18]
[39467,"DISPOSITIVO DPS CLASSE II, 1 POLO, TENSAO MAXIMA DE 175 V, CORRENTE MAXIMA DE *45* KA (TIPO AC)                                                                                                                                                                                                                                                                                                                                                                                                           ","UN    ",87.21]
[39468,"DISPOSITIVO DPS CLASSE II, 1 POLO, TENSAO MAXIMA DE 175 V, CORRENTE MAXIMA DE *90* KA (TIPO AC)                                                                                                                                                                                                                                                                                                                                                                                                           ","UN    ",155.02]
[39469,"DISPOSITIVO DPS CLASSE II, 1 POLO, TENSAO MAXIMA DE 275 V, CORRENTE MAXIMA DE *20* KA (TIPO AC)                                                                                                                                                                                                                                                                                                                                                                                                           ","UN    ",63.14]
[39470,"DISPOSITIVO DPS CLASSE II, 1 POLO, TENSAO MAXIMA DE 275 V, CORRENTE MAXIMA DE *30* KA (TIPO AC)                                                                                                                                                                                                                                                                                                                                                                                                           ","UN    ",77.59]
[39471,"DISPOSITIVO DPS CLASSE II, 1 POLO, TENSAO MAXIMA DE 275 V, CORRENTE MAXIMA DE *45* KA (TIPO AC)                                                                                                                                                                                                                                                                                                                                                                                                           ","UN    ",93.24]
[39472,"DISPOSITIVO DPS CLASSE II, 1 POLO, TENSAO MAXIMA DE 275 V, CORRENTE MAXIMA DE *90* KA (TIPO AC)                                                                                                                                                                                                                                                                                                                                                                                                           ","UN    ",162.01]
[39473,"DISPOSITIVO DPS CLASSE II, 1 POLO, TENSAO MAXIMA DE 385 V, CORRENTE MAXIMA DE *20* KA (TIPO AC)                                                                                                                                                                                                                                                                                                                                                                                                           ","UN    ",104.66]
[39474,"DISPOSITIVO DPS CLASSE II, 1 POLO, TENSAO MAXIMA DE 385 V, CORRENTE MAXIMA DE *30* KA (TIPO AC)                                                                                                                                                                                                                                                                                                                                                                                                           ","UN    ",111.57]
[39475,"DISPOSITIVO DPS CLASSE II, 1 POLO, TENSAO MAXIMA DE 385 V, CORRENTE MAXIMA DE *45* KA (TIPO AC)                                                                                                                                                                                                                                                                                                                                                                                                           ","UN    ",126.59]
[39476,"DISPOSITIVO DPS CLASSE II, 1 POLO, TENSAO MAXIMA DE 385 V, CORRENTE MAXIMA DE *90* KA (TIPO AC)                                                                                                                                                                                                                                                                                                                                                                                                           ","UN    ",238.29]
[39477,"DISPOSITIVO DPS CLASSE II, 1 POLO, TENSAO MAXIMA DE 460 V, CORRENTE MAXIMA DE *20* KA (TIPO AC)                                                                                                                                                                                                                                                                                                                                                                                                           ","UN    ",116.75]
[39478,"DISPOSITIVO DPS CLASSE II, 1 POLO, TENSAO MAXIMA DE 460 V, CORRENTE MAXIMA DE *30* KA (TIPO AC)                                                                                                                                                                                                                                                                                                                                                                                                           ","UN    ",120.37]
[39479,"DISPOSITIVO DPS CLASSE II, 1 POLO, TENSAO MAXIMA DE 460 V, CORRENTE MAXIMA DE *45* KA (TIPO AC)                                                                                                                                                                                                                                                                                                                                                                                                           ","UN    ",141.82]
[39480,"DISPOSITIVO DPS CLASSE II, 1 POLO, TENSAO MAXIMA DE 460 V, CORRENTE MAXIMA DE *90* KA (TIPO AC)                                                                                                                                                                                                                                                                                                                                                                                                           ","UN    ",292.64]
[39459,"DISPOSITIVO DR, 2 POLOS, SENSIBILIDADE DE 30 MA, CORRENTE DE 100 A, TIPO AC                                                                                                                                                                                                                                                                                                                                                                                                                               ","UN    ",248.38]
[39445,"DISPOSITIVO DR, 2 POLOS, SENSIBILIDADE DE 30 MA, CORRENTE DE 25 A, TIPO AC                                                                                                                                                                                                                                                                                                                                                                                                                                ","UN    ",124.71]
[39446,"DISPOSITIVO DR, 2 POLOS, SENSIBILIDADE DE 30 MA, CORRENTE DE 40 A, TIPO AC                                                                                                                                                                                                                                                                                                                                                                                                                                ","UN    ",126.93]
[39447,"DISPOSITIVO DR, 2 POLOS, SENSIBILIDADE DE 30 MA, CORRENTE DE 63 A, TIPO AC                                                                                                                                                                                                                                                                                                                                                                                                                                ","UN    ",135.74]
[39448,"DISPOSITIVO DR, 2 POLOS, SENSIBILIDADE DE 30 MA, CORRENTE DE 80 A, TIPO AC                                                                                                                                                                                                                                                                                                                                                                                                                                ","UN    ",231.46]
[39450,"DISPOSITIVO DR, 2 POLOS, SENSIBILIDADE DE 300 MA, CORRENTE DE 25 A, TIPO AC                                                                                                                                                                                                                                                                                                                                                                                                                               ","UN    ",141.21]
[39451,"DISPOSITIVO DR, 2 POLOS, SENSIBILIDADE DE 300 MA, CORRENTE DE 40 A, TIPO AC                                                                                                                                                                                                                                                                                                                                                                                                                               ","UN    ",154.02]
[39452,"DISPOSITIVO DR, 2 POLOS, SENSIBILIDADE DE 300 MA, CORRENTE DE 63 A, TIPO AC                                                                                                                                                                                                                                                                                                                                                                                                                               ","UN    ",154.94]
[39523,"DISPOSITIVO DR, 2 POLOS, SENSIBILIDADE DE 300 MA, CORRENTE DE 80 A, TIPO  AC                                                                                                                                                                                                                                                                                                                                                                                                                              ","UN    ",259.3]
[39449,"DISPOSITIVO DR, 4 POLOS, SENSIBILIDADE DE 30 MA, CORRENTE DE 100 A, TIPO AC                                                                                                                                                                                                                                                                                                                                                                                                                               ","UN    ",287.15]
[39455,"DISPOSITIVO DR, 4 POLOS, SENSIBILIDADE DE 30 MA, CORRENTE DE 25 A, TIPO AC                                                                                                                                                                                                                                                                                                                                                                                                                                ","UN    ",142.09]
[39456,"DISPOSITIVO DR, 4 POLOS, SENSIBILIDADE DE 30 MA, CORRENTE DE 40 A, TIPO AC                                                                                                                                                                                                                                                                                                                                                                                                                                ","UN    ",142.19]
[39457,"DISPOSITIVO DR, 4 POLOS, SENSIBILIDADE DE 30 MA, CORRENTE DE 63 A, TIPO AC                                                                                                                                                                                                                                                                                                                                                                                                                                ","UN    ",155.01]
[39458,"DISPOSITIVO DR, 4 POLOS, SENSIBILIDADE DE 30 MA, CORRENTE DE 80 A, TIPO AC                                                                                                                                                                                                                                                                                                                                                                                                                                ","UN    ",289.27]
[39464,"DISPOSITIVO DR, 4 POLOS, SENSIBILIDADE DE 300 MA, CORRENTE DE 100 A, TIPO AC                                                                                                                                                                                                                                                                                                                                                                                                                              ","UN    ",465.17]
[39460,"DISPOSITIVO DR, 4 POLOS, SENSIBILIDADE DE 300 MA, CORRENTE DE 25 A, TIPO AC                                                                                                                                                                                                                                                                                                                                                                                                                               ","UN    ",176.43]
[39461,"DISPOSITIVO DR, 4 POLOS, SENSIBILIDADE DE 300 MA, CORRENTE DE 40 A, TIPO AC                                                                                                                                                                                                                                                                                                                                                                                                                               ","UN    ",206.73]
[39462,"DISPOSITIVO DR, 4 POLOS, SENSIBILIDADE DE 300 MA, CORRENTE DE 63 A, TIPO AC                                                                                                                                                                                                                                                                                                                                                                                                                               ","UN    ",199.24]
[39463,"DISPOSITIVO DR, 4 POLOS, SENSIBILIDADE DE 300 MA, CORRENTE DE 80 A, TIPO AC                                                                                                                                                                                                                                                                                                                                                                                                                               ","UN    ",461.56]
[26039,"DISTRIBUIDOR DE AGREGADOS AUTOPROPELIDO, CAP 3 M3, A DIESEL, 6 CC, 176 CV                                                                                                                                                                                                                                                                                                                                                                                                                                 ","UN    ",{"v":391246.87,"d":"391,246.87"}]
[2401,"DISTRIBUIDOR DE AGREGADOS REBOCAVEL, CAPACIDADE 1,9 M3, LARGURA DE TRABALHO 3,66 M                                                                                                                                                                                                                                                                                                                                                                                                                        ","UN    ",{"v":89991.11,"d":"89,991.11"}]
[38870,"DISTRIBUIDOR METALICO, COM ROSCA, 2 SAIDAS, DN 1\" X 1/2\", PARA CONEXAO COM ANEL DESLIZANTE EM TUBO PEX PARA INST. AGUA QUENTE/FRIA                                                                                                                                                                                                                                                                                                                                                                        ","UN    ",29.51]
[38869,"DISTRIBUIDOR METALICO, COM ROSCA, 2 SAIDAS, DN 3/4\" X 1/2\", PARA CONEXAO COM ANEL DESLIZANTE EM TUBO PEX PARA INST. AGUA QUENTE/FRIA                                                                                                                                                                                                                                                                                                                                                                      ","UN    ",19.91]
[38872,"DISTRIBUIDOR METALICO, COM ROSCA, 3 SAIDAS, DN 1\" X 1/2\", PARA CONEXAO COM ANEL DESLIZANTE EM TUBO PEX PARA INST. AGUA QUENTE/FRIA                                                                                                                                                                                                                                                                                                                                                                        ","UN    ",37.59]
[38871,"DISTRIBUIDOR METALICO, COM ROSCA, 3 SAIDAS, DN 3/4\" X 1/2\", PARA CONEXAO COM ANEL DESLIZANTE EM TUBO PEX PARA INST. AGUA QUENTE/FRIA                                                                                                                                                                                                                                                                                                                                                                      ","UN    ",25.99]
[39283,"DISTRIBUIDOR, PLASTICO, 2 SAIDAS, DN 32 X 16 MM, PARA CONEXAO COM CRIMPAGEM, EM TUBO PEX PARA INST. AGUA QUENTE/FRIA                                                                                                                                                                                                                                                                                                                                                                                      ","UN    ",121.76]
[39285,"DISTRIBUIDOR, PLASTICO, 2 SAIDAS, DN 32 X 25 MM, PARA CONEXAO COM CRIMPAGEM, EM TUBO PEX PARA INST. AGUA QUENTE/FRIA                                                                                                                                                                                                                                                                                                                                                                                      ","UN    ",139.16]
[39286,"DISTRIBUIDOR, PLASTICO, 3 SAIDAS, DN 32 X 16 MM, PARA CONEXAO COM CRIMPAGEM, EM TUBO PEX PARA INST. AGUA QUENTE/FRIA                                                                                                                                                                                                                                                                                                                                                                                      ","UN    ",133.37]
[39288,"DISTRIBUIDOR, PLASTICO, 3 SAIDAS, DN 32 X 25 MM, PARA CONEXAO COM CRIMPAGEM, EM TUBO PEX PARA INST. AGUA QUENTE/FRIA                                                                                                                                                                                                                                                                                                                                                                                      ","UN    ",162.34]
[44476,"DIVISORIA EM GRANITO, COM DUAS FACES POLIDAS, TIPO ANDORINHA/ QUARTZ/ CASTELO/ CORUMBA OU OUTROS EQUIVALENTES DA REGIAO, E=  *3,0*  CM                                                                                                                                                                                                                                                                                                                                                                    ","M2    ",699.29]
[10629,"DIVISORIA EM MARMORE, COM DUAS FACES POLIDAS, BRANCO COMUM, E=  *3,0* CM                                                                                                                                                                                                                                                                                                                                                                                                                                  ","M2    ",609.72]
[10698,"DIVISORIA, PLACA  PRE-MOLDADA EM GRANILITE, MARMORITE OU GRANITINA,  E = *3 CM                                                                                                                                                                                                                                                                                                                                                                                                                            ","M2    ",229.56]
[40521,"DOBRADEIRA ELETROMECANICA DE VERGALHAO, PARA ACO DE DIAMETRO ATE 1 1/2\", MOTOR ELETRICO TRIFASICO, POTENCIA DE 3 HP ATE 5 HP                                                                                                                                                                                                                                                                                                                                                                              ","UN    ",{"v":122769.95,"d":"122,769.95"}]
[2432,"DOBRADICA EM ACO/FERRO, 3 1/2\" X  3\", E= 1,9  A 2 MM, COM ANEL,  CROMADO OU ZINCADO, TAMPA BOLA, COM PARAFUSOS                                                                                                                                                                                                                                                                                                                                                                                            ","UN    ",21.51]
[2433,"DOBRADICA EM ACO/FERRO, 3\" X 2 1/2\", E= 1,2 A 1,8 MM, SEM ANEL,  CROMADO OU ZINCADO, TAMPA CHATA, COM PARAFUSOS                                                                                                                                                                                                                                                                                                                                                                                           ","UN    ",7.29]
[2418,"DOBRADICA EM ACO/FERRO, 3\" X 2 1/2\", E= 1,2 A 1,8 MM, SEM ANEL, CROMADO OU ZINCADO, TAMPA BOLA, COM PARAFUSOS                                                                                                                                                                                                                                                                                                                                                                                             ","UN    ",9.98]
[2420,"DOBRADICA EM ACO/FERRO, 3\" X 2 1/2\", E= 1,9 A 2 MM, SEM ANEL,  CROMADO OU ZINCADO, TAMPA BOLA, COM PARAFUSOS                                                                                                                                                                                                                                                                                                                                                                                              ","UN    ",12.51]
[11447,"DOBRADICA EM LATAO, 3 \" X 2 1/2 \", E= 1,9 A 2 MM, COM ANEL, CROMADO, TAMPA BOLA, COM PARAFUSOS                                                                                                                                                                                                                                                                                                                                                                                                            ","UN    ",24.73]
[11451,"DOBRADICA TIPO VAI-E-VEM EM ACO/FERRO, TAMANHO 3'', GALVANIZADO, COM PARAFUSOS                                                                                                                                                                                                                                                                                                                                                                                                                            ","UN    ",66.31]
[11116,"DOMOS INDIVIDUAL EM ACRILICO BRANCO *95 X 95* CM, SEM INSTALACAO                                                                                                                                                                                                                                                                                                                                                                                                                                          ","UN    ",805.43]
[38411,"DOSADOR DE AREIA, CAPACIDADE DE *26* LITROS                                                                                                                                                                                                                                                                                                                                                                                                                                                               ","UN    ",{"v":1840.05,"d":"1,840.05"}]
[38189,"DUCHA / CHUVEIRO METALICO, DE PAREDE, ARTICULAVEL, COM BRACO/CANO, SEM DESVIADOR                                                                                                                                                                                                                                                                                                                                                                                                                          ","UN    ",185.8]
[38190,"DUCHA / CHUVEIRO METALICO, DE PAREDE, ARTICULAVEL, COM DESVIADOR E DUCHA MANUAL                                                                                                                                                                                                                                                                                                                                                                                                                           ","UN    ",391.42]
[7608,"DUCHA / CHUVEIRO PLASTICO SIMPLES, 5 '', BRANCO, PARA ACOPLAR EM HASTE 1/2 \", AGUA FRIA                                                                                                                                                                                                                                                                                                                                                                                                                   ","UN    ",12]
[1370,"DUCHA HIGIENICA PLASTICA COM REGISTRO METALICO 1/2 \"                                                                                                                                                                                                                                                                                                                                                                                                                                                      ","UN    ",122.42]
[36516,"DUMPER COM CAPACIDADE DE CARGA DE 1700 KG, PARTIDA ELETRICA, MOTOR DIESEL COM POTENCIA DE 16 CV                                                                                                                                                                                                                                                                                                                                                                                                           ","UN    ",{"v":135491.73,"d":"135,491.73"}]
[34777,"ELEMENTO VAZADO CERAMICO DIAGONAL (TIPO FLOR/QUADRADO/XIS) 25 X 18 X 7 CM                                                                                                                                                                                                                                                                                                                                                                                                                                 ","UN    ",3.54]
[7272,"ELEMENTO VAZADO CERAMICO QUADRADO (TIPO RETO OU REDONDO), *7 A 9 X 20 X 20* CM (L X A X C)                                                                                                                                                                                                                                                                                                                                                                                                                ","UN    ",2.99]
[10605,"ELEMENTO VAZADO DE CONCRETO, QUADRICULADO, 1 FURO *10 X 10 X 10* CM                                                                                                                                                                                                                                                                                                                                                                                                                                       ","UN    ",5.74]
[10604,"ELEMENTO VAZADO DE CONCRETO, QUADRICULADO, 1 FURO *20 X 10 X 7* CM                                                                                                                                                                                                                                                                                                                                                                                                                                        ","UN    ",13.38]
[672,"ELEMENTO VAZADO DE CONCRETO, QUADRICULADO, 1 FURO *20 X 20 X 6,5* CM                                                                                                                                                                                                                                                                                                                                                                                                                                      ","UN    ",18.4]
[668,"ELEMENTO VAZADO DE CONCRETO, QUADRICULADO, 16 FUROS *29 X 29 X 6* CM                                                                                                                                                                                                                                                                                                                                                                                                                                      ","UN    ",22.22]
[10578,"ELEMENTO VAZADO DE CONCRETO, QUADRICULADO, 16 FUROS *33 X 33 X 10* CM                                                                                                                                                                                                                                                                                                                                                                                                                                     ","UN    ",25.88]
[666,"ELEMENTO VAZADO DE CONCRETO, QUADRICULADO, 16 FUROS *40 X 40 X 7* CM                                                                                                                                                                                                                                                                                                                                                                                                                                      ","UN    ",28.78]
[665,"ELEMENTO VAZADO DE CONCRETO, QUADRICULADO, 16 FUROS *50 X 50 X 7* CM                                                                                                                                                                                                                                                                                                                                                                                                                                      ","UN    ",38.48]
[10577,"ELEMENTO VAZADO DE CONCRETO, QUADRICULADO, 25 FUROS *50 X 50 X 5* CM                                                                                                                                                                                                                                                                                                                                                                                                                                      ","UN    ",34.13]
[10583,"ELEMENTO VAZADO DE CONCRETO, VENEZIANA *39 X 22 X 15* CM                                                                                                                                                                                                                                                                                                                                                                                                                                                  ","UN    ",17.73]
[10579,"ELEMENTO VAZADO DE CONCRETO, VENEZIANA *39 X 29 X 10* CM                                                                                                                                                                                                                                                                                                                                                                                                                                                  ","UN    ",30.91]
[10582,"ELEMENTO VAZADO DE CONCRETO, VENEZIANA *40 X 10 X 10* CM                                                                                                                                                                                                                                                                                                                                                                                                                                                  ","UN    ",15.61]
[2436,"ELETRICISTA (HORISTA)                                                                                                                                                                                                                                                                                                                                                                                                                                                                                     ","H     ",20.47]
[40918,"ELETRICISTA (MENSALISTA)                                                                                                                                                                                                                                                                                                                                                                                                                                                                                  ","MES   ",{"v":3602.41,"d":"3,602.41"}]
[2439,"ELETRICISTA DE MANUTENCAO INDUSTRIAL (HORISTA)                                                                                                                                                                                                                                                                                                                                                                                                                                                            ","H     ",20.47]
[40923,"ELETRICISTA DE MANUTENCAO INDUSTRIAL (MENSALISTA)                                                                                                                                                                                                                                                                                                                                                                                                                                                         ","MES   ",{"v":3602.41,"d":"3,602.41"}]
[10998,"ELETRODO REVESTIDO AWS - E-6010, DIAMETRO IGUAL A 4,00 MM                                                                                                                                                                                                                                                                                                                                                                                                                                                 ","KG    ",35.95]
[11002,"ELETRODO REVESTIDO AWS - E6013, DIAMETRO IGUAL A 2,50 MM                                                                                                                                                                                                                                                                                                                                                                                                                                                  ","KG    ",32.94]
[10999,"ELETRODO REVESTIDO AWS - E6013, DIAMETRO IGUAL A 4,00 MM                                                                                                                                                                                                                                                                                                                                                                                                                                                  ","KG    ",31.64]
[10997,"ELETRODO REVESTIDO AWS - E7018, DIAMETRO IGUAL A 4,00 MM                                                                                                                                                                                                                                                                                                                                                                                                                                                  ","KG    ",34.3]
[2685,"ELETRODUTO DE PVC RIGIDO ROSCAVEL DE 1 \", SEM LUVA                                                                                                                                                                                                                                                                                                                                                                                                                                                        ","M     ",8.4]
[2680,"ELETRODUTO DE PVC RIGIDO ROSCAVEL DE 1 1/2 \", SEM LUVA                                                                                                                                                                                                                                                                                                                                                                                                                                                    ","M     ",12.3]
[2684,"ELETRODUTO DE PVC RIGIDO ROSCAVEL DE 1 1/4 \", SEM LUVA                                                                                                                                                                                                                                                                                                                                                                                                                                                    ","M     ",11.19]
[2673,"ELETRODUTO DE PVC RIGIDO ROSCAVEL DE 1/2 \", SEM LUVA                                                                                                                                                                                                                                                                                                                                                                                                                                                      ","M     ",4.32]
[2681,"ELETRODUTO DE PVC RIGIDO ROSCAVEL DE 2 \", SEM LUVA                                                                                                                                                                                                                                                                                                                                                                                                                                                        ","M     ",20.1]
[2682,"ELETRODUTO DE PVC RIGIDO ROSCAVEL DE 2 1/2 \", SEM LUVA                                                                                                                                                                                                                                                                                                                                                                                                                                                    ","M     ",29.33]
[2686,"ELETRODUTO DE PVC RIGIDO ROSCAVEL DE 3 \", SEM LUVA                                                                                                                                                                                                                                                                                                                                                                                                                                                        ","M     ",36.78]
[2674,"ELETRODUTO DE PVC RIGIDO ROSCAVEL DE 3/4 \", SEM LUVA                                                                                                                                                                                                                                                                                                                                                                                                                                                      ","M     ",5.38]
[2683,"ELETRODUTO DE PVC RIGIDO ROSCAVEL DE 4 \", SEM LUVA                                                                                                                                                                                                                                                                                                                                                                                                                                                        ","M     ",57.95]
[2676,"ELETRODUTO DE PVC RIGIDO SOLDAVEL, CLASSE B, DE 20 MM                                                                                                                                                                                                                                                                                                                                                                                                                                                     ","M     ",2.51]
[2678,"ELETRODUTO DE PVC RIGIDO SOLDAVEL, CLASSE B, DE 25 MM                                                                                                                                                                                                                                                                                                                                                                                                                                                     ","M     ",3.14]
[2679,"ELETRODUTO DE PVC RIGIDO SOLDAVEL, CLASSE B, DE 32 MM                                                                                                                                                                                                                                                                                                                                                                                                                                                     ","M     ",4.85]
[12070,"ELETRODUTO DE PVC RIGIDO SOLDAVEL, CLASSE B, DE 40 MM                                                                                                                                                                                                                                                                                                                                                                                                                                                     ","M     ",6.75]
[2675,"ELETRODUTO DE PVC RIGIDO SOLDAVEL, CLASSE B, DE 50 MM                                                                                                                                                                                                                                                                                                                                                                                                                                                     ","M     ",8.77]
[12067,"ELETRODUTO DE PVC RIGIDO SOLDAVEL, CLASSE B, DE 60 MM                                                                                                                                                                                                                                                                                                                                                                                                                                                     ","M     ",11.9]
[21136,"ELETRODUTO EM ACO GALVANIZADO ELETROLITICO, LEVE, DIAMETRO 1\", PAREDE DE 0,90 MM                                                                                                                                                                                                                                                                                                                                                                                                                          ","M     ",13]
[21128,"ELETRODUTO EM ACO GALVANIZADO ELETROLITICO, LEVE, DIAMETRO 3/4\", PAREDE DE 0,90 MM                                                                                                                                                                                                                                                                                                                                                                                                                        ","M     ",10.06]
[21130,"ELETRODUTO EM ACO GALVANIZADO ELETROLITICO, SEMI-PESADO, DIAMETRO 1 1/2\", PAREDE DE 1,20 MM                                                                                                                                                                                                                                                                                                                                                                                                               ","M     ",25.41]
[21135,"ELETRODUTO EM ACO GALVANIZADO ELETROLITICO, SEMI-PESADO, DIAMETRO 1 1/4\", PAREDE DE 1,20 MM                                                                                                                                                                                                                                                                                                                                                                                                               ","M     ",25.01]
[40401,"ELETRODUTO FLEXIVEL PLANO EM PEAD, COR PRETA E LARANJA,  DIAMETRO 32 MM                                                                                                                                                                                                                                                                                                                                                                                                                                   ","M     ",2.22]
[40402,"ELETRODUTO FLEXIVEL PLANO EM PEAD, COR PRETA E LARANJA,  DIAMETRO 40 MM                                                                                                                                                                                                                                                                                                                                                                                                                                   ","M     ",2.85]
[40400,"ELETRODUTO FLEXIVEL PLANO EM PEAD, COR PRETA E LARANJA, DIAMETRO 25 MM                                                                                                                                                                                                                                                                                                                                                                                                                                    ","M     ",1.51]
[2504,"ELETRODUTO FLEXIVEL, EM ACO GALVANIZADO, REVESTIDO EXTERNAMENTE COM PVC PRETO, DIAMETRO EXTERNO DE 25 MM (3/4\"), TIPO SEALTUBO                                                                                                                                                                                                                                                                                                                                                                            ","M     ",11.16]
[2501,"ELETRODUTO FLEXIVEL, EM ACO GALVANIZADO, REVESTIDO EXTERNAMENTE COM PVC PRETO, DIAMETRO EXTERNO DE 32 MM (1\"), TIPO SEALTUBO                                                                                                                                                                                                                                                                                                                                                                              ","M     ",14.64]
[2502,"ELETRODUTO FLEXIVEL, EM ACO GALVANIZADO, REVESTIDO EXTERNAMENTE COM PVC PRETO, DIAMETRO EXTERNO DE 40 MM (1 1/4\"), TIPO SEALTUBO                                                                                                                                                                                                                                                                                                                                                                          ","M     ",22.09]
[2503,"ELETRODUTO FLEXIVEL, EM ACO GALVANIZADO, REVESTIDO EXTERNAMENTE COM PVC PRETO, DIAMETRO EXTERNO DE 50 MM( 1 1/2\"), TIPO SEALTUBO                                                                                                                                                                                                                                                                                                                                                                          ","M     ",28.42]
[2500,"ELETRODUTO FLEXIVEL, EM ACO GALVANIZADO, REVESTIDO EXTERNAMENTE COM PVC PRETO, DIAMETRO EXTERNO DE 60 MM (2\"), TIPO SEALTUBO                                                                                                                                                                                                                                                                                                                                                                              ","M     ",37.86]
[2505,"ELETRODUTO FLEXIVEL, EM ACO GALVANIZADO, REVESTIDO EXTERNAMENTE COM PVC PRETO, DIAMETRO EXTERNO DE 75 MM (2 1/2\"), TIPO SEALTUBO                                                                                                                                                                                                                                                                                                                                                                          ","M     ",59.01]
[12056,"ELETRODUTO FLEXIVEL, EM ACO, TIPO CONDUITE, DIAMETRO DE 1 1/2\"                                                                                                                                                                                                                                                                                                                                                                                                                                            ","M     ",23.84]
[12057,"ELETRODUTO FLEXIVEL, EM ACO, TIPO CONDUITE, DIAMETRO DE 1 1/4\"                                                                                                                                                                                                                                                                                                                                                                                                                                            ","M     ",20.25]
[12059,"ELETRODUTO FLEXIVEL, EM ACO, TIPO CONDUITE, DIAMETRO DE 1/2\"                                                                                                                                                                                                                                                                                                                                                                                                                                              ","M     ",7.1]
[12058,"ELETRODUTO FLEXIVEL, EM ACO, TIPO CONDUITE, DIAMETRO DE 1\"                                                                                                                                                                                                                                                                                                                                                                                                                                                ","M     ",12.62]
[12060,"ELETRODUTO FLEXIVEL, EM ACO, TIPO CONDUITE, DIAMETRO DE 2 1/2\"                                                                                                                                                                                                                                                                                                                                                                                                                                            ","M     ",52.62]
[12061,"ELETRODUTO FLEXIVEL, EM ACO, TIPO CONDUITE, DIAMETRO DE 2\"                                                                                                                                                                                                                                                                                                                                                                                                                                                ","M     ",32.13]
[12062,"ELETRODUTO FLEXIVEL, EM ACO, TIPO CONDUITE, DIAMETRO DE 3\"                                                                                                                                                                                                                                                                                                                                                                                                                                                ","M     ",59.25]
[21137,"ELETRODUTO METALICO FLEXIVEL REVESTIDO COM PVC PRETO, DIAMETRO EXTERNO DE 15 MM (3/8\"), TIPO COPEX                                                                                                                                                                                                                                                                                                                                                                                                        ","M     ",10.3]
[2687,"ELETRODUTO PVC FLEXIVEL CORRUGADO, COR AMARELA, DE 16 MM                                                                                                                                                                                                                                                                                                                                                                                                                                                  ","M     ",2.19]
[2689,"ELETRODUTO PVC FLEXIVEL CORRUGADO, COR AMARELA, DE 20 MM                                                                                                                                                                                                                                                                                                                                                                                                                                                  ","M     ",2.61]
[2688,"ELETRODUTO PVC FLEXIVEL CORRUGADO, COR AMARELA, DE 25 MM                                                                                                                                                                                                                                                                                                                                                                                                                                                  ","M     ",2.83]
[2690,"ELETRODUTO PVC FLEXIVEL CORRUGADO, COR AMARELA, DE 32 MM                                                                                                                                                                                                                                                                                                                                                                                                                                                  ","M     ",4.84]
[39243,"ELETRODUTO PVC FLEXIVEL CORRUGADO, REFORCADO, COR LARANJA, DE 20 MM, PARA LAJES E PISOS                                                                                                                                                                                                                                                                                                                                                                                                                   ","M     ",3.19]
[39244,"ELETRODUTO PVC FLEXIVEL CORRUGADO, REFORCADO, COR LARANJA, DE 25 MM, PARA LAJES E PISOS                                                                                                                                                                                                                                                                                                                                                                                                                   ","M     ",4.31]
[39245,"ELETRODUTO PVC FLEXIVEL CORRUGADO, REFORCADO, COR LARANJA, DE 32 MM, PARA LAJES E PISOS                                                                                                                                                                                                                                                                                                                                                                                                                   ","M     ",8.29]
[39254,"ELETRODUTO/CONDULETE DE PVC RIGIDO, LISO, COR CINZA, DE 1/2\", PARA INSTALACOES APARENTES (NBR 5410)                                                                                                                                                                                                                                                                                                                                                                                                       ","M     ",12.41]
[39255,"ELETRODUTO/CONDULETE DE PVC RIGIDO, LISO, COR CINZA, DE 1\", PARA INSTALACOES APARENTES (NBR 5410)                                                                                                                                                                                                                                                                                                                                                                                                         ","M     ",22.96]
[39253,"ELETRODUTO/CONDULETE DE PVC RIGIDO, LISO, COR CINZA, DE 3/4\", PARA INSTALACOES APARENTES (NBR 5410)                                                                                                                                                                                                                                                                                                                                                                                                       ","M     ",15.81]
[39246,"ELETRODUTO/DUTO PEAD FLEXIVEL PAREDE SIMPLES, CORRUGACAO HELICOIDAL, COR PRETA, SEM ROSCA, DE 1 1/2\", CRC 680 N, PARA CABEAMENTO SUBTERRANEO (NBR 15715)                                                                                                                                                                                                                                                                                                                                                  ","M     ",3.86]
[39247,"ELETRODUTO/DUTO PEAD FLEXIVEL PAREDE SIMPLES, CORRUGACAO HELICOIDAL, COR PRETA, SEM ROSCA, DE 1 1/4\", CRC 680 N, PARA CABEAMENTO SUBTERRANEO (NBR 15715)                                                                                                                                                                                                                                                                                                                                                  ","M     ",3.37]
[2446,"ELETRODUTO/DUTO PEAD FLEXIVEL PAREDE SIMPLES, CORRUGACAO HELICOIDAL, COR PRETA, SEM ROSCA, DE 2\", CRC 680 N, PARA CABEAMENTO SUBTERRANEO (NBR 15715)                                                                                                                                                                                                                                                                                                                                                      ","M     ",5.55]
[2442,"ELETRODUTO/DUTO PEAD FLEXIVEL PAREDE SIMPLES, CORRUGACAO HELICOIDAL, COR PRETA, SEM ROSCA, DE 3\", CRC 680 N, PARA CABEAMENTO SUBTERRANEO (NBR 15715)                                                                                                                                                                                                                                                                                                                                                      ","M     ",7.77]
[39248,"ELETRODUTO/DUTO PEAD FLEXIVEL PAREDE SIMPLES, CORRUGACAO HELICOIDAL, COR PRETA, SEM ROSCA, DE 4\", CRC 680 N, PARA CABEAMENTO SUBTERRANEO (NBR 15715)                                                                                                                                                                                                                                                                                                                                                      ","M     ",10.83]
[2438,"ELETROTECNICO (HORISTA)                                                                                                                                                                                                                                                                                                                                                                                                                                                                                   ","H     ",26.57]
[40922,"ELETROTECNICO (MENSALISTA)                                                                                                                                                                                                                                                                                                                                                                                                                                                                                ","MES   ",{"v":4676.58,"d":"4,676.58"}]
[36486,"ELEVADOR DE CARGA A CABO, CABINE SEMI FECHADA 2,0 X 1,5 X 2,0 M, CAPACIDADE DE CARGA 1000 KG, TORRE  2,38 X 2,21 X 15 M, GUINCHO DE EMBREAGEM, FREIO DE SEGURANCA, LIMITADOR DE VELOCIDADE E CANCELA                                                                                                                                                                                                                                                                                                      ","UN    ",{"v":70127.2,"d":"70,127.20"}]
[37777,"ELEVADOR DE CREMALHEIRA CABINE FECHADA 1,5 X 2,5 X 2,35 M (UMA POR TORRE), CAPACIDADE DE CARGA 1200 KG (15 PESSOAS), TORRE  24 M (16 MODULOS), FREIO DE SEGURANCA, LIMITADOR DE CARGA                                                                                                                                                                                                                                                                                                                     ","UN    ",{"v":330157.49,"d":"330,157.49"}]
[12624,"EMENDA PARA CALHA PLUVIAL, PVC, DIAMETRO ENTRE 119 E 170 MM, PARA DRENAGEM PLUVIAL PREDIAL                                                                                                                                                                                                                                                                                                                                                                                                                ","UN    ",31]
[517,"EMULSAO ASFALTICA ANIONICA                                                                                                                                                                                                                                                                                                                                                                                                                                                                                ","L     ",13.08]
[37534,"EMULSAO EXPLOSIVA EM CARTUCHOS DE 1\" X 12\", DENSIDADE 1.15 G/CM3, INICIACAO ESPOLETA N. 8 / CORDEL                                                                                                                                                                                                                                                                                                                                                                                                        ","KG    ",20.98]
[37535,"EMULSAO EXPLOSIVA EM CARTUCHOS DE 1\" X 24\", DENSIDADE 1.15 G/CM3, INICIACAO ESPOLETA N. 8 / CORDEL                                                                                                                                                                                                                                                                                                                                                                                                        ","KG    ",20.98]
[37533,"EMULSAO EXPLOSIVA EM CARTUCHOS DE 1\" X 8\", DENSIDADE 1.15 G/CM3, INICIACAO ESPOLETA N. 8 / CORDEL                                                                                                                                                                                                                                                                                                                                                                                                         ","KG    ",20.98]
[37537,"EMULSAO EXPLOSIVA EM CARTUCHOS DE 2 1/2\" X 24\", DENSIDADE 1.15 G/CM3, INICIACAO ESPOLETA N. 8 / CORDEL                                                                                                                                                                                                                                                                                                                                                                                                    ","KG    ",15.88]
[37536,"EMULSAO EXPLOSIVA EM CARTUCHOS DE 2 1/4\" X 24\", DENSIDADE 1.15 G/CM3, INICIACAO ESPOLETA N. 8 / CORDEL                                                                                                                                                                                                                                                                                                                                                                                                    ","KG    ",15.88]
[37532,"EMULSAO EXPLOSIVA EM CARTUCHOS DE 2\" X 24\", DENSIDADE 1.15 G/CM3, INICIACAO ESPOLETA N. 8 / CORDEL                                                                                                                                                                                                                                                                                                                                                                                                        ","KG    ",15.88]
[2696,"ENCANADOR OU BOMBEIRO HIDRAULICO (HORISTA)                                                                                                                                                                                                                                                                                                                                                                                                                                                                ","H     ",20.47]
[40928,"ENCANADOR OU BOMBEIRO HIDRAULICO (MENSALISTA)                                                                                                                                                                                                                                                                                                                                                                                                                                                             ","MES   ",{"v":3602.41,"d":"3,602.41"}]
[4083,"ENCARREGADO GERAL DE OBRAS (HORISTA)                                                                                                                                                                                                                                                                                                                                                                                                                                                                      ","H     ",26.47]
[40818,"ENCARREGADO GERAL DE OBRAS (MENSALISTA)                                                                                                                                                                                                                                                                                                                                                                                                                                                                   ","MES   ",{"v":4657.66,"d":"4,657.66"}]
[43146,"ENDURECEDOR MINERAL DE BASE CIMENTICIA PARA PISO DE CONCRETO                                                                                                                                                                                                                                                                                                                                                                                                                                              ","KG    ",8.95]
[2705,"ENERGIA ELETRICA ATE 2000 KWH INDUSTRIAL, SEM DEMANDA                                                                                                                                                                                                                                                                                                                                                                                                                                                     ","KWH   ",1.07]
[14250,"ENERGIA ELETRICA COMERCIAL, BAIXA TENSAO, RELATIVA AO CONSUMO DE ATE 100 KWH, INCLUINDO ICMS, PIS/PASEP E COFINS                                                                                                                                                                                                                                                                                                                                                                                          ","KWH   ",1.09]
[11683,"ENGATE / RABICHO FLEXIVEL INOX 1/2 \" X 30 CM                                                                                                                                                                                                                                                                                                                                                                                                                                                              ","UN    ",44.02]
[11684,"ENGATE / RABICHO FLEXIVEL INOX 1/2 \" X 40 CM                                                                                                                                                                                                                                                                                                                                                                                                                                                              ","UN    ",48.19]
[6141,"ENGATE/RABICHO FLEXIVEL PLASTICO (PVC OU ABS) BRANCO 1/2 \" X 30 CM                                                                                                                                                                                                                                                                                                                                                                                                                                        ","UN    ",7.86]
[11681,"ENGATE/RABICHO FLEXIVEL PLASTICO (PVC OU ABS) BRANCO 1/2 \" X 40 CM                                                                                                                                                                                                                                                                                                                                                                                                                                        ","UN    ",9.91]
[2706,"ENGENHEIRO CIVIL DE OBRA JUNIOR (HORISTA)                                                                                                                                                                                                                                                                                                                                                                                                                                                                 ","H     ",112.83]
[40811,"ENGENHEIRO CIVIL DE OBRA JUNIOR (MENSALISTA)                                                                                                                                                                                                                                                                                                                                                                                                                                                              ","MES   ",{"v":19849.65,"d":"19,849.65"}]
[2707,"ENGENHEIRO CIVIL DE OBRA PLENO (HORISTA)                                                                                                                                                                                                                                                                                                                                                                                                                                                                  ","H     ",119.11]
[40813,"ENGENHEIRO CIVIL DE OBRA PLENO (MENSALISTA)                                                                                                                                                                                                                                                                                                                                                                                                                                                               ","MES   ",{"v":20956.8,"d":"20,956.80"}]
[2708,"ENGENHEIRO CIVIL DE OBRA SENIOR (HORISTA)                                                                                                                                                                                                                                                                                                                                                                                                                                                                 ","H     ",142.05]
[40814,"ENGENHEIRO CIVIL DE OBRA SENIOR (MENSALISTA)                                                                                                                                                                                                                                                                                                                                                                                                                                                              ","MES   ",{"v":24992.91,"d":"24,992.91"}]
[38403,"ENXADA ESTREITA *25 X 23* CM COM CABO                                                                                                                                                                                                                                                                                                                                                                                                                                                                     ","UN    ",77.17]
[43482,"EPI - FAMILIA ALMOXARIFE - HORISTA (ENCARGOS COMPLEMENTARES - COLETADO CAIXA)                                                                                                                                                                                                                                                                                                                                                                                                                             ","H     ",0.79]
[43494,"EPI - FAMILIA ALMOXARIFE - MENSALISTA (ENCARGOS COMPLEMENTARES - COLETADO CAIXA)                                                                                                                                                                                                                                                                                                                                                                                                                          ","MES   ",148.04]
[43483,"EPI - FAMILIA CARPINTEIRO DE FORMAS - HORISTA (ENCARGOS COMPLEMENTARES - COLETADO CAIXA)                                                                                                                                                                                                                                                                                                                                                                                                                  ","H     ",1.43]
[43495,"EPI - FAMILIA CARPINTEIRO DE FORMAS - MENSALISTA (ENCARGOS COMPLEMENTARES - COLETADO CAIXA)                                                                                                                                                                                                                                                                                                                                                                                                               ","MES   ",269.97]
[43484,"EPI - FAMILIA ELETRICISTA - HORISTA (ENCARGOS COMPLEMENTARES - COLETADO CAIXA)                                                                                                                                                                                                                                                                                                                                                                                                                            ","H     ",1.2]
[43496,"EPI - FAMILIA ELETRICISTA - MENSALISTA (ENCARGOS COMPLEMENTARES - COLETADO CAIXA)                                                                                                                                                                                                                                                                                                                                                                                                                         ","MES   ",226.41]
[43485,"EPI - FAMILIA ENCANADOR - HORISTA (ENCARGOS COMPLEMENTARES - COLETADO CAIXA)                                                                                                                                                                                                                                                                                                                                                                                                                              ","H     ",1.06]
[43497,"EPI - FAMILIA ENCANADOR - MENSALISTA (ENCARGOS COMPLEMENTARES - COLETADO CAIXA)                                                                                                                                                                                                                                                                                                                                                                                                                           ","MES   ",199.2]
[43487,"EPI - FAMILIA ENCARREGADO GERAL - HORISTA (ENCARGOS COMPLEMENTARES - COLETADO CAIXA)                                                                                                                                                                                                                                                                                                                                                                                                                      ","H     ",1.25]
[43499,"EPI - FAMILIA ENCARREGADO GERAL - MENSALISTA (ENCARGOS COMPLEMENTARES - COLETADO CAIXA)                                                                                                                                                                                                                                                                                                                                                                                                                   ","MES   ",236.16]
[43486,"EPI - FAMILIA ENGENHEIRO CIVIL - HORISTA (ENCARGOS COMPLEMENTARES - COLETADO CAIXA)                                                                                                                                                                                                                                                                                                                                                                                                                       ","H     ",0.74]
[43498,"EPI - FAMILIA ENGENHEIRO CIVIL - MENSALISTA (ENCARGOS COMPLEMENTARES - COLETADO CAIXA)                                                                                                                                                                                                                                                                                                                                                                                                                    ","MES   ",140.23]
[43488,"EPI - FAMILIA OPERADOR ESCAVADEIRA - HORISTA (ENCARGOS COMPLEMENTARES - COLETADO CAIXA)                                                                                                                                                                                                                                                                                                                                                                                                                   ","H     ",0.86]
[43500,"EPI - FAMILIA OPERADOR ESCAVADEIRA - MENSALISTA (ENCARGOS COMPLEMENTARES - COLETADO CAIXA)                                                                                                                                                                                                                                                                                                                                                                                                                ","MES   ",162.97]
[43489,"EPI - FAMILIA PEDREIRO - HORISTA (ENCARGOS COMPLEMENTARES - COLETADO CAIXA)                                                                                                                                                                                                                                                                                                                                                                                                                               ","H     ",1.24]
[43501,"EPI - FAMILIA PEDREIRO - MENSALISTA (ENCARGOS COMPLEMENTARES - COLETADO CAIXA)                                                                                                                                                                                                                                                                                                                                                                                                                            ","MES   ",233.35]
[43490,"EPI - FAMILIA PINTOR - HORISTA (ENCARGOS COMPLEMENTARES - COLETADO CAIXA)                                                                                                                                                                                                                                                                                                                                                                                                                                 ","H     ",1.73]
[43502,"EPI - FAMILIA PINTOR - MENSALISTA (ENCARGOS COMPLEMENTARES - COLETADO CAIXA)                                                                                                                                                                                                                                                                                                                                                                                                                              ","MES   ",325.51]
[43491,"EPI - FAMILIA SERVENTE - HORISTA (ENCARGOS COMPLEMENTARES - COLETADO CAIXA)                                                                                                                                                                                                                                                                                                                                                                                                                               ","H     ",1.33]
[43503,"EPI - FAMILIA SERVENTE - MENSALISTA (ENCARGOS COMPLEMENTARES - COLETADO CAIXA)                                                                                                                                                                                                                                                                                                                                                                                                                            ","MES   ",250.24]
[43492,"EPI - FAMILIA SOLDADOR - HORISTA (ENCARGOS COMPLEMENTARES - COLETADO CAIXA)                                                                                                                                                                                                                                                                                                                                                                                                                               ","H     ",1.79]
[43504,"EPI - FAMILIA SOLDADOR - MENSALISTA (ENCARGOS COMPLEMENTARES - COLETADO CAIXA)                                                                                                                                                                                                                                                                                                                                                                                                                            ","MES   ",337.87]
[43493,"EPI - FAMILIA TOPOGRAFO - HORISTA (ENCARGOS COMPLEMENTARES - COLETADO CAIXA)                                                                                                                                                                                                                                                                                                                                                                                                                              ","H     ",0.71]
[43505,"EPI - FAMILIA TOPOGRAFO - MENSALISTA (ENCARGOS COMPLEMENTARES - COLETADO CAIXA)                                                                                                                                                                                                                                                                                                                                                                                                                           ","MES   ",132.94]
[37774,"EQUIPAMENTO DE LIMPEZA COMBINADO (VACUO/ALTA PRESSAO) 95% VACUO, TANQUE 7000 L, BOMBA 140 KGF/CM2 66 L/MIN COM MOTOR INDEPENDENTE A DIESEL DE 60 CV (INCLUI MONTAGEM, NAO INCLUI CAMINHAO)                                                                                                                                                                                                                                                                                                                ","UN    ",{"v":565124.71,"d":"565,124.71"}]
[38629,"EQUIPAMENTO P/ DEMARCACAO DE FAIXAS DE TRAFEGO A QUENTE, A SER MONTADO SOBRE CAMINHAO DE PBT MIN. DE 17 T, DIST. MIN. ENTRE EIXOS 5,2 M, CAPACIDADE PARA 1.000 KG DE MATERIAL TERMOPLASTICO (INCLUI MONTAGEM, NAO INCLUI CAMINHAO, NEM COMPRESSOR DE AR)                                                                                                                                                                                                                                                  ","UN    ",{"v":2602792.96,"d":"2,602,792.96"}]
[38630,"EQUIPAMENTO PARA DEMARCACAO DE FAIXAS DE TRAFEGO A FRIO, A SER MONTADO SOBRE CAMINHAO DE PBT MINIMO DE 9 T E DISTANCIA MINIMA ENTRE EIXOS DE 4,3 M, CAPACIDADE PARA 800 L DE TINTA (INCLUI MONTAGEM, NAO INCLUI CAMINHAO)                                                                                                                                                                                                                                                                                 ","UN    ",{"v":1748542.96,"d":"1,748,542.96"}]
[38476,"ESCADA DUPLA DE ABRIR EM ALUMINIO, MODELO PINTOR, 8 DEGRAUS                                                                                                                                                                                                                                                                                                                                                                                                                                               ","UN    ",580]
[38477,"ESCADA EXTENSIVEL EM ALUMINIO COM 6,00 M ESTENDIDA                                                                                                                                                                                                                                                                                                                                                                                                                                                        ","UN    ",{"v":1642.57,"d":"1,642.57"}]
[40635,"ESCAVADEIRA HIDRAULICA SOBRE ESTEIRA, COM GARRA GIRATORIA DE MANDIBULAS, PESO OPERACIONAL ENTRE 22,00 E 25,50 TON, POTENCIA LIQUIDA ENTRE 150 E 160 HP                                                                                                                                                                                                                                                                                                                                                    ","UN    ",{"v":960591.47,"d":"960,591.47"}]
[36483,"ESCAVADEIRA HIDRAULICA SOBRE ESTEIRAS CACAMBA 0,40 A 1,20 M3, PESO OPERACIONAL 21,19 T, POTENCIA LIQUIDA 173 HP                                                                                                                                                                                                                                                                                                                                                                                           ","UN    ",{"v":870449.74,"d":"870,449.74"}]
[14525,"ESCAVADEIRA HIDRAULICA SOBRE ESTEIRAS COM CACAMBA DE 1,20 M3, PESO OPERACIONAL 21 T, POTENCIA BRUTA 155 HP                                                                                                                                                                                                                                                                                                                                                                                                ","UN    ",{"v":911412.08,"d":"911,412.08"}]
[36482,"ESCAVADEIRA HIDRAULICA SOBRE ESTEIRAS, CACAMBA  0,80 M3, PESO OPERACIONAL 17,8 T, POTENCIA LIQUIDA 110 HP                                                                                                                                                                                                                                                                                                                                                                                                 ","UN    ",{"v":781662.8,"d":"781,662.80"}]
[36408,"ESCAVADEIRA HIDRAULICA SOBRE ESTEIRAS, CACAMBA 0,4 A 1,70 M3, PESO OPERACIONAL 23,2 T, POTENCIA BRUTA 183 HP                                                                                                                                                                                                                                                                                                                                                                                              ","UN    ",{"v":933941.37,"d":"933,941.37"}]
[2723,"ESCAVADEIRA HIDRAULICA SOBRE ESTEIRAS, CACAMBA 0,62M3, PESO OPERACIONAL 12,61T, POTENCIA LIQUIDA 95HP                                                                                                                                                                                                                                                                                                                                                                                                     ","UN    ",{"v":716840.96,"d":"716,840.96"}]
[36481,"ESCAVADEIRA HIDRAULICA SOBRE ESTEIRAS, CACAMBA 0,80 A 1,30 M3, PESO OPERACIONAL 22,18 T, POTENCIA LIQUIDA 170 HP                                                                                                                                                                                                                                                                                                                                                                                          ","UN    ",{"v":855088.86,"d":"855,088.86"}]
[10685,"ESCAVADEIRA HIDRAULICA SOBRE ESTEIRAS, CACAMBA 0,80M3, PESO OPERACIONAL 17T, POTENCIA BRUTA 111HP                                                                                                                                                                                                                                                                                                                                                                                                         ","UN    ",{"v":819246.82,"d":"819,246.82"}]
[40636,"ESCAVADEIRA HIDRAULICA SOBRE ESTEIRAS, CAPACIDADE DA CACAMBA ENTRE 1,20 E 1,50 M3, PESO OPERACIONAL ENTRE 20,00 E 22,00 TON, POTENCIA LIQUIDA ENTRE 150 E 155 HP, EQUIPADA COM CLAMSHELL                                                                                                                                                                                                                                                                                                                  ","UN    ",{"v":924749.42,"d":"924,749.42"}]
[4111,"ESCORA PRE-MOLDADA EM CONCRETO, *10 X 10* CM, H = 2,30M                                                                                                                                                                                                                                                                                                                                                                                                                                                   ","UN    ",61.87]
[44538,"ESCOVA CIRCULAR EM ACO LATONADO, 6 X 1 \" (DIAMETRO X ESPESSURA), FURO DE 1 1/4 \", FIO ONDULADO *0,30*  MM                                                                                                                                                                                                                                                                                                                                                                                                 ","UN    ",90.8]
[12,"ESCOVA DE ACO, COM CABO, *4  X 15* FILEIRAS DE CERDAS                                                                                                                                                                                                                                                                                                                                                                                                                                                     ","UN    ",19.89]
[37554,"ESGUICHO JATO REGULAVEL, TIPO ELKHART, ENGATE RAPIDO 1 1/2\", PARA COMBATE A INCENDIO                                                                                                                                                                                                                                                                                                                                                                                                                      ","UN    ",217.26]
[37555,"ESGUICHO JATO REGULAVEL, TIPO ELKHART, ENGATE RAPIDO 2 1/2\", PARA COMBATE A INCENDIO                                                                                                                                                                                                                                                                                                                                                                                                                      ","UN    ",264.28]
[10902,"ESGUICHO TIPO JATO SOLIDO, EM LATAO, ENGATE RAPIDO 1 1/2\" X 13 MM, PARA MANGUEIRA EM INSTALACAO PREDIAL COMBATE A INCENDIO                                                                                                                                                                                                                                                                                                                                                                                ","UN    ",66.31]
[20965,"ESGUICHO TIPO JATO SOLIDO, EM LATAO, ENGATE RAPIDO 1 1/2\" X 16 MM, PARA MANGUEIRA EM INSTALACAO PREDIAL COMBATE A INCENDIO                                                                                                                                                                                                                                                                                                                                                                                ","UN    ",66.93]
[20966,"ESGUICHO TIPO JATO SOLIDO, EM LATAO, ENGATE RAPIDO 1 1/2\" X 19 MM, PARA MANGUEIRA EM INSTALACAO PREDIAL COMBATE A INCENDIO                                                                                                                                                                                                                                                                                                                                                                                ","UN    ",72.07]
[10903,"ESGUICHO TIPO JATO SOLIDO, EM LATAO, ENGATE RAPIDO 2 1/2\" X 13 MM, PARA MANGUEIRA EM INSTALACAO PREDIAL COMBATE A INCENDIO                                                                                                                                                                                                                                                                                                                                                                                ","UN    ",109.23]
[20967,"ESGUICHO TIPO JATO SOLIDO, EM LATAO, ENGATE RAPIDO 2 1/2\" X 16 MM, PARA MANGUEIRA EM INSTALACAO PREDIAL COMBATE A INCENDIO                                                                                                                                                                                                                                                                                                                                                                                ","UN    ",109.23]
[20968,"ESGUICHO TIPO JATO SOLIDO, EM LATAO, ENGATE RAPIDO 2 1/2\" X 19 MM, PARA MANGUEIRA EM INSTALACAO PREDIAL COMBATE A INCENDIO                                                                                                                                                                                                                                                                                                                                                                                ","UN    ",119.8]
[11359,"ESMERILHADEIRA ANGULAR ELETRICA, DIAMETRO DO DISCO 7 '' (180 MM), ROTACAO 8500 RPM, POTENCIA 2400 W                                                                                                                                                                                                                                                                                                                                                                                                       ","UN    ",{"v":1017.1,"d":"1,017.10"}]
[39017,"ESPACADOR / DISTANCIADOR CIRCULAR COM ENTRADA LATERAL, EM PLASTICO, PARA VERGALHAO *4,2 A 12,5* MM, COBRIMENTO 20 MM                                                                                                                                                                                                                                                                                                                                                                                      ","UN    ",0.22]
[39315,"ESPACADOR / DISTANCIADOR TIPO GARRA DUPLA, EM PLASTICO, COBRIMENTO *20* MM, PARA FERRAGENS DE LAJES E FUNDO DE VIGAS                                                                                                                                                                                                                                                                                                                                                                                      ","UN    ",0.35]
[39016,"ESPACADOR / DISTANCIADOR TIPO PINO EM PLASTICO, PARA VERGALHAO ATE 10 MM, PARA APOIO DE ARMADURA                                                                                                                                                                                                                                                                                                                                                                                                          ","UN    ",0.36]
[39481,"ESPACADOR OU DISTANCIADOR, EM PLASTICO, TIPO APOIO DE CORDOALHA (CARANGUEJO), PARA ARMADURA NEGATIVA E PROTENSAO, COBRIMENTO 50 MM                                                                                                                                                                                                                                                                                                                                                                        ","UN    ",1.74]
[39013,"ESPACADOR/SEPARADOR /CENTRALIZADOR DE BARRA DE ACO, PLASTICO, (CHUMBADOR TIPO CARAMBOLA - CB), DIAMETRO INTERNO ATE 20 MM                                                                                                                                                                                                                                                                                                                                                                                 ","UN    ",1.48]
[44919,"ESPACADOR/SEPARADOR /CENTRALIZADOR DE BARRA DE ACO, PLASTICO, (CHUMBADOR TIPO CARAMBOLA - CB), DIAMETRO INTERNO ENTRE 25 A 32 MM                                                                                                                                                                                                                                                                                                                                                                          ","UN    ",2.77]
[40433,"ESPACADOR/SEPARADOR DE CORDOALHA TIPO DISCO 12 FUROS DE 14 MM, PARA TIRANTES                                                                                                                                                                                                                                                                                                                                                                                                                              ","UN    ",1.53]
[20219,"ESPARGIDOR DE ASFALTO PRESSURIZADO, REBOCAVEL, TANQUE DE 2500 L, PNEUMATICO,  COM MOTOR A GASOLINA 3,4HP                                                                                                                                                                                                                                                                                                                                                                                                  ","UN    ",{"v":116000,"d":"116,000.00"}]
[36484,"ESPARGIDOR DE ASFALTO PRESSURIZADO, TANQUE 6 M3 COM ISOLACAO TERMICA, AQUECIDO COM 2 MACARICOS, COM BARRA ESPARGIDORA 3,60 M, A SER MONTADO SOBRE CAMINHAO                                                                                                                                                                                                                                                                                                                                                ","UN    ",{"v":246246.87,"d":"246,246.87"}]
[38367,"ESPATULA DE ACO INOX COM CABO DE MADEIRA, LARGURA 8 CM                                                                                                                                                                                                                                                                                                                                                                                                                                                    ","UN    ",31.16]
[38368,"ESPATULA DE PLASTICO LISA, LARGURA 10 CM                                                                                                                                                                                                                                                                                                                                                                                                                                                                  ","UN    ",9.35]
[38091,"ESPELHO / PLACA CEGA 4\" X 2\", PARA INSTALACAO DE TOMADAS E INTERRUPTORES                                                                                                                                                                                                                                                                                                                                                                                                                                  ","UN    ",2.21]
[38095,"ESPELHO / PLACA CEGA 4\" X 4\", PARA INSTALACAO DE TOMADAS E INTERRUPTORES                                                                                                                                                                                                                                                                                                                                                                                                                                  ","UN    ",4.69]
[38092,"ESPELHO / PLACA DE 1 POSTO 4\" X 2\", PARA INSTALACAO DE TOMADAS E INTERRUPTORES                                                                                                                                                                                                                                                                                                                                                                                                                            ","UN    ",2.1]
[38093,"ESPELHO / PLACA DE 2 POSTOS 4\" X 2\", PARA INSTALACAO DE TOMADAS E INTERRUPTORES                                                                                                                                                                                                                                                                                                                                                                                                                           ","UN    ",2.17]
[38096,"ESPELHO / PLACA DE 2 POSTOS 4\" X 4\", PARA INSTALACAO DE TOMADAS E INTERRUPTORES                                                                                                                                                                                                                                                                                                                                                                                                                           ","UN    ",5.04]
[38094,"ESPELHO / PLACA DE 3 POSTOS 4\" X 2\", PARA INSTALACAO DE TOMADAS E INTERRUPTORES                                                                                                                                                                                                                                                                                                                                                                                                                           ","UN    ",2.66]
[38097,"ESPELHO / PLACA DE 4 POSTOS 4\" X 4\", PARA INSTALACAO DE TOMADAS E INTERRUPTORES                                                                                                                                                                                                                                                                                                                                                                                                                           ","UN    ",5.4]
[38098,"ESPELHO / PLACA DE 6 POSTOS 4\" X 4\", PARA INSTALACAO DE TOMADAS E INTERRUPTORES                                                                                                                                                                                                                                                                                                                                                                                                                           ","UN    ",5.4]
[11186,"ESPELHO CRISTAL E = 4 MM                                                                                                                                                                                                                                                                                                                                                                                                                                                                                  ","M2    ",544.66]
[11558,"ESPELHO, RETO OU CURVO, EM LATAO CROMADO, ESPESSURA ATE 6 MM, LARGURA *40*MM, ALTURA *180*MM - PARA FECHADURA DE EMBUTIR                                                                                                                                                                                                                                                                                                                                                                                  ","PAR   ",16.43]
[11557,"ESPELHO, RETO OU CURVO, EM LATAO CROMADO, ESPESSURA MINIMA 6 MM, LARGURA *43*MM, ALTURA *230*MM - PARA FECHADURA DE EMBUTIR                                                                                                                                                                                                                                                                                                                                                                               ","PAR   ",41.59]
[2759,"ESPOLETA SIMPLES N 8.                                                                                                                                                                                                                                                                                                                                                                                                                                                                                     ","UN    ",9.68]
[38124,"ESPUMA EXPANSIVA DE POLIURETANO, APLICACAO MANUAL - 500 ML                                                                                                                                                                                                                                                                                                                                                                                                                                                ","UN    ",40.45]
[38380,"ESQUADRO DE ACO 12 \" (300 MM), CABO DE ALUMINIO                                                                                                                                                                                                                                                                                                                                                                                                                                                           ","UN    ",49.51]
[42429,"ESQUI TRIPLO, EM TUBO DE ACO CARBONO, PINTURA NO PROCESSO ELETROSTATICO - EQUIPAMENTO DE GINASTICA PARA ACADEMIA AO AR LIVRE / ACADEMIA DA TERCEIRA IDADE - ATI                                                                                                                                                                                                                                                                                                                                           ","UN    ",{"v":6025.1,"d":"6,025.10"}]
[39616,"ESTABILIZADOR BIVOLT AUTOMATICO, 1000 VA                                                                                                                                                                                                                                                                                                                                                                                                                                                                  ","UN    ",465.78]
[39618,"ESTABILIZADOR BIVOLT AUTOMATICO, 1500 VA                                                                                                                                                                                                                                                                                                                                                                                                                                                                  ","UN    ",844.85]
[39619,"ESTABILIZADOR BIVOLT AUTOMATICO, 2000 VA                                                                                                                                                                                                                                                                                                                                                                                                                                                                  ","UN    ",{"v":1157.09,"d":"1,157.09"}]
[39613,"ESTABILIZADOR BIVOLT AUTOMATICO, 300 VA                                                                                                                                                                                                                                                                                                                                                                                                                                                                   ","UN    ",185.02]
[39614,"ESTABILIZADOR BIVOLT AUTOMATICO, 500 VA                                                                                                                                                                                                                                                                                                                                                                                                                                                                   ","UN    ",269.92]
[38538,"ESTACA PRE-MOLDADA MACICA DE CONCRETO VIBRADO ARMADO, PARA CARGA DE 25 T, SECAO QUADRADA DE *16 X 16*, COM ANEL METALICO INCORPORADO A PECA (SOMENTE FORNECIMENTO)                                                                                                                                                                                                                                                                                                                                        ","M     ",77.6]
[38539,"ESTACA PRE-MOLDADA MACICA DE CONCRETO VIBRADO ARMADO, PARA CARGA DE 50 T, SECAO QUADRADA, COM ANEL METALICO INCORPORADO A PECA (SOMENTE FORNECIMENTO)                                                                                                                                                                                                                                                                                                                                                     ","M     ",105.52]
[38540,"ESTACA PRE-MOLDADA VAZADA DE CONCRETO CENTRIFUGADO, PARA CARGA DE 100 T, SECAO CIRCULAR, COM ANEL METALICO INCORPORADO A PECA (SOMENTE FORNECIMENTO)                                                                                                                                                                                                                                                                                                                                                      ","M     ",270.44]
[38384,"ESTILETE DE METAL, LAMINA 18 MM                                                                                                                                                                                                                                                                                                                                                                                                                                                                           ","UN    ",24.22]
[13,"ESTOPA                                                                                                                                                                                                                                                                                                                                                                                                                                                                                                    ","KG    ",30.62]
[2762,"ESTOPIM SIMPLES                                                                                                                                                                                                                                                                                                                                                                                                                                                                                           ","M     ",12.1]
[21142,"ESTRIBO COM PARAFUSO EM CHAPA DE FERRO FUNDIDO DE 2\" X 3/16\" X 35 CM, SECAO \"U\", PARA MADEIRAMENTO DE TELHADO                                                                                                                                                                                                                                                                                                                                                                                             ","UN    ",31.82]
[4223,"ETANOL                                                                                                                                                                                                                                                                                                                                                                                                                                                                                                    ","L     ",2.97]
[37372,"EXAMES - HORISTA (COLETADO CAIXA - ENCARGOS COMPLEMENTARES)                                                                                                                                                                                                                                                                                                                                                                                                                                               ","H     ",1.34]
[40863,"EXAMES - MENSALISTA (COLETADO CAIXA - ENCARGOS COMPLEMENTARES)                                                                                                                                                                                                                                                                                                                                                                                                                                            ","MES   ",252.08]
[38475,"EXTENSAO DE SOLDA 201 ACETILENO, E = *1,5 A 2,5* MM                                                                                                                                                                                                                                                                                                                                                                                                                                                       ","UN    ",34.61]
[38474,"EXTENSAO DE SOLDA 201 GLP, E = *2,5 A 4,0* MM                                                                                                                                                                                                                                                                                                                                                                                                                                                             ","UN    ",42.79]
[10886,"EXTINTOR DE INCENDIO PORTATIL COM CARGA DE AGUA PRESSURIZADA DE 10 L, CLASSE A                                                                                                                                                                                                                                                                                                                                                                                                                            ","UN    ",236.25]
[10888,"EXTINTOR DE INCENDIO PORTATIL COM CARGA DE GAS CARBONICO CO2 DE 4 KG, CLASSE BC                                                                                                                                                                                                                                                                                                                                                                                                                           ","UN    ",747.69]
[10889,"EXTINTOR DE INCENDIO PORTATIL COM CARGA DE GAS CARBONICO CO2 DE 6 KG, CLASSE BC                                                                                                                                                                                                                                                                                                                                                                                                                           ","UN    ",810]
[10890,"EXTINTOR DE INCENDIO PORTATIL COM CARGA DE PO QUIMICO SECO (PQS) DE 12 KG, CLASSE BC                                                                                                                                                                                                                                                                                                                                                                                                                      ","UN    ",373.84]
[10891,"EXTINTOR DE INCENDIO PORTATIL COM CARGA DE PO QUIMICO SECO (PQS) DE 4 KG, CLASSE BC                                                                                                                                                                                                                                                                                                                                                                                                                       ","UN    ",228.46]
[10892,"EXTINTOR DE INCENDIO PORTATIL COM CARGA DE PO QUIMICO SECO (PQS) DE 6 KG, CLASSE BC                                                                                                                                                                                                                                                                                                                                                                                                                       ","UN    ",270]
[20977,"EXTINTOR DE INCENDIO PORTATIL COM CARGA DE PO QUIMICO SECO (PQS) DE 8 KG, CLASSE BC                                                                                                                                                                                                                                                                                                                                                                                                                       ","UN    ",321.92]
[3073,"EXTREMIDADE PVC PBA, BF, JE, DN 100/ DE 110 MM (NBR 10351)                                                                                                                                                                                                                                                                                                                                                                                                                                                ","UN    ",163.63]
[3074,"EXTREMIDADE PVC PBA, BF, JE, DN 75/ DE 85 MM (NBR 10351)                                                                                                                                                                                                                                                                                                                                                                                                                                                  ","UN    ",103.3]
[3076,"EXTREMIDADE PVC PBA, PF, JE, DN 100 / DE 110 MM (NBR 10351)                                                                                                                                                                                                                                                                                                                                                                                                                                               ","UN    ",134.52]
[3075,"EXTREMIDADE PVC PBA, PF, JE, DN 75 / DE 85 MM (NBR 10351)                                                                                                                                                                                                                                                                                                                                                                                                                                                 ","UN    ",85.01]
[10781,"EXTREMIDADE/TUBETE PARA HIDROMETRO PVC, COM ROSCA, CURTA, COM BUCHA LATAO, 3/4\"                                                                                                                                                                                                                                                                                                                                                                                                                           ","UN    ",11.53]
[43612,"FECHADRUA BICO DE PAPAGAIO PARA PORTA DE CORRER EXTERNA, EM ACO INOX COM ACABAMENTO CROMADO, MAQUINA COM 45 MM, INCLUINDO CHAVE TIPO CILINDRO                                                                                                                                                                                                                                                                                                                                                             ","CJ    ",106.99]
[43613,"FECHADRUA BICO DE PAPAGAIO PARA PORTA DE CORRER INTERNA, EM ACO INOX COM ACABAMENTO CROMADO, MAQUINA COM 45 MM, INCLUINDO CHAVE TIPO BIPARTIDA                                                                                                                                                                                                                                                                                                                                                            ","CJ    ",88.57]
[11480,"FECHADURA AUXILIAR DE SEGURANCA PARA PORTA EXTERNA, EM ACO INOX, BROCA DE 45 A 55 MM, LINGUETA COM 3 AVANCOS, INCLUINDO 2 CHAVES TIPO CILINDRO                                                                                                                                                                                                                                                                                                                                                            ","CJ    ",135.93]
[11469,"FECHADURA DE EMBUTIR PARA GAVETA E MOVEIS DE MADEIRA, EM ACO INOX COM ACABAMENTO CROMADO, COM ABAS LATERAIS, CILINDRO COM 22 MM DE DIAMETRO, INCLUINDO CHAVE COM PERFIL METALICO E CAPA ESCAMOTEAVEL                                                                                                                                                                                                                                                                                                      ","UN    ",14.51]
[11468,"FECHADURA DE SOBREPOR PARA GAVETAS E ARMARIOS, EM ACO INOX COM ACABAMENTO CROMADO, COM CILINDRO DE APROX 20 MM                                                                                                                                                                                                                                                                                                                                                                                            ","UN    ",14.52]
[11484,"FECHADURA DE SOBREPOR PARA PORTAO, EM ACO INOX COM ACABAMENTO CROMADO, CAIXA DE 100 MM, INCLUINDO CHAVE TIPO CILINDRO                                                                                                                                                                                                                                                                                                                                                                                     ","UN    ",63.77]
[38155,"FECHADURA DE SOBREPOR PARA PORTAO, EM ACO INOX COM ACABAMENTO CROMADO, CAIXA DE 100 MM, INCLUINDO CHAVE TIPO TETRA                                                                                                                                                                                                                                                                                                                                                                                        ","UN    ",99]
[11467,"FECHADURA DE SOBREPOR TIPO CAIXAO, EM FERRO COM ACABAMENTO RESINADO, SEM MACANETA, SEM CILINDRO, INCLUINDO CHAVE TIPO SIMPLES                                                                                                                                                                                                                                                                                                                                                                             ","UN    ",22.62]
[38153,"FECHADURA ESPELHO PARA PORTA DE BANHEIRO, EM ACO INOX (MAQUINA, TESTA E CONTRA-TESTA) E EM ZAMAC (MACANETA, LINGUETA E TRINCOS) COM ACABAMENTO CROMADO, MAQUINA DE 40 MM, INCLUINDO CHAVE TIPO TRANQUETA                                                                                                                                                                                                                                                                                                  ","CJ    ",57.79]
[43607,"FECHADURA ESPELHO PARA PORTA DE BANHEIRO, EM ACO INOX (MAQUINA, TESTA E CONTRA-TESTA) E EM ZAMAC (MACANETA, LINGUETA E TRINCOS) COM ACABAMENTO CROMADO, MAQUINA DE 55 MM, INCLUINDO CHAVE TIPO TRANQUETA  (CONJUNTO DE FECHADURAS)                                                                                                                                                                                                                                                                        ","CJ    ",109.3]
[3080,"FECHADURA ESPELHO PARA PORTA EXTERNA, EM ACO INOX (MAQUINA, TESTA E CONTRA-TESTA) E EM ZAMAC (MACANETA, LINGUETA E TRINCOS) COM ACABAMENTO CROMADO, MAQUINA DE 40 MM, INCLUINDO CHAVE TIPO CILINDRO                                                                                                                                                                                                                                                                                                       ","CJ    ",73.49]
[3081,"FECHADURA ESPELHO PARA PORTA EXTERNA, EM ACO INOX (MAQUINA, TESTA E CONTRA-TESTA) E EM ZAMAC (MACANETA, LINGUETA E TRINCOS) COM ACABAMENTO CROMADO, MAQUINA DE 55 MM, INCLUINDO CHAVE TIPO CILINDRO                                                                                                                                                                                                                                                                                                       ","CJ    ",145.4]
[3090,"FECHADURA ESPELHO PARA PORTA INTERNA, EM ACO INOX (MAQUINA, TESTA E CONTRA-TESTA) E EM ZAMAC (MACANETA, LINGUETA E TRINCOS) COM ACABAMENTO CROMADO, MAQUINA DE 40 MM, INCLUINDO CHAVE TIPO INTERNA                                                                                                                                                                                                                                                                                                        ","CJ    ",65.59]
[43611,"FECHADURA ESPELHO PARA PORTA INTERNA, EM ACO INOX (MAQUINA, TESTA E CONTRA-TESTA) E EM ZAMAC (MACANETA, LINGUETA E TRINCOS) COM ACABAMENTO CROMADO, MAQUINA DE 55 MM, INCLUINDO CHAVE TIPO INTERNA                                                                                                                                                                                                                                                                                                        ","CJ    ",108.84]
[3103,"FECHADURA PARA PORTA PIVOTANTE DE VIDRO TEMPERADO, EM ACO INOX COM ACABAMENTO CROMADO, RECORTE PADRAO SANTA MARINA, COM CILINDRO EM LATAO, INCLUINDO CHAVE TIPO CILINDRO                                                                                                                                                                                                                                                                                                                                  ","UN    ",54.38]
[3097,"FECHADURA ROSETA REDONDA PARA PORTA DE BANHEIRO, EM ACO INOX (MAQUINA, TESTA E CONTRA-TESTA) E EM ZAMAC (MACANETA, LINGUETA E TRINCOS) COM ACABAMENTO CROMADO, MAQUINA DE 40 MM, INCLUINDO CHAVE TIPO TRANQUETA                                                                                                                                                                                                                                                                                           ","CJ    ",82.28]
[3099,"FECHADURA ROSETA REDONDA PARA PORTA DE BANHEIRO, EM ACO INOX (MAQUINA, TESTA E CONTRA-TESTA) E EM ZAMAC (MACANETA, LINGUETA E TRINCOS) COM ACABAMENTO CROMADO, MAQUINA DE 55 MM, INCLUINDO CHAVE TIPO TRANQUETA                                                                                                                                                                                                                                                                                           ","CJ    ",131.75]
[38151,"FECHADURA ROSETA REDONDA PARA PORTA EXTERNA, EM ACO INOX (MAQUINA, TESTA E CONTRA-TESTA) E EM ZAMAC (MACANETA, LINGUETA E TRINCOS) COM ACABAMENTO CROMADO, MAQUINA DE 40 MM, INCLUINDO CHAVE TIPO CILINDRO                                                                                                                                                                                                                                                                                                ","CJ    ",95.51]
[38152,"FECHADURA ROSETA REDONDA PARA PORTA EXTERNA, EM ACO INOX (MAQUINA, TESTA E CONTRA-TESTA) E EM ZAMAC (MACANETA, LINGUETA E TRINCOS) COM ACABAMENTO CROMADO, MAQUINA DE 55 MM, INCLUINDO CHAVE TIPO CILINDRO                                                                                                                                                                                                                                                                                                ","CJ    ",154.08]
[43610,"FECHADURA ROSETA REDONDA PARA PORTA INTERNA, EM ACO INOX (MAQUINA, TESTA E CONTRA-TESTA) E EM ZAMAC (MACANETA, LINGUETA E TRINCOS) COM ACABAMENTO CROMADO, MAQUINA DE 40 MM, INCLUINDO CHAVE TIPO INTERNA (CONJUNTO DE FECHADURAS)                                                                                                                                                                                                                                                                        ","CJ    ",81.64]
[3093,"FECHADURA ROSETA REDONDA PARA PORTA INTERNA, EM ACO INOX (MAQUINA, TESTA E CONTRA-TESTA) E EM ZAMAC (MACANETA, LINGUETA E TRINCOS) COM ACABAMENTO CROMADO, MAQUINA DE 55 MM, INCLUINDO CHAVE TIPO INTERNA                                                                                                                                                                                                                                                                                                 ","CJ    ",131.75]
[38165,"FECHO / FECHADURA COM PUXADOR CONCHA, COM TRANCA TIPO TRAVA, PARA JANELA / PORTA DE CORRER (INCLUI TESTA, FECHADURA, PUXADOR) - COMPLETA                                                                                                                                                                                                                                                                                                                                                                  ","CJ    ",79.04]
[38177,"FECHO / TRINCO TIPO AVIAO, EM ZAMAC CROMADO, *60* MM, PARA JANELAS - INCLUI PARAFUSOS                                                                                                                                                                                                                                                                                                                                                                                                                     ","UN    ",23.48]
[11458,"FECHO DE SEGURANCA, TIPO BATOM, EM LATAO / ZAMAC, CROMADO, PARA PORTAS E JANELAS - INCLUI PARAFUSOS                                                                                                                                                                                                                                                                                                                                                                                                       ","UN    ",28.04]
[3108,"FECHO QUEBRA UNHA, EM LATAO COM ACABAMENTO CROMADO, DE EMBUTIR, COM COMANDO ALAVANCA, ALTURA DE DE 22 CM, LARGURA MINIMA DE 1,90 CM E ESPESSURA MINIMA DE 1,90 MM, PARA PORTAS E JANELAS (INCLUI PARAFUSOS)                                                                                                                                                                                                                                                                                               ","UN    ",119.2]
[3105,"FECHO QUEBRA UNHA, EM LATAO COM ACABAMENTO CROMADO, DE EMBUTIR, COM COMANDO ALAVANCA, ALTURA DE DE 40 CM, LARGURA MINIMA DE 1,90 CM E ESPESSURA MINIMA DE 1,90 MM, PARA PORTAS E JANELAS (INCLUI PARAFUSOS)                                                                                                                                                                                                                                                                                               ","UN    ",155.9]
[38178,"FECHO QUEBRA UNHA, EM LATAO COM ACABAMENTO CROMADO, DE EMBUTIR, COM COMANDO DESLIZANTE, ALTURA DE 12 CM, LARGURA MINIMA DE 1,90 CM E ESPESSURA MINIMA DE 1,90 MM                                                                                                                                                                                                                                                                                                                                          ","UN    ",25.84]
[43575,"FECHO QUEBRA UNHA, EM LATAO COM ACABAMENTO CROMADO, DE EMBUTIR, COM COMANDO DESLIZANTE, ALTURA DE 22 CM, LARGURA MINIMA DE 1,90 CM E ESPESSURA MINIMA DE 1,90 MM                                                                                                                                                                                                                                                                                                                                          ","UN    ",55.99]
[43577,"FECHO QUEBRA UNHA, EM LATAO COM ACABAMENTO CROMADO, DE EMBUTIR, COM COMANDO DESLIZANTE, ALTURA DE 40 CM, LARGURA MINIMA DE 1,90 CM E ESPESSURA MINIMA DE 1,90 MM                                                                                                                                                                                                                                                                                                                                          ","UN    ",97.35]
[43458,"FERRAMENTAS - FAMILIA ALMOXARIFE - HORISTA (ENCARGOS COMPLEMENTARES - COLETADO CAIXA)                                                                                                                                                                                                                                                                                                                                                                                                                     ","H     ",0.06]
[43470,"FERRAMENTAS - FAMILIA ALMOXARIFE - MENSALISTA (ENCARGOS COMPLEMENTARES - COLETADO CAIXA)                                                                                                                                                                                                                                                                                                                                                                                                                  ","MES   ",10.89]
[43459,"FERRAMENTAS - FAMILIA CARPINTEIRO DE FORMAS - HORISTA (ENCARGOS COMPLEMENTARES - COLETADO CAIXA)                                                                                                                                                                                                                                                                                                                                                                                                          ","H     ",0.49]
[43471,"FERRAMENTAS - FAMILIA CARPINTEIRO DE FORMAS - MENSALISTA (ENCARGOS COMPLEMENTARES - COLETADO CAIXA)                                                                                                                                                                                                                                                                                                                                                                                                       ","MES   ",92.26]
[43460,"FERRAMENTAS - FAMILIA ELETRICISTA - HORISTA (ENCARGOS COMPLEMENTARES - COLETADO CAIXA)                                                                                                                                                                                                                                                                                                                                                                                                                    ","H     ",0.85]
[43472,"FERRAMENTAS - FAMILIA ELETRICISTA - MENSALISTA (ENCARGOS COMPLEMENTARES - COLETADO CAIXA)                                                                                                                                                                                                                                                                                                                                                                                                                 ","MES   ",159.73]
[43461,"FERRAMENTAS - FAMILIA ENCANADOR - HORISTA (ENCARGOS COMPLEMENTARES - COLETADO CAIXA)                                                                                                                                                                                                                                                                                                                                                                                                                      ","H     ",0.31]
[43473,"FERRAMENTAS - FAMILIA ENCANADOR - MENSALISTA (ENCARGOS COMPLEMENTARES - COLETADO CAIXA)                                                                                                                                                                                                                                                                                                                                                                                                                   ","MES   ",59.28]
[43463,"FERRAMENTAS - FAMILIA ENCARREGADO GERAL - HORISTA (ENCARGOS COMPLEMENTARES - COLETADO CAIXA)                                                                                                                                                                                                                                                                                                                                                                                                              ","H     ",0.1]
[43475,"FERRAMENTAS - FAMILIA ENCARREGADO GERAL - MENSALISTA (ENCARGOS COMPLEMENTARES - COLETADO CAIXA)                                                                                                                                                                                                                                                                                                                                                                                                           ","MES   ",18.73]
[43462,"FERRAMENTAS - FAMILIA ENGENHEIRO CIVIL - HORISTA (ENCARGOS COMPLEMENTARES - COLETADO CAIXA)                                                                                                                                                                                                                                                                                                                                                                                                               ","H     ",0.01]
[43474,"FERRAMENTAS - FAMILIA ENGENHEIRO CIVIL - MENSALISTA (ENCARGOS COMPLEMENTARES - COLETADO CAIXA)                                                                                                                                                                                                                                                                                                                                                                                                            ","MES   ",2.29]
[43464,"FERRAMENTAS - FAMILIA OPERADOR ESCAVADEIRA - HORISTA (ENCARGOS COMPLEMENTARES - COLETADO CAIXA)                                                                                                                                                                                                                                                                                                                                                                                                           ","H     ",0.01]
[43476,"FERRAMENTAS - FAMILIA OPERADOR ESCAVADEIRA - MENSALISTA (ENCARGOS COMPLEMENTARES - COLETADO CAIXA)                                                                                                                                                                                                                                                                                                                                                                                                        ","MES   ",0.01]
[43465,"FERRAMENTAS - FAMILIA PEDREIRO - HORISTA (ENCARGOS COMPLEMENTARES - COLETADO CAIXA)                                                                                                                                                                                                                                                                                                                                                                                                                       ","H     ",0.82]
[43477,"FERRAMENTAS - FAMILIA PEDREIRO - MENSALISTA (ENCARGOS COMPLEMENTARES - COLETADO CAIXA)                                                                                                                                                                                                                                                                                                                                                                                                                    ","MES   ",155.21]
[43466,"FERRAMENTAS - FAMILIA PINTOR - HORISTA (ENCARGOS COMPLEMENTARES - COLETADO CAIXA)                                                                                                                                                                                                                                                                                                                                                                                                                         ","H     ",1.97]
[43478,"FERRAMENTAS - FAMILIA PINTOR - MENSALISTA (ENCARGOS COMPLEMENTARES - COLETADO CAIXA)                                                                                                                                                                                                                                                                                                                                                                                                                      ","MES   ",371.21]
[43467,"FERRAMENTAS - FAMILIA SERVENTE - HORISTA (ENCARGOS COMPLEMENTARES - COLETADO CAIXA)                                                                                                                                                                                                                                                                                                                                                                                                                       ","H     ",0.61]
[43479,"FERRAMENTAS - FAMILIA SERVENTE - MENSALISTA (ENCARGOS COMPLEMENTARES - COLETADO CAIXA)                                                                                                                                                                                                                                                                                                                                                                                                                    ","MES   ",114.72]
[43468,"FERRAMENTAS - FAMILIA SOLDADOR - HORISTA (ENCARGOS COMPLEMENTARES - COLETADO CAIXA)                                                                                                                                                                                                                                                                                                                                                                                                                       ","H     ",1.23]
[43480,"FERRAMENTAS - FAMILIA SOLDADOR - MENSALISTA (ENCARGOS COMPLEMENTARES - COLETADO CAIXA)                                                                                                                                                                                                                                                                                                                                                                                                                    ","MES   ",232.31]
[43469,"FERRAMENTAS - FAMILIA TOPOGRAFO - HORISTA (ENCARGOS COMPLEMENTARES - COLETADO CAIXA)                                                                                                                                                                                                                                                                                                                                                                                                                      ","H     ",0.07]
[43481,"FERRAMENTAS - FAMILIA TOPOGRAFO - MENSALISTA (ENCARGOS COMPLEMENTARES - COLETADO CAIXA)                                                                                                                                                                                                                                                                                                                                                                                                                   ","MES   ",12.77]
[3119,"FERROLHO COM FECHO / TRINCO REDONDO, EM ACO GALVANIZADO / ZINCADO, DE SOBREPOR, COM COMPRIMENTO DE 2\" E ESPESSURA MINIMA DA CHAPA DE 0,90 MM, PARA PORTAS E JANELAS                                                                                                                                                                                                                                                                                                                                       ","UN    ",3.03]
[3122,"FERROLHO COM FECHO / TRINCO REDONDO, EM ACO GALVANIZADO / ZINCADO, DE SOBREPOR, COM COMPRIMENTO DE 3\" A 4\" E ESPESSURA MINIMA DA CHAPA DE 0,90 MM                                                                                                                                                                                                                                                                                                                                                         ","UN    ",6.17]
[3121,"FERROLHO COM FECHO / TRINCO REDONDO, EM ACO GALVANIZADO / ZINCADO, DE SOBREPOR, COM COMPRIMENTO DE 5\" E ESPESSURA MINIMA DA CHAPA DE 0,90 MM                                                                                                                                                                                                                                                                                                                                                              ","UN    ",7]
[3120,"FERROLHO COM FECHO / TRINCO REDONDO, EM ACO GALVANIZADO / ZINCADO, DE SOBREPOR, COM COMPRIMENTO DE 6\" E ESPESSURA MINIMA DA CHAPA DE 1,50 MM                                                                                                                                                                                                                                                                                                                                                              ","UN    ",13.27]
[11455,"FERROLHO COM FECHO / TRINCO REDONDO, EM ACO GALVANIZADO / ZINCADO, DE SOBREPOR, COM COMPRIMENTO DE 8\" E ESPESSURA MINIMA DA CHAPA DE 1,50 MM                                                                                                                                                                                                                                                                                                                                                              ","UN    ",19.19]
[11456,"FERROLHO COM FECHO /TRINCO REDONDO, EM ACO GALVANIZADO / ZINCADO, DE SOBREPOR, COM COMPRIMENTO DE 10\" A 12\" E ESPESSURA MINIMA DA CHAPA DE 1,50 MM                                                                                                                                                                                                                                                                                                                                                        ","UN    ",22.94]
[3107,"FERROLHO COM FECHO CHATO E PORTA CADEADO , EM ACO GALVANIZADO / ZINCADO, DE SOBREPOR, COM COMPRIMENTO DE 3\" A 4\", CHAPA COM ESPESSURA MINIMA DE 0,90 MM E LARGURA MINIMA DE 3,20 CM (FECHO SIMPLES / LEVE) (INCLUI PARAFUSOS)                                                                                                                                                                                                                                                                             ","UN    ",9.68]
[43583,"FERROLHO COM FECHO CHATO E PORTA CADEADO , EM ACO GALVANIZADO / ZINCADO, DE SOBREPOR, COM COMPRIMENTO DE 3\" A 4\", CHAPA COM ESPESSURA MINIMA DE 1,70 MM E LARGURA MINIMA DE 5,00 CM (FECHO REFORCADO)                                                                                                                                                                                                                                                                                                     ","UN    ",10.92]
[43586,"FERROLHO COM FECHO CHATO E PORTA CADEADO , EM ACO GALVANIZADO / ZINCADO, DE SOBREPOR, COM COMPRIMENTO DE 5\", CHAPA COM ESPESSURA MINIMA DE 0,90 MM E LARGURA MINIMA DE 3,20 CM (FECHO SIMPLES)                                                                                                                                                                                                                                                                                                            ","UN    ",11.19]
[11461,"FERROLHO COM FECHO CHATO E PORTA CADEADO , EM ACO GALVANIZADO / ZINCADO, DE SOBREPOR, COM COMPRIMENTO DE 5\", CHAPA COM ESPESSURA MINIMA DE 1,70 MM E LARGURA MINIMA DE 5,00 CM (FECHO REFORCADO)                                                                                                                                                                                                                                                                                                          ","UN    ",12.19]
[43587,"FERROLHO COM FECHO CHATO E PORTA CADEADO , EM ACO GALVANIZADO / ZINCADO, DE SOBREPOR, COM COMPRIMENTO DE 6\", CHAPA COM ESPESSURA MINIMA DE 0,90 MM E LARGURA MINIMA DE 3,80 CM (FECHO SIMPLES)                                                                                                                                                                                                                                                                                                            ","UN    ",14.06]
[3106,"FERROLHO COM FECHO CHATO E PORTA CADEADO , EM ACO GALVANIZADO / ZINCADO, DE SOBREPOR, COM COMPRIMENTO DE 6\", CHAPA COM ESPESSURA MINIMA DE 1,70 MM E LARGURA /MINIMA DE 5,00 CM (FECHO REFORCADO) (INCLUI PARAFUSOS)                                                                                                                                                                                                                                                                                      ","UN    ",17.84]
[44539,"FERTILIZANTE NPK -  10:10:10                                                                                                                                                                                                                                                                                                                                                                                                                                                                              ","KG    ",3.22]
[3123,"FERTILIZANTE NPK - 4: 14: 8                                                                                                                                                                                                                                                                                                                                                                                                                                                                               ","KG    ",3]
[38125,"FERTILIZANTE ORGANICO COMPOSTO, CLASSE A                                                                                                                                                                                                                                                                                                                                                                                                                                                                  ","KG    ",1.14]
[39014,"FIBRA DE ACO PARA REFORCO DO CONCRETO, SOLTA, TIPO A-I, FATOR DE FORMA *50* L / D, COMPRIMENTO DE *30* MM E RESISTENCIA A TRACAO DO ACO MAIOR 1000 MPA                                                                                                                                                                                                                                                                                                                                                    ","KG    ",9.36]
[39365,"FILTRO ANAEROBIO, EM POLIETILENO DE ALTA DENSIDADE (PEAD), CAPACIDADE *1100* LITROS (NBR 13969)                                                                                                                                                                                                                                                                                                                                                                                                           ","UN    ",{"v":1725.8,"d":"1,725.80"}]
[39366,"FILTRO ANAEROBIO, EM POLIETILENO DE ALTA DENSIDADE (PEAD), CAPACIDADE *2800* LITROS (NBR 13969)                                                                                                                                                                                                                                                                                                                                                                                                           ","UN    ",{"v":2618.33,"d":"2,618.33"}]
[39367,"FILTRO ANAEROBIO, EM POLIETILENO DE ALTA DENSIDADE (PEAD), CAPACIDADE *5000* LITROS (NBR 13969)                                                                                                                                                                                                                                                                                                                                                                                                           ","UN    ",{"v":4486.33,"d":"4,486.33"}]
[37394,"FINCAPINO CURTO CALIBRE 22, CARGA MEDIA POTENCIA 5 (PARA FERRAMENTA DE ACAO DIRETA) COR VERMELHA                                                                                                                                                                                                                                                                                                                                                                                                          ","CENTO ",42.47]
[14146,"FINCAPINO LONGO CALIBRE 22, CARGA FORTE POTENCIA 7 (PARA FERRAMENTA DE ACAO DIRETA), COR AMARELA                                                                                                                                                                                                                                                                                                                                                                                                          ","CENTO ",68.3]
[938,"FIO DE COBRE, SOLIDO, CLASSE 1, ISOLACAO EM PVC/A, ANTICHAMA BWF-B, 450/750V, SECAO NOMINAL 1,5 MM2                                                                                                                                                                                                                                                                                                                                                                                                       ","M     ",1.43]
[937,"FIO DE COBRE, SOLIDO, CLASSE 1, ISOLACAO EM PVC/A, ANTICHAMA BWF-B, 450/750V, SECAO NOMINAL 10 MM2                                                                                                                                                                                                                                                                                                                                                                                                        ","M     ",8.37]
[939,"FIO DE COBRE, SOLIDO, CLASSE 1, ISOLACAO EM PVC/A, ANTICHAMA BWF-B, 450/750V, SECAO NOMINAL 2,5 MM2                                                                                                                                                                                                                                                                                                                                                                                                       ","M     ",2.32]
[944,"FIO DE COBRE, SOLIDO, CLASSE 1, ISOLACAO EM PVC/A, ANTICHAMA BWF-B, 450/750V, SECAO NOMINAL 4 MM2                                                                                                                                                                                                                                                                                                                                                                                                         ","M     ",3.67]
[940,"FIO DE COBRE, SOLIDO, CLASSE 1, ISOLACAO EM PVC/A, ANTICHAMA BWF-B, 450/750V, SECAO NOMINAL 6 MM2                                                                                                                                                                                                                                                                                                                                                                                                         ","M     ",5.3]
[44397,"FITA / CINTA AUTOADESIVA ELASTOMERICA PARA VEDACAO, L= 50 MM, E = 3 MM                                                                                                                                                                                                                                                                                                                                                                                                                                    ","M     ",2]
[406,"FITA ACO INOX PARA CINTAR POSTE, L = 19 MM, E = 0,5 MM (ROLO DE 30M)                                                                                                                                                                                                                                                                                                                                                                                                                                      ","UN    ",86.14]
[42529,"FITA ADESIVA ALUMINIZADA, PARA INSTALACAO DE MANTAS DE SUBCOBERTURA,  L = *5* CM                                                                                                                                                                                                                                                                                                                                                                                                                          ","M     ",1.35]
[39634,"FITA ADESIVA ANTICORROSIVA DE PVC FLEXIVEL, COR PRETA, PARA PROTECAO TUBULACAO, 50 MM X 30 M (L X C), E= *0,25* MM                                                                                                                                                                                                                                                                                                                                                                                        ","M     ",7.64]
[39701,"FITA ADESIVA ASFALTICA ALUMINIZADA MULTIUSO, L = 10 CM, ROLO DE 10 M                                                                                                                                                                                                                                                                                                                                                                                                                                      ","UN    ",111.39]
[12815,"FITA CREPE ROLO DE 25 MM X 50 M                                                                                                                                                                                                                                                                                                                                                                                                                                                                           ","UN    ",10.66]
[39431,"FITA DE PAPEL MICROPERFURADO, 50 X 150 MM, PARA TRATAMENTO DE JUNTAS DE CHAPA DE GESSO PARA DRYWALL                                                                                                                                                                                                                                                                                                                                                                                                       ","M     ",0.38]
[39432,"FITA DE PAPEL REFORCADA COM LAMINA DE METAL PARA REFORCO DE CANTOS DE CHAPA DE GESSO PARA DRYWALL                                                                                                                                                                                                                                                                                                                                                                                                         ","M     ",3.39]
[20111,"FITA ISOLANTE ADESIVA ANTICHAMA, USO ATE 750 V, EM ROLO DE 19 MM X 20 M                                                                                                                                                                                                                                                                                                                                                                                                                                   ","UN    ",13]
[21127,"FITA ISOLANTE ADESIVA ANTICHAMA, USO ATE 750 V, EM ROLO DE 19 MM X 5 M                                                                                                                                                                                                                                                                                                                                                                                                                                    ","UN    ",4.91]
[404,"FITA ISOLANTE DE BORRACHA AUTOFUSAO, USO ATE 69 KV (ALTA TENSAO)                                                                                                                                                                                                                                                                                                                                                                                                                                          ","M     ",1.77]
[14151,"FITA METALICA GRAVADA, L = 17 MM, ROLO DE 25 M, CARGA RECOMENDADA = *120* KGF                                                                                                                                                                                                                                                                                                                                                                                                                             ","UN    ",49.09]
[14153,"FITA METALICA PERFURADA, L = *18* MM, ROLO DE 30 M, CARGA RECOMENDADA = *30* KGF                                                                                                                                                                                                                                                                                                                                                                                                                          ","UN    ",55.49]
[14152,"FITA METALICA PERFURADA, L = 17 MM, ROLO DE 30 M, CARGA RECOMENDADA = *19* KGF                                                                                                                                                                                                                                                                                                                                                                                                                            ","UN    ",42.6]
[14154,"FITA METALICA PERFURADA, L = 25 MM, ROLO DE 30 M, CARGA RECOMENDADA = *222,5* KGF                                                                                                                                                                                                                                                                                                                                                                                                                         ","UN    ",149.1]
[3146,"FITA VEDA ROSCA EM ROLOS DE 18 MM X 10 M (L X C)                                                                                                                                                                                                                                                                                                                                                                                                                                                          ","UN    ",3.92]
[3143,"FITA VEDA ROSCA EM ROLOS DE 18 MM X 25 M (L X C)                                                                                                                                                                                                                                                                                                                                                                                                                                                          ","UN    ",8.91]
[3148,"FITA VEDA ROSCA EM ROLOS DE 18 MM X 50 M (L X C)                                                                                                                                                                                                                                                                                                                                                                                                                                                          ","UN    ",14.45]
[4310,"FIXADOR DE ABA AUTOTRAVANTE PARA TELHA DE FIBROCIMENTO, TIPO CANALETE 90 OU KALHETAO                                                                                                                                                                                                                                                                                                                                                                                                                      ","UN    ",3.04]
[4311,"FIXADOR DE ABA SIMPLES PARA TELHA DE FIBROCIMENTO, TIPO CANALETA 49 OU KALHETA                                                                                                                                                                                                                                                                                                                                                                                                                            ","UN    ",2.14]
[4312,"FIXADOR DE ABA SIMPLES PARA TELHA DE FIBROCIMENTO, TIPO CANALETA 90 OU KALHETAO                                                                                                                                                                                                                                                                                                                                                                                                                           ","UN    ",2.99]
[13261,"FLANELA *30 X 40* CM                                                                                                                                                                                                                                                                                                                                                                                                                                                                                      ","UN    ",4.71]
[3272,"FLANGE SEXTAVADO DE FERRO GALVANIZADO, COM ROSCA BSP, DE 1 1/2\"                                                                                                                                                                                                                                                                                                                                                                                                                                           ","UN    ",42.91]
[3265,"FLANGE SEXTAVADO DE FERRO GALVANIZADO, COM ROSCA BSP, DE 1 1/4\"                                                                                                                                                                                                                                                                                                                                                                                                                                           ","UN    ",34.09]
[3262,"FLANGE SEXTAVADO DE FERRO GALVANIZADO, COM ROSCA BSP, DE 1/2\"                                                                                                                                                                                                                                                                                                                                                                                                                                             ","UN    ",14.92]
[3264,"FLANGE SEXTAVADO DE FERRO GALVANIZADO, COM ROSCA BSP, DE 1\"                                                                                                                                                                                                                                                                                                                                                                                                                                               ","UN    ",24.51]
[3267,"FLANGE SEXTAVADO DE FERRO GALVANIZADO, COM ROSCA BSP, DE 2 1/2\"                                                                                                                                                                                                                                                                                                                                                                                                                                           ","UN    ",80.06]
[3266,"FLANGE SEXTAVADO DE FERRO GALVANIZADO, COM ROSCA BSP, DE 2\"                                                                                                                                                                                                                                                                                                                                                                                                                                               ","UN    ",50.94]
[3263,"FLANGE SEXTAVADO DE FERRO GALVANIZADO, COM ROSCA BSP, DE 3/4\"                                                                                                                                                                                                                                                                                                                                                                                                                                             ","UN    ",20.38]
[3268,"FLANGE SEXTAVADO DE FERRO GALVANIZADO, COM ROSCA BSP, DE 3\"                                                                                                                                                                                                                                                                                                                                                                                                                                               ","UN    ",108.24]
[3271,"FLANGE SEXTAVADO DE FERRO GALVANIZADO, COM ROSCA BSP, DE 4\"                                                                                                                                                                                                                                                                                                                                                                                                                                               ","UN    ",160.03]
[3270,"FLANGE SEXTAVADO DE FERRO GALVANIZADO, COM ROSCA BSP, DE 6\"                                                                                                                                                                                                                                                                                                                                                                                                                                               ","UN    ",268.86]
[3275,"FORRO COMPOSTO POR PAINEIS DE LA DE VIDRO, REVESTIDOS EM PVC MICROPERFURADO, DE *1250 X 625* MM, ESPESSURA 15 MM (COM COLOCACAO)                                                                                                                                                                                                                                                                                                                                                                          ","M2    ",131.93]
[39512,"FORRO DE FIBRA MINERAL EM PLACAS DE 1250 X 625 MM, E = 15 MM, BORDA RETA, COM PINTURA ANTIMOFO, APOIADO EM PERFIL DE ACO GALVANIZADO COM 24 MM DE BASE - INSTALADO                                                                                                                                                                                                                                                                                                                                        ","M2    ",112.98]
[39511,"FORRO DE FIBRA MINERAL EM PLACAS DE 625 X 625 MM, E = 15 MM, BORDA RETA, COM PINTURA ANTIMOFO, APOIADO EM PERFIL DE ACO GALVANIZADO COM 24 MM DE BASE - INSTALADO                                                                                                                                                                                                                                                                                                                                         ","M2    ",123.23]
[39513,"FORRO DE FIBRA MINERAL EM PLACAS DE 625 X 625 MM, E = 15/16 MM, BORDA REBAIXADA, COM PINTURA ANTIMOFO, APOIADO EM PERFIL DE ACO GALVANIZADO COM 24 MM DE BASE - INSTALADO                                                                                                                                                                                                                                                                                                                                 ","M2    ",132.17]
[3286,"FORRO DE MADEIRA CEDRINHO OU EQUIVALENTE DA REGIAO, ENCAIXE MACHO/FEMEA COM FRISO, *10 X 1* CM (SEM COLOCACAO)                                                                                                                                                                                                                                                                                                                                                                                            ","M2    ",79.41]
[3287,"FORRO DE MADEIRA CUMARU/IPE CHAMPANHE OU EQUIVALENTE DA REGIAO, ENCAIXE MACHO/FEMEA COM FRISO, *10 X 1* CM (SEM COLOCACAO)                                                                                                                                                                                                                                                                                                                                                                                ","M2    ",120]
[3283,"FORRO DE MADEIRA PINUS OU EQUIVALENTE DA REGIAO, ENCAIXE MACHO/FEMEA COM FRISO, *10 X 1* CM (SEM COLOCACAO)                                                                                                                                                                                                                                                                                                                                                                                               ","M2    ",25.2]
[11587,"FORRO DE PVC LISO, BRANCO, REGUA DE 10 CM, ESPESSURA DE 8 MM A 10 MM (COM COLOCACAO / SEM ESTRUTURA METALICA)                                                                                                                                                                                                                                                                                                                                                                                             ","M2    ",90.47]
[36225,"FORRO DE PVC LISO, BRANCO, REGUA DE 20 CM, ESPESSURA DE 8 MM A 10 MM, COMPRIMENTO 6 M (SEM COLOCACAO)                                                                                                                                                                                                                                                                                                                                                                                                     ","M2    ",36.75]
[36230,"FORRO DE PVC, FRISADO, BRANCO, REGUA DE 10 CM, ESPESSURA DE 8 MM A 10 MM E COMPRIMENTO 6 M (SEM COLOCACAO)                                                                                                                                                                                                                                                                                                                                                                                                ","M2    ",27]
[36238,"FORRO DE PVC, FRISADO, BRANCO, REGUA DE 20 CM, ESPESSURA DE 8 MM A 10 MM E COMPRIMENTO 6 M (SEM COLOCACAO)                                                                                                                                                                                                                                                                                                                                                                                                ","M2    ",26.38]
[39363,"FOSSA SEPTICA, SEM FILTRO, EM POLIETILENO DE ALTA DENSIDADE (PEAD), PARA 15 A 30 CONTRIBUINTES, CILINDRICA, COM TAMPA, CAPACIDADE APROXIMADA DE *5500* LITROS (NBR 7229)                                                                                                                                                                                                                                                                                                                                  ","UN    ",{"v":5087.09,"d":"5,087.09"}]
[39361,"FOSSA SEPTICA, SEM FILTRO, EM POLIETILENO DE ALTA DENSIDADE (PEAD), PARA 4 A 7 CONTRIBUINTES, CILINDRICA, COM TAMPA, CAPACIDADE APROXIMADA DE *1100* LITROS (NBR 7229)                                                                                                                                                                                                                                                                                                                                    ","UN    ",{"v":1554.14,"d":"1,554.14"}]
[39362,"FOSSA SEPTICA, SEM FILTRO, EM POLIETILENO DE ALTA DENSIDADE (PEAD), PARA 8 A 14 CONTRIBUINTES, CILINDRICA, COM TAMPA, CAPACIDADE APROXIMADA DE *3000* LITROS (NBR 7229)                                                                                                                                                                                                                                                                                                                                   ","UN    ",{"v":2745.47,"d":"2,745.47"}]
[39364,"FOSSA SEPTICA,SEM FILTRO, EM POLIETILENO DE ALTA DENSIDADE (PEAD), PARA 40 A 52 CONTRIBUINTES, CILINDRICA, COM TAMPA, CAPACIDADE APROXIMADA DE *10000* LITROS (NBR 7229)                                                                                                                                                                                                                                                                                                                                  ","UN    ",{"v":10730.01,"d":"10,730.01"}]
[14576,"FRESADORA DE ASFALTO A FRIO SOBRE ESTEIRAS, LARG. FRESAGEM 2,00 M, POT. 410 KW/550 HP                                                                                                                                                                                                                                                                                                                                                                                                                     ","UN    ",{"v":5349878.32,"d":"5,349,878.32"}]
[13877,"FRESADORA DE ASFALTO A FRIO SOBRE RODAS, LARG. FRESAGEM 1,00 M, POT. 155 KW/208 HP                                                                                                                                                                                                                                                                                                                                                                                                                        ","UN    ",{"v":2290203.11,"d":"2,290,203.11"}]
[7307,"FUNDO ANTICORROSIVO PARA METAIS FERROSOS (ZARCAO)                                                                                                                                                                                                                                                                                                                                                                                                                                                         ","L     ",35.95]
[38122,"FUNDO PREPARADOR ACRILICO BASE AGUA                                                                                                                                                                                                                                                                                                                                                                                                                                                                       ","L     ",10.45]
[43653,"FUNDO SINTETICO NIVELADOR BRANCO FOSCO PARA MADEIRA                                                                                                                                                                                                                                                                                                                                                                                                                                                       ","L     ",33.74]
[38633,"FURO PARA TORNEIRA OU OUTROS ACESSORIOS  EM BANCADA DE MARMORE/ GRANITO OU OUTRO TIPO DE PEDRA NATURAL                                                                                                                                                                                                                                                                                                                                                                                                    ","UN    ",21.32]
[12344,"FUSIVEL DIAZED 20 A TAMANHO DII, CAPACIDADE DE INTERRUPCAO DE 50 KA EM VCA E 8 KA EM VCC, TENSAO NOMIMNAL DE 500 V                                                                                                                                                                                                                                                                                                                                                                                        ","UN    ",6.81]
[12343,"FUSIVEL DIAZED 35 A TAMANHO DIII, CAPACIDADE DE INTERRUPCAO DE 50 KA EM VCA E 8 KA EM VCC, TENSAO NOMIMNAL DE 500 V                                                                                                                                                                                                                                                                                                                                                                                       ","UN    ",10.56]
[3295,"FUSIVEL NH *36* A 80 AMPERES, TAMANHO 00, CAPACIDADE DE INTERRUPCAO DE 120 KA, TENSAO NOMIMNAL DE 500 V                                                                                                                                                                                                                                                                                                                                                                                                   ","UN    ",36.87]
[3302,"FUSIVEL NH 100 A TAMANHO 00, CAPACIDADE DE INTERRUPCAO DE 120 KA, TENSAO NOMIMNAL DE 500 V                                                                                                                                                                                                                                                                                                                                                                                                                ","UN    ",38.55]
[3297,"FUSIVEL NH 125 A TAMANHO 00, CAPACIDADE DE INTERRUPCAO DE 120 KA, TENSAO NOMIMNAL DE 500 V                                                                                                                                                                                                                                                                                                                                                                                                                ","UN    ",41.15]
[3294,"FUSIVEL NH 160 A TAMANHO 00, CAPACIDADE DE INTERRUPCAO DE 120 KA, TENSAO NOMIMNAL DE 500 V                                                                                                                                                                                                                                                                                                                                                                                                                ","UN    ",41.78]
[3292,"FUSIVEL NH 20 A TAMANHO 000, CAPACIDADE DE INTERRUPCAO DE 120 KA, TENSAO NOMIMNAL DE 500 V                                                                                                                                                                                                                                                                                                                                                                                                                ","UN    ",39.25]
[3298,"FUSIVEL NH 200 A 250 AMPERES, TAMANHO 1, CAPACIDADE DE INTERRUPCAO DE 120 KA, TENSAO NOMIMNAL DE 500 V                                                                                                                                                                                                                                                                                                                                                                                                    ","UN    ",91.99]
[11596,"GABIAO  TIPO CAIXA, MALHA HEXAGONAL 8 X 10 CM (ZN/AL), FIO 2,7 MM, DIMENSOES 2,0 X 1,0 X 0,5 M (C X L X A)                                                                                                                                                                                                                                                                                                                                                                                                ","UN    ",541.36]
[34802,"GABIAO MANTA (COLCHAO) MALHA HEXAGONAL 6 X 8 CM (ZN/AL REVESTIDO COM POLIMERO), DIMENSOES 4,0 X 2,0 X 0,17 M (C X L X A) FIO 2 MM                                                                                                                                                                                                                                                                                                                                                                         ","UN    ",{"v":1486.76,"d":"1,486.76"}]
[11588,"GABIAO MANTA (COLCHAO) MALHA HEXAGONAL 6 X 8 CM (ZN/AL REVESTIDO COM POLIMERO), FIO 2 MM, DIMENSOES 4,0 X 2,0 X 0,23 M (C X L X A)                                                                                                                                                                                                                                                                                                                                                                        ","UN    ",{"v":1603.97,"d":"1,603.97"}]
[34383,"GABIAO MANTA (COLCHAO) MALHA HEXAGONAL 6 X 8 CM (ZN/AL REVESTIDO COM POLIMERO), FIO 2 MM, DIMENSOES 4,0 X 2,0 X 0,3 M (C X L X A)                                                                                                                                                                                                                                                                                                                                                                         ","UN    ",{"v":1764.49,"d":"1,764.49"}]
[40451,"GABIAO MANTA (COLCHAO) MALHA HEXAGONAL 6 X 8 CM (ZN/AL REVESTIDO COM POLIMERO), FIO 2,0 MM, DIMENSOES 5,0 X 2,0 X 0,17 M (C X L X A)                                                                                                                                                                                                                                                                                                                                                                      ","M2    ",142.63]
[40453,"GABIAO MANTA (COLCHAO) MALHA HEXAGONAL 6 X 8 CM (ZN/AL REVESTIDO COM POLIMERO), FIO 2,0 MM, DIMENSOES 5,0 X 2,0 X 0,23 M (C X L X A)                                                                                                                                                                                                                                                                                                                                                                      ","M2    ",154.32]
[40452,"GABIAO MANTA (COLCHAO) MALHA HEXAGONAL 6 X 8 CM (ZN/AL REVESTIDO COM POLIMERO), FIO 2,0 MM, DIMENSOES 5,0 X 2,0 X 0,30 M (C X L X A)                                                                                                                                                                                                                                                                                                                                                                      ","M2    ",169.27]
[11594,"GABIAO SACO MALHA HEXAGONAL 8 X 10 CM (ZN/AL REVESTIDO COM POLIMERO),  FIO 2,4 MM, DIMENSOES 3,0 X 0,65 M                                                                                                                                                                                                                                                                                                                                                                                                 ","UN    ",511.23]
[3311,"GABIAO SACO MALHA HEXAGONAL 8 X 10 CM (ZN/AL REVESTIDO COM POLIMERO), FIO 2,4 MM, H = 0,65 M                                                                                                                                                                                                                                                                                                                                                                                                              ","M3    ",511.23]
[11599,"GABIAO SACO MALHA HEXAGONAL 8 X 10 CM (ZN/AL), FIO 2,7 MM, DIMENSOES 4,0 X 0,65 M                                                                                                                                                                                                                                                                                                                                                                                                                         ","UN    ",679.88]
[11593,"GABIAO TIPO CAIXA MALHA HEXAGONAL 8 X 10 CM (ZN/AL REVESTIDO COM POLIMERO),  FIO 2,4 MM, DIMENSOES 2,0 X 1,0 X 1,0 M (C X L X A)                                                                                                                                                                                                                                                                                                                                                                          ","UN    ",953.15]
[3314,"GABIAO TIPO CAIXA MALHA HEXAGONAL 8 X 10 CM (ZN/AL REVESTIDO COM POLIMERO),  FIO 2,4 MM, H = 0,50 M                                                                                                                                                                                                                                                                                                                                                                                                       ","M3    ",681.7]
[11597,"GABIAO TIPO CAIXA MALHA HEXAGONAL 8 X 10 CM (ZN/AL), FIO 2,7 MM, DIMENSOES 2,0 X 1,0 X 1,0 M (C X L X A)                                                                                                                                                                                                                                                                                                                                                                                                  ","UN    ",792.73]
[3309,"GABIAO TIPO CAIXA MALHA HEXAGONAL 8 X 10 CM (ZN/AL), FIO 2,7 MM, H = 0,50 M                                                                                                                                                                                                                                                                                                                                                                                                                               ","M3    ",541.36]
[34612,"GABIAO TIPO CAIXA PARA SOLO REFORCADO, MALHA HEXAGONAL DE DUPLA TORCAO 8 X 10 CM (ZN/AL REVESTIDO COM POLIMERO), FIO 2,7 MM, DIMENSOES 2,0 X 1,0 X 0,5 M, COM CAUDA DE 3,0 M                                                                                                                                                                                                                                                                                                                              ","UN    ",980.47]
[34635,"GABIAO TIPO CAIXA PARA SOLO REFORCADO, MALHA HEXAGONAL DE DUPLA TORCAO 8 X 10 CM (ZN/AL REVESTIDO COM POLIMERO), FIO 2,7 MM, DIMENSOES 2,0 X 1,0 X 1,0 M, COM CAUDA DE 3,0 M                                                                                                                                                                                                                                                                                                                              ","UN    ",{"v":1260.83,"d":"1,260.83"}]
[34633,"GABIAO TIPO CAIXA PARA SOLO REFORCADO, MALHA HEXAGONAL DE DUPLA TORCAO 8 X 10 CM (ZN/AL REVESTIDO COM POLIMERO), FIO 2,7 MM, DIMENSOES 2,0 X 1,0 X 1,0 M, COM CAUDA DE 4,0 M                                                                                                                                                                                                                                                                                                                              ","UN    ",{"v":1389.77,"d":"1,389.77"}]
[40440,"GABIAO TIPO CAIXA PARA SOLO REFORCADO, MALHA HEXAGONAL 8 X 10 CM (ZN/AL REVESTIDO COM POLIMERO), FIO 2,7 MM, DIMENSOES 2,0 X 1,0 X 0,5 M, COM CAUDA DE 4,0 M                                                                                                                                                                                                                                                                                                                                              ","M3    ",710.05]
[40441,"GABIAO TIPO CAIXA PARA SOLO REFORCADO, MALHA HEXAGONAL 8 X 10 CM (ZN/AL REVESTIDO COM POLIMERO), FIO 2,7 MM, DIMENSOES 2,0 X 1,0 X 1,0 M, COM CAUDA DE 4,0 M                                                                                                                                                                                                                                                                                                                                              ","M3    ",453.33]
[40449,"GABIAO TIPO CAIXA TRAPEZOIDAL, MALHA HEXAGONAL 10 X 12 CM (ZN/AL REVESTIDO COM POLIMERO) FIO 2,7 MM, FACE COM 65 GRAUS, COM GEOSSINTETICO, DIMENSOES 2,0 X 1,5 X 1,0 M (C X L X A)                                                                                                                                                                                                                                                                                                                        ","M3    ",381.1]
[34800,"GABIAO TIPO CAIXA, MALHA HEXAGONAL 8 X 10 CM (ZN/AL REVESTIDO COM POLIMERO), FIO DE 2,4 MM, DIMENSOES 2,0 x 1,0 x 1,0 M (C X L X A)                                                                                                                                                                                                                                                                                                                                                                       ","M3    ",476.57]
[11592,"GABIAO TIPO CAIXA, MALHA HEXAGONAL 8 X 10 CM (ZN/AL REVESTIDO COM POLIMERO), FIO 2,4 MM, DIMENSOES 2,0 X 1,0 X 0,5 M (C X L X A)                                                                                                                                                                                                                                                                                                                                                                          ","UN    ",681.7]
[40438,"GABIAO TIPO CAIXA, MALHA HEXAGONAL 8 X 10 CM (ZN/AL), FIO DE 2,7 MM, DIMENSOES 2,0 X 1,0 X 1,0 M (C X L X A)                                                                                                                                                                                                                                                                                                                                                                                              ","M3    ",317.5]
[40436,"GABIAO TIPO CAIXA, MALHA HEXAGONAL 8 X 10 CM (ZN/AL), FIO DE 2,7 MM, DIMENSOES 5,0 X 1,0 X 1,0 M (C X L X A)                                                                                                                                                                                                                                                                                                                                                                                              ","M3    ",395.9]
[4315,"GANCHO CHATO EM FERRO GALVANIZADO,  L = 110 MM, RECOBRIMENTO = 100MM, SECAO 1/8 X 1/2\" (3 MM X 12 MM), PARA FIXAR TELHA DE FIBROCIMENTO ONDULADA                                                                                                                                                                                                                                                                                                                                                          ","UN    ",2.2]
[402,"GANCHO OLHAL EM ACO GALVANIZADO, ESPESSURA 16MM, ABERTURA 21MM                                                                                                                                                                                                                                                                                                                                                                                                                                            ","UN    ",20.57]
[4226,"GAS DE COZINHA - GLP                                                                                                                                                                                                                                                                                                                                                                                                                                                                                      ","KG    ",8.7]
[4222,"GASOLINA COMUM                                                                                                                                                                                                                                                                                                                                                                                                                                                                                            ","L     ",5.57]
[34804,"GEOGRELHA TECIDA COM FILAMENTOS DE POLIESTER + PVC, RESISTENCIA LONGITUDINAL: 90 KN/M, RESISTENCIA TRANSVERSAL: 30 KN/M, ALONGAMENTO = 12 POR CENTO                                                                                                                                                                                                                                                                                                                                                       ","M2    ",57.55]
[4013,"GEOTEXTIL NAO TECIDO AGULHADO DE FILAMENTOS CONTINUOS 100% POLIESTER, RESITENCIA A TRACAO = 09 KN/M                                                                                                                                                                                                                                                                                                                                                                                                       ","M2    ",7.86]
[4011,"GEOTEXTIL NAO TECIDO AGULHADO DE FILAMENTOS CONTINUOS 100% POLIESTER, RESITENCIA A TRACAO = 10 KN/M                                                                                                                                                                                                                                                                                                                                                                                                       ","M2    ",8.77]
[4021,"GEOTEXTIL NAO TECIDO AGULHADO DE FILAMENTOS CONTINUOS 100% POLIESTER, RESITENCIA A TRACAO = 14 KN/M                                                                                                                                                                                                                                                                                                                                                                                                       ","M2    ",10.94]
[4019,"GEOTEXTIL NAO TECIDO AGULHADO DE FILAMENTOS CONTINUOS 100% POLIESTER, RESITENCIA A TRACAO = 16 KN/M                                                                                                                                                                                                                                                                                                                                                                                                       ","M2    ",13.14]
[4012,"GEOTEXTIL NAO TECIDO AGULHADO DE FILAMENTOS CONTINUOS 100% POLIESTER, RESITENCIA A TRACAO = 21 KN/M                                                                                                                                                                                                                                                                                                                                                                                                       ","M2    ",17.6]
[4020,"GEOTEXTIL NAO TECIDO AGULHADO DE FILAMENTOS CONTINUOS 100% POLIESTER, RESITENCIA A TRACAO = 26 KN/M                                                                                                                                                                                                                                                                                                                                                                                                       ","M2    ",22.04]
[4018,"GEOTEXTIL NAO TECIDO AGULHADO DE FILAMENTOS CONTINUOS 100% POLIESTER, RESITENCIA A TRACAO = 31 KN/M                                                                                                                                                                                                                                                                                                                                                                                                       ","M2    ",26.41]
[36498,"GERADOR PORTATIL MONOFASICO, POTENCIA 5500 VA, MOTOR A GASOLINA, POTENCIA DO MOTOR 13 CV                                                                                                                                                                                                                                                                                                                                                                                                                  ","UN    ",{"v":8600.61,"d":"8,600.61"}]
[12872,"GESSEIRO (HORISTA)                                                                                                                                                                                                                                                                                                                                                                                                                                                                                        ","H     ",18.9]
[41075,"GESSEIRO (MENSALISTA)                                                                                                                                                                                                                                                                                                                                                                                                                                                                                     ","MES   ",{"v":3328.54,"d":"3,328.54"}]
[44324,"GESSO COLA, EM PO, PARA FIXACAO DE MOLDURAS, SANCAS E BLOCOS DE GESSO                                                                                                                                                                                                                                                                                                                                                                                                                                     ","KG    ",3.36]
[3315,"GESSO EM PO PARA REVESTIMENTOS/MOLDURAS/SANCAS E USO GERAL                                                                                                                                                                                                                                                                                                                                                                                                                                                ","KG    ",0.97]
[36870,"GESSO PROJETADO                                                                                                                                                                                                                                                                                                                                                                                                                                                                                           ","KG    ",0.75]
[5092,"GONZO DE EMBUTIR, EM LATAO / ZAMAC, *20 X 48* MM, PARA JANELA BASCULANTE / PIVOTANTE, JOGO COM 4 PECAS (PAR)  - INCLUI PARAFUSOS                                                                                                                                                                                                                                                                                                                                                                          ","PAR   ",20.11]
[11462,"GONZO DE SOBREPOR, EM LATAO / ZAMAC, PARA JANELA PIVOTANTE - INCLUI PARAFUSOS                                                                                                                                                                                                                                                                                                                                                                                                                             ","PAR   ",20.56]
[36529,"GRADE DE DISCOS COM CONTROLE REMOTO, REBOCAVEL, COM 24 DISCOS 24\" X 6 MM, COM PNEUS PARA TRANSPORTE                                                                                                                                                                                                                                                                                                                                                                                                       ","UN    ",{"v":65051.02,"d":"65,051.02"}]
[3318,"GRADE DE DISCOS MECANICA 20X24\" COM 20 DISCOS 24\" X 6MM  COM PNEUS PARA TRANSPORTE                                                                                                                                                                                                                                                                                                                                                                                                                        ","UN    ",{"v":51000,"d":"51,000.00"}]
[3324,"GRAMA BATATAIS EM PLACAS, SEM PLANTIO                                                                                                                                                                                                                                                                                                                                                                                                                                                                     ","M2    ",11.42]
[3322,"GRAMA ESMERALDA OU SAO CARLOS OU CURITIBANA, EM PLACAS, SEM PLANTIO                                                                                                                                                                                                                                                                                                                                                                                                                                       ","M2    ",16]
[5076,"GRAMPO DE ACO POLIDO 1 \" X 9                                                                                                                                                                                                                                                                                                                                                                                                                                                                              ","KG    ",19.42]
[5077,"GRAMPO DE ACO POLIDO 7/8 \" X 9                                                                                                                                                                                                                                                                                                                                                                                                                                                                            ","KG    ",21.46]
[11837,"GRAMPO LINHA VIVA DE LATAO ESTANHADO, DIAMETRO DO CONDUTOR PRINCIPAL DE 10 A 120 MM2, DIAMETRO DA DERIVACAO DE 10 A 70 MM2                                                                                                                                                                                                                                                                                                                                                                                ","UN    ",67.1]
[38055,"GRAMPO METALICO TIPO OLHAL PARA HASTE DE ATERRAMENTO DE 1/2'', CONDUTOR DE *10* A 50 MM2                                                                                                                                                                                                                                                                                                                                                                                                                  ","UN    ",6.09]
[415,"GRAMPO METALICO TIPO OLHAL PARA HASTE DE ATERRAMENTO DE 1'', CONDUTOR DE *10* A 50 MM2                                                                                                                                                                                                                                                                                                                                                                                                                    ","UN    ",27.51]
[416,"GRAMPO METALICO TIPO OLHAL PARA HASTE DE ATERRAMENTO DE 3/4'', CONDUTOR DE *10* A 50 MM2                                                                                                                                                                                                                                                                                                                                                                                                                  ","UN    ",10.07]
[425,"GRAMPO METALICO TIPO OLHAL PARA HASTE DE ATERRAMENTO DE 5/8'', CONDUTOR DE *10* A 50 MM2                                                                                                                                                                                                                                                                                                                                                                                                                  ","UN    ",6.24]
[426,"GRAMPO METALICO TIPO U PARA HASTE DE ATERRAMENTO DE ATE 3/4'', CONDUTOR DE 10 A 25 MM2                                                                                                                                                                                                                                                                                                                                                                                                                    ","UN    ",34.39]
[38056,"GRAMPO METALICO TIPO U PARA HASTE DE ATERRAMENTO DE ATE 5/8'', CONDUTOR DE 10 A 25 MM2                                                                                                                                                                                                                                                                                                                                                                                                                    ","UN    ",33.58]
[1564,"GRAMPO PARALELO METALICO PARA CABO DE 6 A 50 MM2, COM 2 PARAFUSOS                                                                                                                                                                                                                                                                                                                                                                                                                                         ","UN    ",12.81]
[11032,"GRAMPO U DE 5/8 \" N8 EM FERRO GALVANIZADO                                                                                                                                                                                                                                                                                                                                                                                                                                                                 ","UN    ",12.42]
[36786,"GRANALHA DE ACO, ANGULAR (GRIT), PARA JATEAMENTO, PENEIRA 0,117 A 1,00 MM, (SAE G-40 A G-80)                                                                                                                                                                                                                                                                                                                                                                                                              ","SC25KG",159.07]
[36785,"GRANALHA DE ACO, ANGULAR (GRIT), PARA JATEAMENTO, PENEIRA 1,41 A 1,19 MM (SAE G16)                                                                                                                                                                                                                                                                                                                                                                                                                        ","SC25KG",138.22]
[36782,"GRANALHA DE ACO, ESFERICA (SHOT), PARA JATEAMENTO, PENEIRA 0,40 A 1,00 MM (SAE S-170 A S-280)                                                                                                                                                                                                                                                                                                                                                                                                             ","SC25KG",164.99]
[44481,"GRANALHA DE ACO, ESFERICA (SHOT), PARA JATEAMENTO, PENEIRA 1,19 A 1,00 MM  (SAE S390)                                                                                                                                                                                                                                                                                                                                                                                                                     ","SC25KG",185.85]
[4824,"GRANILHA/ GRANA/ PEDRISCO OU AGREGADO EM MARMORE/ GRANITO/ QUARTZO E CALCARIO, PRETO, CINZA, PALHA OU BRANCO                                                                                                                                                                                                                                                                                                                                                                                              ","KG    ",0.56]
[11795,"GRANITO PARA BANCADA, POLIDO, TIPO ANDORINHA/ QUARTZ/ CASTELO/ CORUMBA OU OUTROS EQUIVALENTES DA REGIAO, E=  *2,5* CM                                                                                                                                                                                                                                                                                                                                                                                     ","M2    ",630.94]
[134,"GRAUTE CIMENTICIO PARA USO GERAL                                                                                                                                                                                                                                                                                                                                                                                                                                                                          ","KG    ",1.71]
[4229,"GRAXA LUBRIFICANTE A BASE DE LITIO, DE MULTIPLAS APLICACOES E CONTENDO ADITIVOS DE EXTREMA PRESSAO (GRAU DE VISCOSIDADE NLGI 2)                                                                                                                                                                                                                                                                                                                                                                           ","KG    ",43.87]
[11731,"GRELHA FIXA, EM PVC BRANCA, QUADRADA, 150 X 150 MM, PARA RALOS E CAIXAS                                                                                                                                                                                                                                                                                                                                                                                                                                   ","UN    ",10.02]
[11732,"GRELHA FIXA, PVC CROMADA, REDONDA, 150 MM, PARA RALOS E CAIXAS                                                                                                                                                                                                                                                                                                                                                                                                                                            ","UN    ",26.26]
[11244,"GRELHA FOFO ARTICULADA, CARGA MAXIMA 1,5 T, *300 X 1000* MM, E= *15* MM                                                                                                                                                                                                                                                                                                                                                                                                                                   ","UN    ",282.8]
[11245,"GRELHA FOFO SIMPLES COM REQUADRO, CARGA MAXIMA  12,5 T, *300 X 1000* MM, E= *15* MM, AREA ESTACIONAMENTO CARRO PASSEIO                                                                                                                                                                                                                                                                                                                                                                                    ","UN    ",391.16]
[11235,"GRELHA FOFO SIMPLES COM REQUADRO, CARGA MAXIMA 1,5 T, 150 X 1000 MM, E= *15* MM                                                                                                                                                                                                                                                                                                                                                                                                                           ","UN    ",215.81]
[11236,"GRELHA FOFO SIMPLES COM REQUADRO, CARGA MAXIMA 1,5 T, 200 X 1000 MM, E= *15* MM                                                                                                                                                                                                                                                                                                                                                                                                                           ","UN    ",274.26]
[36494,"GRUA ASCENCIONAL, LANCA DE 30 M, CAPACIDADE DE 1,0 T A 30 M, ALTURA ATE 39 M                                                                                                                                                                                                                                                                                                                                                                                                                              ","UN    ",{"v":719505.07,"d":"719,505.07"}]
[36493,"GRUA ASCENCIONAL, LANCA DE 42 M, CAPACIDADE DE 1,5 T A 30 M, ALTURA ATE 39 M                                                                                                                                                                                                                                                                                                                                                                                                                              ","UN    ",{"v":815170.02,"d":"815,170.02"}]
[36492,"GRUA ASCENCIONAL, LANCA DE 50 M, CAPACIDADE DE 2,33 T A 30 M, ALTURA ATE 48 M                                                                                                                                                                                                                                                                                                                                                                                                                             ","UN    ",{"v":1514276.75,"d":"1,514,276.75"}]
[36499,"GRUPO GERADOR A GASOLINA, POTENCIA NOMINAL 2,2 KW, TENSAO DE SAIDA 110/220 V, MOTOR POTENCIA 6,5 HP                                                                                                                                                                                                                                                                                                                                                                                                       ","UN    ",{"v":4644.33,"d":"4,644.33"}]
[13533,"GRUPO GERADOR DE SOLDA ELETRICA, COM MAQUINA DE SOLDA, ATE 400 AMPERES E GERADOR A DIESEL 30 CV, MOTOR 4 CILINDROS, TANQUE COMBUST., CARENAGEM DE PROTECAO SOBRE RODAS                                                                                                                                                                                                                                                                                                                                    ","UN    ",{"v":212898.11,"d":"212,898.11"}]
[13333,"GRUPO GERADOR DE SOLDA ELETRICA, COM MAQUINA DE SOLDA, ATE 400 AMPERES E GERADOR A DIESEL 60 CV, MOTOR 4 CILINDROS, TANQUE COMBUST., CARENAGEM DE PROTECAO SOBRE RODAS                                                                                                                                                                                                                                                                                                                                    ","UN    ",{"v":238170.66,"d":"238,170.66"}]
[39585,"GRUPO GERADOR DIESEL, COM CARENAGEM, POTENCIA STANDART ENTRE 100 E 110 KVA, VELOCIDADE DE 1800 RPM, FREQUENCIA DE 60 HZ                                                                                                                                                                                                                                                                                                                                                                                   ","UN    ",{"v":153786.79,"d":"153,786.79"}]
[39586,"GRUPO GERADOR DIESEL, COM CARENAGEM, POTENCIA STANDART ENTRE 140 E 150 KVA, VELOCIDADE DE 1800 RPM, FREQUENCIA DE 60 HZ                                                                                                                                                                                                                                                                                                                                                                                   ","UN    ",{"v":180381.49,"d":"180,381.49"}]
[39587,"GRUPO GERADOR DIESEL, COM CARENAGEM, POTENCIA STANDART ENTRE 210 E 220 KVA, VELOCIDADE DE 1800 RPM, FREQUENCIA DE 60 HZ                                                                                                                                                                                                                                                                                                                                                                                   ","UN    ",{"v":219695.42,"d":"219,695.42"}]
[39588,"GRUPO GERADOR DIESEL, COM CARENAGEM, POTENCIA STANDART ENTRE 250 E 260 KVA, VELOCIDADE DE 1800 RPM, FREQUENCIA DE 60 HZ                                                                                                                                                                                                                                                                                                                                                                                   ","UN    ",{"v":254384.16,"d":"254,384.16"}]
[39584,"GRUPO GERADOR DIESEL, COM CARENAGEM, POTENCIA STANDART ENTRE 50 E 55 KVA, VELOCIDADE DE 1800 RPM, FREQUENCIA DE 60 HZ                                                                                                                                                                                                                                                                                                                                                                                     ","UN    ",{"v":136951.18,"d":"136,951.18"}]
[39590,"GRUPO GERADOR DIESEL, SEM CARENAGEM, POTENCIA STANDART ENTRE 100 E 110 KVA, VELOCIDADE DE 1800 RPM, FREQUENCIA DE 60 HZ                                                                                                                                                                                                                                                                                                                                                                                   ","UN    ",{"v":133667.32,"d":"133,667.32"}]
[39592,"GRUPO GERADOR DIESEL, SEM CARENAGEM, POTENCIA STANDART ENTRE 210 E 220 KVA, VELOCIDADE DE 1800 RPM, FREQUENCIA DE 60 HZ                                                                                                                                                                                                                                                                                                                                                                                   ","UN    ",{"v":192083.16,"d":"192,083.16"}]
[39593,"GRUPO GERADOR DIESEL, SEM CARENAGEM, POTENCIA STANDART ENTRE 250 E 260 KVA, VELOCIDADE DE 1800 RPM, FREQUENCIA DE 60 HZ                                                                                                                                                                                                                                                                                                                                                                                   ","UN    ",{"v":219695.42,"d":"219,695.42"}]
[14254,"GRUPO GERADOR DIESEL, SEM CARENAGEM, POTENCIA STANDART ENTRE 80 E 90 KVA, VELOCIDADE DE 1800 RPM, FREQUENCIA DE 60 HZ                                                                                                                                                                                                                                                                                                                                                                                     ","UN    ",{"v":124879.5,"d":"124,879.50"}]
[44494,"GRUPO GERADOR ESTACIONARIO SILENCIADO, POTENCIA 50 KVA, MOTOR  DIESEL                                                                                                                                                                                                                                                                                                                                                                                                                                     ","UN    ",{"v":104284.34,"d":"104,284.34"}]
[25019,"GRUPO GERADOR ESTACIONARIO, MOTOR DIESEL POTENCIA 170 KVA                                                                                                                                                                                                                                                                                                                                                                                                                                                 ","UN    ",{"v":178755.02,"d":"178,755.02"}]
[36501,"GRUPO GERADOR ESTACIONARIO, POTENCIA 150 KVA, MOTOR DIESEL                                                                                                                                                                                                                                                                                                                                                                                                                                                ","UN    ",{"v":159153.57,"d":"159,153.57"}]
[44493,"GRUPO GERADOR ESTACIONARIO, SILENCIADO, POTENCIA 180 KVA, MOTOR  DIESEL                                                                                                                                                                                                                                                                                                                                                                                                                                   ","UN    ",{"v":191333.08,"d":"191,333.08"}]
[36500,"GRUPO GERADOR REBOCAVEL, POTENCIA *66* KVA, MOTOR A DIESEL                                                                                                                                                                                                                                                                                                                                                                                                                                                ","UN    ",{"v":112469.48,"d":"112,469.48"}]
[20017,"GUARNICAO / ALIZAR / VISTA LISA EM MADEIRA MACICA, PARA PORTA  , E = *1* CM, L = *5* CM, CEDRINHO / ANGELIM COMERCIAL / TAURI/ CURUPIXA / PEROBA / CUMARU OU EQUIVALENTE DA REGIAO                                                                                                                                                                                                                                                                                                                        ","M     ",9.03]
[20007,"GUARNICAO / ALIZAR / VISTA LISA EM MADEIRA MACICA, PARA PORTA , E = *1* CM, L = *5* CM,  PINUS /EUCALIPTO / VIROLA OU EQUIVALENTE DA REGIAO                                                                                                                                                                                                                                                                                                                                                               ","M     ",5.39]
[39831,"GUARNICAO / ALIZAR / VISTA, E = *1,5* CM, L = *5,0* CM, EM POLIESTIRENO, BRANCO (JOGO PARA 1 FACE)                                                                                                                                                                                                                                                                                                                                                                                                        ","JG    ",420.14]
[36888,"GUARNICAO / MOLDURA / ARREMATE DE ACABAMENTO PARA ESQUADRIA, EM ALUMINIO PERFIL 25, ACABAMENTO ANODIZADO BRANCO OU BRILHANTE, PARA 1 FACE                                                                                                                                                                                                                                                                                                                                                                 ","M     ",25.84]
[39836,"GUARNICAO/ALIZAR/VISTA, E = *1,3* CM, L = *5,0* CM HASTE REGULAVEL = *35* MM, EM MDF/PVC WOOD/ POLIESTIRENO OU MADEIRA LAMINADA, PRIMER BRANCO (JOGO PARA 1 FACE)                                                                                                                                                                                                                                                                                                                                         ","JG    ",369.17]
[39830,"GUARNICAO/ALIZAR/VISTA, E = *1,3* CM, L = *7,0* CM, EM POLIESTIRENO, BRANCO (JOGO PARA 1 FACE)                                                                                                                                                                                                                                                                                                                                                                                                            ","JG    ",421.03]
[40527,"GUINCHO DE ALAVANCA MANUAL, CAPACIDADE DE 1,6 T, COM 20 M DE CABO DE ACO (AQUISICAO)                                                                                                                                                                                                                                                                                                                                                                                                                      ","UN    ",{"v":2253.51,"d":"2,253.51"}]
[36497,"GUINCHO DE ALAVANCA MANUAL, CAPACIDADE 3,2 T COM 20 M DE CABO DE ACO DIAMETRO 16,3 MM                                                                                                                                                                                                                                                                                                                                                                                                                     ","UN    ",{"v":2572.63,"d":"2,572.63"}]
[36487,"GUINCHO ELETRICO DE COLUNA, CAPACIDADE 400 KG, COM MOTO FREIO, MOTOR TRIFASICO DE 1,25 CV                                                                                                                                                                                                                                                                                                                                                                                                                 ","UN    ",{"v":4479.35,"d":"4,479.35"}]
[44475,"GUINDASTE HIDRAULICO AUTOPROPELIDO, COM LANCA TELESCOPICA 28,80 M, CAPACIDADE MAXIMA 30 T, POTENCIA 97 KW, TRACAO  4 X 4                                                                                                                                                                                                                                                                                                                                                                                  ","UN    ",{"v":1258165.24,"d":"1,258,165.24"}]
[44474,"GUINDASTE HIDRAULICO AUTOPROPELIDO, COM LANCA TELESCOPICA 40 M, CAPACIDADE MAXIMA 60 T, POTENCIA 260 KW, TRACAO  6 X 6                                                                                                                                                                                                                                                                                                                                                                                    ","UN    ",{"v":2419548.54,"d":"2,419,548.54"}]
[44490,"GUINDASTE HIDRAULICO AUTOPROPELIDO, COM LANCA TELESCOPICA 50 M, CAPACIDADE MAXIMA 100 T, POTENCIA 350 KW,  TRACAO 10 X 6                                                                                                                                                                                                                                                                                                                                                                                  ","UN    ",{"v":4113232.5,"d":"4,113,232.50"}]
[37776,"GUINDAUTO HIDRAULICO, CAPACIDADE MAXIMA DE CARGA 10000 KG, MOMENTO MAXIMO DE CARGA 23 TM , ALCANCE MAXIMO HORIZONTAL 11,80 M, PARA MONTAGEM SOBRE CHASSI DE CAMINHAO PBT MINIMO 15000 KG (INCLUI MONTAGEM, NAO INCLUI CAMINHAO)                                                                                                                                                                                                                                                                           ","UN    ",{"v":252088.58,"d":"252,088.58"}]
[37775,"GUINDAUTO HIDRAULICO, CAPACIDADE MAXIMA DE CARGA 14340 KG, MOMENTO MAXIMO DE CARGA 42,3 TM, ALCANCE MAXIMO HORIZONTAL 16,80 M, PARA MONTAGEM SOBRE CHASSI DE CAMINHAO PBT MINIMO 23000 KG (INCLUI MONTAGEM, NAO INCLUI CAMINHAO)                                                                                                                                                                                                                                                                          ","UN    ",{"v":397058.59,"d":"397,058.59"}]
[36491,"GUINDAUTO HIDRAULICO, CAPACIDADE MAXIMA DE CARGA 30000 KG, MOMENTO MAXIMO DE CARGA 92,2 TM , ALCANCE MAXIMO HORIZONTAL  22,00 M, PARA MONTAGEM SOBRE CHASSI DE CAMINHAO PBT MINIMO 30000 KG (INCLUI MONTAGEM, NAO INCLUI CAMINHAO)                                                                                                                                                                                                                                                                        ","UN    ",{"v":1470425.78,"d":"1,470,425.78"}]
[10712,"GUINDAUTO HIDRAULICO, CAPACIDADE MAXIMA DE CARGA 3300 KG, MOMENTO MAXIMO DE CARGA 5,8 TM , ALCANCE MAXIMO HORIZONTAL  7,60 M, PARA MONTAGEM SOBRE CHASSI DE CAMINHAO PBT MINIMO 8000 KG (INCLUI MONTAGEM, NAO INCLUI CAMINHAO)                                                                                                                                                                                                                                                                            ","UN    ",{"v":99264.64,"d":"99,264.64"}]
[3363,"GUINDAUTO HIDRAULICO, CAPACIDADE MAXIMA DE CARGA 6200 KG, MOMENTO MAXIMO DE CARGA 11,7 TM , ALCANCE MAXIMO HORIZONTAL  9,70 M, PARA MONTAGEM SOBRE CHASSI DE CAMINHAO PBT MINIMO 13000 KG (INCLUI MONTAGEM, NAO INCLUI CAMINHAO)                                                                                                                                                                                                                                                                          ","UN    ",{"v":139625,"d":"139,625.00"}]
[3365,"GUINDAUTO HIDRAULICO, CAPACIDADE MAXIMA DE CARGA 8500 KG, MOMENTO MAXIMO DE CARGA 30,4 TM , ALCANCE MAXIMO HORIZONTAL  14,30 M, PARA MONTAGEM SOBRE CHASSI DE CAMINHAO PBT MINIMO 23000 KG (INCLUI MONTAGEM, NAO INCLUI CAMINHAO)                                                                                                                                                                                                                                                                         ","UN    ",{"v":326373.43,"d":"326,373.43"}]
[7569,"HASTE ANCORA EM ACO GALVANIZADO, DIMENSOES 16 MM X 2000 MM                                                                                                                                                                                                                                                                                                                                                                                                                                                ","UN    ",96.08]
[34349,"HASTE DE ACO GALVANIZADO PARA FIXACAO DE CONCERTINA 2 \"/3 M                                                                                                                                                                                                                                                                                                                                                                                                                                               ","UN    ",32.69]
[3378,"HASTE DE ATERRAMENTO EM ACO COM 3,00 M DE COMPRIMENTO E DN = 3/4\", REVESTIDA COM BAIXA CAMADA DE COBRE, SEM CONECTOR                                                                                                                                                                                                                                                                                                                                                                                      ","UN    ",97.39]
[3380,"HASTE DE ATERRAMENTO EM ACO COM 3,00 M DE COMPRIMENTO E DN = 5/8\", REVESTIDA COM BAIXA CAMADA DE COBRE, COM CONECTOR TIPO GRAMPO                                                                                                                                                                                                                                                                                                                                                                          ","UN    ",68.18]
[3379,"HASTE DE ATERRAMENTO EM ACO COM 3,00 M DE COMPRIMENTO E DN = 5/8\", REVESTIDA COM BAIXA CAMADA DE COBRE, SEM CONECTOR                                                                                                                                                                                                                                                                                                                                                                                      ","UN    ",65.82]
[11991,"HASTE DE ATERRAMENTO EM ACO GALVANIZADO TIPO CANTONEIRA COM 2,00 M DE COMPRIMENTO, 25 X 25 MM E CHAPA DE 3/16\"                                                                                                                                                                                                                                                                                                                                                                                            ","UN    ",76.43]
[11029,"HASTE RETA PARA GANCHO DE FERRO GALVANIZADO, COM ROSCA 1/4 \" X 30 CM PARA FIXACAO DE TELHA METALICA, INCLUI PORCA E ARRUELAS DE VEDACAO                                                                                                                                                                                                                                                                                                                                                                   ","CJ    ",1.9]
[4316,"HASTE RETA PARA GANCHO DE FERRO GALVANIZADO, COM ROSCA 1/4 \" X 40 CM PARA FIXACAO DE TELHA DE FIBROCIMENTO, INCLUI PORCA SEXTAVADA DE  ZINCO                                                                                                                                                                                                                                                                                                                                                              ","UN    ",1.92]
[4313,"HASTE RETA PARA GANCHO DE FERRO GALVANIZADO, COM ROSCA 5/16\" X 35 CM PARA FIXACAO DE TELHA DE FIBROCIMENTO, INCLUI PORCA E ARRUELAS DE VEDACAO                                                                                                                                                                                                                                                                                                                                                            ","CJ    ",2.76]
[4317,"HASTE RETA PARA GANCHO DE FERRO GALVANIZADO, COM ROSCA 5/16\" X 40 CM PARA FIXACAO DE TELHA DE FIBROCIMENTO, INCLUI PORCA SEXTAVADA DE  ZINCO                                                                                                                                                                                                                                                                                                                                                              ","UN    ",3.14]
[4314,"HASTE RETA PARA GANCHO DE FERRO GALVANIZADO, COM ROSCA 5/16\" X 45 CM PARA FIXACAO DE TELHA DE FIBROCIMENTO, INCLUI PORCA E ARRUELAS DE VEDACAO                                                                                                                                                                                                                                                                                                                                                            ","CJ    ",3.68]
[10921,"HIDRANTE DE COLUNA COMPLETO, EM FERRO FUNDIDO, DN = 100 MM, COM REGISTRO, CUNHA DE BORRACHA, CURVA DESSIMETRICA, EXTREMIDADE E TAMPAS (INCLUI KIT FIXACAO)                                                                                                                                                                                                                                                                                                                                                ","UN    ",{"v":5970,"d":"5,970.00"}]
[10922,"HIDRANTE DE COLUNA COMPLETO, EM FERRO FUNDIDO, DN = 75 MM, COM REGISTRO, CUNHA DE BORRACHA, CURVA DESSIMETRICA, EXTREMIDADE E TAMPAS (INCLUI KIT FIXACAO)                                                                                                                                                                                                                                                                                                                                                 ","UN    ",{"v":5407.47,"d":"5,407.47"}]
[10923,"HIDRANTE SUBTERRANEO, EM FERRO FUNDIDO, COM CURVA CURTA E CAIXA, DN 75 MM                                                                                                                                                                                                                                                                                                                                                                                                                                 ","UN    ",{"v":3196.05,"d":"3,196.05"}]
[10924,"HIDRANTE SUBTERRANEO, EM FERRO FUNDIDO, COM CURVA LONGA E CAIXA, DN 75 MM                                                                                                                                                                                                                                                                                                                                                                                                                                 ","UN    ",{"v":3366.06,"d":"3,366.06"}]
[37772,"HIDROJATEADORA PARA DESOBSTRUCAO DE REDES E GALERIAS, TANQUE 7000 L, BOMBA TRIPLEX 120 KGF/CM2 128 L/MIN (INCLUI MONTAGEM, NAO INCLUI CAMINHAO)                                                                                                                                                                                                                                                                                                                                                           ","UN    ",{"v":342998.8,"d":"342,998.80"}]
[37771,"HIDROJATEADORA PARA DESOBSTRUCAO DE REDES E GALERIAS, TANQUE 7000 L, BOMBA TRIPLEX 140 KGF/CM2 260 L/MIN ALIMENTADA POR MOTOR INDEPENDENTE A DIESEL POTENCIA 125 CV (INCLUI MONTAGEM, NAO INCLUI CAMINHAO)                                                                                                                                                                                                                                                                                                ","UN    ",{"v":364896.09,"d":"364,896.09"}]
[12772,"HIDROMETRO MULTIJATO / MEDIDOR DE AGUA, DN 1 1/2\", VAZAO MAXIMA DE 20 M3/H, PARA AGUA POTAVEL FRIA, RELOJOARIA PLANA, CLASSE B, HORIZONTAL (SEM CONEXOES)                                                                                                                                                                                                                                                                                                                                                 ","UN    ",815.58]
[12770,"HIDROMETRO MULTIJATO / MEDIDOR DE AGUA, DN 1\", VAZAO MAXIMA DE 10 M3/H, PARA AGUA POTAVEL FRIA, RELOJOARIA PLANA, CLASSE B, HORIZONTAL (SEM CONEXOES)                                                                                                                                                                                                                                                                                                                                                     ","UN    ",490.73]
[12775,"HIDROMETRO MULTIJATO / MEDIDOR DE AGUA, DN 1\", VAZAO MAXIMA DE 7 M3/H, PARA AGUA POTAVEL FRIA, RELOJOARIA PLANA, CLASSE B, HORIZONTAL (SEM CONEXOES)                                                                                                                                                                                                                                                                                                                                                      ","UN    ",359.41]
[12768,"HIDROMETRO MULTIJATO / MEDIDOR DE AGUA, DN 2\", VAZAO MAXIMA DE 30 M3/H, PARA AGUA POTAVEL FRIA, RELOJOARIA PLANA, CLASSE B, HORIZONTAL (SEM CONEXOES)                                                                                                                                                                                                                                                                                                                                                     ","UN    ",{"v":1147.35,"d":"1,147.35"}]
[12769,"HIDROMETRO UNIJATO / MEDIDOR DE AGUA, DN 1/2\", VAZAO MAXIMA DE 1,5 M3/H, PARA AGUA POTAVEL FRIA, RELOJOARIA PLANA, CLASSE B, HORIZONTAL (SEM CONEXOES)                                                                                                                                                                                                                                                                                                                                                    ","UN    ",94]
[12773,"HIDROMETRO UNIJATO / MEDIDOR DE AGUA, DN 1/2\", VAZAO MAXIMA DE 3 M3/H, PARA AGUA POTAVEL FRIA, RELOJOARIA PLANA, CLASSE B, HORIZONTAL (SEM CONEXOES)                                                                                                                                                                                                                                                                                                                                                      ","UN    ",100.91]
[12774,"HIDROMETRO UNIJATO / MEDIDOR DE AGUA, DN 3/4\", VAZAO MAXIMA DE 5 M3/H, PARA AGUA POTAVEL FRIA, RELOJOARIA PLANA, CLASSE B, HORIZONTAL (SEM CONEXOES)0,                                                                                                                                                                                                                                                                                                                                                    ","UN    ",124.41]
[12776,"HIDROMETRO WOLTMANN, DN 2\", VAZAO MAXIMA DE 50 M3/H, PARA AGUA POTAVEL FRIA, RELOJOARIA PLANA, TURBINA HORIZONTAL, EQUIPADO COM TELIMETRIA (SEM CONEXOES)                                                                                                                                                                                                                                                                                                                                                 ","UN    ",{"v":1852.35,"d":"1,852.35"}]
[12777,"HIDROMETRO WOLTMANN, DN 3\", VAZAO MAXIMA DE 80 M3/H, PARA AGUA POTAVEL FRIA, RELOJOARIA PLANA, TURBINA HORIZONTAL, EQUIPADO COM TELIMETRIA (SEM CONEXOES)                                                                                                                                                                                                                                                                                                                                                 ","UN    ",{"v":2419.11,"d":"2,419.11"}]
[3391,"IGNITOR PARA LAMPADA DE VAPOR DE SODIO / VAPOR METALICO ATE 2000 W, TENSAO DE PULSO ENTRE 600 A 750 V                                                                                                                                                                                                                                                                                                                                                                                                     ","UN    ",41.56]
[3389,"IGNITOR PARA LAMPADA DE VAPOR DE SODIO / VAPOR METALICO ATE 400 W, TENSAO DE PULSO ENTRE 3000 A 4500 V                                                                                                                                                                                                                                                                                                                                                                                                    ","UN    ",21.56]
[3390,"IGNITOR PARA LAMPADA DE VAPOR DE SODIO / VAPOR METALICO ATE 400 W, TENSAO DE PULSO ENTRE 580 A 750 V                                                                                                                                                                                                                                                                                                                                                                                                      ","UN    ",24.26]
[12873,"IMPERMEABILIZADOR (HORISTA)                                                                                                                                                                                                                                                                                                                                                                                                                                                                               ","H     ",17.37]
[41076,"IMPERMEABILIZADOR (MENSALISTA)                                                                                                                                                                                                                                                                                                                                                                                                                                                                            ","MES   ",{"v":3057.63,"d":"3,057.63"}]
[140,"IMPERMEABILIZANTE FLEXIVEL BRANCO DE BASE ACRILICA PARA COBERTURAS                                                                                                                                                                                                                                                                                                                                                                                                                                        ","KG    ",19.11]
[151,"IMPERMEABILIZANTE INCOLOR,  BASE SILICONE, PARA TRATAMENTO DE FACHADAS, TELHAS, PEDRAS E OUTRAS SUPERFICIES                                                                                                                                                                                                                                                                                                                                                                                               ","L     ",28.21]
[7340,"IMUNIZANTE PARA MADEIRA, INCOLOR                                                                                                                                                                                                                                                                                                                                                                                                                                                                          ","L     ",33.32]
[40929,"INSTALADOR DE TUBULACOES (TUBOS/EQUIPAMENTOS) (MENSALISTA)                                                                                                                                                                                                                                                                                                                                                                                                                                                ","MES   ",{"v":2030.61,"d":"2,030.61"}]
[2701,"INSTALADOR DE TUBULACOES - TUBOS/EQUIPAMENTOS (HORISTA)                                                                                                                                                                                                                                                                                                                                                                                                                                                   ","H     ",11.54]
[38114,"INTERRUPTOR BIPOLAR SIMPLES 10 A, 250 V (APENAS MODULO)                                                                                                                                                                                                                                                                                                                                                                                                                                                   ","UN    ",16.27]
[38064,"INTERRUPTOR BIPOLAR 10A, 250V, CONJUNTO MONTADO PARA EMBUTIR 4\" X 2\" (PLACA + SUPORTE + MODULO)                                                                                                                                                                                                                                                                                                                                                                                                           ","UN    ",18.2]
[38115,"INTERRUPTOR INTERMEDIARIO 10 A, 250 V (APENAS MODULO)                                                                                                                                                                                                                                                                                                                                                                                                                                                     ","UN    ",17.38]
[38065,"INTERRUPTOR INTERMEDIARIO 10A, 250V, CONJUNTO MONTADO PARA EMBUTIR 4\" X 2\" (PLACA + SUPORTE + MODULO)                                                                                                                                                                                                                                                                                                                                                                                                     ","UN    ",25.82]
[38078,"INTERRUPTOR PARALELO + TOMADA 2P+T 10A, 250V, CONJUNTO MONTADO PARA EMBUTIR 4\" X 2\" (PLACA + SUPORTE + MODULOS)                                                                                                                                                                                                                                                                                                                                                                                           ","UN    ",15.06]
[38113,"INTERRUPTOR PARALELO 10A, 250V (APENAS MODULO)                                                                                                                                                                                                                                                                                                                                                                                                                                                            ","UN    ",8.18]
[38063,"INTERRUPTOR PARALELO 10A, 250V, CONJUNTO MONTADO PARA EMBUTIR 4\" X 2\" (PLACA + SUPORTE + MODULO)                                                                                                                                                                                                                                                                                                                                                                                                          ","UN    ",8.78]
[38080,"INTERRUPTOR SIMPLES + INTERRUPTOR PARALELO + TOMADA 2P+T 10A, 250V, CONJUNTO MONTADO PARA EMBUTIR 4\" X 2\" (PLACA + SUPORTE + MODULOS)                                                                                                                                                                                                                                                                                                                                                                     ","UN    ",26.16]
[38069,"INTERRUPTOR SIMPLES + INTERRUPTOR PARALELO 10A, 250V, CONJUNTO MONTADO PARA EMBUTIR 4\" X 2\" (PLACA + SUPORTE + MODULOS)                                                                                                                                                                                                                                                                                                                                                                                   ","UN    ",14.31]
[38077,"INTERRUPTOR SIMPLES + TOMADA 2P+T 10A, 250V, CONJUNTO MONTADO PARA EMBUTIR 4\" X 2\" (PLACA + SUPORTE + MODULOS)                                                                                                                                                                                                                                                                                                                                                                                            ","UN    ",13.98]
[38073,"INTERRUPTOR SIMPLES + 2 INTERRUPTORES PARALELOS 10A, 250V, CONJUNTO MONTADO PARA EMBUTIR 4\" X 2\" (PLACA + SUPORTE + MODULOS)                                                                                                                                                                                                                                                                                                                                                                              ","UN    ",21.3]
[38112,"INTERRUPTOR SIMPLES 10A, 250V (APENAS MODULO)                                                                                                                                                                                                                                                                                                                                                                                                                                                             ","UN    ",6.28]
[38062,"INTERRUPTOR SIMPLES 10A, 250V, CONJUNTO MONTADO PARA EMBUTIR 4\" X 2\" (PLACA + SUPORTE + MODULO)                                                                                                                                                                                                                                                                                                                                                                                                           ","UN    ",6.45]
[12128,"INTERRUPTOR SIMPLES 10A, 250V, CONJUNTO MONTADO PARA SOBREPOR 4\" X 2\" (CAIXA + MODULO)                                                                                                                                                                                                                                                                                                                                                                                                                    ","UN    ",8.62]
[12129,"INTERRUPTOR SIMPLES 10A, 250V, CONJUNTO MONTADO PARA SOBREPOR 4\" X 2\" (CAIXA + 2 MODULOS)                                                                                                                                                                                                                                                                                                                                                                                                                 ","UN    ",11.39]
[38081,"INTERRUPTORES PARALELOS (2 MODULOS) + TOMADA 2P+T 10A, 250V, CONJUNTO MONTADO PARA EMBUTIR 4\" X 2\" (PLACA + SUPORTE + MODULOS)                                                                                                                                                                                                                                                                                                                                                                            ","UN    ",22.19]
[38070,"INTERRUPTORES PARALELOS (2 MODULOS) 10A, 250V, CONJUNTO MONTADO PARA EMBUTIR 4\" X 2\" (PLACA + SUPORTE + MODULOS)                                                                                                                                                                                                                                                                                                                                                                                          ","UN    ",15.29]
[38074,"INTERRUPTORES PARALELOS (3 MODULOS) 10A, 250V, CONJUNTO MONTADO PARA EMBUTIR 4\" X 2\" (PLACA + SUPORTE + MODULO)                                                                                                                                                                                                                                                                                                                                                                                           ","UN    ",23.25]
[38079,"INTERRUPTORES SIMPLES (2 MODULOS) + TOMADA 2P+T 10A, 250V, CONJUNTO MONTADO PARA EMBUTIR 4\" X 2\" (PLACA + SUPORTE + MODULOS)                                                                                                                                                                                                                                                                                                                                                                              ","UN    ",19.95]
[38072,"INTERRUPTORES SIMPLES (2 MODULOS) + 1 INTERRUPTOR PARALELO 10A, 250V, CONJUNTO MONTADO PARA EMBUTIR 4\" X 2\" (PLACA + SUPORTE + MODULOS)                                                                                                                                                                                                                                                                                                                                                                   ","UN    ",19.17]
[38068,"INTERRUPTORES SIMPLES (2 MODULOS) 10A, 250V, CONJUNTO MONTADO PARA EMBUTIR 4\" X 2\" (PLACA + SUPORTE + MODULOS)                                                                                                                                                                                                                                                                                                                                                                                            ","UN    ",13.24]
[38071,"INTERRUPTORES SIMPLES (3 MODULOS) 10A, 250V, CONJUNTO MONTADO PARA EMBUTIR 4\" X 2\" (PLACA + SUPORTE + MODULOS)                                                                                                                                                                                                                                                                                                                                                                                            ","UN    ",15.82]
[38412,"INVERSOR DE SOLDA MONOFASICO DE 160 A, POTENCIA DE 5400 W, TENSAO DE 220 V, TURBO VENTILADO, PROTECAO POR FUSIVEL TERMICO, PARA ELETRODOS DE 2,0 A 4,0 MM                                                                                                                                                                                                                                                                                                                                                 ","UN    ",{"v":1255.56,"d":"1,255.56"}]
[3405,"ISOLADOR DE PORCELANA SUSPENSO, DISCO TIPO GARFO OLHAL, DIAMETRO DE 152 MM, PARA TENSAO DE *15* KV                                                                                                                                                                                                                                                                                                                                                                                                        ","UN    ",101.83]
[3394,"ISOLADOR DE PORCELANA, TIPO BUCHA, PARA TENSAO DE *15* KV                                                                                                                                                                                                                                                                                                                                                                                                                                                 ","UN    ",537.54]
[3393,"ISOLADOR DE PORCELANA, TIPO BUCHA, PARA TENSAO DE *35* KV                                                                                                                                                                                                                                                                                                                                                                                                                                                 ","UN    ",915.22]
[3406,"ISOLADOR DE PORCELANA, TIPO PINO MONOCORPO, PARA TENSAO DE *15* KV                                                                                                                                                                                                                                                                                                                                                                                                                                        ","UN    ",31.17]
[3395,"ISOLADOR DE PORCELANA, TIPO PINO MONOCORPO, PARA TENSAO DE *35* KV                                                                                                                                                                                                                                                                                                                                                                                                                                        ","UN    ",131.49]
[3398,"ISOLADOR DE PORCELANA, TIPO ROLDANA, DIMENSOES DE *72* X *72* MM, PARA USO EM BAIXA TENSAO                                                                                                                                                                                                                                                                                                                                                                                                                ","UN    ",6.25]
[40662,"JANELA BASCULANTE EM MADEIRA PINUS/ EUCALIPTO/ TAUARI/ VIROLA OU EQUIVALENTE DA REGIAO, *60 X 60*, CAIXA DO BATENTE/ MARCO E = *10* CM, 2 BASCULAS PARA VIDRO, COM FERRAGENS (SEM VIDRO, SEM GUARNICAO/ALIZAR E SEM ACABAMENTO)                                                                                                                                                                                                                                                                           ","UN    ",348.79]
[3437,"JANELA BASCULANTE EM MADEIRA PINUS/ EUCALIPTO/ TAUARI/ VIROLA OU EQUIVALENTE DA REGIAO, CAIXA DO BATENTE/ MARCO *10* CM, *2* FOLHAS BASCULANTES PARA VIDRO, COM FERRAGENS (SEM VIDRO, SEM GUARNICAO/ALIZAR E SEM ACABAMENTO)                                                                                                                                                                                                                                                                              ","M2    ",968.87]
[11190,"JANELA BASCULANTE, ACO, COM BATENTE/REQUADRO, 60 X 60 CM (SEM VIDROS)                                                                                                                                                                                                                                                                                                                                                                                                                                     ","UN    ",161.45]
[34377,"JANELA BASCULANTE, EM ALUMINIO PERFIL 20, 80 X 60 CM (A X L), 4 FLS (1 FIXA E 3 MOVEIS), ACABAMENTO BRANCO OU BRILHANTE, BATENTE DE 3 A 4 CM, COM VIDRO 4 MM, SEM GUARNICAO                                                                                                                                                                                                                                                                                                                               ","UN    ",181.95]
[3428,"JANELA DE ABRIR EM MADEIRA IMBUIA/CEDRO ARANA/CEDRO ROSA OU EQUIVALENTE DA REGIAO, CAIXA DO BATENTE/MARCO *10* CM, 2 FOLHAS DE ABRIR TIPO VENEZIANA E 2 FOLHAS DE ABRIR PARA VIDRO, COM GUARNICAO/ALIZAR, COM FERRAGENS, (SEM VIDRO E SEM ACABAMENTO)                                                                                                                                                                                                                                                     ","M2    ",{"v":1437.16,"d":"1,437.16"}]
[3429,"JANELA DE ABRIR EM MADEIRA PINUS/EUCALIPTO/ TAUARI/ VIROLA OU EQUIVALENTE DA REGIAO, CAIXA DO BATENTE/MARCO *10* CM, 2 FOLHAS DE ABRIR TIPO VENEZIANA E 2 FOLHAS GUILHOTINA PARA VIDRO, COM FERRAGENS (SEM VIDRO,SEM GUARNICAO/ALIZAR E SEM ACABAMENTO)                                                                                                                                                                                                                                                   ","M2    ",821.11]
[11199,"JANELA DE CORRER, ACO, BATENTE/REQUADRO DE 6 A 14 CM, COM DIVISAO HORIZ , PINT ANTICORROSIVA, SEM VIDRO, BANDEIRA COM BASCULA, 4 FLS, 120 X 150 CM (A X L)                                                                                                                                                                                                                                                                                                                                                ","UN    ",891.66]
[34369,"JANELA DE CORRER, EM ALUMINIO PEFIL 25, 100 X 200 CM (A X L), 4 FLS, SEM BANDEIRA, ACABAMENTO BRANCO OU BRILHANTE, BATENTE DE 6 A 7 CM, COM VIDRO 4 MM, SEM GUARNICAO/ALIZAR                                                                                                                                                                                                                                                                                                                              ","UN    ",632.84]
[36896,"JANELA DE CORRER, EM ALUMINIO PERFIL 25, 100 X 120 CM (A X L), 2 FLS MOVEIS, SEM BANDEIRA, ACABAMENTO BRANCO OU BRILHANTE, BATENTE DE 6 A 7 CM, COM VIDRO 4 MM, SEM GUARNICAO                                                                                                                                                                                                                                                                                                                             ","UN    ",352.4]
[34367,"JANELA DE CORRER, EM ALUMINIO PERFIL 25, 100 X 150 CM (A X L), 2 FLS MOVEIS, SEM BANDEIRA, ACABAMENTO BRANCO OU BRILHANTE, BATENTE DE 6 A 7 CM, COM VIDRO 4 MM, SEM GUARNICAO                                                                                                                                                                                                                                                                                                                             ","UN    ",454.19]
[36897,"JANELA DE CORRER, EM ALUMINIO PERFIL 25, 100 X 150 CM (A X L), 4 FLS MOVEIS, SEM BANDEIRA, ACABAMENTO BRANCO OU BRILHANTE, BATENTE DE 6 A 7 CM, COM VIDRO 4 MM, SEM GUARNICAO/ALIZAR                                                                                                                                                                                                                                                                                                                      ","UN    ",549.91]
[34364,"JANELA DE CORRER, EM ALUMINIO PERFIL 25, 120 X 150 CM (A X L), 4 FLS, BANDEIRA COM BASCULA, ACABAMENTO BRANCO OU BRILHANTE, BATENTE/REQUADRO DE 6 A 14 CM, COM VIDRO 4 MM, SEM GUARNICAO/ALIZAR                                                                                                                                                                                                                                                                                                           ","UN    ",597.02]
[40659,"JANELA DE 6 FOLHAS DE CORRER EM MADEIRA CEDRINHO/ ANGELIM COMERCIAL/ CURUPIXA/ CUMARU OU EQUIVALENTE DA REGIAO, CAIXA DO BATENTE/MARCO *10* CM, 2 FOLHAS DE CORRER VENEZIANA, 2 FOLHAS FIXAS VENEZIANA E 2 FOLHAS DE CORRER PARA VIDRO, COM FERRAGENS (SEM VIDRO, SEM ACABAMENTO E SEM GUARNICAO/ALIZAR)                                                                                                                                                                                                  ","M2    ",{"v":1370.82,"d":"1,370.82"}]
[40660,"JANELA DE 6 FOLHAS DE CORRER EM MADEIRA IMBUIA/CEDRO ARANA/CEDRO ROSA OU EQUIVALENTE DA REGIAO, CAIXA DO BATENTE/MARCO *10* CM, 2 FOLHAS DE CORRER VENEZIANA, 2 FOLHAS FIXAS VENEZIANA E 2 FOLHAS DE CORRER PARA VIDRO, COM FERRAGENS (SEM VIDRO, SEM ACABAMENTO E SEM GUARNICAO/ALIZAR)                                                                                                                                                                                                                  ","M2    ",{"v":1737.35,"d":"1,737.35"}]
[40661,"JANELA DE 6 FOLHAS DE CORRER EM MADEIRA PINUS/ EUCALIPTO/ TAUARI/ VIROLA OU  EQUIVALENTE DA REGIAO, CAIXA DO BATENTE/MARCO *10* CM, 2 FOLHAS DE CORRER VENEZIANA, 2 FOLHAS FIXAS VENEZIANA E 2 FOLHAS DE CORRER PARA VIDRO, COM FERRAGENS (SEM VIDRO, SEM ACABAMENTO E SEM GUARNICAO/ALIZAR)                                                                                                                                                                                                              ","M2    ",{"v":1068.17,"d":"1,068.17"}]
[3421,"JANELA EM MADEIRA CEDRINHO/ ANGELIM COMERCIAL/ CURUPIXA/ CUMARU OU EQUIVALENTE DA REGIAO, CAIXA DO BATENTE/MARCO *10* CM, 2 FOLHAS DE ABRIR TIPO VENEZIANA E 2 FOLHAS GUILHOTINA PARA VIDRO, COM GUARNICAO/ALIZAR, COM FERRAGENS (SEM VIDRO E SEM ACABAMENTO)                                                                                                                                                                                                                                             ","M2    ",{"v":1076.34,"d":"1,076.34"}]
[599,"JANELA FIXA, EM ALUMINIO PERFIL 20, 60  X 80 CM (A X L), BATENTE/REQUADRO DE 3 A 14 CM, COM VIDRO 4 MM, SEM GUARNICAO/ALIZAR, ACABAMENTO ALUM BRANCO OU BRILHANTE                                                                                                                                                                                                                                                                                                                                         ","M2    ",642.7]
[44053,"JANELA INTEGRADA VENEZIANA EM ALUMINIO PERFIL 25, 120 X 120 CM (A X L), 2 FLS ( 2 VIDROS) E VENEZIANA COM ACIONAMENTO MANUAL, SEM BANDEIRA, ACABAMENTO BRILHANTE, BATENTE DE 11,50 A 12,50 CM, COM VIDRO 4 MM, INCLUSO GUARNICAO                                                                                                                                                                                                                                                                          ","UN    ",{"v":1426.49,"d":"1,426.49"}]
[3423,"JANELA MAXIM AR EM MADEIRA CEDRINHO/ ANGELIM COMERCIAL/ CURUPIXA/ CUMARU OU EQUIVALENTE DA REGIAO, CAIXA DO BATENTE/MARCO *10* CM, 1 FOLHA  PARA VIDRO, COM GUARNICAO/ALIZAR, COM FERRAGENS, (SEM VIDRO E SEM ACABAMENTO)                                                                                                                                                                                                                                                                                 ","M2    ",{"v":1517.9,"d":"1,517.90"}]
[34381,"JANELA MAXIM AR, EM ALUMINIO PERFIL 25, 60 X 80 CM (A X L), ACABAMENTO BRANCO OU BRILHANTE, BATENTE DE 4 A 5 CM, COM VIDRO 4 MM, SEM GUARNICAO/ALIZAR                                                                                                                                                                                                                                                                                                                                                     ","UN    ",259.51]
[34797,"JANELA MAXIMO AR, ACO, BATENTE / REQUADRO DE 6 A 14 CM, PINT ANTICORROSIVA, SEM VIDRO, COM GRADE, 1 FL, 60  X 80 CM (A X L)                                                                                                                                                                                                                                                                                                                                                                               ","UN    ",351.66]
[44054,"JANELA VENEZIANA DE CORRER, EM ALUMINIO PERFIL 25, 100 X 120 CM (A X L), 3 FLS (2 VENEZIANAS E 1 VIDRO), SEM BANDEIRA, ACABAMENTO BRANCO OU BRILHANTE, BATENTE DE 8 A 9 CM, COM VIDRO 4 MM, SEM GUARNICAO/ALIZAR                                                                                                                                                                                                                                                                                          ","UN    ",511.74]
[44399,"JANELA VENEZIANA DE CORRER, EM ALUMINIO PERFIL 25, 100 X 150 CM (A X L), 6 FLS (4 VENEZIANAS E 2 VIDROS), SEM BANDEIRA, ACABAMENTO BRANCO OU BRILHANTE, BATENTE DE 8 A 9 CM, COM VIDRO 4 MM, SEM GUARNICAO / ALIZAR                                                                                                                                                                                                                                                                                       ","UN    ",699.2]
[44503,"JARDINEIRO (HORISTA)                                                                                                                                                                                                                                                                                                                                                                                                                                                                                      ","H     ",15.67]
[41077,"JARDINEIRO (MENSALISTA)                                                                                                                                                                                                                                                                                                                                                                                                                                                                                   ","MES   ",{"v":2760.9,"d":"2,760.90"}]
[37963,"JOELHO CPVC, SOLDAVEL, 45 GRAUS, 15 MM, PARA AGUA QUENTE                                                                                                                                                                                                                                                                                                                                                                                                                                                  ","UN    ",4.23]
[37964,"JOELHO CPVC, SOLDAVEL, 45 GRAUS, 22 MM, PARA AGUA QUENTE                                                                                                                                                                                                                                                                                                                                                                                                                                                  ","UN    ",5.66]
[37965,"JOELHO CPVC, SOLDAVEL, 45 GRAUS, 28 MM, PARA AGUA QUENTE                                                                                                                                                                                                                                                                                                                                                                                                                                                  ","UN    ",8.16]
[37966,"JOELHO CPVC, SOLDAVEL, 45 GRAUS, 35 MM, PARA AGUA QUENTE                                                                                                                                                                                                                                                                                                                                                                                                                                                  ","UN    ",14.33]
[37967,"JOELHO CPVC, SOLDAVEL, 45 GRAUS, 42 MM, PARA AGUA QUENTE                                                                                                                                                                                                                                                                                                                                                                                                                                                  ","UN    ",24.08]
[37968,"JOELHO CPVC, SOLDAVEL, 45 GRAUS, 54 MM, PARA AGUA QUENTE                                                                                                                                                                                                                                                                                                                                                                                                                                                  ","UN    ",51.13]
[37969,"JOELHO CPVC, SOLDAVEL, 45 GRAUS, 73 MM, PARA AGUA QUENTE                                                                                                                                                                                                                                                                                                                                                                                                                                                  ","UN    ",129.2]
[37970,"JOELHO CPVC, SOLDAVEL, 45 GRAUS, 89 MM, PARA AGUA QUENTE                                                                                                                                                                                                                                                                                                                                                                                                                                                  ","UN    ",186.92]
[44251,"JOELHO CPVC, SOLDAVEL, 90 GRAUS, 114 MM, PARA AGUA QUENTE                                                                                                                                                                                                                                                                                                                                                                                                                                                 ","UN    ",215.9]
[21118,"JOELHO CPVC, SOLDAVEL, 90 GRAUS, 15 MM, PARA AGUA QUENTE                                                                                                                                                                                                                                                                                                                                                                                                                                                  ","UN    ",3.36]
[37956,"JOELHO CPVC, SOLDAVEL, 90 GRAUS, 22 MM, PARA AGUA QUENTE                                                                                                                                                                                                                                                                                                                                                                                                                                                  ","UN    ",4.13]
[37957,"JOELHO CPVC, SOLDAVEL, 90 GRAUS, 28 MM, PARA AGUA QUENTE                                                                                                                                                                                                                                                                                                                                                                                                                                                  ","UN    ",8.79]
[37958,"JOELHO CPVC, SOLDAVEL, 90 GRAUS, 35 MM, PARA AGUA QUENTE                                                                                                                                                                                                                                                                                                                                                                                                                                                  ","UN    ",15.89]
[37959,"JOELHO CPVC, SOLDAVEL, 90 GRAUS, 42 MM, PARA AGUA QUENTE                                                                                                                                                                                                                                                                                                                                                                                                                                                  ","UN    ",24.46]
[37960,"JOELHO CPVC, SOLDAVEL, 90 GRAUS, 54 MM, PARA AGUA QUENTE                                                                                                                                                                                                                                                                                                                                                                                                                                                  ","UN    ",62.51]
[37961,"JOELHO CPVC, SOLDAVEL, 90 GRAUS, 73 MM, PARA AGUA QUENTE                                                                                                                                                                                                                                                                                                                                                                                                                                                  ","UN    ",134.35]
[37962,"JOELHO CPVC, SOLDAVEL, 90 GRAUS, 89 MM, PARA AGUA QUENTE                                                                                                                                                                                                                                                                                                                                                                                                                                                  ","UN    ",154.88]
[3533,"JOELHO DE REDUCAO, PVC SOLDAVEL, 90 GRAUS, 25 MM X 20 MM, COR MARROM, PARA AGUA FRIA PREDIAL                                                                                                                                                                                                                                                                                                                                                                                                              ","UN    ",2.6]
[3538,"JOELHO DE REDUCAO, PVC SOLDAVEL, 90 GRAUS, 32 MM X 25 MM, COR MARROM, PARA AGUA FRIA PREDIAL                                                                                                                                                                                                                                                                                                                                                                                                              ","UN    ",4.92]
[3498,"JOELHO DE REDUCAO, PVC, ROSCAVEL, 90 GRAUS, 1\" X 3/4\", COR BRANCA, PARA AGUA FRIA PREDIAL                                                                                                                                                                                                                                                                                                                                                                                                                 ","UN    ",4.78]
[3496,"JOELHO DE REDUCAO, PVC, ROSCAVEL, 90 GRAUS, 3/4\" X 1/2\", COR BRANCA, PARA AGUA FRIA PREDIAL                                                                                                                                                                                                                                                                                                                                                                                                               ","UN    ",3.2]
[38429,"JOELHO DE TRANSICAO, CPVC, SOLDAVEL, 90 GRAUS, 15 MM X 1/2\", PARA AGUA QUENTE                                                                                                                                                                                                                                                                                                                                                                                                                             ","UN    ",11.44]
[38431,"JOELHO DE TRANSICAO, CPVC, SOLDAVEL, 90 GRAUS, 22 MM X 1/2\", PARA AGUA QUENTE                                                                                                                                                                                                                                                                                                                                                                                                                             ","UN    ",14.35]
[38430,"JOELHO DE TRANSICAO, CPVC, SOLDAVEL, 90 GRAUS, 22 MM X 3/4\", PARA AGUA QUENTE                                                                                                                                                                                                                                                                                                                                                                                                                             ","UN    ",22.25]
[36348,"JOELHO PPR 45 GRAUS, SOLDAVEL, F/F, DN 20 MM, PARA AGUA QUENTE PREDIAL                                                                                                                                                                                                                                                                                                                                                                                                                                    ","UN    ",1.96]
[36349,"JOELHO PPR 45 GRAUS, SOLDAVEL, F/F, DN 25 MM, PARA AGUA QUENTE PREDIAL                                                                                                                                                                                                                                                                                                                                                                                                                                    ","UN    ",2.7]
[38987,"JOELHO PPR 45 GRAUS, SOLDAVEL, F/F, DN 40 MM, PARA AQUA QUENTE E FRIA PREDIAL                                                                                                                                                                                                                                                                                                                                                                                                                             ","UN    ",12.98]
[38988,"JOELHO PPR 45 GRAUS, SOLDAVEL, F/F, DN 50 MM, PARA AQUA QUENTE E FRIA PREDIAL                                                                                                                                                                                                                                                                                                                                                                                                                             ","UN    ",21.15]
[38989,"JOELHO PPR 45 GRAUS, SOLDAVEL, F/F, DN 63 MM, PARA AQUA QUENTE E FRIA PREDIAL                                                                                                                                                                                                                                                                                                                                                                                                                             ","UN    ",35.59]
[38990,"JOELHO PPR 45 GRAUS, SOLDAVEL, F/F, DN 75 MM, PARA AQUA QUENTE E FRIA PREDIAL                                                                                                                                                                                                                                                                                                                                                                                                                             ","UN    ",71.12]
[38991,"JOELHO PPR 45 GRAUS, SOLDAVEL, F/F, DN 90 MM, PARA AQUA QUENTE E FRIA PREDIAL                                                                                                                                                                                                                                                                                                                                                                                                                             ","UN    ",127.97]
[38433,"JOELHO PPR, 45 GRAUS, SOLDAVEL, F/F, DN 32 MM, PARA AGUA QUENTE PREDIAL                                                                                                                                                                                                                                                                                                                                                                                                                                   ","UN    ",6.61]
[38440,"JOELHO PPR, 90 GRAUS, SOLDAVEL, F/F, DN 110 MM, PARA AGUA QUENTE PREDIAL                                                                                                                                                                                                                                                                                                                                                                                                                                  ","UN    ",278.9]
[36359,"JOELHO PPR, 90 GRAUS, SOLDAVEL, F/F, DN 20 MM, PARA AGUA QUENTE PREDIAL                                                                                                                                                                                                                                                                                                                                                                                                                                   ","UN    ",1.74]
[36360,"JOELHO PPR, 90 GRAUS, SOLDAVEL, F/F, DN 25 MM, PARA AGUA QUENTE PREDIAL                                                                                                                                                                                                                                                                                                                                                                                                                                   ","UN    ",2.34]
[38434,"JOELHO PPR, 90 GRAUS, SOLDAVEL, F/F, DN 32 MM, PARA AGUA QUENTE PREDIAL                                                                                                                                                                                                                                                                                                                                                                                                                                   ","UN    ",3.56]
[38435,"JOELHO PPR, 90 GRAUS, SOLDAVEL, F/F, DN 40 MM, PARA AGUA QUENTE PREDIAL                                                                                                                                                                                                                                                                                                                                                                                                                                   ","UN    ",8.02]
[38436,"JOELHO PPR, 90 GRAUS, SOLDAVEL, F/F, DN 50 MM, PARA AGUA QUENTE PREDIAL                                                                                                                                                                                                                                                                                                                                                                                                                                   ","UN    ",13.3]
[38437,"JOELHO PPR, 90 GRAUS, SOLDAVEL, F/F, DN 63 MM, PARA AGUA QUENTE PREDIAL                                                                                                                                                                                                                                                                                                                                                                                                                                   ","UN    ",21.57]
[38438,"JOELHO PPR, 90 GRAUS, SOLDAVEL, F/F, DN 75 MM, PARA AGUA QUENTE PREDIAL                                                                                                                                                                                                                                                                                                                                                                                                                                   ","UN    ",62.57]
[38439,"JOELHO PPR, 90 GRAUS, SOLDAVEL, F/F, DN 90 MM, PARA AGUA QUENTE PREDIAL                                                                                                                                                                                                                                                                                                                                                                                                                                   ","UN    ",79.5]
[10836,"JOELHO PVC COM VISITA, 90 GRAUS, DN 100 X 50 MM, SERIE NORMAL, PARA ESGOTO PREDIAL                                                                                                                                                                                                                                                                                                                                                                                                                        ","UN    ",19.63]
[10835,"JOELHO PVC, COM BOLSA E ANEL, 90 GRAUS, DN 40 X *38* MM, SERIE NORMAL, PARA ESGOTO PREDIAL                                                                                                                                                                                                                                                                                                                                                                                                                ","UN    ",5.48]
[3475,"JOELHO PVC, ROSCAVEL, 45 GRAUS, 1/2\", COR BRANCA, PARA AGUA FRIA PREDIAL                                                                                                                                                                                                                                                                                                                                                                                                                                  ","UN    ",4.56]
[3485,"JOELHO PVC, ROSCAVEL, 45 GRAUS, 1\", COR BRANCA, PARA AGUA FRIA PREDIAL                                                                                                                                                                                                                                                                                                                                                                                                                                    ","UN    ",12.6]
[3534,"JOELHO PVC, ROSCAVEL, 45 GRAUS, 3/4\", COR BRANCA, PARA AGUA FRIA PREDIAL                                                                                                                                                                                                                                                                                                                                                                                                                                  ","UN    ",7.23]
[3543,"JOELHO PVC, ROSCAVEL, 90 GRAUS, 1/2\", COR BRANCA, PARA AGUA FRIA PREDIAL                                                                                                                                                                                                                                                                                                                                                                                                                                  ","UN    ",1.68]
[3482,"JOELHO PVC, ROSCAVEL, 90 GRAUS, 1\", COR BRANCA, PARA AGUA FRIA PREDIAL                                                                                                                                                                                                                                                                                                                                                                                                                                    ","UN    ",5.17]
[3505,"JOELHO PVC, ROSCAVEL, 90 GRAUS, 3/4\", COR BRANCA, PARA AGUA FRIA PREDIAL                                                                                                                                                                                                                                                                                                                                                                                                                                  ","UN    ",2.49]
[3521,"JOELHO PVC, SOLDAVEL COM ROSCA, 90 GRAUS, 20 MM X 1/2\", COR MARROM, PARA AGUA FRIA PREDIAL                                                                                                                                                                                                                                                                                                                                                                                                                ","UN    ",1.88]
[3531,"JOELHO PVC, SOLDAVEL COM ROSCA, 90 GRAUS, 25 MM X 1/2\", COR MARROM, PARA AGUA FRIA PREDIAL                                                                                                                                                                                                                                                                                                                                                                                                                ","UN    ",3.58]
[3522,"JOELHO PVC, SOLDAVEL COM ROSCA, 90 GRAUS, 25 MM X 3/4\", COR MARROM, PARA AGUA FRIA PREDIAL                                                                                                                                                                                                                                                                                                                                                                                                                ","UN    ",2.31]
[3527,"JOELHO PVC, SOLDAVEL COM ROSCA, 90 GRAUS, 32 MM X 3/4\", COR MARROM, PARA AGUA FRIA PREDIAL                                                                                                                                                                                                                                                                                                                                                                                                                ","UN    ",12.15]
[3516,"JOELHO PVC, SOLDAVEL, BB, 45 GRAUS, DN 40 MM, PARA ESGOTO PREDIAL                                                                                                                                                                                                                                                                                                                                                                                                                                         ","UN    ",2.26]
[3517,"JOELHO PVC, SOLDAVEL, BB, 90 GRAUS, SEM ANEL, DN 40 MM, PARA ESGOTO PREDIAL SECUNDARIO                                                                                                                                                                                                                                                                                                                                                                                                                    ","UN    ",2.04]
[3515,"JOELHO PVC, SOLDAVEL, COM BUCHA DE LATAO, 90 GRAUS, 20 MM X 1/2\", PARA AGUA FRIA PREDIAL                                                                                                                                                                                                                                                                                                                                                                                                                  ","UN    ",6.19]
[20147,"JOELHO PVC, SOLDAVEL, COM BUCHA DE LATAO, 90 GRAUS, 25 MM X 1/2\", PARA AGUA FRIA PREDIAL                                                                                                                                                                                                                                                                                                                                                                                                                  ","UN    ",5.09]
[3524,"JOELHO PVC, SOLDAVEL, COM BUCHA DE LATAO, 90 GRAUS, 25 MM X 3/4\", PARA AGUA FRIA PREDIAL                                                                                                                                                                                                                                                                                                                                                                                                                  ","UN    ",7.67]
[3532,"JOELHO PVC, SOLDAVEL, COM BUCHA DE LATAO, 90 GRAUS, 32 MM X 3/4\", PARA AGUA FRIA PREDIAL                                                                                                                                                                                                                                                                                                                                                                                                                  ","UN    ",17.72]
[3528,"JOELHO PVC, SOLDAVEL, PB, 45 GRAUS, DN 100 MM, PARA ESGOTO PREDIAL                                                                                                                                                                                                                                                                                                                                                                                                                                        ","UN    ",8.84]
[37952,"JOELHO PVC, SOLDAVEL, PB, 45 GRAUS, DN 150 MM, PARA ESGOTO PREDIAL                                                                                                                                                                                                                                                                                                                                                                                                                                        ","UN    ",63.35]
[37951,"JOELHO PVC, SOLDAVEL, PB, 45 GRAUS, DN 40 MM, PARA ESGOTO PREDIAL                                                                                                                                                                                                                                                                                                                                                                                                                                         ","UN    ",2.38]
[3518,"JOELHO PVC, SOLDAVEL, PB, 45 GRAUS, DN 50 MM, PARA ESGOTO PREDIAL                                                                                                                                                                                                                                                                                                                                                                                                                                         ","UN    ",3.66]
[3519,"JOELHO PVC, SOLDAVEL, PB, 45 GRAUS, DN 75 MM, PARA ESGOTO PREDIAL                                                                                                                                                                                                                                                                                                                                                                                                                                         ","UN    ",7.66]
[3520,"JOELHO PVC, SOLDAVEL, PB, 90 GRAUS, DN 100 MM, PARA ESGOTO PREDIAL                                                                                                                                                                                                                                                                                                                                                                                                                                        ","UN    ",8.03]
[37950,"JOELHO PVC, SOLDAVEL, PB, 90 GRAUS, DN 150 MM, PARA ESGOTO PREDIAL                                                                                                                                                                                                                                                                                                                                                                                                                                        ","UN    ",58.32]
[37949,"JOELHO PVC, SOLDAVEL, PB, 90 GRAUS, DN 40 MM, PARA ESGOTO PREDIAL                                                                                                                                                                                                                                                                                                                                                                                                                                         ","UN    ",2.15]
[3526,"JOELHO PVC, SOLDAVEL, PB, 90 GRAUS, DN 50 MM, PARA ESGOTO PREDIAL                                                                                                                                                                                                                                                                                                                                                                                                                                         ","UN    ",2.96]
[3509,"JOELHO PVC, SOLDAVEL, PB, 90 GRAUS, DN 75 MM, PARA ESGOTO PREDIAL                                                                                                                                                                                                                                                                                                                                                                                                                                         ","UN    ",6.72]
[3530,"JOELHO PVC, SOLDAVEL, 90 GRAUS, 110 MM, COR MARROM, PARA AGUA FRIA PREDIAL                                                                                                                                                                                                                                                                                                                                                                                                                                ","UN    ",196.71]
[3542,"JOELHO PVC, SOLDAVEL, 90 GRAUS, 20 MM, COR MARROM, PARA AGUA FRIA PREDIAL                                                                                                                                                                                                                                                                                                                                                                                                                                 ","UN    ",0.56]
[3529,"JOELHO PVC, SOLDAVEL, 90 GRAUS, 25 MM, COR MARROM, PARA AGUA FRIA PREDIAL                                                                                                                                                                                                                                                                                                                                                                                                                                 ","UN    ",0.69]
[3536,"JOELHO PVC, SOLDAVEL, 90 GRAUS, 32 MM, COR MARROM, PARA AGUA FRIA PREDIAL                                                                                                                                                                                                                                                                                                                                                                                                                                 ","UN    ",2.3]
[3535,"JOELHO PVC, SOLDAVEL, 90 GRAUS, 40 MM, COR MARROM, PARA AGUA FRIA PREDIAL                                                                                                                                                                                                                                                                                                                                                                                                                                 ","UN    ",5.61]
[3540,"JOELHO PVC, SOLDAVEL, 90 GRAUS, 50 MM, COR MARROM, PARA AGUA FRIA PREDIAL                                                                                                                                                                                                                                                                                                                                                                                                                                 ","UN    ",4.75]
[3539,"JOELHO PVC, SOLDAVEL, 90 GRAUS, 60 MM, COR MARROM, PARA AGUA FRIA PREDIAL                                                                                                                                                                                                                                                                                                                                                                                                                                 ","UN    ",27.53]
[3513,"JOELHO PVC, SOLDAVEL, 90 GRAUS, 85 MM, COR MARROM, PARA AGUA FRIA PREDIAL                                                                                                                                                                                                                                                                                                                                                                                                                                 ","UN    ",97.08]
[3510,"JOELHO PVC, 90 GRAUS, ROSCAVEL, 1 1/4\", COR BRANCA, AGUA FRIA PREDIAL                                                                                                                                                                                                                                                                                                                                                                                                                                     ","UN    ",11.99]
[38913,"JOELHO/COTOVELO 90 GRAUS, METALICO, PARA CONEXAO COM ANEL DESLIZANTE, DN 16 MM, EM TUBO PEX PARA INST. AGUA QUENTE/FRIA                                                                                                                                                                                                                                                                                                                                                                                   ","UN    ",9.42]
[38914,"JOELHO/COTOVELO 90 GRAUS, METALICO, PARA CONEXAO COM ANEL DESLIZANTE, DN 20 MM, EM TUBO PEX PARA INST. AGUA QUENTE/FRIA                                                                                                                                                                                                                                                                                                                                                                                   ","UN    ",11.57]
[38915,"JOELHO/COTOVELO 90 GRAUS, METALICO, PARA CONEXAO COM ANEL DESLIZANTE, DN 25 MM, EM TUBO PEX PARA INST. AGUA QUENTE/FRIA                                                                                                                                                                                                                                                                                                                                                                                   ","UN    ",22.29]
[38916,"JOELHO/COTOVELO 90 GRAUS, METALICO, PARA CONEXAO COM ANEL DESLIZANTE, DN 32 MM, EM TUBO PEX PARA INST. AGUA QUENTE/FRIA                                                                                                                                                                                                                                                                                                                                                                                   ","UN    ",30.85]
[39300,"JOELHO/COTOVELO 90 GRAUS, PLASTICO, PARA CONEXAO COM CRIMPAGEM, DN 16 MM, EM TUBO PEX PARA INST. AGUA QUENTE/FRIA                                                                                                                                                                                                                                                                                                                                                                                         ","UN    ",8.41]
[39301,"JOELHO/COTOVELO 90 GRAUS, PLASTICO, PARA CONEXAO COM CRIMPAGEM, DN 20 MM, EM TUBO PEX PARA INST. AGUA QUENTE/FRIA                                                                                                                                                                                                                                                                                                                                                                                         ","UN    ",11.26]
[39302,"JOELHO/COTOVELO 90 GRAUS, PLASTICO, PARA CONEXAO COM CRIMPAGEM, DN 25 MM, EM TUBO PEX PARA INST. AGUA QUENTE/FRIA                                                                                                                                                                                                                                                                                                                                                                                         ","UN    ",20.47]
[38923,"JOELHO/COTOVELO 90 GRAUS, ROSCA FEMEA TERMINAL, METALICO, PARA CONEXAO COM ANEL DESLIZANTE, DN 16 MM X 1/2\", EM TUBO PEX PARA INST. AGUA QUENTE/FRIA                                                                                                                                                                                                                                                                                                                                                      ","UN    ",10.08]
[38925,"JOELHO/COTOVELO 90 GRAUS, ROSCA FEMEA TERMINAL, METALICO, PARA CONEXAO COM ANEL DESLIZANTE, DN 20 MM X 1/2\", EM TUBO PEX PARA INST. AGUA QUENTE/FRIA                                                                                                                                                                                                                                                                                                                                                      ","UN    ",11.7]
[38926,"JOELHO/COTOVELO 90 GRAUS, ROSCA FEMEA TERMINAL, METALICO, PARA CONEXAO COM ANEL DESLIZANTE, DN 20 MM X 3/4\", EM TUBO PEX PARA INST. AGUA QUENTE/FRIA                                                                                                                                                                                                                                                                                                                                                      ","UN    ",13.87]
[38927,"JOELHO/COTOVELO 90 GRAUS, ROSCA FEMEA TERMINAL, METALICO, PARA CONEXAO COM ANEL DESLIZANTE, DN 25 MM X 3/4\", EM TUBO PEX PARA INST. AGUA QUENTE/FRIA                                                                                                                                                                                                                                                                                                                                                      ","UN    ",17.52]
[39304,"JOELHO/COTOVELO 90 GRAUS, ROSCA FEMEA TERMINAL, PLASTICO, PARA CONEXAO COM CRIMPAGEM, DN 16 MM X 1/2\", EM TUBO PEX PARA INST. AGUA QUENTE/FRIA                                                                                                                                                                                                                                                                                                                                                            ","UN    ",9.95]
[39305,"JOELHO/COTOVELO 90 GRAUS, ROSCA FEMEA TERMINAL, PLASTICO, PARA CONEXAO COM CRIMPAGEM, DN 20 MM X 1/2\", EM TUBO PEX PARA INST. AGUA QUENTE/FRIA                                                                                                                                                                                                                                                                                                                                                            ","UN    ",10.91]
[39306,"JOELHO/COTOVELO 90 GRAUS, ROSCA FEMEA TERMINAL, PLASTICO, PARA CONEXAO COM CRIMPAGEM, DN 20 MM X 3/4\", EM TUBO PEX PARA INST. AGUA QUENTE/FRIA                                                                                                                                                                                                                                                                                                                                                            ","UN    ",14.67]
[38928,"JOELHO/COTOVELO 90 GRAUS, ROSCA FEMEA TERMINAL, PLASTICO, PARA CONEXAO COM CRIMPAGEM, DN 25 MM X 1/2\", EM TUBO PEX PARA INST. AGUA QUENTE/FRIA                                                                                                                                                                                                                                                                                                                                                            ","UN    ",19.39]
[38941,"JOELHO/COTOVELO, ROSCA FEMEA MOVEL, METALICO, PARA CONEXAO COM ANEL DESLIZANTE, DN 20 MM X 3/4\", EM TUBO PEX PARA INST. AGUA QUENTE/FRIA                                                                                                                                                                                                                                                                                                                                                                  ","UN    ",15.2]
[38917,"JOELHO/COTOVELO, ROSCA FEMEA, COM BASE FIXA, METALICO, PARA CONEXAO COM ANEL DESLIZANTE, DN 16 MM X 1/2\", EM TUBO PEX PARA INST. AGUA QUENTE/FRIA                                                                                                                                                                                                                                                                                                                                                         ","UN    ",10.84]
[38919,"JOELHO/COTOVELO, ROSCA FEMEA, COM BASE FIXA, METALICO, PARA CONEXAO COM ANEL DESLIZANTE, DN 20 MM X 1/2\", EM TUBO PEX PARA INST. AGUA QUENTE/FRIA                                                                                                                                                                                                                                                                                                                                                         ","UN    ",12.72]
[38922,"JOELHO/COTOVELO, ROSCA FEMEA, COM BASE FIXA, METALICO, PARA CONEXAO COM ANEL DESLIZANTE, DN 25 MM X 3/4\", EM TUBO PEX PARA INST. AGUA QUENTE/FRIA                                                                                                                                                                                                                                                                                                                                                         ","UN    ",17.07]
[20151,"JOELHO, PVC SERIE R, 45 GRAUS, DN 100 MM, PARA ESGOTO PREDIAL                                                                                                                                                                                                                                                                                                                                                                                                                                             ","UN    ",19.75]
[20152,"JOELHO, PVC SERIE R, 45 GRAUS, DN 150 MM, PARA ESGOTO PREDIAL                                                                                                                                                                                                                                                                                                                                                                                                                                             ","UN    ",71.48]
[20148,"JOELHO, PVC SERIE R, 45 GRAUS, DN 40 MM, PARA ESGOTO PREDIAL                                                                                                                                                                                                                                                                                                                                                                                                                                              ","UN    ",3.88]
[20149,"JOELHO, PVC SERIE R, 45 GRAUS, DN 50 MM, PARA ESGOTO PREDIAL                                                                                                                                                                                                                                                                                                                                                                                                                                              ","UN    ",6.49]
[20150,"JOELHO, PVC SERIE R, 45 GRAUS, DN 75 MM, PARA ESGOTO PREDIAL                                                                                                                                                                                                                                                                                                                                                                                                                                              ","UN    ",16.72]
[20157,"JOELHO, PVC SERIE R, 90 GRAUS, DN 100 MM, PARA ESGOTO PREDIAL                                                                                                                                                                                                                                                                                                                                                                                                                                             ","UN    ",18.76]
[20158,"JOELHO, PVC SERIE R, 90 GRAUS, DN 150 MM, PARA ESGOTO PREDIAL                                                                                                                                                                                                                                                                                                                                                                                                                                             ","UN    ",74.52]
[20154,"JOELHO, PVC SERIE R, 90 GRAUS, DN 40 MM, PARA ESGOTO PREDIAL                                                                                                                                                                                                                                                                                                                                                                                                                                              ","UN    ",3.8]
[20155,"JOELHO, PVC SERIE R, 90 GRAUS, DN 50 MM, PARA ESGOTO PREDIAL                                                                                                                                                                                                                                                                                                                                                                                                                                              ","UN    ",5.79]
[20156,"JOELHO, PVC SERIE R, 90 GRAUS, DN 75 MM, PARA ESGOTO PREDIAL                                                                                                                                                                                                                                                                                                                                                                                                                                              ","UN    ",16.28]
[3499,"JOELHO, PVC SOLDAVEL, 45 GRAUS, 20 MM, COR MARROM, PARA AGUA FRIA PREDIAL                                                                                                                                                                                                                                                                                                                                                                                                                                 ","UN    ",1.08]
[3500,"JOELHO, PVC SOLDAVEL, 45 GRAUS, 25 MM, COR MARROM, PARA AGUA FRIA PREDIAL                                                                                                                                                                                                                                                                                                                                                                                                                                 ","UN    ",1.43]
[3501,"JOELHO, PVC SOLDAVEL, 45 GRAUS, 32 MM, COR MARROM, PARA AGUA FRIA PREDIAL                                                                                                                                                                                                                                                                                                                                                                                                                                 ","UN    ",3.94]
[3502,"JOELHO, PVC SOLDAVEL, 45 GRAUS, 40 MM, COR MARROM, PARA AGUA FRIA PREDIAL                                                                                                                                                                                                                                                                                                                                                                                                                                 ","UN    ",5.67]
[3503,"JOELHO, PVC SOLDAVEL, 45 GRAUS, 50 MM, COR MARROM, PARA AGUA FRIA PREDIAL                                                                                                                                                                                                                                                                                                                                                                                                                                 ","UN    ",7.12]
[3477,"JOELHO, PVC SOLDAVEL, 45 GRAUS, 60 MM, COR MARROM, PARA AGUA FRIA PREDIAL                                                                                                                                                                                                                                                                                                                                                                                                                                 ","UN    ",25.87]
[3478,"JOELHO, PVC SOLDAVEL, 45 GRAUS, 75 MM, COR MARROM, PARA AGUA FRIA PREDIAL                                                                                                                                                                                                                                                                                                                                                                                                                                 ","UN    ",62.03]
[3525,"JOELHO, PVC SOLDAVEL, 45 GRAUS, 85 MM, COR MARROM, PARA AGUA FRIA PREDIAL                                                                                                                                                                                                                                                                                                                                                                                                                                 ","UN    ",76.55]
[3511,"JOELHO, PVC SOLDAVEL, 90 GRAUS, 75 MM, COR MARROM, PARA AGUA FRIA PREDIAL                                                                                                                                                                                                                                                                                                                                                                                                                                 ","UN    ",81.2]
[12032,"JOGO DE TRANQUETA E ROSETA QUADRADA DE SOBREPOR SEM FUROS, EM LATAO CROMADO, *50 X 50* MM, PARA FECHADURA DE PORTA DE BANHEIRO                                                                                                                                                                                                                                                                                                                                                                            ","JG    ",62.59]
[12030,"JOGO DE TRANQUETA E ROSETA REDONDA DE SOBREPOR SEM FUROS, EM LATAO CROMADO, DIAMETRO *50* MM, PARA FECHADURA DE PORTA DE BANHEIRO                                                                                                                                                                                                                                                                                                                                                                         ","JG    ",58.81]
[10908,"JUNCAO DE REDUCAO INVERTIDA, PVC SOLDAVEL, 100 X 50 MM, SERIE NORMAL PARA ESGOTO PREDIAL                                                                                                                                                                                                                                                                                                                                                                                                                  ","UN    ",18.44]
[10909,"JUNCAO DE REDUCAO INVERTIDA, PVC SOLDAVEL, 100 X 75 MM, SERIE NORMAL PARA ESGOTO PREDIAL                                                                                                                                                                                                                                                                                                                                                                                                                  ","UN    ",21.46]
[3669,"JUNCAO DE REDUCAO INVERTIDA, PVC SOLDAVEL, 75 X 50 MM, SERIE NORMAL PARA ESGOTO PREDIAL                                                                                                                                                                                                                                                                                                                                                                                                                   ","UN    ",13.18]
[20139,"JUNCAO DUPLA, PVC SERIE R, DN 100 X 100 X 100 MM, PARA ESGOTO PREDIAL                                                                                                                                                                                                                                                                                                                                                                                                                                     ","UN    ",113.37]
[3668,"JUNCAO DUPLA, PVC SOLDAVEL, DN 100 X 100 X 100 MM , SERIE NORMAL PARA ESGOTO PREDIAL                                                                                                                                                                                                                                                                                                                                                                                                                      ","UN    ",40.5]
[10911,"JUNCAO INVERTIDA, PVC SOLDAVEL, 75 X 75 MM, SERIE NORMAL PARA ESGOTO PREDIAL                                                                                                                                                                                                                                                                                                                                                                                                                              ","UN    ",17.75]
[3659,"JUNCAO SIMPLES DE REDUCAO, PVC, DN 100 X 50 MM, SERIE NORMAL PARA ESGOTO PREDIAL                                                                                                                                                                                                                                                                                                                                                                                                                          ","UN    ",18.09]
[3660,"JUNCAO SIMPLES DE REDUCAO, PVC, DN 100 X 75 MM, SERIE NORMAL PARA ESGOTO PREDIAL                                                                                                                                                                                                                                                                                                                                                                                                                          ","UN    ",23.39]
[20144,"JUNCAO SIMPLES, PVC SERIE R, DN 100 X 100 MM, PARA ESGOTO PREDIAL                                                                                                                                                                                                                                                                                                                                                                                                                                         ","UN    ",52.38]
[20143,"JUNCAO SIMPLES, PVC SERIE R, DN 100 X 75 MM, PARA ESGOTO PREDIAL                                                                                                                                                                                                                                                                                                                                                                                                                                          ","UN    ",67.02]
[20145,"JUNCAO SIMPLES, PVC SERIE R, DN 150 X 100 MM, PARA ESGOTO PREDIAL                                                                                                                                                                                                                                                                                                                                                                                                                                         ","UN    ",129.27]
[20146,"JUNCAO SIMPLES, PVC SERIE R, DN 150 X 150 MM, PARA ESGOTO PREDIAL                                                                                                                                                                                                                                                                                                                                                                                                                                         ","UN    ",176.71]
[20140,"JUNCAO SIMPLES, PVC SERIE R, DN 40 X 40 MM, PARA ESGOTO PREDIAL                                                                                                                                                                                                                                                                                                                                                                                                                                           ","UN    ",8.29]
[20141,"JUNCAO SIMPLES, PVC SERIE R, DN 50 X 50 MM, PARA ESGOTO PREDIAL                                                                                                                                                                                                                                                                                                                                                                                                                                           ","UN    ",20.3]
[20142,"JUNCAO SIMPLES, PVC SERIE R, DN 75 X 75 MM, PARA ESGOTO PREDIAL                                                                                                                                                                                                                                                                                                                                                                                                                                           ","UN    ",35.72]
[3670,"JUNCAO SIMPLES, PVC, 45 GRAUS, DN 100 X 100 MM, SERIE NORMAL PARA ESGOTO PREDIAL                                                                                                                                                                                                                                                                                                                                                                                                                          ","UN    ",23.22]
[3666,"JUNCAO SIMPLES, PVC, 45 GRAUS, DN 40 X 40 MM, SERIE NORMAL PARA ESGOTO PREDIAL                                                                                                                                                                                                                                                                                                                                                                                                                            ","UN    ",3.65]
[3662,"JUNCAO SIMPLES, PVC, 45 GRAUS, DN 50 X 50 MM, SERIE NORMAL PARA ESGOTO PREDIAL                                                                                                                                                                                                                                                                                                                                                                                                                            ","UN    ",9.53]
[3658,"JUNCAO SIMPLES, PVC, 45 GRAUS, DN 75 X 75 MM, SERIE NORMAL PARA ESGOTO PREDIAL                                                                                                                                                                                                                                                                                                                                                                                                                            ","UN    ",18.06]
[14157,"JUNCAO 2 GARRAS PARA FITA PERFURADA                                                                                                                                                                                                                                                                                                                                                                                                                                                                       ","UN    ",1.27]
[42696,"JUNCAO, PVC, 45 GRAUS, JE, BBB, DN 150 MM, PARA TUBO CORRUGADO E/OU LISO, REDE COLETORA DE ESGOTO                                                                                                                                                                                                                                                                                                                                                                                                         ","UN    ",143.19]
[39875,"JUNTA DE EXPANSAO BRONZE/LATAO (REF 900), PONTA X PONTA, 35 MM                                                                                                                                                                                                                                                                                                                                                                                                                                            ","UN    ",612.03]
[39876,"JUNTA DE EXPANSAO BRONZE/LATAO (REF 900), PONTA X PONTA, 42 MM                                                                                                                                                                                                                                                                                                                                                                                                                                            ","UN    ",766.26]
[39877,"JUNTA DE EXPANSAO BRONZE/LATAO (REF 900), PONTA X PONTA, 54 MM                                                                                                                                                                                                                                                                                                                                                                                                                                            ","UN    ",{"v":1062.78,"d":"1,062.78"}]
[39878,"JUNTA DE EXPANSAO BRONZE/LATAO (REF 900), PONTA X PONTA, 66 MM                                                                                                                                                                                                                                                                                                                                                                                                                                            ","UN    ",{"v":1403.75,"d":"1,403.75"}]
[39872,"JUNTA DE EXPANSAO DE COBRE (REF 900), PONTA X PONTA, 15 MM                                                                                                                                                                                                                                                                                                                                                                                                                                                ","UN    ",419.72]
[39873,"JUNTA DE EXPANSAO DE COBRE (REF 900), PONTA X PONTA, 22 MM                                                                                                                                                                                                                                                                                                                                                                                                                                                ","UN    ",486.85]
[39874,"JUNTA DE EXPANSAO DE COBRE (REF 900), PONTA X PONTA, 28 MM                                                                                                                                                                                                                                                                                                                                                                                                                                                ","UN    ",534.74]
[3674,"JUNTA DILATACAO ELASTICA PARA CONCRETO (FUGENBAND) O-12, ATE 5 MCA                                                                                                                                                                                                                                                                                                                                                                                                                                        ","M     ",86.56]
[3681,"JUNTA DILATACAO ELASTICA PARA CONCRETO (FUGENBAND) O-22, ATE 30 MCA                                                                                                                                                                                                                                                                                                                                                                                                                                       ","M     ",128.78]
[3676,"JUNTA DILATACAO ELASTICA PARA CONCRETO (FUGENBAND) O-35/10, ATE 100 MCA                                                                                                                                                                                                                                                                                                                                                                                                                                   ","M     ",484.67]
[3679,"JUNTA DILATACAO ELASTICA PARA CONCRETO (FUGENBAND) O-35/6, ATE 100 MCA                                                                                                                                                                                                                                                                                                                                                                                                                                    ","M     ",400.97]
[3672,"JUNTA PLASTICA DE DILATACAO PARA PISOS, COR CINZA, 10 X 4,5 MM (ALTURA X ESPESSURA)                                                                                                                                                                                                                                                                                                                                                                                                                       ","M     ",1.36]
[3671,"JUNTA PLASTICA DE DILATACAO PARA PISOS, COR CINZA, 17 X 3 MM (ALTURA X ESPESSURA)                                                                                                                                                                                                                                                                                                                                                                                                                         ","M     ",1.29]
[3673,"JUNTA PLASTICA DE DILATACAO PARA PISOS, COR CINZA, 27 X 3 MM (ALTURA X ESPESSURA)                                                                                                                                                                                                                                                                                                                                                                                                                         ","M     ",2.02]
[38394,"KIT ACESSORIOS PARA COMPRESSOR DE AR, 5 PECAS (PISTOLAS PINTURA, LIMPEZA E PULVERIZACAO, CALIBRADOR E MANGUEIRA)                                                                                                                                                                                                                                                                                                                                                                                          ","UN    ",382.25]
[3729,"KIT CAVALETE, PVC, COM REGISTRO, PARA HIDROMETRO, BITOLAS 1/2\" OU 3/4\" - COMPLETO                                                                                                                                                                                                                                                                                                                                                                                                                         ","UN    ",131.89]
[39357,"KIT CHASSI COZINHA, CUBA SIMPLES SEM MAQUINA LAVAR LOUCA, INSTAL. PEX, QUADRO METALICO C/ TRAVESSA C/ FURO P/ESGOTO DN 50 MM E FUROS SUPERIORES P/AGUA, *340* X *650* MM (L X H), P/ CONEXAO COM ANEL DESLIZANTE (CONJUNTO COMPLETO)                                                                                                                                                                                                                                                                      ","UN    ",52.21]
[39358,"KIT CHASSI COZINHA, CUBA SIMPLES SEM MAQUINA LAVAR LOUCA, INSTAL. PEX, QUADRO METALICO C/ TRAVESSA COM FURO P/ESGOTO DN 50 MM E FUROS SUPERIORES P/AGUA, *340* X *650* MM (L X H), P/ CONEXAO COM CRIMPAGEM (CONJUNTO COMPLETO)                                                                                                                                                                                                                                                                           ","UN    ",52.21]
[39355,"KIT CHASSI TANQUE E MAQUINA LAVAR ROUPA, INSTAL. PEX, QUADRO METALICO C/ TRAVESSA C/ FURO P/ ESGOTO DN 50 MM, FURO LATERAL P/ MAQUINA E FUROS SUPERIORES P/ AGUA, *344* X *442* MM (L X H), P/ CONEXAO COM ANEL DESLIZANTE (CONJUNTO COMPLETO)                                                                                                                                                                                                                                                            ","UN    ",76.07]
[39356,"KIT CHASSI TANQUE E MAQUINA LAVAR ROUPA, INSTAL. PEX, QUADRO METALICO C/ TRAVESSA C/ FURO P/ ESGOTO DN 50 MM, FURO LATERAL P/MAQUINA E FUROS SUPERIORES P/AGUA, *344* X *442* MM (L X H), P/ CONEXAO COM CRIMPAGEM (CONJUNTO COMPLETO)                                                                                                                                                                                                                                                                    ","UN    ",72.6]
[39353,"KIT CHUVEIRO, INSTAL. PEX, QUADRO METALICO C/ 2 TRAVESSAS, SUPERIOR C/ ESPERA P/ CHUVEIRO, INFERIOR C/ 2 REGISTROS DE PRESSAO 1/2 \", *390* X *900* MM (L X H), CONEXAO COM ANEL DESLIZANTE (CONJUNTO COMPLETO)                                                                                                                                                                                                                                                                                            ","UN    ",166.66]
[39354,"KIT CHUVEIRO, INSTAL. PEX, QUADRO METALICO C/2 TRAVESSAS, SUPERIOR C/ ESPERA P/ CHUVEIRO E INFERIOR C/2 REGISTROS DE PRESSAO 1/2 \", *390* X *900* MM (L X H), CONEXAO COM CRIMPAGEM (CONJUNTO COMPLETO)                                                                                                                                                                                                                                                                                                   ","UN    ",351.63]
[39398,"KIT DE ACESSORIOS PARA BANHEIRO EM METAL CROMADO, 5 PECAS                                                                                                                                                                                                                                                                                                                                                                                                                                                 ","UN    ",79.06]
[13343,"KIT DE MATERIAIS PARA BRACADEIRA PARA FIXACAO EM POSTE CIRCULAR, CONTEM TRES FIXADORES E UM ROLO DE FITA DE 3 M EM ACO CARBONO                                                                                                                                                                                                                                                                                                                                                                            ","UN    ",44.3]
[12118,"KIT DE PROTECAO ARSTOP PARA AR CONDICIONADO, TOMADA PADRAO 2P+T 20 A, COM DISJUNTOR UNIPOLAR DIN 20A                                                                                                                                                                                                                                                                                                                                                                                                      ","UN    ",20.68]
[39482,"KIT PORTA PRONTA DE MADEIRA, FOLHA LEVE (NBR 15930) DE 600 X 2100 MM OU 700 X 2100 MM, DE 35 MM A 40 MM DE ESPESSURA, COM MARCO EM ACO, NUCLEO COLMEIA, CAPA LISA EM HDF, ACABAMENTO MELAMINICO BRANCO (INCLUI MARCO, ALIZARES, DOBRADICAS E FECHADURA)                                                                                                                                                                                                                                                   ","UN    ",687.44]
[39486,"KIT PORTA PRONTA DE MADEIRA, FOLHA LEVE (NBR 15930) DE 600 X 2100 MM OU 700 X 2100 MM, DE 35 MM A 40 MM DE ESPESSURA, NUCLEO COLMEIA, ESTRUTURA USINADA PARA FECHADURA, CAPA LISA EM HDF, ACABAMENTO EM PRIMER PARA PINTURA (INCLUI MARCO, ALIZARES E DOBRADICAS)                                                                                                                                                                                                                                         ","UN    ",561.05]
[39484,"KIT PORTA PRONTA DE MADEIRA, FOLHA LEVE (NBR 15930) DE 800 X 2100 MM, DE 35 MM A 40 MM DE ESPESSURA, COM MARCO EM ACO, NUCLEO COLMEIA, CAPA LISA EM HDF, ACABAMENTO MELAMINICO BRANCO (INCLUI MARCO, ALIZARES, DOBRADICAS E FECHADURA)                                                                                                                                                                                                                                                                    ","UN    ",687.44]
[39488,"KIT PORTA PRONTA DE MADEIRA, FOLHA LEVE (NBR 15930) DE 800 X 2100 MM, DE 35 MM A 40 MM DE ESPESSURA, NUCLEO COLMEIA, ESTRUTURA USINADA PARA FECHADURA, CAPA LISA EM HDF, ACABAMENTO EM PRIMER PARA PINTURA (INCLUI MARCO, ALIZARES E DOBRADICAS)                                                                                                                                                                                                                                                          ","UN    ",570.24]
[39485,"KIT PORTA PRONTA DE MADEIRA, FOLHA LEVE (NBR 15930) DE 900 X 2100 MM, DE 35 MM A 40 MM DE ESPESSURA, COM MARCO EM ACO, NUCLEO COLMEIA, CAPA LISA EM HDF, ACABAMENTO MELAMINICO BRANCO (INCLUI MARCO, ALIZARES, DOBRADICAS E FECHADURA)                                                                                                                                                                                                                                                                    ","UN    ",687.44]
[39489,"KIT PORTA PRONTA DE MADEIRA, FOLHA LEVE (NBR 15930) DE 900 X 2100 MM, DE 35 MM A 40 MM DE ESPESSURA, NUCLEO COLMEIA, ESTRUTURA USINADA PARA FECHADURA, CAPA LISA EM HDF, ACABAMENTO EM PRIMER PARA PINTURA (INCLUI MARCO, ALIZARES E DOBRADICAS)                                                                                                                                                                                                                                                          ","UN    ",579.9]
[39490,"KIT PORTA PRONTA DE MADEIRA, FOLHA MEDIA (NBR 15930) DE 600 X 2100 MM OU 700 X 2100 MM, DE 35 MM A 40 MM DE ESPESSURA, NUCLEO SEMI-SOLIDO (SARRAFEADO), ESTRUTURA USINADA PARA FECHADURA, CAPA LISA EM HDF, ACABAMENTO MELAMINICO BRANCO (INCLUI MARCO, ALIZARES E DOBRADICAS)                                                                                                                                                                                                                            ","UN    ",864.13]
[39494,"KIT PORTA PRONTA DE MADEIRA, FOLHA MEDIA (NBR 15930) DE 600 X 2100 MM, DE 35 MM A 40 MM DE ESPESSURA, NUCLEO SEMI-SOLIDO (SARRAFEADO), ESTRUTURA USINADA PARA FECHADURA, CAPA LISA EM HDF, ACABAMENTO EM PRIMER PARA PINTURA (INCLUI MARCO, ALIZARES E DOBRADICAS)                                                                                                                                                                                                                                        ","UN    ",620.52]
[39495,"KIT PORTA PRONTA DE MADEIRA, FOLHA MEDIA (NBR 15930) DE 700 X 2100 MM, DE 35 MM A 40 MM DE ESPESSURA, NUCLEO SEMI-SOLIDO (SARRAFEADO), ESTRUTURA USINADA PARA FECHADURA, CAPA LISA EM HDF, ACABAMENTO EM PRIMER PARA PINTURA (INCLUI MARCO, ALIZARES E DOBRADICAS)                                                                                                                                                                                                                                        ","UN    ",699.24]
[39496,"KIT PORTA PRONTA DE MADEIRA, FOLHA MEDIA (NBR 15930) DE 800 X 2100 MM, DE 35 MM A 40 MM DE ESPESSURA,  NUCLEO SEMI-SOLIDO (SARRAFEADO), ESTRUTURA USINADA PARA FECHADURA, CAPA LISA EM HDF, ACABAMENTO EM PRIMER PARA PINTURA (INCLUI MARCO, ALIZARES E DOBRADICAS)                                                                                                                                                                                                                                       ","UN    ",769.16]
[39492,"KIT PORTA PRONTA DE MADEIRA, FOLHA MEDIA (NBR 15930) DE 800 X 2100 MM, DE 35 MM A 40 MM DE ESPESSURA, NUCLEO SEMI-SOLIDO (SARRAFEADO), ESTRUTURA USINADA PARA FECHADURA, CAPA LISA EM HDF, ACABAMENTO MELAMINICO BRANCO (INCLUI MARCO, ALIZARES E DOBRADICAS)                                                                                                                                                                                                                                             ","UN    ",890.48]
[39497,"KIT PORTA PRONTA DE MADEIRA, FOLHA MEDIA (NBR 15930) DE 900 X 2100 MM, DE 35 MM A 40 MM DE ESPESSURA, NUCLEO SEMI-SOLIDO (SARRAFEADO), ESTRUTURA USINADA PARA FECHADURA, CAPA LISA EM HDF, ACABAMENTO EM PRIMER PARA PINTURA (INCLUI MARCO, ALIZARES E DOBRADICAS)                                                                                                                                                                                                                                        ","UN    ",804.34]
[39493,"KIT PORTA PRONTA DE MADEIRA, FOLHA MEDIA (NBR 15930) DE 900 X 2100 MM, DE 35 MM A 40 MM DE ESPESSURA, NUCLEO SEMI-SOLIDO (SARRAFEADO), ESTRUTURA USINADA PARA FECHADURA, CAPA LISA EM HDF, ACABAMENTO MELAMINICO BRANCO (INCLUI MARCO, ALIZARES E DOBRADICAS)                                                                                                                                                                                                                                             ","UN    ",955.13]
[39500,"KIT PORTA PRONTA DE MADEIRA, FOLHA PESADA (NBR 15930) DE 800 X 2100 MM, DE 40 MM  A 45 MM DE ESPESSURA, NUCLEO SOLIDO, CAPA LISA EM HDF, ACABAMENTO MELAMINICO BRANCO (INCLUI MARCO, ALIZARES, DOBRADICAS E FECHADURA EXTERNA)                                                                                                                                                                                                                                                                            ","UN    ",{"v":1042.12,"d":"1,042.12"}]
[39498,"KIT PORTA PRONTA DE MADEIRA, FOLHA PESADA (NBR 15930) DE 800 X 2100 MM, DE 40 MM A 45 MM DE ESPESSURA , NUCLEO SOLIDO, ESTRUTURA USINADA PARA FECHADURA, CAPA LISA EM HDF, ACABAMENTO EM LAMINADO NATURAL COM VERNIZ (INCLUI MARCO, ALIZARES E DOBRADICAS)                                                                                                                                                                                                                                                ","UN    ",{"v":1285.28,"d":"1,285.28"}]
[43628,"KIT PORTA PRONTA DE MADEIRA, FOLHA PESADA (NBR 15930) DE 800 X 2100 MM, DE 40 MM A 45 MM DE ESPESSURA, COM MARCO EM ACO, NUCLEO SOLIDO, CAPA LISA EM HDF, ACABAMENTO MELAMINICO BRANCO (INCLUI MARCO, ALIZARES, DOBRADICAS E FECHADURA)                                                                                                                                                                                                                                                                   ","UN    ",{"v":1013.08,"d":"1,013.08"}]
[39501,"KIT PORTA PRONTA DE MADEIRA, FOLHA PESADA (NBR 15930) DE 900 X 2100 MM, DE 40 MM  A 45 MM DE ESPESSURA, NUCLEO SOLIDO, CAPA LISA EM HDF, ACABAMENTO MELAMINICO BRANCO (INCLUI MARCO, ALIZARES, DOBRADICAS E FECHADURA EXTERNA)                                                                                                                                                                                                                                                                            ","UN    ",{"v":1070.34,"d":"1,070.34"}]
[39499,"KIT PORTA PRONTA DE MADEIRA, FOLHA PESADA (NBR 15930) DE 900 X 2100 MM, DE 40 MM A 45 MM DE ESPESSURA , NUCLEO SOLIDO, ESTRUTURA USINADA PARA FECHADURA, CAPA LISA EM HDF, ACABAMENTO EM LAMINADO NATURAL COM VERNIZ (INCLUI MARCO, ALIZARES E DOBRADICAS)                                                                                                                                                                                                                                                ","UN    ",{"v":1303.53,"d":"1,303.53"}]
[43621,"KIT PORTA PRONTA DE MADEIRA, FOLHA PESADA (NBR 15930) DE 900 X 2100 MM, DE 40 MM A 45 MM DE ESPESSURA, COM MARCO EM ACO, NUCLEO SOLIDO, CAPA LISA EM HDF, ACABAMENTO MELAMINICO BRANCO (INCLUI MARCO, ALIZARES, DOBRADICAS E FECHADURA)                                                                                                                                                                                                                                                                   ","UN    ",{"v":1076.39,"d":"1,076.39"}]
[3733,"LADRILHO HIDRAULICO, *20 x 20* CM, E= 2 CM, PADRAO COPACABANA, 2 CORES (PRETO E BRANCO)                                                                                                                                                                                                                                                                                                                                                                                                                   ","M2    ",70.02]
[3731,"LADRILHO HIDRAULICO, *20 X 20* CM, E= 2 CM, DADOS, COR NATURAL                                                                                                                                                                                                                                                                                                                                                                                                                                            ","M2    ",65]
[38137,"LADRILHO HIDRAULICO, *20 X 20* CM, E= 2 CM, RAMPA, NATURAL                                                                                                                                                                                                                                                                                                                                                                                                                                                ","M2    ",65.38]
[38135,"LADRILHO HIDRAULICO, *20 X 20* CM, E= 2 CM, TATIL ALERTA OU DIRECIONAL, AMARELO                                                                                                                                                                                                                                                                                                                                                                                                                           ","M2    ",82.88]
[38138,"LADRILHO HIDRAULICO, *30 X 30* CM, E= 2 CM, MILANO, NATURAL                                                                                                                                                                                                                                                                                                                                                                                                                                               ","M2    ",64.2]
[3736,"LAJE PRE-MOLDADA CONVENCIONAL (LAJOTAS + VIGOTAS) PARA FORRO, UNIDIRECIONAL, SOBRECARGA DE 100 KG/M2, VAO ATE 4,00 M (SEM COLOCACAO)                                                                                                                                                                                                                                                                                                                                                                      ","M2    ",56.7]
[3741,"LAJE PRE-MOLDADA CONVENCIONAL (LAJOTAS + VIGOTAS) PARA FORRO, UNIDIRECIONAL, SOBRECARGA DE 100 KG/M2, VAO ATE 4,50 M (SEM COLOCACAO)                                                                                                                                                                                                                                                                                                                                                                      ","M2    ",59.1]
[3745,"LAJE PRE-MOLDADA CONVENCIONAL (LAJOTAS + VIGOTAS) PARA FORRO, UNIDIRECIONAL, SOBRECARGA 100 KG/M2, VAO ATE 5,00 M (SEM COLOCACAO)                                                                                                                                                                                                                                                                                                                                                                         ","M2    ",63.73]
[3743,"LAJE PRE-MOLDADA CONVENCIONAL (LAJOTAS + VIGOTAS) PARA PISO, UNIDIRECIONAL, SOBRECARGA DE 200 KG/M2, VAO ATE 3,50 M (SEM COLOCACAO)                                                                                                                                                                                                                                                                                                                                                                       ","M2    ",58.89]
[3744,"LAJE PRE-MOLDADA CONVENCIONAL (LAJOTAS + VIGOTAS) PARA PISO, UNIDIRECIONAL, SOBRECARGA DE 200 KG/M2, VAO ATE 4,50 M (SEM COLOCACAO)                                                                                                                                                                                                                                                                                                                                                                       ","M2    ",64.83]
[3739,"LAJE PRE-MOLDADA CONVENCIONAL (LAJOTAS + VIGOTAS) PARA PISO, UNIDIRECIONAL, SOBRECARGA DE 200 KG/M2, VAO ATE 5,00 M (SEM COLOCACAO)                                                                                                                                                                                                                                                                                                                                                                       ","M2    ",68.12]
[3737,"LAJE PRE-MOLDADA CONVENCIONAL (LAJOTAS + VIGOTAS) PARA PISO, UNIDIRECIONAL, SOBRECARGA DE 350 KG/M2, VAO ATE 4,50 M (SEM COLOCACAO)                                                                                                                                                                                                                                                                                                                                                                       ","M2    ",71.42]
[3738,"LAJE PRE-MOLDADA CONVENCIONAL (LAJOTAS + VIGOTAS) PARA PISO, UNIDIRECIONAL, SOBRECARGA DE 350 KG/M2, VAO ATE 5,00 M (SEM COLOCACAO)                                                                                                                                                                                                                                                                                                                                                                       ","M2    ",82.41]
[3747,"LAJE PRE-MOLDADA CONVENCIONAL (LAJOTAS + VIGOTAS) PARA PISO, UNIDIRECIONAL, SOBRECARGA 350 KG/M2 VAO ATE 3,50 M (SEM COLOCACAO)                                                                                                                                                                                                                                                                                                                                                                           ","M2    ",64.83]
[11649,"LAJE PRE-MOLDADA DE TRANSICAO EXCENTRICA EM CONCRETO ARMADO, DN 1200 MM, FURO CIRCULAR DN 600 MM, ESPESSURA 12 CM                                                                                                                                                                                                                                                                                                                                                                                         ","UN    ",470.3]
[11650,"LAJE PRE-MOLDADA DE TRANSICAO EXCENTRICA EM CONCRETO ARMADO, DN 1500 MM, FURO CIRCULAR DN 530 MM, ESPESSURA 15 CM                                                                                                                                                                                                                                                                                                                                                                                         ","UN    ",801.6]
[3742,"LAJE PRE-MOLDADA TRELICADA (LAJOTAS + VIGOTAS) PARA FORRO, UNIDIRECIONAL, SOBRECARGA DE 100 KG/M2, VAO ATE 6,00 M (SEM COLOCACAO)                                                                                                                                                                                                                                                                                                                                                                         ","M2    ",85.48]
[3746,"LAJE PRE-MOLDADA TRELICADA (LAJOTAS + VIGOTAS) PARA PISO, UNIDIRECIONAL, SOBRECARGA DE 200 KG/M2, VAO ATE 6,00 M (SEM COLOCACAO)                                                                                                                                                                                                                                                                                                                                                                          ","M2    ",99.81]
[21106,"LAMBRI EM ALUMINIO, DE APROXIMADAMENTE 0,6 KG/M, COM APROXIMADAMENTE 168,0 MM DE LARGURA, 6,0 MM DE ALTURA E 6,0 M DE EXTENSAO                                                                                                                                                                                                                                                                                                                                                                            ","KG    ",32.12]
[39377,"LAMPADA FLUORESCENTE COMPACTA BRANCA 135 W, BASE E40 (127/220 V)                                                                                                                                                                                                                                                                                                                                                                                                                                          ","UN    ",122.59]
[38191,"LAMPADA FLUORESCENTE COMPACTA 2U BRANCA 15 W, BASE E27 (127/220 V)                                                                                                                                                                                                                                                                                                                                                                                                                                        ","UN    ",9.12]
[39381,"LAMPADA FLUORESCENTE COMPACTA 2U/3U BRANCA 9/10 W, BASE E27 (127/220 V)                                                                                                                                                                                                                                                                                                                                                                                                                                   ","UN    ",8.51]
[38780,"LAMPADA FLUORESCENTE COMPACTA 3U BRANCA 20 W, BASE E27 (127/220 V)                                                                                                                                                                                                                                                                                                                                                                                                                                        ","UN    ",10.41]
[38781,"LAMPADA FLUORESCENTE ESPIRAL BRANCA 45 W, BASE E27 (127/220 V)                                                                                                                                                                                                                                                                                                                                                                                                                                            ","UN    ",35.16]
[38192,"LAMPADA FLUORESCENTE ESPIRAL BRANCA 65 W, BASE E27 (127/220 V)                                                                                                                                                                                                                                                                                                                                                                                                                                            ","UN    ",63.62]
[3753,"LAMPADA FLUORESCENTE TUBULAR T10, DE 20 OU 40 W, BIVOLT                                                                                                                                                                                                                                                                                                                                                                                                                                                   ","UN    ",5.57]
[38782,"LAMPADA FLUORESCENTE TUBULAR T5 DE 14 W, BIVOLT                                                                                                                                                                                                                                                                                                                                                                                                                                                           ","UN    ",7.25]
[38778,"LAMPADA FLUORESCENTE TUBULAR T8 DE 16/18 W, BIVOLT                                                                                                                                                                                                                                                                                                                                                                                                                                                        ","UN    ",5.44]
[38779,"LAMPADA FLUORESCENTE TUBULAR T8 DE 32/36 W, BIVOLT                                                                                                                                                                                                                                                                                                                                                                                                                                                        ","UN    ",5.77]
[39388,"LAMPADA LED TIPO DICROICA BIVOLT, LUZ BRANCA, 5 W (BASE GU10)                                                                                                                                                                                                                                                                                                                                                                                                                                             ","UN    ",5.52]
[39387,"LAMPADA LED TUBULAR BIVOLT 18/20 W, BASE G13                                                                                                                                                                                                                                                                                                                                                                                                                                                              ","UN    ",8.6]
[39386,"LAMPADA LED TUBULAR BIVOLT 9/10 W, BASE G13                                                                                                                                                                                                                                                                                                                                                                                                                                                               ","UN    ",6]
[38194,"LAMPADA LED 10 W BIVOLT BRANCA, FORMATO TRADICIONAL (BASE E27)                                                                                                                                                                                                                                                                                                                                                                                                                                            ","UN    ",4.49]
[38193,"LAMPADA LED 6 W BIVOLT BRANCA, FORMATO TRADICIONAL (BASE E27)                                                                                                                                                                                                                                                                                                                                                                                                                                             ","UN    ",3.9]
[12216,"LAMPADA VAPOR DE SODIO OVOIDE 150 W (BASE E40)                                                                                                                                                                                                                                                                                                                                                                                                                                                            ","UN    ",31.81]
[3757,"LAMPADA VAPOR DE SODIO OVOIDE 250 W (BASE E40)                                                                                                                                                                                                                                                                                                                                                                                                                                                            ","UN    ",36.79]
[3758,"LAMPADA VAPOR DE SODIO OVOIDE 400 W (BASE E40)                                                                                                                                                                                                                                                                                                                                                                                                                                                            ","UN    ",42.89]
[12214,"LAMPADA VAPOR MERCURIO 125 W (BASE E27)                                                                                                                                                                                                                                                                                                                                                                                                                                                                   ","UN    ",14.69]
[3749,"LAMPADA VAPOR MERCURIO 250 W (BASE E40)                                                                                                                                                                                                                                                                                                                                                                                                                                                                   ","UN    ",26.18]
[3751,"LAMPADA VAPOR MERCURIO 400 W (BASE E40)                                                                                                                                                                                                                                                                                                                                                                                                                                                                   ","UN    ",35.73]
[39376,"LAMPADA VAPOR METALICO OVOIDE 150 W, BASE E27/E40                                                                                                                                                                                                                                                                                                                                                                                                                                                         ","UN    ",30.12]
[3752,"LAMPADA VAPOR METALICO TUBULAR 400 W (BASE E40)                                                                                                                                                                                                                                                                                                                                                                                                                                                           ","UN    ",58.94]
[746,"LAVADORA DE ALTA PRESSAO (LAVA - JATO) PARA AGUA FRIA, PRESSAO DE OPERACAO ENTRE 1400 E 1900 LIB/POL2, VAZAO MAXIMA ENTRE  400 E 700 L/H, POTENCIA DE OPERACAO ENTRE 2,50 E 3,00 CV                                                                                                                                                                                                                                                                                                                       ","UN    ",{"v":2970,"d":"2,970.00"}]
[20269,"LAVATORIO / CUBA DE EMBUTIR, OVAL, DE LOUCA BRANCA, SEM LADRAO, DIMENSOES *50 X 35* CM (L X C)                                                                                                                                                                                                                                                                                                                                                                                                            ","UN    ",92.89]
[20270,"LAVATORIO / CUBA DE EMBUTIR, OVAL, DE LOUCA COLORIDA, SEM LADRAO, DIMENSOES *50 X 35* CM (L X C)                                                                                                                                                                                                                                                                                                                                                                                                          ","UN    ",102.64]
[11696,"LAVATORIO / CUBA DE SOBREPOR, OVAL PEQUENA, DE LOUCA BRANCA, SEM LADRAO, DIMENSOES *44 X 31* CM (L X C)                                                                                                                                                                                                                                                                                                                                                                                                   ","UN    ",164.3]
[10427,"LAVATORIO / CUBA DE SOBREPOR, RETANGULAR, DE LOUCA BRANCA, COM LADRAO, DIMENSOES *52 X 45* CM (L X C)                                                                                                                                                                                                                                                                                                                                                                                                     ","UN    ",459.8]
[10428,"LAVATORIO / CUBA DE SOBREPOR, RETANGULAR, DE LOUCA COLORIDA, COM LADRAO, DIMENSOES *52 X 45* CM (L X C)                                                                                                                                                                                                                                                                                                                                                                                                   ","UN    ",473.74]
[36521,"LAVATORIO DE CANTO DE LOUCA BRANCA, SUSPENSO (SEM COLUNA), DIMENSOES *40 X 30* CM (L X C)                                                                                                                                                                                                                                                                                                                                                                                                                 ","UN    ",147.81]
[36794,"LAVATORIO DE LOUCA BRANCA, COM COLUNA, DIMENSOES *44 X 35* CM (L X C)                                                                                                                                                                                                                                                                                                                                                                                                                                     ","UN    ",157.36]
[10426,"LAVATORIO DE LOUCA BRANCA, COM COLUNA, DIMENSOES *54 X 44* CM (L X C)                                                                                                                                                                                                                                                                                                                                                                                                                                     ","UN    ",176.21]
[10425,"LAVATORIO DE LOUCA BRANCA, SUSPENSO (SEM COLUNA), DIMENSOES *40 X 30* CM                                                                                                                                                                                                                                                                                                                                                                                                                                  ","UN    ",89.39]
[10431,"LAVATORIO DE LOUCA COLORIDA, COM COLUNA, DIMENSOES *54 X 44* CM (L X C)                                                                                                                                                                                                                                                                                                                                                                                                                                   ","UN    ",306.05]
[10429,"LAVATORIO DE LOUCA COLORIDA, SUSPENSO (SEM COLUNA), DIMENSOES *40 X 30* CM (L X C)                                                                                                                                                                                                                                                                                                                                                                                                                        ","UN    ",150.98]
[2354,"LEITURISTA OU CADASTRISTA DE REDES DE AGUA E ESGOTO (HORISTA)                                                                                                                                                                                                                                                                                                                                                                                                                                             ","H     ",15.78]
[40932,"LEITURISTA OU CADASTRISTA DE REDES DE AGUA E ESGOTO (MENSALISTA)                                                                                                                                                                                                                                                                                                                                                                                                                                          ","MES   ",{"v":2777.01,"d":"2,777.01"}]
[10853,"LETRA ACO INOX (AISI 304), CHAPA NUM. 22, RECORTADO, H= 20 CM (SEM RELEVO)                                                                                                                                                                                                                                                                                                                                                                                                                                ","UN    ",101.79]
[5093,"LEVANTADOR DE JANELA GUILHOTINA, EM LATAO CROMADO                                                                                                                                                                                                                                                                                                                                                                                                                                                         ","PAR   ",19.89]
[44331,"LIMPA VIDROS COM PULVERIZADOR                                                                                                                                                                                                                                                                                                                                                                                                                                                                             ","L     ",47.96]
[37768,"LIMPADORA A SUCCAO, TANQUE 12000 L, BASCULAMENTO HIDRAULICO, BOMBA 12 M3/MIN 95% VACUO (INCLUI MONTAGEM, NAO INCLUI CAMINHAO)                                                                                                                                                                                                                                                                                                                                                                             ","UN    ",{"v":295000,"d":"295,000.00"}]
[37773,"LIMPADORA DE SUCCAO TANQUE 7000 L, BOMBA 12 M3/MIN 95% VACUO (INCLUI MONTAGEM, NAO INCLUI CAMINHAO)                                                                                                                                                                                                                                                                                                                                                                                                       ","UN    ",{"v":250504.73,"d":"250,504.73"}]
[37769,"LIMPADORA DE SUCCAO, TANQUE 11000 L, BOMBA 340 M3/MIN (INCLUI MONTAGEM, NAO INCLUI CAMINHAO)                                                                                                                                                                                                                                                                                                                                                                                                              ","UN    ",{"v":419376.48,"d":"419,376.48"}]
[37770,"LIMPADORA DE SUCCAO, TANQUE 5500 L, BOMBA 60M3/MIN, VACUO 500 MBAR (INCLUI MONTAGEM, NAO INCLUI CAMINHAO)                                                                                                                                                                                                                                                                                                                                                                                                 ","UN    ",{"v":711748.8,"d":"711,748.80"}]
[38382,"LINHA DE PEDREIRO LISA 100 M                                                                                                                                                                                                                                                                                                                                                                                                                                                                              ","UN    ",13.91]
[38383,"LIXA D'AGUA EM FOLHA, GRAO 100                                                                                                                                                                                                                                                                                                                                                                                                                                                                            ","UN    ",2.6]
[3768,"LIXA EM FOLHA PARA FERRO, NUMERO 150                                                                                                                                                                                                                                                                                                                                                                                                                                                                      ","UN    ",3.46]
[3767,"LIXA EM FOLHA PARA PAREDE OU MADEIRA, NUMERO 120, COR VERMELHA                                                                                                                                                                                                                                                                                                                                                                                                                                            ","UN    ",1.16]
[13192,"LIXADEIRA ELETRICA ANGULAR PARA CONCRETO, POTENCIA 1.400 W, PRATO DIAMANTADO DE 5''                                                                                                                                                                                                                                                                                                                                                                                                                       ","UN    ",{"v":6340.47,"d":"6,340.47"}]
[38413,"LIXADEIRA ELETRICA ANGULAR, PARA DISCO DE 7 \" (180 MM), POTENCIA DE 2.200 W, *5.000* RPM, 220 V                                                                                                                                                                                                                                                                                                                                                                                                           ","UN    ",{"v":1048.62,"d":"1,048.62"}]
[42440,"LIXEIRA DUPLA, COM CAPACIDADE VOLUMETRICA DE 60L*, FABRICADA EM TUBO DE ACO CARBONO, CESTOS EM CHAPA DE ACO E PINTURA NO PROCESSO ELETROSTATICO - PARA ACADEMIA AO AR LIVRE / ACADEMIA DA TERCEIRA IDADE - ATI                                                                                                                                                                                                                                                                                            ","UN    ",{"v":1235.91,"d":"1,235.91"}]
[20193,"LOCACAO DE ANDAIME METALICO TIPO FACHADEIRO, PECAS COM APROXIMADAMENTE 1,20 M DE LARGURA E 2,0 M DE ALTURA, INCLUINDO DIAGONAIS EM X, BARRAS DE LIGACAO, SAPATAS E DEMAIS ITENS NECESSARIOS A MONTAGEM (NAO INCLUI INSTALACAO)                                                                                                                                                                                                                                                                            ","M2XMES",22.5]
[10527,"LOCACAO DE ANDAIME METALICO TUBULAR DE ENCAIXE, TIPO DE TORRE, CADA PAINEL COM LARGURA DE 1 ATE 1,5 M E ALTURA DE *1,00* M, INCLUINDO DIAGONAL, BARRAS DE LIGACAO, SAPATAS OU RODIZIOS E DEMAIS ITENS NECESSARIOS A MONTAGEM (NAO INCLUI INSTALACAO)                                                                                                                                                                                                                                                      ","MXMES ",30]
[41805,"LOCACAO DE ANDAIME SUSPENSO OU BALANCIM MANUAL, CAPACIDADE DE CARGA TOTAL DE APROXIMADAMENTE 250 KG/M2, PLATAFORMA DE 1,50 M X 0,80 M (C X L), CABO DE 45 M                                                                                                                                                                                                                                                                                                                                               ","MES   ",862.5]
[40271,"LOCACAO DE APRUMADOR METALICO DE PILAR, COM ALTURA E ANGULO REGULAVEIS, EXTENSAO DE *1,50* A *2,80* M                                                                                                                                                                                                                                                                                                                                                                                                     ","UNXMES",22.96]
[40287,"LOCACAO DE BARRA DE ANCORAGEM DE 0,80 A 1,20 M DE EXTENSAO, COM ROSCA DE 5/8\", INCLUINDO PORCA E FLANGE                                                                                                                                                                                                                                                                                                                                                                                                   ","MES   ",8.84]
[4084,"LOCACAO DE BOMBA SUBMERSIVEL PARA DRENAGEM E ESGOTAMENTO, MOTOR ELETRICO TRIFASICO, POTENCIA DE 1 CV, DIAMETRO DE RECALQUE DE 2\". FAIXA DE OPERACAO Q=25 M3/H (+ OU - 1 M3/H) E AMT=2 M, Q=12 M3/H (+ OU - 2 M3/H) E AMT = 12 M (+ OU - 2 M)                                                                                                                                                                                                                                                              ","H     ",2.36]
[743,"LOCACAO DE BOMBA SUBMERSIVEL PARA DRENAGEM E ESGOTAMENTO, MOTOR ELETRICO TRIFASICO, POTENCIA DE 2 CV, DIAMETRO DE RECALQUE DE 2\", FAIXA DE OPERACAO Q=35 M3/H (+ OU - 3 M3/H) E AMT=2 M, Q=13 M3/H (+ OU - 3 M3/H) E AMT = 17 M (+ OU - 3 M)                                                                                                                                                                                                                                                              ","H     ",2.36]
[40293,"LOCACAO DE BOMBA SUBMERSIVEL PARA DRENAGEM E ESGOTAMENTO, MOTOR ELETRICO TRIFASICO, POTENCIA DE 2 CV, DIAMETRO DE RECALQUE DE 3\". FAIXA DE OPERACAO Q=70 M3/H (+ OU - 2 M3/H) E AMT=2 M, Q=9,5 M3/H (+ OU - 3,5 M3/H) E AMT = 10 M (+ OU - 2 M)                                                                                                                                                                                                                                                           ","H     ",2.83]
[40294,"LOCACAO DE BOMBA SUBMERSIVEL PARA DRENAGEM E ESGOTAMENTO, MOTOR ELETRICO TRIFASICO, POTENCIA DE 3 CV, DIAMETRO DE RECALQUE DE 2\", FAIXA DE OPERACAO Q=84 M3/H (+ OU - 2,5 M3/H) E AMT=2 M, Q=9,1 M3/H (+ OU - 2 M3/H) E AMT = 12 M (+ OU - 2 M)                                                                                                                                                                                                                                                           ","H     ",2.36]
[4085,"LOCACAO DE BOMBA SUBMERSIVEL PARA DRENAGEM E ESGOTAMENTO, MOTOR ELETRICO TRIFASICO, POTENCIA DE 4 CV, DIAMETRO DE RECALQUE DE 3\". FAIXA DE OPERACAO Q=60 M3/H (+ OU - 1 M3/H) E AMT=2 M, Q=11 M3/H (+ OU - 1 M3/H) E AMT = 23 M (+ OU - 1 M)                                                                                                                                                                                                                                                              ","H     ",3.3]
[10779,"LOCACAO DE CONTAINER 2,30 X 4,30 M, ALT. 2,50 M, P/ SANITARIO, C/ 5 BACIAS, 1 LAVATORIO E 4 MICTORIOS (NAO INCLUI MOBILIZACAO/DESMOBILIZACAO)                                                                                                                                                                                                                                                                                                                                                             ","MES   ",{"v":1078.12,"d":"1,078.12"}]
[10777,"LOCACAO DE CONTAINER 2,30 X 4,30 M, ALT. 2,50 M, PARA SANITARIO, COM 3 BACIAS, 4 CHUVEIROS, 1 LAVATORIO E 1 MICTORIO (NAO INCLUI MOBILIZACAO/DESMOBILIZACAO)                                                                                                                                                                                                                                                                                                                                              ","MES   ",979.29]
[10775,"LOCACAO DE CONTAINER 2,30 X 6,00 M, ALT. 2,50 M, COM 1 SANITARIO, PARA ESCRITORIO, COMPLETO, SEM DIVISORIAS INTERNAS (NAO INCLUI MOBILIZACAO/DESMOBILIZACAO)                                                                                                                                                                                                                                                                                                                                              ","MES   ",862.5]
[10776,"LOCACAO DE CONTAINER 2,30 X 6,00 M, ALT. 2,50 M, PARA ESCRITORIO, SEM DIVISORIAS INTERNAS E SEM SANITARIO (NAO INCLUI MOBILIZACAO/DESMOBILIZACAO)                                                                                                                                                                                                                                                                                                                                                         ","MES   ",673.82]
[10778,"LOCACAO DE CONTAINER 2,30 X 6,00 M, ALT. 2,50 M, PARA SANITARIO, COM 4 BACIAS, 8 CHUVEIROS,1 LAVATORIO E 1 MICTORIO (NAO INCLUI MOBILIZACAO/DESMOBILIZACAO)                                                                                                                                                                                                                                                                                                                                               ","MES   ",{"v":1078.12,"d":"1,078.12"}]
[40339,"LOCACAO DE CRUZETA, SIMPLES, PARA ESCORA METALICA, COMPRIMENTO ENTRE 50 A 60 CM, PARA ESCORA DE 1,80 A 3,20 METROS E TUBO EXTERNO ATE 48 MM DE DIAMETRO                                                                                                                                                                                                                                                                                                                                                   ","UNXMES",8.05]
[10749,"LOCACAO DE ESCORA METALICA TELESCOPICA, COM ALTURA REGULAVEL DE *1,80* A *3,20* M, COM CAPACIDADE DE CARGA DE NO MINIMO 1000 KGF (10 KN), INCLUSO TRIPE E FORCADO                                                                                                                                                                                                                                                                                                                                         ","UNXMES",26.62]
[40290,"LOCACAO DE FORMA PLASTICA PARA LAJE NERVURADA, DIMENSOES *60* X *60* X *16* CM                                                                                                                                                                                                                                                                                                                                                                                                                            ","UNXMES",14.4]
[3346,"LOCACAO DE GRUPO GERADOR *80 A 125* KVA, MOTOR DIESEL, REBOCAVEL, ACIONAMENTO MANUAL                                                                                                                                                                                                                                                                                                                                                                                                                      ","H     ",17.5]
[3348,"LOCACAO DE GRUPO GERADOR ACIMA DE * 125 ATE 180* KVA, MOTOR DIESEL, REBOCAVEL, ACIONAMENTO MANUAL                                                                                                                                                                                                                                                                                                                                                                                                         ","H     ",20.93]
[39833,"LOCACAO DE GRUPO GERADOR DE *260* KVA, DIESEL REBOCAVEL, ACIONAMENTO MANUAL                                                                                                                                                                                                                                                                                                                                                                                                                               ","H     ",28.67]
[7252,"LOCACAO DE NIVEL OPTICO, COM PRECISAO DE 0,7 MM, AUMENTO DE 32X                                                                                                                                                                                                                                                                                                                                                                                                                                           ","H     ",2.34]
[7247,"LOCACAO DE TEODOLITO ELETRONICO, PRECISAO ANGULAR DE 5 A 7 SEGUNDOS, INCLUINDO TRIPE                                                                                                                                                                                                                                                                                                                                                                                                                      ","H     ",2.34]
[40291,"LOCACAO DE TORRE METALICA COMPLETA PARA UMA CARGA DE 8 TF (80 KN)  E PE DIREITO DE 6 M, INCLUINDO MODULOS , DIAGONAIS, SAPATAS E FORCADOS                                                                                                                                                                                                                                                                                                                                                                 ","UNXMES",750]
[40275,"LOCACAO DE VIGA SANDUICHE METALICA VAZADA PARA TRAVAMENTO DE PILARES, ALTURA DE *8* CM, LARGURA DE *6* CM E EXTENSAO DE 2 M                                                                                                                                                                                                                                                                                                                                                                               ","UNXMES",24]
[42408,"LONA PLASTICA EXTRA FORTE PRETA, E = 200 MICRA                                                                                                                                                                                                                                                                                                                                                                                                                                                            ","M2    ",1.8]
[3777,"LONA PLASTICA PESADA PRETA, E = 150 MICRA                                                                                                                                                                                                                                                                                                                                                                                                                                                                 ","M2    ",1.3]
[44699,"LUBRIFICANTE REDUTOR DE TORQUE E ARRASTO DE ALTO DESEMPENHO, PARA PERFURACAO HORIZONTAL DIRECIONAL, HDD                                                                                                                                                                                                                                                                                                                                                                                                   ","KG    ",47.03]
[3798,"LUMINARIA ABERTA P/ ILUMINACAO PUBLICA, TIPO X-57 PETERCO OU EQUIV                                                                                                                                                                                                                                                                                                                                                                                                                                        ","UN    ",87.77]
[38769,"LUMINARIA ARANDELA TIPO MEIA-LUA COM VIDRO FOSCO *30 X 15* CM, PARA 1 LAMPADA, BASE E27, POTENCIA MAXIMA 40/60 W (NAO INCLUI LAMPADA)                                                                                                                                                                                                                                                                                                                                                                     ","UN    ",68.54]
[39510,"LUMINARIA DE EMBUTIR EM CHAPA DE ACO PARA 2 LAMPADAS FLUORESCENTES DE 14 W COM REFLETOR E ALETAS EM ALUMINIO, COMPLETA (INCLUI REATOR E LAMPADAS)                                                                                                                                                                                                                                                                                                                                                         ","UN    ",277.42]
[38776,"LUMINARIA DE EMBUTIR EM CHAPA DE ACO PARA 4 LAMPADAS FLUORESCENTES DE 14 W *60 X 60 CM* ALETADA (NAO INCLUI REATOR E LAMPADAS)                                                                                                                                                                                                                                                                                                                                                                            ","UN    ",294.42]
[38774,"LUMINARIA DE EMERGENCIA 30 LEDS, POTENCIA 2 W, BATERIA DE LITIO, AUTONOMIA DE 6 HORAS                                                                                                                                                                                                                                                                                                                                                                                                                     ","UN    ",11.28]
[42247,"LUMINARIA DE LED PARA ILUMINACAO PUBLICA, DE 138 W ATE 180 W, INVOLUCRO EM ALUMINIO OU ACO INOX                                                                                                                                                                                                                                                                                                                                                                                                           ","UN    ",385.01]
[42248,"LUMINARIA DE LED PARA ILUMINACAO PUBLICA, DE 181 W ATE 239 W, INVOLUCRO EM ALUMINIO OU ACO INOX                                                                                                                                                                                                                                                                                                                                                                                                           ","UN    ",447.22]
[42249,"LUMINARIA DE LED PARA ILUMINACAO PUBLICA, DE 240 W ATE 350 W, INVOLUCRO EM ALUMINIO OU ACO INOX                                                                                                                                                                                                                                                                                                                                                                                                           ","UN    ",740.88]
[42244,"LUMINARIA DE LED PARA ILUMINACAO PUBLICA, DE 33 W ATE 50 W, INVOLUCRO EM ALUMINIO OU ACO INOX                                                                                                                                                                                                                                                                                                                                                                                                             ","UN    ",115.7]
[42245,"LUMINARIA DE LED PARA ILUMINACAO PUBLICA, DE 51 W ATE 67 W, INVOLUCRO EM ALUMINIO OU ACO INOX                                                                                                                                                                                                                                                                                                                                                                                                             ","UN    ",213.51]
[42246,"LUMINARIA DE LED PARA ILUMINACAO PUBLICA, DE 68 W ATE 97 W, INVOLUCRO EM ALUMINIO OU ACO INOX                                                                                                                                                                                                                                                                                                                                                                                                             ","UN    ",236.34]
[42243,"LUMINARIA DE LED PARA ILUMINACAO PUBLICA, DE 98 W ATE 137 W, INVOLUCRO EM ALUMINIO OU ACO INOX                                                                                                                                                                                                                                                                                                                                                                                                            ","UN    ",284.99]
[38889,"LUMINARIA DE SOBREPOR EM CHAPA DE ACO COM ALETAS PLASTICAS, PARA 1 LAMPADA, BASE E27, POTENCIA MAXIMA 40/60 W (NAO INCLUI LAMPADA)                                                                                                                                                                                                                                                                                                                                                                        ","UN    ",52.54]
[38784,"LUMINARIA DE SOBREPOR EM CHAPA DE ACO COM ALETAS PLASTICAS, PARA 2 LAMPADAS, BASE E27, POTENCIA MAXIMA 40/60 W (NAO INCLUI LAMPADAS)                                                                                                                                                                                                                                                                                                                                                                      ","UN    ",70.29]
[3788,"LUMINARIA DE SOBREPOR EM CHAPA DE ACO PARA 1 LAMPADA FLUORESCENTE DE *18* W, ALETADA, COMPLETA (LAMPADA E REATOR INCLUSOS)                                                                                                                                                                                                                                                                                                                                                                                ","UN    ",73.25]
[12230,"LUMINARIA DE SOBREPOR EM CHAPA DE ACO PARA 1 LAMPADA FLUORESCENTE DE *18* W, PERFIL COMERCIAL (NAO INCLUI REATOR E LAMPADA)                                                                                                                                                                                                                                                                                                                                                                               ","UN    ",18.84]
[3780,"LUMINARIA DE SOBREPOR EM CHAPA DE ACO PARA 1 LAMPADA FLUORESCENTE DE *36* W, ALETADA, COMPLETA (LAMPADA E REATOR INCLUSOS)                                                                                                                                                                                                                                                                                                                                                                                ","UN    ",108.07]
[12231,"LUMINARIA DE SOBREPOR EM CHAPA DE ACO PARA 1 LAMPADA FLUORESCENTE DE *36* W, PERFIL COMERCIAL (NAO INCLUI REATOR E LAMPADA)                                                                                                                                                                                                                                                                                                                                                                               ","UN    ",31.33]
[3811,"LUMINARIA DE SOBREPOR EM CHAPA DE ACO PARA 2 LAMPADAS FLUORESCENTES DE *18* W, ALETADA, COMPLETA (LAMPADAS E REATOR INCLUSOS)                                                                                                                                                                                                                                                                                                                                                                             ","UN    ",101.51]
[12232,"LUMINARIA DE SOBREPOR EM CHAPA DE ACO PARA 2 LAMPADAS FLUORESCENTES DE *18* W, PERFIL COMERCIAL (NAO INCLUI REATOR E LAMPADAS)                                                                                                                                                                                                                                                                                                                                                                            ","UN    ",32.82]
[3799,"LUMINARIA DE SOBREPOR EM CHAPA DE ACO PARA 2 LAMPADAS FLUORESCENTES DE *36* W, ALETADA, COMPLETA (LAMPADAS E REATOR INCLUSOS)                                                                                                                                                                                                                                                                                                                                                                             ","UN    ",143.56]
[12239,"LUMINARIA DE SOBREPOR EM CHAPA DE ACO PARA 2 LAMPADAS FLUORESCENTES DE *36* W, PERFIL COMERCIAL (NAO INCLUI REATOR E LAMPADAS)                                                                                                                                                                                                                                                                                                                                                                            ","UN    ",42.97]
[38773,"LUMINARIA DE TETO PLAFON/PLAFONIER EM PLASTICO COM BASE E27, POTENCIA MAXIMA 60 W (NAO INCLUI LAMPADA)                                                                                                                                                                                                                                                                                                                                                                                                    ","UN    ",6.89]
[12271,"LUMINARIA DUPLA P/SINALIZACAO, TIPO WETZEL AS-2/110 OU EQUIV                                                                                                                                                                                                                                                                                                                                                                                                                                              ","UN    ",384.38]
[13382,"LUMINARIA FECHADA P/ ILUMINACAO PUBLICA, TIPO ABL 50/F OU EQUIV, P/ LAMPADA A VAPOR DE MERCURIO 400W                                                                                                                                                                                                                                                                                                                                                                                                      ","UN    ",409.59]
[38785,"LUMINARIA HERMETICA IP-65 PARA 2 DUAS LAMPADAS DE 14/16/18/20 W (NAO INCLUI REATOR E LAMPADAS)                                                                                                                                                                                                                                                                                                                                                                                                            ","UN    ",181.98]
[38786,"LUMINARIA HERMETICA IP-65 PARA 2 DUAS LAMPADAS DE 28/32/36/40 W (NAO INCLUI REATOR E LAMPADAS)                                                                                                                                                                                                                                                                                                                                                                                                            ","UN    ",224.16]
[39385,"LUMINARIA LED PLAFON REDONDO DE SOBREPOR BIVOLT 12/13 W,  D = *17* CM                                                                                                                                                                                                                                                                                                                                                                                                                                     ","UN    ",10.31]
[39389,"LUMINARIA LED REFLETOR RETANGULAR BIVOLT, LUZ BRANCA, 10 W                                                                                                                                                                                                                                                                                                                                                                                                                                                ","UN    ",11.19]
[39390,"LUMINARIA LED REFLETOR RETANGULAR BIVOLT, LUZ BRANCA, 30 W                                                                                                                                                                                                                                                                                                                                                                                                                                                ","UN    ",23.46]
[39391,"LUMINARIA LED REFLETOR RETANGULAR BIVOLT, LUZ BRANCA, 50 W                                                                                                                                                                                                                                                                                                                                                                                                                                                ","UN    ",26.34]
[3803,"LUMINARIA PLAFON REDONDO COM VIDRO FOSCO DIAMETRO *25* CM, PARA 1 LAMPADA, BASE E27, POTENCIA MAXIMA 40/60 W (NAO INCLUI LAMPADA)                                                                                                                                                                                                                                                                                                                                                                         ","UN    ",65]
[38770,"LUMINARIA PLAFON REDONDO COM VIDRO FOSCO DIAMETRO *30* CM, PARA 2 LAMPADAS, BASE E27, POTENCIA MAXIMA 40/60 W (NAO INCLUI LAMPADAS)                                                                                                                                                                                                                                                                                                                                                                       ","UN    ",75.26]
[12267,"LUMINARIA PROVA DE TEMPO PETERCO Y.31/1                                                                                                                                                                                                                                                                                                                                                                                                                                                                   ","UN    ",220.55]
[43265,"LUMINARIA SOLAR LED EXTERNA, TIPO ARANDELA DE PAREDE, EM ALUMINIO, 16 LEDS, LUZ BRANCA, *180* LUMENS, CAPACIDADE DE ILUMINACAO ATE 36 H, RETANGULAR, *13 X 9 X 7* (C X L X A), COM SENSOR DE MOVIMENTO / PRESENCA, BATERIA RECARREGAVEL COM LUZ SOLAR, RESISTENTE AO CALOR, A PROVA DE AGUA E POEIRA/ IMPERMEAVEL, IP65                                                                                                                                                                                   ","UN    ",32.26]
[12266,"LUMINARIA SPOT DE SOBREPOR EM ALUMINIO COM ALETA PLASTICA PARA 1 LAMPADA, BASE E27, POTENCIA MAXIMA 40/60 W (NAO INCLUI LAMPADA)                                                                                                                                                                                                                                                                                                                                                                          ","UN    ",112.88]
[39378,"LUMINARIA SPOT DE SOBREPOR EM ALUMINIO COM ALETA PLASTICA PARA 2 LAMPADAS, BASE E27, POTENCIA MAXIMA 40/60 W (NAO INCLUI LAMPADA)                                                                                                                                                                                                                                                                                                                                                                         ","UN    ",80.03]
[43543,"LUMINARIA TIPO TARTARUGA A PROVA DE TEMPO, GASES, VAPOR E PO, EM ALUMINIO, COM GRADE, BASE E27, POTENCIA MAXIMA 100 W - REF Y 25/1 (NAO INCLUI LAMPADA)                                                                                                                                                                                                                                                                                                                                                   ","UN    ",166.73]
[38775,"LUMINARIA TIPO TARTARUGA PARA AREA EXTERNA EM ALUMINIO, COM GRADE, PARA 1 LAMPADA, BASE E27, POTENCIA MAXIMA 40/60 W (NAO INCLUI LAMPADA)                                                                                                                                                                                                                                                                                                                                                                 ","UN    ",84.85]
[44252,"LUVA CPVC, SOLDAVEL, 114 MM, PARA AGUA QUENTE PREDIAL                                                                                                                                                                                                                                                                                                                                                                                                                                                     ","UN    ",176.7]
[21119,"LUVA CPVC, SOLDAVEL, 15 MM, PARA AGUA QUENTE PREDIAL                                                                                                                                                                                                                                                                                                                                                                                                                                                      ","UN    ",1.77]
[37974,"LUVA CPVC, SOLDAVEL, 22 MM, PARA AGUA QUENTE PREDIAL                                                                                                                                                                                                                                                                                                                                                                                                                                                      ","UN    ",2.29]
[37975,"LUVA CPVC, SOLDAVEL, 28 MM, PARA AGUA QUENTE PREDIAL                                                                                                                                                                                                                                                                                                                                                                                                                                                      ","UN    ",5.1]
[37976,"LUVA CPVC, SOLDAVEL, 35 MM, PARA AGUA QUENTE PREDIAL                                                                                                                                                                                                                                                                                                                                                                                                                                                      ","UN    ",11.36]
[37977,"LUVA CPVC, SOLDAVEL, 42 MM, PARA AGUA QUENTE PREDIAL                                                                                                                                                                                                                                                                                                                                                                                                                                                      ","UN    ",15.72]
[37978,"LUVA CPVC, SOLDAVEL, 54 MM, PARA AGUA QUENTE PREDIAL                                                                                                                                                                                                                                                                                                                                                                                                                                                      ","UN    ",31.17]
[37979,"LUVA CPVC, SOLDAVEL, 73 MM, PARA AGUA QUENTE PREDIAL                                                                                                                                                                                                                                                                                                                                                                                                                                                      ","UN    ",132.29]
[37980,"LUVA CPVC, SOLDAVEL, 89 MM, PARA AGUA QUENTE PREDIAL                                                                                                                                                                                                                                                                                                                                                                                                                                                      ","UN    ",151.96]
[36147,"LUVA DE BORRACHA ISOLANTE PARA ALTA TENSAO, RESISTENTE A OZONIO, TENSAO DE ENSAIO 2,5 KV (PAR)                                                                                                                                                                                                                                                                                                                                                                                                            ","PAR   ",455.94]
[12731,"LUVA DE COBRE (REF 600) SEM ANEL DE SOLDA, BOLSA X BOLSA, 104 MM                                                                                                                                                                                                                                                                                                                                                                                                                                          ","UN    ",349.28]
[12723,"LUVA DE COBRE (REF 600) SEM ANEL DE SOLDA, BOLSA X BOLSA, 15 MM                                                                                                                                                                                                                                                                                                                                                                                                                                           ","UN    ",2.7]
[12724,"LUVA DE COBRE (REF 600) SEM ANEL DE SOLDA, BOLSA X BOLSA, 22 MM                                                                                                                                                                                                                                                                                                                                                                                                                                           ","UN    ",5.2]
[12725,"LUVA DE COBRE (REF 600) SEM ANEL DE SOLDA, BOLSA X BOLSA, 28 MM                                                                                                                                                                                                                                                                                                                                                                                                                                           ","UN    ",10.44]
[12726,"LUVA DE COBRE (REF 600) SEM ANEL DE SOLDA, BOLSA X BOLSA, 35 MM                                                                                                                                                                                                                                                                                                                                                                                                                                           ","UN    ",23.04]
[12727,"LUVA DE COBRE (REF 600) SEM ANEL DE SOLDA, BOLSA X BOLSA, 42 MM                                                                                                                                                                                                                                                                                                                                                                                                                                           ","UN    ",29.22]
[12728,"LUVA DE COBRE (REF 600) SEM ANEL DE SOLDA, BOLSA X BOLSA, 54 MM                                                                                                                                                                                                                                                                                                                                                                                                                                           ","UN    ",47.73]
[12729,"LUVA DE COBRE (REF 600) SEM ANEL DE SOLDA, BOLSA X BOLSA, 66 MM                                                                                                                                                                                                                                                                                                                                                                                                                                           ","UN    ",156.45]
[12730,"LUVA DE COBRE (REF 600) SEM ANEL DE SOLDA, BOLSA X BOLSA, 79 MM                                                                                                                                                                                                                                                                                                                                                                                                                                           ","UN    ",239.53]
[3840,"LUVA DE CORRER DEFOFO, PVC, JE, DN 100 MM                                                                                                                                                                                                                                                                                                                                                                                                                                                                 ","UN    ",43.01]
[3838,"LUVA DE CORRER DEFOFO, PVC, JE, DN 150 MM                                                                                                                                                                                                                                                                                                                                                                                                                                                                 ","UN    ",94.93]
[3844,"LUVA DE CORRER DEFOFO, PVC, JE, DN 200 MM                                                                                                                                                                                                                                                                                                                                                                                                                                                                 ","UN    ",169.34]
[3839,"LUVA DE CORRER DEFOFO, PVC, JE, DN 250 MM                                                                                                                                                                                                                                                                                                                                                                                                                                                                 ","UN    ",308.44]
[3843,"LUVA DE CORRER DEFOFO, PVC, JE, DN 300 MM                                                                                                                                                                                                                                                                                                                                                                                                                                                                 ","UN    ",423.34]
[3900,"LUVA DE CORRER PARA TUBO ROSCAVEL, PVC, 1 1/2\", PARA AGUA FRIA PREDIAL                                                                                                                                                                                                                                                                                                                                                                                                                                    ","UN    ",44.35]
[3846,"LUVA DE CORRER PARA TUBO ROSCAVEL, PVC, 1/2\", PARA AGUA FRIA PREDIAL                                                                                                                                                                                                                                                                                                                                                                                                                                      ","UN    ",13.32]
[3886,"LUVA DE CORRER PARA TUBO ROSCAVEL, PVC, 3/4\", PARA AGUA FRIA PREDIAL                                                                                                                                                                                                                                                                                                                                                                                                                                      ","UN    ",17.69]
[3854,"LUVA DE CORRER PARA TUBO SOLDAVEL, PVC, 20 MM, PARA AGUA FRIA PREDIAL                                                                                                                                                                                                                                                                                                                                                                                                                                     ","UN    ",10.08]
[3873,"LUVA DE CORRER PARA TUBO SOLDAVEL, PVC, 25 MM, PARA AGUA FRIA PREDIAL                                                                                                                                                                                                                                                                                                                                                                                                                                     ","UN    ",11.74]
[38021,"LUVA DE CORRER PARA TUBO SOLDAVEL, PVC, 32 MM, PARA AGUA FRIA PREDIAL                                                                                                                                                                                                                                                                                                                                                                                                                                     ","UN    ",20.84]
[43838,"LUVA DE CORRER PARA TUBO SOLDAVEL, PVC, 40 MM, PARA AGUA FRIA PREDIAL                                                                                                                                                                                                                                                                                                                                                                                                                                     ","UN    ",26.94]
[3847,"LUVA DE CORRER PARA TUBO SOLDAVEL, PVC, 50 MM, PARA AGUA FRIA PREDIAL                                                                                                                                                                                                                                                                                                                                                                                                                                     ","UN    ",27.16]
[38022,"LUVA DE CORRER PARA TUBO SOLDAVEL, PVC, 60 MM, PARA AGUA FRIA PREDIAL                                                                                                                                                                                                                                                                                                                                                                                                                                     ","UN    ",37.33]
[3830,"LUVA DE CORRER PVC, JE, DN 250 MM, PARA REDE COLETORA DE ESGOTO                                                                                                                                                                                                                                                                                                                                                                                                                                           ","UN    ",191.13]
[37981,"LUVA DE CORRER, CPVC, SOLDAVEL, 15 MM, PARA AGUA QUENTE PREDIAL                                                                                                                                                                                                                                                                                                                                                                                                                                           ","UN    ",6.62]
[37982,"LUVA DE CORRER, CPVC, SOLDAVEL, 22 MM, PARA AGUA QUENTE PREDIAL                                                                                                                                                                                                                                                                                                                                                                                                                                           ","UN    ",9.6]
[37983,"LUVA DE CORRER, CPVC, SOLDAVEL, 28 MM, PARA AGUA QUENTE PREDIAL                                                                                                                                                                                                                                                                                                                                                                                                                                           ","UN    ",14.2]
[37984,"LUVA DE CORRER, CPVC, SOLDAVEL, 35 MM, PARA AGUA QUENTE PREDIAL                                                                                                                                                                                                                                                                                                                                                                                                                                           ","UN    ",19.94]
[37985,"LUVA DE CORRER, CPVC, SOLDAVEL, 42 MM, PARA AGUA QUENTE PREDIAL                                                                                                                                                                                                                                                                                                                                                                                                                                           ","UN    ",28.34]
[3826,"LUVA DE CORRER, PVC PBA, JE, DN 100 / DE 110 MM, PARA REDE AGUA (NBR 10351)                                                                                                                                                                                                                                                                                                                                                                                                                               ","UN    ",42.68]
[3825,"LUVA DE CORRER, PVC PBA, JE, DN 50 / DE 60 MM, PARA REDE AGUA (NBR 10351)                                                                                                                                                                                                                                                                                                                                                                                                                                 ","UN    ",12.27]
[3827,"LUVA DE CORRER, PVC PBA, JE, DN 75 / DE 85 MM, PARA REDE AGUA (NBR 10351)                                                                                                                                                                                                                                                                                                                                                                                                                                 ","UN    ",26.82]
[20165,"LUVA DE CORRER, PVC SERIE R, 100 MM, PARA ESGOTO PREDIAL                                                                                                                                                                                                                                                                                                                                                                                                                                                  ","UN    ",23.69]
[20166,"LUVA DE CORRER, PVC SERIE R, 150 MM, PARA ESGOTO PREDIAL                                                                                                                                                                                                                                                                                                                                                                                                                                                  ","UN    ",72.36]
[20164,"LUVA DE CORRER, PVC SERIE R, 75 MM, PARA ESGOTO PREDIAL                                                                                                                                                                                                                                                                                                                                                                                                                                                   ","UN    ",11.38]
[3893,"LUVA DE CORRER, PVC, DN 100 MM, PARA ESGOTO PREDIAL                                                                                                                                                                                                                                                                                                                                                                                                                                                       ","UN    ",17.84]
[3848,"LUVA DE CORRER, PVC, DN 50 MM, PARA ESGOTO PREDIAL                                                                                                                                                                                                                                                                                                                                                                                                                                                        ","UN    ",10.88]
[3895,"LUVA DE CORRER, PVC, DN 75 MM, PARA ESGOTO PREDIAL                                                                                                                                                                                                                                                                                                                                                                                                                                                        ","UN    ",12.08]
[12404,"LUVA DE FERRO GALVANIZADO, COM ROSCA BSP MACHO/FEMEA, DE 3/4\"                                                                                                                                                                                                                                                                                                                                                                                                                                             ","UN    ",9.03]
[3939,"LUVA DE FERRO GALVANIZADO, COM ROSCA BSP, DE 1 1/2\"                                                                                                                                                                                                                                                                                                                                                                                                                                                       ","UN    ",18.61]
[3911,"LUVA DE FERRO GALVANIZADO, COM ROSCA BSP, DE 1 1/4\"                                                                                                                                                                                                                                                                                                                                                                                                                                                       ","UN    ",15.2]
[3908,"LUVA DE FERRO GALVANIZADO, COM ROSCA BSP, DE 1/2\"                                                                                                                                                                                                                                                                                                                                                                                                                                                         ","UN    ",4.91]
[3910,"LUVA DE FERRO GALVANIZADO, COM ROSCA BSP, DE 1\"                                                                                                                                                                                                                                                                                                                                                                                                                                                           ","UN    ",10.88]
[3913,"LUVA DE FERRO GALVANIZADO, COM ROSCA BSP, DE 2 1/2\"                                                                                                                                                                                                                                                                                                                                                                                                                                                       ","UN    ",52]
[3912,"LUVA DE FERRO GALVANIZADO, COM ROSCA BSP, DE 2\"                                                                                                                                                                                                                                                                                                                                                                                                                                                           ","UN    ",28.5]
[3909,"LUVA DE FERRO GALVANIZADO, COM ROSCA BSP, DE 3/4\"                                                                                                                                                                                                                                                                                                                                                                                                                                                         ","UN    ",6.69]
[3914,"LUVA DE FERRO GALVANIZADO, COM ROSCA BSP, DE 3\"                                                                                                                                                                                                                                                                                                                                                                                                                                                           ","UN    ",78.44]
[3915,"LUVA DE FERRO GALVANIZADO, COM ROSCA BSP, DE 4\"                                                                                                                                                                                                                                                                                                                                                                                                                                                           ","UN    ",123.7]
[3916,"LUVA DE FERRO GALVANIZADO, COM ROSCA BSP, DE 5\"                                                                                                                                                                                                                                                                                                                                                                                                                                                           ","UN    ",225.36]
[3917,"LUVA DE FERRO GALVANIZADO, COM ROSCA BSP, DE 6\"                                                                                                                                                                                                                                                                                                                                                                                                                                                           ","UN    ",371.71]
[1904,"LUVA DE PRESSAO, EM PVC, DE 20 MM, PARA ELETRODUTO FLEXIVEL                                                                                                                                                                                                                                                                                                                                                                                                                                               ","UN    ",1.04]
[1899,"LUVA DE PRESSAO, EM PVC, DE 25 MM, PARA ELETRODUTO FLEXIVEL                                                                                                                                                                                                                                                                                                                                                                                                                                               ","UN    ",1.18]
[1900,"LUVA DE PRESSAO, EM PVC, DE 32 MM, PARA ELETRODUTO FLEXIVEL                                                                                                                                                                                                                                                                                                                                                                                                                                               ","UN    ",1.91]
[12407,"LUVA DE REDUCAO DE FERRO GALVANIZADO, COM ROSCA BSP MACHO/FEMEA, DE 1 1/2\" X 1\"                                                                                                                                                                                                                                                                                                                                                                                                                           ","UN    ",28.14]
[12408,"LUVA DE REDUCAO DE FERRO GALVANIZADO, COM ROSCA BSP MACHO/FEMEA, DE 1\" X 1/2\"                                                                                                                                                                                                                                                                                                                                                                                                                             ","UN    ",15.88]
[12409,"LUVA DE REDUCAO DE FERRO GALVANIZADO, COM ROSCA BSP MACHO/FEMEA, DE 1\" X 3/4\"                                                                                                                                                                                                                                                                                                                                                                                                                             ","UN    ",15.88]
[12410,"LUVA DE REDUCAO DE FERRO GALVANIZADO, COM ROSCA BSP MACHO/FEMEA, DE 3/4\" X 1/2\"                                                                                                                                                                                                                                                                                                                                                                                                                           ","UN    ",10.94]
[3936,"LUVA DE REDUCAO DE FERRO GALVANIZADO, COM ROSCA BSP, DE 1 1/2\" X 1 1/4\"                                                                                                                                                                                                                                                                                                                                                                                                                                   ","UN    ",19.77]
[3922,"LUVA DE REDUCAO DE FERRO GALVANIZADO, COM ROSCA BSP, DE 1 1/2\" X 1/2\"                                                                                                                                                                                                                                                                                                                                                                                                                                     ","UN    ",18.18]
[3924,"LUVA DE REDUCAO DE FERRO GALVANIZADO, COM ROSCA BSP, DE 1 1/2\" X 1\"                                                                                                                                                                                                                                                                                                                                                                                                                                       ","UN    ",19.77]
[3923,"LUVA DE REDUCAO DE FERRO GALVANIZADO, COM ROSCA BSP, DE 1 1/2\" X 3/4\"                                                                                                                                                                                                                                                                                                                                                                                                                                     ","UN    ",19.77]
[3937,"LUVA DE REDUCAO DE FERRO GALVANIZADO, COM ROSCA BSP, DE 1 1/4\" X 1/2\"                                                                                                                                                                                                                                                                                                                                                                                                                                     ","UN    ",16.31]
[3921,"LUVA DE REDUCAO DE FERRO GALVANIZADO, COM ROSCA BSP, DE 1 1/4\" X 1\"                                                                                                                                                                                                                                                                                                                                                                                                                                       ","UN    ",16.32]
[3920,"LUVA DE REDUCAO DE FERRO GALVANIZADO, COM ROSCA BSP, DE 1 1/4\" X 3/4\"                                                                                                                                                                                                                                                                                                                                                                                                                                     ","UN    ",16.31]
[3938,"LUVA DE REDUCAO DE FERRO GALVANIZADO, COM ROSCA BSP, DE 1\" X 1/2\"                                                                                                                                                                                                                                                                                                                                                                                                                                         ","UN    ",10.75]
[3919,"LUVA DE REDUCAO DE FERRO GALVANIZADO, COM ROSCA BSP, DE 1\" X 3/4\"                                                                                                                                                                                                                                                                                                                                                                                                                                         ","UN    ",10.96]
[3927,"LUVA DE REDUCAO DE FERRO GALVANIZADO, COM ROSCA BSP, DE 2 1/2\" X 1 1/2\"                                                                                                                                                                                                                                                                                                                                                                                                                                   ","UN    ",55.52]
[3928,"LUVA DE REDUCAO DE FERRO GALVANIZADO, COM ROSCA BSP, DE 2 1/2\" X 2\"                                                                                                                                                                                                                                                                                                                                                                                                                                       ","UN    ",55.52]
[3926,"LUVA DE REDUCAO DE FERRO GALVANIZADO, COM ROSCA BSP, DE 2\" X 1 1/2\"                                                                                                                                                                                                                                                                                                                                                                                                                                       ","UN    ",31.65]
[3935,"LUVA DE REDUCAO DE FERRO GALVANIZADO, COM ROSCA BSP, DE 2\" X 1 1/4\"                                                                                                                                                                                                                                                                                                                                                                                                                                       ","UN    ",31.65]
[3925,"LUVA DE REDUCAO DE FERRO GALVANIZADO, COM ROSCA BSP, DE 2\" X 1\"                                                                                                                                                                                                                                                                                                                                                                                                                                           ","UN    ",31.65]
[12406,"LUVA DE REDUCAO DE FERRO GALVANIZADO, COM ROSCA BSP, DE 3/4\" X 1/2\"                                                                                                                                                                                                                                                                                                                                                                                                                                       ","UN    ",7.77]
[3929,"LUVA DE REDUCAO DE FERRO GALVANIZADO, COM ROSCA BSP, DE 3\" X 1 1/2\"                                                                                                                                                                                                                                                                                                                                                                                                                                       ","UN    ",84.59]
[3931,"LUVA DE REDUCAO DE FERRO GALVANIZADO, COM ROSCA BSP, DE 3\" X 2 1/2\"                                                                                                                                                                                                                                                                                                                                                                                                                                       ","UN    ",84.59]
[3930,"LUVA DE REDUCAO DE FERRO GALVANIZADO, COM ROSCA BSP, DE 3\" X 2\"                                                                                                                                                                                                                                                                                                                                                                                                                                           ","UN    ",84.59]
[3932,"LUVA DE REDUCAO DE FERRO GALVANIZADO, COM ROSCA BSP, DE 4\" X 2 1/2\"                                                                                                                                                                                                                                                                                                                                                                                                                                       ","UN    ",146.07]
[3933,"LUVA DE REDUCAO DE FERRO GALVANIZADO, COM ROSCA BSP, DE 4\" X 2\"                                                                                                                                                                                                                                                                                                                                                                                                                                           ","UN    ",146.07]
[3934,"LUVA DE REDUCAO DE FERRO GALVANIZADO, COM ROSCA BSP, DE 4\" X 3\"                                                                                                                                                                                                                                                                                                                                                                                                                                           ","UN    ",146.07]
[40355,"LUVA DE REDUCAO EM ACO CARBONO, COM ENCAIXE PARA SOLDA DN SW, PRESSAO 3.000 LBS,  3/4 \" X 1/2\"                                                                                                                                                                                                                                                                                                                                                                                                            ","UN    ",14.23]
[40364,"LUVA DE REDUCAO EM ACO CARBONO, COM ENCAIXE PARA SOLDA DN SW, PRESSAO 3.000 LBS, DN 1 1/2\" X 1 1/4\"                                                                                                                                                                                                                                                                                                                                                                                                       ","UN    ",66.64]
[40361,"LUVA DE REDUCAO EM ACO CARBONO, COM ENCAIXE PARA SOLDA DN SW, PRESSAO 3.000 LBS, DN 1 1/4\"  X 1\"                                                                                                                                                                                                                                                                                                                                                                                                          ","UN    ",52.11]
[40358,"LUVA DE REDUCAO EM ACO CARBONO, COM ENCAIXE PARA SOLDA DN SW, PRESSAO 3.000 LBS, DN 1\" X 3/4\"                                                                                                                                                                                                                                                                                                                                                                                                             ","UN    ",19.86]
[40370,"LUVA DE REDUCAO EM ACO CARBONO, COM ENCAIXE PARA SOLDA DN SW, PRESSAO 3.000 LBS, DN 2 1/2\" X 2\"                                                                                                                                                                                                                                                                                                                                                                                                           ","UN    ",211.44]
[40367,"LUVA DE REDUCAO EM ACO CARBONO, COM ENCAIXE PARA SOLDA DN SW, PRESSAO 3.000 LBS, DN 2\" X 1 1/2\"                                                                                                                                                                                                                                                                                                                                                                                                           ","UN    ",105.09]
[40373,"LUVA DE REDUCAO EM ACO CARBONO, COM ENCAIXE PARA SOLDA DN SW, PRESSAO 3.000 LBS, DN 3\" X 2 1/2\"                                                                                                                                                                                                                                                                                                                                                                                                           ","UN    ",285.93]
[3907,"LUVA DE REDUCAO ROSCAVEL, PVC, 1\" X 3/4\", PARA AGUA FRIA PREDIAL                                                                                                                                                                                                                                                                                                                                                                                                                                          ","UN    ",5.11]
[3889,"LUVA DE REDUCAO ROSCAVEL, PVC, 3/4\" X 1/2\", PARA AGUA FRIA PREDIAL                                                                                                                                                                                                                                                                                                                                                                                                                                        ","UN    ",3.63]
[3868,"LUVA DE REDUCAO SOLDAVEL, PVC, 25 MM X 20 MM, PARA AGUA FRIA PREDIAL                                                                                                                                                                                                                                                                                                                                                                                                                                      ","UN    ",1.33]
[3869,"LUVA DE REDUCAO SOLDAVEL, PVC, 32 MM X 25 MM, PARA AGUA FRIA PREDIAL                                                                                                                                                                                                                                                                                                                                                                                                                                      ","UN    ",2.95]
[3872,"LUVA DE REDUCAO SOLDAVEL, PVC, 40 MM X 32 MM, PARA AGUA FRIA PREDIAL                                                                                                                                                                                                                                                                                                                                                                                                                                      ","UN    ",5.04]
[3850,"LUVA DE REDUCAO SOLDAVEL, PVC, 60 MM X 50 MM, PARA AGUA FRIA PREDIAL                                                                                                                                                                                                                                                                                                                                                                                                                                      ","UN    ",11.63]
[38023,"LUVA DE REDUCAO, SOLDAVEL, PVC, 50 X 25 MM, PARA AGUA FRIA PREDIAL                                                                                                                                                                                                                                                                                                                                                                                                                                        ","UN    ",5.92]
[37986,"LUVA DE TRANSICAO DE CPVC X PVC, SOLDAVEL, 22 X 25 MM, PARA AGUA QUENTE                                                                                                                                                                                                                                                                                                                                                                                                                                   ","UN    ",2.26]
[37987,"LUVA DE TRANSICAO, CPVC, SOLDAVEL, 42 MM X 1 1/2\", PARA AGUA QUENTE                                                                                                                                                                                                                                                                                                                                                                                                                                       ","UN    ",112.72]
[37988,"LUVA DE TRANSICAO, CPVC, SOLDAVEL, 54 MM X 2\", PARA AGUA QUENTE PREDIAL                                                                                                                                                                                                                                                                                                                                                                                                                                   ","UN    ",179.12]
[21120,"LUVA DE TRANSICAO, CPVC, 15 MM X 1/2\", PARA AGUA QUENTE PREDIAL                                                                                                                                                                                                                                                                                                                                                                                                                                           ","UN    ",11.53]
[39318,"LUVA DE TRANSICAO, CPVC, 22 MM X 1/2\", PARA AGUA QUENTE                                                                                                                                                                                                                                                                                                                                                                                                                                                   ","UN    ",10.72]
[40366,"LUVA EM ACO CARBONO, SOLDAVEL, PRESSAO 3.000 LBS, DN 1 1/2\"                                                                                                                                                                                                                                                                                                                                                                                                                                               ","UN    ",51.98]
[40363,"LUVA EM ACO CARBONO, SOLDAVEL, PRESSAO 3.000 LBS, DN 1 1/4\"                                                                                                                                                                                                                                                                                                                                                                                                                                               ","UN    ",40.66]
[40354,"LUVA EM ACO CARBONO, SOLDAVEL, PRESSAO 3.000 LBS, DN 1/2\"                                                                                                                                                                                                                                                                                                                                                                                                                                                 ","UN    ",17.7]
[40360,"LUVA EM ACO CARBONO, SOLDAVEL, PRESSAO 3.000 LBS, DN 1\"                                                                                                                                                                                                                                                                                                                                                                                                                                                   ","UN    ",26.65]
[40372,"LUVA EM ACO CARBONO, SOLDAVEL, PRESSAO 3.000 LBS, DN 2 1/2\"                                                                                                                                                                                                                                                                                                                                                                                                                                               ","UN    ",164.59]
[40369,"LUVA EM ACO CARBONO, SOLDAVEL, PRESSAO 3.000 LBS, DN 2\"                                                                                                                                                                                                                                                                                                                                                                                                                                                   ","UN    ",81.92]
[40357,"LUVA EM ACO CARBONO, SOLDAVEL, PRESSAO 3.000 LBS, DN 3/4\"                                                                                                                                                                                                                                                                                                                                                                                                                                                 ","UN    ",19.86]
[40375,"LUVA EM ACO CARBONO, SOLDAVEL, PRESSAO 3.000 LBS, DN 3\"                                                                                                                                                                                                                                                                                                                                                                                                                                                   ","UN    ",222.82]
[1893,"LUVA EM PVC RIGIDO ROSCAVEL, DE 1 1/2\", PARA ELETRODUTO                                                                                                                                                                                                                                                                                                                                                                                                                                                   ","UN    ",3.93]
[1902,"LUVA EM PVC RIGIDO ROSCAVEL, DE 1 1/4\", PARA ELETRODUTO                                                                                                                                                                                                                                                                                                                                                                                                                                                   ","UN    ",2.86]
[1901,"LUVA EM PVC RIGIDO ROSCAVEL, DE 1/2\", PARA ELETRODUTO                                                                                                                                                                                                                                                                                                                                                                                                                                                     ","UN    ",0.89]
[1892,"LUVA EM PVC RIGIDO ROSCAVEL, DE 1\", PARA ELETRODUTO                                                                                                                                                                                                                                                                                                                                                                                                                                                       ","UN    ",1.84]
[1907,"LUVA EM PVC RIGIDO ROSCAVEL, DE 2 1/2\", PARA ELETRODUTO                                                                                                                                                                                                                                                                                                                                                                                                                                                   ","UN    ",12.64]
[1894,"LUVA EM PVC RIGIDO ROSCAVEL, DE 2\", PARA ELETRODUTO                                                                                                                                                                                                                                                                                                                                                                                                                                                       ","UN    ",5.68]
[1891,"LUVA EM PVC RIGIDO ROSCAVEL, DE 3/4\", PARA ELETRODUTO                                                                                                                                                                                                                                                                                                                                                                                                                                                     ","UN    ",1.32]
[1896,"LUVA EM PVC RIGIDO ROSCAVEL, DE 3\", PARA ELETRODUTO                                                                                                                                                                                                                                                                                                                                                                                                                                                       ","UN    ",16.97]
[1895,"LUVA EM PVC RIGIDO ROSCAVEL, DE 4\", PARA ELETRODUTO                                                                                                                                                                                                                                                                                                                                                                                                                                                       ","UN    ",29.82]
[2641,"LUVA PARA ELETRODUTO, EM ACO GALVANIZADO ELETROLITICO, DIAMETRO DE 100 MM (4\")                                                                                                                                                                                                                                                                                                                                                                                                                            ","UN    ",27.03]
[2636,"LUVA PARA ELETRODUTO, EM ACO GALVANIZADO ELETROLITICO, DIAMETRO DE 15 MM (1/2\")                                                                                                                                                                                                                                                                                                                                                                                                                           ","UN    ",1.74]
[2637,"LUVA PARA ELETRODUTO, EM ACO GALVANIZADO ELETROLITICO, DIAMETRO DE 20 MM (3/4\")                                                                                                                                                                                                                                                                                                                                                                                                                           ","UN    ",1.85]
[2638,"LUVA PARA ELETRODUTO, EM ACO GALVANIZADO ELETROLITICO, DIAMETRO DE 25 MM (1\")                                                                                                                                                                                                                                                                                                                                                                                                                             ","UN    ",2.15]
[2639,"LUVA PARA ELETRODUTO, EM ACO GALVANIZADO ELETROLITICO, DIAMETRO DE 32 MM (1 1/4\")                                                                                                                                                                                                                                                                                                                                                                                                                         ","UN    ",3.82]
[2644,"LUVA PARA ELETRODUTO, EM ACO GALVANIZADO ELETROLITICO, DIAMETRO DE 40 MM (1 1/2\")                                                                                                                                                                                                                                                                                                                                                                                                                         ","UN    ",5.53]
[2643,"LUVA PARA ELETRODUTO, EM ACO GALVANIZADO ELETROLITICO, DIAMETRO DE 50 MM (2\")                                                                                                                                                                                                                                                                                                                                                                                                                             ","UN    ",7.71]
[2640,"LUVA PARA ELETRODUTO, EM ACO GALVANIZADO ELETROLITICO, DIAMETRO DE 65 MM (2 1/2\")                                                                                                                                                                                                                                                                                                                                                                                                                         ","UN    ",11.25]
[2642,"LUVA PARA ELETRODUTO, EM ACO GALVANIZADO ELETROLITICO, DIAMETRO DE 80 MM (3\")                                                                                                                                                                                                                                                                                                                                                                                                                             ","UN    ",17.13]
[39855,"LUVA PASSANTE DE COBRE (REF 601) SEM ANEL DE SOLDA, BOLSA 15 MM                                                                                                                                                                                                                                                                                                                                                                                                                                           ","UN    ",2.73]
[39856,"LUVA PASSANTE DE COBRE (REF 601) SEM ANEL DE SOLDA, BOLSA 22 MM                                                                                                                                                                                                                                                                                                                                                                                                                                           ","UN    ",6.45]
[39857,"LUVA PASSANTE DE COBRE (REF 601) SEM ANEL DE SOLDA, BOLSA 28 MM                                                                                                                                                                                                                                                                                                                                                                                                                                           ","UN    ",10.44]
[39858,"LUVA PASSANTE DE COBRE (REF 601) SEM ANEL DE SOLDA, BOLSA 35 MM                                                                                                                                                                                                                                                                                                                                                                                                                                           ","UN    ",23.16]
[39859,"LUVA PASSANTE DE COBRE (REF 601) SEM ANEL DE SOLDA, BOLSA 42 MM                                                                                                                                                                                                                                                                                                                                                                                                                                           ","UN    ",35.71]
[39860,"LUVA PASSANTE DE COBRE (REF 601) SEM ANEL DE SOLDA, BOLSA 54 MM                                                                                                                                                                                                                                                                                                                                                                                                                                           ","UN    ",54.79]
[39861,"LUVA PASSANTE DE COBRE (REF 601) SEM ANEL DE SOLDA, BOLSA 66 MM                                                                                                                                                                                                                                                                                                                                                                                                                                           ","UN    ",156.45]
[3867,"LUVA PVC SOLDAVEL, 110 MM, PARA AGUA FRIA PREDIAL                                                                                                                                                                                                                                                                                                                                                                                                                                                         ","UN    ",70.82]
[3861,"LUVA PVC SOLDAVEL, 20 MM, PARA AGUA FRIA PREDIAL                                                                                                                                                                                                                                                                                                                                                                                                                                                          ","UN    ",0.73]
[3904,"LUVA PVC SOLDAVEL, 25 MM, PARA AGUA FRIA PREDIAL                                                                                                                                                                                                                                                                                                                                                                                                                                                          ","UN    ",0.78]
[3903,"LUVA PVC SOLDAVEL, 32 MM, PARA AGUA FRIA PREDIAL                                                                                                                                                                                                                                                                                                                                                                                                                                                          ","UN    ",1.9]
[3862,"LUVA PVC SOLDAVEL, 40 MM, PARA AGUA FRIA PREDIAL                                                                                                                                                                                                                                                                                                                                                                                                                                                          ","UN    ",4.05]
[3863,"LUVA PVC SOLDAVEL, 50 MM, PARA AGUA FRIA PREDIAL                                                                                                                                                                                                                                                                                                                                                                                                                                                          ","UN    ",4.15]
[3864,"LUVA PVC SOLDAVEL, 60 MM, PARA AGUA FRIA PREDIAL                                                                                                                                                                                                                                                                                                                                                                                                                                                          ","UN    ",12.7]
[3865,"LUVA PVC SOLDAVEL, 75 MM, PARA AGUA FRIA PREDIAL                                                                                                                                                                                                                                                                                                                                                                                                                                                          ","UN    ",18.58]
[3866,"LUVA PVC SOLDAVEL, 85 MM, PARA AGUA FRIA PREDIAL                                                                                                                                                                                                                                                                                                                                                                                                                                                          ","UN    ",41.71]
[3878,"LUVA PVC, ROSCAVEL, 1 1/2\",  AGUA FRIA PREDIAL                                                                                                                                                                                                                                                                                                                                                                                                                                                            ","UN    ",11.37]
[3883,"LUVA PVC, ROSCAVEL, 1/2\", AGUA FRIA PREDIAL                                                                                                                                                                                                                                                                                                                                                                                                                                                               ","UN    ",1.45]
[3876,"LUVA PVC, ROSCAVEL, 1\", AGUA FRIA PREDIAL                                                                                                                                                                                                                                                                                                                                                                                                                                                                 ","UN    ",4.53]
[3884,"LUVA PVC, ROSCAVEL, 3/4\", AGUA FRIA PREDIAL                                                                                                                                                                                                                                                                                                                                                                                                                                                               ","UN    ",2.3]
[12892,"LUVA RASPA DE COURO, CANO CURTO (PUNHO *7* CM)                                                                                                                                                                                                                                                                                                                                                                                                                                                            ","PAR   ",15.85]
[38447,"LUVA SIMPLES PPR, F/F, SOLDAVEL, DN 110 MM, PARA AGUA QUENTE PREDIAL                                                                                                                                                                                                                                                                                                                                                                                                                                      ","UN    ",81.65]
[36320,"LUVA SIMPLES PPR, F/F, SOLDAVEL, DN 20 MM, PARA AGUA QUENTE PREDIAL                                                                                                                                                                                                                                                                                                                                                                                                                                       ","UN    ",2.19]
[36324,"LUVA SIMPLES PPR, F/F, SOLDAVEL, DN 25 MM, PARA AGUA QUENTE PREDIAL                                                                                                                                                                                                                                                                                                                                                                                                                                       ","UN    ",2]
[38441,"LUVA SIMPLES PPR, F/F, SOLDAVEL, DN 32 MM, PARA AGUA QUENTE PREDIAL                                                                                                                                                                                                                                                                                                                                                                                                                                       ","UN    ",3.59]
[38442,"LUVA SIMPLES PPR, F/F, SOLDAVEL, DN 40 MM, PARA AGUA QUENTE PREDIAL                                                                                                                                                                                                                                                                                                                                                                                                                                       ","UN    ",10.2]
[38443,"LUVA SIMPLES PPR, F/F, SOLDAVEL, DN 50 MM, PARA AGUA QUENTE PREDIAL                                                                                                                                                                                                                                                                                                                                                                                                                                       ","UN    ",12.38]
[38444,"LUVA SIMPLES PPR, F/F, SOLDAVEL, DN 63 MM, PARA AGUA QUENTE PREDIAL                                                                                                                                                                                                                                                                                                                                                                                                                                       ","UN    ",20.79]
[38445,"LUVA SIMPLES PPR, F/F, SOLDAVEL, DN 75 MM, PARA AGUA QUENTE PREDIAL                                                                                                                                                                                                                                                                                                                                                                                                                                       ","UN    ",38.54]
[38446,"LUVA SIMPLES PPR, F/F, SOLDAVEL, DN 90 MM, PARA AGUA QUENTE PREDIAL                                                                                                                                                                                                                                                                                                                                                                                                                                       ","UN    ",63.08]
[3837,"LUVA SIMPLES, PVC PBA, JE, DN 100 / DE 110 MM, PARA REDE AGUA (NBR 10351)                                                                                                                                                                                                                                                                                                                                                                                                                                 ","UN    ",37.05]
[3845,"LUVA SIMPLES, PVC PBA, JE, DN 50 / DE 60 MM, PARA REDE AGUA (NBR 10351)                                                                                                                                                                                                                                                                                                                                                                                                                                   ","UN    ",13.53]
[11045,"LUVA SIMPLES, PVC PBA, JE, DN 75 / DE 85 MM, PARA REDE AGUA (NBR 10351)                                                                                                                                                                                                                                                                                                                                                                                                                                   ","UN    ",26.11]
[20170,"LUVA SIMPLES, PVC SERIE R, 100 MM, PARA ESGOTO PREDIAL                                                                                                                                                                                                                                                                                                                                                                                                                                                    ","UN    ",13.12]
[20171,"LUVA SIMPLES, PVC SERIE R, 150 MM, PARA ESGOTO PREDIAL                                                                                                                                                                                                                                                                                                                                                                                                                                                    ","UN    ",37.84]
[20167,"LUVA SIMPLES, PVC SERIE R, 40 MM, PARA ESGOTO PREDIAL                                                                                                                                                                                                                                                                                                                                                                                                                                                     ","UN    ",4.76]
[20168,"LUVA SIMPLES, PVC SERIE R, 50 MM, PARA ESGOTO PREDIAL                                                                                                                                                                                                                                                                                                                                                                                                                                                     ","UN    ",9.79]
[20169,"LUVA SIMPLES, PVC SERIE R, 75 MM, PARA ESGOTO PREDIAL                                                                                                                                                                                                                                                                                                                                                                                                                                                     ","UN    ",11.43]
[3899,"LUVA SIMPLES, PVC, SOLDAVEL, DN 100 MM, SERIE NORMAL, PARA ESGOTO PREDIAL                                                                                                                                                                                                                                                                                                                                                                                                                                 ","UN    ",6.34]
[38676,"LUVA SIMPLES, PVC, SOLDAVEL, DN 150 MM, SERIE NORMAL, PARA ESGOTO PREDIAL                                                                                                                                                                                                                                                                                                                                                                                                                                 ","UN    ",31.71]
[3897,"LUVA SIMPLES, PVC, SOLDAVEL, DN 40 MM, SERIE NORMAL, PARA ESGOTO PREDIAL                                                                                                                                                                                                                                                                                                                                                                                                                                  ","UN    ",1.55]
[3875,"LUVA SIMPLES, PVC, SOLDAVEL, DN 50 MM, SERIE NORMAL, PARA ESGOTO PREDIAL                                                                                                                                                                                                                                                                                                                                                                                                                                  ","UN    ",3.2]
[3898,"LUVA SIMPLES, PVC, SOLDAVEL, DN 75 MM, SERIE NORMAL, PARA ESGOTO PREDIAL                                                                                                                                                                                                                                                                                                                                                                                                                                  ","UN    ",6.49]
[3855,"LUVA SOLDAVEL COM BUCHA DE LATAO, PVC, 20 MM X 1/2\"                                                                                                                                                                                                                                                                                                                                                                                                                                                       ","UN    ",4.91]
[3874,"LUVA SOLDAVEL COM BUCHA DE LATAO, PVC, 25 MM X 1/2\"                                                                                                                                                                                                                                                                                                                                                                                                                                                       ","UN    ",5.69]
[3870,"LUVA SOLDAVEL COM BUCHA DE LATAO, PVC, 25 MM X 3/4\"                                                                                                                                                                                                                                                                                                                                                                                                                                                       ","UN    ",6.24]
[38678,"LUVA SOLDAVEL COM BUCHA DE LATAO, PVC, 32 MM X 1\"                                                                                                                                                                                                                                                                                                                                                                                                                                                         ","UN    ",16.52]
[3859,"LUVA SOLDAVEL COM ROSCA, PVC, 20 MM X 1/2\", PARA AGUA FRIA PREDIAL                                                                                                                                                                                                                                                                                                                                                                                                                                        ","UN    ",1.26]
[3856,"LUVA SOLDAVEL COM ROSCA, PVC, 25 MM X 1/2\", PARA AGUA FRIA PREDIAL                                                                                                                                                                                                                                                                                                                                                                                                                                        ","UN    ",1.74]
[3906,"LUVA SOLDAVEL COM ROSCA, PVC, 25 MM X 3/4\", PARA AGUA FRIA PREDIAL                                                                                                                                                                                                                                                                                                                                                                                                                                        ","UN    ",1.44]
[3860,"LUVA SOLDAVEL COM ROSCA, PVC, 32 MM X 1\", PARA AGUA FRIA PREDIAL                                                                                                                                                                                                                                                                                                                                                                                                                                          ","UN    ",4.28]
[3905,"LUVA SOLDAVEL COM ROSCA, PVC, 40 MM X 1 1/4\", PARA AGUA FRIA PREDIAL                                                                                                                                                                                                                                                                                                                                                                                                                                      ","UN    ",9.82]
[3871,"LUVA SOLDAVEL COM ROSCA, PVC, 50 MM X 1 1/2\", PARA AGUA FRIA PREDIAL                                                                                                                                                                                                                                                                                                                                                                                                                                      ","UN    ",17.38]
[39292,"LUVA/UNIAO DE REDUCAO METALICA, PARA CONEXAO COM ANEL DESLIZANTE, DN 20 X 16 MM, EM TUBO PEX PARA INST. AGUA QUENTE/FRIA                                                                                                                                                                                                                                                                                                                                                                                  ","UN    ",7.58]
[39293,"LUVA/UNIAO DE REDUCAO METALICA, PARA CONEXAO COM ANEL DESLIZANTE, DN 25 X 16 MM, EM TUBO PEX PARA INST. AGUA QUENTE/FRIA                                                                                                                                                                                                                                                                                                                                                                                  ","UN    ",11.78]
[39294,"LUVA/UNIAO DE REDUCAO METALICA, PARA CONEXAO COM ANEL DESLIZANTE, DN 25 X 20 MM, EM TUBO PEX PARA INST. AGUA QUENTE/FRIA                                                                                                                                                                                                                                                                                                                                                                                  ","UN    ",12.59]
[39295,"LUVA/UNIAO DE REDUCAO METALICA, PARA CONEXAO COM ANEL DESLIZANTE, DN 32 X 25 MM, EM TUBO PEX PARA INST. AGUA QUENTE/FRIA                                                                                                                                                                                                                                                                                                                                                                                  ","UN    ",17.32]
[39312,"LUVA/UNIAO DE REDUCAO, PLASTICA, PARA CONEXAO COM CRIMPAGEM, DN 20 X 16 MM, EM TUBO PEX PARA INST. AGUA QUENTE/FRIA                                                                                                                                                                                                                                                                                                                                                                                       ","UN    ",11.62]
[39313,"LUVA/UNIAO DE REDUCAO, PLASTICA, PARA CONEXAO COM CRIMPAGEM, DN 25 X 16 MM, EM TUBO PEX PARA INST. AGUA QUENTE/FRIA                                                                                                                                                                                                                                                                                                                                                                                       ","UN    ",15.61]
[39314,"LUVA/UNIAO DE REDUCAO, PLASTICA, PARA CONEXAO COM CRIMPAGEM, DN 32 X 25 MM, EM TUBO PEX PARA INST. AGUA QUENTE/FRIA                                                                                                                                                                                                                                                                                                                                                                                       ","UN    ",22.97]
[39296,"LUVA/UNIAO METALICA, PARA CONEXAO COM ANEL DESLIZANTE, DN 16 MM, EM TUBO PEX PARA INST. AGUA QUENTE/FRIA                                                                                                                                                                                                                                                                                                                                                                                                  ","UN    ",6.91]
[39297,"LUVA/UNIAO METALICA, PARA CONEXAO COM ANEL DESLIZANTE, DN 20 MM, EM TUBO PEX PARA INST. AGUA QUENTE/FRIA                                                                                                                                                                                                                                                                                                                                                                                                  ","UN    ",9.37]
[39298,"LUVA/UNIAO METALICA, PARA CONEXAO COM ANEL DESLIZANTE, DN 25 MM, EM TUBO PEX PARA INST. AGUA QUENTE/FRIA                                                                                                                                                                                                                                                                                                                                                                                                  ","UN    ",17.99]
[39299,"LUVA/UNIAO METALICA, PARA CONEXAO COM ANEL DESLIZANTE, DN 32 MM, EM TUBO PEX PARA INST. AGUA QUENTE/FRIA                                                                                                                                                                                                                                                                                                                                                                                                  ","UN    ",21.32]
[39308,"LUVA/UNIAO, PLASTICA, PARA CONEXAO COM CRIMPAGEM, DN 16 MM, EM TUBO PEX PARA INST. AGUA QUENTE/FRIA                                                                                                                                                                                                                                                                                                                                                                                                       ","UN    ",5.76]
[39309,"LUVA/UNIAO, PLASTICA, PARA CONEXAO COM CRIMPAGEM, DN 20 MM, EM TUBO PEX PARA INST. AGUA QUENTE/FRIA                                                                                                                                                                                                                                                                                                                                                                                                       ","UN    ",6.57]
[39310,"LUVA/UNIAO, PLASTICA, PARA CONEXAO COM CRIMPAGEM, DN 25 MM, EM TUBO PEX PARA INST. AGUA QUENTE/FRIA                                                                                                                                                                                                                                                                                                                                                                                                       ","UN    ",12.27]
[39311,"LUVA/UNIAO, PLASTICA, PARA CONEXAO COM CRIMPAGEM, DN 32 MM, EM TUBO PEX PARA INST. AGUA QUENTE/FRIA                                                                                                                                                                                                                                                                                                                                                                                                       ","UN    ",17.37]
[37429,"LUVA, PEAD PE 100,  DE 400 MM, PARA ELETROFUSAO                                                                                                                                                                                                                                                                                                                                                                                                                                                           ","UN    ",{"v":2665.96,"d":"2,665.96"}]
[37426,"LUVA, PEAD PE 100,  DE 63 MM, PARA ELETROFUSAO                                                                                                                                                                                                                                                                                                                                                                                                                                                            ","UN    ",25.64]
[37427,"LUVA, PEAD PE 100, DE 125 MM, PARA ELETROFUSAO                                                                                                                                                                                                                                                                                                                                                                                                                                                            ","UN    ",61.17]
[37424,"LUVA, PEAD PE 100, DE 20 MM, PARA ELETROFUSAO                                                                                                                                                                                                                                                                                                                                                                                                                                                             ","UN    ",11.78]
[37428,"LUVA, PEAD PE 100, DE 200 MM, PARA ELETROFUSAO                                                                                                                                                                                                                                                                                                                                                                                                                                                            ","UN    ",210.82]
[37425,"LUVA, PEAD PE 100, DE 32 MM, PARA ELETROFUSAO                                                                                                                                                                                                                                                                                                                                                                                                                                                             ","UN    ",12.7]
[11519,"MACANETA ALAVANCA RETA OCA, EM ZAMAC COM ACABAMENTO CROMADO, COMPRIMENTO APROX DE 15 CM                                                                                                                                                                                                                                                                                                                                                                                                                   ","PAR   ",55]
[11520,"MACANETA ALAVANCA, RETA SIMPLES / OCA, CROMADA, COMPRIMENTO DE 10 A 16 CM, ACABAMENTO PADRAO POPULAR - SOMENTE MACANETAS                                                                                                                                                                                                                                                                                                                                                                                  ","PAR   ",25.43]
[11518,"MACANETA BOLA, EM ZAMAC COM ACABAMENTO CROMADO, DIAMETRO DE APROX 2 1/2\"                                                                                                                                                                                                                                                                                                                                                                                                                                  ","PAR   ",92.45]
[38473,"MACARICO DE SOLDA 201 PARA EXTENSAO GLP OU ACETILENO                                                                                                                                                                                                                                                                                                                                                                                                                                                      ","UN    ",144.02]
[4244,"MACARIQUEIRO (HORISTA)                                                                                                                                                                                                                                                                                                                                                                                                                                                                                    ","H     ",19.27]
[40977,"MACARIQUEIRO (MENSALISTA)                                                                                                                                                                                                                                                                                                                                                                                                                                                                                 ","MES   ",{"v":3394.7,"d":"3,394.70"}]
[4115,"MADEIRA ROLICA TRATADA, D = 12 A 15 CM, H = 3,00 M, EM EUCALIPTO OU EQUIVALENTE DA REGIAO                                                                                                                                                                                                                                                                                                                                                                                                                 ","M     ",35.21]
[4119,"MADEIRA ROLICA TRATADA, D = 16 A 20 CM, H = 6,00 M, EM EUCALIPTO OU EQUIVALENTE DA REGIAO                                                                                                                                                                                                                                                                                                                                                                                                                 ","M     ",71.11]
[2794,"MADEIRA ROLICA TRATADA, D = 25 A 29 CM, H = 6,50 M, EM EUCALIPTO OU EQUIVALENTE DA REGIAO                                                                                                                                                                                                                                                                                                                                                                                                                 ","M     ",188.64]
[2788,"MADEIRA ROLICA TRATADA, D = 30 A 34 CM, H = 6,50 M, EM EUCALIPTO OU EQUIVALENTE DA REGIAO                                                                                                                                                                                                                                                                                                                                                                                                                 ","M     ",274.8]
[4006,"MADEIRA SERRADA EM PINUS, MISTA OU EQUIVALENTE DA REGIAO - BRUTA                                                                                                                                                                                                                                                                                                                                                                                                                                          ","M3    ",{"v":2520.73,"d":"2,520.73"}]
[36151,"MANGOTE DE SEGURANCA EM RASPA DE COURO                                                                                                                                                                                                                                                                                                                                                                                                                                                                    ","UN    ",35.24]
[37457,"MANGUEIRA CRISTAL PARA NIVEL, LISA, PVC TRANSPARENTE, 3/8\" X1,5 MM                                                                                                                                                                                                                                                                                                                                                                                                                                        ","M     ",3.52]
[37456,"MANGUEIRA CRISTAL PARA NIVEL, LISA, PVC TRANSPARENTE, 5/16\" X1 MM                                                                                                                                                                                                                                                                                                                                                                                                                                         ","M     ",1.86]
[37461,"MANGUEIRA CRISTAL TRANCADA, PVC COM REFORCO, COM PRESSAO DE TRABALHO (PT) 250 LBS/POL2, DE 3/4\" X *2,8* MM                                                                                                                                                                                                                                                                                                                                                                                                ","M     ",13.09]
[37460,"MANGUEIRA CRISTAL TRANCADA, PVC COM REFORCO, PRESSAO DE TRABALHO (PT) 250 LBS/POL2, DE 1\" X *3,4* MM                                                                                                                                                                                                                                                                                                                                                                                                      ","M     ",17.88]
[37458,"MANGUEIRA CRISTAL, LISA, PVC TRANSPARENTE, 1/2\" X 2 MM                                                                                                                                                                                                                                                                                                                                                                                                                                                    ","M     ",5.24]
[37454,"MANGUEIRA CRISTAL, LISA, PVC TRANSPARENTE, 1/4\" X1 MM                                                                                                                                                                                                                                                                                                                                                                                                                                                     ","M     ",1.37]
[37455,"MANGUEIRA CRISTAL, LISA, PVC TRANSPARENTE, 1/4\" X1,5 MM                                                                                                                                                                                                                                                                                                                                                                                                                                                   ","M     ",2.31]
[37459,"MANGUEIRA CRISTAL, LISA, PVC TRANSPARENTE, 3/4\" X 2 MM                                                                                                                                                                                                                                                                                                                                                                                                                                                    ","M     ",7.36]
[21029,"MANGUEIRA DE INCENDIO, TIPO 1, DE 1 1/2\", COMPRIMENTO = 15 M, TECIDO EM FIO DE POLIESTER E TUBO INTERNO EM BORRACHA SINTETICA, COM UNIOES ENGATE RAPIDO                                                                                                                                                                                                                                                                                                                                                   ","UN    ",443.54]
[21030,"MANGUEIRA DE INCENDIO, TIPO 1, DE 1 1/2\", COMPRIMENTO = 20 M, TECIDO EM FIO DE POLIESTER E TUBO INTERNO EM BORRACHA SINTETICA, COM UNIOES ENGATE RAPIDO                                                                                                                                                                                                                                                                                                                                                   ","UN    ",546.73]
[21031,"MANGUEIRA DE INCENDIO, TIPO 1, DE 1 1/2\", COMPRIMENTO = 25 M, TECIDO EM FIO DE POLIESTER E TUBO INTERNO EM BORRACHA SINTETICA, COM UNIOES ENGATE RAPIDO                                                                                                                                                                                                                                                                                                                                                   ","UN    ",680.68]
[21032,"MANGUEIRA DE INCENDIO, TIPO 1, DE 1 1/2\", COMPRIMENTO = 30 M, TECIDO EM FIO DE POLIESTER E TUBO INTERNO EM BORRACHA SINTETICA, COM UNIOES ENGATE RAPIDO                                                                                                                                                                                                                                                                                                                                                   ","UN    ",726.79]
[37527,"MANGUEIRA DE INCENDIO, TIPO 2, DE 1 1/2\", COMPRIMENTO = 15 M, TECIDO EM FIO DE POLIESTER E TUBO INTERNO EM BORRACHA SINTETICA, COM UNIOES ENGATE RAPIDO                                                                                                                                                                                                                                                                                                                                                   ","UN    ",656.52]
[37528,"MANGUEIRA DE INCENDIO, TIPO 2, DE 1 1/2\", COMPRIMENTO = 20 M, TECIDO EM FIO DE POLIESTER E TUBO INTERNO EM BORRACHA SINTETICA, COM UNIOES                                                                                                                                                                                                                                                                                                                                                                 ","UN    ",782.78]
[37529,"MANGUEIRA DE INCENDIO, TIPO 2, DE 1 1/2\", COMPRIMENTO = 25 M, TECIDO EM FIO DE POLIESTER E TUBO INTERNO EM BORRACHA SINTETICA, COM UNIOES                                                                                                                                                                                                                                                                                                                                                                 ","UN    ",790.46]
[37530,"MANGUEIRA DE INCENDIO, TIPO 2, DE 1 1/2\", COMPRIMENTO = 30 M, TECIDO EM FIO DE POLIESTER E TUBO INTERNO EM BORRACHA SINTETICA, COM UNIOES                                                                                                                                                                                                                                                                                                                                                                 ","UN    ",{"v":1031.99,"d":"1,031.99"}]
[21034,"MANGUEIRA DE INCENDIO, TIPO 2, DE 2 1/2\", COMPRIMENTO = 15 M, TECIDO EM FIO DE POLIESTER E TUBO INTERNO EM BORRACHA SINTETICA, COM UNIOES ENGATE RAPIDO                                                                                                                                                                                                                                                                                                                                                   ","UN    ",880.49]
[37531,"MANGUEIRA DE INCENDIO, TIPO 2, DE 2 1/2\", COMPRIMENTO = 20 M, TECIDO EM FIO DE POLIESTER E TUBO INTERNO EM BORRACHA SINTETICA, COM UNIOES                                                                                                                                                                                                                                                                                                                                                                 ","UN    ",{"v":1108.85,"d":"1,108.85"}]
[21036,"MANGUEIRA DE INCENDIO, TIPO 2, DE 2 1/2\", COMPRIMENTO = 25 M, TECIDO EM FIO DE POLIESTER E TUBO INTERNO EM BORRACHA SINTETICA, COM UNIOES ENGATE RAPIDO                                                                                                                                                                                                                                                                                                                                                   ","UN    ",{"v":1348.18,"d":"1,348.18"}]
[21037,"MANGUEIRA DE INCENDIO, TIPO 2, DE 2 1/2\", COMPRIMENTO = 30 M, TECIDO EM FIO DE POLIESTER E TUBO INTERNO EM BORRACHA SINTETICA, COM UNIOES ENGATE RAPIDO                                                                                                                                                                                                                                                                                                                                                   ","UN    ",{"v":1537.01,"d":"1,537.01"}]
[20185,"MANGUEIRA DE PVC FLEXIVEL,TIPO FLAT/ACHATADA, COR LARANJA, D = 1 1/2\" (40 MM), PARA CONDUCAO DE AGUA, SERVICOS LEVES E MEDIOS                                                                                                                                                                                                                                                                                                                                                                             ","M     ",21.28]
[20260,"MANGUEIRA PARA GAS - GLP, PVC, TRANCADA, DIAMETRO DE 3/8\", COMPRIMENTO DE 1M (NORMATIZADA)                                                                                                                                                                                                                                                                                                                                                                                                                ","UN    ",17.11]
[37523,"MANIPULADOR TELESCOPICO, POTENCIA DE 101 HP, CAPACIDADE DE CARGA DE 3.500 KG, ALTURA MAXIMA DE ELEVACAO DE 12 M                                                                                                                                                                                                                                                                                                                                                                                           ","UN    ",{"v":579269.27,"d":"579,269.27"}]
[37515,"MANIPULADOR TELESCOPICO, POTENCIA DE 85 HP, CAPACIDADE DE CARGA DE 3.500 KG, ALTURA MAXIMA DE ELEVACAO DE 12,3 M                                                                                                                                                                                                                                                                                                                                                                                          ","UN    ",{"v":515000,"d":"515,000.00"}]
[12899,"MANOMETRO COM CAIXA EM ACO PINTADO, ESCALA *10* KGF/CM2 (*10* BAR), DIAMETRO NOMINAL DE *63* MM, CONEXAO DE 1/4\"                                                                                                                                                                                                                                                                                                                                                                                          ","UN    ",104.89]
[12898,"MANOMETRO COM CAIXA EM ACO PINTADO, ESCALA *10* KGF/CM2 (*10* BAR), DIAMETRO NOMINAL DE 100 MM, CONEXAO DE 1/2\"                                                                                                                                                                                                                                                                                                                                                                                           ","UN    ",166.38]
[39699,"MANTA / LENCOL DE BORRACHA, SBR, ANTIRRUIDO, E = 5 MM                                                                                                                                                                                                                                                                                                                                                                                                                                                     ","M2    ",17.29]
[42528,"MANTA ALUMINIZADA NAS DUAS FACES, PARA SUBCOBERTURA,  E = *2* MM                                                                                                                                                                                                                                                                                                                                                                                                                                          ","M2    ",9.1]
[39696,"MANTA ALUMINIZADA 1 FACE PARA SUBCOBERTURA, E = *1* MM                                                                                                                                                                                                                                                                                                                                                                                                                                                    ","M2    ",6.4]
[39700,"MANTA ANTIRRUIDO DE POLIESTER (PET) PARA CONTRAPISO E = *8* MM                                                                                                                                                                                                                                                                                                                                                                                                                                            ","M2    ",30.18]
[11621,"MANTA ASFALTICA ELASTOMERICA EM POLIESTER ALUMINIZADA 3 MM, TIPO III, CLASSE B (NBR 9952)                                                                                                                                                                                                                                                                                                                                                                                                                 ","M2    ",60.05]
[4014,"MANTA ASFALTICA ELASTOMERICA EM POLIESTER 3 MM, TIPO III, CLASSE B, ACABAMENTO PP (NBR 9952)                                                                                                                                                                                                                                                                                                                                                                                                              ","M2    ",62.13]
[4015,"MANTA ASFALTICA ELASTOMERICA EM POLIESTER 4 MM, TIPO III, CLASSE B, ACABAMENTO PP (NBR 9952)                                                                                                                                                                                                                                                                                                                                                                                                              ","M2    ",76.3]
[4017,"MANTA ASFALTICA ELASTOMERICA EM POLIESTER 5 MM, TIPO III, CLASSE B, ACABAMENTO PP (NBR 9952)                                                                                                                                                                                                                                                                                                                                                                                                              ","M2    ",111.02]
[4016,"MANTA ASFALTICA ELASTOMERICA TIPO GLASS 3 MM, TIPO II, CLASSE C, ACABAMENTO PP (NBR 9952)                                                                                                                                                                                                                                                                                                                                                                                                                 ","M2    ",43.85]
[38544,"MANTA DE POLIETILENO EXPANDIDO (PEBD) ANTICHAMAS, E = 8 MM                                                                                                                                                                                                                                                                                                                                                                                                                                                ","M2    ",11.25]
[38545,"MANTA DE POLIETILENO EXPANDIDO (PEBD), E = 5 MM                                                                                                                                                                                                                                                                                                                                                                                                                                                           ","M2    ",7.23]
[42527,"MANTA DE POLIETILENO EXPANDIDO, COM 1 FACE METALIZADA PARA SUBCOBERTURA,  E = *5* MM                                                                                                                                                                                                                                                                                                                                                                                                                      ","M2    ",24.05]
[39323,"MANTA GEOTEXTIL TECIDO DE LAMINETES DE POLIPROPILENO, RESISTENCIA A TRACAO = *25* KN/M                                                                                                                                                                                                                                                                                                                                                                                                                    ","M2    ",27.58]
[626,"MANTA LIQUIDA DE BASE ASFALTICA MODIFICADA COM A ADICAO DE ELASTOMEROS DILUIDOS EM SOLVENTE ORGANICO, APLICACAO A FRIO (MEMBRANA IMPERMEABILIZANTE ASFASTICA)                                                                                                                                                                                                                                                                                                                                             ","KG    ",22.04]
[44504,"MANTA TERMOPLASTICA, PEAD, GEOMEMBRANA LISA, E = 0,50 MM  ( NBR 15352)                                                                                                                                                                                                                                                                                                                                                                                                                                    ","M2    ",13.45]
[44505,"MANTA TERMOPLASTICA, PEAD, GEOMEMBRANA LISA, E = 0,75 MM (NBR 15352)                                                                                                                                                                                                                                                                                                                                                                                                                                      ","M2    ",20.3]
[44506,"MANTA TERMOPLASTICA, PEAD, GEOMEMBRANA LISA, E = 0,80 MM (NBR 15352)                                                                                                                                                                                                                                                                                                                                                                                                                                      ","M2    ",21.55]
[44507,"MANTA TERMOPLASTICA, PEAD, GEOMEMBRANA LISA, E = 1,00 MM (NBR 15352)                                                                                                                                                                                                                                                                                                                                                                                                                                      ","M2    ",26.94]
[44508,"MANTA TERMOPLASTICA, PEAD, GEOMEMBRANA LISA, E = 1,50 MM (NBR 15352)                                                                                                                                                                                                                                                                                                                                                                                                                                      ","M2    ",40.39]
[44509,"MANTA TERMOPLASTICA, PEAD, GEOMEMBRANA LISA, E = 2,00 MM (NBR 15352)                                                                                                                                                                                                                                                                                                                                                                                                                                      ","M2    ",54.11]
[44510,"MANTA TERMOPLASTICA, PEAD, GEOMEMBRANA LISA, E = 2,50 MM (NBR 15352)                                                                                                                                                                                                                                                                                                                                                                                                                                      ","M2    ",67.19]
[44512,"MANTA TERMOPLASTICA, PEAD, GEOMEMBRANA TEXTURIZADA EM AMBAS AS FACES, E = 0,50 MM ( NBR 15352)                                                                                                                                                                                                                                                                                                                                                                                                            ","M2    ",14.99]
[44513,"MANTA TERMOPLASTICA, PEAD, GEOMEMBRANA TEXTURIZADA EM AMBAS AS FACES, E = 0,75 MM ( NBR 15352)                                                                                                                                                                                                                                                                                                                                                                                                            ","M2    ",21.17]
[44514,"MANTA TERMOPLASTICA, PEAD, GEOMEMBRANA TEXTURIZADA EM AMBAS AS FACES, E = 0,80 MM ( NBR 15352)                                                                                                                                                                                                                                                                                                                                                                                                            ","M2    ",23.99]
[44515,"MANTA TERMOPLASTICA, PEAD, GEOMEMBRANA TEXTURIZADA EM AMBAS AS FACES, E = 1,00 MM ( NBR 15352)                                                                                                                                                                                                                                                                                                                                                                                                            ","M2    ",29.47]
[44511,"MANTA TERMOPLASTICA, PEAD, GEOMEMBRANA TEXTURIZADA EM AMBAS AS FACES, E = 1,50 MM ( NBR 15352)                                                                                                                                                                                                                                                                                                                                                                                                            ","M2    ",43.62]
[44516,"MANTA TERMOPLASTICA, PEAD, GEOMEMBRANA TEXTURIZADA EM AMBAS AS FACES, E = 2,00 MM ( NBR 15352)                                                                                                                                                                                                                                                                                                                                                                                                            ","M2    ",58.95]
[44517,"MANTA TERMOPLASTICA, PEAD, GEOMEMBRANA TEXTURIZADA EM AMBAS AS FACES, E = 2,50 MM ( NBR 15352)                                                                                                                                                                                                                                                                                                                                                                                                            ","M2    ",73.52]
[11479,"MAQUINA DE 40 MM PARA FECHADURA DE EMBUTIR EXTERNA, EM ACO INOX                                                                                                                                                                                                                                                                                                                                                                                                                                           ","UN    ",38.62]
[11481,"MAQUINA DE 40 MM PARA FECHADURA, PARA PORTA DE BANHEIRO, EM ACO INOX                                                                                                                                                                                                                                                                                                                                                                                                                                      ","UN    ",34.93]
[43609,"MAQUINA DE 40 MM PARA FECHADURA, PARA PORTA INTERNA, EM ACO INOX                                                                                                                                                                                                                                                                                                                                                                                                                                          ","UN    ",34.93]
[11478,"MAQUINA DE 55 MM PARA FECHADURA DE EMBUTIR EXTERNA, EM ACO INOX                                                                                                                                                                                                                                                                                                                                                                                                                                           ","UN    ",66.26]
[43608,"MAQUINA DE 55 MM PARA FECHADURA, PARA PORTA DE BANHEIRO, EM ACO INOX                                                                                                                                                                                                                                                                                                                                                                                                                                      ","UN    ",50.56]
[11476,"MAQUINA DE 55 MM PARA FECHADURA, PARA PORTA INTERNA, EM ACO INOX                                                                                                                                                                                                                                                                                                                                                                                                                                          ","UN    ",50.56]
[40637,"MAQUINA DEMARCADORA DE FAIXA DE TRAFEGO A FRIO, AUTOPROPELIDA, MOTOR DIESEL 38 HP                                                                                                                                                                                                                                                                                                                                                                                                                         ","UN    ",{"v":793072.01,"d":"793,072.01"}]
[13836,"MAQUINA EXTRUSORA DE CONCRETO PARA GUIAS E SARJETAS, COM MOTOR A DIESEL DE 14 CV                                                                                                                                                                                                                                                                                                                                                                                                                          ","UN    ",{"v":67315.72,"d":"67,315.72"}]
[14534,"MAQUINA MANUAL TIPO PRENSA PARA PRODUCAO DE BLOCOS E PAVIMENTOS DE CONCRETO, COM MOTOR ELETRICO TRIFASICO PARA VIBRACAO, POTENCIA TOTAL INSTALADA DE 1,5 KW                                                                                                                                                                                                                                                                                                                                               ","UN    ",{"v":28180.14,"d":"28,180.14"}]
[14619,"MAQUINA PARA CORTE COM DISCO ABRASIVO DE DIAMETRO DE 18'' (450 MM), COM MOTOR ELETRICO TRIFASICO DE 10 CV                                                                                                                                                                                                                                                                                                                                                                                                 ","UN    ",{"v":17922.77,"d":"17,922.77"}]
[14535,"MAQUINA TIPO PRENSA HIDRAULICA, PARA FABRICACAO DE TUBOS DE CONCRETO PARA AGUAS PLUVIAIS, DN 200 A DN 600 MM X 1000 MM DE COMPRIMENTO, COM MOTOR PRINCIPAL DE 20 CV                                                                                                                                                                                                                                                                                                                                       ","UN    ",{"v":279690.59,"d":"279,690.59"}]
[39813,"MAQUINA TIPO VASO/TANQUE/JATO DE PRESSAO PORTATIL P/ JATEAMENTO, CONTROLE AUTOMATICO E REMOTO, CAMARA DE 1 SAIDA, 280 L, DIAM. *670* MM, BICO JATO CURTO VENTURI 5/16\", MANGUEIRA 1\" DE 10 M, COMPLETA (VALVULAS POP UP E DOSADORA, FUNDO CONICO ETC)                                                                                                                                                                                                                                                     ","UN    ",{"v":38352.75,"d":"38,352.75"}]
[40403,"MAQUINA TRANSFORMADORA MONOFASICA PARA SOLDA ELETRICA, TENSAO DE 220 V, FREQUENCIA DE 60 HZ, FAIXA DE CORRENTE ENTRE 80 A (+/- 10 A) E 250 A, POTENCIA ENTRE 14,00 KVA E 15,0 KVA, CICLO DE TRABALHO ENTRE 10% E 20% A 250 A                                                                                                                                                                                                                                                                              ","UN    ",609.37]
[12868,"MARCENEIRO (HORISTA)                                                                                                                                                                                                                                                                                                                                                                                                                                                                                      ","H     ",18.32]
[40916,"MARCENEIRO (MENSALISTA)                                                                                                                                                                                                                                                                                                                                                                                                                                                                                   ","MES   ",{"v":3227.38,"d":"3,227.38"}]
[4755,"MARMORISTA / GRANITEIRO (HORISTA)                                                                                                                                                                                                                                                                                                                                                                                                                                                                         ","H     ",19.79]
[41067,"MARMORISTA / GRANITEIRO (MENSALISTA)                                                                                                                                                                                                                                                                                                                                                                                                                                                                      ","MES   ",{"v":3482.33,"d":"3,482.33"}]
[38463,"MARTELO DE SOLDADOR/PICADOR DE SOLDA                                                                                                                                                                                                                                                                                                                                                                                                                                                                      ","UN    ",34.98]
[40703,"MARTELO DEMOLIDOR ELETRICO, COM POTENCIA DE 2.000 W, FREQUENCIA DE 1.000 IMPACTOS POR MINUTO, FORÇA DE IMPACTO ENTRE 60 E 65 J, PESO DE 30 KG                                                                                                                                                                                                                                                                                                                                                             ","UN    ",{"v":11135.06,"d":"11,135.06"}]
[14531,"MARTELO DEMOLIDOR PNEUMATICO MANUAL, COM REDUCAO DE VIBRACAO, PESO DE 21 KG                                                                                                                                                                                                                                                                                                                                                                                                                               ","UN    ",{"v":20759.95,"d":"20,759.95"}]
[36533,"MARTELO DEMOLIDOR PNEUMATICO MANUAL, COM REDUCAO DE VIBRACAO, PESO DE 31,5 KG                                                                                                                                                                                                                                                                                                                                                                                                                             ","UN    ",{"v":23889.39,"d":"23,889.39"}]
[11616,"MARTELO DEMOLIDOR PNEUMATICO MANUAL, PADRAO, PESO DE 32 KG                                                                                                                                                                                                                                                                                                                                                                                                                                                ","UN    ",{"v":22563.17,"d":"22,563.17"}]
[41898,"MARTELO DEMOLIDOR PNEUMATICO MANUAL, PESO  DE 28 KG, COM SILENCIADOR                                                                                                                                                                                                                                                                                                                                                                                                                                      ","UN    ",{"v":25386.64,"d":"25,386.64"}]
[13447,"MARTELO PERFURADOR PNEUMATICO MANUAL, DE SUPERFICIE, COM AVANCO DE COLUNA, PESO DE 22 KG                                                                                                                                                                                                                                                                                                                                                                                                                  ","UN    ",{"v":46713.16,"d":"46,713.16"}]
[14529,"MARTELO PERFURADOR PNEUMATICO MANUAL, HASTE 25 X 75 MM, 21 KG                                                                                                                                                                                                                                                                                                                                                                                                                                             ","UN    ",{"v":26125.49,"d":"26,125.49"}]
[10747,"MARTELO PERFURADOR PNEUMATICO MANUAL, PESO DE 25 KG, COM SILENCIADOR                                                                                                                                                                                                                                                                                                                                                                                                                                      ","UN    ",{"v":25633.09,"d":"25,633.09"}]
[36141,"MASCARA DE SEGURANCA PARA SOLDA COM ESCUDO DE CELERON E CARNEIRA DE PLASTICO COM REGULAGEM                                                                                                                                                                                                                                                                                                                                                                                                                ","UN    ",47.57]
[43651,"MASSA ACRILICA PARA SUPERFICIES INTERNAS E EXTERNAS                                                                                                                                                                                                                                                                                                                                                                                                                                                       ","KG    ",6.17]
[43626,"MASSA CORRIDA PARA SUPERFICIES DE AMBIENTES INTERNOS                                                                                                                                                                                                                                                                                                                                                                                                                                                      ","KG    ",3.43]
[39434,"MASSA DE REJUNTE EM PO PARA DRYWALL, A BASE DE GESSO, SECAGEM RAPIDA, PARA TRATAMENTO DE JUNTAS DE CHAPA DE GESSO (NECESSITA ADICAO DE AGUA)                                                                                                                                                                                                                                                                                                                                                              ","KG    ",4.24]
[39433,"MASSA DE REJUNTE PRONTA PARA TRATAMENTO DE JUNTAS DE CHAPA DE GESSO PARA DRYWALL, SEM ADICAO DE AGUA                                                                                                                                                                                                                                                                                                                                                                                                      ","KG    ",3.37]
[4049,"MASSA EPOXI BICOMPONENTE (MASSA + CATALIZADOR)                                                                                                                                                                                                                                                                                                                                                                                                                                                            ","L     ",68.84]
[38120,"MASSA EPOXI BICOMPONENTE PARA REPAROS                                                                                                                                                                                                                                                                                                                                                                                                                                                                     ","KG    ",156.85]
[43652,"MASSA PARA MADEIRA - INTERIOR E EXTERIOR                                                                                                                                                                                                                                                                                                                                                                                                                                                                  ","KG    ",13.82]
[10498,"MASSA PARA VIDRO                                                                                                                                                                                                                                                                                                                                                                                                                                                                                          ","KG    ",12.09]
[4823,"MASSA PLASTICA PARA MARMORE/GRANITO                                                                                                                                                                                                                                                                                                                                                                                                                                                                       ","KG    ",51.66]
[38877,"MASSA PREMIUM PARA TEXTURA LISA DE BASE ACRILICA, USO INTERNO E EXTERNO                                                                                                                                                                                                                                                                                                                                                                                                                                   ","KG    ",6.41]
[34546,"MASSA PREMIUM PARA TEXTURA RUSTICA DE BASE ACRILICA, COR BRANCA, USO INTERNO E EXTERNO                                                                                                                                                                                                                                                                                                                                                                                                                    ","KG    ",6.59]
[41387,"MASTRO SIMPLES GALVANIZADO DIAMETRO NOMINAL 1 1/2\"                                                                                                                                                                                                                                                                                                                                                                                                                                                        ","M     ",62.43]
[41388,"MASTRO SIMPLES GALVANIZADO DIAMETRO NOMINAL 2\"                                                                                                                                                                                                                                                                                                                                                                                                                                                            ","M     ",74.91]
[41380,"MASTRO TELESCOPICO DE 4 METROS (3 M X DN= 2\" + 1 M X DN= 1 1/2\")                                                                                                                                                                                                                                                                                                                                                                                                                                          ","UN    ",498.38]
[41381,"MASTRO TELESCOPICO GALVANIZADO 5 METROS (3 M X DN= 2\" + 2 M X DN= 1 1/2\")                                                                                                                                                                                                                                                                                                                                                                                                                                 ","UN    ",522.12]
[41382,"MASTRO TELESCOPICO GALVANIZADO 6 METROS (3 M X DN= 2\" + 3 M X DN= 1Â½\")                                                                                                                                                                                                                                                                                                                                                                                                                                   ","UN    ",505.38]
[41383,"MASTRO TELESCOPICO GALVANIZADO 7 METROS (6 M X DN= 2\" + 1 M X DN= 1 1/2\")                                                                                                                                                                                                                                                                                                                                                                                                                                 ","UN    ",685.95]
[41385,"MASTRO TELESCOPICO GALVANIZADO 9 METROS (6 M X DN= 2\" + 3 M X DN= 1 1/2\")                                                                                                                                                                                                                                                                                                                                                                                                                                 ","UN    ",853.58]
[11079,"MATERIAL FILTRANTE (PEDREGULHO) 0,6 A 25,46 MM (POSTO PEDREIRA/FORNECEDOR, SEM FRETE)                                                                                                                                                                                                                                                                                                                                                                                                                     ","M3    ",{"v":3004.29,"d":"3,004.29"}]
[11082,"MATERIAL FILTRANTE (PEDREGULHO) 38 A 25,4 MM (POSTO PEDREIRA/FORNECEDOR, SEM FRETE)                                                                                                                                                                                                                                                                                                                                                                                                                       ","M3    ",{"v":3004.29,"d":"3,004.29"}]
[4058,"MECANICO DE EQUIPAMENTOS PESADOS (HORISTA)                                                                                                                                                                                                                                                                                                                                                                                                                                                                ","H     ",26.02]
[40974,"MECANICO DE EQUIPAMENTOS PESADOS (MENSALISTA)                                                                                                                                                                                                                                                                                                                                                                                                                                                             ","MES   ",{"v":4578.18,"d":"4,578.18"}]
[34794,"MECANICO DE REFRIGERACAO (HORISTA)                                                                                                                                                                                                                                                                                                                                                                                                                                                                        ","H     ",21.8]
[40925,"MECANICO DE REFRIGERACAO (MENSALISTA)                                                                                                                                                                                                                                                                                                                                                                                                                                                                     ","MES   ",{"v":3836.5,"d":"3,836.50"}]
[13741,"MEDIDOR DE NIVEL ESTATICO E DINAMICO PARA POCO, COMPRIMENTO DE 200 M                                                                                                                                                                                                                                                                                                                                                                                                                                      ","UN    ",{"v":2973.86,"d":"2,973.86"}]
[3288,"MEIA CANA DE MADEIRA CEDRINHO OU EQUIVALENTE DA REGIAO, ACABAMENTO PARA FORRO PAULISTA, *2,5 X 2,5* CM                                                                                                                                                                                                                                                                                                                                                                                                    ","M     ",6]
[13587,"MEIA CANA DE MADEIRA PINUS OU EQUIVALENTE DA REGIAO, ACABAMENTO PARA FORRO PAULISTA, *2,5 X 2,5* CM                                                                                                                                                                                                                                                                                                                                                                                                       ","M     ",3.62]
[38598,"MEIA CANALETA DE CONCRETO ESTRUTURAL 14 X 19 X 19 CM, FBK 14 MPA (NBR 6136)                                                                                                                                                                                                                                                                                                                                                                                                                               ","UN    ",3.72]
[38595,"MEIA CANALETA DE CONCRETO ESTRUTURAL 14 X 19 X 19 CM, FBK 4,5 MPA (NBR 6136)                                                                                                                                                                                                                                                                                                                                                                                                                              ","UN    ",3.15]
[38592,"MEIO BLOCO DE CONCRETO ESTRUTURAL 14 X 19 X 14 CM, FBK 14 MPA (NBR 6136)                                                                                                                                                                                                                                                                                                                                                                                                                                  ","UN    ",3.19]
[38588,"MEIO BLOCO DE CONCRETO ESTRUTURAL 14 X 19 X 14 CM, FBK 4,5 MPA (NBR 6136)                                                                                                                                                                                                                                                                                                                                                                                                                                 ","UN    ",2.55]
[38593,"MEIO BLOCO DE CONCRETO ESTRUTURAL 14 X 19 X 19 CM, FBK 14 MPA (NBR 6136)                                                                                                                                                                                                                                                                                                                                                                                                                                  ","UN    ",3.52]
[38589,"MEIO BLOCO DE CONCRETO ESTRUTURAL 14 X 19 X 19 CM, FBK 4,5 MPA (NBR 6136)                                                                                                                                                                                                                                                                                                                                                                                                                                 ","UN    ",2.67]
[38594,"MEIO BLOCO DE CONCRETO ESTRUTURAL 14 X 19 X 34 CM, FBK 14 MPA (NBR 6136)                                                                                                                                                                                                                                                                                                                                                                                                                                  ","UN    ",5.55]
[34773,"MEIO BLOCO DE VEDACAO DE CONCRETO APARENTE 14 X 19 X 19 CM  (CLASSE C - NBR 6136)                                                                                                                                                                                                                                                                                                                                                                                                                         ","UN    ",2.63]
[34769,"MEIO BLOCO DE VEDACAO DE CONCRETO APARENTE 19 X 19 X 19 CM (CLASSE C - NBR 6136)                                                                                                                                                                                                                                                                                                                                                                                                                          ","UN    ",3.25]
[34763,"MEIO BLOCO DE VEDACAO DE CONCRETO APARENTE 9  X 19 X 19 CM (CLASSE C - NBR 6136)                                                                                                                                                                                                                                                                                                                                                                                                                          ","UN    ",2]
[34774,"MEIO BLOCO DE VEDACAO DE CONCRETO 14 X 19 X 19 CM (CLASSE C - NBR 6136)                                                                                                                                                                                                                                                                                                                                                                                                                                   ","UN    ",2.49]
[34771,"MEIO BLOCO DE VEDACAO DE CONCRETO 19 X 19 X 19 CM (CLASSE C - NBR 6136)                                                                                                                                                                                                                                                                                                                                                                                                                                   ","UN    ",3.01]
[34764,"MEIO BLOCO DE VEDACAO DE CONCRETO 9 X 19 X 19 CM (CLASSE C - NBR 6136)                                                                                                                                                                                                                                                                                                                                                                                                                                    ","UN    ",1.97]
[34788,"MEIO BLOCO ESTRUTURAL CERAMICO 14 X 19 X 14 CM, 6,0 MPA (NBR 15270)                                                                                                                                                                                                                                                                                                                                                                                                                                       ","UN    ",1.75]
[34781,"MEIO BLOCO ESTRUTURAL CERAMICO 14 X 19 X 19 CM, 6,0 MPA (NBR 15270)                                                                                                                                                                                                                                                                                                                                                                                                                                       ","UN    ",1.99]
[41682,"MEIO-FIO OU GUIA DE CONCRETO PRE MOLDADO, COMP 1 M, *30 X 10/12* CM (H X L1/L2)                                                                                                                                                                                                                                                                                                                                                                                                                           ","UN    ",38.32]
[41683,"MEIO-FIO OU GUIA DE CONCRETO PRE MOLDADO, COMP 80 CM, *30 X 10/10* (H X L1/L2)                                                                                                                                                                                                                                                                                                                                                                                                                            ","UN    ",28.19]
[41680,"MEIO-FIO OU GUIA DE CONCRETO PRE-MOLDADO, COMP *39* CM, *19 X 6,5/6,5* CM (H X L1/L2)                                                                                                                                                                                                                                                                                                                                                                                                                     ","UN    ",15.18]
[41679,"MEIO-FIO OU GUIA DE CONCRETO PRE-MOLDADO, COMP 1 M, *20 X 12/15* CM (H X L1/L2)                                                                                                                                                                                                                                                                                                                                                                                                                           ","UN    ",34.69]
[41681,"MEIO-FIO OU GUIA DE CONCRETO PRE-MOLDADO, COMP 80 CM, *25 X 08/08* CM (H X L1/L2)                                                                                                                                                                                                                                                                                                                                                                                                                         ","UN    ",23.74]
[43386,"MEIO-FIO OU GUIA DE CONCRETO PRE-MOLDADO, TIPO CHAPEU PARA BOCA DE LOBO,  DIMENSOES *1,20* X 0,15 X 0,30 M                                                                                                                                                                                                                                                                                                                                                                                                ","UN    ",54.21]
[4059,"MEIO-FIO OU GUIA DE CONCRETO, PRE-MOLDADO, COMP 1 M, *30 X 12/15* CM (H X L1/L2)                                                                                                                                                                                                                                                                                                                                                                                                                          ","M     ",38.32]
[4062,"MEIO-FIO OU GUIA DE CONCRETO, PRE-MOLDADO, COMP 1 M, *30 X 15* CM (H X L)                                                                                                                                                                                                                                                                                                                                                                                                                                 ","UN    ",38.32]
[4061,"MEIO-FIO OU GUIA DE CONCRETO, PRE-MOLDADO, COMP 80 CM, *45 X 12/18* CM (H X L1/L2)                                                                                                                                                                                                                                                                                                                                                                                                                        ","UN    ",47.71]
[41315,"MEMBRANA IMPERMEABILIZANTE A BASE DE POLIUREIA, BICOMPONENTE, APLICACAO A FRIO                                                                                                                                                                                                                                                                                                                                                                                                                            ","KG    ",89.09]
[43148,"MEMBRANA IMPERMEABILIZANTE A BASE DE POLIURETANO                                                                                                                                                                                                                                                                                                                                                                                                                                                          ","KG    ",60.47]
[43147,"MEMBRANA IMPERMEABILIZANTE ACRILICA MONOCOMPONENTE                                                                                                                                                                                                                                                                                                                                                                                                                                                        ","KG    ",23.42]
[10608,"MESA VIBRATORIA COM DIMENSOES DE 2,0 X 1,0 M, COM MOTOR ELETRICO DE 2 POLOS E POTENCIA DE 3 CV                                                                                                                                                                                                                                                                                                                                                                                                            ","UN    ",{"v":9629.8,"d":"9,629.80"}]
[4069,"MESTRE DE OBRAS (HORISTA)                                                                                                                                                                                                                                                                                                                                                                                                                                                                                 ","H     ",57.12]
[40819,"MESTRE DE OBRAS (MENSALISTA)                                                                                                                                                                                                                                                                                                                                                                                                                                                                              ","MES   ",{"v":10052.56,"d":"10,052.56"}]
[34361,"METACAULIM DE ALTA REATIVIDADE/CAULIM CALCINADO                                                                                                                                                                                                                                                                                                                                                                                                                                                           ","KG    ",17.05]
[36512,"MICRO-TRATOR CORTADOR DE GRAMA COM LARGURA DO CORTE DE 107 CM, COM  2 LAMINAS E DESCARTE LATERAL                                                                                                                                                                                                                                                                                                                                                                                                          ","UN    ",{"v":20023.98,"d":"20,023.98"}]
[44478,"MICROESFERAS DE VIDRO PARA SINALIZACAO HORIZONTAL VIARIA, TIPO I-B (PREMIX) - NBR  16184                                                                                                                                                                                                                                                                                                                                                                                                                  ","KG    ",15.83]
[44477,"MICROESFERAS DE VIDRO PARA SINALIZACAO HORIZONTAL VIARIA, TIPO II-A (DROP-ON) - NBR  16184                                                                                                                                                                                                                                                                                                                                                                                                                ","KG    ",15.83]
[11697,"MICTORIO COLETIVO ACO INOX (AISI 304), E = 0,8 MM, DE *100 X 40 X 30* CM (C X A X P)                                                                                                                                                                                                                                                                                                                                                                                                                      ","UN    ",696.44]
[11698,"MICTORIO COLETIVO ACO INOX (AISI 304), E = 0,8 MM, DE *100 X 50 X 35* CM (C X A X P)                                                                                                                                                                                                                                                                                                                                                                                                                      ","UN    ",830.82]
[11699,"MICTORIO INDIVIDUAL ACO INOX (AISI 304), E = 0,8 MM, DE *50  X 45  X 35* (C X A X P)                                                                                                                                                                                                                                                                                                                                                                                                                      ","UN    ",918.25]
[10432,"MICTORIO INDIVIDUAL, SIFONADO, DE LOUCA BRANCA, SEM COMPLEMENTOS                                                                                                                                                                                                                                                                                                                                                                                                                                          ","UN    ",343.77]
[44020,"MICTORIO INDIVIDUAL, SIFONADO, VALVULA EMBUTIDA, DE LOUCA BRANCA, SEM COMPLEMENTOS - PADRAO ALTO                                                                                                                                                                                                                                                                                                                                                                                                          ","UN    ",848.13]
[41420,"MINICAPTOR, EM ACO GALVANIZADO A FOGO, FIXACAO COM ROSCA SOBERBA OU MECANICA, H=600 MM X DN=10 MM                                                                                                                                                                                                                                                                                                                                                                                                         ","UN    ",12.71]
[41422,"MINICAPTOR, EM ACO GALVANIZADO A FOGO, FIXACAO HORIZONTAL COM BANDEIRA A 20 CM, H=600 MM E X DN=10 MM                                                                                                                                                                                                                                                                                                                                                                                                     ","UN    ",17.35]
[41425,"MINICAPTOR, EM ACO GALVANIZADO A FOGO, FIXACAO HORIZONTAL DE 1 FUROS, SEM BANDEIRA, H=300 MM X DN=10 MM                                                                                                                                                                                                                                                                                                                                                                                                   ","UN    ",8.88]
[41426,"MINICAPTOR, EM ACO GALVANIZADO A FOGO, FIXACAO HORIZONTAL DE 2 FUROS, SEM BANDEIRA, H=600 MM X DN=10 MM                                                                                                                                                                                                                                                                                                                                                                                                   ","UN    ",16.01]
[41419,"MINICAPTOR, EM ACO GALVANIZADO A FOGO,Â  FIXACAO COM ROSCA SOBERBA OU MECANICA, H=300 MM X DN=10 MM                                                                                                                                                                                                                                                                                                                                                                                                       ","UN    ",9.34]
[41421,"MINICAPTOR, EM ACO GALVANIZADO A FOGO,Â  FIXACAO HORIZONTAL COM BANDEIRA A 20 CM, H=300 MM E X DN=10 MM                                                                                                                                                                                                                                                                                                                                                                                                   ","UN    ",12.67]
[41414,"MINICAPTORES DE INSERCAO, EM ACO GALVANIZADO A FOGO, H=300 MM X DN=10 MM                                                                                                                                                                                                                                                                                                                                                                                                                                  ","UN    ",29.38]
[41415,"MINICAPTORES DE INSERCAO, EM ACO GALVANIZADO A FOGO, H=600,MM X DN=10,MM                                                                                                                                                                                                                                                                                                                                                                                                                                  ","UN    ",34.22]
[37514,"MINICARREGADEIRA SOBRE RODAS, POTENCIA LIQUIDA DE *47* HP, CAPACIDADE NOMINAL DE OPERACAO DE *646* KG                                                                                                                                                                                                                                                                                                                                                                                                     ","UN    ",{"v":320000,"d":"320,000.00"}]
[37519,"MINICARREGADEIRA SOBRE RODAS, POTENCIA LIQUIDA DE *72* HP, CAPACIDADE NOMINAL DE OPERACAO DE *1200* KG                                                                                                                                                                                                                                                                                                                                                                                                    ","UN    ",{"v":493853.88,"d":"493,853.88"}]
[37520,"MINIESCAVADEIRA SOBRE ESTEIRAS, POTENCIA LIQUIDA DE *30* HP, PESO OPERACIONAL DE *3.500* KG                                                                                                                                                                                                                                                                                                                                                                                                               ","UN    ",{"v":485757.92,"d":"485,757.92"}]
[37521,"MINIESCAVADEIRA SOBRE ESTEIRAS, POTENCIA LIQUIDA DE *42* HP, PESO OPERACIONAL DE *4.500* KG                                                                                                                                                                                                                                                                                                                                                                                                               ","UN    ",{"v":592624.67,"d":"592,624.67"}]
[37522,"MINIESCAVADEIRA SOBRE ESTEIRAS, POTENCIA LIQUIDA DE *42* HP, PESO OPERACIONAL DE *5.300* KG                                                                                                                                                                                                                                                                                                                                                                                                               ","UN    ",{"v":610454.24,"d":"610,454.24"}]
[21109,"MINUTERIA ELETRONICA COLETIVA COM POTENCIA MAXIMA RESISTIVA PARA LAMPADAS FLUORESCENTES DE *300* W ( 110 V ) / *600* W ( 110 V )                                                                                                                                                                                                                                                                                                                                                                          ","UN    ",56.04]
[37546,"MISTURADOR DE ARGAMASSA, EIXO HORIZONTAL, CAPACIDADE DE MISTURA 160 KG, MOTOR ELETRICO TRIFASICO 220/380 V, POTENCIA 3 CV                                                                                                                                                                                                                                                                                                                                                                                 ","UN    ",{"v":13917.86,"d":"13,917.86"}]
[37544,"MISTURADOR DE ARGAMASSA, EIXO HORIZONTAL, CAPACIDADE DE MISTURA 300 KG, MOTOR ELETRICO TRIFASICO 220/380 V, POTENCIA 5 CV                                                                                                                                                                                                                                                                                                                                                                                 ","UN    ",{"v":14720.47,"d":"14,720.47"}]
[37545,"MISTURADOR DE ARGAMASSA, EIXO HORIZONTAL, CAPACIDADE DE MISTURA 600 KG, MOTOR ELETRICO TRIFASICO 220/380 V, POTENCIA 7,5 CV                                                                                                                                                                                                                                                                                                                                                                               ","UN    ",{"v":17515.39,"d":"17,515.39"}]
[36793,"MISTURADOR DE METAL CROMADO DE PAREDE PARA LAVATORIO (REF 1878)                                                                                                                                                                                                                                                                                                                                                                                                                                           ","UN    ",946.03]
[11769,"MISTURADOR DE METAL CROMADO, DE MESA/BANCADA, COM BICA BAIXA, PARA LAVATORIO (REF 1875)                                                                                                                                                                                                                                                                                                                                                                                                                   ","UN    ",418.07]
[11771,"MISTURADOR DE PAREDE, DE METAL CROMADO, PARA COZINHA, BICA ALTA MOVEL, COM AREJADOR ARTICULADO (REF 1258)                                                                                                                                                                                                                                                                                                                                                                                                 ","UN    ",512.08]
[39919,"MISTURADOR DUPLO HORIZONTAL DE ALTA TURBULENCIA, CAPACIDADE / VOLUME 2 X 500 LITROS, MOTORES ELETRICOS MINIMO 5 CV CADA,  PARA NATA CIMENTO, ARGAMASSA E OUTROS                                                                                                                                                                                                                                                                                                                                           ","UN    ",{"v":69666.57,"d":"69,666.57"}]
[38385,"MISTURADOR MANUAL DE TINTAS PARA FURADEIRA, HASTE METALICA *60* CM, COM HELICE  (MEXEDOR DE TINTA)                                                                                                                                                                                                                                                                                                                                                                                                        ","UN    ",57.01]
[36800,"MISTURADOR METALICO, BASE PARA CHUVEIRO/BANHEIRA, 1/2 \" OU 3/4 \", SOLDAVEL OU ROSCAVEL (NAO INCLUI ACABAMENTOS)                                                                                                                                                                                                                                                                                                                                                                                           ","UN    ",251.21]
[37587,"MISTURADOR MONOCOMANDO PARA CHUVEIRO, BASE BRUTA, METALICO COM ACABAMENTO CROMADO                                                                                                                                                                                                                                                                                                                                                                                                                         ","UN    ",551.91]
[11561,"MOLA HIDRAULICA AEREA, PARA PORTAS DE ATE 1.100 MM E PESO DE ATE 85 KG, COM CORPO EM ALUMINIO E BRACO EM ACO, SEM BRACO DE PARADA                                                                                                                                                                                                                                                                                                                                                                         ","UN    ",265.4]
[43604,"MOLA HIDRAULICA AEREA, PARA PORTAS DE ATE 850 MM E PESO DE ATE 50 KG, COM CORPO EM ALUMINIO E BRACO EM ACO, SEM BRACO DE PARADA                                                                                                                                                                                                                                                                                                                                                                           ","UN    ",141.49]
[11560,"MOLA HIDRAULICA AEREA, PARA PORTAS DE ATE 950 MM E PESO DE ATE 65 KG, COM CORPO EM ALUMINIO E BRACO EM ACO, SEM BRACO DE PARADA                                                                                                                                                                                                                                                                                                                                                                           ","UN    ",204.85]
[11499,"MOLA HIDRAULICA DE PISO, PARA PORTAS DE ATE 1100 MM E PESO DE ATE 120 KG, COM CORPO EM ACO INOX                                                                                                                                                                                                                                                                                                                                                                                                           ","UN    ",912.82]
[34761,"MONTADOR DE ELETROELETRONICOS (HORISTA)                                                                                                                                                                                                                                                                                                                                                                                                                                                                   ","H     ",17.33]
[40924,"MONTADOR DE ELETROELETRONICOS (MENSALISTA)                                                                                                                                                                                                                                                                                                                                                                                                                                                                ","MES   ",{"v":3050.88,"d":"3,050.88"}]
[40983,"MONTADOR DE ESTRUTURAS METALICAS (MENSALISTA)                                                                                                                                                                                                                                                                                                                                                                                                                                                             ","MES   ",{"v":3177,"d":"3,177.00"}]
[44497,"MONTADOR DE ESTRUTURAS METALICAS HORISTA                                                                                                                                                                                                                                                                                                                                                                                                                                                                  ","H     ",18.05]
[2437,"MONTADOR DE MAQUINAS (HORISTA)                                                                                                                                                                                                                                                                                                                                                                                                                                                                            ","H     ",13.52]
[40921,"MONTADOR DE MAQUINAS (MENSALISTA)                                                                                                                                                                                                                                                                                                                                                                                                                                                                         ","MES   ",{"v":2380.65,"d":"2,380.65"}]
[14252,"MOTOBOMBA AUTOESCORVANTE MOTOR A GASOLINA, POTENCIA 6,0HP, BOCAIS 3\" X 3\", HM/Q = 5 MCA / 24 M3/H A 52,5 MCA / 5,0 M3/H                                                                                                                                                                                                                                                                                                                                                                                   ","UN    ",{"v":2495.55,"d":"2,495.55"}]
[730,"MOTOBOMBA AUTOESCORVANTE MOTOR ELETRICO TRIFASICO 7,4HP BOCA DIAMETRO DE SUCCAO X RECLAQUE: 2\"X2\", HM/ Q = 10 M / 73,5 M3/H A 28 M / 8,2 M3 /H                                                                                                                                                                                                                                                                                                                                                            ","UN    ",{"v":6667.63,"d":"6,667.63"}]
[723,"MOTOBOMBA AUTOESCORVANTE POTENCIA 5,42 HP, BOCAIS SUCCAO X RECALQUE 2\" X 2\", A GASOLINA, DIAMETRO DO ROTOR 122 MM HM/Q = 6 MCA / 33,0 M3/H A 28 MCA / 8,0 M3/H                                                                                                                                                                                                                                                                                                                                            ","UN    ",{"v":3314.05,"d":"3,314.05"}]
[36502,"MOTOBOMBA CENTRIFUGA, MOTOR A GASOLINA, POTENCIA 5,42 HP, BOCAIS 1 1/2\" X 1\", DIAMETRO ROTOR 143 MM HM/Q = 6 MCA / 16,8 M3/H A 38 MCA / 6,6 M3/H                                                                                                                                                                                                                                                                                                                                                          ","UN    ",{"v":3114.81,"d":"3,114.81"}]
[36503,"MOTOBOMBA TRASH (PARA AGUA SUJA) AUTO ESCORVANTE, MOTOR GASOLINA DE 6,41 HP, DIAMETROS DE SUCCAO X RECALQUE: 3\" X 3\", HM/Q: 10/60 A 23/0                                                                                                                                                                                                                                                                                                                                                                  ","UN    ",{"v":3840.93,"d":"3,840.93"}]
[4090,"MOTONIVELADORA POTENCIA BASICA LIQUIDA (PRIMEIRA MARCHA) 125 HP , PESO BRUTO 13843 KG, LARGURA DA LAMINA DE 3,7 M                                                                                                                                                                                                                                                                                                                                                                                         ","UN    ",{"v":1110000,"d":"1,110,000.00"}]
[13227,"MOTONIVELADORA POTENCIA BASICA LIQUIDA (PRIMEIRA MARCHA) 171 HP, PESO BRUTO 14768 KG, LARGURA DA LAMINA DE 3,7 M                                                                                                                                                                                                                                                                                                                                                                                          ","UN    ",{"v":1379313.41,"d":"1,379,313.41"}]
[10597,"MOTONIVELADORA POTENCIA BASICA LIQUIDA (PRIMEIRA MARCHA) 186 HP, PESO BRUTO 15785 KG, LARGURA DA LAMINA DE 4,3 M                                                                                                                                                                                                                                                                                                                                                                                          ","UN    ",{"v":1451905.3,"d":"1,451,905.30"}]
[39628,"MOTOR A DIESEL PARA VIBRADOR DE IMERSAO, DE *4,7* CV                                                                                                                                                                                                                                                                                                                                                                                                                                                      ","UN    ",{"v":4176.5,"d":"4,176.50"}]
[39404,"MOTOR A GASOLINA PARA VIBRADOR DE IMERSAO, 4 TEMPOS, DE 5,5 CV                                                                                                                                                                                                                                                                                                                                                                                                                                            ","UN    ",{"v":2070.99,"d":"2,070.99"}]
[39402,"MOTOR ELETRICO PARA VIBRADOR DE IMERSAO, DE 2 CV, MONOFASICO, 110/220 V                                                                                                                                                                                                                                                                                                                                                                                                                                   ","UN    ",{"v":1706.1,"d":"1,706.10"}]
[39403,"MOTOR ELETRICO PARA VIBRADOR DE IMERSAO, DE 2 CV, TRIFASICO, 220/380 V                                                                                                                                                                                                                                                                                                                                                                                                                                    ","UN    ",{"v":1668.99,"d":"1,668.99"}]
[4093,"MOTORISTA DE CAMINHAO (HORISTA)                                                                                                                                                                                                                                                                                                                                                                                                                                                                           ","H     ",25.54]
[10512,"MOTORISTA DE CAMINHAO (MENSALISTA)                                                                                                                                                                                                                                                                                                                                                                                                                                                                        ","MES   ",{"v":4493.91,"d":"4,493.91"}]
[4243,"MOTORISTA DE CAMINHAO BETONEIRA (HORISTA)                                                                                                                                                                                                                                                                                                                                                                                                                                                                 ","H     ",17.06]
[20020,"MOTORISTA DE CAMINHAO-BASCULANTE (HORISTA)                                                                                                                                                                                                                                                                                                                                                                                                                                                                ","H     ",26.53]
[41038,"MOTORISTA DE CAMINHAO-BASCULANTE (MENSALISTA)                                                                                                                                                                                                                                                                                                                                                                                                                                                             ","MES   ",{"v":4670.1,"d":"4,670.10"}]
[4094,"MOTORISTA DE CAMINHAO-CARRETA (HORISTA)                                                                                                                                                                                                                                                                                                                                                                                                                                                                   ","H     ",31.77]
[40988,"MOTORISTA DE CAMINHAO-CARRETA (MENSALISTA)                                                                                                                                                                                                                                                                                                                                                                                                                                                                ","MES   ",{"v":5589.62,"d":"5,589.62"}]
[4095,"MOTORISTA DE CARRO DE PASSEIO (HORISTA)                                                                                                                                                                                                                                                                                                                                                                                                                                                                   ","H     ",21.26]
[40990,"MOTORISTA DE CARRO DE PASSEIO (MENSALISTA)                                                                                                                                                                                                                                                                                                                                                                                                                                                                ","MES   ",{"v":3743.31,"d":"3,743.31"}]
[4096,"MOTORISTA OPERADOR DE CAMINHAO COM MUNCK (HORISTA)                                                                                                                                                                                                                                                                                                                                                                                                                                                        ","H     ",28.75]
[40992,"MOTORISTA OPERADOR DE CAMINHAO COM MUNCK (MENSALISTA)                                                                                                                                                                                                                                                                                                                                                                                                                                                     ","MES   ",{"v":5059.66,"d":"5,059.66"}]
[4114,"MOURAO CONCRETO CURVO, SECAO \"T\", H = 2,80 M + CURVA COM 0,45 M, COM FUROS PARA FIOS                                                                                                                                                                                                                                                                                                                                                                                                                      ","UN    ",87.83]
[36797,"MOURAO DE CONCRETO CURVO, *10 X 10* CM, H= *2,60* M + CURVA DE 0,40 M                                                                                                                                                                                                                                                                                                                                                                                                                                     ","UN    ",78.2]
[4107,"MOURAO DE CONCRETO RETO, SECAO QUADARA *10 X 10* CM, H= *2,30* M                                                                                                                                                                                                                                                                                                                                                                                                                                          ","UN    ",73.73]
[4102,"MOURAO DE CONCRETO RETO, SECAO QUADRADA, *10 X 10* CM, H= 3,00 M                                                                                                                                                                                                                                                                                                                                                                                                                                          ","UN    ",90]
[36799,"MOURAO DE CONCRETO RETO, TIPO ESTICADOR, *10 X 10* CM, H= 2,50 M                                                                                                                                                                                                                                                                                                                                                                                                                                          ","UN    ",75.9]
[2747,"MOURAO ROLICO DE MADEIRA TRATADA, D = 16 A 20 CM, H = 2,20 M, EM EUCALIPTO OU EQUIVALENTE DA REGIAO (PARA CERCA)                                                                                                                                                                                                                                                                                                                                                                                          ","M     ",39.9]
[21138,"MOURAO ROLICO DE MADEIRA TRATADA, D = 8 A 11 CM, H = 2,20 M, EM EUCALIPTO OU EQUIVALENTE DA REGIAO (PARA CERCA)                                                                                                                                                                                                                                                                                                                                                                                           ","M     ",12.65]
[10826,"MUDA DE ARBUSTO FLORIFERO, CLUSIA/GARDENIA/MOREIA BRANCA/ AZALEIA OU EQUIVALENTE DA REGIAO, H= *50 A 70* CM                                                                                                                                                                                                                                                                                                                                                                                               ","UN    ",114.94]
[365,"MUDA DE ARBUSTO FOLHAGEM, SANSAO-DO-CAMPO OU EQUIVALENTE DA REGIAO, H= *50 A 70* CM                                                                                                                                                                                                                                                                                                                                                                                                                       ","UN    ",71.26]
[38639,"MUDA DE ARBUSTO, BUXINHO, H= *50* CM                                                                                                                                                                                                                                                                                                                                                                                                                                                                      ","UN    ",275.86]
[38640,"MUDA DE ARBUSTO, PINGO DE OURO/ VIOLETEIRA, H = *10 A 20* CM                                                                                                                                                                                                                                                                                                                                                                                                                                              ","UN    ",4.13]
[358,"MUDA DE ARVORE ORNAMENTAL, OITI/AROEIRA SALSA/ANGICO/IPE/JACARANDA OU EQUIVALENTE  DA REGIAO, H= *1* M                                                                                                                                                                                                                                                                                                                                                                                                    ","UN    ",85.05]
[359,"MUDA DE ARVORE ORNAMENTAL, OITI/AROEIRA SALSA/ANGICO/IPE/JACARANDA OU EQUIVALENTE  DA REGIAO, H= *2* M                                                                                                                                                                                                                                                                                                                                                                                                    ","UN    ",174.71]
[38641,"MUDA DE PALMEIRA ARECA, H= *1,50* M                                                                                                                                                                                                                                                                                                                                                                                                                                                                       ","UN    ",172.41]
[360,"MUDA DE RASTEIRA/FORRACAO, AMENDOIM RASTEIRO/ONZE HORAS/AZULZINHA/IMPATIENS OU EQUIVALENTE DA REGIAO                                                                                                                                                                                                                                                                                                                                                                                                      ","UN    ",4]
[42430,"MULTIEXERCITADOR COM SEIS FUNCOES, EM TUBO DE ACO CARBONO, PINTURA NO PROCESSO ELETROSTATICO - EQUIPAMENTO DE GINASTICA PARA ACADEMIA AO AR LIVRE / ACADEMIA DA TERCEIRA IDADE - ATI                                                                                                                                                                                                                                                                                                                      ","UN    ",{"v":6434.22,"d":"6,434.22"}]
[4209,"NIPLE DE FERRO GALVANIZADO, COM ROSCA BSP, DE 1 1/2\"                                                                                                                                                                                                                                                                                                                                                                                                                                                      ","UN    ",18.34]
[4180,"NIPLE DE FERRO GALVANIZADO, COM ROSCA BSP, DE 1 1/4\"                                                                                                                                                                                                                                                                                                                                                                                                                                                      ","UN    ",13.81]
[4177,"NIPLE DE FERRO GALVANIZADO, COM ROSCA BSP, DE 1/2\"                                                                                                                                                                                                                                                                                                                                                                                                                                                        ","UN    ",4.58]
[4179,"NIPLE DE FERRO GALVANIZADO, COM ROSCA BSP, DE 1\"                                                                                                                                                                                                                                                                                                                                                                                                                                                          ","UN    ",9.38]
[4208,"NIPLE DE FERRO GALVANIZADO, COM ROSCA BSP, DE 2 1/2\"                                                                                                                                                                                                                                                                                                                                                                                                                                                      ","UN    ",43.66]
[4181,"NIPLE DE FERRO GALVANIZADO, COM ROSCA BSP, DE 2\"                                                                                                                                                                                                                                                                                                                                                                                                                                                          ","UN    ",28.52]
[4178,"NIPLE DE FERRO GALVANIZADO, COM ROSCA BSP, DE 3/4\"                                                                                                                                                                                                                                                                                                                                                                                                                                                        ","UN    ",6.35]
[4182,"NIPLE DE FERRO GALVANIZADO, COM ROSCA BSP, DE 3\"                                                                                                                                                                                                                                                                                                                                                                                                                                                          ","UN    ",71.02]
[4183,"NIPLE DE FERRO GALVANIZADO, COM ROSCA BSP, DE 4\"                                                                                                                                                                                                                                                                                                                                                                                                                                                          ","UN    ",114.34]
[4184,"NIPLE DE FERRO GALVANIZADO, COM ROSCA BSP, DE 5\"                                                                                                                                                                                                                                                                                                                                                                                                                                                          ","UN    ",252.4]
[4185,"NIPLE DE FERRO GALVANIZADO, COM ROSCA BSP, DE 6\"                                                                                                                                                                                                                                                                                                                                                                                                                                                          ","UN    ",419.38]
[4205,"NIPLE DE REDUCAO DE FERRO GALVANIZADO, COM ROSCA BSP, DE 1 1/2\" X 1 1/4\"                                                                                                                                                                                                                                                                                                                                                                                                                                  ","UN    ",24.22]
[4192,"NIPLE DE REDUCAO DE FERRO GALVANIZADO, COM ROSCA BSP, DE 1 1/2\" X 1\"                                                                                                                                                                                                                                                                                                                                                                                                                                      ","UN    ",24.22]
[4191,"NIPLE DE REDUCAO DE FERRO GALVANIZADO, COM ROSCA BSP, DE 1 1/2\" X 3/4\"                                                                                                                                                                                                                                                                                                                                                                                                                                    ","UN    ",24.22]
[4207,"NIPLE DE REDUCAO DE FERRO GALVANIZADO, COM ROSCA BSP, DE 1 1/4\" X 1/2\"                                                                                                                                                                                                                                                                                                                                                                                                                                    ","UN    ",19.49]
[4206,"NIPLE DE REDUCAO DE FERRO GALVANIZADO, COM ROSCA BSP, DE 1 1/4\" X 1\"                                                                                                                                                                                                                                                                                                                                                                                                                                      ","UN    ",18.92]
[4190,"NIPLE DE REDUCAO DE FERRO GALVANIZADO, COM ROSCA BSP, DE 1 1/4\" X 3/4\"                                                                                                                                                                                                                                                                                                                                                                                                                                    ","UN    ",18.92]
[4186,"NIPLE DE REDUCAO DE FERRO GALVANIZADO, COM ROSCA BSP, DE 1/2\" X 1/4\"                                                                                                                                                                                                                                                                                                                                                                                                                                      ","UN    ",5.59]
[4188,"NIPLE DE REDUCAO DE FERRO GALVANIZADO, COM ROSCA BSP, DE 1\" X 1/2\"                                                                                                                                                                                                                                                                                                                                                                                                                                        ","UN    ",11.42]
[4189,"NIPLE DE REDUCAO DE FERRO GALVANIZADO, COM ROSCA BSP, DE 1\" X 3/4\"                                                                                                                                                                                                                                                                                                                                                                                                                                        ","UN    ",11.42]
[4197,"NIPLE DE REDUCAO DE FERRO GALVANIZADO, COM ROSCA BSP, DE 2 1/2\" X 2\"                                                                                                                                                                                                                                                                                                                                                                                                                                      ","UN    ",60.47]
[4194,"NIPLE DE REDUCAO DE FERRO GALVANIZADO, COM ROSCA BSP, DE 2\" X 1 1/2\"                                                                                                                                                                                                                                                                                                                                                                                                                                      ","UN    ",36.54]
[4193,"NIPLE DE REDUCAO DE FERRO GALVANIZADO, COM ROSCA BSP, DE 2\" X 1 1/4\"                                                                                                                                                                                                                                                                                                                                                                                                                                      ","UN    ",36.54]
[4204,"NIPLE DE REDUCAO DE FERRO GALVANIZADO, COM ROSCA BSP, DE 2\" X 1\"                                                                                                                                                                                                                                                                                                                                                                                                                                          ","UN    ",36.54]
[4187,"NIPLE DE REDUCAO DE FERRO GALVANIZADO, COM ROSCA BSP, DE 3/4\" X 1/2\"                                                                                                                                                                                                                                                                                                                                                                                                                                      ","UN    ",7.28]
[4202,"NIPLE DE REDUCAO DE FERRO GALVANIZADO, COM ROSCA BSP, DE 3\" X 2 1/2\"                                                                                                                                                                                                                                                                                                                                                                                                                                      ","UN    ",110.44]
[4203,"NIPLE DE REDUCAO DE FERRO GALVANIZADO, COM ROSCA BSP, DE 3\" X 2\"                                                                                                                                                                                                                                                                                                                                                                                                                                          ","UN    ",97.54]
[40368,"NIPLE SEXTAVADO EM ACO CARBONO, COM ROSCA BSP, PRESSAO 3.000 LBS, DN 1 1/2\"                                                                                                                                                                                                                                                                                                                                                                                                                               ","UN    ",63.68]
[40365,"NIPLE SEXTAVADO EM ACO CARBONO, COM ROSCA BSP, PRESSAO 3.000 LBS, DN 1 1/4\"                                                                                                                                                                                                                                                                                                                                                                                                                               ","UN    ",42.96]
[40356,"NIPLE SEXTAVADO EM ACO CARBONO, COM ROSCA BSP, PRESSAO 3.000 LBS, DN 1/2\"                                                                                                                                                                                                                                                                                                                                                                                                                                 ","UN    ",14.68]
[40362,"NIPLE SEXTAVADO EM ACO CARBONO, COM ROSCA BSP, PRESSAO 3.000 LBS, DN 1\"                                                                                                                                                                                                                                                                                                                                                                                                                                   ","UN    ",28.46]
[40374,"NIPLE SEXTAVADO EM ACO CARBONO, COM ROSCA BSP, PRESSAO 3.000 LBS, DN 2 1/2\"                                                                                                                                                                                                                                                                                                                                                                                                                               ","UN    ",166.44]
[40371,"NIPLE SEXTAVADO EM ACO CARBONO, COM ROSCA BSP, PRESSAO 3.000 LBS, DN 2\"                                                                                                                                                                                                                                                                                                                                                                                                                                   ","UN    ",104.77]
[40359,"NIPLE SEXTAVADO EM ACO CARBONO, COM ROSCA BSP, PRESSAO 3.000 LBS, DN 3/4\"                                                                                                                                                                                                                                                                                                                                                                                                                                 ","UN    ",18.96]
[7595,"NIVELADOR (HORISTA)                                                                                                                                                                                                                                                                                                                                                                                                                                                                                       ","H     ",15.94]
[41094,"NIVELADOR (MENSALISTA)                                                                                                                                                                                                                                                                                                                                                                                                                                                                                    ","MES   ",{"v":2806.93,"d":"2,806.93"}]
[39609,"NOBREAK TRIFASICO, DE 10 KVA FATOR DE POTENCIA DE 0,8, AUTONOMIA MINIMA DE 30 MINUTOS A PLENA CARGA                                                                                                                                                                                                                                                                                                                                                                                                       ","UN    ",{"v":64515.83,"d":"64,515.83"}]
[39610,"NOBREAK TRIFASICO, DE 15 KVA FATOR DE POTENCIA DE 0,8, AUTONOMIA MINIMA DE 30 MINUTOS A PLENA CARGA                                                                                                                                                                                                                                                                                                                                                                                                       ","UN    ",{"v":94172.99,"d":"94,172.99"}]
[39611,"NOBREAK TRIFASICO, DE 20 KVA FATOR DE POTENCIA DE 0,8, AUTONOMIA MINIMA DE 30 MINUTOS A PLENA CARGA                                                                                                                                                                                                                                                                                                                                                                                                       ","UN    ",{"v":113964.74,"d":"113,964.74"}]
[39612,"NOBREAK TRIFASICO, DE 25 KVA FATOR DE POTENCIA DE 0,8, AUTONOMIA MINIMA DE 30 MINUTOS A PLENA CARGA                                                                                                                                                                                                                                                                                                                                                                                                       ","UN    ",{"v":178528.33,"d":"178,528.33"}]
[39608,"NOBREAK TRIFASICO, DE 5 KVA FATOR DE POTENCIA DE 0,8, AUTONOMIA MINIMA DE 30 MINUTOS A PLENA CARGA                                                                                                                                                                                                                                                                                                                                                                                                        ","UN    ",{"v":51586.18,"d":"51,586.18"}]
[38175,"NUMERO / ALGARISMO PARA RESIDENCIA (FACHADA), EM ZAMAC, COM ALTURA DE APROX *45* MM, INCLUSIVE PARAFUSOS                                                                                                                                                                                                                                                                                                                                                                                                  ","UN    ",5.32]
[38176,"NUMERO / ALGARISMO PARA RESIDENCIA (FACHADA), EM ZAMAC, COM ALTURA DE APROX 125 MM, INCLUSIVE PARAFUSOS                                                                                                                                                                                                                                                                                                                                                                                                   ","UN    ",15.66]
[36152,"OCULOS DE SEGURANCA CONTRA IMPACTOS COM LENTE INCOLOR, ARMACAO NYLON, COM PROTECAO UVA E UVB                                                                                                                                                                                                                                                                                                                                                                                                              ","UN    ",6.87]
[4221,"OLEO DIESEL COMBUSTIVEL COMUM METROPOLITANO S-10 OU S-500                                                                                                                                                                                                                                                                                                                                                                                                                                                 ","L     ",5.89]
[4227,"OLEO LUBRIFICANTE MINERAL MONOVISCOSO, SAE 40, PARA MOTORES DE EQUIPAMENTOS PESADOS (CAMINHOES, TRATORES, RETROS E ETC)                                                                                                                                                                                                                                                                                                                                                                                   ","L     ",27.46]
[38170,"OLHO MAGICO PARA PORTAS, EM LATAO, COM LENTE DE POLICARBONATO, ANGULO DE *200* GRAUS, ESPESSURA ENTRE *25 E 46* MM, INCLUINDO FECHO JANELA                                                                                                                                                                                                                                                                                                                                                                ","UN    ",23.26]
[4252,"OPERADOR DE BATE-ESTACAS (HORISTA)                                                                                                                                                                                                                                                                                                                                                                                                                                                                        ","H     ",16.38]
[40980,"OPERADOR DE BATE-ESTACAS (MENSALISTA)                                                                                                                                                                                                                                                                                                                                                                                                                                                                     ","MES   ",{"v":2885.02,"d":"2,885.02"}]
[41031,"OPERADOR DE BETONEIRA (CAMINHAO) (MENSALISTA)                                                                                                                                                                                                                                                                                                                                                                                                                                                             ","MES   ",{"v":3004.82,"d":"3,004.82"}]
[37666,"OPERADOR DE BETONEIRA ESTACIONARIA / MISTURADOR (HORISTA)                                                                                                                                                                                                                                                                                                                                                                                                                                                 ","H     ",15.3]
[40986,"OPERADOR DE BETONEIRA ESTACIONARIA / MISTURADOR (MENSALISTA)                                                                                                                                                                                                                                                                                                                                                                                                                                              ","MES   ",{"v":2695.93,"d":"2,695.93"}]
[4250,"OPERADOR DE COMPRESSOR DE AR OU COMPRESSORISTA (HORISTA)                                                                                                                                                                                                                                                                                                                                                                                                                                                  ","H     ",16.89]
[40978,"OPERADOR DE COMPRESSOR DE AR OU COMPRESSORISTA (MENSALISTA)                                                                                                                                                                                                                                                                                                                                                                                                                                               ","MES   ",{"v":2975.82,"d":"2,975.82"}]
[44501,"OPERADOR DE DEMARCADORA DE FAIXAS DE TRAFEGO (HORISTA)                                                                                                                                                                                                                                                                                                                                                                                                                                                    ","H     ",17.06]
[41043,"OPERADOR DE DEMARCADORA DE FAIXAS DE TRAFEGO (MENSALISTA)                                                                                                                                                                                                                                                                                                                                                                                                                                                 ","MES   ",{"v":3004.82,"d":"3,004.82"}]
[4234,"OPERADOR DE ESCAVADEIRA (HORISTA)                                                                                                                                                                                                                                                                                                                                                                                                                                                                         ","H     ",19.79]
[40987,"OPERADOR DE ESCAVADEIRA (MENSALISTA)                                                                                                                                                                                                                                                                                                                                                                                                                                                                      ","MES   ",{"v":3482.33,"d":"3,482.33"}]
[4253,"OPERADOR DE GUINCHO OU GUINCHEIRO (HORISTA)                                                                                                                                                                                                                                                                                                                                                                                                                                                               ","H     ",16.52]
[40981,"OPERADOR DE GUINCHO OU GUINCHEIRO (MENSALISTA)                                                                                                                                                                                                                                                                                                                                                                                                                                                            ","MES   ",{"v":2909.36,"d":"2,909.36"}]
[4254,"OPERADOR DE GUINDASTE (HORISTA)                                                                                                                                                                                                                                                                                                                                                                                                                                                                           ","H     ",20.53]
[41036,"OPERADOR DE GUINDASTE (MENSALISTA)                                                                                                                                                                                                                                                                                                                                                                                                                                                                        ","MES   ",{"v":3613.55,"d":"3,613.55"}]
[4251,"OPERADOR DE JATO ABRASIVO OU JATISTA (HORISTA)                                                                                                                                                                                                                                                                                                                                                                                                                                                            ","H     ",14.43]
[40979,"OPERADOR DE JATO ABRASIVO OU JATISTA (MENSALISTA)                                                                                                                                                                                                                                                                                                                                                                                                                                                         ","MES   ",{"v":2540.18,"d":"2,540.18"}]
[4230,"OPERADOR DE MAQUINAS E TRATORES DIVERSOS - TERRAPLANAGEM (HORISTA)                                                                                                                                                                                                                                                                                                                                                                                                                                        ","H     ",17.33]
[40998,"OPERADOR DE MAQUINAS E TRATORES DIVERSOS - TERRAPLANAGEM (MENSALISTA)                                                                                                                                                                                                                                                                                                                                                                                                                                     ","MES   ",{"v":3052.12,"d":"3,052.12"}]
[4257,"OPERADOR DE MARTELETE OU MARTELETEIRO (HORISTA)                                                                                                                                                                                                                                                                                                                                                                                                                                                           ","H     ",14.8]
[40982,"OPERADOR DE MARTELETE OU MARTELETEIRO (MENSALISTA)                                                                                                                                                                                                                                                                                                                                                                                                                                                        ","MES   ",{"v":2605.97,"d":"2,605.97"}]
[4240,"OPERADOR DE MOTO SCRAPER (HORISTA)                                                                                                                                                                                                                                                                                                                                                                                                                                                                        ","H     ",24.4]
[41026,"OPERADOR DE MOTO SCRAPER (MENSALISTA)                                                                                                                                                                                                                                                                                                                                                                                                                                                                     ","MES   ",{"v":4293.85,"d":"4,293.85"}]
[4239,"OPERADOR DE MOTONIVELADORA (HORISTA)                                                                                                                                                                                                                                                                                                                                                                                                                                                                      ","H     ",24.4]
[41024,"OPERADOR DE MOTONIVELADORA (MENSALISTA)                                                                                                                                                                                                                                                                                                                                                                                                                                                                   ","MES   ",{"v":4293.85,"d":"4,293.85"}]
[4248,"OPERADOR DE PA CARREGADEIRA (HORISTA)                                                                                                                                                                                                                                                                                                                                                                                                                                                                     ","H     ",17.06]
[41033,"OPERADOR DE PA CARREGADEIRA (MENSALISTA)                                                                                                                                                                                                                                                                                                                                                                                                                                                                  ","MES   ",{"v":3004.82,"d":"3,004.82"}]
[44500,"OPERADOR DE PAVIMENTADORA / MESA VIBROACABADORA (HORISTA)                                                                                                                                                                                                                                                                                                                                                                                                                                                 ","H     ",17.06]
[41040,"OPERADOR DE PAVIMENTADORA / MESA VIBROACABADORA (MENSALISTA)                                                                                                                                                                                                                                                                                                                                                                                                                                              ","MES   ",{"v":3004.82,"d":"3,004.82"}]
[4238,"OPERADOR DE ROLO COMPACTADOR (HORISTA)                                                                                                                                                                                                                                                                                                                                                                                                                                                                    ","H     ",16.89]
[41012,"OPERADOR DE ROLO COMPACTADOR (MENSALISTA)                                                                                                                                                                                                                                                                                                                                                                                                                                                                 ","MES   ",{"v":2975.82,"d":"2,975.82"}]
[4233,"OPERADOR DE USINA DE ASFALTO, DE SOLOS OU DE CONCRETO (HORISTA)                                                                                                                                                                                                                                                                                                                                                                                                                                           ","H     ",24.4]
[41001,"OPERADOR DE USINA DE ASFALTO, DE SOLOS OU DE CONCRETO (MENSALISTA)                                                                                                                                                                                                                                                                                                                                                                                                                                        ","MES   ",{"v":4293.85,"d":"4,293.85"}]
[2,"OXIGENIO, RECARGA PARA CILINDRO DE CONJUNTO OXICORTE GRANDE                                                                                                                                                                                                                                                                                                                                                                                                                                               ","M3    ",28.49]
[36517,"PA CARREGADEIRA SOBRE RODAS, POTENCIA BRUTA *127* CV, CAPACIDADE DA CACAMBA DE 2,0 A 2,4 M3, PESO OPERACIONAL MAXIMO DE 10330 KG                                                                                                                                                                                                                                                                                                                                                                          ","UN    ",{"v":568320,"d":"568,320.00"}]
[4262,"PA CARREGADEIRA SOBRE RODAS, POTENCIA LIQUIDA 128 HP, CAPACIDADE DA CACAMBA DE 1,7 A 2,8 M3, PESO OPERACIONAL MAXIMO DE 11632 KG                                                                                                                                                                                                                                                                                                                                                                          ","UN    ",{"v":640000,"d":"640,000.00"}]
[4263,"PA CARREGADEIRA SOBRE RODAS, POTENCIA LIQUIDA 197 HP, CAPACIDADE DA CACAMBA DE 2,5 A 3,5 M3, PESO OPERACIONAL MAXIMO DE 18338 KG                                                                                                                                                                                                                                                                                                                                                                          ","UN    ",{"v":887466.62,"d":"887,466.62"}]
[36518,"PA CARREGADEIRA SOBRE RODAS, POTENCIA LIQUIDA 213 HP, CAPACIDADE DA CACAMBA DE 1,9 A 3,5 M3, PESO OPERACIONAL MAXIMO DE 19234 KG                                                                                                                                                                                                                                                                                                                                                                          ","UN    ",{"v":1010346.62,"d":"1,010,346.62"}]
[14221,"PA CARREGADEIRA SOBRE RODAS, POTENCIA 152 HP, CAPACIDADE DA CACAMBA DE 1,53 A 2,30 M3, PESO OPERACIONAL MAXIMO DE 10216 KG                                                                                                                                                                                                                                                                                                                                                                                ","UN    ",{"v":589653.31,"d":"589,653.31"}]
[38402,"PA DE LIXO PLASTICA, CABO LONGO                                                                                                                                                                                                                                                                                                                                                                                                                                                                           ","UN    ",19.26]
[3412,"PAINEL DE LA DE VIDRO SEM REVESTIMENTO PSI 20, E = 25 MM, DE 1200 X 600 MM                                                                                                                                                                                                                                                                                                                                                                                                                                ","M2    ",27.18]
[3413,"PAINEL DE LA DE VIDRO SEM REVESTIMENTO PSI 20, E = 50 MM, DE 1200 X 600 MM                                                                                                                                                                                                                                                                                                                                                                                                                                ","M2    ",61.18]
[39744,"PAINEL DE LA DE VIDRO SEM REVESTIMENTO PSI 40, E = 25 MM, DE 1200 X 600 MM                                                                                                                                                                                                                                                                                                                                                                                                                                ","M2    ",47.5]
[39745,"PAINEL DE LA DE VIDRO SEM REVESTIMENTO PSI 40, E = 50 MM, DE 1200 X 600 MM                                                                                                                                                                                                                                                                                                                                                                                                                                ","M2    ",100.26]
[39637,"PAINEL ESTRUTURAL PARA LAJE SECA REVESTIDO EM PLACA CIMENTICIA, DE 1,20 X 2,50 M, E = 23 MM                                                                                                                                                                                                                                                                                                                                                                                                               ","M2    ",102.03]
[39638,"PAINEL ESTRUTURAL PARA LAJE SECA REVESTIDO EM PLACA CIMENTICIA, DE 1,20 X 2,50 M, E = 40 MM                                                                                                                                                                                                                                                                                                                                                                                                               ","M2    ",115.45]
[39639,"PAINEL ESTRUTURAL PARA LAJE SECA REVESTIDO EM PLACA CIMENTICIA, DE 1,20 X 2,50 M, E = 55 MM                                                                                                                                                                                                                                                                                                                                                                                                               ","M2    ",174.2]
[39517,"PAINEL TERMOISOLANTE PARA FECHAMENTOS VERTICAIS (INCLUI PARAFUSOS DE FIXACAO) REVESTIDO EM ACO GALVALUME, LARGURA UTIL DE 1100 MM, REVESTIMENTO COM ESPESSURA DE 0,50 MM, COM PRE-PINTURA NAS DUAS FACES, NUCLEO EM POLIURETANO (PUR) COM ESPESSURA 40/50 MM                                                                                                                                                                                                                                              ","M2    ",207.91]
[39518,"PAINEL TERMOISOLANTE PARA FECHAMENTOS VERTICAIS (INCLUI PARAFUSOS DE FIXACAO) REVESTIDO EM ACO GALVALUME, LARGURA UTIL DE 1100 MM, REVESTIMENTO COM ESPESSURA DE 0,50 MM, COM PRE-PINTURA NAS DUAS FACES, NUCLEO EM POLIURETANO (PUR) COM ESPESSURA 70/80 MM                                                                                                                                                                                                                                              ","M2    ",246.48]
[38366,"PAPEL KRAFT BETUMADO                                                                                                                                                                                                                                                                                                                                                                                                                                                                                      ","M2    ",6.37]
[11703,"PAPELEIRA DE PAREDE EM METAL CROMADO SEM TAMPA                                                                                                                                                                                                                                                                                                                                                                                                                                                            ","UN    ",30.76]
[37400,"PAPELEIRA PLASTICA TIPO DISPENSER PARA PAPEL HIGIENICO ROLAO                                                                                                                                                                                                                                                                                                                                                                                                                                              ","UN    ",64.49]
[25400,"PAR DE TABELAS DE BASQUETE EM COMPENSADO NAVAL, OFICIAL, 1800 X 1200 MM, INCLUINDO ARO DE METAL E REDE EM POLIPROPILENO 100% (SEM SUPORTE DE FIXACAO)                                                                                                                                                                                                                                                                                                                                                     ","UN    ",{"v":3631.52,"d":"3,631.52"}]
[4276,"PARA-RAIOS DE DISTRIBUICAO, TENSAO NOMINAL 15 KV, CORRENTE NOMINAL DE DESCARGA 5 KA                                                                                                                                                                                                                                                                                                                                                                                                                       ","UN    ",236.5]
[4273,"PARA-RAIOS DE DISTRIBUICAO, TENSAO NOMINAL 30 KV, CORRENTE NOMINAL DE DESCARGA 10 KA                                                                                                                                                                                                                                                                                                                                                                                                                      ","UN    ",429.39]
[4274,"PARA-RAIOS TIPO FRANKLIN 350 MM, EM LATAO CROMADO, DUAS DESCIDAS, PARA PROTECAO DE EDIFICACOES CONTRA DESCARGAS ATMOSFERICAS                                                                                                                                                                                                                                                                                                                                                                              ","UN    ",157.09]
[39438,"PARAFUSO CABECA TROMBETA E PONTA AGULHA (GN55), COMPRIMENTO 55 MM, EM ACO FOSFATIZADO, PARA FIXAR CHAPA DE GESSO EM PERFIL DRYWALL METALICO MAXIMO 0,7 MM                                                                                                                                                                                                                                                                                                                                                 ","UN    ",0.26]
[11963,"PARAFUSO DE ACO TIPO CHUMBADOR PARABOLT, DIAMETRO 1/2\", COMPRIMENTO 75 MM                                                                                                                                                                                                                                                                                                                                                                                                                                 ","UN    ",9.4]
[11964,"PARAFUSO DE ACO TIPO CHUMBADOR PARABOLT, DIAMETRO 3/8\", COMPRIMENTO 75 MM                                                                                                                                                                                                                                                                                                                                                                                                                                 ","UN    ",2.37]
[4379,"PARAFUSO DE ACO ZINCADO COM ROSCA SOBERBA, CABECA CHATA E FENDA SIMPLES, DIAMETRO 2,5 MM, COMPRIMENTO * 9,5 * MM                                                                                                                                                                                                                                                                                                                                                                                          ","UN    ",0.05]
[4377,"PARAFUSO DE ACO ZINCADO COM ROSCA SOBERBA, CABECA CHATA E FENDA SIMPLES, DIAMETRO 4,2 MM, COMPRIMENTO * 32 * MM                                                                                                                                                                                                                                                                                                                                                                                           ","UN    ",0.18]
[4356,"PARAFUSO DE ACO ZINCADO COM ROSCA SOBERBA, CABECA CHATA E FENDA SIMPLES, DIAMETRO 4,8 MM, COMPRIMENTO 45 MM                                                                                                                                                                                                                                                                                                                                                                                               ","UN    ",0.26]
[13246,"PARAFUSO DE FERRO POLIDO, SEXTAVADO, COM ROSCA INTEIRA, DIAMETRO 5/16\", COMPRIMENTO 3/4\", COM PORCA E ARRUELA LISA LEVE                                                                                                                                                                                                                                                                                                                                                                                   ","UN    ",0.44]
[4346,"PARAFUSO DE FERRO POLIDO, SEXTAVADO, COM ROSCA PARCIAL, DIAMETRO 5/8\", COMPRIMENTO 6\", COM PORCA E ARRUELA DE PRESSAO MEDIA                                                                                                                                                                                                                                                                                                                                                                               ","UN    ",10.07]
[11955,"PARAFUSO DE LATAO COM ACABAMENTO CROMADO PARA FIXAR PECA SANITARIA, INCLUI PORCA CEGA, ARRUELA E BUCHA DE NYLON TAMANHO S-10                                                                                                                                                                                                                                                                                                                                                                              ","UN    ",4.41]
[11960,"PARAFUSO DE LATAO COM ROSCA SOBERBA, CABECA CHATA E FENDA SIMPLES, DIAMETRO 2,5 MM, COMPRIMENTO 12 MM                                                                                                                                                                                                                                                                                                                                                                                                     ","UN    ",0.14]
[4333,"PARAFUSO DE LATAO COM ROSCA SOBERBA, CABECA CHATA E FENDA SIMPLES, DIAMETRO 3,2 MM, COMPRIMENTO 16 MM                                                                                                                                                                                                                                                                                                                                                                                                     ","UN    ",0.26]
[4358,"PARAFUSO DE LATAO COM ROSCA SOBERBA, CABECA CHATA E FENDA SIMPLES, DIAMETRO 4,8 MM, COMPRIMENTO 65 MM                                                                                                                                                                                                                                                                                                                                                                                                     ","UN    ",2.01]
[39435,"PARAFUSO DRY WALL, EM ACO FOSFATIZADO, CABECA TROMBETA E PONTA AGULHA (TA), COMPRIMENTO 25 MM                                                                                                                                                                                                                                                                                                                                                                                                             ","UN    ",0.1]
[39436,"PARAFUSO DRY WALL, EM ACO FOSFATIZADO, CABECA TROMBETA E PONTA AGULHA (TA), COMPRIMENTO 35 MM                                                                                                                                                                                                                                                                                                                                                                                                             ","UN    ",0.17]
[39437,"PARAFUSO DRY WALL, EM ACO FOSFATIZADO, CABECA TROMBETA E PONTA AGULHA (TA), COMPRIMENTO 45 MM                                                                                                                                                                                                                                                                                                                                                                                                             ","UN    ",0.22]
[39439,"PARAFUSO DRY WALL, EM ACO FOSFATIZADO, CABECA TROMBETA E PONTA BROCA (TB), COMPRIMENTO 25 MM                                                                                                                                                                                                                                                                                                                                                                                                              ","UN    ",0.15]
[39440,"PARAFUSO DRY WALL, EM ACO FOSFATIZADO, CABECA TROMBETA E PONTA BROCA (TB), COMPRIMENTO 35 MM                                                                                                                                                                                                                                                                                                                                                                                                              ","UN    ",0.2]
[39441,"PARAFUSO DRY WALL, EM ACO FOSFATIZADO, CABECA TROMBETA E PONTA BROCA (TB), COMPRIMENTO 45 MM                                                                                                                                                                                                                                                                                                                                                                                                              ","UN    ",0.25]
[39442,"PARAFUSO DRY WALL, EM ACO ZINCADO, CABECA LENTILHA E PONTA AGULHA (LA), LARGURA 4,2 MM, COMPRIMENTO 13 MM                                                                                                                                                                                                                                                                                                                                                                                                 ","UN    ",0.18]
[39443,"PARAFUSO DRY WALL, EM ACO ZINCADO, CABECA LENTILHA E PONTA BROCA (LB), LARGURA 4,2 MM, COMPRIMENTO 13 MM                                                                                                                                                                                                                                                                                                                                                                                                  ","UN    ",0.24]
[4329,"PARAFUSO EM ACO GALVANIZADO, TIPO MAQUINA, SEXTAVADO, SEM PORCA, DIAMETRO 1/2\", COMPRIMENTO 2\"                                                                                                                                                                                                                                                                                                                                                                                                            ","UN    ",2.15]
[4383,"PARAFUSO FRANCES METRICO ZINCADO, DIAMETRO 12 MM, COMPRIMENTO 140MM, COM PORCA SEXTAVADA E ARRUELA DE PRESSAO MEDIA                                                                                                                                                                                                                                                                                                                                                                                       ","UN    ",19.44]
[4344,"PARAFUSO FRANCES METRICO ZINCADO, DIAMETRO 12 MM, COMPRIMENTO 150 MM, COM PORCA SEXTAVADA E ARRUELA DE PRESSAO MEDIA                                                                                                                                                                                                                                                                                                                                                                                      ","UN    ",20.37]
[436,"PARAFUSO FRANCES M16 EM ACO GALVANIZADO, COMPRIMENTO = 150 MM, DIAMETRO = 16 MM, CABECA ABAULADA                                                                                                                                                                                                                                                                                                                                                                                                          ","UN    ",13.25]
[442,"PARAFUSO FRANCES M16 EM ACO GALVANIZADO, COMPRIMENTO = 45 MM, DIAMETRO = 16 MM, CABECA ABAULADA                                                                                                                                                                                                                                                                                                                                                                                                           ","UN    ",7.83]
[11953,"PARAFUSO FRANCES ZINCADO, DIAMETRO 1/2'', COMPRIMENTO 2'', COM PORCA E ARRUELA                                                                                                                                                                                                                                                                                                                                                                                                                            ","UN    ",3.23]
[4335,"PARAFUSO FRANCES ZINCADO, DIAMETRO 1/2\", COMPRIMENTO 12\", COM PORCA E ARRUELA LISA MEDIA                                                                                                                                                                                                                                                                                                                                                                                                                  ","UN    ",13.68]
[4334,"PARAFUSO FRANCES ZINCADO, DIAMETRO 1/2\", COMPRIMENTO 15\", COM PORCA E ARRUELA LISA MEDIA                                                                                                                                                                                                                                                                                                                                                                                                                  ","UN    ",18.77]
[4343,"PARAFUSO FRANCES ZINCADO, DIAMETRO 1/2\", COMPRIMENTO 4\", COM PORCA E ARRUELA                                                                                                                                                                                                                                                                                                                                                                                                                              ","UN    ",4.61]
[430,"PARAFUSO M16 EM ACO GALVANIZADO, COMPRIMENTO = 125 MM, DIAMETRO = 16 MM, ROSCA MAQUINA, CABECA QUADRADA                                                                                                                                                                                                                                                                                                                                                                                                   ","UN    ",11.85]
[441,"PARAFUSO M16 EM ACO GALVANIZADO, COMPRIMENTO = 150 MM, DIAMETRO = 16 MM, ROSCA MAQUINA, CABECA QUADRADA                                                                                                                                                                                                                                                                                                                                                                                                   ","UN    ",13.05]
[431,"PARAFUSO M16 EM ACO GALVANIZADO, COMPRIMENTO = 200 MM, DIAMETRO = 16 MM, ROSCA MAQUINA, CABECA QUADRADA                                                                                                                                                                                                                                                                                                                                                                                                   ","UN    ",15.75]
[432,"PARAFUSO M16 EM ACO GALVANIZADO, COMPRIMENTO = 250 MM, DIAMETRO = 16 MM, ROSCA MAQUINA, CABECA QUADRADA                                                                                                                                                                                                                                                                                                                                                                                                   ","UN    ",17.38]
[429,"PARAFUSO M16 EM ACO GALVANIZADO, COMPRIMENTO = 300 MM, DIAMETRO = 16 MM, ROSCA DUPLA                                                                                                                                                                                                                                                                                                                                                                                                                      ","UN    ",23.43]
[439,"PARAFUSO M16 EM ACO GALVANIZADO, COMPRIMENTO = 300 MM, DIAMETRO = 16 MM, ROSCA MAQUINA, CABECA QUADRADA                                                                                                                                                                                                                                                                                                                                                                                                   ","UN    ",19.97]
[433,"PARAFUSO M16 EM ACO GALVANIZADO, COMPRIMENTO = 350 MM, DIAMETRO = 16 MM, ROSCA MAQUINA, CABECA QUADRADA                                                                                                                                                                                                                                                                                                                                                                                                   ","UN    ",23.31]
[437,"PARAFUSO M16 EM ACO GALVANIZADO, COMPRIMENTO = 400 MM, DIAMETRO = 16 MM, ROSCA DUPLA                                                                                                                                                                                                                                                                                                                                                                                                                      ","UN    ",30.97]
[11790,"PARAFUSO M16 EM ACO GALVANIZADO, COMPRIMENTO = 450 MM, DIAMETRO = 16 MM, ROSCA MAQUINA, CABECA QUADRADA                                                                                                                                                                                                                                                                                                                                                                                                   ","UN    ",35.13]
[428,"PARAFUSO M16 EM ACO GALVANIZADO, COMPRIMENTO = 500 MM, DIAMETRO = 16 MM, ROSCA MAQUINA, COM CABECA SEXTAVADA E PORCA                                                                                                                                                                                                                                                                                                                                                                                      ","UN    ",38.2]
[4384,"PARAFUSO NIQUELADO COM ACABAMENTO CROMADO PARA FIXAR PECA SANITARIA, INCLUI PORCA CEGA, ARRUELA E BUCHA DE NYLON TAMANHO S-10                                                                                                                                                                                                                                                                                                                                                                             ","UN    ",22.34]
[4351,"PARAFUSO NIQUELADO 3 1/2\" COM ACABAMENTO CROMADO PARA FIXAR PECA SANITARIA, INCLUI PORCA CEGA, ARRUELA E BUCHA DE NYLON TAMANHO S-8                                                                                                                                                                                                                                                                                                                                                                       ","UN    ",16.56]
[11054,"PARAFUSO ROSCA SOBERBA ZINCADO CABECA CHATA FENDA SIMPLES 3,2 X 20 MM (3/4 \")                                                                                                                                                                                                                                                                                                                                                                                                                             ","UN    ",0.04]
[11055,"PARAFUSO ROSCA SOBERBA ZINCADO CABECA CHATA FENDA SIMPLES 3,5 X 25 MM (1 \")                                                                                                                                                                                                                                                                                                                                                                                                                               ","UN    ",0.07]
[11056,"PARAFUSO ROSCA SOBERBA ZINCADO CABECA CHATA FENDA SIMPLES 3,8 X 30 MM (1.1/4 \")                                                                                                                                                                                                                                                                                                                                                                                                                           ","UN    ",0.08]
[11057,"PARAFUSO ROSCA SOBERBA ZINCADO CABECA CHATA FENDA SIMPLES 4,8 X 40 MM (1.1/2 \")                                                                                                                                                                                                                                                                                                                                                                                                                           ","UN    ",0.17]
[11059,"PARAFUSO ROSCA SOBERBA ZINCADO CABECA CHATA FENDA SIMPLES 5,5 X 50 MM (2 \")                                                                                                                                                                                                                                                                                                                                                                                                                               ","UN    ",0.33]
[11058,"PARAFUSO ROSCA SOBERBA ZINCADO CABECA CHATA FENDA SIMPLES 5,5 X 65 MM (2.1/2 \")                                                                                                                                                                                                                                                                                                                                                                                                                           ","UN    ",0.42]
[4380,"PARAFUSO ZINCADO ROSCA SOBERBA 5/16 \" X 120 MM PARA TELHA FIBROCIMENTO                                                                                                                                                                                                                                                                                                                                                                                                                                    ","UN    ",1.43]
[4299,"PARAFUSO ZINCADO ROSCA SOBERBA, CABECA SEXTAVADA, 5/16 \" X 110 MM, PARA FIXACAO DE TELHA EM MADEIRA                                                                                                                                                                                                                                                                                                                                                                                                       ","UN    ",1.35]
[4304,"PARAFUSO ZINCADO ROSCA SOBERBA, CABECA SEXTAVADA, 5/16 \" X 150 MM, PARA FIXACAO DE TELHA EM MADEIRA                                                                                                                                                                                                                                                                                                                                                                                                       ","UN    ",1.84]
[4305,"PARAFUSO ZINCADO ROSCA SOBERBA, CABECA SEXTAVADA, 5/16 \" X 180 MM, PARA FIXACAO DE TELHA EM MADEIRA                                                                                                                                                                                                                                                                                                                                                                                                       ","UN    ",2.14]
[4306,"PARAFUSO ZINCADO ROSCA SOBERBA, CABECA SEXTAVADA, 5/16 \" X 200 MM, PARA FIXACAO DE TELHA EM MADEIRA                                                                                                                                                                                                                                                                                                                                                                                                       ","UN    ",2.48]
[4308,"PARAFUSO ZINCADO ROSCA SOBERBA, CABECA SEXTAVADA, 5/16 \" X 230 MM, PARA FIXACAO DE TELHA EM MADEIRA                                                                                                                                                                                                                                                                                                                                                                                                       ","UN    ",5.14]
[4302,"PARAFUSO ZINCADO ROSCA SOBERBA, CABECA SEXTAVADA, 5/16 \" X 250 MM, PARA FIXACAO DE TELHA EM MADEIRA                                                                                                                                                                                                                                                                                                                                                                                                       ","UN    ",3.85]
[4300,"PARAFUSO ZINCADO ROSCA SOBERBA, CABECA SEXTAVADA, 5/16 \" X 50 MM, PARA FIXACAO DE TELHA EM MADEIRA                                                                                                                                                                                                                                                                                                                                                                                                        ","UN    ",0.92]
[4301,"PARAFUSO ZINCADO ROSCA SOBERBA, CABECA SEXTAVADA, 5/16 \" X 85 MM, PARA FIXACAO DE TELHA EM MADEIRA                                                                                                                                                                                                                                                                                                                                                                                                        ","UN    ",1.12]
[4320,"PARAFUSO ZINCADO 5/16 \" X 250 MM PARA FIXACAO DE TELHA DE FIBROCIMENTO CANALETE 49, INCLUI BUCHA NYLON S-10                                                                                                                                                                                                                                                                                                                                                                                               ","UN    ",3.4]
[4318,"PARAFUSO ZINCADO 5/16 \" X 85 MM PARA FIXACAO DE TELHA DE FIBROCIMENTO CANALETE 90, INCLUI BUCHA NYLON S-10                                                                                                                                                                                                                                                                                                                                                                                                ","UN    ",1.66]
[40547,"PARAFUSO ZINCADO, AUTOBROCANTE, FLANGEADO, 4,2 MM X 19 MM                                                                                                                                                                                                                                                                                                                                                                                                                                                 ","CENTO ",27.14]
[11962,"PARAFUSO ZINCADO, SEXTAVADO, COM ROSCA INTEIRA, DIAMETRO 1/4\", COMPRIMENTO 1/2\"                                                                                                                                                                                                                                                                                                                                                                                                                           ","UN    ",0.22]
[4332,"PARAFUSO ZINCADO, SEXTAVADO, COM ROSCA INTEIRA, DIAMETRO 3/8\", COMPRIMENTO 2\"                                                                                                                                                                                                                                                                                                                                                                                                                             ","UN    ",1.08]
[4331,"PARAFUSO ZINCADO, SEXTAVADO, COM ROSCA INTEIRA, DIAMETRO 5/8\", COMPRIMENTO 2 1/4\"                                                                                                                                                                                                                                                                                                                                                                                                                         ","UN    ",4.07]
[4336,"PARAFUSO ZINCADO, SEXTAVADO, COM ROSCA INTEIRA, DIAMETRO 5/8\", COMPRIMENTO 3\", COM PORCA E ARRUELA DE PRESSAO MEDIA                                                                                                                                                                                                                                                                                                                                                                                       ","UN    ",5.21]
[13294,"PARAFUSO ZINCADO, SEXTAVADO, COM ROSCA SOBERBA, DIAMETRO 3/8\", COMPRIMENTO 80 MM                                                                                                                                                                                                                                                                                                                                                                                                                          ","UN    ",1.49]
[11948,"PARAFUSO ZINCADO, SEXTAVADO, COM ROSCA SOBERBA, DIAMETRO 5/16\", COMPRIMENTO 40 MM                                                                                                                                                                                         